{"text_format":"3","workbook":"xls","n_sheets":2,"sheets":["备品配件","机器设备"],"not_rendered":{"external_links":2,"defined_names":1,"comments":4},"read":"whole","date_system":"1900","formulas":"cached_only"}

{"sheet":"备品配件","index":0,"n_rows":4781,"n_cols":20,"rows_kept":4781,"merged":[[0,0,0,19],[1,0,1,19],[3,0,4,0],[3,1,4,1],[3,2,4,2],[3,3,4,3],[3,4,4,4],[3,5,4,5],[3,6,3,8],[3,9,4,9],[3,10,4,10],[3,11,3,13],[3,14,3,17],[3,18,4,18],[3,19,4,19],[4778,0,4778,2]],"flags":["formulas_cached_only"]}
["存货—在库周转材料预评估明细表"]
["评估基准日：2020年9月22日"]
["被评估企业：瓮福（集团）有限责任公司",{"$nulls":18},"金额单位：人民币元"]
["序号","货架号","资产名称","规格型号","所属设备类别","计量单位","审计前账面值",null,null,"审计调整","启用日期","账面价值",null,null,"评估价值",{"$nulls":3},"增值率%","备注"]
[{"$nulls":6},"数量","单价","金额",null,null,"数量","单价","金额","实际数量","单价","成新率","金额"]
["1","01区04架02层","衬套",4175218,"日立EX1800-2液压车","件",null,"",null,null,"2009-01-01",7,7671.01,53697.07,7,{"v":3000,"d":"3,000.00"},{"v":10,"d":"10.00"},{"v":2100,"d":"2,100.00"},-96.09]
["2","01区01架01层","驱动齿",1009635,"日立EX1800-2液压车","件",null,"",null,null,"2013-01-01",1,34399.37,34399.37,1,{"v":10700,"d":"10,700.00"},{"v":23,"d":"23.00"},{"v":2461,"d":"2,461.00"},-92.85]
["3","01区01架01层","后传动轴","427-20-12111","小松装载机","件",{"$nulls":4},"2011-11-01",1,185733.91,185733.91,1,{"v":21000,"d":"21,000.00"},{"v":11,"d":"11.00"},{"v":2310,"d":"2,310.00"},-98.76]
["4","01区01架01层","中传动轴","427-20-12112","小松装载机","件",{"$nulls":4},"2011-11-01",1,185733.91,185733.91,1,{"v":21000,"d":"21,000.00"},{"v":11,"d":"11.00"},{"v":2310,"d":"2,310.00"},-98.76]
["5","01区01架01层","油马达",4292735,"日立EX1800-2液压车","件",{"$nulls":4},"2010-01-01",1,{"v":68482.1,"d":"68482.10"},{"v":68482.1,"d":"68482.10"},1,{"v":51098,"d":"51,098.00"},{"v":10,"d":"10.00"},{"v":5109.8,"d":"5,109.80"},-92.54]
["6","01区01架01层","前传动轴","427-20-13111","小松装载机","件",{"$nulls":4},"2011-11-01",1,113494.32,113494.32,1,{"v":21000,"d":"21,000.00"},{"v":11,"d":"11.00"},{"v":2310,"d":"2,310.00"},-97.96]
["7","01区01架01层","左主控阀",4293888,"日立EX1800-2液压车","件",{"$nulls":4},"2009-01-01",1,85991.53,85991.53,1,{"v":78900,"d":"78,900.00"},{"v":10,"d":"10.00"},{"v":7890,"d":"7,890.00"},-90.82]
["8","01区01架01层","轮辋总成","426-30-12113#","小松装载机","件",{"$nulls":4},"2009-01-01",4,0.01,0.04,4,{"v":2100,"d":"2,100.00"},{"v":10,"d":"10.00"},{"v":840,"d":"840.00"},{"v":2099900,"d":"2,099,900.00"}]
["9","01区01架01层","内齿圈",2021551,"日立EX1800-2液压车","件",{"$nulls":4},"2009-01-01",1,3440.48,3440.48,1,{"v":3000,"d":"3,000.00"},{"v":10,"d":"10.00"},{"v":300,"d":"300.00"},-91.28]
["10","01区01排01层","销轴","427-853-1130","小松装载机","颗",{"$nulls":4},"2009-01-01",1,23701.82,23701.82,1,{"v":10000,"d":"10,000.00"},{"v":10,"d":"10.00"},{"v":1000,"d":"1,000.00"},-95.78]
["11","01区01排01层","驱动齿",1009635,"日立EX1800-2液压车","件",{"$nulls":4},"2009-01-01",1,34399.37,34399.37,1,{"v":10700,"d":"10,700.00"},{"v":10,"d":"10.00"},{"v":1070,"d":"1,070.00"},-96.89]
["12","01区01排01层","支重轮",9114725,"日立EX1800-2液压车","件",{"$nulls":4},"2009-01-01",4,24083.11,96332.44,4,{"v":19800,"d":"19,800.00"},{"v":10,"d":"10.00"},{"v":7920,"d":"7,920.00"},-91.78]
["13","01区02架01层","履带销",4184424,"日立EX1800-2液压车","件",{"$nulls":4},"2012-10-01",17,2220.48,37748.16,17,{"v":4200,"d":"4,200.00"},{"v":20,"d":"20.00"},{"v":14280,"d":"14,280.00"},-62.17]
["14","01区02架01层","马达总成","009628-312","D50KS牙轮钻机","件",{"$nulls":4},"2009-01-01",1,133317.45,133317.45,1,{"v":100000,"d":"100,000.00"},{"v":10,"d":"10.00"},{"v":10000,"d":"10,000.00"},{"v":-92.5,"d":"-92.50"}]
["15","01区02架01层","控制阀",4309409,"日立EX1800-2液压车","件",{"$nulls":4},"2009-01-01",1,25552.51,25552.51,1,{"v":13000,"d":"13,000.00"},{"v":10,"d":"10.00"},{"v":1300,"d":"1,300.00"},-94.91]
["16","01区02架01层","齿轮","002156-001","D50KS牙轮钻机","件",{"$nulls":4},"2009-01-01",1,{"v":20194.7,"d":"20194.70"},{"v":20194.7,"d":"20194.70"},1,{"v":25000,"d":"25,000.00"},{"v":10,"d":"10.00"},{"v":2500,"d":"2,500.00"},-87.62]
["17","01区02架01层","链条驱动轮","003805-001","D50KS牙轮钻机","件",{"$nulls":4},"2009-01-01",2,36329.43,72658.86,2,{"v":20000,"d":"20,000.00"},{"v":10,"d":"10.00"},{"v":4000,"d":"4,000.00"},-94.49]
["18","01区02架02层","连接套",4184423,"日立EX1800-2液压车","件",{"$nulls":4},"2009-01-01",19,1105.69,21008.11,19,{"v":1000,"d":"1,000.00"},{"v":10,"d":"10.00"},{"v":1900,"d":"1,900.00"},-90.96]
["19","01区02架02层","主轴","003638-051","D50KS牙轮钻机","件",{"$nulls":4},"2009-01-01",1,2171.29,2171.29,1,{"v":2150,"d":"2,150.00"},{"v":10,"d":"10.00"},{"v":215,"d":"215.00"},{"v":-90.1,"d":"-90.10"}]
["20","01区02架02层","水泵总成","6215-61-1500","小松装载机","件",{"$nulls":4},"2009-01-01",1,12333.31,12333.31,1,{"v":8500,"d":"8,500.00"},{"v":10,"d":"10.00"},{"v":850,"d":"850.00"},-93.11]
["21","01区02架02层","钻杆顶部接头","001277-001","D50KS牙轮钻机","件",{"$nulls":4},"2009-01-01",6,1599.81,9598.86,6,{"v":1850,"d":"1,850.00"},{"v":10,"d":"10.00"},{"v":1110,"d":"1,110.00"},-88.44]
["22","01区02架02层","衬套","4184423#","日立EX1800-2液压车","件",{"$nulls":4},"2009-01-01",3,0.01,0.03,3,{"v":3000,"d":"3,000.00"},{"v":10,"d":"10.00"},{"v":900,"d":"900.00"},{"v":2999900,"d":"2,999,900.00"}]
["23","01区03架01层","钻头","017320-013","D50KS牙轮钻机","件",{"$nulls":4},"2009-01-01",1,40704.79,40704.79,1,{"v":30600,"d":"30,600.00"},{"v":10,"d":"10.00"},{"v":3060,"d":"3,060.00"},-92.48]
["24","01区03架01层","支重轮","009628-246","D50KS牙轮钻机","件",{"$nulls":4},"2009-01-01",13,8928.96,116076.48,13,{"v":5800,"d":"5,800.00"},{"v":10,"d":"10.00"},{"v":7540,"d":"7,540.00"},{"v":-93.5,"d":"-93.50"}]
["25","01区03架02层","右连接链",9124464,"日立EX1800-2液压车","件",{"$nulls":4},"2009-01-01",10,2026.52,{"v":20265.2,"d":"20265.20"},10,{"v":1000,"d":"1,000.00"},{"v":10,"d":"10.00"},{"v":1000,"d":"1,000.00"},-95.07]
["26","01区03架02层","中连接链",9124466,"日立EX1800-2液压车","件",{"$nulls":4},"2009-01-01",10,2026.52,{"v":20265.2,"d":"20265.20"},10,{"v":1000,"d":"1,000.00"},{"v":10,"d":"10.00"},{"v":1000,"d":"1,000.00"},-95.07]
["27","01区03架02层","中连接链",9124465,"日立EX1800-2液压车","件",{"$nulls":4},"2009-01-01",9,2005.86,18052.74,9,{"v":1000,"d":"1,000.00"},{"v":10,"d":"10.00"},{"v":900,"d":"900.00"},-95.01]
["28","01区03架02层","右连接链",9124463,"日立EX1800-2液压车","件",{"$nulls":4},"2009-01-01",11,2026.52,22291.72,11,{"v":1000,"d":"1,000.00"},{"v":10,"d":"10.00"},{"v":1100,"d":"1,100.00"},-95.07]
["29","01区04架01层","推进泵总成","002764-013","D50KS牙轮钻机","件",{"$nulls":4},"2009-01-01",1,76117.15,76117.15,1,{"v":30000,"d":"30,000.00"},{"v":10,"d":"10.00"},{"v":3000,"d":"3,000.00"},-96.06]
["30","01区04架01层","托轮","009628-217","D50KS牙轮钻机","件",{"$nulls":4},"2009-01-01",2,5558.91,11117.82,2,{"v":4251,"d":"4,251.00"},{"v":10,"d":"10.00"},{"v":850.2,"d":"850.20"},-92.35]
["31","01区04架01层","回转泵","002764-011","D50KS牙轮钻机","件",{"$nulls":4},"2009-01-01",1,77152.56,77152.56,1,{"v":25800,"d":"25,800.00"},{"v":10,"d":"10.00"},{"v":2580,"d":"2,580.00"},-96.66]
["32","01区04架01层","驱动泵总成","002764-003","D50KS牙轮钻机","件",{"$nulls":4},"2009-01-01",1,97766.13,97766.13,1,{"v":24200,"d":"24,200.00"},{"v":10,"d":"10.00"},{"v":2420,"d":"2,420.00"},-97.52]
["33","01区04架02层","衬套",4175511,"日立EX1800-2液压车","件",{"$nulls":4},"2010-01-01",22,3828.08,84217.76,22,{"v":2600,"d":"2,600.00"},{"v":10,"d":"10.00"},{"v":5720,"d":"5,720.00"},-93.21]
["34","01区04架02层","衬套","4204091#","日立EX1800-2液压车","件",{"$nulls":4},"2009-01-01",4,0.01,0.04,4,{"v":2600,"d":"2,600.00"},{"v":10,"d":"10.00"},{"v":1040,"d":"1,040.00"},{"v":2599900,"d":"2,599,900.00"}]
["35","01区04架02层","销",4184421,"日立EX1800-2液压车","件",{"$nulls":4},"2009-01-01",10,1193.65,{"v":11936.5,"d":"11936.50"},10,{"v":1156.29,"d":"1,156.29"},{"v":10,"d":"10.00"},{"v":1156.29,"d":"1,156.29"},-90.31]
["36","01区04架02层","衬套",4179933,"日立EX1800-2液压车","台",{"$nulls":4},"2009-01-01",7,1720.28,12041.96,7,{"v":1946,"d":"1,946.00"},{"v":10,"d":"10.00"},{"v":1362.2,"d":"1,362.20"},-88.69]
["37","01区04架02层","衬套","4175214#","日立EX1800-2液压车","件",{"$nulls":4},"2009-01-01",4,0.01,0.04,4,{"v":2600,"d":"2,600.00"},{"v":10,"d":"10.00"},{"v":1040,"d":"1,040.00"},{"v":2599900,"d":"2,599,900.00"}]
["38","01区04架02层","衬套","4204092#","日立EX1800-2液压车","件",{"$nulls":4},"2009-01-01",2,0.01,0.02,2,{"v":2600,"d":"2,600.00"},{"v":10,"d":"10.00"},{"v":520,"d":"520.00"},{"v":2599900,"d":"2,599,900.00"}]
["39","01区04排01层","斗齿","426-847-1110","小松装载机","件",{"$nulls":4},"2009-01-01",8,1499.63,11997.04,8,{"v":1452.69,"d":"1,452.69"},{"v":10,"d":"10.00"},{"v":1162.15,"d":"1,162.15"},-90.31]
["40","01区04排01层","铲刀角","426-815-1130","小松装载机","件",{"$nulls":4},"2009-01-01",2,1477.31,2954.62,2,{"v":1431.07,"d":"1,431.07"},{"v":10,"d":"10.00"},286.21,-90.31]
["41","01区04排01层","铲刀板","426-815-1110","小松装载机","件",{"$nulls":4},"2009-01-01",1,4254.41,4254.41,1,{"v":2100,"d":"2,100.00"},{"v":10,"d":"10.00"},{"v":210,"d":"210.00"},-95.06]
["42","01区05架01层","销轴","427-70-11610","小松装载机","件",{"$nulls":4},"2009-01-01",4,13468.94,53875.76,4,{"v":10000,"d":"10,000.00"},{"v":10,"d":"10.00"},{"v":4000,"d":"4,000.00"},-92.58]
["43","01区05架02层","开斗销",3055191,"日立EX1800-2液压车","件",{"$nulls":4},"2009-01-01",2,2395.75,{"v":4791.5,"d":"4791.50"},2,{"v":2320.76,"d":"2,320.76"},{"v":10,"d":"10.00"},464.15,-90.31]
["44","01区05架02层","衬套",4175216,"日立EX1800-2液压车","件",{"$nulls":4},"2009-01-01",8,4954.22,39633.76,8,{"v":3000,"d":"3,000.00"},{"v":10,"d":"10.00"},{"v":2400,"d":"2,400.00"},-93.94]
["45","01区05排01层","铲刀板","426-815-1120","小松装载机","件",{"$nulls":4},"2009-01-01",2,5243.51,10487.02,2,{"v":5079.39,"d":"5,079.39"},{"v":10,"d":"10.00"},{"v":1015.88,"d":"1,015.88"},-90.31]
["46","01区06架01层","唇口护板",4221945,"日立EX1800-2液压车","件",{"$nulls":4},"2009-01-01",2,4912.77,9825.54,2,{"v":4759,"d":"4,759.00"},{"v":10,"d":"10.00"},{"v":951.8,"d":"951.80"},-90.31]
["47","01区06架01层","唇口护板",4221946,"日立EX1800-2液压车","件",{"$nulls":4},"2010-01-01",5,4912.77,24563.85,5,{"v":4759,"d":"4,759.00"},{"v":10,"d":"10.00"},{"v":2379.5,"d":"2,379.50"},-90.31]
["48","01区06架01层","销轴","8032967#","日立EX1800-2液压车","件",{"$nulls":4},"2009-01-01",1,0.01,0.01,1,{"v":2600,"d":"2,600.00"},{"v":10,"d":"10.00"},{"v":260,"d":"260.00"},{"v":2599900,"d":"2,599,900.00"}]
["49","01区06架01层","销轴",8040854,"日立EX1800-2液压车","件",{"$nulls":4},"2009-01-01",2,37582.67,75165.34,2,{"v":36406.33,"d":"36,406.33"},{"v":10,"d":"10.00"},{"v":7281.27,"d":"7,281.27"},-90.31]
["50","01区06架01层","唇口护板",4221947,"日立EX1800-2液压车","件",{"$nulls":4},"2009-01-01",4,4912.77,19651.08,4,{"v":4759,"d":"4,759.00"},{"v":10,"d":"10.00"},{"v":1903.6,"d":"1,903.60"},-90.31]
["51","01区06架02层","销轴",4180074,"日立EX1800-2液压车","件",{"$nulls":4},"2011-11-01",8,{"v":2807.1,"d":"2807.10"},{"v":22456.8,"d":"22456.80"},8,{"v":2719.24,"d":"2,719.24"},{"v":11,"d":"11.00"},{"v":2392.93,"d":"2,392.93"},-89.34]
["52","01区06架02层","螺栓",9729642,"日立EX1800-2液压车","件",{"$nulls":4},"2011-09-01",5,5852.52,{"v":29262.6,"d":"29262.60"},5,{"v":4343,"d":"4,343.00"},{"v":10,"d":"10.00"},{"v":2171.5,"d":"2,171.50"},-92.58]
["53","01区06架02层","钻头","7516-3502-40","ROC842潜孔钻","件",{"$nulls":4},"2010-01-01",12,2297.81,27573.72,12,{"v":2225.89,"d":"2,225.89"},{"v":10,"d":"10.00"},{"v":2671.07,"d":"2,671.07"},-90.31]
["54","01区06架02层","铁管",8034216,"日立EX1800-2液压车","件",{"$nulls":4},"2011-11-01",2,10513.81,21027.62,2,{"v":12000,"d":"12,000.00"},{"v":11,"d":"11.00"},{"v":2640,"d":"2,640.00"},-87.45]
["55","01区07架01层","销轴",8038184,"日立EX1800-2液压车","件",{"$nulls":4},"2010-01-01",2,6012.85,{"v":12025.7,"d":"12025.70"},2,{"v":5824.65,"d":"5,824.65"},{"v":10,"d":"10.00"},{"v":1164.93,"d":"1,164.93"},-90.31]
["56","01区07架01层","转向油缸活塞杆","707-58-10110","小松装载机","件",{"$nulls":4},"2010-01-01",1,34145.89,34145.89,1,{"v":30000,"d":"30,000.00"},{"v":10,"d":"10.00"},{"v":3000,"d":"3,000.00"},-91.21]
["57","01区07架01层","主控阀","709-12-11802","小松装载机","件",{"$nulls":4},"2010-10-01",1,82889.21,82889.21,1,{"v":80500,"d":"80,500.00"},{"v":10,"d":"10.00"},{"v":8050,"d":"8,050.00"},-90.29]
["58","01区07架01层","履带板",1009664,"日立EX1800-2液压车","件",{"$nulls":4},"2010-01-01",3,6328.47,18985.41,3,{"v":6400,"d":"6,400.00"},{"v":10,"d":"10.00"},{"v":1920,"d":"1,920.00"},-89.89]
["59","01区07架01层","金属板","427-70-12132#","小松装载机","件",{"$nulls":4},"2010-01-01",1,0.01,0.01,1,{"v":1800,"d":"1,800.00"},{"v":10,"d":"10.00"},{"v":180,"d":"180.00"},{"v":1799900,"d":"1,799,900.00"}]
["60","01区07架01层","消音器",4181347,"日立EX1800-2液压车","件",{"$nulls":4},"2010-01-01",1,8255.82,8255.82,1,{"v":8000,"d":"8,000.00"},{"v":10,"d":"10.00"},{"v":800,"d":"800.00"},-90.31]
["61","01区07架01层","销轴",8040855,"日立EX1800-2液压车","件",{"$nulls":4},"2010-01-01",4,3555.13,14220.52,4,{"v":3443.85,"d":"3,443.85"},{"v":10,"d":"10.00"},{"v":1377.54,"d":"1,377.54"},-90.31]
["62","01区07架02层","流量计","LL-40-1","国产油罐车","件",{"$nulls":4},"2011-04-01",2,3316.24,6632.48,2,{"v":2870,"d":"2,870.00"},{"v":10,"d":"10.00"},{"v":574,"d":"574.00"},-91.35]
["63","01区07架02层","钻头","7516-3527-40","ROC842潜孔钻","件",{"$nulls":4},"2008-01-01",20,3609.35,{"v":72187,"d":"72187.00"},20,{"v":3500,"d":"3,500.00"},{"v":10,"d":"10.00"},{"v":7000,"d":"7,000.00"},{"v":-90.3,"d":"-90.30"}]
["64","01区07架02层","腰轮流量计","LL-40-1","国产油罐车","件",{"$nulls":4},"2011-04-01",1,150.04,150.04,1,145.34,{"v":10,"d":"10.00"},14.53,-90.32]
["65","01区07架02层","钻头","7516-6515-40","ROC842潜孔钻","件",{"$nulls":4},"2010-01-01",13,2888.29,37547.77,13,{"v":2797.89,"d":"2,797.89"},{"v":10,"d":"10.00"},{"v":3637.26,"d":"3,637.26"},-90.31]
["66","01区08架01层","轴承",4180344,"日立EX1800-2液压车","件",{"$nulls":4},"2011-09-01",6,18609.27,111655.62,6,{"v":16800,"d":"16,800.00"},{"v":10,"d":"10.00"},{"v":10080,"d":"10,080.00"},-90.97]
["67","01区08架01层","销轴","427-70-11962","小松装载机","件",{"$nulls":4},"2009-01-01",2,17957.13,35914.26,2,{"v":17395.07,"d":"17,395.07"},{"v":10,"d":"10.00"},{"v":3479.01,"d":"3,479.01"},-90.31]
["68","01区08架01层","销轴",8032967,"日立EX1800-2液压车","件",{"$nulls":4},"2009-01-01",3,4944.49,14833.47,3,{"v":4789.73,"d":"4,789.73"},{"v":10,"d":"10.00"},{"v":1436.92,"d":"1,436.92"},-90.31]
["69","01区08架01层","销轴","426-70-11961","小松装载机","件",{"$nulls":4},"2009-01-01",1,9083.21,9083.21,1,{"v":8798.91,"d":"8,798.91"},{"v":10,"d":"10.00"},879.89,-90.31]
["70","01区08架01层","销轴",8054958,"日立EX1800-2液压车","件",{"$nulls":4},"2009-01-01",2,14490.73,28981.46,2,{"v":14037.17,"d":"14,037.17"},{"v":10,"d":"10.00"},{"v":2807.43,"d":"2,807.43"},-90.31]
["71","01区08架01层","销轴",8032969,"日立EX1800-2液压车","件",{"$nulls":4},"2009-01-01",3,5466.01,16398.03,3,{"v":5294.92,"d":"5,294.92"},{"v":10,"d":"10.00"},{"v":1588.48,"d":"1,588.48"},-90.31]
["72","01区08架02层","钎尾","7306-3655-01","ROC842潜孔钻","件",{"$nulls":4},"2008-01-01",18,842.58,15166.44,18,816.21,{"v":10,"d":"10.00"},{"v":1469.18,"d":"1,469.18"},-90.31]
["73","01区08架02层","钎尾","7306-3828-02","ROC842潜孔钻","件",{"$nulls":4},"2008-01-01",5,5154.94,{"v":25774.7,"d":"25774.70"},5,{"v":3200,"d":"3,200.00"},{"v":10,"d":"10.00"},{"v":1600,"d":"1,600.00"},-93.79]
["74","01区09架01层","销","426-70-11941#","日立EX1800-2液压车","件",{"$nulls":4},"2009-01-01",1,0.01,0.01,1,{"v":2600,"d":"2,600.00"},{"v":10,"d":"10.00"},{"v":260,"d":"260.00"},{"v":2599900,"d":"2,599,900.00"}]
["75","01区09架01层","销轴","427-70-11941","日立EX1800-2液压车","件",{"$nulls":4},"2009-01-01",3,11196.54,33589.62,3,{"v":10846.09,"d":"10,846.09"},{"v":10,"d":"10.00"},{"v":3253.83,"d":"3,253.83"},-90.31]
["76","01区09架01层","螺母",3033643,"日立EX1800-2液压车","件",{"$nulls":4},"2011-11-01",2,10502.86,21005.72,2,{"v":10000,"d":"10,000.00"},{"v":11,"d":"11.00"},{"v":2200,"d":"2,200.00"},-89.53]
["77","01区09架01层","销轴","427-853-1110","小松装载机","件",{"$nulls":4},"2009-01-01",1,9045.61,9045.61,1,{"v":8762.48,"d":"8,762.48"},{"v":10,"d":"10.00"},876.25,-90.31]
["78","01区09架02层","风扇叶片","007","日立EX1800-2液压车","件",{"$nulls":4},"2008-01-01",3,0.01,0.03,3,{"v":1800,"d":"1,800.00"},{"v":10,"d":"10.00"},{"v":540,"d":"540.00"},{"v":1799900,"d":"1,799,900.00"}]
["79","01区09架02层","玻璃","421-56-11150#","小松装载机","件",{"$nulls":4},"2008-01-01",2,0.01,0.02,2,{"$nulls":3},{"v":-100,"d":"-100.00"}]
["80","01区09排01层","销轴","427-853-1140","小松装载机","件",{"$nulls":4},"2009-01-01",1,30390.01,30390.01,1,{"v":29438.8,"d":"29,438.80"},{"v":10,"d":"10.00"},{"v":2943.88,"d":"2,943.88"},-90.31]
["81","01区10架01层","轴承","427-46-11350","小松装载机","件",{"$nulls":4},"2009-01-01",1,1777.57,1777.57,1,{"v":1721.93,"d":"1,721.93"},{"v":10,"d":"10.00"},172.19,-90.31]
["82","01区10架01层","销轴","427-46-11312","小松装载机","件",{"$nulls":4},"2009-01-01",2,17671.21,35342.42,2,{"v":17118.1,"d":"17,118.10"},{"v":10,"d":"10.00"},{"v":3423.62,"d":"3,423.62"},-90.31]
["83","01区10架01层","销轴","427-70-11992","小松装载机","件",{"$nulls":4},"2009-01-01",4,16655.11,66620.44,4,{"v":16133.81,"d":"16,133.81"},{"v":10,"d":"10.00"},{"v":6453.52,"d":"6,453.52"},-90.31]
["84","01区10架01层","销轴",8032965,"日立EX1800-2液压车","件",{"$nulls":4},"2009-01-01",2,9351.99,18703.98,2,{"v":9059.27,"d":"9,059.27"},{"v":10,"d":"10.00"},{"v":1811.85,"d":"1,811.85"},-90.31]
["85","01区10架02层","螺母",4189671,"日立EX1800-2液压车","件",{"$nulls":4},"2011-11-01",72,76.24,5489.28,72,73.85,{"v":11,"d":"11.00"},584.89,-89.34]
["86","01区10架02层","螺栓",3034712,"日立EX1800-2液压车","件",{"$nulls":4},"2012-05-01",85,{"v":189.4,"d":"189.40"},{"v":16099,"d":"16099.00"},85,183.47,{"v":16,"d":"16.00"},{"v":2495.19,"d":"2,495.19"},{"v":-84.5,"d":"-84.50"}]
["87","01区10架02层","垫圈",3034713,"日立EX1800-2液压车","件",{"$nulls":4},"2009-01-01",287,53.91,15472.17,287,52.22,{"v":10,"d":"10.00"},{"v":1498.71,"d":"1,498.71"},-90.31]
["88","01区10架02层","转向泵总成","704-30-42110","小松装载机","件",{"$nulls":4},"2009-01-01",1,3999.52,3999.52,1,{"v":3880,"d":"3,880.00"},{"v":10,"d":"10.00"},{"v":388,"d":"388.00"},{"v":-90.3,"d":"-90.30"}]
["89","01区11架01层","轴承",4180353,"日立EX1800-2液压车","件",{"$nulls":4},"2011-11-01",5,79425.68,{"v":397128.4,"d":"397128.40"},5,{"v":68500,"d":"68,500.00"},{"v":11,"d":"11.00"},{"v":37675,"d":"37,675.00"},-90.51]
["90","01区11架01层","轴承",4608177,"日立EX1800-2液压车","件",{"$nulls":4},"2009-01-01",4,41919.28,167677.12,4,{"v":40607.21,"d":"40,607.21"},{"v":10,"d":"10.00"},{"v":16242.88,"d":"16,242.88"},-90.31]
["91","01区11架01层","销轴","427-70-11971","小松装载机","件",{"$nulls":4},"2009-01-01",3,10776.53,32329.59,3,{"v":10439.22,"d":"10,439.22"},{"v":10,"d":"10.00"},{"v":3131.77,"d":"3,131.77"},-90.31]
["92","01区11架02层","盖总成","0313203","日立EX1800-2液压车","件",{"$nulls":4},"2009-01-01",1,25266.32,25266.32,1,{"v":20000,"d":"20,000.00"},{"v":10,"d":"10.00"},{"v":2000,"d":"2,000.00"},-92.08]
["93","01区11架02层","轴","0313204","日立EX1800-3液压车","件",{"$nulls":4},"2009-01-01",1,6335.25,6335.25,1,{"v":5400,"d":"5,400.00"},{"v":10,"d":"10.00"},{"v":540,"d":"540.00"},-91.48]
["94","01区11架02层","锁环","426-30-12150#","小松装载机","件",{"$nulls":4},"2009-01-01",1,0.01,0.01,1,{"v":5500,"d":"5,500.00"},{"v":10,"d":"10.00"},{"v":550,"d":"550.00"},{"v":5499900,"d":"5,499,900.00"}]
["95","01区12架01层","销轴","426-853-1110","小松装载机","件",{"$nulls":4},"2011-11-01",2,{"v":8489.2,"d":"8489.20"},{"v":16978.4,"d":"16978.40"},2,{"v":8223.49,"d":"8,223.49"},{"v":11,"d":"11.00"},{"v":1809.17,"d":"1,809.17"},-89.34]
["96","01区12架02层","凸轮环","426-30-12120#","小松装载机","件",{"$nulls":4},"2009-01-01",4,0.01,0.04,4,{"v":3000,"d":"3,000.00"},{"v":10,"d":"10.00"},{"v":1200,"d":"1,200.00"},{"v":2999900,"d":"2,999,900.00"}]
["97","01区12架02层","密封","426-30-12131#","小松装载机","件",{"$nulls":4},"2009-01-01",4,0.01,0.04,4,{"v":31,"d":"31.00"},{"v":10,"d":"10.00"},{"v":12.4,"d":"12.40"},{"v":30900,"d":"30,900.00"}]
["98","03区01架01层","斗齿","9W8551","卡特设备","件",{"$nulls":4},"2010-01-01",4,1184.29,4737.16,4,{"v":1147.22,"d":"1,147.22"},{"v":10,"d":"10.00"},458.89,-90.31]
["99","03区01架01层","胶垫","7T5959","卡特设备","件",{"$nulls":4},"2009-01-01",16,319.96,5119.36,16,null,null,0,{"v":-100,"d":"-100.00"}]
["100","03区01架01层","铲刀板","9W1867#","卡特设备","件",{"$nulls":4},"2009-01-01",1,0.01,0.01,1,{"v":1850,"d":"1,850.00"},{"v":10,"d":"10.00"},{"v":185,"d":"185.00"},{"v":1849900,"d":"1,849,900.00"}]
["101","03区01架01层","支重轮","179-1486","卡特设备","件",{"$nulls":4},"2009-01-01",1,4538.13,4538.13,1,{"v":4500,"d":"4,500.00"},{"v":10,"d":"10.00"},{"v":450,"d":"450.00"},-90.08]
["102","03区01架01层","密封座",15233275,"特雷克斯3311E矿车","件",{"$nulls":4},"2009-01-01",3,4827.69,14483.07,3,{"v":3800,"d":"3,800.00"},{"v":10,"d":"10.00"},{"v":1140,"d":"1,140.00"},-92.13]
["103","03区01架01层","斗齿","9W8452","卡特设备","件",{"$nulls":4},"2011-11-01",1,421.63,421.63,1,408.43,{"v":11,"d":"11.00"},44.93,-89.34]
["104","03区01架01层","铜管总成",15040553,"特雷克斯3311E矿车","件",{"$nulls":4},"2009-01-01",3,524.38,1573.14,3,507.97,{"v":10,"d":"10.00"},152.39,-90.31]
["105","03区01架01层","活塞座盖","09067677","特雷克斯3311E矿车","件",{"$nulls":4},"2009-01-01",3,{"v":2844.1,"d":"2844.10"},{"v":8532.3,"d":"8532.30"},3,{"v":2755.08,"d":"2,755.08"},{"v":10,"d":"10.00"},826.52,-90.31]
["106","03区01架01层","差速器总成",15007634,"特雷克斯3311E矿车","件",{"$nulls":4},"2011-05-01",2,30487.18,60974.36,2,{"v":32000,"d":"32,000.00"},{"v":10,"d":"10.00"},{"v":6400,"d":"6,400.00"},{"v":-89.5,"d":"-89.50"}]
["107","03区01架01层","链节","9W5266","卡特设备","件",{"$nulls":4},"2009-01-01",1,2803.25,2803.25,1,{"v":1999,"d":"1,999.00"},{"v":10,"d":"10.00"},{"v":199.9,"d":"199.90"},-92.87]
["108","03区01架01层","支重轮","178-7293","卡特设备","件",{"$nulls":4},"2009-01-01",1,3611.13,3611.13,1,{"v":3500,"d":"3,500.00"},{"v":10,"d":"10.00"},{"v":350,"d":"350.00"},-90.31]
["109","03区01架01层","松土器齿","4T5502","卡特设备","件",{"$nulls":4},"2009-01-01",1,1919.48,1919.48,1,{"v":1859.4,"d":"1,859.40"},{"v":10,"d":"10.00"},185.94,-90.31]
["110","03区01架01层","弹簧座盖",15247047,"特雷克斯3311E矿车","件",{"$nulls":4},"2009-01-01",1,15177.67,15177.67,1,{"v":14702.61,"d":"14,702.61"},{"v":10,"d":"10.00"},{"v":1470.26,"d":"1,470.26"},-90.31]
["111","03区01架01层","对接箱体",null,"特雷克斯3311E矿车","件",{"$nulls":4},"2008-01-01",2,38665.17,77330.34,2,{"v":37454.95,"d":"37,454.95"},{"v":10,"d":"10.00"},{"v":7490.99,"d":"7,490.99"},-90.31]
["112","03区01架01层","左转向节",15236279,"特雷克斯3311E矿车","件",{"$nulls":4},"2009-01-01",1,44614.56,44614.56,1,{"v":20000,"d":"20,000.00"},{"v":10,"d":"10.00"},{"v":2000,"d":"2,000.00"},-95.52]
["113","03区01架01层","链轨节","9W5265","卡特设备","件",{"$nulls":4},"2009-01-01",1,2803.25,2803.25,1,{"v":2300,"d":"2,300.00"},{"v":10,"d":"10.00"},{"v":230,"d":"230.00"},{"v":-91.8,"d":"-91.80"}]
["114","03区01架01层","行走马达","190-5970","卡特设备","件",{"$nulls":4},"2009-01-01",1,73331.23,73331.23,1,{"v":75000,"d":"75,000.00"},{"v":10,"d":"10.00"},{"v":7500,"d":"7,500.00"},-89.77]
["115","03区01架01层","行星架","23017100（06831963）、（06777803）","特雷克斯3311E矿车","件",{"$nulls":4},"2011-12-01",1,47616.06,47616.06,1,{"v":45255,"d":"45,255.00"},{"v":12,"d":"12.00"},{"v":5430.6,"d":"5,430.60"},{"v":-88.6,"d":"-88.60"}]
["116","03区01架01层","刮板","8E5530","卡特设备","件",{"$nulls":4},"2011-09-01",6,993.42,5960.52,6,962.33,{"v":10,"d":"10.00"},{"v":577.4,"d":"577.40"},-90.31]
["117","03区01架01层","稳定拉杆",15040758,"特雷克斯3311E矿车","件",{"$nulls":4},"2012-01-01",1,1025.64,1025.64,1,993.54,{"v":13,"d":"13.00"},129.16,-87.41]
["118","03区01架01层","挡圈","09063834","特雷克斯3311E矿车","件",{"$nulls":4},"2011-04-01",1,{"v":5416.3,"d":"5416.30"},{"v":5416.3,"d":"5416.30"},1,{"v":5246.77,"d":"5,246.77"},{"v":10,"d":"10.00"},524.68,-90.31]
["119","03区01架01层","盖板","7G3907","卡特设备","件",{"$nulls":4},"2009-01-01",10,177.76,{"v":1777.6,"d":"1777.60"},10,{"v":172.2,"d":"172.20"},{"v":10,"d":"10.00"},{"v":172.2,"d":"172.20"},-90.31]
["120","03区01架01层","后传动轴",15041656,"特雷克斯3311E矿车","件",{"$nulls":4},"2009-01-01",1,2606.84,2606.84,1,{"v":2525.25,"d":"2,525.25"},{"v":10,"d":"10.00"},252.53,-90.31]
["121","03区01架01层","销","111-2106#","卡特设备","件",{"$nulls":4},"2009-01-01",2,0.01,0.02,2,{"v":1652,"d":"1,652.00"},{"v":10,"d":"10.00"},{"v":330.4,"d":"330.40"},{"v":1651900,"d":"1,651,900.00"}]
["122","03区01排01层","离合器","00009","特雷克斯3311E矿车","件",{"$nulls":4},"2008-01-01",1,0.01,0.01,1,{"v":3700,"d":"3,700.00"},{"v":10,"d":"10.00"},{"v":370,"d":"370.00"},{"v":3699900,"d":"3,699,900.00"}]
["123","03区01排01层","活塞杆头",15046563,"特雷克斯3311E矿车","件",{"$nulls":4},"2009-01-01",4,755.47,3021.88,4,731.82,{"v":10,"d":"10.00"},292.73,-90.31]
["124","03区01排01层","控制阀","155-15-00370","小松装载机","件",{"$nulls":4},"2009-01-01",1,4477.69,4477.69,1,{"v":4220,"d":"4,220.00"},{"v":10,"d":"10.00"},{"v":422,"d":"422.00"},-90.58]
["125","03区01排01层","斗齿","00001","H85反铲","件",{"$nulls":4},"2009-01-01",17,0.01,0.17,17,{"v":230,"d":"230.00"},{"v":10,"d":"10.00"},{"v":391,"d":"391.00"},{"v":229900,"d":"229,900.00"}]
["126","03区01排01层","飞轮总成",4060816,"卡特设备","件",{"$nulls":4},"2011-11-01",1,3175.45,3175.45,1,{"v":2300,"d":"2,300.00"},{"v":11,"d":"11.00"},{"v":253,"d":"253.00"},-92.03]
["127","03区01排01层","右制动带","175-33-28210","小松装载机","件",{"$nulls":4},"2008-01-01",1,607.04,607.04,1,588.04,{"v":10,"d":"10.00"},{"v":58.8,"d":"58.80"},-90.31]
["128","03区01排01层","中间刀片","175-70-26310","小松装载机","件",{"$nulls":4},"2009-01-01",3,515.49,1546.47,3,499.36,{"v":10,"d":"10.00"},149.81,-90.31]
["129","03区01排01层","中齿根","6I6554","卡特设备","件",{"$nulls":4},"2009-01-01",3,1845.54,5536.62,3,{"v":1787.77,"d":"1,787.77"},{"v":10,"d":"10.00"},536.33,-90.31]
["130","03区01排01层","齿轮副","09250389","特雷克斯3311E矿车","件",{"$nulls":4},"2011-12-01",1,26324.79,26324.79,1,{"v":11111,"d":"11,111.00"},{"v":12,"d":"12.00"},{"v":1333.32,"d":"1,333.32"},-94.94]
["131","03区01排01层","刹车盘",15247360,"特雷克斯3311E矿车","件",{"$nulls":4},"2010-01-01",2,7264.96,14529.92,2,{"v":7037.57,"d":"7,037.57"},{"v":10,"d":"10.00"},{"v":1407.51,"d":"1,407.51"},-90.31]
["132","03区01排01层","后刹车片",9076560,"特雷克斯3311E矿车","件",{"$nulls":4},"2011-07-01",74,144.87,10720.38,74,140.34,{"v":10,"d":"10.00"},{"v":1038.52,"d":"1,038.52"},-90.31]
["133","03区01排01层","左刀角","175-71-22272","小松装载机","件",{"$nulls":4},"2010-01-01",1,542.16,542.16,1,525.19,{"v":10,"d":"10.00"},52.52,-90.31]
["134","03区01排01层","驱动齿","102-6686","卡特设备","件",{"$nulls":4},"2010-01-01",10,{"v":3137.4,"d":"3137.40"},{"v":31374,"d":"31374.00"},10,{"v":3000,"d":"3,000.00"},{"v":10,"d":"10.00"},{"v":3000,"d":"3,000.00"},-90.44]
["135","03区01排01层","空压机",3047440,"特雷克斯3311E矿车","件",{"$nulls":4},"2010-01-01",1,1194.44,1194.44,1,{"v":1157.05,"d":"1,157.05"},{"v":10,"d":"10.00"},115.71,-90.31]
["136","03区01排01层","右刀角","175-71-22282","小松装载机","件",{"$nulls":4},"2010-01-01",1,463.38,463.38,1,448.88,{"v":10,"d":"10.00"},44.89,-90.31]
["137","03区01排01层","履带板","00008","H85反铲","件",{"$nulls":4},"2010-01-01",7,231.97,1623.79,7,224.71,{"v":10,"d":"10.00"},{"v":157.3,"d":"157.30"},-90.31]
["138","03区01排01层","轮毂",15233302,"特雷克斯3311E矿车","件",{"$nulls":4},"2012-10-01",1,30341.88,30341.88,1,{"v":28000,"d":"28,000.00"},{"v":20,"d":"20.00"},{"v":5600,"d":"5,600.00"},-81.54]
["139","03区01排01层","支重轮","00019","H85反铲","件",{"$nulls":4},"2010-01-01",8,1109.08,8872.64,8,{"v":1000,"d":"1,000.00"},{"v":10,"d":"10.00"},{"v":800,"d":"800.00"},-90.98]
["140","04区02架01层","马达","237-1962","卡特设备","件",{"$nulls":4},"2012-10-01",1,13958.03,13958.03,1,{"v":14000,"d":"14,000.00"},{"v":20,"d":"20.00"},{"v":2800,"d":"2,800.00"},-79.94]
["141","04区02架01层","冲击头","002","H85反铲","件",{"$nulls":4},"2009-01-01",4,0.01,0.04,4,{"v":6500,"d":"6,500.00"},{"v":10,"d":"10.00"},{"v":2600,"d":"2,600.00"},{"v":6499900,"d":"6,499,900.00"}]
["142","04区02架01层","平衡梁","3T2307","卡特设备","件",{"$nulls":4},"2009-01-01",1,55993.33,55993.33,1,{"v":55000,"d":"55,000.00"},{"v":10,"d":"10.00"},{"v":5500,"d":"5,500.00"},-90.18]
["143","04区02架01层","销轴","208-1941","卡特设备","件",{"$nulls":4},"2012-07-01",1,{"v":9484.6,"d":"9484.60"},{"v":9484.6,"d":"9484.60"},1,{"v":9187.73,"d":"9,187.73"},{"v":18,"d":"18.00"},{"v":1653.79,"d":"1,653.79"},-82.56]
["144","04区02架02层","垫子","7G2703","卡特设备","件",{"$nulls":4},"2011-11-01",4,4291.39,17165.56,4,{"v":4157.07,"d":"4,157.07"},{"v":11,"d":"11.00"},{"v":1829.11,"d":"1,829.11"},-89.34]
["145","04区02架02层","[禁止新购] 三角木",null,"国产零星物资","件",{"$nulls":4},"2009-01-01",1,22.22,22.22,1,21.52,{"v":10,"d":"10.00"},2.15,-90.32]
["146","04区02架02层","垫子","7G2704","卡特设备","件",{"$nulls":4},"2011-11-01",4,{"v":4053.8,"d":"4053.80"},{"v":16215.2,"d":"16215.20"},4,{"v":3926.92,"d":"3,926.92"},{"v":11,"d":"11.00"},{"v":1727.84,"d":"1,727.84"},-89.34]
["147","04区02排01层","左齿根","6I6556","卡特设备","件",{"$nulls":4},"2015-06-01",1,1759.37,1759.37,1,{"v":1704.3,"d":"1,704.30"},{"v":47,"d":"47.00"},801.02,-54.47]
["148","04区03架01层","推进链条","002556-062","D50KS牙轮钻机","件",{"$nulls":4},"2009-01-01",950,17.78,{"v":16891,"d":"16891.00"},950,17.22,{"v":10,"d":"10.00"},{"v":1635.9,"d":"1,635.90"},-90.31]
["149","04区03架01层","链条","20A-1","ROC842潜孔钻","件",{"$nulls":4},"2009-01-01",50,81.43,{"v":4071.5,"d":"4071.50"},50,78.88,{"v":10,"d":"10.00"},{"v":394.4,"d":"394.40"},-90.31]
["150","04区03架01层","链条","001085-069","D50KS牙轮钻机","件",{"$nulls":4},"2009-01-01",939,15.61,14657.79,939,15.12,{"v":10,"d":"10.00"},{"v":1419.77,"d":"1,419.77"},-90.31]
["151","04区03架02层","挡块","8P5374","卡特设备","件",{"$nulls":4},"2009-01-01",89,1129.49,100524.61,89,{"v":1094.14,"d":"1,094.14"},{"v":10,"d":"10.00"},{"v":9737.85,"d":"9,737.85"},-90.31]
["152","04区04架01层","中齿根","6I6554","卡特设备","件",{"$nulls":4},"2009-01-01",3,1845.54,5536.62,3,{"v":1787.77,"d":"1,787.77"},{"v":10,"d":"10.00"},536.33,-90.31]
["153","04区04架01层","支重轮","90-5009","H85反铲","件",{"$nulls":4},"2009-01-01",2,3110.74,6221.48,2,{"v":3000,"d":"3,000.00"},{"v":10,"d":"10.00"},{"v":600,"d":"600.00"},-90.36]
["154","04区04架02层","[禁止新购] 底座","200WQ250-15-18-5","国产零星物资","件",{"$nulls":4},"2008-01-01",1,369.18,369.18,1,357.62,{"v":10,"d":"10.00"},35.76,-90.31]
["155","04区04架02层","[禁止新购] 叶轮螺栓",null,"国产零星物资","件",{"$nulls":4},"2008-01-01",2,116.23,232.46,2,112.59,{"v":10,"d":"10.00"},22.52,-90.31]
["156","04区04架02层","[禁止新购] 对夹式蝶型阀","H77X-10DN150","国产零星物资","件",{"$nulls":4},"2008-01-01",2,194.47,388.94,2,188.38,{"v":10,"d":"10.00"},37.68,-90.31]
["157","04区04架02层","[禁止新购] 叶轮",null,"国产零星物资","件",{"$nulls":4},"2008-01-01",1,1355.96,1355.96,1,{"v":1313.52,"d":"1,313.52"},{"v":10,"d":"10.00"},131.35,-90.31]
["158","04区04架02层","[禁止新购] 叶轮螺栓",null,"国产零星物资","件",{"$nulls":4},"2008-01-01",1,41.85,41.85,1,40.54,{"v":10,"d":"10.00"},4.05,-90.32]
["159","04区04架02层","[禁止新购] 叶轮",null,"国产零星物资","件",{"$nulls":4},"2008-01-01",1,407.17,407.17,1,{"v":1313.52,"d":"1,313.52"},{"v":10,"d":"10.00"},131.35,-67.74]
["160","04区04排01层","中齿根","6I6554","卡特设备","件",{"$nulls":4},"2015-06-01",1,1845.54,1845.54,1,{"v":1787.77,"d":"1,787.77"},{"v":47,"d":"47.00"},840.25,-54.47]
["161","04区04排01层","右齿根","6I6555","卡特设备","件",{"$nulls":4},"2015-06-01",1,1759.37,1759.37,1,{"v":1704.3,"d":"1,704.30"},{"v":47,"d":"47.00"},801.02,-54.47]
["162","04区05架01层","支重轮","122-0216","卡特设备","件",{"$nulls":4},"2009-01-01",1,3074.33,3074.33,1,{"v":3000,"d":"3,000.00"},{"v":10,"d":"10.00"},{"v":300,"d":"300.00"},-90.24]
["163","04区05架01层","上托轮",9066422,"卡特设备","件",{"$nulls":4},"2009-01-01",19,4177.28,79368.32,19,{"v":3250,"d":"3,250.00"},{"v":10,"d":"10.00"},{"v":6175,"d":"6,175.00"},-92.22]
["164","04区05架01层","托带轮","3T3206","卡特设备","件",{"$nulls":4},"2009-01-01",1,2376.05,2376.05,1,{"v":2301.68,"d":"2,301.68"},{"v":10,"d":"10.00"},230.17,-90.31]
["165","04区05架01层","辊轮","9066422#","卡特设备","件",{"$nulls":4},"2009-01-01",1,0.01,0.01,1,{"v":3500,"d":"3,500.00"},{"v":10,"d":"10.00"},{"v":350,"d":"350.00"},{"v":3499900,"d":"3,499,900.00"}]
["166","04区05架02层","连杆","9D8411","卡特设备","件",{"$nulls":4},"2009-01-01",1,4525.27,4525.27,1,{"v":5000,"d":"5,000.00"},{"v":10,"d":"10.00"},{"v":500,"d":"500.00"},-88.95]
["167","04区06架01层","销轴","212-3090","卡特设备","件",{"$nulls":4},"2012-04-01",2,7482.95,{"v":14965.9,"d":"14965.90"},2,{"v":7248.73,"d":"7,248.73"},{"v":15,"d":"15.00"},{"v":2174.62,"d":"2,174.62"},-85.47]
["168","04区06架01层","左链轨节","142-1803","卡特设备","件",{"$nulls":4},"2009-01-01",4,2795.22,11180.88,4,{"v":2707.73,"d":"2,707.73"},{"v":10,"d":"10.00"},{"v":1083.09,"d":"1,083.09"},-90.31]
["169","04区06架01层","右链轨节","142-1804","卡特设备","件",{"$nulls":4},"2009-01-01",4,2795.22,11180.88,4,{"v":2707.73,"d":"2,707.73"},{"v":10,"d":"10.00"},{"v":1083.09,"d":"1,083.09"},-90.31]
["170","04区06架02层","销轴","212-3092","卡特设备","件",{"$nulls":4},"2012-04-01",2,6139.38,12278.76,2,{"v":5947.22,"d":"5,947.22"},{"v":15,"d":"15.00"},{"v":1784.17,"d":"1,784.17"},-85.47]
["171","04区06架02层","销轴","7Y2357","卡特设备","件",{"$nulls":4},"2009-01-01",1,2562.27,2562.27,1,{"v":2482.07,"d":"2,482.07"},{"v":10,"d":"10.00"},248.21,-90.31]
["172","04区07架01层","销轴","212-3088","卡特设备","件",{"$nulls":4},"2012-04-01",2,8784.14,17568.28,2,{"v":8509.2,"d":"8,509.20"},{"v":15,"d":"15.00"},{"v":2552.76,"d":"2,552.76"},-85.47]
["173","04区07架01层","燃油泵","4W6068","卡特设备","件",{"$nulls":4},"2012-02-01",1,101078.71,101078.71,1,{"v":22500,"d":"22,500.00"},{"v":14,"d":"14.00"},{"v":3150,"d":"3,150.00"},-96.88]
["174","04区07架01层","双凸轮","6Y0890","卡特设备","件",{"$nulls":4},"2009-01-01",9,10819.15,97372.35,9,{"v":10033,"d":"10,033.00"},{"v":10,"d":"10.00"},{"v":9029.7,"d":"9,029.70"},-90.73]
["175","04区07架01层","接头","9W1867","卡特设备","件",{"$nulls":4},"2012-04-01",4,1133.19,4532.76,4,{"v":1097.72,"d":"1,097.72"},{"v":15,"d":"15.00"},658.63,-85.47]
["176","04区07架01层","马达","147-5784","卡特设备","件",{"$nulls":4},"2012-11-01",1,92791.03,92791.03,1,{"v":80000,"d":"80,000.00"},{"v":21,"d":"21.00"},{"v":16800,"d":"16,800.00"},-81.89]
["177","04区07架02层","涡轮增压器","4W9142","卡特设备","件",{"$nulls":4},"2009-01-01",1,33076.06,33076.06,1,{"v":3300,"d":"3,300.00"},{"v":10,"d":"10.00"},{"v":330,"d":"330.00"},{"v":-99,"d":"-99.00"}]
["178","04区07架02层","阀","6T1171","卡特设备","件",{"$nulls":4},"2009-01-01",1,2852.99,2852.99,1,{"v":2763.69,"d":"2,763.69"},{"v":10,"d":"10.00"},276.37,-90.31]
["179","04区08架01层","垫片","5P8250","卡特设备","件",{"$nulls":4},"2010-01-01",6,16.75,{"v":100.5,"d":"100.50"},6,16.23,{"v":10,"d":"10.00"},9.74,-90.31]
["180","04区08排01层","铲刀板","9W6609","卡特设备","件",{"$nulls":4},"2015-01-01",6,3884.17,23305.02,6,{"v":3762.6,"d":"3,762.60"},{"v":43,"d":"43.00"},{"v":9707.51,"d":"9,707.51"},-58.35]
["181","04区09架02层","调整臂","9W8365#","卡特设备","件",{"$nulls":4},"2010-01-01",18,0.01,0.18,18,{"v":4343,"d":"4,343.00"},{"v":10,"d":"10.00"},{"v":7817.4,"d":"7,817.40"},{"v":4342900,"d":"4,342,900.00"}]
["182","04区09排01层","铲刀板","9W6608","卡特设备","件",{"$nulls":4},"2015-01-01",6,3383.64,20301.84,6,{"v":3277.73,"d":"3,277.73"},{"v":43,"d":"43.00"},{"v":8456.54,"d":"8,456.54"},-58.35]
["183","04区10架01层","齿轮轴","199-4586","卡特设备","件",{"$nulls":4},"2011-11-01",2,26436.72,52873.44,2,{"v":20000,"d":"20,000.00"},{"v":11,"d":"11.00"},{"v":4400,"d":"4,400.00"},-91.68]
["184","04区10架01层","马达","234-4527","卡特设备","件",{"$nulls":4},"2012-11-01",1,67647.41,67647.41,1,{"v":68000,"d":"68,000.00"},{"v":21,"d":"21.00"},{"v":14280,"d":"14,280.00"},-78.89]
["185","04区10架02层","托带轮","6Y5323","卡特设备","件",{"$nulls":4},"2009-01-01",2,2803.94,5607.88,2,{"v":2716.18,"d":"2,716.18"},{"v":10,"d":"10.00"},543.24,-90.31]
["186","04区10架02层","连接块","7G3907#","卡特设备","件",{"$nulls":4},"2009-01-01",5,0.01,0.05,5,{"v":1700,"d":"1,700.00"},{"v":10,"d":"10.00"},{"v":850,"d":"850.00"},{"v":1699900,"d":"1,699,900.00"}]
["187","04区11架01层","油底壳","7N9802","卡特设备","件",{"$nulls":4},"2012-10-01",1,27910.48,27910.48,1,{"v":20000,"d":"20,000.00"},{"v":20,"d":"20.00"},{"v":4000,"d":"4,000.00"},-85.67]
["188","04区11架01层","启动齿圈","6T9537","卡特设备","件",{"$nulls":4},"2010-01-01",79,1735.41,137097.39,79,{"v":1681.09,"d":"1,681.09"},{"v":10,"d":"10.00"},{"v":13280.61,"d":"13,280.61"},-90.31]
["189","04区11架02层","斗齿根","6I6354","卡特设备","件",{"$nulls":4},"2009-01-01",4,640.73,2562.92,4,620.68,{"v":10,"d":"10.00"},248.27,-90.31]
["190","04区11架02层","斗齿根","6I6356","卡特设备","件",{"$nulls":4},"2009-01-01",1,640.71,640.71,1,620.66,{"v":10,"d":"10.00"},62.07,-90.31]
["191","04区11架02层","齿根","6I6404#","卡特设备","件",{"$nulls":4},"2009-01-01",3,0.01,0.03,3,{"v":235,"d":"235.00"},{"v":10,"d":"10.00"},{"v":70.5,"d":"70.50"},{"v":234900,"d":"234,900.00"}]
["192","04区11架02层","支重轮","6Y2795","卡特设备","件",{"$nulls":4},"2009-01-01",5,4472.07,22360.35,5,{"v":4500,"d":"4,500.00"},{"v":10,"d":"10.00"},{"v":2250,"d":"2,250.00"},-89.94]
["193","04区12架03层","油气分离器","005099-001","D50KS牙轮钻机","件",{"$nulls":4},"2009-01-01",7,8534.09,59738.63,7,{"v":8600,"d":"8,600.00"},{"v":10,"d":"10.00"},{"v":6020,"d":"6,020.00"},-89.92]
["194","05区01排01层","轮胎","1800-33","卡特设备（平地机）","件",{"$nulls":4},"2009-01-01",1,12260.16,12260.16,1,{"v":12800,"d":"12,800.00"},{"v":10,"d":"10.00"},{"v":1280,"d":"1,280.00"},-89.56]
["195","05区01排01层","张紧装置",60019927,"特雷克斯3311E矿车","件",{"$nulls":4},"2009-01-01",2,21324.79,42649.58,2,{"v":20000,"d":"20,000.00"},{"v":10,"d":"10.00"},{"v":4000,"d":"4,000.00"},-90.62]
["196","05区01排01层","后悬缸总成","09079698","特雷克斯3311E矿车","件",{"$nulls":4},"2009-01-01",1,23504.27,23504.27,1,{"v":22768.59,"d":"22,768.59"},{"v":10,"d":"10.00"},{"v":2276.86,"d":"2,276.86"},-90.31]
["197","06区01架01层","气门室座",3202195,"特雷克斯3311E矿车","件",{"$nulls":4},"2008-01-01",1,2760.79,2760.79,1,{"v":2674.38,"d":"2,674.38"},{"v":10,"d":"10.00"},267.44,-90.31]
["198","06区01架01层","气门室座","3202199(3038976)","特雷克斯3311E矿车","件",{"$nulls":4},"2008-01-01",1,1579.83,1579.83,1,{"v":1530.38,"d":"1,530.38"},{"v":10,"d":"10.00"},153.04,-90.31]
["199","06区01架02层","分流行星架","29524783(29503562)","特雷克斯3311E矿车","根",{"$nulls":4},"2010-01-01",1,25525.84,25525.84,1,{"v":30000,"d":"30,000.00"},{"v":10,"d":"10.00"},{"v":3000,"d":"3,000.00"},-88.25]
["200","06区01架02层","线束","23047278(23045958)","特雷克斯3311E矿车","颗",{"$nulls":4},"2011-11-01",6,835.88,5015.28,6,809.72,{"v":11,"d":"11.00"},534.42,-89.34]
["201","06区01架04层","行星太阳轮","06772143","特雷克斯3311E矿车","件",{"$nulls":4},"2011-11-01",4,{"v":3890.2,"d":"3890.20"},{"v":15560.8,"d":"15560.80"},4,{"v":3234,"d":"3,234.00"},{"v":11,"d":"11.00"},{"v":1422.96,"d":"1,422.96"},-90.86]
["202","06区01架05层","密封","06832482","特雷克斯3311E矿车","件",{"$nulls":4},"2010-01-01",5,32.88,{"v":164.4,"d":"164.40"},5,{"v":31,"d":"31.00"},{"v":10,"d":"10.00"},{"v":15.5,"d":"15.50"},-90.57]
["203","06区02架01层","齿环","29525408(6831066)","特雷克斯3311E矿车","件",{"$nulls":4},"2010-01-01",3,1290.51,3871.53,3,{"v":1250.12,"d":"1,250.12"},{"v":10,"d":"10.00"},375.04,-90.31]
["204","06区02架03层","轴芯","06776253","特雷克斯3311E矿车","件",{"$nulls":4},"2010-01-01",1,4431.75,4431.75,1,{"v":4293.04,"d":"4,293.04"},{"v":10,"d":"10.00"},{"v":429.3,"d":"429.30"},-90.31]
["205","06区02架04层","垫片","3010242(3004122)","特雷克斯3311E矿车","件",{"$nulls":4},"2010-01-01",34,76.44,2598.96,34,74.05,{"v":10,"d":"10.00"},251.77,-90.31]
["206","06区02架04层","叶片","3050453(3001711)","特雷克斯3311E矿车","根",{"$nulls":4},"2010-01-01",24,{"v":190.4,"d":"190.40"},{"v":4569.6,"d":"4569.60"},24,184.44,{"v":10,"d":"10.00"},442.66,-90.31]
["207","06区02架05层","密封垫片","3176843(3630874)","特雷克斯3311E矿车","件",{"$nulls":4},"2008-01-01",2,157.09,314.18,2,{"v":150,"d":"150.00"},{"v":10,"d":"10.00"},{"v":30,"d":"30.00"},-90.45]
["208","06区03架01层","皮带轮","3178563(3003319)","特雷克斯3311E矿车","件",{"$nulls":4},"2010-01-01",3,{"v":12899.6,"d":"12899.60"},{"v":38698.8,"d":"38698.80"},3,{"v":12495.84,"d":"12,495.84"},{"v":10,"d":"10.00"},{"v":3748.75,"d":"3,748.75"},-90.31]
["209","06区03架02层","垫片","23043334(23016554)","特雷克斯3311E矿车","颗",{"$nulls":4},"2008-01-01",12,31.15,{"v":373.8,"d":"373.80"},12,30.18,{"v":10,"d":"10.00"},36.22,-90.31]
["210","06区03架02层","密封垫","06776300","特雷克斯3311E矿车","件",{"$nulls":4},"2008-01-01",8,4.44,35.52,8,{"v":4,"d":"4.00"},{"v":10,"d":"10.00"},{"v":3.2,"d":"3.20"},-90.99]
["211","06区03架02层","垫片","3014449(205656)","特雷克斯3311E矿车","件",{"$nulls":4},"2008-01-01",42,305.16,12816.72,42,295.61,{"v":10,"d":"10.00"},{"v":1241.56,"d":"1,241.56"},-90.31]
["212","06区03架02层","密封垫片",23045876,"特雷克斯3311E矿车","件",{"$nulls":4},"2010-01-01",7,1.78,12.46,7,{"v":150,"d":"150.00"},{"v":10,"d":"10.00"},{"v":105,"d":"105.00"},{"v":742.7,"d":"742.70"}]
["213","06区03架02层","垫片","06777698","特雷克斯3311E矿车","件",{"$nulls":4},"2010-01-01",2,31.11,62.22,2,30.14,{"v":10,"d":"10.00"},6.03,-90.31]
["214","06区03架02层","垫片",29503088,"特雷克斯3311E矿车","件",{"$nulls":4},"2008-01-01",6,444.04,2664.24,6,430.14,{"v":10,"d":"10.00"},258.08,-90.31]
["215","06区03架02层","垫片",5140808,"特雷克斯3311E矿车","件",{"$nulls":4},"2009-01-01",9,{"v":14.4,"d":"14.40"},{"v":129.6,"d":"129.60"},9,13.95,{"v":10,"d":"10.00"},12.56,-90.31]
["216","06区03架03层","垫圈","09422847","特雷克斯3311E矿车","件",{"$nulls":4},"2008-01-01",7,13.43,94.01,7,13.01,{"v":10,"d":"10.00"},9.11,-90.31]
["217","06区03架03层","垫圈","3628902(S602)","特雷克斯3311E矿车","颗",{"$nulls":4},"2008-01-01",329,15.41,5069.89,329,14.93,{"v":10,"d":"10.00"},{"v":491.2,"d":"491.20"},-90.31]
["218","06区03架03层","垫圈","09415545","特雷克斯3311E矿车","件",{"$nulls":4},"2008-01-01",85,9.97,847.45,85,9.66,{"v":10,"d":"10.00"},82.11,-90.31]
["219","06区03架03层","衬垫",3171368,"特雷克斯3311E矿车","件",{"$nulls":4},"2008-01-01",20,{"v":56.7,"d":"56.70"},{"v":1134,"d":"1134.00"},20,54.93,{"v":10,"d":"10.00"},109.86,-90.31]
["220","06区03架03层","垫圈","00103339","特雷克斯3311E矿车","件",{"$nulls":4},"2008-01-01",148,7.58,1121.84,148,7.34,{"v":10,"d":"10.00"},108.63,-90.32]
["221","06区03架03层","垫圈",29509735,"特雷克斯3311E矿车","件",{"$nulls":4},"2008-01-01",12,24.47,293.64,12,{"v":23.7,"d":"23.70"},{"v":10,"d":"10.00"},28.44,-90.31]
["222","06区03架03层","垫片","06776626","特雷克斯3311E矿车","件",{"$nulls":4},"2010-01-01",17,108.65,1847.05,17,105.25,{"v":10,"d":"10.00"},178.93,-90.31]
["223","06区03架04层","垫片","09262036","特雷克斯3311E矿车","件",{"$nulls":4},"2008-01-01",22,22.31,490.82,22,21.61,{"v":10,"d":"10.00"},47.54,-90.31]
["224","06区03架05层","垫片","06839632(06838825)","特雷克斯3311E矿车","条",{"$nulls":4},"2011-02-01",4,{"v":160.4,"d":"160.40"},{"v":641.6,"d":"641.60"},4,155.38,{"v":10,"d":"10.00"},62.15,-90.31]
["225","06区04架02层","铜垫片","005","特雷克斯3311E矿车","件",{"$nulls":4},"2009-01-01",3,0.01,0.03,3,{"v":58,"d":"58.00"},{"v":10,"d":"10.00"},{"v":17.4,"d":"17.40"},{"v":57900,"d":"57,900.00"}]
["226","06区04架02层","垫片","06776297","特雷克斯3311E矿车","条",{"$nulls":4},"2010-01-01",20,34.95,{"v":699,"d":"699.00"},20,33.86,{"v":10,"d":"10.00"},67.72,-90.31]
["227","06区04架03层","开口环","06776179","特雷克斯3311E矿车","件",{"$nulls":4},"2008-01-01",5,63.47,317.35,5,61.48,{"v":10,"d":"10.00"},30.74,-90.31]
["228","06区04架03层","卡簧","06777764","特雷克斯3311E矿车","件",{"$nulls":4},"2008-01-01",3,611.48,1834.44,3,592.34,{"v":10,"d":"10.00"},{"v":177.7,"d":"177.70"},-90.31]
["229","06区04架03层","开口环","06776241","特雷克斯3311E矿车","件",{"$nulls":4},"2011-09-01",2,18.88,37.76,2,18.29,{"v":10,"d":"10.00"},3.66,-90.31]
["230","06区04架04层","垫圈","09005585","特雷克斯3311E矿车","件",{"$nulls":4},"2008-01-01",7,260.61,1824.27,7,252.45,{"v":10,"d":"10.00"},176.72,-90.31]
["231","06区04架04层","密封环","06832433","特雷克斯3311E矿车","件",{"$nulls":4},"2009-01-01",10,45.92,{"v":459.2,"d":"459.20"},10,{"v":44,"d":"44.00"},{"v":10,"d":"10.00"},{"v":44,"d":"44.00"},-90.42]
["232","06区04架04层","环","09055366","特雷克斯3311E矿车","件",{"$nulls":4},"2008-01-01",15,2.67,40.05,15,2.59,{"v":10,"d":"10.00"},3.89,-90.29]
["233","06区04架04层","垫圈","09035481","特雷克斯3311E矿车","件",{"$nulls":4},"2008-01-01",14,128.28,1795.92,14,124.26,{"v":10,"d":"10.00"},173.96,-90.31]
["234","06区04架04层","垫圈","09028238","特雷克斯3311E矿车","件",{"$nulls":4},"2008-01-01",16,91.82,1469.12,16,88.95,{"v":10,"d":"10.00"},142.32,-90.31]
["235","06区04架04层","卡环","09425519","特雷克斯3311E矿车","件",{"$nulls":4},"2008-01-01",11,14.85,163.35,11,14.39,{"v":10,"d":"10.00"},15.83,-90.31]
["236","06区04架05层","密封","06777990","特雷克斯3311E矿车","件",{"$nulls":4},"2010-01-01",4,54.01,216.04,4,{"v":31,"d":"31.00"},{"v":10,"d":"10.00"},{"v":12.4,"d":"12.40"},-94.26]
["237","06区05架01层","1档活塞","23017628(6777758)","特雷克斯3311E矿车","件",{"$nulls":4},"2010-01-01",1,5757.53,5757.53,1,{"v":5577.32,"d":"5,577.32"},{"v":10,"d":"10.00"},557.73,-90.31]
["238","06区05架02层","弹簧","06776324","特雷克斯3311E矿车","件",{"$nulls":4},"2008-01-01",1,21.33,21.33,1,20.66,{"v":10,"d":"10.00"},2.07,{"v":-90.3,"d":"-90.30"}]
["239","06区05架02层","锁止垫片","00115549","特雷克斯3311E矿车","件",{"$nulls":4},"2010-01-01",15,0.27,4.05,15,0.26,{"v":10,"d":"10.00"},0.39,-90.37]
["240","06区05架02层","油封","06768417","特雷克斯3311E矿车","颗",{"$nulls":4},"2008-01-01",2,49.77,99.54,2,48.21,{"v":10,"d":"10.00"},9.64,-90.32]
["241","06区05架02层","开口环","02219907","特雷克斯3311E矿车","件",{"$nulls":4},"2008-01-01",16,0.44,7.04,16,0.43,{"v":10,"d":"10.00"},0.69,{"v":-90.2,"d":"-90.20"}]
["242","06区05架02层","单向阀","06756164","特雷克斯3311E矿车","件",{"$nulls":4},"2010-01-01",3,23.65,70.95,3,22.91,{"v":10,"d":"10.00"},6.87,-90.32]
["243","06区05架02层","垫片","06768418","特雷克斯3311E矿车","颗",{"$nulls":4},"2008-01-01",2,17.78,35.56,2,17.22,{"v":10,"d":"10.00"},3.44,-90.33]
["244","06区05架02层","垫片","06830132","特雷克斯3311E矿车","件",{"$nulls":4},"2010-01-01",6,70.21,421.26,6,68.01,{"v":10,"d":"10.00"},40.81,-90.31]
["245","06区05架03层","卡环","06750027","特雷克斯3311E矿车","件",{"$nulls":4},"2008-01-01",2,20.26,40.52,2,19.63,{"v":10,"d":"10.00"},3.93,{"v":-90.3,"d":"-90.30"}]
["246","06区05架03层","卡环","09414896","特雷克斯3311E矿车","件",{"$nulls":4},"2008-01-01",20,10.67,{"v":213.4,"d":"213.40"},20,10.34,{"v":10,"d":"10.00"},20.68,-90.31]
["247","06区05架03层","衬环","09018463","特雷克斯3311E矿车","件",{"$nulls":4},"2008-01-01",7,115.54,808.78,7,111.92,{"v":10,"d":"10.00"},78.34,-90.31]
["248","06区05架03层","密封垫圈","09247259","特雷克斯3311E矿车","件",{"$nulls":4},"2008-01-01",25,5.33,133.25,25,{"v":5,"d":"5.00"},{"v":10,"d":"10.00"},{"v":12.5,"d":"12.50"},-90.62]
["249","06区05架03层","卡簧",15267326,"特雷克斯3311E矿车","颗",{"$nulls":4},"2011-07-01",20,9.51,{"v":190.2,"d":"190.20"},20,9.21,{"v":10,"d":"10.00"},18.42,-90.32]
["250","06区05架03层","封环","23019651(6776293)","特雷克斯3311E矿车","件",{"$nulls":4},"2008-01-01",6,513.72,3082.32,6,497.64,{"v":10,"d":"10.00"},298.58,-90.31]
["251","06区05架03层","卡簧","06750220","特雷克斯3311E矿车","件",{"$nulls":4},"2010-01-01",4,97.77,391.08,4,94.71,{"v":10,"d":"10.00"},37.88,-90.31]
["252","06区05架03层","开口环","06754835","特雷克斯3311E矿车","件",{"$nulls":4},"2012-05-01",7,11.08,77.56,7,10.73,{"v":16,"d":"16.00"},12.02,{"v":-84.5,"d":"-84.50"}]
["253","06区05架03层","开口环","06756041","特雷克斯3311E矿车","件",{"$nulls":4},"2010-01-01",3,46.36,139.08,3,44.91,{"v":10,"d":"10.00"},13.47,-90.31]
["254","06区05架04层","垫片","09060288","特雷克斯3311E矿车","件",{"$nulls":4},"2010-01-01",5,108.02,{"v":540.1,"d":"540.10"},5,104.64,{"v":10,"d":"10.00"},52.32,-90.31]
["255","06区05架04层","隔环","06756338","特雷克斯3311E矿车","件",{"$nulls":4},"2008-01-01",6,45.92,275.52,6,{"$nulls":3},{"v":-100,"d":"-100.00"}]
["256","06区05架04层","卡环",205269,"特雷克斯3311E矿车","件",{"$nulls":4},"2008-01-01",24,10.48,251.52,24,10.15,{"v":10,"d":"10.00"},24.36,-90.31]
["257","06区05架04层","油封","09036077","特雷克斯3311E矿车","件",{"$nulls":4},"2008-01-01",6,65.77,394.62,6,63.71,{"v":10,"d":"10.00"},38.23,-90.31]
["258","06区05架04层","卡簧","06753487","特雷克斯3311E矿车","件",{"$nulls":4},"2008-01-01",1,22.22,22.22,1,21.52,{"v":10,"d":"10.00"},2.15,-90.32]
["259","06区05架04层","止推轴承","3177129(3009774)","特雷克斯3311E矿车","件",{"$nulls":4},"2008-01-01",88,52.66,4634.08,88,51.01,{"v":10,"d":"10.00"},448.89,-90.31]
["260","06区05架04层","开口环","06776190","特雷克斯3311E矿车","颗",{"$nulls":4},"2008-01-01",2,6.76,13.52,2,6.55,{"v":10,"d":"10.00"},1.31,-90.31]
["261","06区05架04层","止推垫片","29528770（23018311）、（6776177）、（23016146）","特雷克斯3311E矿车","件",{"$nulls":4},"2011-11-01",2,1246.26,2492.52,2,{"v":1207.25,"d":"1,207.25"},{"v":11,"d":"11.00"},{"v":265.6,"d":"265.60"},-89.34]
["262","06区05架05层","警示灯","09269377","特雷克斯3311E矿车","件",{"$nulls":4},"2008-01-01",9,273.99,2465.91,9,265.41,{"v":10,"d":"10.00"},238.87,-90.31]
["263","06区05排03层","隔套",3046286,"特雷克斯3311E矿车","件",{"$nulls":4},"2012-04-01",4,362.46,1449.84,4,351.12,{"v":15,"d":"15.00"},210.67,-85.47]
["264","06区06架01层","皮带轮",3003344,"特雷克斯3311E矿车","根",{"$nulls":4},"2008-01-01",4,7338.18,29352.72,4,{"v":6500,"d":"6,500.00"},{"v":10,"d":"10.00"},{"v":2600,"d":"2,600.00"},-91.14]
["265","06区06架02层","左门碰锁总成","09211981","特雷克斯3311E矿车","件",{"$nulls":4},"2011-05-01",14,869.81,12177.34,14,842.58,{"v":10,"d":"10.00"},{"v":1179.61,"d":"1,179.61"},-90.31]
["266","06区06架03层","导轮后板","06776185","特雷克斯3311E矿车","件",{"$nulls":4},"2011-09-01",2,1788.21,3576.42,2,{"v":1732.24,"d":"1,732.24"},{"v":10,"d":"10.00"},346.45,-90.31]
["267","06区06架03层","密封圈","09985041","特雷克斯3311E矿车","根",{"$nulls":4},"2011-11-01",3,{"v":200,"d":"200.00"},{"v":600,"d":"600.00"},3,{"v":194,"d":"194.00"},{"v":11,"d":"11.00"},64.02,-89.33]
["268","06区06架04层","导轮","06779322","特雷克斯3311E矿车","颗",{"$nulls":4},"2011-09-01",3,11875.51,35626.53,3,{"v":10000,"d":"10,000.00"},{"v":10,"d":"10.00"},{"v":3000,"d":"3,000.00"},-91.58]
["269","06区06架04层","尾灯总成","09262182","特雷克斯3311E矿车","条",{"$nulls":4},"2008-01-01",5,232.17,1160.85,5,{"v":224.9,"d":"224.90"},{"v":10,"d":"10.00"},112.45,-90.31]
["270","06区06架05层","外齿片","06779887","特雷克斯3311E矿车","件",{"$nulls":4},"2012-04-01",5,2715.63,13578.15,5,{"v":2630.63,"d":"2,630.63"},{"v":15,"d":"15.00"},{"v":1972.97,"d":"1,972.97"},-85.47]
["271","06区07架01层","涡轮","23046255（23018543）、(06832925)","特雷克斯3311E矿车","件",{"$nulls":4},"2011-12-01",1,31594.18,31594.18,1,{"v":21090,"d":"21,090.00"},{"v":12,"d":"12.00"},{"v":2530.8,"d":"2,530.80"},-91.99]
["272","06区07架02层","垫圈","06837352","特雷克斯3311E矿车","颗",{"$nulls":4},"2008-01-01",4,5.34,21.36,4,5.17,{"v":10,"d":"10.00"},2.07,-90.31]
["273","06区07架03层","分离法兰","09409982#","特雷克斯3311E矿车","颗",{"$nulls":4},"2010-01-01",1,0.01,0.01,1,{"v":35,"d":"35.00"},{"v":10,"d":"10.00"},{"v":3.5,"d":"3.50"},{"v":34900,"d":"34,900.00"}]
["274","06区07架03层","法兰","09167602","特雷克斯3311E矿车","件",{"$nulls":4},"2011-06-01",6,58.12,348.72,6,{"v":56.3,"d":"56.30"},{"v":10,"d":"10.00"},33.78,-90.31]
["275","06区07架03层","法兰","09409985","特雷克斯3311E矿车","件",{"$nulls":4},"2011-07-01",10,{"v":55.4,"d":"55.40"},{"v":554,"d":"554.00"},10,53.67,{"v":10,"d":"10.00"},53.67,-90.31]
["276","06区07架03层","分离法兰","09409984#","特雷克斯3311E矿车","条",{"$nulls":4},"2008-01-01",16,0.01,0.16,16,{"v":30,"d":"30.00"},{"v":10,"d":"10.00"},{"v":48,"d":"48.00"},{"v":29900,"d":"29,900.00"}]
["277","06区07架03层","法兰","09409984","特雷克斯3311E矿车","件",{"$nulls":4},"2011-07-01",5,35.04,{"v":175.2,"d":"175.20"},5,33.94,{"v":10,"d":"10.00"},16.97,-90.31]
["278","06区07架03层","法兰",29501462,"特雷克斯3311E矿车","件",{"$nulls":4},"2008-01-01",3,188.42,565.26,3,182.52,{"v":10,"d":"10.00"},54.76,-90.31]
["279","06区07架04层","皮托管","06773996","特雷克斯3311E矿车","件",{"$nulls":4},"2010-01-01",1,{"v":174.2,"d":"174.20"},{"v":174.2,"d":"174.20"},1,168.75,{"v":10,"d":"10.00"},16.88,-90.31]
["280","06区07架04层","筛","3008706(174298)","特雷克斯3311E矿车","件",{"$nulls":4},"2008-01-01",527,{"v":5.5,"d":"5.50"},{"v":2898.5,"d":"2898.50"},527,5.33,{"v":10,"d":"10.00"},280.89,-90.31]
["281","06区07架04层","定位球","00453606","特雷克斯3311E矿车","件",{"$nulls":4},"2008-01-01",57,7.05,401.85,57,6.83,{"v":10,"d":"10.00"},38.93,-90.31]
["282","06区08架02层","平垫",3627372,"特雷克斯3311E矿车","件",{"$nulls":4},"2010-01-01",39,13.42,523.38,39,{"v":13,"d":"13.00"},{"v":10,"d":"10.00"},{"v":50.7,"d":"50.70"},-90.31]
["283","06区08架02层","O型圈","3046943#","特雷克斯3311E矿车","条",{"$nulls":4},"2008-01-01",1,0.01,0.01,1,{"v":10,"d":"10.00"},{"v":10,"d":"10.00"},{"v":1,"d":"1.00"},{"v":9900,"d":"9,900.00"}]
["284","06区08架02层","弹簧垫圈","00103321(00108580)","特雷克斯3311E矿车","条",{"$nulls":4},"2010-01-01",26,8.11,210.86,26,7.86,{"v":10,"d":"10.00"},20.44,-90.31]
["285","06区08架02层","垫片","06769783","特雷克斯3311E矿车","件",{"$nulls":4},"2011-11-01",7,6.34,44.38,7,6.14,{"v":11,"d":"11.00"},4.73,-89.34]
["286","06区08架02层","弹簧垫圈","00103319","特雷克斯3311E矿车","根",{"$nulls":4},"2008-01-01",3,7.45,22.35,3,7.22,{"v":10,"d":"10.00"},2.17,-90.29]
["287","06区08架02层","密封组件","15267056#","特雷克斯3311E矿车","件",{"$nulls":4},"2008-01-01",7,417.21,2920.47,7,{"v":404,"d":"404.00"},{"v":10,"d":"10.00"},{"v":282.8,"d":"282.80"},-90.32]
["288","06区08架02层","弹簧垫圈","00115551","特雷克斯3311E矿车","件",{"$nulls":4},"2010-01-01",6,8.65,{"v":51.9,"d":"51.90"},6,8.38,{"v":10,"d":"10.00"},5.03,-90.31]
["289","06区08架02层","密封环","06771005","特雷克斯3311E矿车","件",{"$nulls":4},"2008-01-01",10,1.35,{"v":13.5,"d":"13.50"},10,{"v":1,"d":"1.00"},{"v":10,"d":"10.00"},{"v":1,"d":"1.00"},-92.59]
["290","06区08架03层","O型环",15258052,"特雷克斯3311E矿车","件",{"$nulls":4},"2008-01-01",7,572.32,4006.24,7,554.41,{"v":10,"d":"10.00"},388.09,-90.31]
["291","06区08架03层","O型环","00274248","特雷克斯3311E矿车","颗",{"$nulls":4},"2010-01-01",26,5.11,132.86,26,4.95,{"v":10,"d":"10.00"},12.87,-90.31]
["292","06区08架03层","密封环","06769289","特雷克斯3311E矿车","件",{"$nulls":4},"2010-01-01",3,{"v":13.5,"d":"13.50"},{"v":40.5,"d":"40.50"},3,{"v":13,"d":"13.00"},{"v":10,"d":"10.00"},{"v":3.9,"d":"3.90"},-90.37]
["293","06区08架03层","密封","001109-027","特雷克斯3311E矿车","颗",{"$nulls":4},"2010-01-01",1,70.21,70.21,1,{"v":31,"d":"31.00"},{"v":10,"d":"10.00"},{"v":3.1,"d":"3.10"},-95.58]
["294","06区08架04层","O型圈",23018958,"特雷克斯3311E矿车","件",{"$nulls":4},"2008-01-01",24,21.36,512.64,24,20.69,{"v":10,"d":"10.00"},49.66,-90.31]
["295","06区08架04层","环","09055361","特雷克斯3311E矿车","颗",{"$nulls":4},"2010-01-01",49,9.45,463.05,49,9.15,{"v":10,"d":"10.00"},44.84,-90.32]
["296","06区08架04层","密封","09018820","特雷克斯3311E矿车","件",{"$nulls":4},"2008-01-01",7,72.92,510.44,7,{"v":31,"d":"31.00"},{"v":10,"d":"10.00"},{"v":21.7,"d":"21.70"},-95.75]
["297","06区08架04层","密封垫","09036082","特雷克斯3311E矿车","件",{"$nulls":4},"2010-01-01",11,12.44,136.84,11,{"v":12,"d":"12.00"},{"v":10,"d":"10.00"},{"v":13.2,"d":"13.20"},-90.35]
["298","06区08架05层","超速档后板","06832868","特雷克斯3311E矿车","件",{"$nulls":4},"2010-01-01",2,4104.89,8209.78,2,{"v":3976.41,"d":"3,976.41"},{"v":10,"d":"10.00"},795.28,-90.31]
["299","06区08架05层","活塞","06831033","特雷克斯3311E矿车","件",{"$nulls":4},"2010-01-01",2,1577.88,3155.76,2,{"v":1528.49,"d":"1,528.49"},{"v":10,"d":"10.00"},{"v":305.7,"d":"305.70"},-90.31]
["300","06区09架02层","球连接","00109417","特雷克斯3311E矿车","件",{"$nulls":4},"2008-01-01",4,8.89,35.56,4,8.61,{"v":10,"d":"10.00"},3.44,-90.33]
["301","06区09架02层","导向销","06756146","特雷克斯3311E矿车","件",{"$nulls":4},"2012-05-01",3,221.48,664.44,3,214.55,{"v":16,"d":"16.00"},102.98,{"v":-84.5,"d":"-84.50"}]
["302","06区09架02层","金属阀","06835820(06776338)","特雷克斯3311E矿车","件",{"$nulls":4},"2008-01-01",2,{"v":135.1,"d":"135.10"},{"v":270.2,"d":"270.20"},2,130.87,{"v":10,"d":"10.00"},26.17,-90.31]
["303","06区09架02层","铭牌","23049131（06838494）、（06768267）","特雷克斯3311E矿车","件",{"$nulls":4},"2011-11-01",1,17.46,17.46,1,16.91,{"v":11,"d":"11.00"},1.86,-89.35]
["304","06区09架03层","弹簧","06830014","特雷克斯3311E矿车","件",{"$nulls":4},"2008-01-01",2,75.55,{"v":151.1,"d":"151.10"},2,73.19,{"v":10,"d":"10.00"},14.64,-90.31]
["305","06区09架03层","弹簧","06769825","特雷克斯3311E矿车","件",{"$nulls":4},"2008-01-01",3,36.93,110.79,3,35.77,{"v":10,"d":"10.00"},10.73,-90.32]
["306","06区09架03层","弹簧","06834536","特雷克斯3311E矿车","件",{"$nulls":4},"2012-04-01",3,18.77,56.31,3,18.18,{"v":15,"d":"15.00"},8.18,-85.47]
["307","06区09架03层","弹簧","06835394","特雷克斯3311E矿车","件",{"$nulls":4},"2008-01-01",5,25.01,125.05,5,24.23,{"v":10,"d":"10.00"},12.12,-90.31]
["308","06区09架03层","弹簧","06830237","特雷克斯3311E矿车","件",{"$nulls":4},"2008-01-01",2,110.21,220.42,2,106.76,{"v":10,"d":"10.00"},21.35,-90.31]
["309","06区09架03层","弹簧","06833223(06832305)","特雷克斯3311E矿车","条",{"$nulls":4},"2008-01-01",4,12.15,{"v":48.6,"d":"48.60"},4,11.77,{"v":10,"d":"10.00"},4.71,-90.31]
["310","06区09架03层","弹簧","06830063","特雷克斯3311E矿车","件",{"$nulls":4},"2010-01-01",6,8.52,51.12,6,8.25,{"v":10,"d":"10.00"},4.95,-90.32]
["311","06区09架03层","弹簧","01977357","特雷克斯3311E矿车","件",{"$nulls":4},"2008-01-01",18,19.73,355.14,18,19.11,{"v":10,"d":"10.00"},{"v":34.4,"d":"34.40"},-90.31]
["312","06区09架03层","弹簧","06830243","特雷克斯3311E矿车","颗",{"$nulls":4},"2008-01-01",4,35.11,140.44,4,34.01,{"v":10,"d":"10.00"},{"v":13.6,"d":"13.60"},-90.32]
["313","06区09架03层","调压弹簧","06830240(06830245)","特雷克斯3311E矿车","件",{"$nulls":4},"2008-01-01",2,106.66,213.32,2,103.32,{"v":10,"d":"10.00"},20.66,-90.32]
["314","06区09架04层","弹簧","15249494#","特雷克斯3311E矿车","件",{"$nulls":4},"2009-01-01",5,0.01,0.05,5,{"v":9.9,"d":"9.90"},{"v":10,"d":"10.00"},4.95,{"v":9800,"d":"9,800.00"}]
["315","06区09架04层","弹簧","06839279","特雷克斯3311E矿车","件",{"$nulls":4},"2008-01-01",2,45.92,91.84,2,44.48,{"v":10,"d":"10.00"},{"v":8.9,"d":"8.90"},-90.31]
["316","06区09架04层","弹簧","23016627（06833203）、（06758503）","特雷克斯3311E矿车","件",{"$nulls":4},"2008-01-01",2,14.22,28.44,2,13.77,{"v":10,"d":"10.00"},2.75,-90.33]
["317","06区09架04层","弹簧","06832304","特雷克斯3311E矿车","件",{"$nulls":4},"2008-01-01",4,{"v":2.7,"d":"2.70"},{"v":10.8,"d":"10.80"},4,2.62,{"v":10,"d":"10.00"},1.05,-90.28]
["318","06区09架04层","弹簧","08901008#","特雷克斯3311E矿车","件",{"$nulls":4},"2008-01-01",3,0.01,0.03,3,{"v":9.9,"d":"9.90"},{"v":10,"d":"10.00"},2.97,{"v":9800,"d":"9,800.00"}]
["319","06区09架04层","弹簧",3019416,"特雷克斯3311E矿车","件",{"$nulls":4},"2008-01-01",3,308.96,926.88,3,299.29,{"v":10,"d":"10.00"},89.79,-90.31]
["320","06区09架05层","冷凝器总成",15245971,"特雷克斯3311E矿车","件",{"$nulls":4},"2008-01-01",1,0.01,0.01,1,{"v":1300,"d":"1,300.00"},{"v":10,"d":"10.00"},{"v":130,"d":"130.00"},{"v":1299900,"d":"1,299,900.00"}]
["321","06区09排02层","燃油切断阀",3035362,"特雷克斯3311E矿车","件",{"$nulls":4},"2015-05-25",3,1394.02,4182.06,3,{"v":1350.39,"d":"1,350.39"},{"v":47,"d":"47.00"},{"v":1904.05,"d":"1,904.05"},-54.47]
["322","06区10架01层","板总成","15231243#","特雷克斯3311E矿车","件",{"$nulls":4},"2008-01-01",4,0.01,0.04,4,{"v":1999,"d":"1,999.00"},{"v":10,"d":"10.00"},{"v":799.6,"d":"799.60"},{"v":1998900,"d":"1,998,900.00"}]
["323","06区10架02层","修理包","AR12564#","特雷克斯3311E矿车","件",{"$nulls":4},"2008-01-01",1,0.01,0.01,1,{"v":1320,"d":"1,320.00"},{"v":10,"d":"10.00"},{"v":132,"d":"132.00"},{"v":1319900,"d":"1,319,900.00"}]
["324","06区10架02层","减压阀","09417309","特雷克斯3311E矿车","件",{"$nulls":4},"2008-01-01",1,0.01,0.01,1,{"v":960,"d":"960.00"},{"v":10,"d":"10.00"},{"v":96,"d":"96.00"},{"v":959900,"d":"959,900.00"}]
["325","06区10架02层","主轴管塞","06836231(06776169)","特雷克斯3311E矿车","件",{"$nulls":4},"2008-01-01",2,167.09,334.18,2,161.86,{"v":10,"d":"10.00"},32.37,-90.31]
["326","06区10架02层","卡簧","09414895","特雷克斯3311E矿车","件",{"$nulls":4},"2010-01-01",3,90.66,271.98,3,87.82,{"v":10,"d":"10.00"},26.35,-90.31]
["327","06区10架02层","接头","15015564#","特雷克斯3311E矿车","件",{"$nulls":4},"2008-01-01",1,0.01,0.01,1,{"v":200,"d":"200.00"},{"v":10,"d":"10.00"},{"v":20,"d":"20.00"},{"v":199900,"d":"199,900.00"}]
["328","06区10架02层","修理包","0532-1002-00#","特雷克斯3311E矿车","件",{"$nulls":4},"2008-01-01",1,131.87,131.87,1,127.74,{"v":10,"d":"10.00"},12.77,-90.32]
["329","06区10架03层","档 板",15019492,"特雷克斯3311E矿车","件",{"$nulls":4},"2009-01-01",2,5136.55,{"v":10273.1,"d":"10273.10"},2,{"v":4975.78,"d":"4,975.78"},{"v":10,"d":"10.00"},995.16,-90.31]
["330","06区10架03层","挡 板",15233274,"特雷克斯3311E矿车","件",{"$nulls":4},"2009-01-01",5,94.02,{"v":470.1,"d":"470.10"},5,91.08,{"v":10,"d":"10.00"},45.54,-90.31]
["331","06区10架03层","档 板",15233269,"特雷克斯3311E矿车","颗",{"$nulls":4},"2009-01-01",8,55.56,444.48,8,53.82,{"v":10,"d":"10.00"},43.06,-90.31]
["332","06区10架03层","板块","206508#","特雷克斯3311E矿车","件",{"$nulls":4},"2009-01-01",3,0.01,0.03,3,{"v":60,"d":"60.00"},{"v":10,"d":"10.00"},{"v":18,"d":"18.00"},{"v":59900,"d":"59,900.00"}]
["333","06区10架03层","档 板",15019494,"特雷克斯3311E矿车","件",{"$nulls":4},"2009-01-01",2,{"v":190.2,"d":"190.20"},{"v":380.4,"d":"380.40"},2,184.25,{"v":10,"d":"10.00"},36.85,-90.31]
["334","06区10架03层","齿轮","06769720","特雷克斯3311E矿车","件",{"$nulls":4},"2009-01-01",2,680.55,{"v":1361.1,"d":"1361.10"},2,659.25,{"v":10,"d":"10.00"},131.85,-90.31]
["335","06区10架04层","衬套",3177510,"特雷克斯3311E矿车","件",{"$nulls":4},"2009-01-01",66,168.79,11140.14,66,{"v":120,"d":"120.00"},{"v":10,"d":"10.00"},{"v":792,"d":"792.00"},-92.89]
["336","06区10架04层","定位环","09018310","特雷克斯3311E矿车","件",{"$nulls":4},"2011-03-01",45,82.34,{"v":3705.3,"d":"3705.30"},45,79.76,{"v":10,"d":"10.00"},358.92,-90.31]
["337","06区10架04层","销套",3004686,"特雷克斯3311E矿车","根",{"$nulls":4},"2009-01-01",44,64.81,2851.64,44,62.78,{"v":10,"d":"10.00"},276.23,-90.31]
["338","06区10架04层","衬套",205683,"特雷克斯3311E矿车","件",{"$nulls":4},"2009-01-01",86,855.76,73595.36,86,{"v":850,"d":"850.00"},{"v":10,"d":"10.00"},{"v":7310,"d":"7,310.00"},-90.07]
["339","06区10架05层","调隙片",15007647,"特雷克斯3311E矿车","件",{"$nulls":4},"2009-01-01",31,128.62,3987.22,31,124.59,{"v":10,"d":"10.00"},386.23,-90.31]
["340","06区10架05层","挡风洗涤器组件","09077946","特雷克斯3311E矿车","颗",{"$nulls":4},"2011-12-01",5,{"v":1273.5,"d":"1273.50"},{"v":6367.5,"d":"6367.50"},5,{"v":1233.64,"d":"1,233.64"},{"v":12,"d":"12.00"},740.18,-88.38]
["341","06区11架01层","支座","06833146","特雷克斯3311E矿车","件",{"$nulls":4},"2009-01-01",1,1581.14,1581.14,1,{"v":1531.65,"d":"1,531.65"},{"v":10,"d":"10.00"},153.17,-90.31]
["342","06区11架02层","机油冷却器","3177235（205615）、 （3627295）、（3635074）","特雷克斯3311E矿车","件",{"$nulls":4},"2012-04-01",1,3269.64,3269.64,1,{"v":3150,"d":"3,150.00"},{"v":15,"d":"15.00"},{"v":472.5,"d":"472.50"},-85.55]
["343","06区11架02层","销","09384853","特雷克斯3311E矿车","件",{"$nulls":4},"2010-01-01",2,270.06,540.12,2,261.61,{"v":10,"d":"10.00"},52.32,-90.31]
["344","06区11架02层","轴销","06831961","特雷克斯3311E矿车","颗",{"$nulls":4},"2010-04-01",13,{"v":1210.5,"d":"1210.50"},{"v":15736.5,"d":"15736.50"},13,{"v":1172.61,"d":"1,172.61"},{"v":10,"d":"10.00"},{"v":1524.39,"d":"1,524.39"},-90.31]
["345","06区11架03层","行星轮架总成",23017766,"特雷克斯3311E矿车","件",{"$nulls":4},"2009-01-01",1,{"v":2152.8,"d":"2152.80"},{"v":2152.8,"d":"2152.80"},1,{"v":2085.42,"d":"2,085.42"},{"v":10,"d":"10.00"},208.54,-90.31]
["346","06区11架03层","调压阀","29528630(6770558)","特雷克斯3311E矿车","件",{"$nulls":4},"2011-11-01",3,6608.27,19824.81,3,{"v":6000,"d":"6,000.00"},{"v":11,"d":"11.00"},{"v":1980,"d":"1,980.00"},-90.01]
["347","06区11架04层","增压器组件",3545647,"特雷克斯3311E矿车","件",{"$nulls":4},"2010-01-01",58,680.55,{"v":39471.9,"d":"39471.90"},58,659.25,{"v":10,"d":"10.00"},{"v":3823.65,"d":"3,823.65"},-90.31]
["348","06区11架05层","密封垫片",6777993,"特雷克斯3311E矿车","件",{"$nulls":4},"2010-01-01",6,314.63,1887.78,6,{"v":150,"d":"150.00"},{"v":10,"d":"10.00"},{"v":90,"d":"90.00"},-95.23]
["349","06区11架05层","密封","06777993","特雷克斯3311E矿车","件",{"$nulls":4},"2010-01-01",7,170.24,1191.68,7,{"v":31,"d":"31.00"},{"v":10,"d":"10.00"},{"v":21.7,"d":"21.70"},-98.18]
["350","06区12架01层","传动箱油底壳","29525028（06833162）、（06758438）","特雷克斯3311E矿车","件",{"$nulls":4},"2009-01-01",1,7782.18,7782.18,1,{"v":7500,"d":"7,500.00"},{"v":10,"d":"10.00"},{"v":750,"d":"750.00"},-90.36]
["351","06区12架02层","销","09420675","特雷克斯3311E矿车","根",{"$nulls":4},"2010-01-01",18,{"v":5.4,"d":"5.40"},{"v":97.2,"d":"97.20"},18,5.23,{"v":10,"d":"10.00"},9.41,-90.32]
["352","06区12架02层","塞子","06833281","特雷克斯3311E矿车","件",{"$nulls":4},"2009-01-01",2,27.01,54.02,2,26.16,{"v":10,"d":"10.00"},5.23,-90.32]
["353","06区12架02层","充气组件","09211054","特雷克斯3311E矿车","件",{"$nulls":4},"2009-01-01",2,103.31,206.62,2,100.08,{"v":10,"d":"10.00"},20.02,-90.31]
["354","06区12架02层","金属片","06880179#","特雷克斯3311E矿车","件",{"$nulls":4},"2009-01-01",1,0.01,0.01,1,{"v":150,"d":"150.00"},{"v":10,"d":"10.00"},{"v":15,"d":"15.00"},{"v":149900,"d":"149,900.00"}]
["355","06区12架02层","环","06769721","特雷克斯3311E矿车","件",{"$nulls":4},"2010-01-01",1,{"v":21.6,"d":"21.60"},{"v":21.6,"d":"21.60"},1,20.92,{"v":10,"d":"10.00"},2.09,-90.32]
["356","06区12架02层","二档阀","06835406","特雷克斯3311E矿车","件",{"$nulls":4},"2011-12-01",4,388.93,1555.72,4,376.76,{"v":12,"d":"12.00"},180.84,-88.38]
["357","06区12架02层","油位指示管","06839183(06838649)","特雷克斯3311E矿车","件",{"$nulls":4},"2010-01-01",4,168.87,675.48,4,163.58,{"v":10,"d":"10.00"},65.43,-90.31]
["358","06区12架03层","卡簧","06777797","特雷克斯3311E矿车","件",{"$nulls":4},"2011-09-01",1,555.04,555.04,1,537.67,{"v":10,"d":"10.00"},53.77,-90.31]
["359","06区12架03层","压圈","06779653","特雷克斯3311E矿车","件",{"$nulls":4},"2012-04-01",4,291.58,1166.32,4,282.45,{"v":15,"d":"15.00"},169.47,-85.47]
["360","06区12架04层","张紧轮",3009483,"特雷克斯3311E矿车","件",{"$nulls":4},"2010-01-01",5,2333.62,{"v":11668.1,"d":"11668.10"},5,{"v":2260.58,"d":"2,260.58"},{"v":10,"d":"10.00"},{"v":1130.29,"d":"1,130.29"},-90.31]
["361","06区12架05层","卡簧","23011150(6769596)","特雷克斯3311E矿车","件",{"$nulls":4},"2010-01-01",1,471.05,471.05,1,456.31,{"v":10,"d":"10.00"},45.63,-90.31]
["362","06区13架01层","轴","008","特雷克斯3311E矿车","件",{"$nulls":4},"2009-01-01",10,0.01,{"v":0.1,"d":"0.10"},10,{"v":140,"d":"140.00"},{"v":10,"d":"10.00"},{"v":140,"d":"140.00"},{"v":139900,"d":"139,900.00"}]
["363","06区13架02层","微动调压阀","06779984","特雷克斯3311E矿车","件",{"$nulls":4},"2012-04-01",4,888.78,3555.12,4,860.96,{"v":15,"d":"15.00"},516.58,-85.47]
["364","06区13架02层","阀","06835544","特雷克斯3311E矿车","件",{"$nulls":4},"2010-01-01",7,594.95,4164.65,7,576.33,{"v":10,"d":"10.00"},403.43,-90.31]
["365","06区13架02层","阀芯","06770023","特雷克斯3311E矿车","件",{"$nulls":4},"2009-01-01",4,751.02,3004.08,4,727.51,{"v":10,"d":"10.00"},{"v":291,"d":"291.00"},-90.31]
["366","06区13架02层","微动调压阀","06779975","特雷克斯3311E矿车","件",{"$nulls":4},"2012-04-01",4,305.52,1222.08,4,295.96,{"v":15,"d":"15.00"},177.58,-85.47]
["367","06区13架02层","驱动轴",3045229,"特雷克斯3311E矿车","颗",{"$nulls":4},"2009-01-01",1,1890.52,1890.52,1,{"v":1831.35,"d":"1,831.35"},{"v":10,"d":"10.00"},183.14,-90.31]
["368","06区13架02层","一档阀体","06838903(06779851)","特雷克斯3311E矿车","件",{"$nulls":4},"2010-01-01",1,6086.39,6086.39,1,{"v":7200,"d":"7,200.00"},{"v":10,"d":"10.00"},{"v":720,"d":"720.00"},-88.17]
["369","06区13架03层","3-4/5-6档阀","06835542","特雷克斯3311E矿车","件",{"$nulls":4},"2009-01-01",5,609.67,3048.35,5,590.59,{"v":10,"d":"10.00"},{"v":295.3,"d":"295.30"},-90.31]
["370","06区13架03层","分动换档阀","06835543","特雷克斯3311E矿车","件",{"$nulls":4},"2011-12-01",6,{"v":393.2,"d":"393.20"},{"v":2359.2,"d":"2359.20"},6,380.89,{"v":12,"d":"12.00"},274.24,-88.38]
["371","06区13架03层","阀芯","06759958(06769805)","特雷克斯3311E矿车","件",{"$nulls":4},"2011-11-01",6,462.39,2774.34,6,447.92,{"v":11,"d":"11.00"},295.63,-89.34]
["372","06区13架03层","倒档阀","06779837","特雷克斯3311E矿车","件",{"$nulls":4},"2010-01-01",5,751.95,3759.75,5,728.41,{"v":10,"d":"10.00"},364.21,-90.31]
["373","06区13架03层","阀","06770075","特雷克斯3311E矿车","件",{"$nulls":4},"2009-01-01",3,{"v":150.2,"d":"150.20"},{"v":450.6,"d":"450.60"},3,{"v":145.5,"d":"145.50"},{"v":10,"d":"10.00"},43.65,-90.31]
["374","06区13架03层","叉卡","09241275","特雷克斯3311E矿车","件",{"$nulls":4},"2012-05-01",10,555.56,{"v":5555.6,"d":"5555.60"},10,538.17,{"v":16,"d":"16.00"},861.07,{"v":-84.5,"d":"-84.50"}]
["375","06区13架03层","阀","09051432","特雷克斯3311E矿车","件",{"$nulls":4},"2009-01-01",33,17.55,579.15,33,{"v":17,"d":"17.00"},{"v":10,"d":"10.00"},{"v":56.1,"d":"56.10"},-90.31]
["376","06区13架04层","调节器","01116405","特雷克斯3311E矿车","件",{"$nulls":4},"2009-01-01",20,478.48,{"v":9569.6,"d":"9569.60"},20,{"v":463.5,"d":"463.50"},{"v":10,"d":"10.00"},{"v":927,"d":"927.00"},-90.31]
["377","06区14架01层","毂","23017459（029511631）、（06833763）","特雷克斯3311E矿车","条",{"$nulls":4},"2010-01-01",6,16807.12,100842.72,6,{"v":15000,"d":"15,000.00"},{"v":10,"d":"10.00"},{"v":9000,"d":"9,000.00"},-91.08]
["378","06区14架02层","销子","06776268","特雷克斯3311E矿车","件",{"$nulls":4},"2011-09-01",6,561.46,3368.76,6,543.89,{"v":10,"d":"10.00"},326.33,-90.31]
["379","06区14架02层","雨刮连杆",15244746,"特雷克斯3311E矿车","件",{"$nulls":4},"2012-01-01",4,483.08,1932.32,4,467.96,{"v":13,"d":"13.00"},243.34,-87.41]
["380","06区14架02层","轴销",23016603,"特雷克斯3311E矿车","件",{"$nulls":4},"2011-12-01",9,1339.13,12052.17,9,{"v":1297.22,"d":"1,297.22"},{"v":12,"d":"12.00"},{"v":1401,"d":"1,401.00"},-88.38]
["381","06区14架02层","雨刮连杆",15244748,"特雷克斯3311E矿车","件",{"$nulls":4},"2012-01-01",1,500.85,500.85,1,485.17,{"v":13,"d":"13.00"},63.07,-87.41]
["382","06区14架03层","销","00455964","特雷克斯3311E矿车","件",{"$nulls":4},"2012-05-01",2,10.62,21.24,2,10.29,{"v":16,"d":"16.00"},3.29,-84.51]
["383","06区14架03层","油泵联轴节","06881547(06774695)","特雷克斯3311E矿车","件",{"$nulls":4},"2009-01-01",1,1226.52,1226.52,1,{"v":1188.13,"d":"1,188.13"},{"v":10,"d":"10.00"},118.81,-90.31]
["384","06区14架03层","隔离环","09036076","特雷克斯3311E矿车","件",{"$nulls":4},"2009-01-01",7,64.88,454.16,7,{"$nulls":3},{"v":-100,"d":"-100.00"}]
["385","06区14架03层","定位卡块","06838686(06758490)","特雷克斯3311E矿车","件",{"$nulls":4},"2011-02-01",4,72.55,{"v":290.2,"d":"290.20"},4,70.28,{"v":10,"d":"10.00"},28.11,-90.31]
["386","06区14架03层","双支点组件",15244731,"特雷克斯3311E矿车","件",{"$nulls":4},"2011-07-01",4,2095.39,8381.56,4,{"v":2029.8,"d":"2,029.80"},{"v":10,"d":"10.00"},811.92,-90.31]
["387","06区14架03层","保持架","09055968","特雷克斯3311E矿车","件",{"$nulls":4},"2009-01-01",3,57.77,173.31,3,55.96,{"v":10,"d":"10.00"},16.79,-90.31]
["388","06区14架03层","单支点组件",15244728,"特雷克斯3311E矿车","件",{"$nulls":4},"2011-07-01",5,{"v":2158.8,"d":"2158.80"},{"v":10794,"d":"10794.00"},5,{"v":2091.23,"d":"2,091.23"},{"v":10,"d":"10.00"},{"v":1045.62,"d":"1,045.62"},-90.31]
["389","06区14架04层","环","06776319","特雷克斯3311E矿车","件",{"$nulls":4},"2009-01-01",9,76.97,692.73,9,74.56,{"v":10,"d":"10.00"},{"v":67.1,"d":"67.10"},-90.31]
["390","06区15架01层","活塞","06837689(06833149)","特雷克斯3311E矿车","件",{"$nulls":4},"2009-01-01",5,5286.48,{"v":26432.4,"d":"26432.40"},5,{"v":5000,"d":"5,000.00"},{"v":10,"d":"10.00"},{"v":2500,"d":"2,500.00"},-90.54]
["391","06区15架02层","管接头","490519#","特雷克斯3311E矿车","件",{"$nulls":4},"2009-01-01",1,0.01,0.01,1,{"v":200,"d":"200.00"},{"v":10,"d":"10.00"},{"v":20,"d":"20.00"},{"v":199900,"d":"199,900.00"}]
["392","06区15架02层","管接头","00454096","特雷克斯3311E矿车","件",{"$nulls":4},"2009-01-01",2,31.45,{"v":62.9,"d":"62.90"},2,30.47,{"v":10,"d":"10.00"},6.09,-90.32]
["393","06区15架02层","90度弯头","100501#","特雷克斯3311E矿车","颗",{"$nulls":4},"2009-01-01",1,0.01,0.01,1,{"v":552.4,"d":"552.40"},{"v":10,"d":"10.00"},55.24,{"v":552300,"d":"552,300.00"}]
["394","06区15架02层","指示器",15235949,"特雷克斯3311E矿车","件",{"$nulls":4},"2009-01-01",32,52.66,1685.12,32,51.01,{"v":10,"d":"10.00"},163.23,-90.31]
["395","06区15架02层","弯头","00127887","特雷克斯3311E矿车","件",{"$nulls":4},"2009-01-01",6,42.75,{"v":256.5,"d":"256.50"},6,41.41,{"v":10,"d":"10.00"},24.85,-90.31]
["396","06区15架02层","弯接头(90°)","09396397","特雷克斯3311E矿车","件",{"$nulls":4},"2010-01-01",3,{"v":63.1,"d":"63.10"},{"v":189.3,"d":"189.30"},3,61.12,{"v":10,"d":"10.00"},18.34,-90.31]
["397","06区15架02层","三通","09183250#","特雷克斯3311E矿车","件",{"$nulls":4},"2009-01-01",1,0.01,0.01,1,{"v":145.8,"d":"145.80"},{"v":10,"d":"10.00"},14.58,{"v":145700,"d":"145,700.00"}]
["398","06区15架02层","管接头","08808112#","特雷克斯3311E矿车","件",{"$nulls":4},"2009-01-01",1,0.01,0.01,1,{"v":200,"d":"200.00"},{"v":10,"d":"10.00"},{"v":20,"d":"20.00"},{"v":199900,"d":"199,900.00"}]
["399","06区15架02层","管接头","490810#","特雷克斯3311E矿车","件",{"$nulls":4},"2009-01-01",1,0.01,0.01,1,{"v":200,"d":"200.00"},{"v":10,"d":"10.00"},{"v":20,"d":"20.00"},{"v":199900,"d":"199,900.00"}]
["400","06区15架02层","接头",23046474,"特雷克斯3311E矿车","颗",{"$nulls":4},"2009-01-01",8,1690.55,{"v":13524.4,"d":"13524.40"},8,{"v":1637.64,"d":"1,637.64"},{"v":10,"d":"10.00"},{"v":1310.11,"d":"1,310.11"},-90.31]
["401","06区15架03层","连杆",15245624,"特雷克斯3311E矿车","件",{"$nulls":4},"2011-07-01",4,317.61,1270.44,4,307.67,{"v":10,"d":"10.00"},123.07,-90.31]
["402","06区15架03层","仪表灯",15233404,"特雷克斯3311E矿车","件",{"$nulls":4},"2011-12-01",200,{"v":10,"d":"10.00"},{"v":2000,"d":"2000.00"},200,9.69,{"v":10,"d":"10.00"},{"v":193.8,"d":"193.80"},-90.31]
["403","06区15架03层","键","06768478","特雷克斯3311E矿车","件",{"$nulls":4},"2009-01-01",1,102.56,102.56,1,99.35,{"v":10,"d":"10.00"},9.94,-90.31]
["404","06区15架03层","调整垫","06768264","特雷克斯3311E矿车","条",{"$nulls":4},"2011-11-01",14,9.78,136.92,14,9.47,{"v":11,"d":"11.00"},14.58,-89.35]
["405","06区15架03层","锁片","06776188","特雷克斯3311E矿车","件",{"$nulls":4},"2009-01-01",25,{"v":2.7,"d":"2.70"},{"v":67.5,"d":"67.50"},25,2.62,{"v":10,"d":"10.00"},6.55,{"v":-90.3,"d":"-90.30"}]
["406","06区15架03层","键","06771690","特雷克斯3311E矿车","颗",{"$nulls":4},"2009-01-01",6,99.54,597.24,6,96.42,{"v":10,"d":"10.00"},57.85,-90.31]
["407","06区15架03层","键","06776261","特雷克斯3311E矿车","件",{"$nulls":4},"2010-01-01",4,127.61,510.44,4,123.62,{"v":10,"d":"10.00"},49.45,-90.31]
["408","06区15架03层","锁片","06755269","特雷克斯3311E矿车","件",{"$nulls":4},"2010-01-01",9,5.24,47.16,9,5.08,{"v":10,"d":"10.00"},4.57,-90.31]
["409","06区15架03层","调整垫片","09019828","特雷克斯3311E矿车","颗",{"$nulls":4},"2009-01-01",43,122.31,5259.33,43,118.48,{"v":10,"d":"10.00"},509.46,-90.31]
["410","06区15架03层","键","06838274","特雷克斯3311E矿车","件",{"$nulls":4},"2009-01-01",6,11.56,69.36,6,{"v":11.2,"d":"11.20"},{"v":10,"d":"10.00"},6.72,-90.31]
["411","06区15架04层","密封垫圈","06880860（06835401）、（06771692）","特雷克斯3311E矿车","件",{"$nulls":4},"2011-05-01",2,43.59,87.18,2,{"v":42,"d":"42.00"},{"v":10,"d":"10.00"},{"v":8.4,"d":"8.40"},-90.36]
["412","06区15架05层","密封垫","06838821","特雷克斯3311E矿车","条",{"$nulls":4},"2009-01-01",6,51.36,308.16,6,{"v":50,"d":"50.00"},{"v":10,"d":"10.00"},{"v":30,"d":"30.00"},-90.26]
["413","06区15架05层","密封","06777991","特雷克斯3311E矿车","件",{"$nulls":4},"2009-01-01",1,44.56,44.56,1,{"v":31,"d":"31.00"},{"v":10,"d":"10.00"},{"v":3.1,"d":"3.10"},-93.04]
["414","06区16架03层","架","09186377","特雷克斯3311E矿车","根",{"$nulls":4},"2010-01-01",6,51.31,307.86,6,{"v":49.7,"d":"49.70"},{"v":10,"d":"10.00"},29.82,-90.31]
["415","06区16架03层","管夹","09199573","特雷克斯3311E矿车","件",{"$nulls":4},"2009-01-01",4,191.43,765.72,4,185.44,{"v":10,"d":"10.00"},74.18,-90.31]
["416","06区16架05层","密封环","09070449","特雷克斯3311E矿车","件",{"$nulls":4},"2010-01-01",34,985.38,33502.92,34,{"v":955,"d":"955.00"},{"v":10,"d":"10.00"},{"v":3247,"d":"3,247.00"},-90.31]
["417","06区17架02层","泵轴",3626952,"特雷克斯3311E矿车","件",{"$nulls":4},"2010-01-01",8,522.61,4180.88,8,506.25,{"v":10,"d":"10.00"},{"v":405,"d":"405.00"},-90.31]
["418","06区17架03层","管夹",15232081,"特雷克斯3311E矿车","根",{"$nulls":4},"2010-01-01",1,33.77,33.77,1,32.71,{"v":10,"d":"10.00"},3.27,-90.32]
["419","06区17架04层","管夹",15232275,"特雷克斯3311E矿车","件",{"$nulls":4},"2012-03-01",2,75.97,151.94,2,73.59,{"v":14,"d":"14.00"},20.61,-86.44]
["420","06区17架04层","管夹",15232274,"特雷克斯3311E矿车","件",{"$nulls":4},"2010-01-01",14,{"v":62.3,"d":"62.30"},{"v":872.2,"d":"872.20"},14,60.35,{"v":10,"d":"10.00"},84.49,-90.31]
["421","06区17架04层","管夹","09214526","特雷克斯3311E矿车","颗",{"$nulls":4},"2012-09-01",7,102.56,717.92,7,99.35,{"v":19,"d":"19.00"},132.14,-81.59]
["422","06区17架04层","卡箍","09210714","特雷克斯3311E矿车","件",{"$nulls":4},"2012-08-01",12,80.13,961.56,12,77.62,{"v":19,"d":"19.00"},176.97,{"v":-81.6,"d":"-81.60"}]
["423","06区17架05层","软管",15260309,"特雷克斯3311E矿车","件",{"$nulls":4},"2009-01-01",30,{"v":188.4,"d":"188.40"},{"v":5652,"d":"5652.00"},30,{"$nulls":3},{"v":-100,"d":"-100.00"}]
["424","06区18架01层","销","09384855","特雷克斯3311E矿车","件",{"$nulls":4},"2009-01-01",10,415.89,{"v":4158.9,"d":"4158.90"},10,402.87,{"v":10,"d":"10.00"},402.87,-90.31]
["425","06区18架02层","控制单元",15247859,"特雷克斯3311E矿车","件",{"$nulls":4},"2008-01-01",2,1482.49,2964.98,2,{"v":1436.09,"d":"1,436.09"},{"v":10,"d":"10.00"},287.22,-90.31]
["426","06区18架02层","垫片组件","00926259#","特雷克斯3311E矿车","件",{"$nulls":4},"2009-01-01",1,0.01,0.01,1,{"v":300,"d":"300.00"},{"v":10,"d":"10.00"},{"v":30,"d":"30.00"},{"v":299900,"d":"299,900.00"}]
["427","06区18架02层","卡盘",15232706,"特雷克斯3311E矿车","颗",{"$nulls":4},"2009-01-01",2,482.06,964.12,2,466.97,{"v":10,"d":"10.00"},93.39,-90.31]
["428","06区18架02层","固定轴",3009475,"特雷克斯3311E矿车","件",{"$nulls":4},"2008-01-01",3,487.61,1462.83,3,472.35,{"v":10,"d":"10.00"},141.71,-90.31]
["429","06区18架02层","卡盘",15265078,"特雷克斯3311E矿车","颗",{"$nulls":4},"2009-01-01",2,{"v":285.9,"d":"285.90"},{"v":571.8,"d":"571.80"},2,276.95,{"v":10,"d":"10.00"},55.39,-90.31]
["430","06区18架03层","导轮滚子","06776170","特雷克斯3311E矿车","件",{"$nulls":4},"2011-11-01",10,83.32,{"v":833.2,"d":"833.20"},10,80.71,{"v":11,"d":"11.00"},88.78,-89.34]
["431","06区18架03层","垫 板","06776232","特雷克斯3311E矿车","件",{"$nulls":4},"2011-09-01",5,282.42,{"v":1412.1,"d":"1412.10"},5,273.58,{"v":10,"d":"10.00"},136.79,-90.31]
["432","06区18架03层","线束",23045793,"特雷克斯3311E矿车","件",{"$nulls":4},"2011-12-01",4,1082.71,4330.84,4,{"v":1048.82,"d":"1,048.82"},{"v":12,"d":"12.00"},503.43,-88.38]
["433","06区18架04层","缓冲块总成","09012478","特雷克斯3311E矿车","件",{"$nulls":4},"2011-06-01",3,515.79,1547.37,3,499.65,{"v":10,"d":"10.00"},{"v":149.9,"d":"149.90"},-90.31]
["434","06区18排03层","软管",3176576,"特雷克斯3311E矿车","件",{"$nulls":4},"2015-05-01",2,{"v":790.6,"d":"790.60"},{"v":1581.2,"d":"1581.20"},2,{"$nulls":3},{"v":-100,"d":"-100.00"}]
["435","06区19架01层","底板","06777889","特雷克斯3311E矿车","件",{"$nulls":4},"2011-09-01",1,{"v":9042.3,"d":"9042.30"},{"v":9042.3,"d":"9042.30"},1,{"v":6800,"d":"6,800.00"},{"v":10,"d":"10.00"},{"v":680,"d":"680.00"},-92.48]
["436","06区19架01层","锥销","09261064","特雷克斯3311E矿车","件",{"$nulls":4},"2010-01-01",4,1506.61,6026.44,4,{"v":1459.45,"d":"1,459.45"},{"v":10,"d":"10.00"},583.78,-90.31]
["437","06区19架02层","喷油嘴油杯","3001314（206572）、（3006546）","特雷克斯3311E矿车","件",{"$nulls":4},"2008-01-01",144,203.53,29308.32,144,197.16,{"v":10,"d":"10.00"},{"v":2839.1,"d":"2,839.10"},-90.31]
["438","06区19架02层","导轮转子","06776176","特雷克斯3311E矿车","件",{"$nulls":4},"2011-11-01",1,4462.37,4462.37,1,{"v":4322.7,"d":"4,322.70"},{"v":11,"d":"11.00"},{"v":475.5,"d":"475.50"},-89.34]
["439","06区19架03层","油封","3200287（124239）、（181236）","特雷克斯3311E矿车","件",{"$nulls":4},"2009-01-01",5,50.01,250.05,5,48.44,{"v":10,"d":"10.00"},24.22,-90.31]
["440","06区19架03层","传动箱后密封圈",23018538,"特雷克斯3311E矿车","件",{"$nulls":4},"2011-07-01",13,247.25,3214.25,13,{"v":240,"d":"240.00"},{"v":10,"d":"10.00"},{"v":312,"d":"312.00"},-90.29]
["441","06区19架03层","马达油封","001329-122","特雷克斯3311E矿车","件",{"$nulls":4},"2010-01-01",1,399.95,399.95,1,387.43,{"v":10,"d":"10.00"},38.74,-90.31]
["442","06区19架03层","防尘油封","09256601","特雷克斯3311E矿车","件",{"$nulls":4},"2008-01-01",1,{"v":64.7,"d":"64.70"},{"v":64.7,"d":"64.70"},1,62.67,{"v":10,"d":"10.00"},6.27,-90.31]
["443","06区19架03层","密封","09052696","特雷克斯3311E矿车","件",{"$nulls":4},"2008-01-01",8,229.56,1836.48,8,{"v":222,"d":"222.00"},{"v":10,"d":"10.00"},{"v":177.6,"d":"177.60"},-90.33]
["444","06区19架05层","环","06776627","特雷克斯3311E矿车","件",{"$nulls":4},"2011-09-01",2,2071.38,4142.76,2,{"v":2006.55,"d":"2,006.55"},{"v":10,"d":"10.00"},401.31,-90.31]
["445","06区20架01层","支架","09058891","特雷克斯3311E矿车","件",{"$nulls":4},"2008-01-01",1,675.48,675.48,1,654.34,{"v":10,"d":"10.00"},65.43,-90.31]
["446","06区20架01层","轴承调节器","09245234","特雷克斯3311E矿车","件",{"$nulls":4},"2008-01-01",3,{"v":7126.4,"d":"7126.40"},{"v":21379.2,"d":"21379.20"},3,{"v":6903.34,"d":"6,903.34"},{"v":10,"d":"10.00"},{"v":2071,"d":"2,071.00"},-90.31]
["447","06区20架02层","挡圈","09062643","特雷克斯3311E矿车","条",{"$nulls":4},"2008-01-01",14,250.98,3513.72,14,243.12,{"v":10,"d":"10.00"},340.37,-90.31]
["448","06区20架02层","导销","23016635（06779146）、（06833357）","特雷克斯3311E矿车","件",{"$nulls":4},"2010-01-01",5,84.43,422.15,5,81.79,{"v":10,"d":"10.00"},{"v":40.9,"d":"40.90"},-90.31]
["449","06区20架02层","毂","06777685","特雷克斯3311E矿车","件",{"$nulls":4},"2008-01-01",1,619.96,619.96,1,600.56,{"v":10,"d":"10.00"},60.06,-90.31]
["450","06区20架03层","弹簧帽","06776172","特雷克斯3311E矿车","件",{"$nulls":4},"2008-01-01",38,32.73,1243.74,38,31.71,{"v":10,"d":"10.00"},{"v":120.5,"d":"120.50"},-90.31]
["451","06区20架03层","球形螺钉","1302061(15266606)","特雷克斯3311E矿车","件",{"$nulls":4},"2008-01-01",4,263.31,1053.24,4,255.07,{"v":10,"d":"10.00"},102.03,-90.31]
["452","06区20架03层","衬管","02222424","特雷克斯3311E矿车","件",{"$nulls":4},"2008-01-01",4,8.11,32.44,4,7.86,{"v":10,"d":"10.00"},3.14,-90.32]
["453","06区20架04层","修理组件","3800192#","特雷克斯3311E矿车","件",{"$nulls":4},"2008-01-01",1,0.01,0.01,1,{"v":350,"d":"350.00"},{"v":10,"d":"10.00"},{"v":35,"d":"35.00"},{"v":349900,"d":"349,900.00"}]
["454","06区20架04层","真空阀","09032514","特雷克斯3311E矿车","颗",{"$nulls":4},"2008-01-01",26,24.31,632.06,26,23.55,{"v":10,"d":"10.00"},61.23,-90.31]
["455","06区20排02层","油泵隔板","06832423","特雷克斯3311E矿车","件",{"$nulls":4},"2012-04-01",2,2062.37,4124.74,2,{"v":1997.82,"d":"1,997.82"},{"v":15,"d":"15.00"},599.35,-85.47]
["456","06区21架01层","线束",15247688,"特雷克斯3311E矿车","件",{"$nulls":4},"2012-10-01",5,2262.39,11311.95,5,{"v":2191.58,"d":"2,191.58"},{"v":20,"d":"20.00"},{"v":2191.58,"d":"2,191.58"},-80.63]
["457","06区21架02层","软管",15260308,"特雷克斯3311E矿车","件",{"$nulls":4},"2010-01-01",7,{"v":456.5,"d":"456.50"},{"v":3195.5,"d":"3195.50"},7,{"$nulls":3},{"v":-100,"d":"-100.00"}]
["458","06区21架02层","车架线束",15247177,"特雷克斯3311E矿车","条",{"$nulls":4},"2012-09-01",2,12321.37,24642.74,2,{"v":13000,"d":"13,000.00"},{"v":19,"d":"19.00"},{"v":4940,"d":"4,940.00"},-79.95]
["459","06区21架03层","销",15000838,"特雷克斯3311E矿车","件",{"$nulls":4},"2008-01-01",4,563.07,2252.28,4,545.45,{"v":10,"d":"10.00"},218.18,-90.31]
["460","06区21架03层","衬套","09011828","特雷克斯3311E矿车","件",{"$nulls":4},"2010-01-01",4,641.39,2565.56,4,{"v":850,"d":"850.00"},{"v":10,"d":"10.00"},{"v":340,"d":"340.00"},-86.75]
["461","06区21架04层","软管","00067369","特雷克斯3311E矿车","件",{"$nulls":4},"2010-01-01",22,7.48,164.56,22,{"$nulls":3},{"v":-100,"d":"-100.00"}]
["462","06区21架04层","测试工具","006","特雷克斯3311E矿车","件",{"$nulls":4},"2008-01-01",1,0.01,0.01,1,{"v":150,"d":"150.00"},{"v":10,"d":"10.00"},{"v":15,"d":"15.00"},{"v":149900,"d":"149,900.00"}]
["463","06区21架05层","齿轮组","09054807","特雷克斯3311E矿车","条",{"$nulls":4},"2010-01-01",1,6964.95,6964.95,1,{"v":7800,"d":"7,800.00"},{"v":10,"d":"10.00"},{"v":780,"d":"780.00"},{"v":-88.8,"d":"-88.80"}]
["464","06区21架05层","密封垫片","06832816#","特雷克斯3311E矿车","件",{"$nulls":4},"2010-01-01",10,0.01,{"v":0.1,"d":"0.10"},10,{"v":150,"d":"150.00"},{"v":10,"d":"10.00"},{"v":150,"d":"150.00"},{"v":149900,"d":"149,900.00"}]
["465","06区22架01层","活塞","09069475","特雷克斯3311E矿车","件",{"$nulls":4},"2008-01-01",4,1743.23,6972.92,4,{"v":1688.67,"d":"1,688.67"},{"v":10,"d":"10.00"},675.47,-90.31]
["466","06区22架02层","线束",15237092,"特雷克斯3311E矿车","件",{"$nulls":4},"2008-01-01",5,328.21,1641.05,5,317.94,{"v":10,"d":"10.00"},158.97,-90.31]
["467","06区22架02层","轴","09036072","特雷克斯3311E矿车","件",{"$nulls":4},"2012-10-01",4,3188.07,12752.28,4,{"v":3088.28,"d":"3,088.28"},{"v":20,"d":"20.00"},{"v":2470.62,"d":"2,470.62"},-80.63]
["468","06区22架02层","传感器",15248754,"特雷克斯3311E矿车","件",{"$nulls":4},"2008-01-01",2,2133.08,4266.16,2,{"v":2066.31,"d":"2,066.31"},{"v":10,"d":"10.00"},413.26,-90.31]
["469","06区22架02层","马达","09396135","特雷克斯3311E矿车","件",{"$nulls":4},"2008-01-01",3,{"v":182.2,"d":"182.20"},{"v":546.6,"d":"546.60"},3,{"v":176.5,"d":"176.50"},{"v":10,"d":"10.00"},52.95,-90.31]
["470","06区22架03层","挂杆","09394589","特雷克斯3311E矿车","件",{"$nulls":4},"2011-12-01",2,182.91,365.82,2,177.18,{"v":12,"d":"12.00"},42.52,-88.38]
["471","06区22架03层","红指示灯","09370172","特雷克斯3311E矿车","件",{"$nulls":4},"2010-01-01",1,76.44,76.44,1,74.05,{"v":10,"d":"10.00"},7.41,-90.31]
["472","06区22架03层","黄指示灯","09370173","特雷克斯3311E矿车","件",{"$nulls":4},"2008-01-01",3,9.45,28.35,3,9.15,{"v":10,"d":"10.00"},2.75,{"v":-90.3,"d":"-90.30"}]
["473","06区22架03层","气门冒","09116292","特雷克斯3311E矿车","件",{"$nulls":4},"2010-01-01",40,18.66,{"v":746.4,"d":"746.40"},40,18.08,{"v":10,"d":"10.00"},72.32,-90.31]
["474","06区22架03层","蓝指示灯","09370176","特雷克斯3311E矿车","颗",{"$nulls":4},"2008-01-01",3,76.44,229.32,3,74.05,{"v":10,"d":"10.00"},22.22,-90.31]
["475","06区22架03层","压力开关","00693772","特雷克斯3311E矿车","件",{"$nulls":4},"2010-01-01",7,113.78,796.46,7,{"$nulls":3},{"v":-100,"d":"-100.00"}]
["476","06区22架03层","按钮开关","09371138","特雷克斯3311E矿车","件",{"$nulls":4},"2008-01-01",1,32.79,32.79,1,{"$nulls":3},{"v":-100,"d":"-100.00"}]
["477","06区22架03层","断路器","09130261","特雷克斯3311E矿车","件",{"$nulls":4},"2008-01-01",1,74.27,74.27,1,71.95,{"v":10,"d":"10.00"},{"v":7.2,"d":"7.20"},-90.31]
["478","06区22架04层","雨刮电机",15244734,"特雷克斯3311E矿车","根",{"$nulls":4},"2010-01-01",11,{"v":665.7,"d":"665.70"},{"v":7322.7,"d":"7322.70"},11,644.86,{"v":10,"d":"10.00"},709.35,-90.31]
["479","06区22架05层","隔套","29537419(6758422)","特雷克斯3311E矿车","件",{"$nulls":4},"2012-04-01",3,2639.59,7918.77,3,{"v":2556.97,"d":"2,556.97"},{"v":15,"d":"15.00"},{"v":1150.64,"d":"1,150.64"},-85.47]
["480","06区22架05层","转毂","06776629","特雷克斯3311E矿车","件",{"$nulls":4},"2011-09-01",2,9943.98,19887.96,2,{"v":10000,"d":"10,000.00"},{"v":10,"d":"10.00"},{"v":2000,"d":"2,000.00"},-89.94]
["481","06区23架01层","固定座圈","06836024(06777701)","特雷克斯3311E矿车","件",{"$nulls":4},"2010-01-01",6,16417.09,98502.54,6,{"v":15903.24,"d":"15,903.24"},{"v":10,"d":"10.00"},{"v":9541.94,"d":"9,541.94"},-90.31]
["482","06区23架02层","压板","23016715（06882809）、（06768514）","特雷克斯3311E矿车","件",{"$nulls":4},"2010-01-01",36,73.18,2634.48,36,70.89,{"v":10,"d":"10.00"},{"v":255.2,"d":"255.20"},-90.31]
["483","06区23架02层","护圈","09383747","特雷克斯3311E矿车","件",{"$nulls":4},"2011-07-01",1,393.16,393.16,1,380.85,{"v":10,"d":"10.00"},38.09,-90.31]
["484","06区23架02层","护圈","09383748","特雷克斯3311E矿车","件",{"$nulls":4},"2011-07-01",1,{"v":418.8,"d":"418.80"},{"v":418.8,"d":"418.80"},1,405.69,{"v":10,"d":"10.00"},40.57,-90.31]
["485","06区23架03层","转速表","09381491","特雷克斯3311E矿车","件",{"$nulls":4},"2010-01-01",7,1030.99,7216.93,7,998.72,{"v":10,"d":"10.00"},{"v":699.1,"d":"699.10"},-90.31]
["486","06区23架03层","发动机炭刷头","01876873","特雷克斯3311E矿车","件",{"$nulls":4},"2008-01-01",10,177.58,{"v":1775.8,"d":"1775.80"},10,172.02,{"v":10,"d":"10.00"},172.02,-90.31]
["487","06区23架04层","调隙片",15007646,"特雷克斯3311E矿车","件",{"$nulls":4},"2011-12-01",19,85.47,1623.93,19,82.79,{"v":12,"d":"12.00"},188.76,-88.38]
["488","06区23架04层","调整垫片",15007649,"特雷克斯3311E矿车","件",{"$nulls":4},"2012-01-01",70,51.28,{"v":3589.6,"d":"3589.60"},70,49.67,{"v":13,"d":"13.00"},{"v":452,"d":"452.00"},-87.41]
["489","06区24架01层","盘体","06833161","特雷克斯3311E矿车","件",{"$nulls":4},"2010-01-01",1,{"v":2061.9,"d":"2061.90"},{"v":2061.9,"d":"2061.90"},1,{"v":1997.36,"d":"1,997.36"},{"v":10,"d":"10.00"},199.74,-90.31]
["490","06区24架01层","线束",15246794,"特雷克斯3311E矿车","件",{"$nulls":4},"2012-10-01",5,4032.48,{"v":20162.4,"d":"20162.40"},5,{"v":3906.26,"d":"3,906.26"},{"v":20,"d":"20.00"},{"v":3906.26,"d":"3,906.26"},-80.63]
["491","06区24架02层","金属环",15007620,"特雷克斯3311E矿车","根",{"$nulls":4},"2008-01-01",2,{"v":649.7,"d":"649.70"},{"v":1299.4,"d":"1299.40"},2,629.36,{"v":10,"d":"10.00"},125.87,-90.31]
["492","06区24架02层","线束",15247141,"特雷克斯3311E矿车","件",{"$nulls":4},"2012-08-01",5,505.98,{"v":2529.9,"d":"2529.90"},5,490.14,{"v":19,"d":"19.00"},465.63,-81.59]
["493","06区24架02层","十字轴","09272345","特雷克斯3311E矿车","件",{"$nulls":4},"2008-01-01",1,3035.19,3035.19,1,{"v":2670,"d":"2,670.00"},{"v":10,"d":"10.00"},{"v":267,"d":"267.00"},{"v":-91.2,"d":"-91.20"}]
["494","06区24架03层","阀芯","06882222(06834117)","特雷克斯3311E矿车","颗",{"$nulls":4},"2011-12-01",9,159.73,1437.57,9,154.73,{"v":12,"d":"12.00"},167.11,-88.38]
["495","06区24架04层","导油毂",23014166,"特雷克斯3311E矿车","件",{"$nulls":4},"2011-12-01",5,5706.97,28534.85,5,{"v":5528.34,"d":"5,528.34"},{"v":12,"d":"12.00"},{"v":3317,"d":"3,317.00"},-88.38]
["496","06区24架04层","轴承","23047999(907703)","特雷克斯3311E矿车","件",{"$nulls":4},"2008-01-01",8,711.03,5688.24,8,688.77,{"v":10,"d":"10.00"},551.02,-90.31]
["497","06区24排03层","充气接头","J-6714-3","特雷克斯3311E矿车","件",{"$nulls":4},"2014-03-01",1,307.69,307.69,1,298.06,{"v":34,"d":"34.00"},101.34,-67.06]
["498","06区24排03层","举升安全阀",15014952,"特雷克斯3311E矿车","颗",{"$nulls":4},"2015-01-01",1,{"v":6128.2,"d":"6128.20"},{"v":6128.2,"d":"6128.20"},1,{"v":3600,"d":"3,600.00"},{"v":43,"d":"43.00"},{"v":1548,"d":"1,548.00"},-74.74]
["499","06区25架01层","线束",15236548,"特雷克斯3311E矿车","件",{"$nulls":4},"2012-07-01",5,252.14,{"v":1260.7,"d":"1260.70"},5,244.25,{"v":18,"d":"18.00"},219.83,-82.56]
["500","06区25架01层","线束",15236145,"特雷克斯3311E矿车","件",{"$nulls":4},"2012-07-01",3,605.13,1815.39,3,586.19,{"v":18,"d":"18.00"},316.54,-82.56]
["501","06区25架01层","线束",15236546,"特雷克斯3311E矿车","件",{"$nulls":4},"2012-07-01",1,762.39,762.39,1,738.53,{"v":18,"d":"18.00"},132.94,-82.56]
["502","06区25架01层","线束",15231205,"特雷克斯3311E矿车","件",{"$nulls":4},"2012-07-01",1,494.01,494.01,1,478.55,{"v":18,"d":"18.00"},86.14,-82.56]
["503","06区25架01层","线束","09079465","特雷克斯3311E矿车","件",{"$nulls":4},"2012-07-01",5,305.98,{"v":1529.9,"d":"1529.90"},5,{"v":296.4,"d":"296.40"},{"v":18,"d":"18.00"},266.76,-82.56]
["504","06区25架01层","线束",15227323,"特雷克斯3311E矿车","件",{"$nulls":4},"2012-07-01",5,689.74,{"v":3448.7,"d":"3448.70"},5,668.15,{"v":18,"d":"18.00"},601.34,-82.56]
["505","06区25架01层","线束",15247146,"特雷克斯3311E矿车","根",{"$nulls":4},"2012-07-01",2,478.63,957.26,2,463.65,{"v":18,"d":"18.00"},166.91,-82.56]
["506","06区25架02层","线束",15236557,"特雷克斯3311E矿车","根",{"$nulls":4},"2012-07-01",5,62.39,311.95,5,60.44,{"v":18,"d":"18.00"},{"v":54.4,"d":"54.40"},-82.56]
["507","06区25架02层","线束","09384437","特雷克斯3311E矿车","件",{"$nulls":4},"2012-07-01",4,563.25,{"v":2253,"d":"2253.00"},4,545.62,{"v":18,"d":"18.00"},392.85,-82.56]
["508","06区25架02层","线束",15236553,"特雷克斯3311E矿车","件",{"$nulls":4},"2012-07-01",5,367.52,{"v":1837.6,"d":"1837.60"},5,356.02,{"v":18,"d":"18.00"},320.42,-82.56]
["509","06区25架02层","线束",15236556,"特雷克斯3311E矿车","件",{"$nulls":4},"2012-07-01",5,50.43,252.15,5,48.85,{"v":18,"d":"18.00"},43.97,-82.56]
["510","06区25架02层","线束板","09011902","特雷克斯3311E矿车","件",{"$nulls":4},"2012-07-01",5,37.61,188.05,5,36.43,{"v":18,"d":"18.00"},32.79,-82.56]
["511","06区25架02层","线束","09384487","特雷克斯3311E矿车","件",{"$nulls":4},"2012-07-01",3,112.82,338.46,3,109.29,{"v":18,"d":"18.00"},59.02,-82.56]
["512","06区25架02层","继电器插座",15247682,"特雷克斯3311E矿车","件",{"$nulls":4},"2012-07-01",5,367.52,{"v":1837.6,"d":"1837.60"},5,356.02,{"v":18,"d":"18.00"},320.42,-82.56]
["513","06区25架02层","线束",15244865,"特雷克斯3311E矿车","件",{"$nulls":4},"2012-07-01",5,2288.89,11444.45,5,{"v":2217.25,"d":"2,217.25"},{"v":18,"d":"18.00"},{"v":1995.53,"d":"1,995.53"},-82.56]
["514","06区25架03层","螺母","00103026","特雷克斯3311E矿车","件",{"$nulls":4},"2010-01-01",25,2.84,{"v":71,"d":"71.00"},25,2.75,{"v":10,"d":"10.00"},6.88,-90.31]
["515","06区25架03层","开口环","08892840","特雷克斯3311E矿车","件",{"$nulls":4},"2008-01-01",8,2.67,21.36,8,2.59,{"v":10,"d":"10.00"},2.07,-90.31]
["516","06区25架03层","六角螺栓",3525073,"特雷克斯3311E矿车","件",{"$nulls":4},"2008-01-01",100,16.64,{"v":1664,"d":"1664.00"},100,16.12,{"v":10,"d":"10.00"},{"v":161.2,"d":"161.20"},-90.31]
["517","06区25架03层","轴承","BRG/6768#","特雷克斯3311E矿车","根",{"$nulls":4},"2008-01-01",1,0.01,0.01,1,{"v":100,"d":"100.00"},{"v":10,"d":"10.00"},{"v":10,"d":"10.00"},{"v":99900,"d":"99,900.00"}]
["518","06区25架03层","开关","09379852","特雷克斯3311E矿车","件",{"$nulls":4},"2008-01-01",12,905.56,10866.72,12,{"$nulls":3},{"v":-100,"d":"-100.00"}]
["519","06区25架03层","垫片","09012026","特雷克斯3311E矿车","件",{"$nulls":4},"2008-01-01",15,25.13,376.95,15,24.34,{"v":10,"d":"10.00"},36.51,-90.31]
["520","06区25架03层","机油压力表",15234337,"特雷克斯3311E矿车","件",{"$nulls":4},"2008-01-01",1,567.52,567.52,1,549.76,{"v":10,"d":"10.00"},54.98,-90.31]
["521","06区25架03层","平垫圈",3504967,"特雷克斯3311E矿车","件",{"$nulls":4},"2008-01-01",100,1.44,{"v":144,"d":"144.00"},100,1.39,{"v":10,"d":"10.00"},{"v":13.9,"d":"13.90"},-90.35]
["522","06区25架03层","垫片","06777974","特雷克斯3311E矿车","件",{"$nulls":4},"2008-01-01",10,159.24,{"v":1592.4,"d":"1592.40"},10,154.26,{"v":10,"d":"10.00"},154.26,-90.31]
["523","06区25架04层","环","09055408","特雷克斯3311E矿车","件",{"$nulls":4},"2008-01-01",10,117.48,{"v":1174.8,"d":"1174.80"},10,{"v":113.8,"d":"113.80"},{"v":10,"d":"10.00"},{"v":113.8,"d":"113.80"},-90.31]
["524","06区25架04层","液位表","15230178#","特雷克斯3311E矿车","件",{"$nulls":4},"2010-01-01",1,120.51,120.51,1,116.74,{"v":10,"d":"10.00"},11.67,-90.32]
["525","06区25架04层","垫圈","09019631","特雷克斯3311E矿车","颗",{"$nulls":4},"2010-01-01",142,12.47,1770.74,142,12.08,{"v":10,"d":"10.00"},171.54,-90.31]
["526","06区26架01层","转毂","06777814","特雷克斯3311E矿车","条",{"$nulls":4},"2011-04-01",1,8967.84,8967.84,1,{"v":10000,"d":"10,000.00"},{"v":10,"d":"10.00"},{"v":1000,"d":"1,000.00"},-88.85]
["527","06区26架02层","轴承","00907559","特雷克斯3311E矿车","件",{"$nulls":4},"2010-01-01",1,36.45,36.45,1,35.31,{"v":10,"d":"10.00"},3.53,-90.32]
["528","06区26架02层","衬套","09261066","特雷克斯3311E矿车","件",{"$nulls":4},"2010-01-01",2,86.42,172.84,2,{"v":120,"d":"120.00"},{"v":10,"d":"10.00"},{"v":24,"d":"24.00"},-86.11]
["529","06区26架02层","轴承","00907561","特雷克斯3311E矿车","件",{"$nulls":4},"2008-01-01",3,95.87,287.61,3,92.87,{"v":10,"d":"10.00"},27.86,-90.31]
["530","06区26架02层","轴承","00907940","特雷克斯3311E矿车","件",{"$nulls":4},"2008-01-01",5,177.58,{"v":887.9,"d":"887.90"},5,172.02,{"v":10,"d":"10.00"},86.01,-90.31]
["531","06区26架03层","轴承","09167506","特雷克斯3311E矿车","件",{"$nulls":4},"2010-01-01",4,2326.57,9306.28,4,{"v":2253.75,"d":"2,253.75"},{"v":10,"d":"10.00"},{"v":901.5,"d":"901.50"},-90.31]
["532","06区26架03层","球轴承","S16054","特雷克斯3311E矿车","件",{"$nulls":4},"2010-01-01",22,87.77,1930.94,22,85.02,{"v":10,"d":"10.00"},187.04,-90.31]
["533","06区26架03层","轴承","06830333","特雷克斯3311E矿车","颗",{"$nulls":4},"2011-04-01",1,{"v":420.6,"d":"420.60"},{"v":420.6,"d":"420.60"},1,407.44,{"v":10,"d":"10.00"},40.74,-90.31]
["534","06区26架03层","球轴承","S16069","特雷克斯3311E矿车","件",{"$nulls":4},"2010-01-01",32,243.06,7777.92,32,235.45,{"v":10,"d":"10.00"},753.44,-90.31]
["535","06区26架04层","轴承","29502073（09440258）、（09440395）","特雷克斯3311E矿车","件",{"$nulls":4},"2011-02-01",1,7961.85,7961.85,1,{"v":6888,"d":"6,888.00"},{"v":10,"d":"10.00"},{"v":688.8,"d":"688.80"},-91.35]
["536","06区26架05层","驼峰软管","09016628","特雷克斯3311E矿车","件",{"$nulls":4},"2011-12-01",20,641.03,{"v":12820.6,"d":"12820.60"},20,{"$nulls":3},{"v":-100,"d":"-100.00"}]
["537","06区27架02层","轴承","09073063","特雷克斯3311E矿车","件",{"$nulls":4},"2010-01-01",5,163.53,817.65,5,158.41,{"v":10,"d":"10.00"},79.21,-90.31]
["538","06区27架02层","轴承","09440087","特雷克斯3311E矿车","件",{"$nulls":4},"2011-11-01",2,5048.76,10097.52,2,{"v":5500,"d":"5,500.00"},{"v":11,"d":"11.00"},{"v":1210,"d":"1,210.00"},-88.02]
["539","06区27架02层","轴承","23047994(907598)","特雷克斯3311E矿车","件",{"$nulls":4},"2011-02-01",1,1051.17,1051.17,1,{"v":1018.27,"d":"1,018.27"},{"v":10,"d":"10.00"},101.83,-90.31]
["540","06区27架02层","轴承","09068510","特雷克斯3311E矿车","件",{"$nulls":4},"2010-01-01",3,130.65,391.95,3,126.56,{"v":10,"d":"10.00"},37.97,-90.31]
["541","06区27架03层","止推轴承","3519623(3591522)","特雷克斯3311E矿车","件",{"$nulls":4},"2008-01-01",10,267.39,{"v":2673.9,"d":"2673.90"},10,259.02,{"v":10,"d":"10.00"},259.02,-90.31]
["542","06区28架01层","齿圈","06884436(06758340)","特雷克斯3311E矿车","件",{"$nulls":4},"2011-02-01",1,24202.29,24202.29,1,{"v":23600,"d":"23,600.00"},{"v":10,"d":"10.00"},{"v":2360,"d":"2,360.00"},-90.25]
["543","06区28架01层","行星架",23016602,"特雷克斯3311E矿车","件",{"$nulls":4},"2008-01-01",1,{"v":15380.7,"d":"15380.70"},{"v":15380.7,"d":"15380.70"},1,{"v":12800,"d":"12,800.00"},{"v":10,"d":"10.00"},{"v":1280,"d":"1,280.00"},-91.68]
["544","06区28架01层","导轮滚子固定座","06776175","特雷克斯3311E矿车","件",{"$nulls":4},"2010-01-01",3,20727.75,62183.25,3,{"v":20078.97,"d":"20,078.97"},{"v":10,"d":"10.00"},{"v":6023.69,"d":"6,023.69"},-90.31]
["545","06区28架02层","轴承","09031727","特雷克斯3311E矿车","件",{"$nulls":4},"2008-01-01",10,{"v":348.4,"d":"348.40"},{"v":3484,"d":"3484.00"},10,{"v":337.5,"d":"337.50"},{"v":10,"d":"10.00"},{"v":337.5,"d":"337.50"},-90.31]
["546","06区28架03层","螺栓","00186284","特雷克斯3311E矿车","件",{"$nulls":4},"2011-02-01",9,13.43,120.87,9,13.01,{"v":10,"d":"10.00"},11.71,-90.31]
["547","06区28架03层","螺栓","00179894","特雷克斯3311E矿车","件",{"$nulls":4},"2010-01-01",10,66.49,{"v":664.9,"d":"664.90"},10,64.41,{"v":10,"d":"10.00"},64.41,-90.31]
["548","06区28架03层","螺栓","09414052","特雷克斯3311E矿车","件",{"$nulls":4},"2008-01-01",11,{"v":14.1,"d":"14.10"},{"v":155.1,"d":"155.10"},11,13.66,{"v":10,"d":"10.00"},15.03,-90.31]
["549","06区28架03层","螺栓","00271567","特雷克斯3311E矿车","件",{"$nulls":4},"2008-01-01",16,24.96,399.36,16,24.18,{"v":10,"d":"10.00"},38.69,-90.31]
["550","06区28架03层","螺栓","00179837","特雷克斯3311E矿车","件",{"$nulls":4},"2011-04-01",4,10.26,41.04,4,9.94,{"v":10,"d":"10.00"},3.98,{"v":-90.3,"d":"-90.30"}]
["551","06区28架03层","螺栓","00186285","特雷克斯3311E矿车","根",{"$nulls":4},"2008-01-01",9,{"v":14.9,"d":"14.90"},{"v":134.1,"d":"134.10"},9,14.43,{"v":10,"d":"10.00"},12.99,-90.31]
["552","06区28架03层","螺栓","09409226","特雷克斯3311E矿车","件",{"$nulls":4},"2008-01-01",6,18.62,111.72,6,18.04,{"v":10,"d":"10.00"},10.82,-90.32]
["553","06区28架03层","螺栓","00455012","特雷克斯3311E矿车","件",{"$nulls":4},"2010-01-01",1,22.87,22.87,1,22.15,{"v":10,"d":"10.00"},2.22,-90.29]
["554","06区28架04层","报警灯",15233322,"特雷克斯3311E矿车","件",{"$nulls":4},"2010-01-01",8,13.94,111.52,8,{"v":13.5,"d":"13.50"},{"v":10,"d":"10.00"},{"v":10.8,"d":"10.80"},-90.32]
["555","06区28架04层","24伏报警器",15227360,"特雷克斯3311E矿车","件",{"$nulls":4},"2008-01-01",3,278.19,834.57,3,269.48,{"v":10,"d":"10.00"},80.84,-90.31]
["556","06区28架04层","压力开关",15236247,"特雷克斯3311E矿车","件",{"$nulls":4},"2010-01-01",2,{"v":749.9,"d":"749.90"},{"v":1499.8,"d":"1499.80"},2,{"$nulls":3},{"v":-100,"d":"-100.00"}]
["557","06区28架04层","手动开关",15233323,"特雷克斯3311E矿车","件",{"$nulls":4},"2010-01-01",2,18.66,37.32,2,{"$nulls":3},{"v":-100,"d":"-100.00"}]
["558","06区28架04层","温控开关","06401085","特雷克斯3311E矿车","件",{"$nulls":4},"2008-01-01",19,{"v":216.1,"d":"216.10"},{"v":4105.9,"d":"4105.90"},19,{"$nulls":3},{"v":-100,"d":"-100.00"}]
["559","06区29架02层","螺栓",15248418,"特雷克斯3311E矿车","件",{"$nulls":4},"2008-01-01",15,63.99,959.85,15,61.99,{"v":10,"d":"10.00"},92.99,-90.31]
["560","06区29架02层","螺栓","3521225(3761914)","特雷克斯3311E矿车","件",{"$nulls":4},"2008-01-01",200,8.13,{"v":1626,"d":"1626.00"},200,7.88,{"v":10,"d":"10.00"},{"v":157.6,"d":"157.60"},-90.31]
["561","06区29架02层","螺栓","09226983","特雷克斯3311E矿车","件",{"$nulls":4},"2010-01-01",18,47.11,847.98,18,45.64,{"v":10,"d":"10.00"},82.15,-90.31]
["562","06区29架02层","气门室盖螺栓","3628194#","特雷克斯3311E矿车","颗",{"$nulls":4},"2008-01-01",62,0.01,0.62,62,{"v":850,"d":"850.00"},{"v":10,"d":"10.00"},{"v":5270,"d":"5,270.00"},{"v":849900,"d":"849,900.00"}]
["563","06区29架03层","螺栓","00179851","特雷克斯3311E矿车","根",{"$nulls":4},"2011-02-01",8,16.85,{"v":134.8,"d":"134.80"},8,16.32,{"v":10,"d":"10.00"},13.06,-90.31]
["564","06区29架03层","螺 栓",15019509,"特雷克斯3311E矿车","件",{"$nulls":4},"2010-01-01",3,44.68,134.04,3,43.28,{"v":10,"d":"10.00"},12.98,-90.32]
["565","06区29架03层","螺栓","00181433","特雷克斯3311E矿车","件",{"$nulls":4},"2008-01-01",15,19.95,299.25,15,19.33,{"v":10,"d":"10.00"},{"v":29,"d":"29.00"},-90.31]
["566","06区29架04层","螺栓","09409045","特雷克斯3311E矿车","件",{"$nulls":4},"2008-01-01",11,57.72,634.92,11,55.91,{"v":10,"d":"10.00"},{"v":61.5,"d":"61.50"},-90.31]
["567","06区29架04层","螺栓","09421651","特雷克斯3311E矿车","件",{"$nulls":4},"2008-01-01",5,35.38,{"v":176.9,"d":"176.90"},5,34.27,{"v":10,"d":"10.00"},17.14,-90.31]
["568","06区29架04层","螺栓","00186602(09440978)","特雷克斯3311E矿车","条",{"$nulls":4},"2010-01-01",14,9.04,126.56,14,8.76,{"v":10,"d":"10.00"},12.26,-90.31]
["569","06区29架04层","螺栓","00179857","特雷克斯3311E矿车","条",{"$nulls":4},"2008-01-01",17,{"v":13.7,"d":"13.70"},{"v":232.9,"d":"232.90"},17,13.27,{"v":10,"d":"10.00"},22.56,-90.31]
["570","06区29架04层","螺栓","00186647","特雷克斯3311E矿车","件",{"$nulls":4},"2008-01-01",34,8.37,284.58,34,8.11,{"v":10,"d":"10.00"},27.57,-90.31]
["571","06区29架04层","螺栓","09418964","特雷克斯3311E矿车","件",{"$nulls":4},"2011-04-01",22,38.53,847.66,22,37.32,{"v":10,"d":"10.00"},{"v":82.1,"d":"82.10"},-90.31]
["572","06区29架04层","螺栓","00186290","特雷克斯3311E矿车","件",{"$nulls":4},"2008-01-01",5,28.04,{"v":140.2,"d":"140.20"},5,27.16,{"v":10,"d":"10.00"},13.58,-90.31]
["573","06区29架05层","软管",15236110,"特雷克斯3311E矿车","条",{"$nulls":4},"2008-01-01",3,292.93,878.79,3,{"$nulls":3},{"v":-100,"d":"-100.00"}]
["574","06区29架05层","金属管件",15248534,"特雷克斯3311E矿车","件",{"$nulls":4},"2010-01-01",2,958.11,1916.22,2,928.12,{"v":10,"d":"10.00"},185.62,-90.31]
["575","06区29排01层","螺栓",3628196,"特雷克斯3311E矿车","件",{"$nulls":4},"2012-04-01",132,14.42,1903.44,132,13.97,{"v":15,"d":"15.00"},276.61,-85.47]
["576","06区29排02层","螺栓","00223453","特雷克斯3311E矿车","件",{"$nulls":4},"2014-06-01",18,5.98,107.64,18,5.79,{"v":37,"d":"37.00"},38.56,-64.18]
["577","06区29排02层","螺栓","00271562","特雷克斯3311E矿车","件",{"$nulls":4},"2014-06-01",12,6.95,{"v":83.4,"d":"83.40"},12,6.73,{"v":37,"d":"37.00"},29.88,-64.17]
["578","06区29排03层","双头镙栓","09253468","特雷克斯3311E矿车","件",{"$nulls":4},"2015-01-01",5,38.46,{"v":192.3,"d":"192.30"},5,37.26,{"v":43,"d":"43.00"},80.11,-58.34]
["579","06区29排03层","充注阀总成","J-6714-2","特雷克斯3311E矿车","件",{"$nulls":4},"2014-04-01",3,1938.68,5816.04,3,{"v":1878,"d":"1,878.00"},{"v":35,"d":"35.00"},{"v":1971.9,"d":"1,971.90"},{"v":-66.1,"d":"-66.10"}]
["580","06区30架01层","螺栓","00223493","特雷克斯3311E矿车","根",{"$nulls":4},"2010-01-01",338,{"v":27.3,"d":"27.30"},{"v":9227.4,"d":"9227.40"},338,26.45,{"v":10,"d":"10.00"},894.01,-90.31]
["581","06区30架02层","双头螺钉","09255689","特雷克斯3311E矿车","件",{"$nulls":4},"2010-01-01",115,33.76,{"v":3882.4,"d":"3882.40"},115,{"v":32.7,"d":"32.70"},{"v":10,"d":"10.00"},376.05,-90.31]
["582","06区30架02层","螺栓","09059163","特雷克斯3311E矿车","件",{"$nulls":4},"2011-04-01",225,489.62,{"v":110164.5,"d":"110164.50"},225,474.29,{"v":10,"d":"10.00"},{"v":10671.53,"d":"10,671.53"},-90.31]
["583","06区30架03层","螺栓","29525012(433142)","特雷克斯3311E矿车","件",{"$nulls":4},"2008-01-01",6,254.01,1524.06,6,246.06,{"v":10,"d":"10.00"},147.64,-90.31]
["584","06区30架03层","螺栓","S-172B","特雷克斯3311E矿车","件",{"$nulls":4},"2010-01-01",38,10.61,403.18,38,10.28,{"v":10,"d":"10.00"},39.06,-90.31]
["585","06区30架03层","螺栓",205394,"特雷克斯3311E矿车","件",{"$nulls":4},"2008-01-01",12,57.37,688.44,12,55.57,{"v":10,"d":"10.00"},66.68,-90.31]
["586","06区30架03层","螺栓","09068505","特雷克斯3311E矿车","件",{"$nulls":4},"2010-01-01",5,71.56,{"v":357.8,"d":"357.80"},5,69.32,{"v":10,"d":"10.00"},34.66,-90.31]
["587","06区30架03层","螺栓","09418116","特雷克斯3311E矿车","件",{"$nulls":4},"2008-01-01",8,47.11,376.88,8,45.64,{"v":10,"d":"10.00"},36.51,-90.31]
["588","06区30架03层","螺钉","09417797","特雷克斯3311E矿车","件",{"$nulls":4},"2008-01-01",2,{"v":25.4,"d":"25.40"},{"v":50.8,"d":"50.80"},2,{"v":24.6,"d":"24.60"},{"v":10,"d":"10.00"},4.92,-90.31]
["589","06区30架03层","螺栓","00443603","特雷克斯3311E矿车","件",{"$nulls":4},"2008-01-01",24,41.77,1002.48,24,40.46,{"v":10,"d":"10.00"},{"v":97.1,"d":"97.10"},-90.31]
["590","06区30架04层","螺栓","09409030","特雷克斯3311E矿车","件",{"$nulls":4},"2011-02-01",4,28.95,{"v":115.8,"d":"115.80"},4,28.04,{"v":10,"d":"10.00"},11.22,-90.31]
["591","06区30架04层","螺栓","00454813","特雷克斯3311E矿车","件",{"$nulls":4},"2008-01-01",33,7.71,254.43,33,7.47,{"v":10,"d":"10.00"},24.65,-90.31]
["592","06区30架04层","螺栓","00433114","特雷克斯3311E矿车","件",{"$nulls":4},"2008-01-01",3,21.28,63.84,3,20.61,{"v":10,"d":"10.00"},6.18,-90.32]
["593","06区30架05层","金属管件",15248535,"特雷克斯3311E矿车","件",{"$nulls":4},"2010-01-01",7,{"v":1236.3,"d":"1236.30"},{"v":8654.1,"d":"8654.10"},7,{"v":1197.6,"d":"1,197.60"},{"v":10,"d":"10.00"},838.32,-90.31]
["594","06区30排03层","螺栓","09216692","特雷克斯3311E矿车","件",{"$nulls":4},"2014-06-01",4,85.47,341.88,4,82.79,{"v":37,"d":"37.00"},122.53,-64.16]
["595","06区30排03层","螺母","09355771","特雷克斯3311E矿车","件",{"$nulls":4},"2015-01-01",16,13.68,218.88,16,13.25,{"v":43,"d":"43.00"},91.16,-58.35]
["596","06区30排03层","螺栓","00271568","特雷克斯3311E矿车","件",{"$nulls":4},"2014-06-01",4,5.98,23.92,4,5.79,{"v":37,"d":"37.00"},8.57,-64.17]
["597","06区30排04层","螺栓","09128765","特雷克斯3311E矿车","件",{"$nulls":4},"2014-06-01",24,41.03,984.72,24,39.75,{"v":37,"d":"37.00"},352.98,-64.15]
["598","06区31架01层","轴承","09010661","特雷克斯3311E矿车","件",{"$nulls":4},"2011-12-01",13,814.85,10593.05,13,789.35,{"v":12,"d":"12.00"},{"v":1231.39,"d":"1,231.39"},-88.38]
["599","06区31架02层","进气软管",3030777,"特雷克斯3311E矿车","件",{"$nulls":4},"2011-07-01",3,747.86,2243.58,3,{"$nulls":3},{"v":-100,"d":"-100.00"}]
["600","06区31架03层","衬垫",201049,"特雷克斯3311E矿车","件",{"$nulls":4},"2008-01-01",6,17.75,{"v":106.5,"d":"106.50"},6,17.19,{"v":10,"d":"10.00"},10.31,-90.32]
["601","06区31架03层","阀座","06770571","特雷克斯3311E矿车","颗",{"$nulls":4},"2008-01-01",2,24.31,48.62,2,23.55,{"v":10,"d":"10.00"},4.71,-90.31]
["602","06区31架03层","按钮座","09379853","特雷克斯3311E矿车","件",{"$nulls":4},"2008-01-01",16,329.97,5279.52,16,{"$nulls":3},{"v":-100,"d":"-100.00"}]
["603","06区31架03层","垫圈","09202069","特雷克斯3311E矿车","件",{"$nulls":4},"2008-01-01",19,6.75,128.25,19,6.54,{"v":10,"d":"10.00"},12.43,-90.31]
["604","06区31架04层","进气软管",3030767,"特雷克斯3311E矿车","件",{"$nulls":4},"2011-07-01",4,384.62,1538.48,4,{"$nulls":3},{"v":-100,"d":"-100.00"}]
["605","06区31架04层","轴套","06776211","特雷克斯3311E矿车","件",{"$nulls":4},"2011-09-01",1,{"v":11364.5,"d":"11364.50"},{"v":11364.5,"d":"11364.50"},1,{"v":11008.79,"d":"11,008.79"},{"v":10,"d":"10.00"},{"v":1100.88,"d":"1,100.88"},-90.31]
["606","06区31架05层","软管","09074837","特雷克斯3311E矿车","件",{"$nulls":4},"2010-01-01",5,595.35,2976.75,5,{"$nulls":3},{"v":-100,"d":"-100.00"}]
["607","06区32架03层","O型圈","09055407","特雷克斯3311E矿车","件",{"$nulls":4},"2008-01-01",16,284.41,4550.56,16,275.51,{"v":10,"d":"10.00"},440.82,-90.31]
["608","06区32架04层","卡簧","06773806","特雷克斯3311E矿车","件",{"$nulls":4},"2008-01-01",3,60.44,181.32,3,58.55,{"v":10,"d":"10.00"},17.57,-90.31]
["609","06区32架04层","板","09018309","特雷克斯3311E矿车","件",{"$nulls":4},"2010-01-01",4,194.39,777.56,4,188.31,{"v":10,"d":"10.00"},75.32,-90.31]
["610","06区32架05层","软管",15260311,"特雷克斯3311E矿车","件",{"$nulls":4},"2010-01-01",3,719.46,2158.38,3,{"$nulls":3},{"v":-100,"d":"-100.00"}]
["611","06区33架01层","直接档活塞","06777908","特雷克斯3311E矿车","件",{"$nulls":4},"2011-09-01",2,10071.57,20143.14,2,{"v":9756.33,"d":"9,756.33"},{"v":10,"d":"10.00"},{"v":1951.27,"d":"1,951.27"},-90.31]
["612","06区33架02层","过滤筛","06835614","特雷克斯3311E矿车","颗",{"$nulls":4},"2008-01-01",10,9.78,{"v":97.8,"d":"97.80"},10,9.47,{"v":10,"d":"10.00"},9.47,-90.32]
["613","06区33架02层","优先阀","06779840","特雷克斯3311E矿车","件",{"$nulls":4},"2008-01-01",8,756.16,6049.28,8,732.49,{"v":10,"d":"10.00"},585.99,-90.31]
["614","06区33架02层","开关",15233677,"特雷克斯3311E矿车","件",{"$nulls":4},"2008-01-01",2,1895.82,3791.64,2,{"$nulls":3},{"v":-100,"d":"-100.00"}]
["615","06区33架02层","气咀","00443977","特雷克斯3311E矿车","件",{"$nulls":4},"2010-01-01",5,45.02,{"v":225.1,"d":"225.10"},5,43.61,{"v":10,"d":"10.00"},21.81,-90.31]
["616","06区33架03层","O型环","00274249","特雷克斯3311E矿车","件",{"$nulls":4},"2008-01-01",10,{"v":2.4,"d":"2.40"},{"v":24,"d":"24.00"},10,2.32,{"v":10,"d":"10.00"},2.32,-90.33]
["617","06区33架03层","O-型圈","09055397","特雷克斯3311E矿车","件",{"$nulls":4},"2008-01-01",14,{"v":87.1,"d":"87.10"},{"v":1219.4,"d":"1219.40"},14,84.37,{"v":10,"d":"10.00"},118.12,-90.31]
["618","06区33架03层","O型环","09410969","特雷克斯3311E矿车","件",{"$nulls":4},"2008-01-01",10,{"v":2.4,"d":"2.40"},{"v":24,"d":"24.00"},10,2.32,{"v":10,"d":"10.00"},2.32,-90.33]
["619","06区33架03层","O型圈","09058892","特雷克斯3311E矿车","件",{"$nulls":4},"2008-01-01",2,{"v":48,"d":"48.00"},{"v":96,"d":"96.00"},2,{"v":46.5,"d":"46.50"},{"v":10,"d":"10.00"},{"v":9.3,"d":"9.30"},-90.31]
["620","06区33架04层","卡簧","06832598","特雷克斯3311E矿车","件",{"$nulls":4},"2010-01-01",4,110.21,440.84,4,106.76,{"v":10,"d":"10.00"},{"v":42.7,"d":"42.70"},-90.31]
["621","06区34架02层","往复阀","09072835","特雷克斯3311E矿车","件",{"$nulls":4},"2010-01-01",2,485.28,970.56,2,470.09,{"v":10,"d":"10.00"},94.02,-90.31]
["622","06区34架02层","螺栓","09427847","特雷克斯3311E矿车","件",{"$nulls":4},"2010-01-01",47,12.63,593.61,47,12.23,{"v":10,"d":"10.00"},57.48,-90.32]
["623","06区34架02层","螺栓","09170517","特雷克斯3311E矿车","件",{"$nulls":4},"2008-01-01",3,73.32,219.96,3,71.03,{"v":10,"d":"10.00"},21.31,-90.31]
["624","06区34架02层","滤网","06776451","特雷克斯3311E矿车","件",{"$nulls":4},"2010-01-01",4,90.32,361.28,4,{"$nulls":3},{"v":-100,"d":"-100.00"}]
["625","06区34架02层","螺栓","09423067","特雷克斯3311E矿车","件",{"$nulls":4},"2010-01-01",20,20.42,{"v":408.4,"d":"408.40"},20,19.78,{"v":10,"d":"10.00"},39.56,-90.31]
["626","06区34架03层","螺母",3529372,"特雷克斯3311E矿车","件",{"$nulls":4},"2010-01-01",20,7.29,{"v":145.8,"d":"145.80"},20,7.06,{"v":10,"d":"10.00"},14.12,-90.32]
["627","06区34架03层","螺栓","00181360","特雷克斯3311E矿车","件",{"$nulls":4},"2010-01-01",30,27.27,{"v":818.1,"d":"818.10"},30,26.42,{"v":10,"d":"10.00"},79.26,-90.31]
["628","06区34架03层","螺栓","09433579","特雷克斯3311E矿车","件",{"$nulls":4},"2010-01-01",17,29.65,504.05,17,28.72,{"v":10,"d":"10.00"},48.82,-90.31]
["629","06区34架03层","螺栓",23018739,"特雷克斯3311E矿车","颗",{"$nulls":4},"2010-01-01",1,15.38,15.38,1,{"v":14.9,"d":"14.90"},{"v":10,"d":"10.00"},1.49,-90.31]
["630","06区34架03层","螺栓","00181348","特雷克斯3311E矿车","件",{"$nulls":4},"2010-01-01",14,40.72,570.08,14,39.45,{"v":10,"d":"10.00"},55.23,-90.31]
["631","06区34架03层","螺栓","09409240","特雷克斯3311E矿车","件",{"$nulls":4},"2010-01-01",16,20.88,334.08,16,20.23,{"v":10,"d":"10.00"},32.37,-90.31]
["632","06区34架03层","螺栓","23045938（00179880）、(23047278)","特雷克斯3311E矿车","颗",{"$nulls":4},"2010-01-01",16,6.51,104.16,16,6.31,{"v":10,"d":"10.00"},{"v":10.1,"d":"10.10"},{"v":-90.3,"d":"-90.30"}]
["633","06区34架03层","螺栓",205393,"特雷克斯3311E矿车","件",{"$nulls":4},"2010-01-01",5,34.06,{"v":170.3,"d":"170.30"},5,32.99,{"v":10,"d":"10.00"},{"v":16.5,"d":"16.50"},-90.31]
["634","06区34架04层","卡簧","06777792","特雷克斯3311E矿车","条",{"$nulls":4},"2010-01-01",1,130.65,130.65,1,126.56,{"v":10,"d":"10.00"},12.66,-90.31]
["635","06区34架05层","三联泵进油管",15236502,"特雷克斯3311E矿车","颗",{"$nulls":4},"2010-01-01",8,4136.27,33090.16,8,{"v":4800,"d":"4,800.00"},{"v":10,"d":"10.00"},{"v":3840,"d":"3,840.00"},{"v":-88.4,"d":"-88.40"}]
["636","06区34排02层","螺栓","09170517","特雷克斯3311E矿车","件",{"$nulls":4},"2010-01-01",9,73.32,659.88,9,71.03,{"v":10,"d":"10.00"},63.93,-90.31]
["637","06区34排02层","螺栓","09423067","特雷克斯3311E矿车","件",{"$nulls":4},"2010-01-01",24,20.42,490.08,24,19.78,{"v":10,"d":"10.00"},47.47,-90.31]
["638","06区35架02层","螺母","S-249","特雷克斯3311E矿车","件",{"$nulls":4},"2010-01-01",6,17.17,103.02,6,16.63,{"v":10,"d":"10.00"},9.98,-90.31]
["639","06区35架02层","螺栓","09430298","特雷克斯3311E矿车","件",{"$nulls":4},"2010-01-01",20,{"v":24.6,"d":"24.60"},{"v":492,"d":"492.00"},20,23.83,{"v":10,"d":"10.00"},47.66,-90.31]
["640","06区35架02层","螺栓","00271617","特雷克斯3311E矿车","件",{"$nulls":4},"2010-01-01",35,34.95,1223.25,35,33.86,{"v":10,"d":"10.00"},118.51,-90.31]
["641","06区35架02层","螺栓","00272554","特雷克斯3311E矿车","件",{"$nulls":4},"2010-01-01",28,44.76,1253.28,28,43.36,{"v":10,"d":"10.00"},121.41,-90.31]
["642","06区35架03层","螺栓","09409042","特雷克斯3311E矿车","件",{"$nulls":4},"2010-01-01",26,15.29,397.54,26,14.81,{"v":10,"d":"10.00"},38.51,-90.31]
["643","06区35架03层","螺栓",3176465,"特雷克斯3311E矿车","件",{"$nulls":4},"2010-01-01",6,14.81,88.86,6,14.35,{"v":10,"d":"10.00"},8.61,-90.31]
["644","06区35架03层","螺栓",15050376,"特雷克斯3311E矿车","件",{"$nulls":4},"2010-01-01",3,73.92,221.76,3,71.61,{"v":10,"d":"10.00"},21.48,-90.31]
["645","06区35架03层","螺栓","S-153","特雷克斯3311E矿车","件",{"$nulls":4},"2010-01-01",12,26.43,317.16,12,{"v":25.6,"d":"25.60"},{"v":10,"d":"10.00"},30.72,-90.31]
["646","06区35架03层","螺母",3519535,"特雷克斯3311E矿车","件",{"$nulls":4},"2010-01-01",10,33.28,{"v":332.8,"d":"332.80"},10,32.24,{"v":10,"d":"10.00"},32.24,-90.31]
["647","06区35架04层","刹车弹簧","09065306","特雷克斯3311E矿车","件",{"$nulls":4},"2010-01-01",27,99.55,2687.85,27,96.43,{"v":10,"d":"10.00"},260.36,-90.31]
["648","06区35架04层","刹车弹簧","09065305","特雷克斯3311E矿车","件",{"$nulls":4},"2010-01-01",25,240.99,6024.75,25,233.45,{"v":10,"d":"10.00"},583.63,-90.31]
["649","06区36架01层","挡泥板",15228028,"特雷克斯3311E矿车","件",{"$nulls":4},"2010-01-01",4,1765.44,7061.76,4,{"v":1710.18,"d":"1,710.18"},{"v":10,"d":"10.00"},684.07,-90.31]
["650","06区36架03层","车速传感器","09381543","特雷克斯3311E矿车","件",{"$nulls":4},"2010-01-01",2,1006.48,2012.96,2,974.98,{"v":10,"d":"10.00"},{"v":195,"d":"195.00"},-90.31]
["651","06区36架03层","盖","09246992","特雷克斯3311E矿车","件",{"$nulls":4},"2010-01-01",1,556.63,556.63,1,539.21,{"v":10,"d":"10.00"},53.92,-90.31]
["652","06区36架03层","盖","15228225#","特雷克斯3311E矿车","件",{"$nulls":4},"2010-01-01",3,0.01,0.03,3,{"v":656,"d":"656.00"},{"v":10,"d":"10.00"},{"v":196.8,"d":"196.80"},{"v":655900,"d":"655,900.00"}]
["653","06区36架04层","管卡","09263815","特雷克斯3311E矿车","根",{"$nulls":4},"2010-01-01",3,7.11,21.33,3,6.89,{"v":10,"d":"10.00"},2.07,{"v":-90.3,"d":"-90.30"}]
["654","06区36架04层","管卡","09065851","特雷克斯3311E矿车","件",{"$nulls":4},"2010-01-01",5,94.21,471.05,5,91.26,{"v":10,"d":"10.00"},45.63,-90.31]
["655","06区37架02层","齿轮","09195847#","特雷克斯3311E矿车","件",{"$nulls":4},"2010-01-01",6,0.01,0.06,6,{"v":4580,"d":"4,580.00"},{"v":10,"d":"10.00"},{"v":2748,"d":"2,748.00"},{"v":4579900,"d":"4,579,900.00"}]
["656","06区37架03层","密封环","06777693","特雷克斯3311E矿车","颗",{"$nulls":4},"2010-01-01",5,{"v":24,"d":"24.00"},{"v":120,"d":"120.00"},5,{"v":23,"d":"23.00"},{"v":10,"d":"10.00"},{"v":11.5,"d":"11.50"},-90.42]
["657","06区37架05层","软管","15267508#","特雷克斯3311E矿车","件",{"$nulls":4},"2010-01-01",2,0.01,0.02,2,{"$nulls":3},{"v":-100,"d":"-100.00"}]
["658","06区37架05层","软管","09356278#","特雷克斯3311E矿车","件",{"$nulls":4},"2010-01-01",8,0.01,0.08,8,{"$nulls":3},{"v":-100,"d":"-100.00"}]
["659","06区38架01层","5/6档转毂","06832627(06779569)、(06832625)","特雷克斯3311E矿车","件",{"$nulls":4},"2010-01-01",2,{"v":19048.9,"d":"19048.90"},{"v":38097.8,"d":"38097.80"},2,{"v":18452.67,"d":"18,452.67"},{"v":10,"d":"10.00"},{"v":3690.53,"d":"3,690.53"},-90.31]
["660","06区38架02层","螺栓","09059901","特雷克斯3311E矿车","件",{"$nulls":4},"2010-01-01",9,525.63,4730.67,9,509.18,{"v":10,"d":"10.00"},458.26,-90.31]
["661","06区38架03层","水管",3627417,"特雷克斯3311E矿车","件",{"$nulls":4},"2010-01-01",2,368.02,736.04,2,{"v":356.5,"d":"356.50"},{"v":10,"d":"10.00"},{"v":71.3,"d":"71.30"},-90.31]
["662","06区38架03层","软管",15236501,"特雷克斯3311E矿车","件",{"$nulls":4},"2010-01-01",2,2025.47,4050.94,2,{"$nulls":3},{"v":-100,"d":"-100.00"}]
["663","06区38架04层","软管总成",15237097,"特雷克斯3311E矿车","件",{"$nulls":4},"2010-01-01",3,423.07,1269.21,3,{"$nulls":3},{"v":-100,"d":"-100.00"}]
["664","06区38架05层","软管",15237384,"特雷克斯3311E矿车","件",{"$nulls":4},"2010-01-01",8,958.11,7664.88,8,{"$nulls":3},{"v":-100,"d":"-100.00"}]
["665","06区39架02层","管子总成",15236352,"特雷克斯3311E矿车","件",{"$nulls":4},"2010-01-01",1,2370.38,2370.38,1,{"v":2296.19,"d":"2,296.19"},{"v":10,"d":"10.00"},229.62,-90.31]
["666","06区39架03层","软管",15236503,"特雷克斯3311E矿车","件",{"$nulls":4},"2010-01-01",2,2025.71,4051.42,2,{"$nulls":3},{"v":-100,"d":"-100.00"}]
["667","06区39架04层","金属弯管",15019706,"特雷克斯3311E矿车","件",{"$nulls":4},"2010-01-01",4,{"v":222.2,"d":"222.20"},{"v":888.8,"d":"888.80"},4,215.25,{"v":10,"d":"10.00"},{"v":86.1,"d":"86.10"},-90.31]
["668","06区39排02层","阀体",15246665,"特雷克斯3311E矿车","颗",{"$nulls":4},"2010-01-01",1,30881.19,30881.19,1,{"v":28000,"d":"28,000.00"},{"v":10,"d":"10.00"},{"v":2800,"d":"2,800.00"},-90.93]
["669","06区39排03层","修理包",15266099,"特雷克斯3311E矿车","件",{"$nulls":4},"2010-01-01",4,2513.68,10054.72,4,{"v":2435,"d":"2,435.00"},{"v":10,"d":"10.00"},{"v":974,"d":"974.00"},-90.31]
["670","06区39排03层","探针","09376407","特雷克斯3311E矿车","件",{"$nulls":4},"2010-01-01",3,1572.65,4717.95,3,{"v":1523.43,"d":"1,523.43"},{"v":10,"d":"10.00"},457.03,-90.31]
["671","06区40架03层","加热器",15232269,"特雷克斯3311E矿车","件",{"$nulls":4},"2010-01-01",2,367.28,734.56,2,355.78,{"v":10,"d":"10.00"},71.16,-90.31]
["672","06区40架03层","支架","09059900","特雷克斯3311E矿车","件",{"$nulls":4},"2010-01-01",1,1094.09,1094.09,1,{"v":1059.84,"d":"1,059.84"},{"v":10,"d":"10.00"},105.98,-90.31]
["673","06区40架03层","油杯",15235837,"特雷克斯3311E矿车","件",{"$nulls":4},"2010-01-01",5,1054.19,5270.95,5,{"v":1021.19,"d":"1,021.19"},{"v":10,"d":"10.00"},{"v":510.6,"d":"510.60"},-90.31]
["674","06区40架04层","阀体","29528631(6884782)","特雷克斯3311E矿车","颗",{"$nulls":4},"2010-01-01",1,25996.09,25996.09,1,{"v":25182.41,"d":"25,182.41"},{"v":10,"d":"10.00"},{"v":2518.24,"d":"2,518.24"},-90.31]
["675","06区40架05层","软管",15245132,"特雷克斯3311E矿车","件",{"$nulls":4},"2010-01-01",9,1299.94,11699.46,9,{"$nulls":3},{"v":-100,"d":"-100.00"}]
["676","06区40排01层","密封座","09383859","特雷克斯3311E矿车","件",{"$nulls":4},"2010-01-01",3,658.12,1974.36,3,{"v":638,"d":"638.00"},{"v":10,"d":"10.00"},{"v":191.4,"d":"191.40"},-90.31]
["677","06区40排02层","滤芯",29510912,"特雷克斯3311E矿车","件",{"$nulls":4},"2010-01-01",7,675.21,4726.47,7,654.08,{"v":10,"d":"10.00"},457.86,-90.31]
["678","06区41架01层","支架","3012281(3003318)","特雷克斯3311E矿车","件",{"$nulls":4},"2010-01-01",11,4922.89,54151.79,11,{"v":3800,"d":"3,800.00"},{"v":10,"d":"10.00"},{"v":4180,"d":"4,180.00"},-92.28]
["679","06区41架02层","套管","02043587","特雷克斯3311E矿车","件",{"$nulls":4},"2010-01-01",1,1636.25,1636.25,1,{"v":1585.04,"d":"1,585.04"},{"v":10,"d":"10.00"},{"v":158.5,"d":"158.50"},-90.31]
["680","06区41架02层","主调压阀体","29525039(6770357)","特雷克斯3311E矿车","件",{"$nulls":4},"2010-01-01",1,6324.02,6324.02,1,{"v":6126.08,"d":"6,126.08"},{"v":10,"d":"10.00"},612.61,-90.31]
["681","06区41架03层","插头",23046475,"特雷克斯3311E矿车","件",{"$nulls":4},"2010-01-01",2,1733.13,3466.26,2,{"v":1678.88,"d":"1,678.88"},{"v":10,"d":"10.00"},335.78,-90.31]
["682","06区41架03层","活塞环","09055401","特雷克斯3311E矿车","件",{"$nulls":4},"2010-01-01",10,135.03,{"v":1350.3,"d":"1350.30"},10,{"v":130.8,"d":"130.80"},{"v":10,"d":"10.00"},{"v":130.8,"d":"130.80"},-90.31]
["683","06区41架04层","销套","3043909（205180）、（3000965）","特雷克斯3311E矿车","根",{"$nulls":4},"2010-01-01",2,{"v":365.4,"d":"365.40"},{"v":730.8,"d":"730.80"},2,353.96,{"v":10,"d":"10.00"},70.79,-90.31]
["684","06区41架04层","举升连锁机构","09381253","特雷克斯3311E矿车","件",{"$nulls":4},"2010-01-01",5,1695.49,8477.45,5,{"v":1642.42,"d":"1,642.42"},{"v":10,"d":"10.00"},821.21,-90.31]
["685","06区41架04层","过滤器","09160607","特雷克斯3311E矿车","件",{"$nulls":4},"2010-01-01",4,91.82,367.28,4,88.95,{"v":10,"d":"10.00"},35.58,-90.31]
["686","06区41架05层","修理组件","09396482","特雷克斯3311E矿车","颗",{"$nulls":4},"2010-01-01",5,379.43,1897.15,5,367.55,{"v":10,"d":"10.00"},183.78,-90.31]
["687","06区42架01层","挡泥板",15228030,"特雷克斯3311E矿车","件",{"$nulls":4},"2010-01-01",20,351.31,{"v":7026.2,"d":"7026.20"},20,340.31,{"v":10,"d":"10.00"},680.62,-90.31]
["688","06区42架02层","皮带惰轮部件",3016766,"特雷克斯3311E矿车","件",{"$nulls":4},"2010-01-01",6,3478.25,{"v":20869.5,"d":"20869.50"},6,{"v":3369.38,"d":"3,369.38"},{"v":10,"d":"10.00"},{"v":2021.63,"d":"2,021.63"},-90.31]
["689","06区42架02层","油管",29529026,"特雷克斯3311E矿车","颗",{"$nulls":4},"2010-01-01",2,1908.37,3816.74,2,{"v":1848.64,"d":"1,848.64"},{"v":10,"d":"10.00"},369.73,-90.31]
["690","06区42架03层","耐磨套",3177128,"特雷克斯3311E矿车","件",{"$nulls":4},"2010-01-01",5,294.21,1471.05,5,{"v":285,"d":"285.00"},{"v":10,"d":"10.00"},{"v":142.5,"d":"142.50"},-90.31]
["691","06区42架03层","电容器","01988873","特雷克斯3311E矿车","件",{"$nulls":4},"2010-01-01",19,439.01,8341.19,19,425.27,{"v":10,"d":"10.00"},808.01,-90.31]
["692","06区42架03层","皮带惰轮轴",3009481,"特雷克斯3311E矿车","件",{"$nulls":4},"2010-01-01",3,{"v":550,"d":"550.00"},{"v":1650,"d":"1650.00"},3,532.79,{"v":10,"d":"10.00"},159.84,-90.31]
["693","06区42架04层","O型圈","3023066(207236)","特雷克斯3311E矿车","件",{"$nulls":4},"2010-01-01",10,28.87,{"v":288.7,"d":"288.70"},10,27.97,{"v":10,"d":"10.00"},27.97,-90.31]
["694","06区42架04层","垫片",3524418,"特雷克斯3311E矿车","件",{"$nulls":4},"2010-01-01",10,28.18,{"v":281.8,"d":"281.80"},10,{"v":27.3,"d":"27.30"},{"v":10,"d":"10.00"},{"v":27.3,"d":"27.30"},-90.31]
["695","06区42架04层","卡环",3519641,"特雷克斯3311E矿车","件",{"$nulls":4},"2010-01-01",10,7.22,{"v":72.2,"d":"72.20"},10,6.99,{"v":10,"d":"10.00"},6.99,-90.32]
["696","06区42架04层","机油档板","3524419(3523220)","特雷克斯3311E矿车","件",{"$nulls":4},"2010-01-01",10,47.86,{"v":478.6,"d":"478.60"},10,46.36,{"v":10,"d":"10.00"},46.36,-90.31]
["697","06区42架04层","锁紧片",3552904,"特雷克斯3311E矿车","件",{"$nulls":4},"2010-01-01",100,18.38,{"v":1838,"d":"1838.00"},100,{"v":17.8,"d":"17.80"},{"v":10,"d":"10.00"},{"v":178,"d":"178.00"},-90.32]
["698","06区42架04层","密封圈","3023129(207542)","特雷克斯3311E矿车","颗",{"$nulls":4},"2010-01-01",6,72.69,436.14,6,{"v":70,"d":"70.00"},{"v":10,"d":"10.00"},{"v":42,"d":"42.00"},-90.37]
["699","06区42架05层","烟道管","09384537","特雷克斯3311E矿车","件",{"$nulls":4},"2010-01-01",6,{"v":823.9,"d":"823.90"},{"v":4943.4,"d":"4943.40"},6,798.11,{"v":10,"d":"10.00"},478.87,-90.31]
["700","06区43架01层","管","06777671","特雷克斯3311E矿车","件",{"$nulls":4},"2010-01-01",1,13.11,13.11,1,{"v":12.7,"d":"12.70"},{"v":10,"d":"10.00"},1.27,-90.31]
["701","06区43架01层","挡泥板",15228034,"特雷克斯3311E矿车","件",{"$nulls":4},"2010-01-01",3,1737.98,5213.94,3,{"v":1683.58,"d":"1,683.58"},{"v":10,"d":"10.00"},505.07,-90.31]
["702","06区43架02层","右刹车管",15228999,"特雷克斯3311E矿车","件",{"$nulls":4},"2010-01-01",7,2484.55,17391.85,7,{"v":2406.78,"d":"2,406.78"},{"v":10,"d":"10.00"},{"v":1684.75,"d":"1,684.75"},-90.31]
["703","06区43架04层","阀支架",15232707,"特雷克斯3311E矿车","颗",{"$nulls":4},"2010-01-01",2,755.47,1510.94,2,731.82,{"v":10,"d":"10.00"},146.36,-90.31]
["704","06区43架04层","呼吸器","06750967","特雷克斯3311E矿车","件",{"$nulls":4},"2010-01-01",20,74.73,{"v":1494.6,"d":"1494.60"},20,72.39,{"v":10,"d":"10.00"},144.78,-90.31]
["705","06区43架05层","前悬修理包","09396484","特雷克斯3311E矿车","件",{"$nulls":4},"2010-01-01",2,6988.17,13976.34,2,{"v":6769.44,"d":"6,769.44"},{"v":10,"d":"10.00"},{"v":1353.89,"d":"1,353.89"},-90.31]
["706","06区44架02层","轴套",3009477,"特雷克斯3311E矿车","件",{"$nulls":4},"2010-01-01",85,134.21,11407.85,85,130.01,{"v":10,"d":"10.00"},{"v":1105.09,"d":"1,105.09"},-90.31]
["707","06区44架03层","PTO总成驱动轴",15246910,"特雷克斯3311E矿车","件",{"$nulls":4},"2010-01-01",2,4188.89,8377.78,2,{"v":4057.78,"d":"4,057.78"},{"v":10,"d":"10.00"},811.56,-90.31]
["708","06区45架02层","齿圈","06833150","特雷克斯3311E矿车","件",{"$nulls":4},"2010-01-01",3,55535.06,166605.18,3,{"v":34900,"d":"34,900.00"},{"v":10,"d":"10.00"},{"v":10470,"d":"10,470.00"},-93.72]
["709","06区45架03层","定位器","06884850(06776199)","特雷克斯3311E矿车","件",{"$nulls":4},"2010-01-01",2,480.71,961.42,2,465.66,{"v":10,"d":"10.00"},93.13,-90.31]
["710","06区45架03层","行星轮盖板",15233271,"特雷克斯3311E矿车","颗",{"$nulls":4},"2010-01-01",2,5102.51,10205.02,2,{"v":4942.8,"d":"4,942.80"},{"v":10,"d":"10.00"},988.56,-90.31]
["711","06区45架05层","软管",15245133,"特雷克斯3311E矿车","件",{"$nulls":4},"2010-01-01",1,2596.08,2596.08,1,{"$nulls":3},{"v":-100,"d":"-100.00"}]
["712","06区45架05层","钢板",15234879,"特雷克斯3311E矿车","件",{"$nulls":4},"2010-01-01",1,669.75,669.75,1,648.79,{"v":10,"d":"10.00"},64.88,-90.31]
["713","06区46架01层","行星架","23013833(6779585)","特雷克斯3311E矿车","件",{"$nulls":4},"2010-01-01",1,{"v":44234,"d":"44234.00"},{"v":44234,"d":"44234.00"},1,{"v":34850,"d":"34,850.00"},{"v":10,"d":"10.00"},{"v":3485,"d":"3,485.00"},-92.12]
["714","06区46架02层","软管",3629834,"特雷克斯3311E矿车","件",{"$nulls":4},"2010-01-01",2,331.87,663.74,2,{"$nulls":3},{"v":-100,"d":"-100.00"}]
["715","06区46架02层","软管","09256240","特雷克斯3311E矿车","件",{"$nulls":4},"2010-01-01",1,131.95,131.95,1,{"$nulls":3},{"v":-100,"d":"-100.00"}]
["716","06区46架02层","软管","3629833(3634392)","特雷克斯3311E矿车","件",{"$nulls":4},"2010-01-01",2,353.47,706.94,2,{"$nulls":3},{"v":-100,"d":"-100.00"}]
["717","06区46架03层","油管",29529027,"特雷克斯3311E矿车","件",{"$nulls":4},"2010-01-01",2,1481.48,2962.96,2,{"v":1435.11,"d":"1,435.11"},{"v":10,"d":"10.00"},287.02,-90.31]
["718","06区46架03层","软管","3629836(3633789)","特雷克斯3311E矿车","件",{"$nulls":4},"2010-01-01",2,403.51,807.02,2,{"$nulls":3},{"v":-100,"d":"-100.00"}]
["719","06区46架03层","油管",15244891,"特雷克斯3311E矿车","条",{"$nulls":4},"2010-01-01",2,334.72,669.44,2,324.24,{"v":10,"d":"10.00"},64.85,-90.31]
["720","06区46架03层","软管","3175318（3037950）、（3176577）","特雷克斯3311E矿车","件",{"$nulls":4},"2010-01-01",5,155.44,{"v":777.2,"d":"777.20"},5,{"$nulls":3},{"v":-100,"d":"-100.00"}]
["721","06区46架04层","液压管",15260522,"特雷克斯3311E矿车","件",{"$nulls":4},"2010-01-01",9,56.88,511.92,9,{"v":55.1,"d":"55.10"},{"v":10,"d":"10.00"},49.59,-90.31]
["722","06区46架04层","液压管",15260523,"特雷克斯3311E矿车","件",{"$nulls":4},"2010-01-01",4,717.01,2868.04,4,694.57,{"v":10,"d":"10.00"},277.83,-90.31]
["723","06区47架02层","铁管",15236329,"特雷克斯3311E矿车","件",{"$nulls":4},"2010-01-01",5,{"v":335.9,"d":"335.90"},{"v":1679.5,"d":"1679.50"},5,325.39,{"v":10,"d":"10.00"},{"v":162.7,"d":"162.70"},-90.31]
["724","06区47架02层","软管","0001-010-175#","特雷克斯3311E矿车","件",{"$nulls":4},"2010-01-01",1,0.01,0.01,1,{"$nulls":3},{"v":-100,"d":"-100.00"}]
["725","06区47架02层","铁管",15237304,"特雷克斯3311E矿车","件",{"$nulls":4},"2010-01-01",5,303.42,{"v":1517.1,"d":"1517.10"},5,293.92,{"v":10,"d":"10.00"},146.96,-90.31]
["726","06区47架03层","软管",15236236,"特雷克斯3311E矿车","件",{"$nulls":4},"2010-01-01",1,151.96,151.96,1,{"$nulls":3},{"v":-100,"d":"-100.00"}]
["727","06区47架03层","软管","09068722","特雷克斯3311E矿车","件",{"$nulls":4},"2010-01-01",2,1564.26,3128.52,2,{"$nulls":3},{"v":-100,"d":"-100.00"}]
["728","06区47架03层","线束",15237089,"特雷克斯3311E矿车","颗",{"$nulls":4},"2010-01-01",2,1420.52,2841.04,2,{"v":1376.06,"d":"1,376.06"},{"v":10,"d":"10.00"},275.21,-90.31]
["729","06区47架03层","软管",15247896,"特雷克斯3311E矿车","件",{"$nulls":4},"2010-01-01",4,473.39,1893.56,4,{"$nulls":3},{"v":-100,"d":"-100.00"}]
["730","06区47架04层","铁管",15237302,"特雷克斯3311E矿车","件",{"$nulls":4},"2010-01-01",2,914.53,1829.06,2,885.91,{"v":10,"d":"10.00"},177.18,-90.31]
["731","06区47架04层","铁管",15237301,"特雷克斯3311E矿车","件",{"$nulls":4},"2010-01-01",5,478.63,2393.15,5,463.65,{"v":10,"d":"10.00"},231.83,-90.31]
["732","06区47架04层","软管总成",15237098,"特雷克斯3311E矿车","件",{"$nulls":4},"2010-01-01",5,{"v":1709.4,"d":"1709.40"},{"v":8547,"d":"8547.00"},5,{"$nulls":3},{"v":-100,"d":"-100.00"}]
["733","06区47排02层","线束",15247678,"特雷克斯3311E矿车","件",{"$nulls":4},"2010-01-01",5,3198.29,15991.45,5,{"v":3098.18,"d":"3,098.18"},{"v":10,"d":"10.00"},{"v":1549.09,"d":"1,549.09"},-90.31]
["734","06区48架01层","软管",15227369,"特雷克斯3311E矿车","件",{"$nulls":4},"2010-01-01",1,720.64,720.64,1,{"$nulls":3},{"v":-100,"d":"-100.00"}]
["735","06区48架02层","软管","0011-010-190#","特雷克斯3311E矿车","件",{"$nulls":4},"2010-01-01",1,0.01,0.01,1,{"$nulls":3},{"v":-100,"d":"-100.00"}]
["736","06区48架02层","软管","0001-010-095#","特雷克斯3311E矿车","件",{"$nulls":4},"2010-01-01",1,0.01,0.01,1,{"$nulls":3},{"v":-100,"d":"-100.00"}]
["737","06区48架02层","软管","0001-008-150#","特雷克斯3311E矿车","件",{"$nulls":4},"2010-01-01",1,0.01,0.01,1,{"$nulls":3},{"v":-100,"d":"-100.00"}]
["738","06区48架02层","软管","0011-010-090#","特雷克斯3311E矿车","件",{"$nulls":4},"2010-01-01",1,0.01,0.01,1,{"$nulls":3},{"v":-100,"d":"-100.00"}]
["739","06区48架03层","软管",15260352,"特雷克斯3311E矿车","件",{"$nulls":4},"2010-01-01",1,179.85,179.85,1,{"$nulls":3},{"v":-100,"d":"-100.00"}]
["740","06区48架03层","软管","09371078","特雷克斯3311E矿车","件",{"$nulls":4},"2010-01-01",9,279.26,2513.34,9,{"$nulls":3},{"v":-100,"d":"-100.00"}]
["741","06区48架03层","软管",15006522,"特雷克斯3311E矿车","件",{"$nulls":4},"2010-01-01",1,8.89,8.89,1,{"$nulls":3},{"v":-100,"d":"-100.00"}]
["742","06区48架04层","软管总成",15237099,"特雷克斯3311E矿车","件",{"$nulls":4},"2010-01-01",2,192.31,384.62,2,{"$nulls":3},{"v":-100,"d":"-100.00"}]
["743","06区48架04层","铁管",15237311,"特雷克斯3311E矿车","件",{"$nulls":4},"2010-01-01",4,495.73,1982.92,4,480.21,{"v":10,"d":"10.00"},192.08,-90.31]
["744","06区48架04层","铁管",15237312,"特雷克斯3311E矿车","件",{"$nulls":4},"2010-01-01",5,502.56,{"v":2512.8,"d":"2512.80"},5,486.83,{"v":10,"d":"10.00"},243.42,-90.31]
["745","06区48架04层","铁管",15237300,"特雷克斯3311E矿车","件",{"$nulls":4},"2010-01-01",5,453.85,2269.25,5,439.64,{"v":10,"d":"10.00"},219.82,-90.31]
["746","06区48架05层","软管",15245131,"特雷克斯3311E矿车","件",{"$nulls":4},"2010-01-01",9,1699.06,15291.54,9,{"$nulls":3},{"v":-100,"d":"-100.00"}]
["747","06区49架01层","管件总成",15236325,"特雷克斯3311E矿车","件",{"$nulls":4},"2010-01-01",15,{"v":964.4,"d":"964.40"},{"v":14466,"d":"14466.00"},15,934.21,{"v":10,"d":"10.00"},{"v":1401.32,"d":"1,401.32"},-90.31]
["748","06区49架02层","软管","09379426","特雷克斯3311E矿车","颗",{"$nulls":4},"2010-01-01",8,341.31,2730.48,8,{"$nulls":3},{"v":-100,"d":"-100.00"}]
["749","06区49架02层","软管","15260196#","特雷克斯3311E矿车","颗",{"$nulls":4},"2010-01-01",1,0.01,0.01,1,{"$nulls":3},{"v":-100,"d":"-100.00"}]
["750","06区49架02层","软管总成",15005193,"特雷克斯3311E矿车","颗",{"$nulls":4},"2010-01-01",5,{"v":101.2,"d":"101.20"},{"v":506,"d":"506.00"},5,{"$nulls":3},{"v":-100,"d":"-100.00"}]
["751","06区49架02层","J1A线束",23048480,"特雷克斯3311E矿车","件",{"$nulls":4},"2010-01-01",3,3340.43,10021.29,3,{"v":3235.87,"d":"3,235.87"},{"v":10,"d":"10.00"},970.76,-90.31]
["752","06区49架03层","软管",15260517,"特雷克斯3311E矿车","件",{"$nulls":4},"2010-01-01",8,93.38,747.04,8,{"$nulls":3},{"v":-100,"d":"-100.00"}]
["753","06区49架04层","软管","09399108","特雷克斯3311E矿车","件",{"$nulls":4},"2010-01-01",5,399.95,1999.75,5,{"$nulls":3},{"v":-100,"d":"-100.00"}]
["754","06区49架04层","软管","3175810(3634522 )","特雷克斯3311E矿车","件",{"$nulls":4},"2010-01-01",19,415.24,7889.56,19,{"$nulls":3},{"v":-100,"d":"-100.00"}]
["755","06区50架03层","空调软管",15267506,"特雷克斯3311E矿车","件",{"$nulls":4},"2010-01-01",4,270.37,1081.48,4,{"$nulls":3},{"v":-100,"d":"-100.00"}]
["756","06区50架03层","软管","09398406","特雷克斯3311E矿车","件",{"$nulls":4},"2010-01-01",4,280.77,1123.08,4,{"$nulls":3},{"v":-100,"d":"-100.00"}]
["757","06区50架03层","空调软管",15267298,"特雷克斯3311E矿车","件",{"$nulls":4},"2010-01-01",4,405.55,{"v":1622.2,"d":"1622.20"},4,{"$nulls":3},{"v":-100,"d":"-100.00"}]
["758","06区50架04层","铁管",15237303,"特雷克斯3311E矿车","条",{"$nulls":4},"2010-01-01",5,{"v":581.2,"d":"581.20"},{"v":2906,"d":"2906.00"},5,563.01,{"v":10,"d":"10.00"},281.51,-90.31]
["759","06区50架04层","空调软管",15267507,"特雷克斯3311E矿车","件",{"$nulls":4},"2010-01-01",4,332.76,1331.04,4,{"$nulls":3},{"v":-100,"d":"-100.00"}]
["760","06区50排01层","压板",15000720,"特雷克斯3311E矿车","颗",{"$nulls":4},"2010-01-01",4,{"v":1435.9,"d":"1435.90"},{"v":5743.6,"d":"5743.60"},4,{"v":1390.96,"d":"1,390.96"},{"v":10,"d":"10.00"},556.38,-90.31]
["761","06区56架01层","前悬缸活塞杆",15229454,"特雷克斯3311E矿车","件",{"$nulls":4},"2010-01-01",1,7962.39,7962.39,1,{"v":7713.17,"d":"7,713.17"},{"v":10,"d":"10.00"},771.32,-90.31]
["762","06区56架01层","储能器",15231753,"特雷克斯3311E矿车","件",{"$nulls":4},"2010-01-01",2,8340.15,{"v":16680.3,"d":"16680.30"},2,{"v":8079.1,"d":"8,079.10"},{"v":10,"d":"10.00"},{"v":1615.82,"d":"1,615.82"},-90.31]
["763","06区56架01层","壳体","06833147","特雷克斯3311E矿车","颗",{"$nulls":4},"2010-01-01",1,25444.52,25444.52,1,{"v":24648.11,"d":"24,648.11"},{"v":10,"d":"10.00"},{"v":2464.81,"d":"2,464.81"},-90.31]
["764","06区56架01层","泵轮","29503097(23016417)","特雷克斯3311E矿车","件",{"$nulls":4},"2010-01-01",1,18815.27,18815.27,1,{"v":10000,"d":"10,000.00"},{"v":10,"d":"10.00"},{"v":1000,"d":"1,000.00"},-94.69]
["765","07区01架01层","钻杆","002518-003","D50KS牙轮钻机","件",{"$nulls":4},"2010-01-01",3,51655.76,154967.28,3,{"v":50038.93,"d":"50,038.93"},{"v":10,"d":"10.00"},{"v":15011.68,"d":"15,011.68"},-90.31]
["766","07区01架01层","大臂油缸",4337259,"日立EX1800-2液压车","件",{"$nulls":4},"2010-01-01",1,489366.88,489366.88,1,{"v":474049.7,"d":"474,049.70"},{"v":10,"d":"10.00"},{"v":47404.97,"d":"47,404.97"},-90.31]
["767","07区01排01层","缸筒",4287107,"日立EX1800-2液压车","件",{"$nulls":4},"2010-01-01",1,119278.35,119278.35,1,{"v":115544.94,"d":"115,544.94"},{"v":10,"d":"10.00"},{"v":11554.49,"d":"11,554.49"},-90.31]
["768","08区01架01层","螺栓","6210-81-8310","小松装载机","件",{"$nulls":4},"2007-07-01",24,51.17,1228.08,24,46.02,{"v":10,"d":"10.00"},110.45,-91.01]
["769","08区01架01层","螺栓","6210-11-1610","小松装载机","件",{"$nulls":4},"2007-07-01",18,63.97,1151.46,18,{"v":58,"d":"58.00"},{"v":10,"d":"10.00"},{"v":104.4,"d":"104.40"},-90.93]
["770","08区01架01层","轴","6162-23-4320","小松装载机","件",{"$nulls":4},"2007-10-01",1,1737.96,1737.96,1,{"v":1600,"d":"1,600.00"},{"v":10,"d":"10.00"},{"v":160,"d":"160.00"},-90.79]
["771","08区01架01层","开关泵轴","708-25-52710","小松装载机","件",{"$nulls":4},"2007-01-01",1,1547.37,1547.37,1,{"$nulls":3},{"v":-100,"d":"-100.00"}]
["772","08区01架01层","垫片","01643-51232","小松装载机","件",{"$nulls":4},"2009-10-01",4,{"v":4.6,"d":"4.60"},{"v":18.4,"d":"18.40"},4,4.46,{"v":10,"d":"10.00"},1.78,-90.33]
["773","08区01架01层","弯头","07236-10210","小松装载机","件",{"$nulls":4},"2009-03-01",1,378.93,378.93,1,{"v":300,"d":"300.00"},{"v":10,"d":"10.00"},{"v":30,"d":"30.00"},-92.08]
["774","08区01架02层","螺栓","6210-81-8140","小松装载机","件",{"$nulls":4},"2007-07-01",29,26.04,755.16,29,{"v":23,"d":"23.00"},{"v":10,"d":"10.00"},{"v":66.7,"d":"66.70"},-91.17]
["775","08区01架02层","塞","02720-11616","小松装载机","件",{"$nulls":4},"2009-08-01",1,59.24,59.24,1,{"v":53,"d":"53.00"},{"v":10,"d":"10.00"},{"v":5.3,"d":"5.30"},-91.05]
["776","08区01架02层","螺栓","01436-01000","小松装载机","件",{"$nulls":4},"2007-07-01",7,31.42,219.94,7,{"v":28,"d":"28.00"},{"v":10,"d":"10.00"},{"v":19.6,"d":"19.60"},-91.09]
["777","08区01架02层","管接头","6211-11-3130","小松装载机","件",{"$nulls":4},"2009-07-01",10,560.75,{"v":5607.5,"d":"5607.50"},10,{"v":543,"d":"543.00"},{"v":10,"d":"10.00"},{"v":543,"d":"543.00"},-90.32]
["778","08区01架02层","螺栓","01011-31000","小松装载机","件",{"$nulls":4},"2007-07-01",14,{"v":20.2,"d":"20.20"},{"v":282.8,"d":"282.80"},14,19.57,{"v":10,"d":"10.00"},{"v":27.4,"d":"27.40"},-90.31]
["779","08区01架02层","螺栓","01010-50865","小松装载机","件",{"$nulls":4},"2007-07-01",12,11.22,134.64,12,10.87,{"v":10,"d":"10.00"},13.04,-90.31]
["780","08区01架02层","螺栓","01437-01280","小松装载机","件",{"$nulls":4},"2007-07-01",8,40.18,321.44,8,38.92,{"v":10,"d":"10.00"},31.14,-90.31]
["781","08区01架02层","螺栓","6210-41-2450","小松装载机","件",{"$nulls":4},"2007-07-01",24,33.33,799.92,24,32.29,{"v":10,"d":"10.00"},{"v":77.5,"d":"77.50"},-90.31]
["782","08区01架02层","螺栓","01438-01020","小松装载机","件",{"$nulls":4},"2007-07-01",9,23.12,208.08,9,{"v":22.4,"d":"22.40"},{"v":10,"d":"10.00"},20.16,-90.31]
["783","08区01架02层","密封","704-28-19180","小松装载机","件",{"$nulls":4},"2009-07-01",2,71.58,143.16,2,{"v":69,"d":"69.00"},{"v":10,"d":"10.00"},{"v":13.8,"d":"13.80"},-90.36]
["784","08区01架02层","螺栓","01011-31060","小松装载机","件",{"$nulls":4},"2007-07-01",12,31.42,377.04,12,30.44,{"v":10,"d":"10.00"},36.53,-90.31]
["785","08区01架02层","螺栓","01436-01080","小松装载机","件",{"$nulls":4},"2007-07-01",4,18.41,73.64,4,17.83,{"v":10,"d":"10.00"},7.13,-90.32]
["786","08区01架03层","塞","07043-70108","小松装载机","件",{"$nulls":4},"2009-08-01",26,36.02,936.52,26,{"v":36,"d":"36.00"},{"v":10,"d":"10.00"},{"v":93.6,"d":"93.60"},-90.01]
["787","08区01架03层","塞","07043-70617","小松装载机","件",{"$nulls":4},"2009-08-01",2,{"v":60.6,"d":"60.60"},{"v":121.2,"d":"121.20"},2,{"v":60,"d":"60.00"},{"v":10,"d":"10.00"},{"v":12,"d":"12.00"},{"v":-90.1,"d":"-90.10"}]
["788","08区01架03层","垫片","6210-71-1140","小松装载机","件",{"$nulls":4},"2009-10-01",10,24.34,{"v":243.4,"d":"243.40"},10,23.58,{"v":10,"d":"10.00"},23.58,-90.31]
["789","08区01架03层","塞","07043-00108","小松装载机","件",{"$nulls":4},"2009-08-01",17,15.16,257.72,17,{"v":15,"d":"15.00"},{"v":10,"d":"10.00"},{"v":25.5,"d":"25.50"},-90.11]
["790","08区01架03层","活塞销","DK487012-0900","小松装载机","件",{"$nulls":4},"2009-10-01",2,163.51,327.02,2,{"v":158,"d":"158.00"},{"v":10,"d":"10.00"},{"v":31.6,"d":"31.60"},-90.34]
["791","08区01架03层","螺栓","01010-31260","小松装载机","件",{"$nulls":4},"2007-07-01",6,15.71,94.26,6,15.22,{"v":10,"d":"10.00"},9.13,-90.31]
["792","08区01架03层","密封","427-03-12520","小松装载机","件",{"$nulls":4},"2009-07-01",10,22.77,{"v":227.7,"d":"227.70"},10,{"v":22,"d":"22.00"},{"v":10,"d":"10.00"},{"v":22,"d":"22.00"},-90.34]
["793","08区01架03层","塞","07042-70108","小松装载机","件",{"$nulls":4},"2009-08-01",2,42.66,85.32,2,{"v":42,"d":"42.00"},{"v":10,"d":"10.00"},{"v":8.4,"d":"8.40"},-90.15]
["794","08区01架03层","螺栓","01016-31035","小松装载机","件",{"$nulls":4},"2007-07-01",1,{"v":16,"d":"16.00"},{"v":16,"d":"16.00"},1,{"v":15.5,"d":"15.50"},{"v":10,"d":"10.00"},1.55,-90.31]
["795","08区01架03层","螺栓","01437-01085","小松装载机","件",{"$nulls":4},"2007-07-01",20,27.16,{"v":543.2,"d":"543.20"},20,26.31,{"v":10,"d":"10.00"},52.62,-90.31]
["796","08区01架03层","弯头","175-79-82560","小松装载机","件",{"$nulls":4},"2009-05-01",1,350.91,350.91,1,{"v":323,"d":"323.00"},{"v":10,"d":"10.00"},{"v":32.3,"d":"32.30"},{"v":-90.8,"d":"-90.80"}]
["797","08区01架03层","垫片","427-03-12530","小松装载机","件",{"$nulls":4},"2009-10-01",4,28.64,114.56,4,27.74,{"v":10,"d":"10.00"},{"v":11.1,"d":"11.10"},-90.31]
["798","08区01架04层","弯头","07217-50813","小松装载机","件",{"$nulls":4},"2009-05-01",1,139.17,139.17,1,{"v":120,"d":"120.00"},{"v":10,"d":"10.00"},{"v":12,"d":"12.00"},-91.38]
["799","08区01架04层","密封","6215-21-3470","小松装载机","件",{"$nulls":4},"2009-07-01",2,337.74,675.48,2,{"v":327,"d":"327.00"},{"v":10,"d":"10.00"},{"v":65.4,"d":"65.40"},-90.32]
["800","08区01架04层","密封","705-17-04381","小松装载机","件",{"$nulls":4},"2009-07-01",1,100.34,100.34,1,{"v":97,"d":"97.00"},{"v":10,"d":"10.00"},{"v":9.7,"d":"9.70"},-90.33]
["801","08区01架04层","卡箍","07285-00220","小松装载机","件",{"$nulls":4},"2009-06-01",2,15.92,31.84,2,13.39,{"v":10,"d":"10.00"},2.68,-91.58]
["802","08区01架04层","弯管","07323-10400","小松装载机","件",{"$nulls":4},"2009-08-01",2,128.15,{"v":256.3,"d":"256.30"},2,{"v":110,"d":"110.00"},{"v":10,"d":"10.00"},{"v":22,"d":"22.00"},-91.42]
["803","08区01架04层","定位销","6210-41-2430","小松装载机","件",{"$nulls":4},"2009-05-01",23,42.32,973.36,23,{"v":40,"d":"40.00"},{"v":10,"d":"10.00"},{"v":92,"d":"92.00"},-90.55]
["804","08区01架04层","活塞环总成","DK487010-4720","小松装载机","件",{"$nulls":4},"2009-04-01",2,350.21,700.42,2,{"v":350,"d":"350.00"},{"v":10,"d":"10.00"},{"v":70,"d":"70.00"},-90.01]
["805","08区01架04层","塞","07040-11007","小松装载机","件",{"$nulls":4},"2009-08-01",12,34.67,416.04,12,34.37,{"v":10,"d":"10.00"},41.24,-90.09]
["806","08区01架04层","垫片","01643-51032","小松装载机","件",{"$nulls":4},"2009-10-01",32,3.25,{"v":104,"d":"104.00"},32,{"v":3,"d":"3.00"},{"v":10,"d":"10.00"},{"v":9.6,"d":"9.60"},-90.77]
["807","08区01架04层","压臂","6210-71-1150","小松装载机","件",{"$nulls":4},"2009-03-01",6,147.12,882.72,6,{"v":143,"d":"143.00"},{"v":10,"d":"10.00"},{"v":85.8,"d":"85.80"},-90.28]
["808","08区01架04层","阀","709-70-61501","小松装载机","根",{"$nulls":4},"2011-11-01",6,2550.31,15301.86,6,{"v":2116,"d":"2,116.00"},{"v":11,"d":"11.00"},{"v":1396.56,"d":"1,396.56"},-90.87]
["809","08区01排05层","气管","07287-01912","小松装载机","件",{"$nulls":4},"2009-05-01",1,280.15,280.15,1,{"v":271,"d":"271.00"},{"v":10,"d":"10.00"},{"v":27.1,"d":"27.10"},-90.33]
["810","08区02架01层","销套","427-46-12450","小松装载机","件",{"$nulls":4},"2009-11-01",7,1143.86,8007.02,7,{"v":1108.06,"d":"1,108.06"},{"v":10,"d":"10.00"},775.64,-90.31]
["811","08区02架01层","销轴","427-46-11490","小松装载机","件",{"$nulls":4},"2009-01-01",1,1066.54,1066.54,1,{"v":1050.9,"d":"1,050.90"},{"v":10,"d":"10.00"},105.09,-90.15]
["812","08区02架01层","销套","427-46-12440","小松装载机","件",{"$nulls":4},"2009-11-01",8,1959.77,15678.16,8,{"v":1898.43,"d":"1,898.43"},{"v":10,"d":"10.00"},{"v":1518.74,"d":"1,518.74"},-90.31]
["813","08区02架01层","转向泵总成","704-32-30000","小松装载机","件",{"$nulls":4},"2009-01-01",1,21469.44,21469.44,1,{"v":19999,"d":"19,999.00"},{"v":10,"d":"10.00"},{"v":1999.9,"d":"1,999.90"},-90.68]
["814","08区02架02层","弹簧","702-23-23270","小松装载机","件",{"$nulls":4},"2007-10-01",1,75.18,75.18,1,{"v":75,"d":"75.00"},{"v":10,"d":"10.00"},{"v":7.5,"d":"7.50"},-90.02]
["815","08区02架02层","防尘油封","198-63-93170","小松装载机","件",{"$nulls":4},"2007-11-01",6,{"v":216,"d":"216.00"},{"v":1296,"d":"1296.00"},6,{"v":209,"d":"209.00"},{"v":10,"d":"10.00"},{"v":125.4,"d":"125.40"},-90.32]
["816","08区02架02层","滚柱轴承","06002-30217","小松装载机","件",{"$nulls":4},"2007-01-01",2,1156.58,2313.16,2,{"v":936,"d":"936.00"},{"v":10,"d":"10.00"},{"v":187.2,"d":"187.20"},-91.91]
["817","08区02架02层","弹簧","DK154327-3600","小松装载机","件",{"$nulls":4},"2007-10-01",4,136.87,547.48,4,{"v":100,"d":"100.00"},{"v":10,"d":"10.00"},{"v":40,"d":"40.00"},-92.69]
["818","08区02架02层","导轮","23W-13-12680","小松装载机","件",{"$nulls":4},"2009-10-01",1,4462.22,4462.22,1,{"v":4322.55,"d":"4,322.55"},{"v":10,"d":"10.00"},432.26,-90.31]
["819","08区02架02层","调整垫片","425-22-00060","小松装载机","件",{"$nulls":4},"2009-10-01",2,528.74,1057.48,2,{"v":528.1,"d":"528.10"},{"v":10,"d":"10.00"},105.62,-90.01]
["820","08区02架02层","密封","421-09-11320","小松装载机","件",{"$nulls":4},"2009-07-01",16,{"v":71.1,"d":"71.10"},{"v":1137.6,"d":"1137.60"},16,{"v":69,"d":"69.00"},{"v":10,"d":"10.00"},{"v":110.4,"d":"110.40"},{"v":-90.3,"d":"-90.30"}]
["821","08区02架02层","螺栓","07206-31014","小松装载机","件",{"$nulls":4},"2007-09-01",8,{"v":111.1,"d":"111.10"},{"v":888.8,"d":"888.80"},8,107.62,{"v":10,"d":"10.00"},{"v":86.1,"d":"86.10"},-90.31]
["822","08区02架02层","座子","287-06-16420","小松装载机","个",{"$nulls":4},"2007-10-01",10,23.39,{"v":233.9,"d":"233.90"},10,{"v":20,"d":"20.00"},{"v":10,"d":"10.00"},{"v":20,"d":"20.00"},-91.45]
["823","08区02架02层","盖子","09282-00020","小松装载机","个",{"$nulls":4},"2009-02-01",2,157.92,315.84,2,152.98,{"v":10,"d":"10.00"},{"v":30.6,"d":"30.60"},-90.31]
["824","08区02架03层","弹簧","700-80-63230","小松装载机","件",{"$nulls":4},"2007-10-01",1,4.41,4.41,1,{"v":3.5,"d":"3.50"},{"v":10,"d":"10.00"},0.35,-92.06]
["825","08区02架03层","呼吸器","6210-21-8711","小松装载机","件",{"$nulls":4},"2007-03-01",1,349.65,349.65,1,{"v":339,"d":"339.00"},{"v":10,"d":"10.00"},{"v":33.9,"d":"33.90"},{"v":-90.3,"d":"-90.30"}]
["826","08区02架03层","密封","07000-05335(07000-15335)","小松装载机","件",{"$nulls":4},"2009-07-01",2,159.54,319.08,2,{"v":155,"d":"155.00"},{"v":10,"d":"10.00"},{"v":31,"d":"31.00"},-90.28]
["827","08区02架03层","弹簧","426-15-16250","小松装载机","件",{"$nulls":4},"2007-10-01",2,218.78,437.56,2,{"v":200,"d":"200.00"},{"v":10,"d":"10.00"},{"v":40,"d":"40.00"},-90.86]
["828","08区02架03层","弹簧","104-15-25290","小松装载机","件",{"$nulls":4},"2007-10-01",2,36.44,72.88,2,{"v":35.3,"d":"35.30"},{"v":10,"d":"10.00"},7.06,-90.31]
["829","08区02架03层","修理包","6162-K8-2002","小松装载机","颗",{"$nulls":4},"2007-03-01",1,1906.23,1906.23,1,{"v":1700,"d":"1,700.00"},{"v":10,"d":"10.00"},{"v":170,"d":"170.00"},-91.08]
["830","08区02架03层","垫片","424-15-16410","小松装载机","件",{"$nulls":4},"2009-10-01",4,{"v":11.4,"d":"11.40"},{"v":45.6,"d":"45.60"},4,11.04,{"v":10,"d":"10.00"},4.42,-90.31]
["831","08区02架03层","继电器","22W-06-13450","小松装载机","件",{"$nulls":4},"2007-10-01",2,{"v":214.2,"d":"214.20"},{"v":428.4,"d":"428.40"},2,{"v":200,"d":"200.00"},{"v":10,"d":"10.00"},{"v":40,"d":"40.00"},-90.66]
["832","08区02架03层","弹簧","426-15-16260","小松装载机","件",{"$nulls":4},"2007-10-01",2,202.83,405.66,2,{"v":195,"d":"195.00"},{"v":10,"d":"10.00"},{"v":39,"d":"39.00"},-90.39]
["833","08区02架03层","密封","07000-15200","小松装载机","件",{"$nulls":4},"2009-07-01",14,56.53,791.42,14,{"v":55,"d":"55.00"},{"v":10,"d":"10.00"},{"v":77,"d":"77.00"},-90.27]
["834","08区02架04层","垫片","6128-21-4600","小松装载机","件",{"$nulls":4},"2009-10-01",2,116.23,232.46,2,{"v":112,"d":"112.00"},{"v":10,"d":"10.00"},{"v":22.4,"d":"22.40"},-90.36]
["835","08区02架04层","弹簧","424-15-16230","小松装载机","件",{"$nulls":4},"2007-10-01",1,38.22,38.22,1,37.02,{"v":10,"d":"10.00"},{"v":3.7,"d":"3.70"},-90.32]
["836","08区02架04层","油封","427-20-15730","小松装载机","件",{"$nulls":4},"2007-11-01",2,195.79,391.58,2,{"v":190,"d":"190.00"},{"v":10,"d":"10.00"},{"v":38,"d":"38.00"},{"v":-90.3,"d":"-90.30"}]
["837","08区02架04层","卡环","07057-03271","小松装载机","件",{"$nulls":4},"2010-10-01",2,61.58,123.16,2,{"v":61.2,"d":"61.20"},{"v":10,"d":"10.00"},12.24,-90.06]
["838","08区02架04层","活塞环总成","6211-31-2032","小松装载机","件",{"$nulls":4},"2009-11-01",2,{"v":673.7,"d":"673.70"},{"v":1347.4,"d":"1347.40"},2,{"v":653,"d":"653.00"},{"v":10,"d":"10.00"},{"v":130.6,"d":"130.60"},-90.31]
["839","08区02架04层","密封","6215-71-8411","小松装载机","件",{"$nulls":4},"2009-07-01",1,298.54,298.54,1,{"v":289,"d":"289.00"},{"v":10,"d":"10.00"},{"v":28.9,"d":"28.90"},-90.32]
["840","08区02架04层","弹簧","711-54-16630","小松装载机","件",{"$nulls":4},"2007-10-01",1,{"v":40,"d":"40.00"},{"v":40,"d":"40.00"},1,38.75,{"v":10,"d":"10.00"},3.88,{"v":-90.3,"d":"-90.30"}]
["841","08区02架04层","间隔套","427-46-12250","小松装载机","件",{"$nulls":4},"2009-06-01",8,533.27,4266.16,8,{"$nulls":3},{"v":-100,"d":"-100.00"}]
["842","08区02架04层","开关","600-411-1231","小松装载机","件",{"$nulls":4},"2007-08-01",1,205.31,205.31,1,{"$nulls":3},{"v":-100,"d":"-100.00"}]
["843","08区02架04层","垫片","01658-07623","小松装载机","件",{"$nulls":4},"2009-10-01",2,69.89,139.78,2,66.33,{"v":10,"d":"10.00"},13.27,-90.51]
["844","08区02架04层","耐磨套","DK134001-0400","小松装载机","件",{"$nulls":4},"2007-10-01",4,96.48,385.92,4,93.46,{"v":10,"d":"10.00"},37.38,-90.31]
["845","08区02架04层","垫片","426-15-15911","小松装载机","件",{"$nulls":4},"2009-10-01",1,25.07,25.07,1,24.29,{"v":10,"d":"10.00"},2.43,-90.31]
["846","08区02架04层","垫片","6128-21-4360","小松装载机","件",{"$nulls":4},"2009-10-01",1,98.75,98.75,1,{"v":98,"d":"98.00"},{"v":10,"d":"10.00"},{"v":9.8,"d":"9.80"},-90.08]
["847","08区02架04层","弹簧","568-15-15330","小松装载机","件",{"$nulls":4},"2007-10-01",6,33.77,202.62,6,32.71,{"v":10,"d":"10.00"},19.63,-90.31]
["848","08区02架05层","油泵高压管","6215-71-5210","小松装载机","件",{"$nulls":4},"2007-01-01",1,364.31,364.31,1,{"v":330,"d":"330.00"},{"v":10,"d":"10.00"},{"v":33,"d":"33.00"},-90.94]
["849","08区02架05层","油泵高压管","6215-71-5230","小松装载机","件",{"$nulls":4},"2007-01-01",1,364.31,364.31,1,{"v":350,"d":"350.00"},{"v":10,"d":"10.00"},{"v":35,"d":"35.00"},-90.39]
["850","08区02架05层","油底壳垫片","6215-21-5830","小松装载机","件",{"$nulls":4},"2009-10-01",1,664.81,664.81,1,596.45,{"v":10,"d":"10.00"},59.65,-91.03]
["851","08区02架05层","油管","6215-71-7551","小松装载机","件",{"$nulls":4},"2009-10-01",3,{"v":1063.9,"d":"1063.90"},{"v":3191.7,"d":"3191.70"},3,{"v":1000,"d":"1,000.00"},{"v":10,"d":"10.00"},{"v":300,"d":"300.00"},{"v":-90.6,"d":"-90.60"}]
["852","08区02架05层","燃油管","6215-71-5710","小松装载机","件",{"$nulls":4},"2009-10-01",3,461.41,1384.23,3,{"v":440,"d":"440.00"},{"v":10,"d":"10.00"},{"v":132,"d":"132.00"},-90.46]
["853","08区03架01层","轴承","427-46-11130","小松装载机","件",{"$nulls":4},"2007-01-01",1,1422.05,1422.05,1,{"v":1392.28,"d":"1,392.28"},{"v":10,"d":"10.00"},139.23,-90.21]
["854","08区03架01层","耐磨套","427-70-11790","小松装载机","件",{"$nulls":4},"2007-10-01",3,2666.35,7999.05,3,{"v":2582.89,"d":"2,582.89"},{"v":10,"d":"10.00"},774.87,-90.31]
["855","08区03架01层","缸套","6211-21-2220","小松装载机","件",{"$nulls":4},"2007-10-01",2,2090.37,4180.74,2,{"v":2023.7,"d":"2,023.70"},{"v":10,"d":"10.00"},404.74,-90.32]
["856","08区03架01层","销轴","427-46-11391","小松装载机","件",{"$nulls":4},"2007-10-01",1,{"v":1244.3,"d":"1244.30"},{"v":1244.3,"d":"1244.30"},1,{"v":1002.54,"d":"1,002.54"},{"v":10,"d":"10.00"},100.25,-91.94]
["857","08区03架01层","轴承","568-22-11960","小松装载机","件",{"$nulls":4},"2007-01-01",4,5851.75,{"v":23407,"d":"23407.00"},4,{"v":5711.2,"d":"5,711.20"},{"v":10,"d":"10.00"},{"v":2284.48,"d":"2,284.48"},-90.24]
["858","08区03架02层","燃油回油管","6215-71-5580","小松装载机","件",{"$nulls":4},"2011-06-01",1,368.35,368.35,1,{"v":350,"d":"350.00"},{"v":10,"d":"10.00"},{"v":35,"d":"35.00"},{"v":-90.5,"d":"-90.50"}]
["859","08区03架02层","密封圈","281-09-11110","小松装载机","件",{"$nulls":4},"2011-06-01",2,218.78,437.56,2,{"v":200,"d":"200.00"},{"v":10,"d":"10.00"},{"v":40,"d":"40.00"},-90.86]
["860","08区03架02层","水管","07261-20911","小松装载机","个",{"$nulls":4},"2011-06-01",1,156.19,156.19,1,{"v":152,"d":"152.00"},{"v":10,"d":"10.00"},{"v":15.2,"d":"15.20"},-90.27]
["861","08区03架02层","软管","427-35-12711","小松装载机","件",{"$nulls":4},"2007-04-01",1,205.31,205.31,1,{"$nulls":3},{"v":-100,"d":"-100.00"}]
["862","08区03架02层","打气泵机油管","6215-81-5211","小松装载机","件",{"$nulls":4},"2007-01-01",2,555.92,1111.84,2,538.52,{"v":10,"d":"10.00"},{"v":107.7,"d":"107.70"},-90.31]
["863","08区03架02层","燃油回油管","6215-71-5570","小松装载机","件",{"$nulls":4},"2011-06-01",1,334.43,334.43,1,{"v":324,"d":"324.00"},{"v":10,"d":"10.00"},{"v":32.4,"d":"32.40"},-90.31]
["864","08区03架02层","燃油回油管","6215-71-5590","小松装载机","件",{"$nulls":4},"2011-06-01",1,337.74,337.74,1,{"v":240,"d":"240.00"},{"v":10,"d":"10.00"},{"v":24,"d":"24.00"},-92.89]
["865","08区03架02层","拉线","426-43-11132","小松装载机","件",{"$nulls":4},"2009-10-01",1,399.95,399.95,1,{"v":385,"d":"385.00"},{"v":10,"d":"10.00"},{"v":38.5,"d":"38.50"},-90.37]
["866","08区03架03层","软管","07102-20210","小松装载机","件",{"$nulls":4},"2007-04-01",2,366.96,733.92,2,{"$nulls":3},{"v":-100,"d":"-100.00"}]
["867","08区03架03层","软管","07287-01020","小松装载机","件",{"$nulls":4},"2007-04-01",3,118.05,354.15,3,{"$nulls":3},{"v":-100,"d":"-100.00"}]
["868","08区03架03层","软管","07102-20212","小松装载机","件",{"$nulls":4},"2007-04-01",1,451.61,451.61,1,{"$nulls":3},{"v":-100,"d":"-100.00"}]
["869","08区03架03层","软管","424-01-11140","小松装载机","件",{"$nulls":4},"2007-04-01",4,130.29,521.16,4,{"$nulls":3},{"v":-100,"d":"-100.00"}]
["870","08区03架03层","软管","08671-50110","小松装载机","件",{"$nulls":4},"2007-04-01",2,429.78,859.56,2,{"$nulls":3},{"v":-100,"d":"-100.00"}]
["871","08区03架03层","水管","427-03-11430","小松装载机","件",{"$nulls":4},"2009-08-01",1,{"v":953,"d":"953.00"},{"v":953,"d":"953.00"},1,{"v":800,"d":"800.00"},{"v":10,"d":"10.00"},{"v":80,"d":"80.00"},-91.61]
["872","08区03架04层","油泵高压管","6215-71-5250","小松装载机","个",{"$nulls":4},"2007-01-01",2,364.31,728.62,2,{"v":340,"d":"340.00"},{"v":10,"d":"10.00"},{"v":68,"d":"68.00"},-90.67]
["873","08区03架04层","燃油管","6215-71-5330","小松装载机","件",{"$nulls":4},"2009-08-01",2,332.41,664.82,2,{"v":305,"d":"305.00"},{"v":10,"d":"10.00"},{"v":61,"d":"61.00"},-90.82]
["874","08区03架04层","燃油出管","6215-71-5910","小松装载机","件",{"$nulls":4},"2009-08-01",1,443.57,443.57,1,{"v":440,"d":"440.00"},{"v":10,"d":"10.00"},{"v":44,"d":"44.00"},-90.08]
["875","08区03架04层","油泵高压管","6215-71-5220","小松装载机","件",{"$nulls":4},"2007-01-01",3,386.88,1160.64,3,{"v":374,"d":"374.00"},{"v":10,"d":"10.00"},{"v":112.2,"d":"112.20"},-90.33]
["876","08区03架04层","油泵高压管","6215-71-5260","小松装载机","件",{"$nulls":4},"2007-01-01",1,390.53,390.53,1,390.45,{"v":10,"d":"10.00"},39.05,{"v":-90,"d":"-90.00"}]
["877","08区03架05层","油泵高压管","6215-71-5240","小松装载机","件",{"$nulls":4},"2007-01-01",2,410.02,820.04,2,{"v":397,"d":"397.00"},{"v":10,"d":"10.00"},{"v":79.4,"d":"79.40"},-90.32]
["878","08区03架05层","油门拉线","427-43-11440","小松装载机","件",{"$nulls":4},"2009-08-01",1,{"v":2145.7,"d":"2145.70"},{"v":2145.7,"d":"2145.70"},1,{"v":2078.54,"d":"2,078.54"},{"v":10,"d":"10.00"},207.85,-90.31]
["879","08区03架05层","软管","6215-81-5261","小松装载机","件",{"$nulls":4},"2007-04-01",1,472.83,472.83,1,{"$nulls":3},{"v":-100,"d":"-100.00"}]
["880","08区03架05层","软管","07102-20507","小松装载机","件",{"$nulls":4},"2007-04-01",2,{"v":542,"d":"542.00"},{"v":1084,"d":"1084.00"},2,{"$nulls":3},{"v":-100,"d":"-100.00"}]
["881","08区03架05层","软管","6512-51-8140","小松装载机","件",{"$nulls":4},"2007-04-01",2,1159.37,2318.74,2,{"$nulls":3},{"v":-100,"d":"-100.00"}]
["882","08区03架06层","软管","07287-01915","小松装载机","件",{"$nulls":4},"2007-04-01",1,152.82,152.82,1,{"$nulls":3},{"v":-100,"d":"-100.00"}]
["883","08区03架06层","软管","07261-21450","小松装载机","件",{"$nulls":4},"2009-08-01",1,2221.93,2221.93,1,{"$nulls":3},{"v":-100,"d":"-100.00"}]
["884","08区03架06层","软管","07287-01921","小松装载机","件",{"$nulls":4},"2009-08-01",1,213.78,213.78,1,{"$nulls":3},{"v":-100,"d":"-100.00"}]
["885","08区03架06层","软管","427-03-14350","小松装载机","件",{"$nulls":4},"2009-08-01",1,{"v":361,"d":"361.00"},{"v":361,"d":"361.00"},1,{"$nulls":3},{"v":-100,"d":"-100.00"}]
["886","08区04架01层","轴","6210-81-3510","小松装载机","件",{"$nulls":4},"2007-10-01",1,110.99,110.99,1,106.47,{"v":10,"d":"10.00"},10.65,{"v":-90.4,"d":"-90.40"}]
["887","08区04架01层","螺栓","01011-63615","小松装载机","件",{"$nulls":4},"2007-09-01",16,{"v":158.2,"d":"158.20"},{"v":2531.2,"d":"2531.20"},16,{"v":145,"d":"145.00"},{"v":10,"d":"10.00"},{"v":232,"d":"232.00"},-90.83]
["888","08区04架01层","轴套","6215-71-8421","小松装载机","件",{"$nulls":4},"2007-11-01",2,70.03,140.06,2,{"v":70,"d":"70.00"},{"v":10,"d":"10.00"},{"v":14,"d":"14.00"},{"v":-90,"d":"-90.00"}]
["889","08区04架01层","排气管接头垫片","6215-11-5770","小松装载机","件",{"$nulls":4},"2009-10-01",4,155.42,621.68,4,{"v":150,"d":"150.00"},{"v":10,"d":"10.00"},{"v":60,"d":"60.00"},-90.35]
["890","08区04架01层","螺栓","01010-31065","小松装载机","件",{"$nulls":4},"2007-09-01",4,9.21,36.84,4,8.92,{"v":10,"d":"10.00"},3.57,-90.31]
["891","08区04架01层","塞","6215-21-9210","小松装载机","件",{"$nulls":4},"2009-08-01",1,{"v":370.2,"d":"370.20"},{"v":370.2,"d":"370.20"},1,{"v":365.4,"d":"365.40"},{"v":10,"d":"10.00"},36.54,-90.13]
["892","08区04架01层","塞","07046-11816","小松装载机","件",{"$nulls":4},"2009-08-01",16,7.29,116.64,16,{"v":7,"d":"7.00"},{"v":10,"d":"10.00"},{"v":11.2,"d":"11.20"},{"v":-90.4,"d":"-90.40"}]
["893","08区04架02层","塞","6215-11-5920","小松装载机","件",{"$nulls":4},"2009-08-01",2,98.63,197.26,2,{"v":98,"d":"98.00"},{"v":10,"d":"10.00"},{"v":19.6,"d":"19.60"},-90.06]
["894","08区04架02层","轴套","6215-21-5490","小松装载机","件",{"$nulls":4},"2007-11-01",1,286.29,286.29,1,{"v":275,"d":"275.00"},{"v":10,"d":"10.00"},{"v":27.5,"d":"27.50"},-90.39]
["895","08区04架02层","排气管接头垫片","6215-11-5760","小松装载机","件",{"$nulls":4},"2009-10-01",9,125.11,1125.99,9,{"v":100,"d":"100.00"},{"v":10,"d":"10.00"},{"v":90,"d":"90.00"},-92.01]
["896","08区04架02层","塞","07046-42516","小松装载机","件",{"$nulls":4},"2009-08-01",4,17.16,68.64,4,16.62,{"v":10,"d":"10.00"},6.65,-90.31]
["897","08区04架02层","轴套","6215-21-5510","小松装载机","件",{"$nulls":4},"2007-11-01",1,93.69,93.69,1,{"v":92,"d":"92.00"},{"v":10,"d":"10.00"},{"v":9.2,"d":"9.20"},-90.18]
["898","08区04架02层","密封","560-44-11810","小松装载机","件",{"$nulls":4},"2009-07-01",4,52.33,209.32,4,{"v":51,"d":"51.00"},{"v":10,"d":"10.00"},{"v":20.4,"d":"20.40"},-90.25]
["899","08区04架02层","塞","07046-41810","小松装载机","件",{"$nulls":4},"2009-08-01",18,10.89,196.02,18,{"v":10.5,"d":"10.50"},{"v":10,"d":"10.00"},{"v":18.9,"d":"18.90"},-90.36]
["900","08区04架02层","管接头","07214-50813","小松装载机","件",{"$nulls":4},"2009-08-01",4,41.25,{"v":165,"d":"165.00"},4,{"v":40,"d":"40.00"},{"v":10,"d":"10.00"},{"v":16,"d":"16.00"},{"v":-90.3,"d":"-90.30"}]
["901","08区04架02层","油封","6162-23-3510","小松装载机","件",{"$nulls":4},"2007-11-01",3,572.12,1716.36,3,{"v":553,"d":"553.00"},{"v":10,"d":"10.00"},{"v":165.9,"d":"165.90"},-90.33]
["902","08区04架02层","定位销","6127-21-1260","小松装载机","件",{"$nulls":4},"2007-11-01",2,20.55,{"v":41.1,"d":"41.10"},2,{"v":20,"d":"20.00"},{"v":10,"d":"10.00"},{"v":4,"d":"4.00"},-90.27]
["903","08区04架02层","卡环","04064-02212","小松装载机","件",{"$nulls":4},"2010-10-01",48,{"v":4.6,"d":"4.60"},{"v":220.8,"d":"220.80"},48,4.22,{"v":10,"d":"10.00"},20.26,-90.82]
["904","08区04架03层","螺栓","6150-41-5540","小松装载机","件",{"$nulls":4},"2007-09-01",24,178.97,4295.28,24,{"v":160,"d":"160.00"},{"v":10,"d":"10.00"},{"v":384,"d":"384.00"},-91.06]
["905","08区04架03层","定位环","6215-51-1450","小松装载机","件",{"$nulls":4},"2007-09-01",1,108.85,108.85,1,{"v":105,"d":"105.00"},{"v":10,"d":"10.00"},{"v":10.5,"d":"10.50"},-90.35]
["906","08区04架03层","软管","427-03-12460","小松装载机","件",{"$nulls":4},"2009-08-01",2,366.96,733.92,2,{"$nulls":3},{"v":-100,"d":"-100.00"}]
["907","08区04架03层","螺栓","01435-00890","小松装载机","件",{"$nulls":4},"2007-09-01",26,22.56,586.56,26,21.85,{"v":10,"d":"10.00"},56.81,-90.31]
["908","08区04架03层","卡箍","6215-71-8430","小松装载机","件",{"$nulls":4},"2007-09-01",1,38.27,38.27,1,{"v":38,"d":"38.00"},{"v":10,"d":"10.00"},{"v":3.8,"d":"3.80"},-90.07]
["909","08区04架03层","塞","07046-42010","小松装载机","件",{"$nulls":4},"2009-08-01",2,16.05,{"v":32.1,"d":"32.10"},2,{"v":16,"d":"16.00"},{"v":10,"d":"10.00"},{"v":3.2,"d":"3.20"},-90.03]
["910","08区04架03层","塞","02720-40104","小松装载机","件",{"$nulls":4},"2009-08-01",24,15.26,366.24,24,{"v":15,"d":"15.00"},{"v":10,"d":"10.00"},{"v":36,"d":"36.00"},-90.17]
["911","08区04架03层","钢珠","6150-81-8420","小松装载机","颗",{"$nulls":4},"2009-08-01",24,22.44,538.56,24,{"v":22,"d":"22.00"},{"v":10,"d":"10.00"},{"v":52.8,"d":"52.80"},{"v":-90.2,"d":"-90.20"}]
["912","08区04架03层","塞","6210-81-9210","小松装载机","件",{"$nulls":4},"2009-08-01",8,18.74,149.92,8,{"v":18,"d":"18.00"},{"v":10,"d":"10.00"},{"v":14.4,"d":"14.40"},-90.39]
["913","08区04架04层","导管","6210-11-1150","小松装载机","件",{"$nulls":4},"2009-04-01",12,113.45,{"v":1361.4,"d":"1361.40"},12,{"v":109.9,"d":"109.90"},{"v":10,"d":"10.00"},131.88,-90.31]
["914","08区04架04层","弹簧","415-43-11240","小松装载机","件",{"$nulls":4},"2007-10-01",2,141.59,283.18,2,{"v":140,"d":"140.00"},{"v":10,"d":"10.00"},{"v":28,"d":"28.00"},-90.11]
["915","08区04架04层","空气管接头","6211-11-4410","小松装载机","颗",{"$nulls":4},"2007-10-01",1,1273.68,1273.68,1,{"v":1229,"d":"1,229.00"},{"v":10,"d":"10.00"},{"v":122.9,"d":"122.90"},-90.35]
["916","08区04架04层","管接头","6210-11-6560","小松装载机","件",{"$nulls":4},"2007-10-01",7,16.95,118.65,7,{"v":16.4,"d":"16.40"},{"v":10,"d":"10.00"},11.48,-90.32]
["917","08区04架04层","阀总成","DK487033-0720","小松装载机","件",{"$nulls":4},"2007-12-01",2,589.32,1178.64,2,570.87,{"v":10,"d":"10.00"},114.17,-90.31]
["918","08区04架04层","打气泵活塞","DK487009-2000","小松装载机","件",{"$nulls":4},"2007-01-01",2,1004.33,2008.66,2,972.89,{"v":10,"d":"10.00"},194.58,-90.31]
["919","08区04架04层","轴","6210-41-2400","小松装载机","件",{"$nulls":4},"2007-10-01",12,{"v":732.9,"d":"732.90"},{"v":8794.8,"d":"8794.80"},12,{"v":710,"d":"710.00"},{"v":10,"d":"10.00"},{"v":852,"d":"852.00"},-90.31]
["920","08区04架04层","打气泵后板","DK487003-7301","小松装载机","件",{"$nulls":4},"2007-01-01",5,1890.53,9452.65,5,{"v":1799,"d":"1,799.00"},{"v":10,"d":"10.00"},{"v":899.5,"d":"899.50"},-90.48]
["921","08区04架04层","阀总成","6693-22-5600","小松装载机","件",{"$nulls":4},"2007-12-01",1,{"v":1310.7,"d":"1310.70"},{"v":1310.7,"d":"1310.70"},1,{"v":1269.68,"d":"1,269.68"},{"v":10,"d":"10.00"},126.97,-90.31]
["922","08区04架04层","大泵连接块","DK156631-1700","小松装载机","颗",{"$nulls":4},"2011-12-01",5,3350.74,{"v":16753.7,"d":"16753.70"},5,{"v":3245.86,"d":"3,245.86"},{"v":12,"d":"12.00"},{"v":1947.52,"d":"1,947.52"},-88.38]
["923","08区04排03层","修理包","426-35-05110(565-44-05020)","小松装载机","件",{"$nulls":4},"2007-03-01",2,1981.44,3962.88,2,{"v":1919,"d":"1,919.00"},{"v":10,"d":"10.00"},{"v":383.8,"d":"383.80"},-90.32]
["924","08区05架01层","传动箱开关泵总成","705-12-40831","小松装载机","件",{"$nulls":4},"2007-01-01",1,2666.35,2666.35,1,{"$nulls":3},{"v":-100,"d":"-100.00"}]
["925","08区05架01层","传动轴叉头","427-20-15230","小松装载机","件",{"$nulls":4},"2007-10-01",1,7780.41,7780.41,1,{"v":7536.88,"d":"7,536.88"},{"v":10,"d":"10.00"},753.69,-90.31]
["926","08区05架01层","排气弯管","6215-11-5291","小松装载机","件",{"$nulls":4},"2009-03-01",1,6038.45,6038.45,1,{"v":5540,"d":"5,540.00"},{"v":10,"d":"10.00"},{"v":554,"d":"554.00"},-90.83]
["927","08区05架01层","缸盖总成","6212-11-1101","小松装载机","件",{"$nulls":4},"2009-03-01",1,4018.19,4018.19,1,{"v":3892,"d":"3,892.00"},{"v":10,"d":"10.00"},{"v":389.2,"d":"389.20"},-90.31]
["928","08区05架02层","座子","6210-11-7101","小松装载机","件",{"$nulls":4},"2007-10-01",1,3586.39,3586.39,1,{"v":3474.14,"d":"3,474.14"},{"v":10,"d":"10.00"},347.41,-90.31]
["929","08区05架02层","卡箍","6505-11-0450","小松装载机","个",{"$nulls":4},"2007-10-01",2,599.93,1199.86,2,{"v":580,"d":"580.00"},{"v":10,"d":"10.00"},{"v":116,"d":"116.00"},-90.33]
["930","08区05架02层","密封","427-70-11110","小松装载机","件",{"$nulls":4},"2009-07-01",10,929.73,{"v":9297.3,"d":"9297.30"},10,{"v":901,"d":"901.00"},{"v":10,"d":"10.00"},{"v":901,"d":"901.00"},-90.31]
["931","08区05架02层","气门室盖","6210-11-8110","小松装载机","件",{"$nulls":4},"2009-07-01",4,{"v":544.5,"d":"544.50"},{"v":2178,"d":"2178.00"},4,{"v":527,"d":"527.00"},{"v":10,"d":"10.00"},{"v":210.8,"d":"210.80"},-90.32]
["932","08区05架02层","密封","705-17-04440","小松装载机","件",{"$nulls":4},"2009-07-01",3,106.95,320.85,3,{"v":104,"d":"104.00"},{"v":10,"d":"10.00"},{"v":31.2,"d":"31.20"},-90.28]
["933","08区05架02层","油箱盖","423-04-11360","小松装载机","件",{"$nulls":4},"2009-07-01",1,1119.21,1119.21,1,{"v":1084,"d":"1,084.00"},{"v":10,"d":"10.00"},{"v":108.4,"d":"108.40"},-90.31]
["934","08区05架02层","开关","08086-10000","小松装载机","件",{"$nulls":4},"2007-08-01",2,666.82,1333.64,2,{"$nulls":3},{"v":-100,"d":"-100.00"}]
["935","08区05架02层","油封","427-09-11110","小松装载机","件",{"$nulls":4},"2007-11-01",26,1522.36,39581.36,26,{"v":1500,"d":"1,500.00"},{"v":10,"d":"10.00"},{"v":3900,"d":"3,900.00"},-90.15]
["936","08区05架03层","0型圈","07002-33334","小松装载机","件",{"$nulls":4},"2011-06-01",9,93.65,842.85,9,{"v":90,"d":"90.00"},{"v":10,"d":"10.00"},{"v":81,"d":"81.00"},-90.39]
["937","08区05架03层","0型圈","708-25-64910","小松装载机","件",{"$nulls":4},"2011-06-01",3,35.15,105.45,3,{"v":35,"d":"35.00"},{"v":10,"d":"10.00"},{"v":10.5,"d":"10.50"},-90.04]
["938","08区05架03层","0型圈","07002-31823","小松装载机","件",{"$nulls":4},"2011-06-01",6,60.22,361.32,6,{"v":55,"d":"55.00"},{"v":10,"d":"10.00"},{"v":33,"d":"33.00"},-90.87]
["939","08区05架03层","0型圈","07000-02014","小松装载机","件",{"$nulls":4},"2011-06-01",1,{"v":3.2,"d":"3.20"},{"v":3.2,"d":"3.20"},1,{"v":3.1,"d":"3.10"},{"v":10,"d":"10.00"},0.31,-90.31]
["940","08区05架03层","0型圈","419-60-15370","小松装载机","个",{"$nulls":4},"2011-06-01",3,31.71,95.13,3,{"v":30.6,"d":"30.60"},{"v":10,"d":"10.00"},9.18,-90.35]
["941","08区05架03层","密封","07002-13034","小松装载机","件",{"$nulls":4},"2009-07-01",2,{"v":10.7,"d":"10.70"},{"v":21.4,"d":"21.40"},2,{"v":10,"d":"10.00"},{"v":10,"d":"10.00"},{"v":2,"d":"2.00"},-90.65]
["942","08区05架03层","密封","07002-12034","小松装载机","件",{"$nulls":4},"2009-07-01",15,9.09,136.35,15,{"v":9,"d":"9.00"},{"v":10,"d":"10.00"},{"v":13.5,"d":"13.50"},{"v":-90.1,"d":"-90.10"}]
["943","08区05架03层","球头","04250-71056","小松装载机","件",{"$nulls":4},"2009-07-01",1,287.11,287.11,1,{"v":240,"d":"240.00"},{"v":10,"d":"10.00"},{"v":24,"d":"24.00"},-91.64]
["944","08区05架03层","密封","07000-23035","小松装载机","件",{"$nulls":4},"2009-07-01",2,34.78,69.56,2,{"v":34,"d":"34.00"},{"v":10,"d":"10.00"},{"v":6.8,"d":"6.80"},-90.22]
["945","08区05架03层","密封","07002-12434","小松装载机","件",{"$nulls":4},"2009-07-01",5,9.71,48.55,5,{"v":9,"d":"9.00"},{"v":10,"d":"10.00"},{"v":4.5,"d":"4.50"},-90.73]
["946","08区05架03层","0型圈","07000-03032","小松装载机","件",{"$nulls":4},"2011-06-01",4,5.65,{"v":22.6,"d":"22.60"},4,5.47,{"v":10,"d":"10.00"},2.19,-90.31]
["947","08区05架03层","密封","07000-13042","小松装载机","件",{"$nulls":4},"2009-08-01",3,7.98,23.94,3,{"v":8,"d":"8.00"},{"v":10,"d":"10.00"},{"v":2.4,"d":"2.40"},-89.97]
["948","08区05架03层","0型圈","07000-63028","小松装载机","件",{"$nulls":4},"2011-06-01",2,27.41,54.82,2,26.55,{"v":10,"d":"10.00"},5.31,-90.31]
["949","08区05架03层","密封","07002-02434","小松装载机","件",{"$nulls":4},"2009-08-01",5,9.71,48.55,5,{"v":9,"d":"9.00"},{"v":10,"d":"10.00"},{"v":4.5,"d":"4.50"},-90.73]
["950","08区05架04层","密封","07000-32135","小松装载机","件",{"$nulls":4},"2009-08-01",4,194.19,776.76,4,{"v":188,"d":"188.00"},{"v":10,"d":"10.00"},{"v":75.2,"d":"75.20"},-90.32]
["951","08区05架04层","密封","07000-72018","小松装载机","件",{"$nulls":4},"2009-08-01",4,20.65,{"v":82.6,"d":"82.60"},4,{"v":20,"d":"20.00"},{"v":10,"d":"10.00"},{"v":8,"d":"8.00"},-90.31]
["952","08区05架04层","密封","07000-22060","小松装载机","件",{"$nulls":4},"2009-08-01",25,64.77,1619.25,25,{"v":63,"d":"63.00"},{"v":10,"d":"10.00"},{"v":157.5,"d":"157.50"},-90.27]
["953","08区05架04层","密封","07000-05145","小松装载机","件",{"$nulls":4},"2009-08-01",2,46.72,93.44,2,{"v":45,"d":"45.00"},{"v":10,"d":"10.00"},{"v":9,"d":"9.00"},-90.37]
["954","08区05架04层","密封","07000-02110","小松装载机","件",{"$nulls":4},"2009-08-01",6,29.58,177.48,6,{"v":29,"d":"29.00"},{"v":10,"d":"10.00"},{"v":17.4,"d":"17.40"},{"v":-90.2,"d":"-90.20"}]
["955","08区05架04层","密封","07002-05234","小松装载机","件",{"$nulls":4},"2009-08-01",8,13.76,110.08,8,{"v":13,"d":"13.00"},{"v":10,"d":"10.00"},{"v":10.4,"d":"10.40"},-90.55]
["956","08区05架04层","密封","07002-11423","小松装载机","件",{"$nulls":4},"2009-08-01",18,8.64,155.52,18,{"v":8,"d":"8.00"},{"v":10,"d":"10.00"},{"v":14.4,"d":"14.40"},-90.74]
["957","08区05架04层","密封","07000-22055","小松装载机","件",{"$nulls":4},"2009-08-01",5,57.88,{"v":289.4,"d":"289.40"},5,{"v":56,"d":"56.00"},{"v":10,"d":"10.00"},{"v":28,"d":"28.00"},-90.32]
["958","08区05架04层","密封","07000-33048","小松装载机","颗",{"$nulls":4},"2009-08-01",22,51.25,{"v":1127.5,"d":"1127.50"},22,{"v":50,"d":"50.00"},{"v":10,"d":"10.00"},{"v":110,"d":"110.00"},-90.24]
["959","08区05架04层","密封","07002-32434","小松装载机","件",{"$nulls":4},"2009-08-01",36,76.68,2760.48,36,{"v":74,"d":"74.00"},{"v":10,"d":"10.00"},{"v":266.4,"d":"266.40"},-90.35]
["960","08区05架04层","密封","07002-01423","小松装载机","件",{"$nulls":4},"2009-08-01",26,7.37,191.62,26,{"v":7,"d":"7.00"},{"v":10,"d":"10.00"},{"v":18.2,"d":"18.20"},{"v":-90.5,"d":"-90.50"}]
["961","08区05架04层","密封","209-38-12480","小松装载机","件",{"$nulls":4},"2009-08-01",1,28.39,28.39,1,{"v":28,"d":"28.00"},{"v":10,"d":"10.00"},{"v":2.8,"d":"2.80"},-90.14]
["962","08区05架04层","密封","07000-23038","小松装载机","个",{"$nulls":4},"2009-08-01",16,38.09,609.44,16,{"v":37,"d":"37.00"},{"v":10,"d":"10.00"},{"v":59.2,"d":"59.20"},-90.29]
["963","08区05架04层","密封","07000-73035","小松装载机","件",{"$nulls":4},"2009-08-01",8,34.84,278.72,8,{"v":34,"d":"34.00"},{"v":10,"d":"10.00"},{"v":27.2,"d":"27.20"},-90.24]
["964","08区05架05层","铁管","427-35-12540","小松装载机","件",{"$nulls":4},"2009-10-01",2,1136.76,2273.52,2,{"v":1120,"d":"1,120.00"},{"v":10,"d":"10.00"},{"v":224,"d":"224.00"},-90.15]
["965","08区05架05层","铁管","427-35-12550","小松装载机","件",{"$nulls":4},"2009-10-01",2,1297.89,2595.78,2,{"v":1275,"d":"1,275.00"},{"v":10,"d":"10.00"},{"v":255,"d":"255.00"},-90.18]
["966","08区05架05层","油管","6215-81-5830","小松装载机","件",{"$nulls":4},"2009-10-01",2,455.83,911.66,2,{"v":445.5,"d":"445.50"},{"v":10,"d":"10.00"},{"v":89.1,"d":"89.10"},-90.23]
["967","08区05架05层","铁管","427-35-12520","小松装载机","件",{"$nulls":4},"2009-10-01",2,1337.22,2674.44,2,{"v":1295,"d":"1,295.00"},{"v":10,"d":"10.00"},{"v":259,"d":"259.00"},-90.32]
["968","08区05架05层","油管","6215-81-5221","小松装载机","件",{"$nulls":4},"2009-10-01",1,382.83,382.83,1,{"v":320,"d":"320.00"},{"v":10,"d":"10.00"},{"v":32,"d":"32.00"},-91.64]
["969","08区06架01层","胶垫","424-01-11310","小松装载机","件",{"$nulls":4},"2007-10-01",2,1671.22,3342.44,2,null,null,0,{"v":-100,"d":"-100.00"}]
["970","08区06架01层","耐磨套","428-70-11890","小松装载机","件",{"$nulls":4},"2007-10-01",4,{"v":5228.4,"d":"5228.40"},{"v":20913.6,"d":"20913.60"},4,{"v":5064.75,"d":"5,064.75"},{"v":10,"d":"10.00"},{"v":2025.9,"d":"2,025.90"},-90.31]
["971","08区06架01层","耐磨套","428-70-11860","小松装载机","件",{"$nulls":4},"2007-10-01",2,{"v":3312.2,"d":"3312.20"},{"v":6624.4,"d":"6624.40"},2,{"v":3208.53,"d":"3,208.53"},{"v":10,"d":"10.00"},641.71,-90.31]
["972","08区06架02层","耐磨套","427-46-11480","小松装载机","件",{"$nulls":4},"2007-10-01",3,{"v":2142.8,"d":"2142.80"},{"v":6428.4,"d":"6428.40"},3,{"v":2075.73,"d":"2,075.73"},{"v":10,"d":"10.00"},622.72,-90.31]
["973","08区06架02层","空调滤芯","421-07-12312","小松装载机","件",{"$nulls":4},"2009-07-01",4,504.83,2019.32,4,{"$nulls":3},{"v":-100,"d":"-100.00"}]
["974","08区06架02层","电瓶继电器","421-06-11930","小松装载机","件",{"$nulls":4},"2007-10-01",5,815.82,{"v":4079.1,"d":"4079.10"},5,{"v":800,"d":"800.00"},{"v":10,"d":"10.00"},{"v":400,"d":"400.00"},-90.19]
["975","08区06架02层","连杆衬套","427-70-11830","小松装载机","件",{"$nulls":4},"2007-06-01",2,1422.06,2844.12,2,{"v":1378,"d":"1,378.00"},{"v":10,"d":"10.00"},{"v":275.6,"d":"275.60"},-90.31]
["976","08区06架02层","缸体","DK487001-4200","小松装载机","件",{"$nulls":4},"2009-07-01",2,1367.95,{"v":2735.9,"d":"2735.90"},2,{"v":1200,"d":"1,200.00"},{"v":10,"d":"10.00"},{"v":240,"d":"240.00"},-91.23]
["977","08区06架03层","密封","07000-62085","小松装载机","件",{"$nulls":4},"2009-08-01",3,104.34,313.02,3,{"v":101,"d":"101.00"},{"v":10,"d":"10.00"},{"v":30.3,"d":"30.30"},-90.32]
["978","08区06架03层","螺栓","01010-51635","小松装载机","件",{"$nulls":4},"2007-09-01",21,15.84,332.64,21,15.34,{"v":10,"d":"10.00"},32.21,-90.32]
["979","08区06架03层","油封","704-17-05811","小松装载机","件",{"$nulls":4},"2007-11-01",1,{"v":316.6,"d":"316.60"},{"v":316.6,"d":"316.60"},1,{"v":300,"d":"300.00"},{"v":10,"d":"10.00"},{"v":30,"d":"30.00"},-90.52]
["980","08区06架03层","密封","700-22-11410","小松装载机","件",{"$nulls":4},"2009-08-01",4,22.13,88.52,4,{"v":21,"d":"21.00"},{"v":10,"d":"10.00"},{"v":8.4,"d":"8.40"},-90.51]
["981","08区06架03层","密封","07000-13022","小松装载机","件",{"$nulls":4},"2009-08-01",4,4.03,16.12,4,{"v":4,"d":"4.00"},{"v":10,"d":"10.00"},{"v":1.6,"d":"1.60"},-90.07]
["982","08区06架03层","环","07001-03022","小松装载机","件",{"$nulls":4},"2007-08-01",6,5.19,31.14,6,{"v":4.9,"d":"4.90"},{"v":10,"d":"10.00"},2.94,-90.56]
["983","08区06架03层","螺栓","01010-51475","小松装载机","件",{"$nulls":4},"2007-09-01",13,21.36,277.68,13,20.69,{"v":10,"d":"10.00"},{"v":26.9,"d":"26.90"},-90.31]
["984","08区06架03层","弹簧","DK154317-2600","小松装载机","件",{"$nulls":4},"2007-10-01",2,{"v":168.2,"d":"168.20"},{"v":336.4,"d":"336.40"},2,{"v":168,"d":"168.00"},{"v":10,"d":"10.00"},{"v":33.6,"d":"33.60"},-90.01]
["985","08区06架03层","密封","198-15-29610","小松装载机","件",{"$nulls":4},"2009-09-01",4,314.12,1256.48,4,{"v":304,"d":"304.00"},{"v":10,"d":"10.00"},{"v":121.6,"d":"121.60"},-90.32]
["986","08区06架04层","密封","07002-04234","小松装载机","件",{"$nulls":4},"2009-09-01",6,12.66,75.96,6,{"v":12,"d":"12.00"},{"v":10,"d":"10.00"},{"v":7.2,"d":"7.20"},-90.52]
["987","08区06架04层","密封","07000-05175","小松装载机","件",{"$nulls":4},"2009-09-01",3,64.28,192.84,3,{"v":62,"d":"62.00"},{"v":10,"d":"10.00"},{"v":18.6,"d":"18.60"},-90.35]
["988","08区06架04层","密封","07000-12130","小松装载机","件",{"$nulls":4},"2009-09-01",2,37.85,{"v":75.7,"d":"75.70"},2,{"v":37,"d":"37.00"},{"v":10,"d":"10.00"},{"v":7.4,"d":"7.40"},-90.22]
["989","08区06架04层","密封","07000-05190","小松装载机","件",{"$nulls":4},"2009-09-01",2,69.44,138.88,2,{"v":67,"d":"67.00"},{"v":10,"d":"10.00"},{"v":13.4,"d":"13.40"},-90.35]
["990","08区06架04层","密封","07000-63048","小松装载机","件",{"$nulls":4},"2009-09-01",6,52.11,312.66,6,{"v":50,"d":"50.00"},{"v":10,"d":"10.00"},{"v":30,"d":"30.00"},{"v":-90.4,"d":"-90.40"}]
["991","08区06架04层","密封","07000-73025","小松装载机","件",{"$nulls":4},"2009-09-01",6,22.95,{"v":137.7,"d":"137.70"},6,{"v":22,"d":"22.00"},{"v":10,"d":"10.00"},{"v":13.2,"d":"13.20"},-90.41]
["992","08区06架04层","气管","427-35-12450","小松装载机","件",{"$nulls":4},"2009-05-01",1,401.78,401.78,1,{"v":389,"d":"389.00"},{"v":10,"d":"10.00"},{"v":38.9,"d":"38.90"},-90.32]
["993","08区06架04层","密封","07000-12016","小松装载机","件",{"$nulls":4},"2009-09-01",4,3.31,13.24,4,{"v":3,"d":"3.00"},{"v":10,"d":"10.00"},{"v":1.2,"d":"1.20"},-90.94]
["994","08区06架05层","空气管","6215-81-5290","小松装载机","件",{"$nulls":4},"2007-06-01",2,339.09,678.18,2,{"v":322,"d":"322.00"},{"v":10,"d":"10.00"},{"v":64.4,"d":"64.40"},{"v":-90.5,"d":"-90.50"}]
["995","08区06架05层","油管","6215-71-7560","小松装载机","件",{"$nulls":4},"2007-06-01",2,{"v":1063.9,"d":"1063.90"},{"v":2127.8,"d":"2127.80"},2,{"v":1000,"d":"1,000.00"},{"v":10,"d":"10.00"},{"v":200,"d":"200.00"},{"v":-90.6,"d":"-90.60"}]
["996","08区06架05层","燃油管","6215-71-1710","小松装载机","件",{"$nulls":4},"2007-06-01",1,236.45,236.45,1,{"v":233,"d":"233.00"},{"v":10,"d":"10.00"},{"v":23.3,"d":"23.30"},-90.15]
["997","08区06架05层","空气管","6215-81-5281","小松装载机","件",{"$nulls":4},"2007-06-01",1,462.09,462.09,1,455.58,{"v":10,"d":"10.00"},45.56,-90.14]
["998","08区06架05层","油管","6215-71-7810","小松装载机","件",{"$nulls":4},"2007-06-01",2,1008.53,2017.06,2,{"v":1000,"d":"1,000.00"},{"v":10,"d":"10.00"},{"v":200,"d":"200.00"},-90.08]
["999","08区06架05层","燃油管","6215-71-5610","小松装载机","件",{"$nulls":4},"2007-06-01",1,478.79,478.79,1,{"v":464,"d":"464.00"},{"v":10,"d":"10.00"},{"v":46.4,"d":"46.40"},-90.31]
["1000","08区06架05层","油管","6215-71-5331","小松装载机","件",{"$nulls":4},"2007-06-01",2,336.62,673.24,2,{"v":320,"d":"320.00"},{"v":10,"d":"10.00"},{"v":64,"d":"64.00"},-90.49]
["1001","08区06架06层","雨刮臂","426-54-15233","小松装载机","件",{"$nulls":4},"2007-06-01",1,1221.17,1221.17,1,{"v":1100,"d":"1,100.00"},{"v":10,"d":"10.00"},{"v":110,"d":"110.00"},-90.99]
["1002","08区06架06层","软管","427-35-12591","小松装载机","件",{"$nulls":4},"2009-08-01",2,973.06,1946.12,2,{"$nulls":3},{"v":-100,"d":"-100.00"}]
["1003","08区06排02层","前雨刮电机","419-54-15881","小松装载机","件",{"$nulls":4},"2009-08-01",1,3767.67,3767.67,1,{"v":3730,"d":"3,730.00"},{"v":10,"d":"10.00"},{"v":373,"d":"373.00"},{"v":-90.1,"d":"-90.10"}]
["1004","08区06排03层","恒温器","600-421-6630","小松装载机","件",{"$nulls":4},"2009-08-01",2,585.11,1170.22,2,{"v":566.8,"d":"566.80"},{"v":10,"d":"10.00"},113.36,-90.31]
["1005","08区06排03层","密封","6162-13-6440","小松装载机","件",{"$nulls":4},"2009-09-01",2,222.04,444.08,2,{"v":215,"d":"215.00"},{"v":10,"d":"10.00"},{"v":43,"d":"43.00"},-90.32]
["1006","08区07架01层","螺母","01580-03629","小松装载机","件",{"$nulls":4},"2007-10-01",3,140.56,421.68,3,{"v":140,"d":"140.00"},{"v":10,"d":"10.00"},{"v":42,"d":"42.00"},-90.04]
["1007","08区07架01层","螺栓","01010-33075","小松装载机","件",{"$nulls":4},"2007-09-01",1,{"v":153.3,"d":"153.30"},{"v":153.3,"d":"153.30"},1,{"v":143,"d":"143.00"},{"v":10,"d":"10.00"},{"v":14.3,"d":"14.30"},-90.67]
["1008","08区07架01层","螺栓","562-15-13290","小松装载机","件",{"$nulls":4},"2007-09-01",10,214.33,{"v":2143.3,"d":"2143.30"},10,{"v":212,"d":"212.00"},{"v":10,"d":"10.00"},{"v":212,"d":"212.00"},-90.11]
["1009","08区07架01层","调整垫片","426-22-00050","小松装载机","颗",{"$nulls":4},"2009-10-01",2,1633.84,3267.68,2,{"v":1565,"d":"1,565.00"},{"v":10,"d":"10.00"},{"v":313,"d":"313.00"},-90.42]
["1010","08区07架01层","螺母","01580-03931","小松装载机","件",{"$nulls":4},"2007-10-01",6,98.83,592.98,6,{"v":98,"d":"98.00"},{"v":10,"d":"10.00"},{"v":58.8,"d":"58.80"},-90.08]
["1011","08区07架02层","密封","705-19-03480","小松装载机","件",{"$nulls":4},"2009-09-01",1,283.26,283.26,1,{"v":274,"d":"274.00"},{"v":10,"d":"10.00"},{"v":27.4,"d":"27.40"},-90.33]
["1012","08区07架02层","0型圈","427-15-15910","小松装载机","个",{"$nulls":4},"2011-06-01",3,11.92,35.76,3,{"v":10,"d":"10.00"},{"v":10,"d":"10.00"},{"v":3,"d":"3.00"},-91.61]
["1013","08区07架02层","0型圈","07000-23030","小松装载机","件",{"$nulls":4},"2011-06-01",2,28.64,57.28,2,28.08,{"v":10,"d":"10.00"},5.62,-90.19]
["1014","08区07架02层","0型圈","07000-22016","小松装载机","件",{"$nulls":4},"2011-06-01",2,19.17,38.34,2,{"v":18.8,"d":"18.80"},{"v":10,"d":"10.00"},3.76,-90.19]
["1015","08区07架02层","弹簧","702-23-23170","小松装载机","件",{"$nulls":4},"2007-10-01",1,75.18,75.18,1,72.83,{"v":10,"d":"10.00"},7.28,-90.32]
["1016","08区07架02层","密封","07000-05185","小松装载机","件",{"$nulls":4},"2009-09-01",6,66.98,401.88,6,{"v":65,"d":"65.00"},{"v":10,"d":"10.00"},{"v":39,"d":"39.00"},{"v":-90.3,"d":"-90.30"}]
["1017","08区07架02层","0型圈","07002-32034","小松装载机","件",{"$nulls":4},"2011-06-01",14,68.58,960.12,14,{"v":66,"d":"66.00"},{"v":10,"d":"10.00"},{"v":92.4,"d":"92.40"},-90.38]
["1018","08区07架02层","弹簧","702-13-36270","小松装载机","件",{"$nulls":4},"2007-10-01",1,32.77,32.77,1,31.74,{"v":10,"d":"10.00"},3.17,-90.33]
["1019","08区07架02层","0型圈","07002-21423","小松装载机","件",{"$nulls":4},"2011-06-01",5,51.49,257.45,5,49.88,{"v":10,"d":"10.00"},24.94,-90.31]
["1020","08区07架02层","0型圈","07000-23042","小松装载机","件",{"$nulls":4},"2011-06-01",3,43.14,129.42,3,{"v":40,"d":"40.00"},{"v":10,"d":"10.00"},{"v":12,"d":"12.00"},-90.73]
["1021","08区07架02层","0型圈","07000-33035","小松装载机","件",{"$nulls":4},"2011-06-01",20,36.71,{"v":734.2,"d":"734.20"},20,{"v":35,"d":"35.00"},{"v":10,"d":"10.00"},{"v":70,"d":"70.00"},-90.47]
["1022","08区07架02层","密封","07000-02060","小松装载机","件",{"$nulls":4},"2009-09-01",13,17.38,225.94,13,{"v":17,"d":"17.00"},{"v":10,"d":"10.00"},{"v":22.1,"d":"22.10"},-90.22]
["1023","08区07架02层","胶圈","07002-31423","小松装载机","件",{"$nulls":4},"2008-07-01",8,{"v":51.5,"d":"51.50"},{"v":412,"d":"412.00"},8,null,null,0,{"v":-100,"d":"-100.00"}]
["1024","08区07架02层","0型圈","07002-22034","小松装载机","件",{"$nulls":4},"2011-06-01",2,68.58,137.16,2,66.43,{"v":10,"d":"10.00"},13.29,-90.31]
["1025","08区07架03层","盖子","09282-00022","小松装载机","件",{"$nulls":4},"2011-06-01",4,77.19,308.76,4,74.77,{"v":10,"d":"10.00"},29.91,-90.31]
["1026","08区07架03层","密封","07000-02065","小松装载机","件",{"$nulls":4},"2009-09-01",16,13.11,209.76,16,{"v":13,"d":"13.00"},{"v":10,"d":"10.00"},{"v":20.8,"d":"20.80"},-90.08]
["1027","08区07架03层","0型圈","07000-22010","小松装载机","件",{"$nulls":4},"2011-06-01",18,17.33,311.94,18,16.79,{"v":10,"d":"10.00"},30.22,-90.31]
["1028","08区07架03层","螺栓","6166-91-6160","小松装载机","条",{"$nulls":4},"2007-09-01",2,115.26,230.52,2,{"v":112,"d":"112.00"},{"v":10,"d":"10.00"},{"v":22.4,"d":"22.40"},-90.28]
["1029","08区07架03层","油门调节杆","6215-71-8330","小松装载机","件",{"$nulls":4},"2007-09-01",2,{"v":85.8,"d":"85.80"},{"v":171.6,"d":"171.60"},2,83.11,{"v":10,"d":"10.00"},16.62,-90.31]
["1030","08区07架03层","密封","09283-00000","小松装载机","件",{"$nulls":4},"2009-09-01",4,301.64,1206.56,4,{"v":292,"d":"292.00"},{"v":10,"d":"10.00"},{"v":116.8,"d":"116.80"},-90.32]
["1031","08区07架03层","球头","04250-61056","小松装载机","件",{"$nulls":4},"2009-09-01",1,287.11,287.11,1,{"v":240,"d":"240.00"},{"v":10,"d":"10.00"},{"v":24,"d":"24.00"},-91.64]
["1032","08区07架04层","O型圈","07000-22070","小松装载机","件",{"$nulls":4},"2009-09-01",6,66.14,396.84,6,{"v":64,"d":"64.00"},{"v":10,"d":"10.00"},{"v":38.4,"d":"38.40"},-90.32]
["1033","08区07架04层","螺栓","01010-31245","小松装载机","件",{"$nulls":4},"2007-09-01",6,8.03,48.18,6,7.78,{"v":10,"d":"10.00"},4.67,-90.31]
["1034","08区07架04层","密封","700-13-31161","小松装载机","件",{"$nulls":4},"2009-09-01",6,54.08,324.48,6,{"v":52,"d":"52.00"},{"v":10,"d":"10.00"},{"v":31.2,"d":"31.20"},-90.38]
["1035","08区07架04层","螺帽","01582-01210","小松装载机","件",{"$nulls":4},"2009-09-01",3,4.18,12.54,3,{"v":4,"d":"4.00"},{"v":10,"d":"10.00"},{"v":1.2,"d":"1.20"},-90.43]
["1036","08区07架04层","密封","07000-02020","小松装载机","件",{"$nulls":4},"2009-09-01",1,3.56,3.56,1,{"v":3,"d":"3.00"},{"v":10,"d":"10.00"},{"v":0.3,"d":"0.30"},-91.57]
["1037","08区07架04层","0型圈","07000-23045","小松装载机","件",{"$nulls":4},"2011-06-01",14,46.95,{"v":657.3,"d":"657.30"},14,45.48,{"v":10,"d":"10.00"},63.67,-90.31]
["1038","08区07架04层","0型圈","07000-32130","小松装载机","件",{"$nulls":4},"2011-06-01",3,184.36,553.08,3,{"v":180,"d":"180.00"},{"v":10,"d":"10.00"},{"v":54,"d":"54.00"},-90.24]
["1039","08区07架04层","0型圈","07000-32085","小松装载机","件",{"$nulls":4},"2011-06-01",3,103.37,310.11,3,{"v":100,"d":"100.00"},{"v":10,"d":"10.00"},{"v":30,"d":"30.00"},-90.33]
["1040","08区07架04层","0型圈","07000-33025","小松装载机","件",{"$nulls":4},"2011-06-01",3,23.23,69.69,3,{"v":23,"d":"23.00"},{"v":10,"d":"10.00"},{"v":6.9,"d":"6.90"},{"v":-90.1,"d":"-90.10"}]
["1041","08区07排01层","螺母","02290-12031","小松装载机","件",{"$nulls":4},"2007-10-01",18,41.58,748.44,18,{"v":40,"d":"40.00"},{"v":10,"d":"10.00"},{"v":72,"d":"72.00"},-90.38]
["1042","08区07排03层","阀","566-35-42350","小松装载机","件",{"$nulls":4},"2007-12-01",1,813.19,813.19,1,{"v":788,"d":"788.00"},{"v":10,"d":"10.00"},{"v":78.8,"d":"78.80"},-90.31]
["1043","08区07排05层","机油滤芯","6136-51-5121","小松装载机","件",{"$nulls":4},"2007-12-01",5,99.94,{"v":499.7,"d":"499.70"},5,{"v":99,"d":"99.00"},{"v":10,"d":"10.00"},{"v":49.5,"d":"49.50"},-90.09]
["1044","08区07排05层","滤芯","600-311-8222","小松装载机","件",{"$nulls":4},"2007-12-01",4,77.89,311.56,4,{"v":70,"d":"70.00"},{"v":10,"d":"10.00"},{"v":28,"d":"28.00"},-91.01]
["1045","08区08架01层","螺栓","01010-62055","小松装载机","件",{"$nulls":4},"2007-09-01",58,28.39,1646.62,58,{"v":27.5,"d":"27.50"},{"v":10,"d":"10.00"},{"v":159.5,"d":"159.50"},-90.31]
["1046","08区08架01层","螺栓","01010-62455","小松装载机","件",{"$nulls":4},"2007-09-01",32,44.62,1427.84,32,43.22,{"v":10,"d":"10.00"},{"v":138.3,"d":"138.30"},-90.31]
["1047","08区08架03层","垫片","6215-61-7340","小松装载机","件",{"$nulls":4},"2009-10-01",5,51.49,257.45,5,{"v":50,"d":"50.00"},{"v":10,"d":"10.00"},{"v":25,"d":"25.00"},-90.29]
["1048","08区08架03层","门锁组件","421-56-11611","小松装载机","件",{"$nulls":4},"2009-10-01",4,1.22,4.88,4,1.18,{"v":10,"d":"10.00"},0.47,-90.37]
["1049","08区08架03层","卡子","07281-00359","小松装载机","个",{"$nulls":4},"2009-10-01",1,21.99,21.99,1,{"v":21.5,"d":"21.50"},{"v":10,"d":"10.00"},2.15,-90.22]
["1050","08区08架03层","垫片","6215-61-7360","小松装载机","件",{"$nulls":4},"2009-10-01",1,49.41,49.41,1,47.86,{"v":10,"d":"10.00"},4.79,-90.31]
["1051","08区08架03层","门锁组件","427-56-11790","小松装载机","个",{"$nulls":4},"2007-04-01",2,816.87,1633.74,2,{"v":739,"d":"739.00"},{"v":10,"d":"10.00"},{"v":147.8,"d":"147.80"},-90.95]
["1052","08区08架03层","密封","07002-03634","小松装载机","件",{"$nulls":4},"2009-10-01",24,15.61,374.64,24,{"v":15,"d":"15.00"},{"v":10,"d":"10.00"},{"v":36,"d":"36.00"},-90.39]
["1053","08区08架03层","密封","07000-12075","小松装载机","件",{"$nulls":4},"2009-10-01",1,16.81,16.81,1,{"v":16,"d":"16.00"},{"v":10,"d":"10.00"},{"v":1.6,"d":"1.60"},-90.48]
["1054","08区08架03层","垫子","427-03-14140","小松装载机","件",{"$nulls":4},"2007-06-01",1,349.18,349.18,1,338.25,{"v":10,"d":"10.00"},33.83,-90.31]
["1055","08区08架05层","密封","566-09-31160","小松装载机","件",{"$nulls":4},"2009-10-01",1,1458.73,1458.73,1,{"v":1413,"d":"1,413.00"},{"v":10,"d":"10.00"},{"v":141.3,"d":"141.30"},-90.31]
["1056","08区08架05层","摩擦片","198-15-22810","小松装载机","颗",{"$nulls":4},"2007-10-01",6,1374.08,8244.48,6,{"v":1331,"d":"1,331.00"},{"v":10,"d":"10.00"},{"v":798.6,"d":"798.60"},-90.31]
["1057","08区08架06层","铁管","426-35-11153","小松装载机","件",{"$nulls":4},"2007-10-01",1,746.17,746.17,1,{"v":712,"d":"712.00"},{"v":10,"d":"10.00"},{"v":71.2,"d":"71.20"},-90.46]
["1058","08区08排02层","螺栓","02090-12030","小松装载机","件",{"$nulls":4},"2007-09-01",3,113.08,339.24,3,109.54,{"v":10,"d":"10.00"},32.86,-90.31]
["1059","08区08排02层","螺栓","02091-12030","小松装载机","件",{"$nulls":4},"2007-09-01",7,83.06,581.42,7,80.46,{"v":10,"d":"10.00"},56.32,-90.31]
["1060","08区08排02层","垫片","01643-33380","小松装载机","件",{"$nulls":4},"2009-10-01",14,55.49,776.86,14,{"v":55,"d":"55.00"},{"v":10,"d":"10.00"},{"v":77,"d":"77.00"},-90.09]
["1061","08区08排02层","螺母","6114-11-5590","小松装载机","件",{"$nulls":4},"2007-10-01",8,58.75,{"v":470,"d":"470.00"},8,{"v":56.4,"d":"56.40"},{"v":10,"d":"10.00"},45.12,{"v":-90.4,"d":"-90.40"}]
["1062","08区09架01层","螺栓","427-46-11451","小松装载机","件",{"$nulls":4},"2007-09-01",2,476.22,952.44,2,{"v":460,"d":"460.00"},{"v":10,"d":"10.00"},{"v":92,"d":"92.00"},-90.34]
["1063","08区09架01层","软管","07260-28718","小松装载机","件",{"$nulls":4},"2009-08-01",4,541.12,2164.48,4,{"$nulls":3},{"v":-100,"d":"-100.00"}]
["1064","08区09架01层","软管","07260-24722","小松装载机","件",{"$nulls":4},"2009-08-01",2,{"v":282.9,"d":"282.90"},{"v":565.8,"d":"565.80"},2,{"$nulls":3},{"v":-100,"d":"-100.00"}]
["1065","08区09架01层","软管","427-03-11560","小松装载机","件",{"$nulls":4},"2009-08-01",2,688.64,1377.28,2,{"$nulls":3},{"v":-100,"d":"-100.00"}]
["1066","08区09架01层","软管","07260-04116","小松装载机","件",{"$nulls":4},"2009-08-01",1,152.25,152.25,1,{"$nulls":3},{"v":-100,"d":"-100.00"}]
["1067","08区09架01层","软管","07260-02650","小松装载机","件",{"$nulls":4},"2009-08-01",1,236.12,236.12,1,{"$nulls":3},{"v":-100,"d":"-100.00"}]
["1068","08区09架02层","卡子","6215-71-7580","小松装载机","个",{"$nulls":4},"2009-08-01",4,4639.71,18558.84,4,{"v":4494.49,"d":"4,494.49"},{"v":10,"d":"10.00"},{"v":1797.8,"d":"1,797.80"},-90.31]
["1069","08区09架02层","水管","07260-25820","小松装载机","件",{"$nulls":4},"2009-08-01",5,343.03,1715.15,5,{"v":332,"d":"332.00"},{"v":10,"d":"10.00"},{"v":166,"d":"166.00"},-90.32]
["1070","08区09架02层","软管","426-963-1160","小松装载机","件",{"$nulls":4},"2009-08-01",1,649.81,649.81,1,{"$nulls":3},{"v":-100,"d":"-100.00"}]
["1071","08区09架02层","卡子","6215-71-7590","小松装载机","件",{"$nulls":4},"2011-11-01",4,4506.98,18027.92,4,{"v":4365.91,"d":"4,365.91"},{"v":11,"d":"11.00"},{"v":1921,"d":"1,921.00"},-89.34]
["1072","08区09排03层","水滤芯","600-411-1171","小松装载机","件",{"$nulls":4},"2011-11-01",3,630.45,1891.35,3,{"v":555,"d":"555.00"},{"v":11,"d":"11.00"},183.15,-90.32]
["1073","08区09排03层","滤芯","424-16-11140","小松装载机","件",{"$nulls":4},"2011-11-01",9,112.07,1008.63,9,{"v":100,"d":"100.00"},{"v":11,"d":"11.00"},{"v":99,"d":"99.00"},-90.18]
["1074","08区09排04层","旁通机油滤芯","600-212-1510","小松装载机","件",{"$nulls":4},"2011-11-01",2,756.82,1513.64,2,{"v":700,"d":"700.00"},{"v":11,"d":"11.00"},{"v":154,"d":"154.00"},-89.83]
["1075","08区09排05层","滤芯","600-311-7131","小松装载机","件",{"$nulls":4},"2011-11-01",14,{"v":183.7,"d":"183.70"},{"v":2571.8,"d":"2571.80"},14,{"v":178,"d":"178.00"},{"v":11,"d":"11.00"},274.12,-89.34]
["1076","08区10架01层","弹簧","232-15-14260","小松装载机","件",{"$nulls":4},"2007-10-01",1,41.77,41.77,1,40.46,{"v":10,"d":"10.00"},4.05,{"v":-90.3,"d":"-90.30"}]
["1077","08区10架01层","喷水嘴","419-923-1260","小松装载机","件",{"$nulls":4},"2007-10-01",7,143.13,1001.91,7,{"v":120,"d":"120.00"},{"v":10,"d":"10.00"},{"v":84,"d":"84.00"},-91.62]
["1078","08区10架01层","接线柱","08000-00001","小松装载机","件",{"$nulls":4},"2007-10-01",4,41.86,167.44,4,{"v":41,"d":"41.00"},{"v":10,"d":"10.00"},{"v":16.4,"d":"16.40"},-90.21]
["1079","08区10架01层","螺栓","01435-01025#","小松装载机","件",{"$nulls":4},"2007-09-01",30,0.01,{"v":0.3,"d":"0.30"},30,{"v":20,"d":"20.00"},{"v":10,"d":"10.00"},{"v":60,"d":"60.00"},{"v":19900,"d":"19,900.00"}]
["1080","08区10架01层","螺栓","01011-51600","小松装载机","件",{"$nulls":4},"2007-09-01",8,19.69,157.52,8,19.07,{"v":10,"d":"10.00"},15.26,-90.31]
["1081","08区10架01层","开关","421-06-11166","小松装载机","件",{"$nulls":4},"2007-08-01",2,88.88,177.76,2,{"$nulls":3},{"v":-100,"d":"-100.00"}]
["1082","08区10架01层","垫片","0764-33240#","小松装载机","件",{"$nulls":4},"2007-10-01",4,0.01,0.04,4,{"v":10,"d":"10.00"},{"v":10,"d":"10.00"},{"v":4,"d":"4.00"},{"v":9900,"d":"9,900.00"}]
["1083","08区10架02层","垫片","01641-20508","小松装载机","件",{"$nulls":4},"2009-10-01",12,2.15,{"v":25.8,"d":"25.80"},12,{"v":2,"d":"2.00"},{"v":10,"d":"10.00"},{"v":2.4,"d":"2.40"},{"v":-90.7,"d":"-90.70"}]
["1084","08区10架02层","阀","700-90-74001","小松装载机","件",{"$nulls":4},"2011-04-01",2,2024.26,4048.52,2,{"v":1961,"d":"1,961.00"},{"v":10,"d":"10.00"},{"v":392.2,"d":"392.20"},-90.31]
["1085","08区10架02层","阀","709-10-62200","小松装载机","件",{"$nulls":4},"2011-06-01",8,4695.02,37560.16,8,{"v":4575,"d":"4,575.00"},{"v":10,"d":"10.00"},{"v":3660,"d":"3,660.00"},-90.26]
["1086","08区10架02层","软管","6132-11-5860","小松装载机","件",{"$nulls":4},"2009-08-01",1,9.73,9.73,1,{"$nulls":3},{"v":-100,"d":"-100.00"}]
["1087","08区10架02层","弹簧","424-15-16170","小松装载机","件",{"$nulls":4},"2007-10-01",1,46.22,46.22,1,44.77,{"v":10,"d":"10.00"},4.48,-90.31]
["1088","08区10架02层","螺母","426-09-11130","小松装载机","件",{"$nulls":4},"2007-10-01",15,61.35,920.25,15,{"v":60,"d":"60.00"},{"v":10,"d":"10.00"},{"v":90,"d":"90.00"},-90.22]
["1089","08区10架02层","防尘油封","566-63-22241","小松装载机","件",{"$nulls":4},"2007-11-01",2,380.55,{"v":761.1,"d":"761.10"},2,{"v":356.4,"d":"356.40"},{"v":10,"d":"10.00"},71.28,-90.63]
["1090","08区10架02层","盖子","427-15-13390","小松装载机","件",{"$nulls":4},"2007-11-01",1,60.44,60.44,1,58.55,{"v":10,"d":"10.00"},5.86,{"v":-90.3,"d":"-90.30"}]
["1091","08区10架03层","油门控制油缸密封组件","NA74Y49991-10","小松装载机","件",{"$nulls":4},"2007-11-01",1,{"v":776.8,"d":"776.80"},{"v":776.8,"d":"776.80"},1,{"v":752,"d":"752.00"},{"v":10,"d":"10.00"},{"v":75.2,"d":"75.20"},-90.32]
["1092","08区10架03层","密封","07000-72014","小松装载机","件",{"$nulls":4},"2009-10-01",4,19.42,77.68,4,{"v":19,"d":"19.00"},{"v":10,"d":"10.00"},{"v":7.6,"d":"7.60"},-90.22]
["1093","08区10架03层","螺栓","426-09-11150","小松装载机","件",{"$nulls":4},"2007-09-01",16,2.52,40.32,16,2.44,{"v":10,"d":"10.00"},{"v":3.9,"d":"3.90"},-90.33]
["1094","08区10架03层","螺母","01580-12419","小松装载机","件",{"$nulls":4},"2007-10-01",4,28.83,115.32,4,27.93,{"v":10,"d":"10.00"},11.17,-90.31]
["1095","08区10架03层","螺栓","01010-62070","小松装载机","件",{"$nulls":4},"2007-10-01",6,{"v":46.8,"d":"46.80"},{"v":280.8,"d":"280.80"},6,45.34,{"v":10,"d":"10.00"},{"v":27.2,"d":"27.20"},-90.31]
["1096","08区10架03层","轴套","427-12-11223","小松装载机","件",{"$nulls":4},"2007-11-01",6,2865.54,17193.24,6,{"v":2784.05,"d":"2,784.05"},{"v":10,"d":"10.00"},{"v":1670.43,"d":"1,670.43"},-90.28]
["1097","08区10架03层","垫片","113-15-25260","小松装载机","件",{"$nulls":4},"2009-10-01",15,11.55,173.25,15,11.19,{"v":10,"d":"10.00"},16.79,-90.31]
["1098","08区10架03层","密封","07000-62014","小松装载机","件",{"$nulls":4},"2009-10-01",1,19.42,19.42,1,{"v":19,"d":"19.00"},{"v":10,"d":"10.00"},{"v":1.9,"d":"1.90"},-90.22]
["1099","08区10架03层","螺栓","01010-62035","小松装载机","件",{"$nulls":4},"2007-10-01",2,33.95,{"v":67.9,"d":"67.90"},2,32.89,{"v":10,"d":"10.00"},6.58,-90.31]
["1100","08区10架03层","螺栓","01011-62405","小松装载机","件",{"$nulls":4},"2007-10-01",2,97.98,195.96,2,94.91,{"v":10,"d":"10.00"},18.98,-90.31]
["1101","08区10架04层","密封环","124-15-41920","小松装载机","件",{"$nulls":4},"2007-10-01",2,405.65,{"v":811.3,"d":"811.30"},2,{"v":393,"d":"393.00"},{"v":10,"d":"10.00"},{"v":78.6,"d":"78.60"},-90.31]
["1102","08区10架04层","卡簧","3EB-64-11680","小松装载机","件",{"$nulls":4},"2007-10-01",1,101.32,101.32,1,{"v":95,"d":"95.00"},{"v":10,"d":"10.00"},{"v":9.5,"d":"9.50"},-90.62]
["1103","08区10架04层","弯头","07323-50300","小松装载机","件",{"$nulls":4},"2009-05-01",2,107.63,215.26,2,{"v":102,"d":"102.00"},{"v":10,"d":"10.00"},{"v":20.4,"d":"20.40"},-90.52]
["1104","08区10架04层","液压泵轴承","708-2E-12260","小松装载机","件",{"$nulls":4},"2007-01-01",3,942.54,2827.62,3,{"v":913,"d":"913.00"},{"v":10,"d":"10.00"},{"v":273.9,"d":"273.90"},-90.31]
["1105","08区10架04层","弯头","232-43-54460","小松装载机","件",{"$nulls":4},"2009-05-01",2,{"v":353.9,"d":"353.90"},{"v":707.8,"d":"707.80"},2,{"v":340,"d":"340.00"},{"v":10,"d":"10.00"},{"v":68,"d":"68.00"},-90.39]
["1106","08区10架04层","弯头","07323-30300","小松装载机","件",{"$nulls":4},"2009-05-01",2,107.63,215.26,2,{"v":102,"d":"102.00"},{"v":10,"d":"10.00"},{"v":20.4,"d":"20.40"},-90.52]
["1107","08区10架04层","油箱盖","19M-04-11220","小松装载机","件",{"$nulls":4},"2009-05-01",1,1397.44,1397.44,1,{"v":1354,"d":"1,354.00"},{"v":10,"d":"10.00"},{"v":135.4,"d":"135.40"},-90.31]
["1108","08区10架04层","水泵轴","6215-61-1130","小松装载机","件",{"$nulls":4},"2007-01-01",2,2341.12,4682.24,2,{"v":2268,"d":"2,268.00"},{"v":10,"d":"10.00"},{"v":453.6,"d":"453.60"},-90.31]
["1109","08区11架01层","轴承","06032-00228","小松装载机","件",{"$nulls":4},"2007-01-01",1,7309.53,7309.53,1,{"v":7232,"d":"7,232.00"},{"v":10,"d":"10.00"},{"v":723.2,"d":"723.20"},-90.11]
["1110","08区11架01层","轴承","427-20-15720","小松装载机","件",{"$nulls":4},"2007-01-01",1,769.69,769.69,1,764.28,{"v":10,"d":"10.00"},76.43,-90.07]
["1111","08区11架01层","法兰","702-13-41180","小松装载机","件",{"$nulls":4},"2012-12-01",2,5508.55,{"v":11017.1,"d":"11017.10"},2,{"v":5400,"d":"5,400.00"},{"v":22,"d":"22.00"},{"v":2376,"d":"2,376.00"},-78.43]
["1112","08区11架01层","水泵总成","6162-63-1012","小松装载机","件",{"$nulls":4},"2007-01-01",1,12348.82,12348.82,1,{"v":11962,"d":"11,962.00"},{"v":10,"d":"10.00"},{"v":1196.2,"d":"1,196.20"},-90.31]
["1113","08区11架01层","连杆瓦总成","6215-39-3041","小松装载机","件",{"$nulls":4},"2007-06-01",12,266.41,3196.92,12,{"v":262,"d":"262.00"},{"v":10,"d":"10.00"},{"v":314.4,"d":"314.40"},-90.17]
["1114","08区11架01层","轴承","427-20-15710","小松装载机","件",{"$nulls":4},"2007-01-01",1,794.57,794.57,1,{"v":770,"d":"770.00"},{"v":10,"d":"10.00"},{"v":77,"d":"77.00"},-90.31]
["1115","08区11架01层","轴承","06040-06214","小松装载机","件",{"$nulls":4},"2007-01-01",1,333.56,333.56,1,306.83,{"v":10,"d":"10.00"},30.68,{"v":-90.8,"d":"-90.80"}]
["1116","08区11架01层","衬套","426-70-11890","小松装载机","件",{"$nulls":4},"2007-06-01",1,2406.85,2406.85,1,{"v":2331.52,"d":"2,331.52"},{"v":10,"d":"10.00"},233.15,-90.31]
["1117","08区11架02层","弹簧缸","426-32-15501","小松装载机","件",{"$nulls":4},"2011-10-01",2,9600.21,19200.42,2,{"v":9299.72,"d":"9,299.72"},{"v":10,"d":"10.00"},{"v":1859.94,"d":"1,859.94"},-90.31]
["1118","08区11架02层","盖板","195-60-16242","小松装载机","件",{"$nulls":4},"2012-12-01",1,3814.37,3814.37,1,{"v":3694.98,"d":"3,694.98"},{"v":22,"d":"22.00"},{"v":812.9,"d":"812.90"},-78.69]
["1119","08区11架02层","灯总成","23S-06-13270#","小松装载机","件",{"$nulls":4},"2007-10-01",4,0.01,0.04,4,{"v":80,"d":"80.00"},{"v":10,"d":"10.00"},{"v":32,"d":"32.00"},{"v":79900,"d":"79,900.00"}]
["1120","08区11架02层","阀","427-35-15130","小松装载机","件",{"$nulls":4},"2011-10-01",4,2220.19,8880.76,4,{"v":2200,"d":"2,200.00"},{"v":10,"d":"10.00"},{"v":880,"d":"880.00"},-90.09]
["1121","08区11架02层","灯","22W-06-13251#","小松装载机","件",{"$nulls":4},"2007-10-01",2,0.01,0.02,2,{"v":280,"d":"280.00"},{"v":10,"d":"10.00"},{"v":56,"d":"56.00"},{"v":279900,"d":"279,900.00"}]
["1122","08区11架03层","继电器","KD0-25000-6870#","小松装载机","件",{"$nulls":4},"2007-10-01",1,0.01,0.01,1,{"v":9.8,"d":"9.80"},{"v":10,"d":"10.00"},0.98,{"v":9700,"d":"9,700.00"}]
["1123","08区11架03层","灯","307-06-15720","小松装载机","件",{"$nulls":4},"2007-10-01",10,1893.69,{"v":18936.9,"d":"18936.90"},10,{"v":1834.42,"d":"1,834.42"},{"v":10,"d":"10.00"},{"v":1834.42,"d":"1,834.42"},-90.31]
["1124","08区11架03层","灯泡","08104-12420","小松装载机","件",{"$nulls":4},"2007-06-01",45,{"v":29.7,"d":"29.70"},{"v":1336.5,"d":"1336.50"},45,{"v":25,"d":"25.00"},{"v":10,"d":"10.00"},{"v":112.5,"d":"112.50"},-91.58]
["1125","08区11架03层","继电器","287-06-16410","小松装载机","件",{"$nulls":4},"2007-10-01",19,142.05,2698.95,19,{"v":135,"d":"135.00"},{"v":10,"d":"10.00"},{"v":256.5,"d":"256.50"},{"v":-90.5,"d":"-90.50"}]
["1126","08区11架03层","马达驱动齿","KD1-23500-0160#","小松装载机","件",{"$nulls":4},"2007-10-01",3,0.01,0.03,3,{"v":380,"d":"380.00"},{"v":10,"d":"10.00"},{"v":114,"d":"114.00"},{"v":379900,"d":"379,900.00"}]
["1127","08区11架03层","开关","124-06-31310","小松装载机","件",{"$nulls":4},"2007-08-01",1,172.83,172.83,1,{"$nulls":3},{"v":-100,"d":"-100.00"}]
["1128","08区11架03层","灯","22W-06-12310#","小松装载机","件",{"$nulls":4},"2007-10-01",1,{"v":302,"d":"302.00"},{"v":302,"d":"302.00"},1,292.55,{"v":10,"d":"10.00"},29.26,-90.31]
["1129","08区11架03层","螺母","07165-15252#","小松装载机","件",{"$nulls":4},"2007-10-01",2,0.01,0.02,2,{"v":20,"d":"20.00"},{"v":10,"d":"10.00"},{"v":4,"d":"4.00"},{"v":19900,"d":"19,900.00"}]
["1130","08区11架03层","开关","421-06-11521#","小松装载机","件",{"$nulls":4},"2007-08-01",2,0.01,0.02,2,{"$nulls":3},{"v":-100,"d":"-100.00"}]
["1131","08区11架03层","继电器","KD0-25000-6960#","小松装载机","件",{"$nulls":4},"2007-10-01",3,0.01,0.03,3,{"v":9.8,"d":"9.80"},{"v":10,"d":"10.00"},2.94,{"v":9700,"d":"9,700.00"}]
["1132","08区11架03层","灯泡","08102-02403","小松装载机","件",{"$nulls":4},"2007-06-01",29,{"v":18.9,"d":"18.90"},{"v":548.1,"d":"548.10"},29,{"v":17.9,"d":"17.90"},{"v":10,"d":"10.00"},51.91,-90.53]
["1133","08区11架03层","修理包","425-32-05010","小松装载机","件",{"$nulls":4},"2011-11-01",11,2720.95,29930.45,11,{"v":2636,"d":"2,636.00"},{"v":11,"d":"11.00"},{"v":3189.56,"d":"3,189.56"},-89.34]
["1134","08区11架03层","线圈总成","SD1251-00700XO#","小松装载机","件",{"$nulls":4},"2007-10-01",1,0.01,0.01,1,{"v":35,"d":"35.00"},{"v":10,"d":"10.00"},{"v":3.5,"d":"3.50"},{"v":34900,"d":"34,900.00"}]
["1135","08区11架03层","灯泡","08102-12403#","小松装载机","件",{"$nulls":4},"2007-06-01",17,0.01,0.17,17,{"v":110,"d":"110.00"},{"v":10,"d":"10.00"},{"v":187,"d":"187.00"},{"v":109900,"d":"109,900.00"}]
["1136","08区11排03层","黄油嘴","07020-00000","小松装载机","件",{"$nulls":4},"2009-05-01",2,13.33,26.66,2,12.91,{"v":10,"d":"10.00"},2.58,-90.32]
["1137","08区12架01层","摩擦片","198-15-22730","小松装载机","件",{"$nulls":4},"2007-06-01",12,8666.02,103992.24,12,{"v":8395,"d":"8,395.00"},{"v":10,"d":"10.00"},{"v":10074,"d":"10,074.00"},-90.31]
["1138","08区12架02层","右前灯","421-06-13820","小松装载机","件",{"$nulls":4},"2007-06-01",5,736.72,{"v":3683.6,"d":"3683.60"},5,{"v":659,"d":"659.00"},{"v":10,"d":"10.00"},{"v":329.5,"d":"329.50"},-91.05]
["1139","08区12架02层","左前灯","421-06-13730","小松装载机","件",{"$nulls":4},"2007-06-01",2,800.12,1600.24,2,{"v":800,"d":"800.00"},{"v":10,"d":"10.00"},{"v":160,"d":"160.00"},{"v":-90,"d":"-90.00"}]
["1140","08区12架03层","后大灯","421-06-13901","小松装载机","件",{"$nulls":4},"2007-08-01",8,513.75,{"v":4110,"d":"4110.00"},8,{"v":498,"d":"498.00"},{"v":10,"d":"10.00"},{"v":398.4,"d":"398.40"},-90.31]
["1141","08区12架03层","过滤网总成","07058-00010","小松装载机","件",{"$nulls":4},"2009-06-01",6,306.51,1839.06,6,{"$nulls":3},{"v":-100,"d":"-100.00"}]
["1142","08区12架03层","灯泡","22W-06-12170","小松装载机","件",{"$nulls":4},"2007-06-01",28,{"v":152.1,"d":"152.10"},{"v":4258.8,"d":"4258.80"},28,{"v":149,"d":"149.00"},{"v":10,"d":"10.00"},{"v":417.2,"d":"417.20"},{"v":-90.2,"d":"-90.20"}]
["1143","08区12架03层","前端雨刮开关","421-T49-1100#","小松装载机","件",{"$nulls":4},"2007-08-01",1,0.01,0.01,1,{"$nulls":3},{"v":-100,"d":"-100.00"}]
["1144","08区12架03层","灯泡","421-06-13310#","小松装载机","件",{"$nulls":4},"2007-06-01",8,0.01,0.08,8,{"v":110,"d":"110.00"},{"v":10,"d":"10.00"},{"v":88,"d":"88.00"},{"v":109900,"d":"109,900.00"}]
["1145","08区12架03层","灯罩","421-06-13911","小松装载机","件",{"$nulls":4},"2009-07-01",4,25.32,101.28,4,{"v":25,"d":"25.00"},{"v":10,"d":"10.00"},{"v":10,"d":"10.00"},-90.13]
["1146","08区12架04层","灯总成","421-06-13110#","小松装载机","件",{"$nulls":4},"2009-07-01",50,0.01,{"v":0.5,"d":"0.50"},50,{"v":80,"d":"80.00"},{"v":10,"d":"10.00"},{"v":400,"d":"400.00"},{"v":79900,"d":"79,900.00"}]
["1147","08区12排05层","液压油滤芯","07063-01142","小松装载机","件",{"$nulls":4},"2009-07-01",6,172.22,1033.32,6,{"v":160,"d":"160.00"},{"v":10,"d":"10.00"},{"v":96,"d":"96.00"},-90.71]
["1148","08区13架01层","油封","427-12-11343","小松装载机","件",{"$nulls":4},"2007-11-01",2,1886.61,3773.22,2,{"v":1800,"d":"1,800.00"},{"v":10,"d":"10.00"},{"v":360,"d":"360.00"},-90.46]
["1149","08区13架01层","开关","421-06-11166#","小松装载机","件",{"$nulls":4},"2007-08-01",4,0.01,0.04,4,{"$nulls":3},{"v":-100,"d":"-100.00"}]
["1150","08区13架01层","油封","427-12-11353","小松装载机","件",{"$nulls":4},"2011-10-01",6,793.49,4760.94,6,{"v":780,"d":"780.00"},{"v":10,"d":"10.00"},{"v":468,"d":"468.00"},-90.17]
["1151","08区13架01层","密封","07270-20450","小松装载机","件",{"$nulls":4},"2009-10-01",12,20.44,245.28,12,{"v":20,"d":"20.00"},{"v":10,"d":"10.00"},{"v":24,"d":"24.00"},-90.22]
["1152","08区13架01层","修理包","6162-K8-2003","小松装载机","件",{"$nulls":4},"2007-03-01",1,982.11,982.11,1,{"v":951,"d":"951.00"},{"v":10,"d":"10.00"},{"v":95.1,"d":"95.10"},-90.32]
["1153","08区13架01层","胶圈","427-30-12141#","小松装载机","件",{"$nulls":4},"2008-07-01",5,0.01,0.05,5,null,null,0,{"v":-100,"d":"-100.00"}]
["1154","08区13架02层","弹簧","125-15-15290","小松装载机","件",{"$nulls":4},"2007-10-01",6,20.44,122.64,6,{"v":20,"d":"20.00"},{"v":10,"d":"10.00"},{"v":12,"d":"12.00"},-90.22]
["1155","08区13架02层","灯","08141-12400#","小松装载机","件",{"$nulls":4},"2007-10-01",2,0.01,0.02,2,{"v":280,"d":"280.00"},{"v":10,"d":"10.00"},{"v":56,"d":"56.00"},{"v":279900,"d":"279,900.00"}]
["1156","08区13架02层","密封","07000-03028#","小松装载机","件",{"$nulls":4},"2009-10-01",5,0.01,0.05,5,{"v":1,"d":"1.00"},{"v":10,"d":"10.00"},{"v":0.5,"d":"0.50"},{"v":900,"d":"900.00"}]
["1157","08区13架02层","喷油嘴","417-99-12620#","小松装载机","件",{"$nulls":4},"2007-10-01",10,0.01,{"v":0.1,"d":"0.10"},10,{"v":32,"d":"32.00"},{"v":10,"d":"10.00"},{"v":32,"d":"32.00"},{"v":31900,"d":"31,900.00"}]
["1158","08区13架02层","钢珠","04260-01270","小松装载机","件",{"$nulls":4},"2007-10-01",1,21.33,21.33,1,{"v":19,"d":"19.00"},{"v":10,"d":"10.00"},{"v":1.9,"d":"1.90"},-91.09]
["1159","08区13架02层","垫片","01643-33080","小松装载机","件",{"$nulls":4},"2009-10-01",4,48.29,193.16,4,{"v":48,"d":"48.00"},{"v":10,"d":"10.00"},{"v":19.2,"d":"19.20"},-90.06]
["1160","08区13架02层","轴承","06007-06310#","小松装载机","件",{"$nulls":4},"2007-01-01",2,165.25,{"v":330.5,"d":"330.50"},2,{"v":160,"d":"160.00"},{"v":10,"d":"10.00"},{"v":32,"d":"32.00"},-90.32]
["1161","08区13架02层","密封","560-44-11850","小松装载机","件",{"$nulls":4},"2009-10-01",3,1850.97,5552.91,3,{"v":1793,"d":"1,793.00"},{"v":10,"d":"10.00"},{"v":537.9,"d":"537.90"},-90.31]
["1162","08区13架02层","呼吸器","07030-00252#","小松装载机","件",{"$nulls":4},"2007-03-01",1,0.01,0.01,1,{"v":550,"d":"550.00"},{"v":10,"d":"10.00"},{"v":55,"d":"55.00"},{"v":549900,"d":"549,900.00"}]
["1163","08区13架02层","弹簧","562-15-16110","小松装载机","件",{"$nulls":4},"2007-10-01",1,45.33,45.33,1,43.91,{"v":10,"d":"10.00"},4.39,-90.32]
["1164","08区13架03层","连接件","421-40-11381","小松装载机","件",{"$nulls":4},"2009-03-01",2,114.78,229.56,2,{"v":105,"d":"105.00"},{"v":10,"d":"10.00"},{"v":21,"d":"21.00"},-90.85]
["1165","08区13架03层","开关","421-06-11551","小松装载机","件",{"$nulls":4},"2007-08-01",2,108.03,216.06,2,{"$nulls":3},{"v":-100,"d":"-100.00"}]
["1166","08区13架03层","垫片","07051-00003","小松装载机","件",{"$nulls":4},"2009-10-01",2,248.45,{"v":496.9,"d":"496.90"},2,{"v":245.5,"d":"245.50"},{"v":10,"d":"10.00"},{"v":49.1,"d":"49.10"},-90.12]
["1167","08区13架03层","垫片","07053-00002","小松装载机","件",{"$nulls":4},"2009-10-01",3,{"v":13.5,"d":"13.50"},{"v":40.5,"d":"40.50"},3,13.08,{"v":10,"d":"10.00"},3.92,-90.32]
["1168","08区13架03层","后雨刮开关","421-06-16150","小松装载机","件",{"$nulls":4},"2007-05-01",2,136.39,272.78,2,{"$nulls":3},{"v":-100,"d":"-100.00"}]
["1169","08区13架03层","防尘密封","426-09-11320","小松装载机","件",{"$nulls":4},"2007-05-01",2,329.87,659.74,2,{"v":300,"d":"300.00"},{"v":10,"d":"10.00"},{"v":60,"d":"60.00"},-90.91]
["1170","08区13架03层","密封","SD4142-01000XO#","小松装载机","件",{"$nulls":4},"2009-10-01",7,0.01,0.07,7,{"v":1,"d":"1.00"},{"v":10,"d":"10.00"},{"v":0.7,"d":"0.70"},{"v":900,"d":"900.00"}]
["1171","08区13架03层","防尘密封","426-09-11330","小松装载机","件",{"$nulls":4},"2009-10-01",2,329.59,659.18,2,{"v":319,"d":"319.00"},{"v":10,"d":"10.00"},{"v":63.8,"d":"63.80"},-90.32]
["1172","08区13架03层","喷油嘴","421-54-15430#","小松装载机","件",{"$nulls":4},"2007-10-01",1,0.01,0.01,1,{"v":32,"d":"32.00"},{"v":10,"d":"10.00"},{"v":3.2,"d":"3.20"},{"v":31900,"d":"31,900.00"}]
["1173","08区13架04层","垫片","426-70-11350#","小松装载机","件",{"$nulls":4},"2009-10-01",42,0.01,0.42,42,{"v":10,"d":"10.00"},{"v":10,"d":"10.00"},{"v":42,"d":"42.00"},{"v":9900,"d":"9,900.00"}]
["1174","08区13架04层","垫片","426-70-11450","小松装载机","件",{"$nulls":4},"2009-10-01",10,28.35,{"v":283.5,"d":"283.50"},10,{"v":28,"d":"28.00"},{"v":10,"d":"10.00"},{"v":28,"d":"28.00"},-90.12]
["1175","08区13架04层","防尘油封","426-09-11360","小松装载机","件",{"$nulls":4},"2007-11-01",8,341.99,2735.92,8,{"v":331,"d":"331.00"},{"v":10,"d":"10.00"},{"v":264.8,"d":"264.80"},-90.32]
["1176","08区13架04层","垫片","426-70-11280#","小松装载机","件",{"$nulls":4},"2009-10-01",12,0.01,0.12,12,{"v":10,"d":"10.00"},{"v":10,"d":"10.00"},{"v":12,"d":"12.00"},{"v":9900,"d":"9,900.00"}]
["1177","08区13架04层","接头","421-40-11371#","小松装载机","件",{"$nulls":4},"2007-04-01",2,0.01,0.02,2,{"v":2.5,"d":"2.50"},{"v":10,"d":"10.00"},{"v":0.5,"d":"0.50"},{"v":2400,"d":"2,400.00"}]
["1178","08区13排03层","螺栓","01010-30620","小松装载机","件",{"$nulls":4},"2007-10-01",4,2.84,11.36,4,2.75,{"v":10,"d":"10.00"},{"v":1.1,"d":"1.10"},-90.32]
["1179","08区13排03层","过滤元件","209-38-12470","小松装载机","件",{"$nulls":4},"2007-10-01",1,245.95,245.95,1,238.25,{"v":10,"d":"10.00"},23.83,-90.31]
["1180","08区14架01层","衬套","427-70-11821#","小松装载机","件",{"$nulls":4},"2007-06-01",1,0.01,0.01,1,{"v":20,"d":"20.00"},{"v":10,"d":"10.00"},{"v":2,"d":"2.00"},{"v":19900,"d":"19,900.00"}]
["1181","08区14架01层","马达","E704MADA#","小松装载机","件",{"$nulls":4},"2007-10-01",3,0.01,0.03,3,{"v":1500,"d":"1,500.00"},{"v":10,"d":"10.00"},{"v":450,"d":"450.00"},{"v":1499900,"d":"1,499,900.00"}]
["1182","08区14架01层","衬套","428-70-11892","小松装载机","件",{"$nulls":4},"2010-10-01",1,{"v":5439.7,"d":"5439.70"},{"v":5439.7,"d":"5439.70"},1,{"v":5269.44,"d":"5,269.44"},{"v":10,"d":"10.00"},526.94,-90.31]
["1183","08区14架01层","泵","705-36-26640#","小松装载机","件",{"$nulls":4},"2007-01-01",2,0.01,0.02,2,{"v":1121,"d":"1,121.00"},{"v":10,"d":"10.00"},{"v":224.2,"d":"224.20"},{"v":1120900,"d":"1,120,900.00"}]
["1184","08区14架01层","衬套","428-70-11891#","小松装载机","件",{"$nulls":4},"2007-06-01",2,0.01,0.02,2,{"v":20,"d":"20.00"},{"v":10,"d":"10.00"},{"v":4,"d":"4.00"},{"v":19900,"d":"19,900.00"}]
["1185","08区14架01层","空调滤芯","421-70-12312","小松装载机","件",{"$nulls":4},"2007-06-01",4,266.64,1066.56,4,{"$nulls":3},{"v":-100,"d":"-100.00"}]
["1186","08区14架01层","压缩机","195-Z11-6330#","小松装载机","件",{"$nulls":4},"2007-06-01",1,0.01,0.01,1,{"v":1225,"d":"1,225.00"},{"v":10,"d":"10.00"},{"v":122.5,"d":"122.50"},{"v":1224900,"d":"1,224,900.00"}]
["1187","08区14架01层","工具组件","006","小松装载机","件",{"$nulls":4},"2007-02-01",1,0.01,0.01,1,{"v":149,"d":"149.00"},{"v":10,"d":"10.00"},{"v":14.9,"d":"14.90"},{"v":148900,"d":"148,900.00"}]
["1188","08区14架01层","工具","790-101-5001#","小松装载机","件",{"$nulls":4},"2007-02-01",1,0.01,0.01,1,{"v":189,"d":"189.00"},{"v":10,"d":"10.00"},{"v":18.9,"d":"18.90"},{"v":188900,"d":"188,900.00"}]
["1189","08区14架01层","滤网","07056-18416","小松装载机","件",{"$nulls":4},"2009-06-01",4,330.23,1320.92,4,{"$nulls":3},{"v":-100,"d":"-100.00"}]
["1190","08区14架02层","垫片","426-70-11320","小松装载机","个",{"$nulls":4},"2009-10-01",6,138.96,833.76,6,{"v":135,"d":"135.00"},{"v":10,"d":"10.00"},{"v":81,"d":"81.00"},-90.28]
["1191","08区14架02层","软管","421-54-15440","小松装载机","件",{"$nulls":4},"2009-08-01",2,54.01,108.02,2,{"$nulls":3},{"v":-100,"d":"-100.00"}]
["1192","08区14架02层","垫片","426-70-11270","小松装载机","件",{"$nulls":4},"2009-10-01",70,22.96,{"v":1607.2,"d":"1607.20"},70,{"v":22.2,"d":"22.20"},{"v":10,"d":"10.00"},{"v":155.4,"d":"155.40"},-90.33]
["1193","08区14架02层","衬套","421-40-12411","小松装载机","件",{"$nulls":4},"2007-06-01",2,20.26,40.52,2,19.63,{"v":10,"d":"10.00"},3.93,{"v":-90.3,"d":"-90.30"}]
["1194","08区14架02层","轴承","06000-06208","小松装载机","件",{"$nulls":4},"2007-01-01",2,47.26,94.52,2,45.78,{"v":10,"d":"10.00"},9.16,-90.31]
["1195","08区14架02层","密封","426-35-15280#","小松装载机","件",{"$nulls":4},"2009-10-01",4,0.01,0.04,4,{"v":1,"d":"1.00"},{"v":10,"d":"10.00"},{"v":0.4,"d":"0.40"},{"v":900,"d":"900.00"}]
["1196","08区14架02层","垫片","426-70-11460","小松装载机","件",{"$nulls":4},"2009-10-01",23,22.96,528.08,23,{"v":22.2,"d":"22.20"},{"v":10,"d":"10.00"},51.06,-90.33]
["1197","08区14架02层","垫片","426-70-11440","小松装载机","件",{"$nulls":4},"2009-10-01",6,25.66,153.96,6,{"v":25,"d":"25.00"},{"v":10,"d":"10.00"},{"v":15,"d":"15.00"},-90.26]
["1198","08区14架03层","螺母","01582-01008","小松装载机","件",{"$nulls":4},"2007-10-01",9,1.35,12.15,9,1.31,{"v":10,"d":"10.00"},1.18,-90.29]
["1199","08区14架03层","垫片","6505-51-0610","小松装载机","件",{"$nulls":4},"2009-10-01",4,62.12,248.48,4,{"v":60,"d":"60.00"},{"v":10,"d":"10.00"},{"v":24,"d":"24.00"},-90.34]
["1200","08区14架03层","密封","07000-72021","小松装载机","件",{"$nulls":4},"2009-10-01",6,21.39,128.34,6,{"v":21,"d":"21.00"},{"v":10,"d":"10.00"},{"v":12.6,"d":"12.60"},-90.18]
["1201","08区14架03层","O型圈","07002-03334","小松装载机","件",{"$nulls":4},"2009-10-01",22,10.63,233.86,22,{"v":10,"d":"10.00"},{"v":10,"d":"10.00"},{"v":22,"d":"22.00"},-90.59]
["1202","08区14架03层","密封","SD4142-00900XO#","小松装载机","件",{"$nulls":4},"2009-10-01",7,0.01,0.07,7,{"v":1,"d":"1.00"},{"v":10,"d":"10.00"},{"v":0.7,"d":"0.70"},{"v":900,"d":"900.00"}]
["1203","08区14架03层","密封","427-46-11140","小松装载机","件",{"$nulls":4},"2009-10-01",6,266.64,1599.84,6,{"v":258,"d":"258.00"},{"v":10,"d":"10.00"},{"v":154.8,"d":"154.80"},-90.32]
["1204","08区14架03层","金属垫","6210-71-1160","小松装载机","件",{"$nulls":4},"2009-10-01",24,{"v":16.2,"d":"16.20"},{"v":388.8,"d":"388.80"},24,{"v":14.7,"d":"14.70"},{"v":10,"d":"10.00"},35.28,-90.93]
["1205","08区14架03层","螺栓","01010-62450","小松装载机","件",{"$nulls":4},"2007-10-01",3,79.99,239.97,3,77.49,{"v":10,"d":"10.00"},23.25,-90.31]
["1206","08区14架03层","修理包","238-44-05030#","小松装载机","件",{"$nulls":4},"2007-03-01",31,0.01,0.31,31,{"v":26,"d":"26.00"},{"v":10,"d":"10.00"},{"v":80.6,"d":"80.60"},{"v":25900,"d":"25,900.00"}]
["1207","08区14架03层","密封","07000-05200","小松装载机","件",{"$nulls":4},"2009-10-01",3,71.85,215.55,3,{"v":70,"d":"70.00"},{"v":10,"d":"10.00"},{"v":21,"d":"21.00"},-90.26]
["1208","08区14架03层","防尘油封","427-46-11140#","小松装载机","件",{"$nulls":4},"2007-11-01",2,0.01,0.02,2,{"v":6,"d":"6.00"},{"v":10,"d":"10.00"},{"v":1.2,"d":"1.20"},{"v":5900,"d":"5,900.00"}]
["1209","08区14架03层","阀","DK487021-3620#","小松装载机","件",{"$nulls":4},"2007-12-01",2,0.01,0.02,2,{"v":200,"d":"200.00"},{"v":10,"d":"10.00"},{"v":40,"d":"40.00"},{"v":199900,"d":"199,900.00"}]
["1210","08区14架04层","密封","07000-12060","小松装载机","件",{"$nulls":4},"2009-10-01",27,12.29,331.83,27,{"v":12,"d":"12.00"},{"v":10,"d":"10.00"},{"v":32.4,"d":"32.40"},-90.24]
["1211","08区14架04层","防尘油封","06122-04504#","小松装载机","件",{"$nulls":4},"2007-11-01",2,0.01,0.02,2,{"v":6,"d":"6.00"},{"v":10,"d":"10.00"},{"v":1.2,"d":"1.20"},{"v":5900,"d":"5,900.00"}]
["1212","08区14架04层","开关","08073-10505#","小松装载机","件",{"$nulls":4},"2007-08-01",1,0.01,0.01,1,{"$nulls":3},{"v":-100,"d":"-100.00"}]
["1213","08区14架04层","密封","DK026514-1840#","小松装载机","件",{"$nulls":4},"2009-10-01",2,0.01,0.02,2,{"v":1,"d":"1.00"},{"v":10,"d":"10.00"},{"v":0.2,"d":"0.20"},{"v":900,"d":"900.00"}]
["1214","08区14架04层","密封","6212-61-6430","小松装载机","件",{"$nulls":4},"2009-10-01",16,18.66,298.56,16,{"v":18,"d":"18.00"},{"v":10,"d":"10.00"},{"v":28.8,"d":"28.80"},-90.35]
["1215","08区14架04层","垫片","6215-11-25980#","小松装载机","件",{"$nulls":4},"2009-10-01",2,0.01,0.02,2,{"v":10,"d":"10.00"},{"v":10,"d":"10.00"},{"v":2,"d":"2.00"},{"v":9900,"d":"9,900.00"}]
["1216","08区14架04层","密封","04065-01410","小松装载机","件",{"$nulls":4},"2009-10-01",1,1.35,1.35,1,{"v":1,"d":"1.00"},{"v":10,"d":"10.00"},{"v":0.1,"d":"0.10"},-92.59]
["1217","08区14架04层","垫片","6128-11-5610#","小松装载机","件",{"$nulls":4},"2009-10-01",6,0.01,0.06,6,{"v":10,"d":"10.00"},{"v":10,"d":"10.00"},{"v":6,"d":"6.00"},{"v":9900,"d":"9,900.00"}]
["1218","08区14架04层","环","07146-02126#","小松装载机","件",{"$nulls":4},"2009-10-01",6,0.01,0.06,6,{"v":9.9,"d":"9.90"},{"v":10,"d":"10.00"},5.94,{"v":9800,"d":"9,800.00"}]
["1219","08区14架04层","密封环","6505-51-0310","小松装载机","件",{"$nulls":4},"2009-10-01",2,102.62,205.24,2,{"v":99,"d":"99.00"},{"v":10,"d":"10.00"},{"v":19.8,"d":"19.80"},-90.35]
["1220","08区14架04层","开关","421-06-11570","小松装载机","件",{"$nulls":4},"2007-08-01",1,310.56,310.56,1,{"$nulls":3},{"v":-100,"d":"-100.00"}]
["1221","08区14架04层","轴承","06002-06001","小松装载机","件",{"$nulls":4},"2007-01-01",2,28.35,{"v":56.7,"d":"56.70"},2,{"v":28,"d":"28.00"},{"v":10,"d":"10.00"},{"v":5.6,"d":"5.60"},-90.12]
["1222","08区14架04层","环","07146-05152","小松装载机","件",{"$nulls":4},"2007-01-01",4,121.62,486.48,4,117.81,{"v":10,"d":"10.00"},47.12,-90.31]
["1223","08区14架04层","导管","DK152115-0500","小松装载机","件",{"$nulls":4},"2007-01-01",2,30.77,61.54,2,29.81,{"v":10,"d":"10.00"},5.96,-90.32]
["1224","08区14架04层","密封","DK487000-4500#","小松装载机","颗",{"$nulls":4},"2009-10-01",2,0.01,0.02,2,{"v":1,"d":"1.00"},{"v":10,"d":"10.00"},{"v":0.2,"d":"0.20"},{"v":900,"d":"900.00"}]
["1225","08区14架04层","塞子","426-35-15290","小松装载机","个",{"$nulls":4},"2009-10-01",2,24.31,48.62,2,{"v":24,"d":"24.00"},{"v":10,"d":"10.00"},{"v":4.8,"d":"4.80"},-90.13]
["1226","08区14架04层","密封","07016-20708#","小松装载机","件",{"$nulls":4},"2009-11-01",10,0.01,{"v":0.1,"d":"0.10"},10,{"v":1,"d":"1.00"},{"v":10,"d":"10.00"},{"v":1,"d":"1.00"},{"v":900,"d":"900.00"}]
["1227","08区14架05层","修理包","426-15-05100","小松装载机","件",{"$nulls":4},"2011-10-01",1,11625.64,11625.64,1,{"v":11261.76,"d":"11,261.76"},{"v":10,"d":"10.00"},{"v":1126.18,"d":"1,126.18"},-90.31]
["1228","08区14排03层","O型圈","07002-03334","小松装载机","件",{"$nulls":4},"2011-10-01",3,10.63,31.89,3,{"v":10.3,"d":"10.30"},{"v":10,"d":"10.00"},3.09,-90.31]
["1229","08区15架01层","软管","6215-51-8140","小松装载机","件",{"$nulls":4},"2007-04-01",2,351.07,702.14,2,{"$nulls":3},{"v":-100,"d":"-100.00"}]
["1230","08区15架01层","软管","07102-20312#","小松装载机","件",{"$nulls":4},"2007-04-01",1,0.01,0.01,1,{"$nulls":3},{"v":-100,"d":"-100.00"}]
["1231","08区15架01层","软管","07125-01417","小松装载机","件",{"$nulls":4},"2007-04-01",2,908.34,1816.68,2,{"$nulls":3},{"v":-100,"d":"-100.00"}]
["1232","08区15架02层","螺母","426-09-11140","小松装载机","件",{"$nulls":4},"2007-10-01",16,6.68,106.88,16,6.65,{"v":10,"d":"10.00"},10.64,-90.04]
["1233","08区15架02层","接头","423-09-12110","小松装载机","件",{"$nulls":4},"2007-04-01",5,64.03,320.15,5,{"v":62.4,"d":"62.40"},{"v":10,"d":"10.00"},{"v":31.2,"d":"31.20"},-90.25]
["1234","08区15架02层","密封","DK487061-3700","小松装载机","件",{"$nulls":4},"2009-11-01",6,106.45,{"v":638.7,"d":"638.70"},6,{"v":103,"d":"103.00"},{"v":10,"d":"10.00"},{"v":61.8,"d":"61.80"},-90.32]
["1235","08区15架02层","销","425-32-15340","小松装载机","件",{"$nulls":4},"2009-11-01",4,147.24,588.96,4,{"v":145,"d":"145.00"},{"v":10,"d":"10.00"},{"v":58,"d":"58.00"},-90.15]
["1236","08区15架02层","卡环","07283-21529","小松装载机","件",{"$nulls":4},"2010-10-01",8,{"v":60.1,"d":"60.10"},{"v":480.8,"d":"480.80"},8,58.22,{"v":10,"d":"10.00"},46.58,-90.31]
["1237","08区15架02层","阀","566-35-42530","小松装载机","件",{"$nulls":4},"2007-12-01",2,1079.16,2158.32,2,{"v":1000,"d":"1,000.00"},{"v":10,"d":"10.00"},{"v":200,"d":"200.00"},-90.73]
["1238","08区15架02层","密封","DK016500-1800","小松装载机","件",{"$nulls":4},"2009-11-01",6,24.92,149.52,6,{"v":24,"d":"24.00"},{"v":10,"d":"10.00"},{"v":14.4,"d":"14.40"},-90.37]
["1239","08区15架02层","卡环","424-06-12740","小松装载机","件",{"$nulls":4},"2010-10-01",12,43.27,519.24,12,{"v":40,"d":"40.00"},{"v":10,"d":"10.00"},{"v":48,"d":"48.00"},-90.76]
["1240","08区15架02层","螺母","01582-11613","小松装载机","件",{"$nulls":4},"2007-10-01",8,8.86,70.88,8,{"v":8.8,"d":"8.80"},{"v":10,"d":"10.00"},7.04,-90.07]
["1241","08区15架02层","接头","07327-20400","小松装载机","件",{"$nulls":4},"2007-04-01",8,195.67,1565.36,8,{"v":190,"d":"190.00"},{"v":10,"d":"10.00"},{"v":152,"d":"152.00"},-90.29]
["1242","08区15架02层","密封","DK134115-0300","小松装载机","件",{"$nulls":4},"2009-11-01",6,42.35,{"v":254.1,"d":"254.10"},6,{"v":41,"d":"41.00"},{"v":10,"d":"10.00"},{"v":24.6,"d":"24.60"},-90.32]
["1243","08区15架02层","垫片","07283-51523","小松装载机","件",{"$nulls":4},"2009-10-01",8,46.83,374.64,8,{"v":46,"d":"46.00"},{"v":10,"d":"10.00"},{"v":36.8,"d":"36.80"},-90.18]
["1244","08区15架02层","黄油嘴","07020-00675","小松装载机","件",{"$nulls":4},"2009-05-01",9,14.68,132.12,9,{"v":14,"d":"14.00"},{"v":10,"d":"10.00"},{"v":12.6,"d":"12.60"},-90.46]
["1245","08区15架03层","接头","428-35-11130","小松装载机","件",{"$nulls":4},"2007-04-01",1,410.13,410.13,1,{"v":400,"d":"400.00"},{"v":10,"d":"10.00"},{"v":40,"d":"40.00"},-90.25]
["1246","08区15架03层","阀","22X-44-11210","小松装载机","件",{"$nulls":4},"2007-12-01",8,302.54,2420.32,8,293.07,{"v":10,"d":"10.00"},234.46,-90.31]
["1247","08区15架03层","润滑油管","425-70-13120","小松装载机","件",{"$nulls":4},"2007-12-01",12,{"v":42.9,"d":"42.90"},{"v":514.8,"d":"514.80"},12,{"v":41,"d":"41.00"},{"v":10,"d":"10.00"},{"v":49.2,"d":"49.20"},-90.44]
["1248","08区15架03层","密封","562-15-19970","小松装载机","件",{"$nulls":4},"2009-11-01",2,106.81,213.62,2,{"v":103,"d":"103.00"},{"v":10,"d":"10.00"},{"v":20.6,"d":"20.60"},-90.36]
["1249","08区15架03层","密封","07000-05220","小松装载机","件",{"$nulls":4},"2009-11-01",4,95.74,382.96,4,{"v":93,"d":"93.00"},{"v":10,"d":"10.00"},{"v":37.2,"d":"37.20"},-90.29]
["1250","08区15架03层","接头","427-35-12390","小松装载机","件",{"$nulls":4},"2007-04-01",2,1064.62,2129.24,2,{"v":950,"d":"950.00"},{"v":10,"d":"10.00"},{"v":190,"d":"190.00"},-91.08]
["1251","08区15架03层","接头","421-09-12530","小松装载机","个",{"$nulls":4},"2007-04-01",2,263.76,527.52,2,{"v":256,"d":"256.00"},{"v":10,"d":"10.00"},{"v":51.2,"d":"51.20"},-90.29]
["1252","08区15架03层","密封","07000-05410","小松装载机","件",{"$nulls":4},"2009-11-01",1,215.45,215.45,1,{"v":209,"d":"209.00"},{"v":10,"d":"10.00"},{"v":20.9,"d":"20.90"},{"v":-90.3,"d":"-90.30"}]
["1253","08区15架03层","绝缘孔圈","6215-51-5690","小松装载机","个",{"$nulls":4},"2009-11-01",2,{"v":103,"d":"103.00"},{"v":206,"d":"206.00"},2,99.78,{"v":10,"d":"10.00"},19.96,-90.31]
["1254","08区15架03层","密封","6164-61-6340","小松装载机","件",{"$nulls":4},"2009-11-01",3,62.07,186.21,3,{"v":60,"d":"60.00"},{"v":10,"d":"10.00"},{"v":18,"d":"18.00"},-90.33]
["1255","08区15架03层","0型圈","07000-63045","小松装载机","件",{"$nulls":4},"2011-06-01",4,48.06,192.24,4,46.56,{"v":10,"d":"10.00"},18.62,-90.31]
["1256","08区15架04层","皮带","04120-21933","小松装载机","件",{"$nulls":4},"2007-08-01",4,70.22,280.88,4,{"v":69.4,"d":"69.40"},{"v":10,"d":"10.00"},27.76,-90.12]
["1257","08区15架04层","皮带","6215-61-3390#","小松装载机","件",{"$nulls":4},"2010-10-01",5,0.01,0.05,5,{"v":39,"d":"39.00"},{"v":10,"d":"10.00"},{"v":19.5,"d":"19.50"},{"v":38900,"d":"38,900.00"}]
["1258","08区15架04层","皮带","796-720-1730#","小松装载机","件",{"$nulls":4},"2007-08-01",1,0.01,0.01,1,{"v":39,"d":"39.00"},{"v":10,"d":"10.00"},{"v":3.9,"d":"3.90"},{"v":38900,"d":"38,900.00"}]
["1259","08区15架04层","皮带","0940920000#","小松装载机","件",{"$nulls":4},"2007-08-01",2,0.01,0.02,2,{"v":39,"d":"39.00"},{"v":10,"d":"10.00"},{"v":7.8,"d":"7.80"},{"v":38900,"d":"38,900.00"}]
["1260","08区15架04层","保险","424-06-12420","小松装载机","件",{"$nulls":4},"2007-10-01",4,1943.12,7772.48,4,{"v":1882.3,"d":"1,882.30"},{"v":10,"d":"10.00"},752.92,-90.31]
["1261","08区15架05层","软管","428-35-11170","小松装载机","件",{"$nulls":4},"2007-04-01",6,392.47,2354.82,6,{"$nulls":3},{"v":-100,"d":"-100.00"}]
["1262","08区15架05层","水管","07260-27416","小松装载机","件",{"$nulls":4},"2007-04-01",1,377.17,377.17,1,{"v":360,"d":"360.00"},{"v":10,"d":"10.00"},{"v":36,"d":"36.00"},-90.46]
["1263","08区15架05层","软管","07260-07420","小松装载机","件",{"$nulls":4},"2007-04-01",3,456.59,1369.77,3,{"$nulls":3},{"v":-100,"d":"-100.00"}]
["1264","08区15架05层","软管","423-35-11720","小松装载机","件",{"$nulls":4},"2007-04-01",9,972.75,8754.75,9,{"$nulls":3},{"v":-100,"d":"-100.00"}]
["1265","08区15架05层","软管","426-62-12710","小松装载机","件",{"$nulls":4},"2011-12-01",1,{"v":1458.9,"d":"1458.90"},{"v":1458.9,"d":"1458.90"},1,{"$nulls":3},{"v":-100,"d":"-100.00"}]
["1266","08区16架01层","垫片","01640-20816#","小松装载机","件",{"$nulls":4},"2009-10-01",1,0.01,0.01,1,{"v":10,"d":"10.00"},{"v":10,"d":"10.00"},{"v":1,"d":"1.00"},{"v":9900,"d":"9,900.00"}]
["1267","08区16架01层","螺栓","01010-50830#","小松装载机","件",{"$nulls":4},"2007-10-01",1,0.01,0.01,1,{"v":20,"d":"20.00"},{"v":10,"d":"10.00"},{"v":2,"d":"2.00"},{"v":19900,"d":"19,900.00"}]
["1268","08区16架01层","环","07001-02018","小松装载机","件",{"$nulls":4},"2007-10-01",7,44.73,313.11,7,{"v":43,"d":"43.00"},{"v":10,"d":"10.00"},{"v":30.1,"d":"30.10"},-90.39]
["1269","08区16架01层","密封","07270-30430","小松装载机","个",{"$nulls":4},"2009-11-01",3,{"v":18.9,"d":"18.90"},{"v":56.7,"d":"56.70"},3,{"v":18,"d":"18.00"},{"v":10,"d":"10.00"},{"v":5.4,"d":"5.40"},-90.48]
["1270","08区16架01层","销","02400-20413","小松装载机","件",{"$nulls":4},"2009-11-01",24,12.23,293.52,24,{"v":12.1,"d":"12.10"},{"v":10,"d":"10.00"},29.04,-90.11]
["1271","08区16架01层","输油管","07270-40419","小松装载机","件",{"$nulls":4},"2009-11-01",1,33.76,33.76,1,{"v":32,"d":"32.00"},{"v":10,"d":"10.00"},{"v":3.2,"d":"3.20"},-90.52]
["1272","08区16架01层","密封","07000-05300#","小松装载机","件",{"$nulls":4},"2009-11-01",1,92.24,92.24,1,{"v":89,"d":"89.00"},{"v":10,"d":"10.00"},{"v":8.9,"d":"8.90"},-90.35]
["1273","08区16架01层","螺栓","427-20-12690","小松装载机","件",{"$nulls":4},"2007-10-01",11,106.67,1173.37,11,{"v":100,"d":"100.00"},{"v":10,"d":"10.00"},{"v":110,"d":"110.00"},-90.63]
["1274","08区16架01层","轴承","06000-06205","小松装载机","件",{"$nulls":4},"2007-01-01",1,28.35,28.35,1,{"v":28,"d":"28.00"},{"v":10,"d":"10.00"},{"v":2.8,"d":"2.80"},-90.12]
["1275","08区16架02层","呼吸器","07030-01030","小松装载机","件",{"$nulls":4},"2007-03-01",4,20.26,81.04,4,{"v":20,"d":"20.00"},{"v":10,"d":"10.00"},{"v":8,"d":"8.00"},-90.13]
["1276","08区16架02层","密封","07000-12018","小松装载机","件",{"$nulls":4},"2009-11-01",4,3.57,14.28,4,{"v":3,"d":"3.00"},{"v":10,"d":"10.00"},{"v":1.2,"d":"1.20"},{"v":-91.6,"d":"-91.60"}]
["1277","08区16架02层","螺栓","01010-A1016#","小松装载机","件",{"$nulls":4},"2007-10-01",12,0.01,0.12,12,{"v":20,"d":"20.00"},{"v":10,"d":"10.00"},{"v":24,"d":"24.00"},{"v":19900,"d":"19,900.00"}]
["1278","08区16架02层","管卡","07281-00489","小松装载机","件",{"$nulls":4},"2009-11-01",2,24.92,49.84,2,{"v":23.1,"d":"23.10"},{"v":10,"d":"10.00"},4.62,-90.73]
["1279","08区16架02层","骨架油封","3115-0970-00","小松装载机","件",{"$nulls":4},"2007-11-01",3,104.88,314.64,3,{"v":102,"d":"102.00"},{"v":10,"d":"10.00"},{"v":30.6,"d":"30.60"},-90.27]
["1280","08区16架02层","密封","427-12-11240","小松装载机","件",{"$nulls":4},"2009-11-01",4,941.95,{"v":3767.8,"d":"3767.80"},4,{"v":912,"d":"912.00"},{"v":10,"d":"10.00"},{"v":364.8,"d":"364.80"},-90.32]
["1281","08区16架02层","耐磨套","0665-1000-54","小松装载机","件",{"$nulls":4},"2007-10-01",2,219.53,439.06,2,212.66,{"v":10,"d":"10.00"},42.53,-90.31]
["1282","08区16架02层","密封","07000-02018","小松装载机","件",{"$nulls":4},"2009-11-01",20,3.56,{"v":71.2,"d":"71.20"},20,{"v":3,"d":"3.00"},{"v":10,"d":"10.00"},{"v":6,"d":"6.00"},-91.57]
["1283","08区16架02层","支撑环","0665-1000-69","小松装载机","件",{"$nulls":4},"2009-11-01",1,126.21,126.21,1,{"v":122,"d":"122.00"},{"v":10,"d":"10.00"},{"v":12.2,"d":"12.20"},-90.33]
["1284","08区16架02层","软管","6130-61-6611","小松装载机","件",{"$nulls":4},"2007-04-01",4,77.25,{"v":309,"d":"309.00"},4,{"$nulls":3},{"v":-100,"d":"-100.00"}]
["1285","08区16架03层","油门线","424-43-11240","小松装载机","件",{"$nulls":4},"2007-04-01",3,172.53,517.59,3,{"v":167,"d":"167.00"},{"v":10,"d":"10.00"},{"v":50.1,"d":"50.10"},-90.32]
["1286","08区16架03层","密封","07000-05240(07000-15240)","小松装载机","件",{"$nulls":4},"2009-11-01",1,73.68,73.68,1,{"v":71,"d":"71.00"},{"v":10,"d":"10.00"},{"v":7.1,"d":"7.10"},-90.36]
["1287","08区16架03层","密封","6505-51-0350","小松装载机","件",{"$nulls":4},"2009-11-01",1,40.51,40.51,1,{"v":39,"d":"39.00"},{"v":10,"d":"10.00"},{"v":3.9,"d":"3.90"},-90.37]
["1288","08区16架03层","弹簧","145-14-33731","小松装载机","件",{"$nulls":4},"2007-10-01",1,37.33,37.33,1,36.16,{"v":10,"d":"10.00"},3.62,{"v":-90.3,"d":"-90.30"}]
["1289","08区16架03层","垫片","DK026506-1040#","小松装载机","件",{"$nulls":4},"2009-10-01",2,0.01,0.02,2,{"v":10,"d":"10.00"},{"v":10,"d":"10.00"},{"v":2,"d":"2.00"},{"v":9900,"d":"9,900.00"}]
["1290","08区16架03层","密封","702-16-51270","小松装载机","件",{"$nulls":4},"2009-11-01",8,40.51,324.08,8,{"v":39,"d":"39.00"},{"v":10,"d":"10.00"},{"v":31.2,"d":"31.20"},-90.37]
["1291","08区16架03层","密封","07000-13030","小松装载机","件",{"$nulls":4},"2009-11-01",6,5.16,30.96,6,{"v":5,"d":"5.00"},{"v":10,"d":"10.00"},{"v":3,"d":"3.00"},-90.31]
["1292","08区16架03层","0型圈","07000-32060","小松装载机","颗",{"$nulls":4},"2011-06-01",14,64.77,906.78,14,{"v":59.5,"d":"59.50"},{"v":10,"d":"10.00"},{"v":83.3,"d":"83.30"},-90.81]
["1293","08区16架03层","密封","07000-63028#","小松装载机","件",{"$nulls":4},"2009-11-01",7,0.01,0.07,7,{"v":1,"d":"1.00"},{"v":10,"d":"10.00"},{"v":0.7,"d":"0.70"},{"v":900,"d":"900.00"}]
["1294","08区16架04层","密封","6210-61-2520#","小松装载机","件",{"$nulls":4},"2009-11-01",5,0.01,0.05,5,{"v":1,"d":"1.00"},{"v":10,"d":"10.00"},{"v":0.5,"d":"0.50"},{"v":900,"d":"900.00"}]
["1295","08区16架04层","滤清器","704-28-02751#","小松装载机","件",{"$nulls":4},"2007-10-01",1,0.01,0.01,1,{"v":30,"d":"30.00"},{"v":10,"d":"10.00"},{"v":3,"d":"3.00"},{"v":29900,"d":"29,900.00"}]
["1296","08区16架04层","密封","07000-13025","小松装载机","件",{"$nulls":4},"2009-05-01",9,{"v":4.3,"d":"4.30"},{"v":38.7,"d":"38.70"},9,{"v":4,"d":"4.00"},{"v":10,"d":"10.00"},{"v":3.6,"d":"3.60"},{"v":-90.7,"d":"-90.70"}]
["1297","08区16架04层","卡环","426-70-11170","小松装载机","件",{"$nulls":4},"2010-10-01",2,{"v":1247.1,"d":"1247.10"},{"v":2494.2,"d":"2494.20"},2,{"v":1208,"d":"1,208.00"},{"v":10,"d":"10.00"},{"v":241.6,"d":"241.60"},-90.31]
["1298","08区16架04层","弹簧","DK152116-0200","小松装载机","件",{"$nulls":4},"2007-10-01",1,9.34,9.34,1,9.05,{"v":10,"d":"10.00"},0.91,-90.26]
["1299","08区16架04层","密封","DK029635-5010#","小松装载机","件",{"$nulls":4},"2009-05-01",1,0.01,0.01,1,{"v":1,"d":"1.00"},{"v":10,"d":"10.00"},{"v":0.1,"d":"0.10"},{"v":900,"d":"900.00"}]
["1300","08区16架04层","密封","DK487061-4200#","小松装载机","件",{"$nulls":4},"2009-05-01",1,0.01,0.01,1,{"v":1,"d":"1.00"},{"v":10,"d":"10.00"},{"v":0.1,"d":"0.10"},{"v":900,"d":"900.00"}]
["1301","08区16架04层","密封","DK029633-1010#","小松装载机","件",{"$nulls":4},"2009-05-01",1,0.01,0.01,1,{"v":1,"d":"1.00"},{"v":10,"d":"10.00"},{"v":0.1,"d":"0.10"},{"v":900,"d":"900.00"}]
["1302","08区16架04层","密封","6215-61-7380#","小松装载机","件",{"$nulls":4},"2009-05-01",2,0.01,0.02,2,{"v":1,"d":"1.00"},{"v":10,"d":"10.00"},{"v":0.2,"d":"0.20"},{"v":900,"d":"900.00"}]
["1303","08区16架04层","防尘油封","07145-00045","小松装载机","件",{"$nulls":4},"2007-11-01",1,32.41,32.41,1,{"v":30,"d":"30.00"},{"v":10,"d":"10.00"},{"v":3,"d":"3.00"},-90.74]
["1304","08区17架01层","垫片","003","小松装载机","个",{"$nulls":4},"2009-10-01",25,0.01,0.25,25,{"v":10,"d":"10.00"},{"v":10,"d":"10.00"},{"v":25,"d":"25.00"},{"v":9900,"d":"9,900.00"}]
["1305","08区17架01层","玻璃","421-56-11131#","小松装载机","件",{"$nulls":4},"2007-09-01",3,0.01,0.03,3,{"$nulls":3},{"v":-100,"d":"-100.00"}]
["1306","08区17架01层","垫片","004","小松装载机","件",{"$nulls":4},"2009-10-01",18,0.01,0.18,18,{"v":10,"d":"10.00"},{"v":10,"d":"10.00"},{"v":18,"d":"18.00"},{"v":9900,"d":"9,900.00"}]
["1307","08区17架02层","灯泡","08116-02410#","小松装载机","件",{"$nulls":4},"2007-06-01",40,0.01,{"v":0.4,"d":"0.40"},40,{"v":110,"d":"110.00"},{"v":10,"d":"10.00"},{"v":440,"d":"440.00"},{"v":109900,"d":"109,900.00"}]
["1308","08区17架02层","轴承","KD1-0456-60067#","小松装载机","件",{"$nulls":4},"2007-01-01",5,0.01,0.05,5,{"v":100,"d":"100.00"},{"v":10,"d":"10.00"},{"v":50,"d":"50.00"},{"v":99900,"d":"99,900.00"}]
["1309","08区17架02层","注油咀","6162-23-1840","小松装载机","件",{"$nulls":4},"2007-01-01",2,109.38,218.76,2,105.96,{"v":10,"d":"10.00"},21.19,-90.31]
["1310","08区17架02层","轴承","KD1-0456-62007#","小松装载机","件",{"$nulls":4},"2007-01-01",5,0.01,0.05,5,{"v":100,"d":"100.00"},{"v":10,"d":"10.00"},{"v":50,"d":"50.00"},{"v":99900,"d":"99,900.00"}]
["1311","08区17架02层","密封","02895-67081","小松装载机","件",{"$nulls":4},"2009-05-01",20,102.39,{"v":2047.8,"d":"2047.80"},20,{"v":99,"d":"99.00"},{"v":10,"d":"10.00"},{"v":198,"d":"198.00"},-90.33]
["1312","08区17架02层","管卡","04434-51410","小松装载机","件",{"$nulls":4},"2009-11-01",2,{"v":13.5,"d":"13.50"},{"v":27,"d":"27.00"},2,13.08,{"v":10,"d":"10.00"},2.62,{"v":-90.3,"d":"-90.30"}]
["1313","08区17架02层","轴承","SD6206-00730XO#","小松装载机","件",{"$nulls":4},"2007-01-01",4,0.01,0.04,4,{"v":100,"d":"100.00"},{"v":10,"d":"10.00"},{"v":40,"d":"40.00"},{"v":99900,"d":"99,900.00"}]
["1314","08区17架02层","修理包","238-44-05010","小松装载机","件",{"$nulls":4},"2007-03-01",33,268.71,8867.43,33,{"v":260,"d":"260.00"},{"v":10,"d":"10.00"},{"v":858,"d":"858.00"},-90.32]
["1315","08区17架02层","环","178-63-22460","小松装载机","件",{"$nulls":4},"2007-03-01",2,140.43,280.86,2,139.95,{"v":10,"d":"10.00"},27.99,-90.03]
["1316","08区17架02层","盖","07051-01000","小松装载机","件",{"$nulls":4},"2009-10-01",2,97.23,194.46,2,94.19,{"v":10,"d":"10.00"},18.84,-90.31]
["1317","08区17架02层","阀","709-10-52900","小松装载机","件",{"$nulls":4},"2007-12-01",1,4107.85,4107.85,1,{"v":3979,"d":"3,979.00"},{"v":10,"d":"10.00"},{"v":397.9,"d":"397.90"},-90.31]
["1318","08区17架03层","密封","DK029639-0020#","小松装载机","件",{"$nulls":4},"2009-05-01",1,0.01,0.01,1,{"v":1,"d":"1.00"},{"v":10,"d":"10.00"},{"v":0.1,"d":"0.10"},{"v":900,"d":"900.00"}]
["1319","08区17架03层","油封","DK026712-5010#","小松装载机","件",{"$nulls":4},"2007-11-01",1,0.01,0.01,1,{"v":75,"d":"75.00"},{"v":10,"d":"10.00"},{"v":7.5,"d":"7.50"},{"v":74900,"d":"74,900.00"}]
["1320","08区17架03层","垫圈","DK029332-0030#","小松装载机","件",{"$nulls":4},"2009-10-01",1,0.01,0.01,1,10.45,{"v":10,"d":"10.00"},1.05,{"v":10400,"d":"10,400.00"}]
["1321","08区17架03层","密封","6166-11-6290","小松装载机","件",{"$nulls":4},"2009-05-01",20,39.16,{"v":783.2,"d":"783.20"},20,{"v":38,"d":"38.00"},{"v":10,"d":"10.00"},{"v":76,"d":"76.00"},{"v":-90.3,"d":"-90.30"}]
["1322","08区17架03层","轴承","KD1-0456-62047#","小松装载机","件",{"$nulls":4},"2007-01-01",5,0.01,0.05,5,{"v":100,"d":"100.00"},{"v":10,"d":"10.00"},{"v":50,"d":"50.00"},{"v":99900,"d":"99,900.00"}]
["1323","08区17架03层","密封","6162-63-1511(6162-63-1515)","小松装载机","件",{"$nulls":4},"2009-05-01",3,1468.73,4406.19,3,{"v":1423,"d":"1,423.00"},{"v":10,"d":"10.00"},{"v":426.9,"d":"426.90"},-90.31]
["1324","08区17架03层","油封","SD6410-02000XO#","小松装载机","件",{"$nulls":4},"2007-11-01",9,0.01,0.09,9,{"v":75,"d":"75.00"},{"v":10,"d":"10.00"},{"v":67.5,"d":"67.50"},{"v":74900,"d":"74,900.00"}]
["1325","08区17架03层","阀","DK487021-2921#","小松装载机","件",{"$nulls":4},"2007-12-01",1,0.01,0.01,1,{"v":200,"d":"200.00"},{"v":10,"d":"10.00"},{"v":20,"d":"20.00"},{"v":199900,"d":"199,900.00"}]
["1326","08区17架03层","阀片","DK487026-2200","小松装载机","件",{"$nulls":4},"2007-12-01",1,204.42,204.42,1,198.02,{"v":10,"d":"10.00"},{"v":19.8,"d":"19.80"},-90.31]
["1327","08区17架03层","密封","DK016530-1040#","小松装载机","件",{"$nulls":4},"2009-05-01",2,0.01,0.02,2,{"v":1,"d":"1.00"},{"v":10,"d":"10.00"},{"v":0.2,"d":"0.20"},{"v":900,"d":"900.00"}]
["1328","08区17架03层","密封","DK487061-4300","小松装载机","件",{"$nulls":4},"2009-05-01",3,{"v":109.9,"d":"109.90"},{"v":329.7,"d":"329.70"},3,{"v":106,"d":"106.00"},{"v":10,"d":"10.00"},{"v":31.8,"d":"31.80"},-90.35]
["1329","08区17架03层","垫片","DK029340-6120#","小松装载机","件",{"$nulls":4},"2009-10-01",3,0.01,0.03,3,{"v":10,"d":"10.00"},{"v":10,"d":"10.00"},{"v":3,"d":"3.00"},{"v":9900,"d":"9,900.00"}]
["1330","08区17架03层","轴承","SD6206-00320XO#","小松装载机","件",{"$nulls":4},"2007-01-01",4,0.01,0.04,4,{"v":100,"d":"100.00"},{"v":10,"d":"10.00"},{"v":40,"d":"40.00"},{"v":99900,"d":"99,900.00"}]
["1331","08区17架03层","调整垫","425-70-11290","小松装载机","件",{"$nulls":4},"2007-01-01",2,{"v":97.1,"d":"97.10"},{"v":194.2,"d":"194.20"},2,{"v":94,"d":"94.00"},{"v":10,"d":"10.00"},{"v":18.8,"d":"18.80"},-90.32]
["1332","08区17架03层","垫片","6210-11-4810","小松装载机","件",{"$nulls":4},"2009-10-01",24,24.31,583.44,24,23.55,{"v":10,"d":"10.00"},56.52,-90.31]
["1333","08区17架04层","密封","07005-02216","小松装载机","件",{"$nulls":4},"2009-05-01",20,21.63,{"v":432.6,"d":"432.60"},20,{"v":21,"d":"21.00"},{"v":10,"d":"10.00"},{"v":42,"d":"42.00"},-90.29]
["1334","08区17架04层","轴承","6505-11-0150","小松装载机","件",{"$nulls":4},"2007-01-01",1,183.64,183.64,1,{"v":180,"d":"180.00"},{"v":10,"d":"10.00"},{"v":18,"d":"18.00"},{"v":-90.2,"d":"-90.20"}]
["1335","08区17架04层","0型圈","07000-33038","小松装载机","件",{"$nulls":4},"2011-06-01",3,38.09,114.27,3,{"v":36.9,"d":"36.90"},{"v":10,"d":"10.00"},11.07,-90.31]
["1336","08区17架04层","0型圈","07000-12015","小松装载机","件",{"$nulls":4},"2011-06-01",3,3.32,9.96,3,3.22,{"v":10,"d":"10.00"},0.97,-90.26]
["1337","08区17架04层","修理包","001","小松装载机","个",{"$nulls":4},"2007-03-01",1,0.01,0.01,1,{"v":26,"d":"26.00"},{"v":10,"d":"10.00"},{"v":2.6,"d":"2.60"},{"v":25900,"d":"25,900.00"}]
["1338","08区17架04层","滤网","07056-10045","小松装载机","件",{"$nulls":4},"2009-06-01",3,75.62,226.86,3,{"$nulls":3},{"v":-100,"d":"-100.00"}]
["1339","08区17架04层","管卡","07285-00085","小松装载机","件",{"$nulls":4},"2009-11-01",7,6.75,47.25,7,{"v":6,"d":"6.00"},{"v":10,"d":"10.00"},{"v":4.2,"d":"4.20"},-91.11]
["1340","08区17架04层","螺栓","01010-51630","小松装载机","件",{"$nulls":4},"2007-10-01",6,7.88,47.28,6,7.63,{"v":10,"d":"10.00"},4.58,-90.31]
["1341","08区17架04层","0型圈","700-93-11320","小松装载机","件",{"$nulls":4},"2011-06-01",2,26.92,53.84,2,26.08,{"v":10,"d":"10.00"},5.22,{"v":-90.3,"d":"-90.30"}]
["1342","08区17架04层","皮碗","417-43-11360#","小松装载机","件",{"$nulls":4},"2011-06-01",2,0.01,0.02,2,{"v":0.3,"d":"0.30"},{"v":10,"d":"10.00"},0.06,{"v":200,"d":"200.00"}]
["1343","08区17架04层","衬套","6127-31-6221#","小松装载机","件",{"$nulls":4},"2007-06-01",2,0.01,0.02,2,{"v":20,"d":"20.00"},{"v":10,"d":"10.00"},{"v":4,"d":"4.00"},{"v":19900,"d":"19,900.00"}]
["1344","08区17架04层","密封","07000-13050","小松装载机","件",{"$nulls":4},"2009-05-01",1,9.95,9.95,1,{"v":10,"d":"10.00"},{"v":10,"d":"10.00"},{"v":1,"d":"1.00"},-89.95]
["1345","08区17架04层","堵头","600-211-7111","小松装载机","件",{"$nulls":4},"2009-11-01",2,{"v":38.6,"d":"38.60"},{"v":77.2,"d":"77.20"},2,{"v":36,"d":"36.00"},{"v":10,"d":"10.00"},{"v":7.2,"d":"7.20"},-90.67]
["1346","08区17架04层","螺母","421-40-11510","小松装载机","件",{"$nulls":4},"2007-10-01",12,28.89,346.68,12,{"v":27,"d":"27.00"},{"v":10,"d":"10.00"},{"v":32.4,"d":"32.40"},-90.65]
["1347","08区17架04层","螺栓","DK156633-5200","小松装载机","件",{"$nulls":4},"2007-10-01",6,75.76,454.56,6,73.39,{"v":10,"d":"10.00"},44.03,-90.31]
["1348","08区17架05层","软管","07271-11430","小松装载机","件",{"$nulls":4},"2007-04-01",1,194.47,194.47,1,{"$nulls":3},{"v":-100,"d":"-100.00"}]
["1349","08区17架05层","软管","07108-20407","小松装载机","件",{"$nulls":4},"2007-04-01",4,645.44,2581.76,4,{"$nulls":3},{"v":-100,"d":"-100.00"}]
["1350","08区17架05层","软管","07096-00203#","小松装载机","件",{"$nulls":4},"2007-04-01",1,0.01,0.01,1,{"$nulls":3},{"v":-100,"d":"-100.00"}]
["1351","08区17架05层","软管","427-35-12830","小松装载机","个",{"$nulls":4},"2007-04-01",4,360.01,1440.04,4,{"$nulls":3},{"v":-100,"d":"-100.00"}]
["1352","08区17架05层","软管","07108-20208","小松装载机","件",{"$nulls":4},"2007-04-01",1,426.62,426.62,1,{"$nulls":3},{"v":-100,"d":"-100.00"}]
["1353","08区17架05层","软管","07108-20307#","小松装载机","件",{"$nulls":4},"2007-04-01",2,0.01,0.02,2,{"$nulls":3},{"v":-100,"d":"-100.00"}]
["1354","08区18架01层","玻璃","421-56-11930#","小松装载机","件",{"$nulls":4},"2007-09-01",1,0.01,0.01,1,{"$nulls":3},{"v":-100,"d":"-100.00"}]
["1355","08区18架02层","修理包","281-34-05110#","小松装载机","件",{"$nulls":4},"2010-10-01",7,0.01,0.07,7,{"v":26,"d":"26.00"},{"v":10,"d":"10.00"},{"v":18.2,"d":"18.20"},{"v":25900,"d":"25,900.00"}]
["1356","08区18架02层","平垫","6162-13-8811#","小松装载机","件",{"$nulls":4},"2010-09-01",42,0.01,0.42,42,{"v":5,"d":"5.00"},{"v":10,"d":"10.00"},{"v":21,"d":"21.00"},{"v":4900,"d":"4,900.00"}]
["1357","08区18架02层","测量仪器","793-520-1803#","小松装载机","件",{"$nulls":4},"2009-11-01",2,0.01,0.02,2,{"v":269,"d":"269.00"},{"v":10,"d":"10.00"},{"v":53.8,"d":"53.80"},{"v":268900,"d":"268,900.00"}]
["1358","08区18架02层","计时器","600-815-3611#","小松装载机","件",{"$nulls":4},"2009-10-01",1,{"v":48,"d":"48.00"},{"v":48,"d":"48.00"},1,{"v":46,"d":"46.00"},{"v":10,"d":"10.00"},{"v":4.6,"d":"4.60"},-90.42]
["1359","08区18架02层","表","792-610-1700#","小松装载机","件",{"$nulls":4},"2009-11-01",1,0.01,0.01,1,{"v":75,"d":"75.00"},{"v":10,"d":"10.00"},{"v":7.5,"d":"7.50"},{"v":74900,"d":"74,900.00"}]
["1360","08区18架02层","电阻器","600-815-3440#","小松装载机","件",{"$nulls":4},"2009-07-01",1,0.01,0.01,1,{"v":100,"d":"100.00"},{"v":10,"d":"10.00"},{"v":10,"d":"10.00"},{"v":99900,"d":"99,900.00"}]
["1361","08区18架02层","继电器","600-815-2690#","小松装载机","件",{"$nulls":4},"2009-10-01",3,0.01,0.03,3,{"v":9.8,"d":"9.80"},{"v":10,"d":"10.00"},2.94,{"v":9700,"d":"9,700.00"}]
["1362","08区18架02层","垫片","6150-21-4740#","小松装载机","件",{"$nulls":4},"2009-10-01",1,0.01,0.01,1,{"v":10,"d":"10.00"},{"v":10,"d":"10.00"},{"v":1,"d":"1.00"},{"v":9900,"d":"9,900.00"}]
["1363","08区18架02层","垫片","6128-81-4620","小松装载机","件",{"$nulls":4},"2009-10-01",2,0.01,0.02,2,{"v":10,"d":"10.00"},{"v":10,"d":"10.00"},{"v":2,"d":"2.00"},{"v":9900,"d":"9,900.00"}]
["1364","08区18架02层","传感器","7861-91-4550#","小松装载机","件",{"$nulls":4},"2009-10-01",1,0.01,0.01,1,{"v":199,"d":"199.00"},{"v":10,"d":"10.00"},{"v":19.9,"d":"19.90"},{"v":198900,"d":"198,900.00"}]
["1365","08区18架02层","油咀","6128-81-4630","小松装载机","件",{"$nulls":4},"2009-06-01",2,298.42,596.84,2,289.08,{"v":10,"d":"10.00"},57.82,-90.31]
["1366","08区18架02层","垫片","6127-51-6821","小松装载机","件",{"$nulls":4},"2009-10-01",3,{"v":2.7,"d":"2.70"},{"v":8.1,"d":"8.10"},3,2.62,{"v":10,"d":"10.00"},0.79,-90.25]
["1367","08区18架02层","黄油嘴","419-20-12640","小松装载机","件",{"$nulls":4},"2009-05-01",16,45.28,724.48,16,{"v":44.5,"d":"44.50"},{"v":10,"d":"10.00"},{"v":71.2,"d":"71.20"},-90.17]
["1368","08区18架03层","右门锁","421-56-11720","小松装载机","件",{"$nulls":4},"2009-05-01",1,1225.13,1225.13,1,{"v":1187,"d":"1,187.00"},{"v":10,"d":"10.00"},{"v":118.7,"d":"118.70"},-90.31]
["1369","08区18架03层","密封","07005-01012","小松装载机","件",{"$nulls":4},"2009-05-01",11,{"v":14,"d":"14.00"},{"v":154,"d":"154.00"},11,{"v":14,"d":"14.00"},{"v":10,"d":"10.00"},{"v":15.4,"d":"15.40"},{"v":-90,"d":"-90.00"}]
["1370","08区18架03层","环","426-20-12670","小松装载机","件",{"$nulls":4},"2007-10-01",8,189.89,1519.12,8,{"v":175,"d":"175.00"},{"v":10,"d":"10.00"},{"v":140,"d":"140.00"},-90.78]
["1371","08区18架03层","密封","DK139727-0200","小松装载机","件",{"$nulls":4},"2009-05-01",5,43.09,215.45,5,{"v":42,"d":"42.00"},{"v":10,"d":"10.00"},{"v":21,"d":"21.00"},-90.25]
["1372","08区18架03层","金属板","6505-11-0510","小松装载机","件",{"$nulls":4},"2009-07-01",2,6.22,12.44,2,{"v":6,"d":"6.00"},{"v":10,"d":"10.00"},{"v":1.2,"d":"1.20"},-90.35]
["1373","08区18架03层","油封","427-15-19110","小松装载机","件",{"$nulls":4},"2007-11-01",1,3239.81,3239.81,1,{"v":3039,"d":"3,039.00"},{"v":10,"d":"10.00"},{"v":303.9,"d":"303.90"},-90.62]
["1374","08区18架03层","密封","07000-65175","小松装载机","件",{"$nulls":4},"2009-05-01",2,294.28,588.56,2,{"v":285,"d":"285.00"},{"v":10,"d":"10.00"},{"v":57,"d":"57.00"},-90.32]
["1375","08区18架03层","垫片","07005-01412","小松装载机","件",{"$nulls":4},"2009-10-01",48,17.24,827.52,48,{"v":16.7,"d":"16.70"},{"v":10,"d":"10.00"},80.16,-90.31]
["1376","08区18架04层","推力工具","795-250-1301#","小松装载机","件",{"$nulls":4},"2007-02-01",1,0.01,0.01,1,{"v":6.8,"d":"6.80"},{"v":10,"d":"10.00"},0.68,{"v":6700,"d":"6,700.00"}]
["1377","08区18架04层","软管","6162-53-8411","小松装载机","件",{"$nulls":4},"2007-04-01",1,554.97,554.97,1,{"$nulls":3},{"v":-100,"d":"-100.00"}]
["1378","08区18架05层","软管","07102-20407","小松装载机","件",{"$nulls":4},"2007-04-01",4,164.43,657.72,4,{"$nulls":3},{"v":-100,"d":"-100.00"}]
["1379","08区18架05层","软管","07108-20310","小松装载机","件",{"$nulls":4},"2007-04-01",2,299.77,599.54,2,{"$nulls":3},{"v":-100,"d":"-100.00"}]
["1380","08区18架05层","软管","005","小松装载机","件",{"$nulls":4},"2007-04-01",2,0.01,0.02,2,{"$nulls":3},{"v":-100,"d":"-100.00"}]
["1381","08区18架05层","软管","07102-20319#","小松装载机","件",{"$nulls":4},"2007-04-01",2,0.01,0.02,2,{"$nulls":3},{"v":-100,"d":"-100.00"}]
["1382","08区18架05层","雨刮片","423-56-11230","小松装载机","件",{"$nulls":4},"2009-07-01",2,228.65,{"v":457.3,"d":"457.30"},2,226.89,{"v":10,"d":"10.00"},45.38,-90.08]
["1383","08区19架01层","垫片","DK487026-2300#","小松装载机","件",{"$nulls":4},"2009-10-01",3,0.01,0.03,3,{"v":10,"d":"10.00"},{"v":10,"d":"10.00"},{"v":3,"d":"3.00"},{"v":9900,"d":"9,900.00"}]
["1384","08区19架01层","弹簧","DK487027-1500","小松装载机","个",{"$nulls":4},"2007-10-01",1,31.11,31.11,1,30.14,{"v":10,"d":"10.00"},3.01,-90.32]
["1385","08区19架01层","衬套","6505-51-0111#","小松装载机","个",{"$nulls":4},"2007-06-01",1,0.01,0.01,1,{"v":20,"d":"20.00"},{"v":10,"d":"10.00"},{"v":2,"d":"2.00"},{"v":19900,"d":"19,900.00"}]
["1386","08区19架01层","垫片","424-15-16420","小松装载机","件",{"$nulls":4},"2009-10-01",2,10.67,21.34,2,{"v":10,"d":"10.00"},{"v":10,"d":"10.00"},{"v":2,"d":"2.00"},-90.63]
["1387","08区19架01层","螺母","6127-41-5431","小松装载机","件",{"$nulls":4},"2009-11-01",8,8.89,71.12,8,8.61,{"v":10,"d":"10.00"},6.89,-90.31]
["1388","08区19架01层","衬套","705-17-01351","小松装载机","件",{"$nulls":4},"2007-06-01",4,71.68,286.72,4,69.44,{"v":10,"d":"10.00"},27.78,-90.31]
["1389","08区19架01层","橡胶件","6210-11-8141#","小松装载机","件",{"$nulls":4},"2009-10-01",139,0.01,1.39,139,null,null,0,{"v":-100,"d":"-100.00"}]
["1390","08区19架01层","弹簧","205-60-51410#","小松装载机","件",{"$nulls":4},"2007-10-01",1,0.01,0.01,1,{"v":28,"d":"28.00"},{"v":10,"d":"10.00"},{"v":2.8,"d":"2.80"},{"v":27900,"d":"27,900.00"}]
["1391","08区19架01层","修理包","281-34-05210#","小松装载机","件",{"$nulls":4},"2009-03-01",1,0.01,0.01,1,{"v":26,"d":"26.00"},{"v":10,"d":"10.00"},{"v":2.6,"d":"2.60"},{"v":25900,"d":"25,900.00"}]
["1392","08区19架01层","垫片","6212-15-5831#","小松装载机","件",{"$nulls":4},"2009-10-01",2,0.01,0.02,2,{"v":10,"d":"10.00"},{"v":10,"d":"10.00"},{"v":2,"d":"2.00"},{"v":9900,"d":"9,900.00"}]
["1393","08区19架01层","轴承","6505-51-0151","小松装载机","件",{"$nulls":4},"2007-01-01",1,739.97,739.97,1,{"v":723,"d":"723.00"},{"v":10,"d":"10.00"},{"v":72.3,"d":"72.30"},-90.23]
["1394","08区19架02层","卡环","07179-14180","小松装载机","件",{"$nulls":4},"2010-10-01",1,43.21,43.21,1,41.86,{"v":10,"d":"10.00"},4.19,{"v":-90.3,"d":"-90.30"}]
["1395","08区19架02层","修理包","427-22-05010","小松装载机","件",{"$nulls":4},"2007-03-01",1,2507.28,2507.28,1,{"v":2496,"d":"2,496.00"},{"v":10,"d":"10.00"},{"v":249.6,"d":"249.60"},-90.04]
["1396","08区19架02层","垫片","07005-02012","小松装载机","件",{"$nulls":4},"2009-10-01",20,19.66,{"v":393.2,"d":"393.20"},20,19.04,{"v":10,"d":"10.00"},38.08,-90.32]
["1397","08区19架02层","管卡","07285-00260","小松装载机","件",{"$nulls":4},"2009-11-01",5,39.27,196.35,5,{"v":38,"d":"38.00"},{"v":10,"d":"10.00"},{"v":19,"d":"19.00"},-90.32]
["1398","08区19架02层","垫片","426-35-15240#","小松装载机","件",{"$nulls":4},"2009-10-01",4,0.01,0.04,4,{"v":10,"d":"10.00"},{"v":10,"d":"10.00"},{"v":4,"d":"4.00"},{"v":9900,"d":"9,900.00"}]
["1399","08区19架02层","管卡","6151-53-8280","小松装载机","件",{"$nulls":4},"2009-11-01",4,33.76,135.04,4,{"v":33,"d":"33.00"},{"v":10,"d":"10.00"},{"v":13.2,"d":"13.20"},-90.23]
["1400","08区19架02层","填料","6162-13-8181#","小松装载机","件",{"$nulls":4},"2010-11-01",4,0.01,0.04,4,{"v":10,"d":"10.00"},{"v":10,"d":"10.00"},{"v":4,"d":"4.00"},{"v":9900,"d":"9,900.00"}]
["1401","08区19架02层","垫片","6210-11-5881#","小松装载机","件",{"$nulls":4},"2009-10-01",8,0.01,0.08,8,{"v":10,"d":"10.00"},{"v":10,"d":"10.00"},{"v":8,"d":"8.00"},{"v":9900,"d":"9,900.00"}]
["1402","08区19架02层","滤筛","175-03-32570","小松装载机","件",{"$nulls":4},"2009-04-01",1,37.81,37.81,1,{"v":37,"d":"37.00"},{"v":10,"d":"10.00"},{"v":3.7,"d":"3.70"},-90.21]
["1403","08区19架02层","垫片","6215-11-5990","小松装载机","件",{"$nulls":4},"2009-10-01",1,22.96,22.96,1,22.24,{"v":10,"d":"10.00"},2.22,-90.33]
["1404","08区19架02层","垫片","DK487020-2900#","小松装载机","件",{"$nulls":4},"2009-10-01",3,0.01,0.03,3,{"v":10,"d":"10.00"},{"v":10,"d":"10.00"},{"v":3,"d":"3.00"},{"v":9900,"d":"9,900.00"}]
["1405","08区19架03层","垫片","500-815-2190#","小松装载机","件",{"$nulls":4},"2009-10-01",2,0.01,0.02,2,{"v":10,"d":"10.00"},{"v":10,"d":"10.00"},{"v":2,"d":"2.00"},{"v":9900,"d":"9,900.00"}]
["1406","08区19架03层","密封","6162-53-6370#","小松装载机","件",{"$nulls":4},"2009-05-01",1,0.01,0.01,1,{"v":1,"d":"1.00"},{"v":10,"d":"10.00"},{"v":0.1,"d":"0.10"},{"v":900,"d":"900.00"}]
["1407","08区19架03层","卡环","708-25-13630","小松装载机","件",{"$nulls":4},"2009-10-01",3,{"v":190.2,"d":"190.20"},{"v":570.6,"d":"570.60"},3,{"v":189,"d":"189.00"},{"v":10,"d":"10.00"},{"v":56.7,"d":"56.70"},-90.06]
["1408","08区19架03层","垫片","DK487020-2200#","小松装载机","件",{"$nulls":4},"2009-10-01",1,0.01,0.01,1,{"v":10,"d":"10.00"},{"v":10,"d":"10.00"},{"v":1,"d":"1.00"},{"v":9900,"d":"9,900.00"}]
["1409","08区19架03层","油封","6127-71-3250#","小松装载机","件",{"$nulls":4},"2007-11-01",1,0.01,0.01,1,{"v":75,"d":"75.00"},{"v":10,"d":"10.00"},{"v":7.5,"d":"7.50"},{"v":74900,"d":"74,900.00"}]
["1410","08区19架03层","螺母","01508-30603#","小松装载机","件",{"$nulls":4},"2009-10-01",9,0.01,0.09,9,{"v":20,"d":"20.00"},{"v":10,"d":"10.00"},{"v":18,"d":"18.00"},{"v":19900,"d":"19,900.00"}]
["1411","08区19架03层","金属件","6162-33-6160#","小松装载机","件",{"$nulls":4},"2009-10-01",7,0.01,0.07,7,{"v":1,"d":"1.00"},{"v":10,"d":"10.00"},{"v":0.7,"d":"0.70"},{"v":900,"d":"900.00"}]
["1412","08区19架03层","密封","6164-91-6220","小松装载机","件",{"$nulls":4},"2010-05-01",13,17.55,228.15,13,{"v":17,"d":"17.00"},{"v":10,"d":"10.00"},{"v":22.1,"d":"22.10"},-90.31]
["1413","08区19架03层","销子","04050-01610#","小松装载机","件",{"$nulls":4},"2009-10-01",5,0.01,0.05,5,{"v":80,"d":"80.00"},{"v":10,"d":"10.00"},{"v":40,"d":"40.00"},{"v":79900,"d":"79,900.00"}]
["1414","08区19架04层","垫子","6151-51-8150","小松装载机","件",{"$nulls":4},"2009-10-01",1,18.69,18.69,1,18.11,{"v":10,"d":"10.00"},1.81,-90.32]
["1415","08区19架04层","螺栓","DK156617-2400","小松装载机","件",{"$nulls":4},"2007-10-01",3,69.59,208.77,3,67.41,{"v":10,"d":"10.00"},20.22,-90.31]
["1416","08区19架04层","表","002","小松装载机","件",{"$nulls":4},"2009-11-01",1,0.01,0.01,1,{"v":45,"d":"45.00"},{"v":10,"d":"10.00"},{"v":4.5,"d":"4.50"},{"v":44900,"d":"44,900.00"}]
["1417","08区19架04层","密封","07000-21009","小松装载机","件",{"$nulls":4},"2009-05-01",79,16.47,1301.13,79,{"v":16,"d":"16.00"},{"v":10,"d":"10.00"},{"v":126.4,"d":"126.40"},-90.29]
["1418","08区19架04层","密封","07000-32021","小松装载机","件",{"$nulls":4},"2009-05-01",20,20.77,{"v":415.4,"d":"415.40"},20,{"v":20,"d":"20.00"},{"v":10,"d":"10.00"},{"v":40,"d":"40.00"},-90.37]
["1419","08区19架04层","管卡","425-11-4760","小松装载机","件",{"$nulls":4},"2009-11-01",15,31.11,466.65,15,30.14,{"v":10,"d":"10.00"},45.21,-90.31]
["1420","08区19架04层","管卡","6215-11-4670","小松装载机","件",{"$nulls":4},"2009-11-01",1,45.91,45.91,1,{"v":45,"d":"45.00"},{"v":10,"d":"10.00"},{"v":4.5,"d":"4.50"},{"v":-90.2,"d":"-90.20"}]
["1421","08区19排01层","销","426-847-1130","小松装载机","件",{"$nulls":4},"2015-11-01",11,234.08,2574.88,11,{"v":223,"d":"223.00"},{"v":51,"d":"51.00"},{"v":1251.03,"d":"1,251.03"},-51.41]
["1422","08区19排03层","修理包","707-99-43500","小松装载机","件",{"$nulls":4},"2015-11-01",1,{"v":1886.3,"d":"1886.30"},{"v":1886.3,"d":"1886.30"},1,{"v":1750,"d":"1,750.00"},{"v":51,"d":"51.00"},{"v":892.5,"d":"892.50"},-52.69]
["1423","08区20架01层","接头","07217-50712#","小松装载机","件",{"$nulls":4},"2009-04-01",9,0.01,0.09,9,{"v":2.5,"d":"2.50"},{"v":10,"d":"10.00"},2.25,{"v":2400,"d":"2,400.00"}]
["1424","08区20架01层","螺母","09218-12523#","小松装载机","件",{"$nulls":4},"2007-10-01",14,0.01,0.14,14,{"v":20,"d":"20.00"},{"v":10,"d":"10.00"},{"v":28,"d":"28.00"},{"v":19900,"d":"19,900.00"}]
["1425","08区20架01层","连接件","04256-50616#","小松装载机","件",{"$nulls":4},"2009-03-01",2,69.53,139.06,2,{"v":68,"d":"68.00"},{"v":10,"d":"10.00"},{"v":13.6,"d":"13.60"},-90.22]
["1426","08区20架01层","管卡","07283-31529#","小松装载机","件",{"$nulls":4},"2009-11-01",19,0.01,0.19,19,20.69,{"v":10,"d":"10.00"},39.31,{"v":20589.47,"d":"20,589.47"}]
["1427","08区20架01层","金属件","KD7-23351-0080#","小松装载机","件",{"$nulls":4},"2009-10-01",5,0.01,0.05,5,{"v":1,"d":"1.00"},{"v":10,"d":"10.00"},{"v":0.5,"d":"0.50"},{"v":900,"d":"900.00"}]
["1428","08区20架01层","垫片","426-46-11711","小松装载机","件",{"$nulls":4},"2009-10-01",12,197.04,2364.48,12,{"v":190,"d":"190.00"},{"v":10,"d":"10.00"},{"v":228,"d":"228.00"},-90.36]
["1429","08区20架01层","螺母","426-22-12931","小松装载机","件",{"$nulls":4},"2007-10-01",20,29.71,{"v":594.2,"d":"594.20"},20,29.14,{"v":10,"d":"10.00"},58.28,-90.19]
["1430","08区20架01层","螺栓","01050-61895#","小松装载机","件",{"$nulls":4},"2007-10-01",2,0.01,0.02,2,{"v":20,"d":"20.00"},{"v":10,"d":"10.00"},{"v":4,"d":"4.00"},{"v":19900,"d":"19,900.00"}]
["1431","08区20架01层","夹具","793-520-1921","小松装载机","件",{"$nulls":4},"2009-10-01",4,419.94,1679.76,4,{"v":370,"d":"370.00"},{"v":10,"d":"10.00"},{"v":148,"d":"148.00"},-91.19]
["1432","08区20架01层","螺栓","09290-11475","小松装载机","件",{"$nulls":4},"2007-10-01",99,12.34,1221.66,99,11.95,{"v":10,"d":"10.00"},118.31,-90.32]
["1433","08区20架01层","螺栓","426-46-12131","小松装载机","件",{"$nulls":4},"2007-10-01",3,702.23,2106.69,3,699.72,{"v":10,"d":"10.00"},209.92,-90.04]
["1434","08区20架01层","螺栓","01050-61895","小松装载机","件",{"$nulls":4},"2010-10-01",6,{"v":79.1,"d":"79.10"},{"v":474.6,"d":"474.60"},6,76.62,{"v":10,"d":"10.00"},45.97,-90.31]
["1435","08区20架02层","夹具","792-633-1300#","小松装载机","件",{"$nulls":4},"2009-10-01",4,0.01,0.04,4,{"v":25.5,"d":"25.50"},{"v":10,"d":"10.00"},{"v":10.2,"d":"10.20"},{"v":25400,"d":"25,400.00"}]
["1436","08区20架02层","蜂鸣器","427-06-00310#","小松装载机","件",{"$nulls":4},"2009-07-01",1,0.01,0.01,1,{"v":15,"d":"15.00"},{"v":10,"d":"10.00"},{"v":1.5,"d":"1.50"},{"v":14900,"d":"14,900.00"}]
["1437","08区20架02层","垫片","6111-61-6810#","小松装载机","件",{"$nulls":4},"2009-10-01",1,0.01,0.01,1,{"v":10,"d":"10.00"},{"v":10,"d":"10.00"},{"v":1,"d":"1.00"},{"v":9900,"d":"9,900.00"}]
["1438","08区20架02层","油封","707-51-70030#","小松装载机","件",{"$nulls":4},"2007-11-01",7,0.01,0.07,7,{"v":75,"d":"75.00"},{"v":10,"d":"10.00"},{"v":52.5,"d":"52.50"},{"v":74900,"d":"74,900.00"}]
["1439","08区20架02层","指示器","08670-02001","小松装载机","件",{"$nulls":4},"2007-11-01",8,136.38,1091.04,8,{"v":125,"d":"125.00"},{"v":10,"d":"10.00"},{"v":100,"d":"100.00"},-90.83]
["1440","08区20架02层","垫片","6161-11-6151","小松装载机","根",{"$nulls":4},"2009-10-01",1,0.01,0.01,1,{"v":10,"d":"10.00"},{"v":10,"d":"10.00"},{"v":1,"d":"1.00"},{"v":9900,"d":"9,900.00"}]
["1441","08区20架02层","垫片","6162-23-6520#","小松装载机","件",{"$nulls":4},"2009-10-01",5,0.01,0.05,5,{"v":10,"d":"10.00"},{"v":10,"d":"10.00"},{"v":5,"d":"5.00"},{"v":9900,"d":"9,900.00"}]
["1442","08区20架02层","垫片","6610-81-2210","小松装载机","件",{"$nulls":4},"2009-10-01",12,6.76,81.12,12,6.55,{"v":10,"d":"10.00"},7.86,-90.31]
["1443","08区20架02层","垫片","6675-11-4960","小松装载机","件",{"$nulls":4},"2009-10-01",2,14.85,{"v":29.7,"d":"29.70"},2,14.39,{"v":10,"d":"10.00"},2.88,{"v":-90.3,"d":"-90.30"}]
["1444","08区20架02层","板","7831-55-4000#","小松装载机","件",{"$nulls":4},"2009-07-01",1,0.01,0.01,1,{"v":10,"d":"10.00"},{"v":10,"d":"10.00"},{"v":1,"d":"1.00"},{"v":9900,"d":"9,900.00"}]
["1445","08区20架02层","垫片","6162-13-6570#","小松装载机","件",{"$nulls":4},"2009-10-01",3,0.01,0.03,3,{"v":10,"d":"10.00"},{"v":10,"d":"10.00"},{"v":3,"d":"3.00"},{"v":9900,"d":"9,900.00"}]
["1446","08区20架02层","密封","07281-01589#","小松装载机","件",{"$nulls":4},"2009-03-01",1,0.01,0.01,1,{"v":1,"d":"1.00"},{"v":10,"d":"10.00"},{"v":0.1,"d":"0.10"},{"v":900,"d":"900.00"}]
["1447","08区20架03层","密封","6161-11-4720#","小松装载机","件",{"$nulls":4},"2009-03-01",36,0.01,0.36,36,{"v":1,"d":"1.00"},{"v":10,"d":"10.00"},{"v":3.6,"d":"3.60"},{"v":900,"d":"900.00"}]
["1448","08区20架03层","衬套","6210-41-5420","小松装载机","件",{"$nulls":4},"2007-06-01",10,67.51,{"v":675.1,"d":"675.10"},10,{"v":65.4,"d":"65.40"},{"v":10,"d":"10.00"},{"v":65.4,"d":"65.40"},-90.31]
["1449","08区20架03层","密封","6150-61-1510","小松装载机","件",{"$nulls":4},"2009-03-01",4,205.26,821.04,4,{"v":199,"d":"199.00"},{"v":10,"d":"10.00"},{"v":79.6,"d":"79.60"},{"v":-90.3,"d":"-90.30"}]
["1450","08区20架03层","密封","700-13-31161#","小松装载机","颗",{"$nulls":4},"2009-03-01",1,0.01,0.01,1,{"v":1,"d":"1.00"},{"v":10,"d":"10.00"},{"v":0.1,"d":"0.10"},{"v":900,"d":"900.00"}]
["1451","08区20架03层","软管","07260-23210","小松装载机","件",{"$nulls":4},"2007-04-01",1,190.65,190.65,1,{"$nulls":3},{"v":-100,"d":"-100.00"}]
["1452","08区20架03层","密封","700-80-51190#","小松装载机","件",{"$nulls":4},"2009-03-01",1,0.01,0.01,1,{"v":1,"d":"1.00"},{"v":10,"d":"10.00"},{"v":0.1,"d":"0.10"},{"v":900,"d":"900.00"}]
["1453","08区20架03层","传动箱滤芯座子","425-16-11132","小松装载机","个",{"$nulls":4},"2012-05-01",4,9178.04,36712.16,4,{"v":8890.77,"d":"8,890.77"},{"v":16,"d":"16.00"},{"v":5690.09,"d":"5,690.09"},{"v":-84.5,"d":"-84.50"}]
["1454","08区20架03层","密封","427-46-11340","小松装载机","件",{"$nulls":4},"2009-03-01",5,534.72,{"v":2673.6,"d":"2673.60"},5,{"v":518,"d":"518.00"},{"v":10,"d":"10.00"},{"v":259,"d":"259.00"},-90.31]
["1455","08区20架03层","盖","6215-71-9780","小松装载机","件",{"$nulls":4},"2009-10-01",5,58.06,{"v":290.3,"d":"290.30"},5,56.24,{"v":10,"d":"10.00"},28.12,-90.31]
["1456","08区20架03层","密封","426-30-12160","小松装载机","个",{"$nulls":4},"2009-03-01",5,551.57,2757.85,5,{"v":534,"d":"534.00"},{"v":10,"d":"10.00"},{"v":267,"d":"267.00"},-90.32]
["1457","08区20架03层","密封","DK139634-0200","小松装载机","件",{"$nulls":4},"2009-03-01",2,323.14,646.28,2,{"v":313,"d":"313.00"},{"v":10,"d":"10.00"},{"v":62.6,"d":"62.60"},-90.31]
["1458","08区20架03层","密封","DK139766-0000","小松装载机","件",{"$nulls":4},"2009-03-01",2,109.14,218.28,2,{"v":106,"d":"106.00"},{"v":10,"d":"10.00"},{"v":21.2,"d":"21.20"},-90.29]
["1459","08区20架04层","密封","07000-13048","小松装载机","件",{"$nulls":4},"2009-03-01",36,9.47,340.92,36,{"v":9,"d":"9.00"},{"v":10,"d":"10.00"},{"v":32.4,"d":"32.40"},{"v":-90.5,"d":"-90.50"}]
["1460","08区20架04层","密封","07000-05170","小松装载机","件",{"$nulls":4},"2009-03-01",2,59.24,118.48,2,{"v":57,"d":"57.00"},{"v":10,"d":"10.00"},{"v":11.4,"d":"11.40"},-90.38]
["1461","08区20架04层","压力传感器","7861-99-1930","小松装载机","件",{"$nulls":4},"2009-10-01",2,3099.83,6199.66,2,{"v":3008,"d":"3,008.00"},{"v":10,"d":"10.00"},{"v":601.6,"d":"601.60"},{"v":-90.3,"d":"-90.30"}]
["1462","08区20架04层","密封","07000-62105","小松装载机","件",{"$nulls":4},"2009-03-01",8,138.26,1106.08,8,{"v":134,"d":"134.00"},{"v":10,"d":"10.00"},{"v":107.2,"d":"107.20"},-90.31]
["1463","08区20架04层","密封","566-13-13341","小松装载机","件",{"$nulls":4},"2009-03-01",4,151.05,{"v":604.2,"d":"604.20"},4,{"v":146,"d":"146.00"},{"v":10,"d":"10.00"},{"v":58.4,"d":"58.40"},-90.33]
["1464","08区20架05层","软管","6215-81-5850","小松装载机","件",{"$nulls":4},"2007-04-01",2,703.46,1406.92,2,{"$nulls":3},{"v":-100,"d":"-100.00"}]
["1465","08区20架05层","雨刮臂","423-56-11220","小松装载机","件",{"$nulls":4},"2009-06-01",3,318.67,956.01,3,{"v":309,"d":"309.00"},{"v":10,"d":"10.00"},{"v":92.7,"d":"92.70"},{"v":-90.3,"d":"-90.30"}]
["1466","08区21架01层","软管","07260-20963","小松装载机","件",{"$nulls":4},"2007-04-01",1,117.48,117.48,1,{"$nulls":3},{"v":-100,"d":"-100.00"}]
["1467","08区21架01层","软管","07260-27436","小松装载机","件",{"$nulls":4},"2007-04-01",1,351.08,351.08,1,{"$nulls":3},{"v":-100,"d":"-100.00"}]
["1468","08区21架01层","软管","07102-20304","小松装载机","根",{"$nulls":4},"2007-04-01",4,{"v":197.6,"d":"197.60"},{"v":790.4,"d":"790.40"},4,{"$nulls":3},{"v":-100,"d":"-100.00"}]
["1469","08区21架01层","软管","07260-05816","小松装载机","件",{"$nulls":4},"2007-04-01",5,181.98,{"v":909.9,"d":"909.90"},5,{"$nulls":3},{"v":-100,"d":"-100.00"}]
["1470","08区21架01层","软管","07102-20408","小松装载机","件",{"$nulls":4},"2007-04-01",2,259.26,518.52,2,{"$nulls":3},{"v":-100,"d":"-100.00"}]
["1471","08区21架01层","软管","07102-20512#","小松装载机","件",{"$nulls":4},"2007-04-01",1,0.01,0.01,1,{"$nulls":3},{"v":-100,"d":"-100.00"}]
["1472","08区21架01层","软管","07108-20410","小松装载机","件",{"$nulls":4},"2007-04-01",1,390.24,390.24,1,{"$nulls":3},{"v":-100,"d":"-100.00"}]
["1473","08区21架01层","软管","07102-20322#","小松装载机","件",{"$nulls":4},"2009-09-01",1,0.01,0.01,1,{"$nulls":3},{"v":-100,"d":"-100.00"}]
["1474","08区21架02层","软管","427-35-12660","小松装载机","件",{"$nulls":4},"2009-09-01",6,501.18,3007.08,6,{"$nulls":3},{"v":-100,"d":"-100.00"}]
["1475","08区21架02层","开关","427-06-11130","小松装载机","件",{"$nulls":4},"2007-08-01",2,279.52,559.04,2,{"$nulls":3},{"v":-100,"d":"-100.00"}]
["1476","08区21架02层","环","421-54-15730#","小松装载机","件",{"$nulls":4},"2007-08-01",1,0.01,0.01,1,{"v":9.9,"d":"9.90"},{"v":10,"d":"10.00"},0.99,{"v":9800,"d":"9,800.00"}]
["1477","08区21架02层","环","796-720-1710#","小松装载机","件",{"$nulls":4},"2007-08-01",1,0.01,0.01,1,{"v":9.9,"d":"9.90"},{"v":10,"d":"10.00"},0.99,{"v":9800,"d":"9,800.00"}]
["1478","08区21架02层","软管","07261-20925#","小松装载机","件",{"$nulls":4},"2009-09-01",1,0.01,0.01,1,{"$nulls":3},{"v":-100,"d":"-100.00"}]
["1479","08区21架03层","软管","07108-20304","小松装载机","件",{"$nulls":4},"2009-09-01",1,210.65,210.65,1,{"$nulls":3},{"v":-100,"d":"-100.00"}]
["1480","08区21架03层","软管","07102-20204","小松装载机","件",{"$nulls":4},"2009-09-01",1,89.15,89.15,1,{"$nulls":3},{"v":-100,"d":"-100.00"}]
["1481","08区21架03层","软管","07125-00607#","小松装载机","个",{"$nulls":4},"2009-09-01",2,349.53,699.06,2,{"$nulls":3},{"v":-100,"d":"-100.00"}]
["1482","08区21架03层","软管","07102-20308","小松装载机","件",{"$nulls":4},"2009-09-01",2,{"v":225.5,"d":"225.50"},{"v":451,"d":"451.00"},2,{"$nulls":3},{"v":-100,"d":"-100.00"}]
["1483","08区21架03层","软管","07108-20406","小松装载机","件",{"$nulls":4},"2009-09-01",6,307.87,1847.22,6,{"$nulls":3},{"v":-100,"d":"-100.00"}]
["1484","08区21架03层","软管","709-12-12720","小松装载机","件",{"$nulls":4},"2009-09-01",2,105.32,210.64,2,{"$nulls":3},{"v":-100,"d":"-100.00"}]
["1485","08区21架03层","软管","07260-21440","小松装载机","个",{"$nulls":4},"2009-09-01",1,99.93,99.93,1,{"$nulls":3},{"v":-100,"d":"-100.00"}]
["1486","08区21架03层","软管","07124-00607#","小松装载机","件",{"$nulls":4},"2009-09-01",2,356.93,713.86,2,{"$nulls":3},{"v":-100,"d":"-100.00"}]
["1487","08区21架05层","软管","07108-20404","小松装载机","件",{"$nulls":4},"2009-09-01",5,268.71,1343.55,5,{"$nulls":3},{"v":-100,"d":"-100.00"}]
["1488","08区21架05层","软管","427-35-12790","小松装载机","件",{"$nulls":4},"2007-04-01",4,839.23,3356.92,4,{"$nulls":3},{"v":-100,"d":"-100.00"}]
["1489","08区21架05层","软管","07261-20910#","小松装载机","件",{"$nulls":4},"2007-04-01",1,0.01,0.01,1,{"$nulls":3},{"v":-100,"d":"-100.00"}]
["1490","08区21架05层","软管","07102-20403","小松装载机","件",{"$nulls":4},"2007-04-01",1,0.01,0.01,1,{"$nulls":3},{"v":-100,"d":"-100.00"}]
["1491","08区21架05层","软管","07102-20311","小松装载机","件",{"$nulls":4},"2007-04-01",4,247.11,988.44,4,{"$nulls":3},{"v":-100,"d":"-100.00"}]
["1492","08区22架01层","螺栓","01144-62485","小松装载机","件",{"$nulls":4},"2012-09-01",20,217.05,{"v":4341,"d":"4341.00"},20,{"v":210,"d":"210.00"},{"v":19,"d":"19.00"},{"v":798,"d":"798.00"},-81.62]
["1493","08区22架01层","螺栓","6127-41-5445","小松装载机","件",{"$nulls":4},"2007-11-01",8,71.57,572.56,8,69.33,{"v":10,"d":"10.00"},55.46,-90.31]
["1494","08区22架01层","轴承","421-40-11411","小松装载机","件",{"$nulls":4},"2007-01-01",2,106.83,213.66,2,{"v":103,"d":"103.00"},{"v":10,"d":"10.00"},{"v":20.6,"d":"20.60"},-90.36]
["1495","08区22架01层","密封","6162-63-1691#","小松装载机","件",{"$nulls":4},"2009-04-01",2,0.01,0.02,2,{"v":1,"d":"1.00"},{"v":10,"d":"10.00"},{"v":0.2,"d":"0.20"},{"v":900,"d":"900.00"}]
["1496","08区22架01层","垫片","DK026512-1540#","小松装载机","件",{"$nulls":4},"2009-10-01",2,0.01,0.02,2,{"v":10,"d":"10.00"},{"v":10,"d":"10.00"},{"v":2,"d":"2.00"},{"v":9900,"d":"9,900.00"}]
["1497","08区22架01层","螺栓","01010-62495","小松装载机","件",{"$nulls":4},"2012-09-01",15,88.26,{"v":1323.9,"d":"1323.90"},15,{"v":85.5,"d":"85.50"},{"v":19,"d":"19.00"},243.68,-81.59]
["1498","08区22架01层","轴承","421-40-12640","小松装载机","件",{"$nulls":4},"2007-01-01",2,45.92,91.84,2,{"v":45,"d":"45.00"},{"v":10,"d":"10.00"},{"v":9,"d":"9.00"},{"v":-90.2,"d":"-90.20"}]
["1499","08区22架01层","密封","426-20-12660","小松装载机","件",{"$nulls":4},"2009-04-01",6,110.67,664.02,6,{"v":107,"d":"107.00"},{"v":10,"d":"10.00"},{"v":64.2,"d":"64.20"},-90.33]
["1500","08区22架01层","线圈","421-06-11542#","小松装载机","件",{"$nulls":4},"2009-10-01",4,529.92,2119.68,4,{"v":450,"d":"450.00"},{"v":10,"d":"10.00"},{"v":180,"d":"180.00"},-91.51]
["1501","08区22架01层","密封","427-20-12660","小松装载机","件",{"$nulls":4},"2009-04-01",3,126.93,380.79,3,{"v":123,"d":"123.00"},{"v":10,"d":"10.00"},{"v":36.9,"d":"36.90"},-90.31]
["1502","08区22架02层","垫片","6162-83-2870#","小松装载机","颗",{"$nulls":4},"2009-10-01",1,0.01,0.01,1,{"v":10,"d":"10.00"},{"v":10,"d":"10.00"},{"v":1,"d":"1.00"},{"v":9900,"d":"9,900.00"}]
["1503","08区22架02层","蜂鸣器","207-06-31160","小松装载机","件",{"$nulls":4},"2009-07-01",3,182.29,546.87,3,{"v":162.3,"d":"162.30"},{"v":10,"d":"10.00"},48.69,{"v":-91.1,"d":"-91.10"}]
["1504","08区22架02层","盖","426-15-13721#","小松装载机","件",{"$nulls":4},"2010-08-01",3,0.01,0.03,3,{"v":25,"d":"25.00"},{"v":10,"d":"10.00"},{"v":7.5,"d":"7.50"},{"v":24900,"d":"24,900.00"}]
["1505","08区22架02层","修理包","711-59-05011#","小松装载机","件",{"$nulls":4},"2007-03-01",1,0.01,0.01,1,{"v":26,"d":"26.00"},{"v":10,"d":"10.00"},{"v":2.6,"d":"2.60"},{"v":25900,"d":"25,900.00"}]
["1506","08区22架02层","开口环","07179-14160","小松装载机","件",{"$nulls":4},"2009-09-01",2,53.93,107.86,2,52.24,{"v":10,"d":"10.00"},10.45,-90.31]
["1507","08区22架02层","垫片","6215-21-1970#","小松装载机","件",{"$nulls":4},"2009-10-01",1,0.01,0.01,1,{"v":10,"d":"10.00"},{"v":10,"d":"10.00"},{"v":1,"d":"1.00"},{"v":9900,"d":"9,900.00"}]
["1508","08区22架02层","垫片","6162-62-3740#","小松装载机","件",{"$nulls":4},"2009-10-01",1,0.01,0.01,1,{"v":10,"d":"10.00"},{"v":10,"d":"10.00"},{"v":1,"d":"1.00"},{"v":9900,"d":"9,900.00"}]
["1509","08区22架03层","垫片","6127-81-4821#","小松装载机","件",{"$nulls":4},"2009-10-01",4,0.01,0.04,4,{"v":10,"d":"10.00"},{"v":10,"d":"10.00"},{"v":4,"d":"4.00"},{"v":9900,"d":"9,900.00"}]
["1510","08区22架03层","摇控器","795-100-1181","小松装载机","件",{"$nulls":4},"2009-07-01",1,347.03,347.03,1,{"v":330,"d":"330.00"},{"v":10,"d":"10.00"},{"v":33,"d":"33.00"},-90.49]
["1511","08区22架03层","连接器","792-502-1230","小松装载机","件",{"$nulls":4},"2009-04-01",1,{"v":217.4,"d":"217.40"},{"v":217.4,"d":"217.40"},1,{"v":211.2,"d":"211.20"},{"v":10,"d":"10.00"},21.12,-90.29]
["1512","08区22架03层","触片","SD1235-06410XO#","小松装载机","件",{"$nulls":4},"2009-04-01",6,0.01,0.06,6,{"v":5.8,"d":"5.80"},{"v":10,"d":"10.00"},3.48,{"v":5700,"d":"5,700.00"}]
["1513","08区22架03层","垫片","DK487020-3100#","小松装载机","件",{"$nulls":4},"2009-10-01",1,0.01,0.01,1,{"v":10,"d":"10.00"},{"v":10,"d":"10.00"},{"v":1,"d":"1.00"},{"v":9900,"d":"9,900.00"}]
["1514","08区22架04层","座子","6163-43-4430#","小松装载机","件",{"$nulls":4},"2007-10-01",24,0.01,0.24,24,{"v":800,"d":"800.00"},{"v":10,"d":"10.00"},{"v":1920,"d":"1,920.00"},{"v":799900,"d":"799,900.00"}]
["1515","08区22架04层","密封","07281-02909","小松装载机","件",{"$nulls":4},"2009-04-01",1,60.77,60.77,1,{"v":59,"d":"59.00"},{"v":10,"d":"10.00"},{"v":5.9,"d":"5.90"},-90.29]
["1516","08区22架04层","油封","SD6410-02000#","小松装载机","件",{"$nulls":4},"2007-11-01",5,0.01,0.05,5,{"v":75,"d":"75.00"},{"v":10,"d":"10.00"},{"v":37.5,"d":"37.50"},{"v":74900,"d":"74,900.00"}]
["1517","08区22架04层","防尘油封","195-63-93170","小松装载机","件",{"$nulls":4},"2007-11-01",12,219.65,{"v":2635.8,"d":"2635.80"},12,{"v":213,"d":"213.00"},{"v":10,"d":"10.00"},{"v":255.6,"d":"255.60"},{"v":-90.3,"d":"-90.30"}]
["1518","08区22架04层","活塞销","6211-31-2416#","小松装载机","件",{"$nulls":4},"2009-10-01",12,0.01,0.12,12,{"v":1,"d":"1.00"},{"v":10,"d":"10.00"},{"v":1.2,"d":"1.20"},{"v":900,"d":"900.00"}]
["1519","08区22架05层","软管","6162-83-4771","小松装载机","件",{"$nulls":4},"2007-04-01",1,146.23,146.23,1,{"$nulls":3},{"v":-100,"d":"-100.00"}]
["1520","08区22架05层","软管","426-01-11221","小松装载机","件",{"$nulls":4},"2007-04-01",1,149.16,149.16,1,{"$nulls":3},{"v":-100,"d":"-100.00"}]
["1521","08区22架05层","软管","6215-71-7570","小松装载机","件",{"$nulls":4},"2007-04-01",1,970.59,970.59,1,{"$nulls":3},{"v":-100,"d":"-100.00"}]
["1522","08区22架05层","软管","07271-11435","小松装载机","件",{"$nulls":4},"2007-04-01",1,342.15,342.15,1,{"$nulls":3},{"v":-100,"d":"-100.00"}]
["1523","08区22架05层","油管","07271-11480","小松装载机","件",{"$nulls":4},"2009-08-01",1,507.03,507.03,1,{"v":500,"d":"500.00"},{"v":10,"d":"10.00"},{"v":50,"d":"50.00"},-90.14]
["1524","08区22架05层","油管","07271-11450","小松装载机","件",{"$nulls":4},"2009-08-01",1,399.35,399.35,1,{"v":387,"d":"387.00"},{"v":10,"d":"10.00"},{"v":38.7,"d":"38.70"},-90.31]
["1525","08区22架05层","软管","6162-83-4740","小松装载机","件",{"$nulls":4},"2007-04-01",4,117.86,471.44,4,{"$nulls":3},{"v":-100,"d":"-100.00"}]
["1526","08区22架05层","软管","07102-20405","小松装载机","件",{"$nulls":4},"2007-04-01",1,265.43,265.43,1,{"$nulls":3},{"v":-100,"d":"-100.00"}]
["1527","08区22架05层","软管","07260-20980","小松装载机","件",{"$nulls":4},"2007-04-01",1,114.05,114.05,1,{"$nulls":3},{"v":-100,"d":"-100.00"}]
["1528","08区23架01层","刹车片","425-32-15120","小松装载机","件",{"$nulls":4},"2009-11-01",6,1599.81,9598.86,6,{"v":1550,"d":"1,550.00"},{"v":10,"d":"10.00"},{"v":930,"d":"930.00"},-90.31]
["1529","08区23架01层","转子","6505-51-5950","小松装载机","件",{"$nulls":4},"2009-11-01",1,7257.86,7257.86,1,{"v":7031,"d":"7,031.00"},{"v":10,"d":"10.00"},{"v":703.1,"d":"703.10"},-90.31]
["1530","08区23架01层","衬套","426-70-11820","小松装载机","件",{"$nulls":4},"2007-06-01",2,1862.07,3724.14,2,{"v":1803.79,"d":"1,803.79"},{"v":10,"d":"10.00"},360.76,-90.31]
["1531","08区23架02层","修理包","KD7-09210-1200#","小松装载机","件",{"$nulls":4},"2007-03-01",4,0.01,0.04,4,{"v":26,"d":"26.00"},{"v":10,"d":"10.00"},{"v":10.4,"d":"10.40"},{"v":25900,"d":"25,900.00"}]
["1532","08区23架02层","修理包","427-22-05020#","小松装载机","件",{"$nulls":4},"2007-03-01",3,0.01,0.03,3,{"v":26,"d":"26.00"},{"v":10,"d":"10.00"},{"v":7.8,"d":"7.80"},{"v":25900,"d":"25,900.00"}]
["1533","08区23架02层","螺钉","01220-40416","小松装载机","件",{"$nulls":4},"2007-03-01",20,1.06,{"v":21.2,"d":"21.20"},20,1.05,{"v":10,"d":"10.00"},{"v":2.1,"d":"2.10"},-90.09]
["1534","08区23架02层","螺栓","01252-40616","小松装载机","个",{"$nulls":4},"2007-11-01",12,6.62,79.44,12,6.41,{"v":10,"d":"10.00"},7.69,-90.32]
["1535","08区23架02层","螺钉","01220-40412","小松装载机","个",{"$nulls":4},"2007-11-01",4,1.01,4.04,4,0.98,{"v":10,"d":"10.00"},0.39,-90.35]
["1536","08区23架02层","垫片","01601-20410","小松装载机","件",{"$nulls":4},"2009-10-01",20,0.62,{"v":12.4,"d":"12.40"},20,{"v":0.6,"d":"0.60"},{"v":10,"d":"10.00"},{"v":1.2,"d":"1.20"},-90.32]
["1537","08区23架02层","线束","427-15-17212","小松装载机","件",{"$nulls":4},"2010-10-01",1,5441.03,5441.03,1,{"v":5369,"d":"5,369.00"},{"v":10,"d":"10.00"},{"v":536.9,"d":"536.90"},-90.13]
["1538","08区23架02层","密封","6215-21-4230","小松装载机","件",{"$nulls":4},"2009-04-01",2,704.19,1408.38,2,{"v":682,"d":"682.00"},{"v":10,"d":"10.00"},{"v":136.4,"d":"136.40"},-90.32]
["1539","08区23架02层","电气配线","426-S33-1920","小松装载机","件",{"$nulls":4},"2011-11-01",1,6606.21,6606.21,1,{"v":6399.44,"d":"6,399.44"},{"v":11,"d":"11.00"},703.94,-89.34]
["1540","08区23架02层","螺栓","424-16-11171","小松装载机","件",{"$nulls":4},"2007-11-01",6,{"v":613.1,"d":"613.10"},{"v":3678.6,"d":"3678.60"},6,603.29,{"v":10,"d":"10.00"},361.97,-90.16]
["1541","08区23架02层","防尘油封","176-63-56170","小松装载机","件",{"$nulls":4},"2007-11-01",1,126.25,126.25,1,{"v":120,"d":"120.00"},{"v":10,"d":"10.00"},{"v":12,"d":"12.00"},{"v":-90.5,"d":"-90.50"}]
["1542","08区23架02层","阀","561-15-47210","小松装载机","件",{"$nulls":4},"2011-10-01",3,2669.93,8009.79,3,{"v":2586,"d":"2,586.00"},{"v":10,"d":"10.00"},{"v":775.8,"d":"775.80"},-90.31]
["1543","08区23架02层","垫片","01601-20307","小松装载机","件",{"$nulls":4},"2009-10-01",8,0.49,3.92,8,0.47,{"v":10,"d":"10.00"},0.38,-90.31]
["1544","08区23架02层","盖","07025-00100","小松装载机","件",{"$nulls":4},"2009-10-01",2,74.27,148.54,2,71.95,{"v":10,"d":"10.00"},14.39,-90.31]
["1545","08区23架02层","螺钉","01220-40310","小松装载机","件",{"$nulls":4},"2009-07-01",4,0.74,2.96,4,0.72,{"v":10,"d":"10.00"},0.29,{"v":-90.2,"d":"-90.20"}]
["1546","08区23架02层","垫片","6127-21-4813","小松装载机","件",{"$nulls":4},"2009-10-01",1,126.93,126.93,1,{"v":123,"d":"123.00"},{"v":10,"d":"10.00"},{"v":12.3,"d":"12.30"},-90.31]
["1547","08区23架02层","垫片","01602-20619","小松装载机","件",{"$nulls":4},"2009-10-01",12,0.74,8.88,12,0.72,{"v":10,"d":"10.00"},0.86,-90.32]
["1548","08区23架02层","垫片","6162-63-2280#","小松装载机","件",{"$nulls":4},"2009-10-01",10,0.01,{"v":0.1,"d":"0.10"},10,{"v":10,"d":"10.00"},{"v":10,"d":"10.00"},{"v":10,"d":"10.00"},{"v":9900,"d":"9,900.00"}]
["1549","08区23架03层","修理包","424-35-05110","小松装载机","件",{"$nulls":4},"2009-10-01",88,{"v":448.3,"d":"448.30"},{"v":39450.4,"d":"39450.40"},88,{"v":434,"d":"434.00"},{"v":10,"d":"10.00"},{"v":3819.2,"d":"3,819.20"},-90.32]
["1550","08区23架04层","电气配线","426-06-12127","小松装载机","件",{"$nulls":4},"2011-11-01",1,4242.82,4242.82,1,{"v":4110.02,"d":"4,110.02"},{"v":11,"d":"11.00"},{"v":452.1,"d":"452.10"},-89.34]
["1551","08区23架04层","电气配线","427-S33-2974","小松装载机","件",{"$nulls":4},"2012-05-01",1,25502.33,25502.33,1,{"v":24704.11,"d":"24,704.11"},{"v":16,"d":"16.00"},{"v":3952.66,"d":"3,952.66"},{"v":-84.5,"d":"-84.50"}]
["1552","08区23架04层","线束","426-06-12117","小松装载机","件",{"$nulls":4},"2011-11-01",1,10298.56,10298.56,1,{"v":9976,"d":"9,976.00"},{"v":11,"d":"11.00"},{"v":1097.36,"d":"1,097.36"},-89.34]
["1553","08区23架05层","软管","426-963-1150","小松装载机","件",{"$nulls":4},"2007-04-01",1,2120.18,2120.18,1,{"$nulls":3},{"v":-100,"d":"-100.00"}]
["1554","08区23架05层","水管","426-09-11240","小松装载机","件",{"$nulls":4},"2009-02-01",1,536.62,536.62,1,{"v":520,"d":"520.00"},{"v":10,"d":"10.00"},{"v":52,"d":"52.00"},-90.31]
["1555","08区23架05层","软管","08671-40090","小松装载机","件",{"$nulls":4},"2007-04-01",1,622.31,622.31,1,{"$nulls":3},{"v":-100,"d":"-100.00"}]
["1556","08区23架06层","软管","426-963-1190","小松装载机","件",{"$nulls":4},"2007-04-01",1,2665.27,2665.27,1,{"$nulls":3},{"v":-100,"d":"-100.00"}]
["1557","08区24架01层","十字节","426-20-12620","小松装载机","件",{"$nulls":4},"2009-10-01",5,2955.05,14775.25,5,{"v":2863,"d":"2,863.00"},{"v":10,"d":"10.00"},{"v":1431.5,"d":"1,431.50"},-90.31]
["1558","08区24架01层","机油过滤器","426-16-11523","小松装载机","件",{"$nulls":4},"2009-10-01",1,14890.35,14890.35,1,{"v":14424.28,"d":"14,424.28"},{"v":10,"d":"10.00"},{"v":1442.43,"d":"1,442.43"},-90.31]
["1559","08区24架02层","弯管","426-35-11411#","小松装载机","件",{"$nulls":4},"2009-05-01",1,0.01,0.01,1,{"v":260,"d":"260.00"},{"v":10,"d":"10.00"},{"v":26,"d":"26.00"},{"v":259900,"d":"259,900.00"}]
["1560","08区24架02层","电气配线","426-06-12724","小松装载机","件",{"$nulls":4},"2011-11-01",1,{"v":2116.5,"d":"2116.50"},{"v":2116.5,"d":"2116.50"},1,{"v":2052.9,"d":"2,052.90"},{"v":11,"d":"11.00"},225.82,-89.33]
["1561","08区24架02层","电气配线","425-963-1511","小松装载机","件",{"$nulls":4},"2012-05-01",1,3373.63,3373.63,1,{"v":3333.6,"d":"3,333.60"},{"v":16,"d":"16.00"},533.38,-84.19]
["1562","08区24架02层","电气配线","426-Z91-1130","小松装载机","件",{"$nulls":4},"2012-05-01",1,13292.69,13292.69,1,{"v":12970.54,"d":"12,970.54"},{"v":16,"d":"16.00"},{"v":2075.29,"d":"2,075.29"},-84.39]
["1563","08区24架02层","电气配线","426-963-1311","小松装载机","件",{"$nulls":4},"2011-11-01",1,1093.12,1093.12,1,{"v":1092,"d":"1,092.00"},{"v":11,"d":"11.00"},120.12,-89.01]
["1564","08区24架02层","电气配线","425-06-12810","小松装载机","件",{"$nulls":4},"2011-11-01",1,959.05,959.05,1,{"v":949,"d":"949.00"},{"v":11,"d":"11.00"},104.39,-89.12]
["1565","08区24架02层","钢丝总成","426-06-12920","小松装载机","件",{"$nulls":4},"2009-06-01",1,1441.28,1441.28,1,{"v":1396.17,"d":"1,396.17"},{"v":10,"d":"10.00"},139.62,-90.31]
["1566","08区24架05层","连杆","793-560-1201","小松装载机","件",{"$nulls":4},"2009-02-01",1,266.63,266.63,1,{"v":258,"d":"258.00"},{"v":10,"d":"10.00"},{"v":25.8,"d":"25.80"},-90.32]
["1567","08区24架05层","油管","6215-71-7541","小松装载机","件",{"$nulls":4},"2009-02-01",3,{"v":1063.9,"d":"1063.90"},{"v":3191.7,"d":"3191.70"},3,{"v":1000,"d":"1,000.00"},{"v":10,"d":"10.00"},{"v":300,"d":"300.00"},{"v":-90.6,"d":"-90.60"}]
["1568","08区24架05层","扩管装置","790-720-1000#","小松装载机","件",{"$nulls":4},"2009-02-01",2,0.01,0.02,2,{"v":4,"d":"4.00"},{"v":10,"d":"10.00"},{"v":0.8,"d":"0.80"},{"v":3900,"d":"3,900.00"}]
["1569","08区24架06层","软管","07287-01417","小松装载机","件",{"$nulls":4},"2007-04-01",1,237.43,237.43,1,{"$nulls":3},{"v":-100,"d":"-100.00"}]
["1570","08区24架06层","软管","07270-41212","小松装载机","件",{"$nulls":4},"2007-04-01",1,325.09,325.09,1,{"$nulls":3},{"v":-100,"d":"-100.00"}]
["1571","08区24架06层","软管","426-963-1170","小松装载机","件",{"$nulls":4},"2007-04-01",1,2045.29,2045.29,1,{"$nulls":3},{"v":-100,"d":"-100.00"}]
["1572","08区24架06层","软管","426-963-1180","小松装载机","件",{"$nulls":4},"2007-04-01",1,{"v":2573.2,"d":"2573.20"},{"v":2573.2,"d":"2573.20"},1,{"$nulls":3},{"v":-100,"d":"-100.00"}]
["1573","08区25架01层","螺栓","01010-51225","小松装载机","件",{"$nulls":4},"2007-11-01",1,46.22,46.22,1,44.77,{"v":10,"d":"10.00"},4.48,-90.31]
["1574","08区25架01层","螺栓","01010-61240#","小松装载机","个",{"$nulls":4},"2007-11-01",15,0.01,0.15,15,{"v":20,"d":"20.00"},{"v":10,"d":"10.00"},{"v":30,"d":"30.00"},{"v":19900,"d":"19,900.00"}]
["1575","08区25架01层","螺栓","01010-51225#","小松装载机","件",{"$nulls":4},"2007-11-01",9,0.01,0.09,9,{"v":20,"d":"20.00"},{"v":10,"d":"10.00"},{"v":18,"d":"18.00"},{"v":19900,"d":"19,900.00"}]
["1576","08区25架01层","螺栓","01010-51020","小松装载机","件",{"$nulls":4},"2007-11-01",10,106.65,{"v":1066.5,"d":"1066.50"},10,{"v":99,"d":"99.00"},{"v":10,"d":"10.00"},{"v":99,"d":"99.00"},-90.72]
["1577","08区25架01层","螺栓","01050-61475","小松装载机","件",{"$nulls":4},"2007-11-01",3,73.44,220.32,3,71.14,{"v":10,"d":"10.00"},21.34,-90.31]
["1578","08区25架01层","螺栓","01145-62405","小松装载机","件",{"$nulls":4},"2012-09-01",14,244.06,3416.84,14,{"v":234,"d":"234.00"},{"v":19,"d":"19.00"},622.44,-81.78]
["1579","08区25架01层","螺栓","281-20-12320","小松装载机","件",{"$nulls":4},"2007-11-01",35,170.14,{"v":5954.9,"d":"5954.90"},35,{"v":170,"d":"170.00"},{"v":10,"d":"10.00"},{"v":595,"d":"595.00"},-90.01]
["1580","08区25架01层","堵头","07044-13620","小松装载机","件",{"$nulls":4},"2009-11-01",10,133.68,{"v":1336.8,"d":"1336.80"},10,126.75,{"v":10,"d":"10.00"},126.75,-90.52]
["1581","08区25架02层","接头","427-62-11830#","小松装载机","件",{"$nulls":4},"2007-04-01",5,0.01,0.05,5,{"v":2.5,"d":"2.50"},{"v":10,"d":"10.00"},1.25,{"v":2400,"d":"2,400.00"}]
["1582","08区25架02层","垫片","01602-21338#","小松装载机","件",{"$nulls":4},"2009-10-01",10,0.01,{"v":0.1,"d":"0.10"},10,{"v":10,"d":"10.00"},{"v":10,"d":"10.00"},{"v":10,"d":"10.00"},{"v":9900,"d":"9,900.00"}]
["1583","08区25架02层","垫片","01602-21236#","小松装载机","件",{"$nulls":4},"2009-10-01",20,0.01,{"v":0.2,"d":"0.20"},20,{"v":10,"d":"10.00"},{"v":10,"d":"10.00"},{"v":20,"d":"20.00"},{"v":9900,"d":"9,900.00"}]
["1584","08区25架02层","油咀","426-20-12630","小松装载机","件",{"$nulls":4},"2009-06-01",25,189.04,{"v":4726,"d":"4726.00"},25,183.12,{"v":10,"d":"10.00"},{"v":457.8,"d":"457.80"},-90.31]
["1585","08区25架02层","连接件","04256-40616#","小松装载机","件",{"$nulls":4},"2009-03-01",4,67.31,269.24,4,{"v":65.2,"d":"65.20"},{"v":10,"d":"10.00"},26.08,-90.31]
["1586","08区25架02层","螺母","02205-10812#","小松装载机","件",{"$nulls":4},"2007-10-01",10,0.01,{"v":0.1,"d":"0.10"},10,{"v":20,"d":"20.00"},{"v":10,"d":"10.00"},{"v":20,"d":"20.00"},{"v":19900,"d":"19,900.00"}]
["1587","08区25架02层","左玻璃锁扣","425-54-16250","小松装载机","件",{"$nulls":4},"2011-02-01",2,457.98,915.96,2,{"$nulls":3},{"v":-100,"d":"-100.00"}]
["1588","08区25架02层","控制单元","232-06-52461#","小松装载机","件",{"$nulls":4},"2009-04-01",2,0.01,0.02,2,{"v":430,"d":"430.00"},{"v":10,"d":"10.00"},{"v":86,"d":"86.00"},{"v":429900,"d":"429,900.00"}]
["1589","08区25架02层","垫片","426-43-18850#","小松装载机","件",{"$nulls":4},"2009-10-01",10,0.01,{"v":0.1,"d":"0.10"},10,{"v":10,"d":"10.00"},{"v":10,"d":"10.00"},{"v":10,"d":"10.00"},{"v":9900,"d":"9,900.00"}]
["1590","08区25架02层","螺栓","01050-61235#","小松装载机","件",{"$nulls":4},"2007-11-01",5,0.01,0.05,5,{"v":20,"d":"20.00"},{"v":10,"d":"10.00"},{"v":10,"d":"10.00"},{"v":19900,"d":"19,900.00"}]
["1591","08区25架02层","垫片","01643-31645#","小松装载机","件",{"$nulls":4},"2009-10-01",56,2.01,112.56,56,1.95,{"v":10,"d":"10.00"},10.92,{"v":-90.3,"d":"-90.30"}]
["1592","08区25架03层","弹簧","418-43-18240#","小松装载机","件",{"$nulls":4},"2007-10-01",1,0.01,0.01,1,{"v":28,"d":"28.00"},{"v":10,"d":"10.00"},{"v":2.8,"d":"2.80"},{"v":27900,"d":"27,900.00"}]
["1593","08区25架03层","右玻璃锁扣","425-54-16260","小松装载机","件",{"$nulls":4},"2011-02-01",3,470.27,1410.81,3,{"$nulls":3},{"v":-100,"d":"-100.00"}]
["1594","08区25架03层","螺栓","07040-11209#","小松装载机","件",{"$nulls":4},"2007-11-01",10,0.01,{"v":0.1,"d":"0.10"},10,{"v":20,"d":"20.00"},{"v":10,"d":"10.00"},{"v":20,"d":"20.00"},{"v":19900,"d":"19,900.00"}]
["1595","08区25架03层","电容器","SD6060-11920XO#","小松装载机","件",{"$nulls":4},"2007-11-01",4,0.01,0.04,4,{"v":182.8,"d":"182.80"},{"v":10,"d":"10.00"},73.12,{"v":182700,"d":"182,700.00"}]
["1596","08区25架03层","活接","07214-50710#","小松装载机","套",{"$nulls":4},"2007-11-01",4,0.01,0.04,4,{"v":18,"d":"18.00"},{"v":10,"d":"10.00"},{"v":7.2,"d":"7.20"},{"v":17900,"d":"17,900.00"}]
["1597","08区25架03层","螺栓","01010-51220#","小松装载机","件",{"$nulls":4},"2007-11-01",9,0.01,0.09,9,{"v":20,"d":"20.00"},{"v":10,"d":"10.00"},{"v":18,"d":"18.00"},{"v":19900,"d":"19,900.00"}]
["1598","08区25架03层","弹簧","424-16-11191#","小松装载机","件",{"$nulls":4},"2009-10-01",3,0.01,0.03,3,{"v":28,"d":"28.00"},{"v":10,"d":"10.00"},{"v":8.4,"d":"8.40"},{"v":27900,"d":"27,900.00"}]
["1599","08区25架03层","密封","07002-02434#","小松装载机","件",{"$nulls":4},"2009-04-01",5,0.01,0.05,5,{"v":1,"d":"1.00"},{"v":10,"d":"10.00"},{"v":0.5,"d":"0.50"},{"v":900,"d":"900.00"}]
["1600","08区25架03层","轴承","6685-61-4372","小松装载机","个",{"$nulls":4},"2007-01-01",3,276.14,828.42,3,{"v":256,"d":"256.00"},{"v":10,"d":"10.00"},{"v":76.8,"d":"76.80"},-90.73]
["1601","08区25架04层","衬套","707-76-75040#","小松装载机","件",{"$nulls":4},"2007-06-01",6,0.01,0.06,6,{"v":20,"d":"20.00"},{"v":10,"d":"10.00"},{"v":12,"d":"12.00"},{"v":19900,"d":"19,900.00"}]
["1602","08区25架04层","测量仪器","09289-10000#","小松装载机","件",{"$nulls":4},"2009-11-01",2,0.01,0.02,2,{"v":318,"d":"318.00"},{"v":10,"d":"10.00"},{"v":63.6,"d":"63.60"},{"v":317900,"d":"317,900.00"}]
["1603","08区25架04层","衬套","07179-15200","小松装载机","件",{"$nulls":4},"2007-06-01",1,110.91,110.91,1,107.44,{"v":10,"d":"10.00"},10.74,-90.32]
["1604","08区25架04层","螺栓","6128-21-6780#","小松装载机","件",{"$nulls":4},"2007-11-01",5,0.01,0.05,5,{"v":20,"d":"20.00"},{"v":10,"d":"10.00"},{"v":10,"d":"10.00"},{"v":19900,"d":"19,900.00"}]
["1605","08区25架04层","连杆","421-43-18890#","小松装载机","件",{"$nulls":4},"2009-02-01",4,0.01,0.04,4,{"v":23,"d":"23.00"},{"v":10,"d":"10.00"},{"v":9.2,"d":"9.20"},{"v":22900,"d":"22,900.00"}]
["1606","08区26架01层","软管","427-87-15140","小松装载机","件",{"$nulls":4},"2007-04-01",2,693.25,{"v":1386.5,"d":"1386.50"},2,{"$nulls":3},{"v":-100,"d":"-100.00"}]
["1607","08区26架01层","软管","07122-02013","小松装载机","件",{"$nulls":4},"2007-04-01",2,890.56,1781.12,2,{"$nulls":3},{"v":-100,"d":"-100.00"}]
["1608","08区26架01层","软管","07124-01409","小松装载机","件",{"$nulls":4},"2007-04-01",1,1585.59,1585.59,1,{"$nulls":3},{"v":-100,"d":"-100.00"}]
["1609","08区26架02层","右前灯","421-06-13401","小松装载机","个",{"$nulls":4},"2007-04-01",7,634.48,4441.36,7,{"v":600,"d":"600.00"},{"v":10,"d":"10.00"},{"v":420,"d":"420.00"},-90.54]
["1610","08区26架02层","雨刮电机","423-56-11210","小松装载机","件",{"$nulls":4},"2007-04-01",1,1188.17,1188.17,1,{"v":1117.84,"d":"1,117.84"},{"v":10,"d":"10.00"},111.78,-90.59]
["1611","08区26架02层","法兰","426-15-13712#","小松装载机","件",{"$nulls":4},"2012-12-01",3,0.01,0.03,3,{"v":10,"d":"10.00"},{"v":22,"d":"22.00"},{"v":6.6,"d":"6.60"},{"v":21900,"d":"21,900.00"}]
["1612","08区26架02层","左灯","421-06-13301","小松装载机","件",{"$nulls":4},"2012-12-01",8,862.31,6898.48,8,824.99,{"v":10,"d":"10.00"},659.99,-90.43]
["1613","08区26架03层","线圈","KD0-23230-0150#","小松装载机","件",{"$nulls":4},"2009-10-01",1,0.01,0.01,1,{"v":20,"d":"20.00"},{"v":10,"d":"10.00"},{"v":2,"d":"2.00"},{"v":19900,"d":"19,900.00"}]
["1614","08区26架03层","垫片","6212-61-66600#","小松装载机","件",{"$nulls":4},"2009-10-01",11,0.01,0.11,11,{"v":10,"d":"10.00"},{"v":10,"d":"10.00"},{"v":11,"d":"11.00"},{"v":9900,"d":"9,900.00"}]
["1615","08区26架03层","继电器","569-06-61140#","小松装载机","件",{"$nulls":4},"2007-10-01",2,0.01,0.02,2,{"v":9.8,"d":"9.80"},{"v":10,"d":"10.00"},1.96,{"v":9700,"d":"9,700.00"}]
["1616","08区26架03层","热沉","SD1235-06400XO#","小松装载机","件",{"$nulls":4},"2009-05-01",6,0.01,0.06,6,{"v":9.8,"d":"9.80"},{"v":10,"d":"10.00"},5.88,{"v":9700,"d":"9,700.00"}]
["1617","08区26架03层","垫片","6110-91-1340#","小松装载机","件",{"$nulls":4},"2009-10-01",1,0.01,0.01,1,{"v":10,"d":"10.00"},{"v":10,"d":"10.00"},{"v":1,"d":"1.00"},{"v":9900,"d":"9,900.00"}]
["1618","08区26架03层","水箱盖","07053-10000#","小松装载机","颗",{"$nulls":4},"2009-07-01",1,0.01,0.01,1,{"v":180,"d":"180.00"},{"v":10,"d":"10.00"},{"v":18,"d":"18.00"},{"v":179900,"d":"179,900.00"}]
["1619","08区26架03层","座子","6162-63-3421","小松装载机","件",{"$nulls":4},"2007-10-01",2,{"v":776.8,"d":"776.80"},{"v":1553.6,"d":"1553.60"},2,{"v":752,"d":"752.00"},{"v":10,"d":"10.00"},{"v":150.4,"d":"150.40"},-90.32]
["1620","08区26架03层","垫片","6210-61-2170#","小松装载机","件",{"$nulls":4},"2009-10-01",8,0.01,0.08,8,{"v":10,"d":"10.00"},{"v":10,"d":"10.00"},{"v":8,"d":"8.00"},{"v":9900,"d":"9,900.00"}]
["1621","08区26架03层","电机皮带轮","6207-61-3860#","小松装载机","件",{"$nulls":4},"2009-08-01",1,0.01,0.01,1,{"v":230,"d":"230.00"},{"v":10,"d":"10.00"},{"v":23,"d":"23.00"},{"v":229900,"d":"229,900.00"}]
["1622","08区26架04层","软管","07102-20315","小松装载机","件",{"$nulls":4},"2007-04-01",2,{"v":212.7,"d":"212.70"},{"v":425.4,"d":"425.40"},2,{"$nulls":3},{"v":-100,"d":"-100.00"}]
["1623","08区26架04层","软管","09483-00515#","小松装载机","件",{"$nulls":4},"2009-10-01",1,0.01,0.01,1,{"$nulls":3},{"v":-100,"d":"-100.00"}]
["1624","08区26架04层","软管","08671-40110","小松装载机","件",{"$nulls":4},"2009-10-01",1,207.95,207.95,1,{"$nulls":3},{"v":-100,"d":"-100.00"}]
["1625","08区26架04层","软管","07260-24116","小松装载机","件",{"$nulls":4},"2009-10-01",1,70.21,70.21,1,{"$nulls":3},{"v":-100,"d":"-100.00"}]
["1626","08区26架04层","软管","07102-20306","小松装载机","件",{"$nulls":4},"2009-10-01",3,225.47,676.41,3,{"$nulls":3},{"v":-100,"d":"-100.00"}]
["1627","08区26架04层","软管","427-35-12820","小松装载机","件",{"$nulls":4},"2009-10-01",3,306.51,919.53,3,{"$nulls":3},{"v":-100,"d":"-100.00"}]
["1628","08区26架04层","软管","07102-20321","小松装载机","件",{"$nulls":4},"2009-10-01",1,320.02,320.02,1,{"$nulls":3},{"v":-100,"d":"-100.00"}]
["1629","08区26架04层","软管","07102-20309","小松装载机","件",{"$nulls":4},"2009-10-01",10,250.78,{"v":2507.8,"d":"2507.80"},10,{"$nulls":3},{"v":-100,"d":"-100.00"}]
["1630","08区27架01层","软管","427-62-13341","小松装载机","件",{"$nulls":4},"2009-10-01",1,2421.04,2421.04,1,{"$nulls":3},{"v":-100,"d":"-100.00"}]
["1631","08区27架01层","软管","427-62-15640","小松装载机","件",{"$nulls":4},"2009-10-01",1,3147.18,3147.18,1,{"$nulls":3},{"v":-100,"d":"-100.00"}]
["1632","08区27架01层","软管","427-62-15630","小松装载机","件",{"$nulls":4},"2009-10-01",1,3336.49,3336.49,1,{"$nulls":3},{"v":-100,"d":"-100.00"}]
["1633","08区27架01层","软管","07261-20936#","小松装载机","件",{"$nulls":4},"2007-04-01",1,0.01,0.01,1,{"$nulls":3},{"v":-100,"d":"-100.00"}]
["1634","08区27架02层","丝杆","07950-90403#","小松装载机","件",{"$nulls":4},"2009-11-01",1,0.01,0.01,1,{"v":150,"d":"150.00"},{"v":10,"d":"10.00"},{"v":15,"d":"15.00"},{"v":149900,"d":"149,900.00"}]
["1635","08区27架02层","灯罩","421-06-13740","小松装载机","件",{"$nulls":4},"2009-07-01",12,108.43,1301.16,12,{"v":105,"d":"105.00"},{"v":10,"d":"10.00"},{"v":126,"d":"126.00"},-90.32]
["1636","08区27架02层","顶灯","421-06-13302#","小松装载机","件",{"$nulls":4},"2009-07-01",4,0.01,0.04,4,{"v":55,"d":"55.00"},{"v":10,"d":"10.00"},{"v":22,"d":"22.00"},{"v":54900,"d":"54,900.00"}]
["1637","08区27架02层","灯泡","08105-12420#","小松装载机","件",{"$nulls":4},"2009-06-01",172,0.01,1.72,172,{"v":110,"d":"110.00"},{"v":10,"d":"10.00"},{"v":1892,"d":"1,892.00"},{"v":109900,"d":"109,900.00"}]
["1638","08区27架03层","组件","1795-100-3005#","小松装载机","件",{"$nulls":4},"2009-06-01",1,0.01,0.01,1,{"v":1,"d":"1.00"},{"v":10,"d":"10.00"},{"v":0.1,"d":"0.10"},{"v":900,"d":"900.00"}]
["1639","08区27架03层","软管","6162-83-4751","小松装载机","件",{"$nulls":4},"2007-04-01",1,27.02,27.02,1,{"$nulls":3},{"v":-100,"d":"-100.00"}]
["1640","08区27架03层","软管","07260-21480#","小松装载机","件",{"$nulls":4},"2007-04-01",1,0.01,0.01,1,{"$nulls":3},{"v":-100,"d":"-100.00"}]
["1641","08区27架03层","管卡","07280-01620","小松装载机","件",{"$nulls":4},"2009-11-01",4,7.86,31.44,4,7.64,{"v":10,"d":"10.00"},3.06,-90.27]
["1642","08区27架03层","软管","07102-20428","小松装载机","件",{"$nulls":4},"2007-04-01",1,{"v":448.3,"d":"448.30"},{"v":448.3,"d":"448.30"},1,{"$nulls":3},{"v":-100,"d":"-100.00"}]
["1643","08区27架03层","垫片","426-70-11570#","小松装载机","件",{"$nulls":4},"2009-10-01",8,0.01,0.08,8,{"v":10,"d":"10.00"},{"v":10,"d":"10.00"},{"v":8,"d":"8.00"},{"v":9900,"d":"9,900.00"}]
["1644","08区27架03层","软管","426-03-11560","小松装载机","件",{"$nulls":4},"2007-04-01",1,410.65,410.65,1,{"$nulls":3},{"v":-100,"d":"-100.00"}]
["1645","08区27架04层","软管","07260-21450","小松装载机","件",{"$nulls":4},"2007-04-01",2,124.23,248.46,2,{"$nulls":3},{"v":-100,"d":"-100.00"}]
["1646","08区27架04层","软管","07108-20403","小松装载机","件",{"$nulls":4},"2007-04-01",8,248.45,{"v":1987.6,"d":"1987.60"},8,{"$nulls":3},{"v":-100,"d":"-100.00"}]
["1647","08区27架04层","软管","07260-21445","小松装载机","件",{"$nulls":4},"2007-04-01",13,112.08,1457.04,13,{"$nulls":3},{"v":-100,"d":"-100.00"}]
["1648","08区27架04层","软管","07108-20604","小松装载机","件",{"$nulls":4},"2007-04-01",2,818.22,1636.44,2,{"$nulls":3},{"v":-100,"d":"-100.00"}]
["1649","08区27架04层","回油胶管","07270-20411","小松装载机","件",{"$nulls":4},"2009-05-01",4,87.65,{"v":350.6,"d":"350.60"},4,null,null,0,{"v":-100,"d":"-100.00"}]
["1650","08区27架05层","气管","427-35-12630","小松装载机","件",{"$nulls":4},"2009-05-01",4,1190.72,4762.88,4,{"v":1180,"d":"1,180.00"},{"v":10,"d":"10.00"},{"v":472,"d":"472.00"},-90.09]
["1651","08区27架05层","气管","427-35-12650","小松装载机","件",{"$nulls":4},"2009-05-01",5,761.53,3807.65,5,{"v":722,"d":"722.00"},{"v":10,"d":"10.00"},{"v":361,"d":"361.00"},-90.52]
["1652","08区28架01层","螺栓","01050-31475","小松装载机","件",{"$nulls":4},"2007-11-01",24,9.45,{"v":226.8,"d":"226.80"},24,9.15,{"v":10,"d":"10.00"},21.96,-90.32]
["1653","08区28架02层","阀","6210-10-1340#","小松装载机","件",{"$nulls":4},"2007-12-01",48,0.01,0.48,48,{"v":200,"d":"200.00"},{"v":10,"d":"10.00"},{"v":960,"d":"960.00"},{"v":199900,"d":"199,900.00"}]
["1654","08区28架02层","垫片","01643-22460","小松装载机","件",{"$nulls":4},"2009-10-01",5,9.45,47.25,5,9.15,{"v":10,"d":"10.00"},4.58,-90.31]
["1655","08区28架02层","电磁开关","KD0-47100-3420#","小松装载机","件",{"$nulls":4},"2009-07-01",1,0.01,0.01,1,{"$nulls":3},{"v":-100,"d":"-100.00"}]
["1656","08区28架02层","螺栓","01050-31895#","小松装载机","件",{"$nulls":4},"2007-05-01",24,0.01,0.24,24,{"v":20,"d":"20.00"},{"v":10,"d":"10.00"},{"v":48,"d":"48.00"},{"v":19900,"d":"19,900.00"}]
["1657","08区28架02层","螺栓","09208-12595#","小松装载机","件",{"$nulls":4},"2007-05-01",5,0.01,0.05,5,{"v":20,"d":"20.00"},{"v":10,"d":"10.00"},{"v":10,"d":"10.00"},{"v":19900,"d":"19,900.00"}]
["1658","08区28架02层","延长件","425-30-11110#","小松装载机","件",{"$nulls":4},"2009-07-01",7,0.01,0.07,7,{"v":70,"d":"70.00"},{"v":10,"d":"10.00"},{"v":49,"d":"49.00"},{"v":69900,"d":"69,900.00"}]
["1659","08区28架03层","垫片","01643-32060#","小松装载机","件",{"$nulls":4},"2009-10-01",4,0.01,0.04,4,{"v":10,"d":"10.00"},{"v":10,"d":"10.00"},{"v":4,"d":"4.00"},{"v":9900,"d":"9,900.00"}]
["1660","08区28架03层","堵头","07046-41008","小松装载机","件",{"$nulls":4},"2009-11-01",36,4.05,{"v":145.8,"d":"145.80"},36,{"v":4,"d":"4.00"},{"v":10,"d":"10.00"},{"v":14.4,"d":"14.40"},-90.12]
["1661","08区28架03层","垫片","01641-21423","小松装载机","件",{"$nulls":4},"2009-10-01",4,3156.99,12627.96,4,{"v":3058,"d":"3,058.00"},{"v":10,"d":"10.00"},{"v":1223.2,"d":"1,223.20"},-90.31]
["1662","08区28架03层","垫片","427-70-11480#","小松装载机","件",{"$nulls":4},"2009-10-01",2,0.01,0.02,2,{"v":10,"d":"10.00"},{"v":10,"d":"10.00"},{"v":2,"d":"2.00"},{"v":9900,"d":"9,900.00"}]
["1663","08区28架03层","垫片","01641-20608","小松装载机","件",{"$nulls":4},"2009-10-01",16,0.01,0.16,16,{"v":10,"d":"10.00"},{"v":10,"d":"10.00"},{"v":16,"d":"16.00"},{"v":9900,"d":"9,900.00"}]
["1664","08区28架03层","膜动盘","425-70-11250#","小松装载机","件",{"$nulls":4},"2009-12-01",2,0.01,0.02,2,{"v":300,"d":"300.00"},{"v":10,"d":"10.00"},{"v":60,"d":"60.00"},{"v":299900,"d":"299,900.00"}]
["1665","08区28架03层","塞","07049-01620#","小松装载机","件",{"$nulls":4},"2009-08-01",15,0.01,0.15,15,{"v":150,"d":"150.00"},{"v":10,"d":"10.00"},{"v":225,"d":"225.00"},{"v":149900,"d":"149,900.00"}]
["1666","08区28架03层","螺栓","01010-31430","小松装载机","件",{"$nulls":4},"2007-05-01",4,4.05,{"v":16.2,"d":"16.20"},4,3.92,{"v":10,"d":"10.00"},1.57,-90.31]
["1667","08区28架03层","螺栓","01011-62445#","小松装载机","件",{"$nulls":4},"2007-05-01",2,0.01,0.02,2,{"v":20,"d":"20.00"},{"v":10,"d":"10.00"},{"v":4,"d":"4.00"},{"v":19900,"d":"19,900.00"}]
["1668","08区28架03层","呼吸器","424-35-15580","小松装载机","个",{"$nulls":4},"2007-03-01",4,172.84,691.36,4,{"v":167,"d":"167.00"},{"v":10,"d":"10.00"},{"v":66.8,"d":"66.80"},-90.34]
["1669","08区28架04层","管卡","07281-03209#","小松装载机","件",{"$nulls":4},"2009-11-01",1,0.01,0.01,1,20.69,{"v":10,"d":"10.00"},2.07,{"v":20600,"d":"20,600.00"}]
["1670","08区28架04层","盖子","421-04-11260","小松装载机","件",{"$nulls":4},"2009-11-01",4,445.88,1783.52,4,431.92,{"v":10,"d":"10.00"},172.77,-90.31]
["1671","08区28架04层","海绵垫","427-03-11210#","小松装载机","件",{"$nulls":4},"2009-04-01",2,0.01,0.02,2,{"v":100,"d":"100.00"},{"v":10,"d":"10.00"},{"v":20,"d":"20.00"},{"v":99900,"d":"99,900.00"}]
["1672","08区28架04层","密封","427-09-11140#","小松装载机","件",{"$nulls":4},"2009-04-01",10,659.51,{"v":6595.1,"d":"6595.10"},10,{"v":639,"d":"639.00"},{"v":10,"d":"10.00"},{"v":639,"d":"639.00"},-90.31]
["1673","08区29架01层","垫片","01643-32460#","小松装载机","件",{"$nulls":4},"2009-10-01",286,0.01,2.86,286,{"v":10,"d":"10.00"},{"v":10,"d":"10.00"},{"v":286,"d":"286.00"},{"v":9900,"d":"9,900.00"}]
["1674","08区29架01层","螺栓","02090-11475","小松装载机","件",{"$nulls":4},"2007-05-01",321,{"v":8,"d":"8.00"},{"v":2568,"d":"2568.00"},321,7.75,{"v":10,"d":"10.00"},248.78,-90.31]
["1675","08区29架01层","螺栓","01010-61640#","小松装载机","件",{"$nulls":4},"2007-05-01",4,0.01,0.04,4,{"v":20,"d":"20.00"},{"v":10,"d":"10.00"},{"v":8,"d":"8.00"},{"v":19900,"d":"19,900.00"}]
["1676","08区29架02层","转子总成","SD1221-15100XO#","小松装载机","件",{"$nulls":4},"2009-11-01",1,0.01,0.01,1,{"v":1350,"d":"1,350.00"},{"v":10,"d":"10.00"},{"v":135,"d":"135.00"},{"v":1349900,"d":"1,349,900.00"}]
["1677","08区29架02层","螺母","02290-11422","小松装载机","件",{"$nulls":4},"2007-10-01",414,9.45,{"v":3912.3,"d":"3912.30"},414,{"v":8,"d":"8.00"},{"v":10,"d":"10.00"},{"v":331.2,"d":"331.20"},-91.53]
["1678","08区29架02层","工具","792-535-2610","小松装载机","件",{"$nulls":4},"2007-02-01",1,2259.05,2259.05,1,{"v":2188,"d":"2,188.00"},{"v":10,"d":"10.00"},{"v":218.8,"d":"218.80"},-90.31]
["1679","08区29架03层","电刷","KD1-23740-0050#","小松装载机","件",{"$nulls":4},"2009-11-01",14,0.01,0.14,14,{"v":285.6,"d":"285.60"},{"v":10,"d":"10.00"},399.84,{"v":285500,"d":"285,500.00"}]
["1680","08区29架03层","修理包","KD7-09210-1000#","小松装载机","件",{"$nulls":4},"2007-03-01",5,0.01,0.05,5,{"v":26,"d":"26.00"},{"v":10,"d":"10.00"},{"v":13,"d":"13.00"},{"v":25900,"d":"25,900.00"}]
["1681","08区29架03层","软管","09483-00512","小松装载机","件",{"$nulls":4},"2007-04-01",1,241.85,241.85,1,{"$nulls":3},{"v":-100,"d":"-100.00"}]
["1682","08区29架04层","驱动器","796-567-1030#","小松装载机","件",{"$nulls":4},"2009-10-01",1,0.01,0.01,1,{"v":650,"d":"650.00"},{"v":10,"d":"10.00"},{"v":65,"d":"65.00"},{"v":649900,"d":"649,900.00"}]
["1683","08区29架04层","灯泡","08110-12410#","小松装载机","件",{"$nulls":4},"2009-06-01",30,0.01,{"v":0.3,"d":"0.30"},30,{"v":110,"d":"110.00"},{"v":10,"d":"10.00"},{"v":330,"d":"330.00"},{"v":109900,"d":"109,900.00"}]
["1684","08区29架04层","定子","SD1211-40300XO#","小松装载机","件",{"$nulls":4},"2009-05-01",1,0.01,0.01,1,{"v":10,"d":"10.00"},{"v":10,"d":"10.00"},{"v":1,"d":"1.00"},{"v":9900,"d":"9,900.00"}]
["1685","08区29架04层","过滤器元件","285-62-17320","小松装载机","件",{"$nulls":4},"2009-10-01",120,56.59,{"v":6790.8,"d":"6790.80"},120,54.82,{"v":10,"d":"10.00"},657.84,-90.31]
["1686","08区29架05层","垫片","6215-61-2810","小松装载机","件",{"$nulls":4},"2009-10-01",4,58.07,232.28,4,56.25,{"v":10,"d":"10.00"},{"v":22.5,"d":"22.50"},-90.31]
["1687","08区29架05层","滤网","427-60-15320#","小松装载机","件",{"$nulls":4},"2009-06-01",2,0.01,0.02,2,{"$nulls":3},{"v":-100,"d":"-100.00"}]
["1688","08区29架05层","灯罩","22W-06-12320#","小松装载机","件",{"$nulls":4},"2009-07-01",2,{"v":26.4,"d":"26.40"},{"v":52.8,"d":"52.80"},2,25.57,{"v":10,"d":"10.00"},5.11,-90.32]
["1689","08区29排01层","垫片","01643-32460","小松装载机","件",{"$nulls":4},"2009-10-01",50,21.36,{"v":1068,"d":"1068.00"},50,20.69,{"v":10,"d":"10.00"},103.45,-90.31]
["1690","08区30架01层","电气配线","426-06-12335","小松装载机","件",{"$nulls":4},"2011-11-01",1,16891.48,16891.48,1,{"v":15336.94,"d":"15,336.94"},{"v":11,"d":"11.00"},{"v":1687.06,"d":"1,687.06"},-90.01]
["1691","08区30架02层","软管","07102-21408","小松装载机","件",{"$nulls":4},"2007-04-01",3,1944.16,5832.48,3,{"$nulls":3},{"v":-100,"d":"-100.00"}]
["1692","08区30架03层","皮带","04120-22570#","小松装载机","件",{"$nulls":4},"2009-08-01",12,0.01,0.12,12,{"v":39,"d":"39.00"},{"v":10,"d":"10.00"},{"v":46.8,"d":"46.80"},{"v":38900,"d":"38,900.00"}]
["1693","08区30架03层","皮带","04120-22568#","小松装载机","件",{"$nulls":4},"2009-08-01",6,0.01,0.06,6,{"v":39,"d":"39.00"},{"v":10,"d":"10.00"},{"v":23.4,"d":"23.40"},{"v":38900,"d":"38,900.00"}]
["1694","08区30架04层","软管","07260-21463","小松装载机","件",{"$nulls":4},"2009-10-01",2,159.33,318.66,2,{"$nulls":3},{"v":-100,"d":"-100.00"}]
["1695","08区30架04层","油尺","6215-21-5343","小松装载机","件",{"$nulls":4},"2007-03-01",1,129.63,129.63,1,126.65,{"v":10,"d":"10.00"},12.67,-90.23]
["1696","08区30架04层","软管","07260-21422","小松装载机","件",{"$nulls":4},"2009-10-01",2,54.01,108.02,2,{"$nulls":3},{"v":-100,"d":"-100.00"}]
["1697","08区30架04层","软管","07260-20936","小松装载机","件",{"$nulls":4},"2009-10-01",1,67.51,67.51,1,{"$nulls":3},{"v":-100,"d":"-100.00"}]
["1698","08区30架04层","软管","07102-20303#","小松装载机","件",{"$nulls":4},"2009-10-01",2,0.01,0.02,2,{"$nulls":3},{"v":-100,"d":"-100.00"}]
["1699","08区30架05层","皮带","04122-22570","小松装载机","个",{"$nulls":4},"2009-08-01",1,1090.85,1090.85,1,{"v":1057,"d":"1,057.00"},{"v":10,"d":"10.00"},{"v":105.7,"d":"105.70"},-90.31]
["1700","08区30排02层","软管","07260-29928","小松装载机","个",{"$nulls":4},"2009-10-01",1,788.47,788.47,1,{"$nulls":3},{"v":-100,"d":"-100.00"}]
["1701","08区31架02层","开口环","07179-13136","小松装载机","件",{"$nulls":4},"2009-09-01",6,59.02,354.12,6,56.34,{"v":10,"d":"10.00"},{"v":33.8,"d":"33.80"},-90.46]
["1702","08区31架02层","阀","205-60-51390#","小松装载机","件",{"$nulls":4},"2007-12-01",1,0.01,0.01,1,{"v":200,"d":"200.00"},{"v":10,"d":"10.00"},{"v":20,"d":"20.00"},{"v":199900,"d":"199,900.00"}]
["1703","08区31架02层","密封","6162-63-6880#","小松装载机","件",{"$nulls":4},"2009-04-01",1,0.01,0.01,1,{"v":1,"d":"1.00"},{"v":10,"d":"10.00"},{"v":0.1,"d":"0.10"},{"v":900,"d":"900.00"}]
["1704","08区31架02层","滤网","07056-00048#","小松装载机","件",{"$nulls":4},"2009-06-01",4,0.01,0.04,4,{"$nulls":3},{"v":-100,"d":"-100.00"}]
["1705","08区31架02层","螺栓","01010-32070#","小松装载机","件",{"$nulls":4},"2007-05-01",6,0.01,0.06,6,{"v":20,"d":"20.00"},{"v":10,"d":"10.00"},{"v":12,"d":"12.00"},{"v":19900,"d":"19,900.00"}]
["1706","08区31架02层","衬套","421-40-12430","小松装载机","件",{"$nulls":4},"2007-06-01",1,147.18,147.18,1,142.57,{"v":10,"d":"10.00"},14.26,-90.31]
["1707","08区31架03层","阀","421-35-12190","小松装载机","件",{"$nulls":4},"2011-10-01",13,414.76,5391.88,13,{"v":396,"d":"396.00"},{"v":10,"d":"10.00"},{"v":514.8,"d":"514.80"},-90.45]
["1708","08区31架03层","密封","07000-05320","小松装载机","件",{"$nulls":4},"2009-04-01",2,148.97,297.94,2,{"v":144,"d":"144.00"},{"v":10,"d":"10.00"},{"v":28.8,"d":"28.80"},-90.33]
["1709","08区31架03层","密封","419-09-11110","小松装载机","件",{"$nulls":4},"2009-04-01",2,178.33,356.66,2,{"v":173,"d":"173.00"},{"v":10,"d":"10.00"},{"v":34.6,"d":"34.60"},{"v":-90.3,"d":"-90.30"}]
["1710","08区31架03层","密封","07000-05310","小松装载机","件",{"$nulls":4},"2009-04-01",6,142.33,853.98,6,{"v":138,"d":"138.00"},{"v":10,"d":"10.00"},{"v":82.8,"d":"82.80"},{"v":-90.3,"d":"-90.30"}]
["1711","08区31架03层","传感器","7861-99-1500","小松装载机","件",{"$nulls":4},"2009-10-01",3,2232.73,6698.19,3,{"v":2200,"d":"2,200.00"},{"v":10,"d":"10.00"},{"v":660,"d":"660.00"},-90.15]
["1712","08区32架01层","十字节","427-20-12620#","小松装载机","件",{"$nulls":4},"2009-10-01",5,0.01,0.05,5,{"v":1500,"d":"1,500.00"},{"v":10,"d":"10.00"},{"v":750,"d":"750.00"},{"v":1499900,"d":"1,499,900.00"}]
["1713","08区32架01层","螺栓","419-09-11180","小松装载机","件",{"$nulls":4},"2011-10-01",8,414.32,3314.56,8,{"v":378,"d":"378.00"},{"v":10,"d":"10.00"},{"v":302.4,"d":"302.40"},-90.88]
["1714","08区32架02层","制动器","427-32-15100","小松装载机","件",{"$nulls":4},"2011-10-01",2,22956.44,45912.88,2,{"v":21000,"d":"21,000.00"},{"v":10,"d":"10.00"},{"v":4200,"d":"4,200.00"},-90.85]
["1715","08区32架02层","制动盘","427-32-15410","小松装载机","件",{"$nulls":4},"2011-10-01",2,12071.86,24143.72,2,{"v":11671,"d":"11,671.00"},{"v":10,"d":"10.00"},{"v":2334.2,"d":"2,334.20"},-90.33]
["1716","08区32架03层","垫片","427-975-1120","小松装载机","件",{"$nulls":4},"2011-10-01",8,744.94,5959.52,8,731.96,{"v":10,"d":"10.00"},585.57,-90.17]
["1717","08区32架03层","电线","428-06-12360","小松装载机","件",{"$nulls":4},"2010-10-01",1,{"v":215.7,"d":"215.70"},{"v":215.7,"d":"215.70"},1,{"v":205,"d":"205.00"},{"v":10,"d":"10.00"},{"v":20.5,"d":"20.50"},{"v":-90.5,"d":"-90.50"}]
["1718","08区32架03层","电线","428-06-12650","小松装载机","件",{"$nulls":4},"2010-10-01",1,342.64,342.64,1,{"v":325,"d":"325.00"},{"v":10,"d":"10.00"},{"v":32.5,"d":"32.50"},-90.51]
["1719","08区32架03层","电气配线","424-15-17212","小松装载机","颗",{"$nulls":4},"2011-11-01",1,2989.38,2989.38,1,{"v":2600,"d":"2,600.00"},{"v":11,"d":"11.00"},{"v":286,"d":"286.00"},-90.43]
["1720","08区32架03层","垫片","426-09-11510","小松装载机","件",{"$nulls":4},"2009-10-01",8,247.16,1977.28,8,242.17,{"v":10,"d":"10.00"},193.74,{"v":-90.2,"d":"-90.20"}]
["1721","08区32架03层","钢丝总成","426-06-12930","小松装载机","件",{"$nulls":4},"2009-10-01",1,812.59,812.59,1,787.16,{"v":10,"d":"10.00"},78.72,-90.31]
["1722","08区32架03层","电线","428-06-12420","小松装载机","件",{"$nulls":4},"2009-10-01",1,635.69,635.69,1,{"v":618,"d":"618.00"},{"v":10,"d":"10.00"},{"v":61.8,"d":"61.80"},-90.28]
["1723","08区32架03层","电气配线","427-S33-1481","小松装载机","件",{"$nulls":4},"2012-05-01",1,2170.51,2170.51,1,{"v":2103,"d":"2,103.00"},{"v":16,"d":"16.00"},336.48,{"v":-84.5,"d":"-84.50"}]
["1724","08区32架04层","电气配线","426-06-12314(426-06-12315)","小松装载机","件",{"$nulls":4},"2011-11-01",1,4841.92,4841.92,1,{"v":4743.75,"d":"4,743.75"},{"v":11,"d":"11.00"},521.81,-89.22]
["1725","08区32架04层","电气配线","426-06-12144","小松装载机","件",{"$nulls":4},"2011-11-01",1,4635.68,4635.68,1,{"v":4374,"d":"4,374.00"},{"v":11,"d":"11.00"},481.14,-89.62]
["1726","08区32架04层","钢丝","426-06-12830","小松装载机","件",{"$nulls":4},"2011-11-01",1,2923.08,2923.08,1,{"v":2831.59,"d":"2,831.59"},{"v":11,"d":"11.00"},311.47,-89.34]
["1727","08区32架04层","钢丝总成","426-06-12132","小松装载机","件",{"$nulls":4},"2011-11-01",1,971.57,971.57,1,941.16,{"v":11,"d":"11.00"},103.53,-89.34]
["1728","08区32架04层","电气配线","426-06-12162","小松装载机","件",{"$nulls":4},"2011-11-01",1,589.28,589.28,1,{"v":500,"d":"500.00"},{"v":11,"d":"11.00"},{"v":55,"d":"55.00"},-90.67]
["1729","08区32架05层","工具","790-101-2300#","小松装载机","件",{"$nulls":4},"2009-02-01",2,0.01,0.02,2,{"v":189,"d":"189.00"},{"v":10,"d":"10.00"},{"v":37.8,"d":"37.80"},{"v":188900,"d":"188,900.00"}]
["1730","08区32架06层","修理包","427-33-05011","小松装载机","件",{"$nulls":4},"2009-03-01",1,{"v":6651.3,"d":"6651.30"},{"v":6651.3,"d":"6651.30"},1,{"v":6551,"d":"6,551.00"},{"v":10,"d":"10.00"},{"v":655.1,"d":"655.10"},-90.15]
["1731","08区33架01层","软管","07297-01418#","小松装载机","件",{"$nulls":4},"2009-10-01",1,0.01,0.01,1,{"$nulls":3},{"v":-100,"d":"-100.00"}]
["1732","08区33架01层","软管","427-62-15280","小松装载机","件",{"$nulls":4},"2009-10-01",2,{"v":4258.7,"d":"4258.70"},{"v":8517.4,"d":"8517.40"},2,{"$nulls":3},{"v":-100,"d":"-100.00"}]
["1733","08区33架02层","软管","421-35-14190","小松装载机","件",{"$nulls":4},"2011-12-01",2,851.27,1702.54,2,{"$nulls":3},{"v":-100,"d":"-100.00"}]
["1734","08区33架02层","软管","07102-20206","小松装载机","件",{"$nulls":4},"2007-04-01",2,158.75,{"v":317.5,"d":"317.50"},2,{"$nulls":3},{"v":-100,"d":"-100.00"}]
["1735","08区33架02层","软管","07102-20218","小松装载机","件",{"$nulls":4},"2007-04-01",3,178.25,534.75,3,{"$nulls":3},{"v":-100,"d":"-100.00"}]
["1736","08区33架02层","软管","421-35-14330","小松装载机","件",{"$nulls":4},"2007-04-01",1,168.87,168.87,1,{"$nulls":3},{"v":-100,"d":"-100.00"}]
["1737","08区33架02层","软管","07102-20307#","小松装载机","件",{"$nulls":4},"2007-04-01",3,165.49,496.47,3,{"$nulls":3},{"v":-100,"d":"-100.00"}]
["1738","08区33架03层","软管","427-35-12840","小松装载机","件",{"$nulls":4},"2007-04-01",2,336.14,672.28,2,{"$nulls":3},{"v":-100,"d":"-100.00"}]
["1739","08区33架04层","灯泡","22W-06-12170#","小松装载机","件",{"$nulls":4},"2009-06-01",82,0.01,0.82,82,{"v":110,"d":"110.00"},{"v":10,"d":"10.00"},{"v":902,"d":"902.00"},{"v":109900,"d":"109,900.00"}]
["1740","08区33架05层","工作灯","421-06-13202","小松装载机","件",{"$nulls":4},"2009-10-01",9,706.67,6360.03,9,{"v":680,"d":"680.00"},{"v":10,"d":"10.00"},{"v":612,"d":"612.00"},-90.38]
["1741","08区33架05层","灯总成","421-06-13102","小松装载机","件",{"$nulls":4},"2009-05-01",8,901.94,7215.52,8,{"v":900,"d":"900.00"},{"v":10,"d":"10.00"},{"v":720,"d":"720.00"},-90.02]
["1742","09区01架02层","密封","8N0788","卡特设备","件",{"$nulls":4},"2009-06-01",1,{"v":217.4,"d":"217.40"},{"v":217.4,"d":"217.40"},1,{"v":211,"d":"211.00"},{"v":10,"d":"10.00"},{"v":21.1,"d":"21.10"},-90.29]
["1743","09区01架02层","耙齿","6Y0309#","卡特设备","件",{"$nulls":4},"2009-05-01",2,0.01,0.02,2,{"v":58,"d":"58.00"},{"v":10,"d":"10.00"},{"v":11.6,"d":"11.60"},{"v":57900,"d":"57,900.00"}]
["1744","09区01架02层","螺栓","4D8695","卡特设备","件",{"$nulls":4},"2011-10-01",74,319.63,23652.62,74,{"v":270,"d":"270.00"},{"v":10,"d":"10.00"},{"v":1998,"d":"1,998.00"},-91.55]
["1745","09区01架02层","轴承","6Y3484","卡特设备","件",{"$nulls":4},"2012-08-01",1,302.54,302.54,1,{"v":300,"d":"300.00"},{"v":19,"d":"19.00"},{"v":57,"d":"57.00"},-81.16]
["1746","09区01架02层","螺栓","8S4756","卡特设备","件",{"$nulls":4},"2007-06-01",53,47.99,2543.47,53,{"v":42,"d":"42.00"},{"v":10,"d":"10.00"},{"v":222.6,"d":"222.60"},-91.25]
["1747","09区01架03层","支撑环","7Y1257","卡特设备","件",{"$nulls":4},"2009-11-01",6,113.77,682.62,6,{"v":85,"d":"85.00"},{"v":10,"d":"10.00"},{"v":51,"d":"51.00"},-92.53]
["1748","09区01架03层","螺母","5D0765","卡特设备","件",{"$nulls":4},"2012-02-01",63,114.84,7234.92,63,{"v":90,"d":"90.00"},{"v":14,"d":"14.00"},{"v":793.8,"d":"793.80"},-89.03]
["1749","09区01架03层","垫圈","5D0754","卡特设备","件",{"$nulls":4},"2013-04-01",1,36.92,36.92,1,{"v":30,"d":"30.00"},{"v":25,"d":"25.00"},{"v":7.5,"d":"7.50"},-79.69]
["1750","09区01架03层","轴承","6B4661","卡特设备","件",{"$nulls":4},"2012-08-01",1,66.67,66.67,1,{"v":56,"d":"56.00"},{"v":19,"d":"19.00"},10.64,-84.04]
["1751","09区01架03层","卡环","7T1885","卡特设备","件",{"$nulls":4},"2007-09-01",4,55.99,223.96,4,48.76,{"v":10,"d":"10.00"},{"v":19.5,"d":"19.50"},-91.29]
["1752","09区01架03层","轴承","6Y7599","卡特设备","件",{"$nulls":4},"2012-08-01",4,1395.63,5582.52,4,{"v":1380,"d":"1,380.00"},{"v":19,"d":"19.00"},{"v":1048.8,"d":"1,048.80"},-81.21]
["1753","09区01架03层","油封","5J7013","卡特设备","件",{"$nulls":4},"2009-05-01",3,230.93,692.79,3,{"v":230,"d":"230.00"},{"v":10,"d":"10.00"},{"v":69,"d":"69.00"},-90.04]
["1754","09区01架04层","玻璃","8Y6419#","卡特设备","件",{"$nulls":4},"2009-05-01",2,0.01,0.02,2,{"$nulls":3},{"v":-100,"d":"-100.00"}]
["1755","09区01架04层","玻璃","6I5416#","卡特设备","件",{"$nulls":4},"2009-05-01",1,0.01,0.01,1,{"$nulls":3},{"v":-100,"d":"-100.00"}]
["1756","09区01架04层","轴承","6Y9885","卡特设备","件",{"$nulls":4},"2009-05-01",16,338.93,5422.88,16,{"v":306,"d":"306.00"},{"v":10,"d":"10.00"},{"v":489.6,"d":"489.60"},-90.97]
["1757","09区01架04层","垫块","9X6743#","卡特设备","件",{"$nulls":4},"2009-05-01",1,0.01,0.01,1,{"v":50,"d":"50.00"},{"v":10,"d":"10.00"},{"v":5,"d":"5.00"},{"v":49900,"d":"49,900.00"}]
["1758","09区01架04层","摩擦片","6Y9807","卡特设备","件",{"$nulls":4},"2009-05-01",9,834.49,7510.41,9,{"v":620,"d":"620.00"},{"v":10,"d":"10.00"},{"v":558,"d":"558.00"},-92.57]
["1759","09区01架04层","卡箍","5P3860","卡特设备","件",{"$nulls":4},"2009-10-01",8,53.86,430.88,8,{"v":50,"d":"50.00"},{"v":10,"d":"10.00"},{"v":40,"d":"40.00"},-90.72]
["1760","09区01架05层","线束","6Y4580","卡特设备","件",{"$nulls":4},"2011-10-01",1,1279.91,1279.91,1,{"v":1150,"d":"1,150.00"},{"v":10,"d":"10.00"},{"v":115,"d":"115.00"},-91.01]
["1761","09区01架1层","涡轮","9Y1669#","卡特设备","件",{"$nulls":4},"2012-08-01",2,0.01,0.02,2,{"v":480,"d":"480.00"},{"v":19,"d":"19.00"},{"v":182.4,"d":"182.40"},{"v":911900,"d":"911,900.00"}]
["1762","09区01架1层","螺栓","0S1594","卡特设备","件",{"$nulls":4},"2007-06-01",83,2.25,186.75,83,1.86,{"v":10,"d":"10.00"},15.44,-91.73]
["1763","09区01架1层","螺母","1D0906","卡特设备","件",{"$nulls":4},"2012-02-01",3,158.78,476.34,3,{"v":142.5,"d":"142.50"},{"v":14,"d":"14.00"},59.85,-87.44]
["1764","09区01架1层","铁管","7N1430","卡特设备","件",{"$nulls":4},"2012-02-01",4,2710.98,10843.92,4,{"v":2680,"d":"2,680.00"},{"v":14,"d":"14.00"},{"v":1500.8,"d":"1,500.80"},-86.16]
["1765","09区01架1层","销","11037454#","卡特设备","件",{"$nulls":4},"2009-05-01",2,0.01,0.02,2,{"v":10,"d":"10.00"},{"v":10,"d":"10.00"},{"v":2,"d":"2.00"},{"v":9900,"d":"9,900.00"}]
["1766","09区01架1层","手柄","8Y4820#","卡特设备","件",{"$nulls":4},"2009-05-01",1,0.01,0.01,1,{"v":30,"d":"30.00"},{"v":10,"d":"10.00"},{"v":3,"d":"3.00"},{"v":29900,"d":"29,900.00"}]
["1767","09区01架1层","油封","7X2735#","卡特设备","件",{"$nulls":4},"2009-05-01",2,0.01,0.02,2,{"v":75,"d":"75.00"},{"v":10,"d":"10.00"},{"v":15,"d":"15.00"},{"v":74900,"d":"74,900.00"}]
["1768","09区01架1层","表","5L9894#","卡特设备","件",{"$nulls":4},"2009-05-01",1,0.01,0.01,1,{"v":380,"d":"380.00"},{"v":10,"d":"10.00"},{"v":38,"d":"38.00"},{"v":379900,"d":"379,900.00"}]
["1769","09区01排03层","销","6T0609","卡特设备","件",{"$nulls":4},"2014-09-01",16,66.56,1064.96,16,{"v":55,"d":"55.00"},{"v":39,"d":"39.00"},{"v":343.2,"d":"343.20"},-67.77]
["1770","09区02架01层","软管","6Y1520","卡特设备","件",{"$nulls":4},"2009-06-01",1,297.74,297.74,1,{"$nulls":3},{"v":-100,"d":"-100.00"}]
["1771","09区02架01层","软管","6Y6041#","卡特设备","件",{"$nulls":4},"2009-06-01",1,0.01,0.01,1,{"$nulls":3},{"v":-100,"d":"-100.00"}]
["1772","09区02架01层","软管","223-6643","卡特设备","件",{"$nulls":4},"2009-06-01",2,2844.11,5688.22,2,{"$nulls":3},{"v":-100,"d":"-100.00"}]
["1773","09区02架01层","软管","9W2885","卡特设备","件",{"$nulls":4},"2009-06-01",10,555.65,{"v":5556.5,"d":"5556.50"},10,{"$nulls":3},{"v":-100,"d":"-100.00"}]
["1774","09区02架01层","软管","3S8503","卡特设备","件",{"$nulls":4},"2009-06-01",3,1228.25,3684.75,3,{"$nulls":3},{"v":-100,"d":"-100.00"}]
["1775","09区02架02层","夹子","7N2059","卡特设备","件",{"$nulls":4},"2007-10-01",2,186.49,372.98,2,180.65,{"v":10,"d":"10.00"},36.13,-90.31]
["1776","09区02架02层","垫圈","8T4121","卡特设备","件",{"$nulls":4},"2013-04-01",21,2.25,47.25,21,{"v":2,"d":"2.00"},{"v":25,"d":"25.00"},{"v":10.5,"d":"10.50"},-77.78]
["1777","09区02架02层","油封","11035516#","卡特设备","件",{"$nulls":4},"2009-05-01",6,0.01,0.06,6,{"v":75,"d":"75.00"},{"v":10,"d":"10.00"},{"v":45,"d":"45.00"},{"v":74900,"d":"74,900.00"}]
["1778","09区02架02层","灯","40242R#","卡特设备","套",{"$nulls":4},"2009-06-01",4,0.01,0.04,4,{"v":25,"d":"25.00"},{"v":10,"d":"10.00"},{"v":10,"d":"10.00"},{"v":24900,"d":"24,900.00"}]
["1779","09区02架02层","灯","10202Y#","卡特设备","件",{"$nulls":4},"2009-05-01",2,0.01,0.02,2,{"v":25,"d":"25.00"},{"v":10,"d":"10.00"},{"v":5,"d":"5.00"},{"v":24900,"d":"24,900.00"}]
["1780","09区02架02层","垫圈","8T4223","卡特设备","件",{"$nulls":4},"2013-04-01",98,2.74,268.52,98,2.05,{"v":25,"d":"25.00"},50.23,-81.29]
["1781","09区02架02层","灯","10202R#","卡特设备","件",{"$nulls":4},"2009-06-01",5,0.01,0.05,5,{"v":25,"d":"25.00"},{"v":10,"d":"10.00"},{"v":12.5,"d":"12.50"},{"v":24900,"d":"24,900.00"}]
["1782","09区02架02层","油封","11037744#","卡特设备","件",{"$nulls":4},"2009-06-01",4,0.01,0.04,4,{"v":75,"d":"75.00"},{"v":10,"d":"10.00"},{"v":30,"d":"30.00"},{"v":74900,"d":"74,900.00"}]
["1783","09区02架02层","O-型密封","62102300#","卡特设备","件",{"$nulls":4},"2009-06-01",1,0.01,0.01,1,{"v":1,"d":"1.00"},{"v":10,"d":"10.00"},{"v":0.1,"d":"0.10"},{"v":900,"d":"900.00"}]
["1784","09区02架02层","灯泡","800203#","卡特设备","件",{"$nulls":4},"2009-06-01",10,0.01,{"v":0.1,"d":"0.10"},10,{"v":25,"d":"25.00"},{"v":10,"d":"10.00"},{"v":25,"d":"25.00"},{"v":24900,"d":"24,900.00"}]
["1785","09区02架02层","间隔垫","137-8479","卡特设备","件",{"$nulls":4},"2007-09-01",8,{"v":150.2,"d":"150.20"},{"v":1201.6,"d":"1201.60"},8,{"$nulls":3},{"v":-100,"d":"-100.00"}]
["1786","09区02架03层","螺母","7F2060#","卡特设备","件",{"$nulls":4},"2009-06-01",1,0.01,0.01,1,{"v":20,"d":"20.00"},{"v":10,"d":"10.00"},{"v":2,"d":"2.00"},{"v":19900,"d":"19,900.00"}]
["1787","09区02架03层","螺丝","8F0539#","卡特设备","件",{"$nulls":4},"2009-10-01",2,0.01,0.02,2,{"v":6.5,"d":"6.50"},{"v":10,"d":"10.00"},{"v":1.3,"d":"1.30"},{"v":6400,"d":"6,400.00"}]
["1788","09区02架03层","螺栓","1A3203","卡特设备","件",{"$nulls":4},"2007-06-01",5,2.57,12.85,5,2.49,{"v":10,"d":"10.00"},1.25,-90.27]
["1789","09区02架03层","螺母","7F2050#","卡特设备","件",{"$nulls":4},"2009-06-01",1,0.01,0.01,1,{"v":20,"d":"20.00"},{"v":10,"d":"10.00"},{"v":2,"d":"2.00"},{"v":19900,"d":"19,900.00"}]
["1790","09区02架03层","阀","143-2404","卡特设备","件",{"$nulls":4},"2009-07-01",1,1712.68,1712.68,1,{"v":1585,"d":"1,585.00"},{"v":10,"d":"10.00"},{"v":158.5,"d":"158.50"},-90.75]
["1791","09区02架03层","接头","009","卡特设备","件",{"$nulls":4},"2009-01-01",5,0.01,0.05,5,{"v":7,"d":"7.00"},{"v":10,"d":"10.00"},{"v":3.5,"d":"3.50"},{"v":6900,"d":"6,900.00"}]
["1792","09区02架03层","三通","002-5299#","卡特设备","件",{"$nulls":4},"2007-06-01",4,0.01,0.04,4,{"v":10.5,"d":"10.50"},{"v":10,"d":"10.00"},{"v":4.2,"d":"4.20"},{"v":10400,"d":"10,400.00"}]
["1793","09区02架03层","O-型密封","7D9749","卡特设备","件",{"$nulls":4},"2009-06-01",3,27.55,82.65,3,{"v":27,"d":"27.00"},{"v":10,"d":"10.00"},{"v":8.1,"d":"8.10"},{"v":-90.2,"d":"-90.20"}]
["1794","09区02架03层","油封","8X2007","卡特设备","个",{"$nulls":4},"2009-06-01",3,175.98,527.94,3,{"v":170,"d":"170.00"},{"v":10,"d":"10.00"},{"v":51,"d":"51.00"},-90.34]
["1795","09区02架03层","密封","7G4332","卡特设备","件",{"$nulls":4},"2009-06-01",32,2.12,67.84,32,{"v":2,"d":"2.00"},{"v":10,"d":"10.00"},{"v":6.4,"d":"6.40"},-90.57]
["1796","09区02架03层","螺栓","9T5110","卡特设备","件",{"$nulls":4},"2007-06-01",4,68.97,275.88,4,{"v":55,"d":"55.00"},{"v":10,"d":"10.00"},{"v":22,"d":"22.00"},-92.03]
["1797","09区02架03层","塞子","11024551#","卡特设备","件",{"$nulls":4},"2009-08-01",1,0.01,0.01,1,{"v":11.8,"d":"11.80"},{"v":10,"d":"10.00"},1.18,{"v":11700,"d":"11,700.00"}]
["1798","09区02架03层","销","7M9072#","卡特设备","颗",{"$nulls":4},"2009-07-01",1,0.01,0.01,1,{"v":10,"d":"10.00"},{"v":10,"d":"10.00"},{"v":1,"d":"1.00"},{"v":9900,"d":"9,900.00"}]
["1799","09区02架04层","O-型密封","62102050#","卡特设备","件",{"$nulls":4},"2009-08-01",7,0.01,0.07,7,{"v":1,"d":"1.00"},{"v":10,"d":"10.00"},{"v":0.7,"d":"0.70"},{"v":900,"d":"900.00"}]
["1800","09区02架04层","O-型密封","61100120#","卡特设备","件",{"$nulls":4},"2009-06-01",1,0.01,0.01,1,{"v":1,"d":"1.00"},{"v":10,"d":"10.00"},{"v":0.1,"d":"0.10"},{"v":900,"d":"900.00"}]
["1801","09区02架04层","油封","67260950#","卡特设备","根",{"$nulls":4},"2009-06-01",3,0.01,0.03,3,{"v":75,"d":"75.00"},{"v":10,"d":"10.00"},{"v":22.5,"d":"22.50"},{"v":74900,"d":"74,900.00"}]
["1802","09区02架04层","环","68260600#","卡特设备","件",{"$nulls":4},"2009-07-01",2,0.01,0.02,2,{"v":9.9,"d":"9.90"},{"v":10,"d":"10.00"},1.98,{"v":9800,"d":"9,800.00"}]
["1803","09区02架04层","O-型密封","61100900#","卡特设备","件",{"$nulls":4},"2009-07-01",1,0.01,0.01,1,{"v":1,"d":"1.00"},{"v":10,"d":"10.00"},{"v":0.1,"d":"0.10"},{"v":900,"d":"900.00"}]
["1804","09区02架04层","O-型密封","61100160#","卡特设备","件",{"$nulls":4},"2009-06-01",1,0.01,0.01,1,{"v":1,"d":"1.00"},{"v":10,"d":"10.00"},{"v":0.1,"d":"0.10"},{"v":900,"d":"900.00"}]
["1805","09区02架04层","O-型密封","62100350#","卡特设备","件",{"$nulls":4},"2009-07-01",2,0.01,0.02,2,{"v":1,"d":"1.00"},{"v":10,"d":"10.00"},{"v":0.2,"d":"0.20"},{"v":900,"d":"900.00"}]
["1806","09区02架04层","环","68262050#","卡特设备","件",{"$nulls":4},"2009-07-01",7,0.01,0.07,7,8.72,{"v":10,"d":"10.00"},{"v":6.1,"d":"6.10"},{"v":8614.29,"d":"8,614.29"}]
["1807","09区02架04层","O-型密封","61101050#","卡特设备","件",{"$nulls":4},"2009-05-01",1,0.01,0.01,1,{"v":1,"d":"1.00"},{"v":10,"d":"10.00"},{"v":0.1,"d":"0.10"},{"v":900,"d":"900.00"}]
["1808","09区02架04层","O-型密封","61100950#","卡特设备","件",{"$nulls":4},"2009-07-01",3,0.01,0.03,3,{"v":1,"d":"1.00"},{"v":10,"d":"10.00"},{"v":0.3,"d":"0.30"},{"v":900,"d":"900.00"}]
["1809","09区02架04层","垫片","64121550#","卡特设备","件",{"$nulls":4},"2009-06-01",3,0.01,0.03,3,{"v":12,"d":"12.00"},{"v":10,"d":"10.00"},{"v":3.6,"d":"3.60"},{"v":11900,"d":"11,900.00"}]
["1810","09区02架04层","组件","8C0614#","卡特设备","件",{"$nulls":4},"2009-07-01",1,0.01,0.01,1,{"v":2000,"d":"2,000.00"},{"v":10,"d":"10.00"},{"v":200,"d":"200.00"},{"v":1999900,"d":"1,999,900.00"}]
["1811","09区02架04层","垫片","64651550#","卡特设备","米",{"$nulls":4},"2009-08-01",1,0.01,0.01,1,{"v":12,"d":"12.00"},{"v":10,"d":"10.00"},{"v":1.2,"d":"1.20"},{"v":11900,"d":"11,900.00"}]
["1812","09区02架04层","O-型密封","61100400#","卡特设备","件",{"$nulls":4},"2009-05-01",1,0.01,0.01,1,{"v":1,"d":"1.00"},{"v":10,"d":"10.00"},{"v":0.1,"d":"0.10"},{"v":900,"d":"900.00"}]
["1813","09区02架05层","软管","223-6642","卡特设备","件",{"$nulls":4},"2009-06-01",1,2844.11,2844.11,1,{"$nulls":3},{"v":-100,"d":"-100.00"}]
["1814","09区02架05层","软管","236-2802","卡特设备","件",{"$nulls":4},"2009-06-01",1,2844.11,2844.11,1,{"$nulls":3},{"v":-100,"d":"-100.00"}]
["1815","09区02架06层","油尺","2G8514","卡特设备","件",{"$nulls":4},"2010-09-01",1,273.75,273.75,1,{"v":265,"d":"265.00"},{"v":10,"d":"10.00"},{"v":26.5,"d":"26.50"},-90.32]
["1816","09区02架06层","皮带","1W2934","卡特设备","件",{"$nulls":4},"2011-08-01",11,84.47,929.17,11,{"v":83.3,"d":"83.30"},{"v":10,"d":"10.00"},91.63,-90.14]
["1817","09区02架06层","软管","6N3356","卡特设备","件",{"$nulls":4},"2009-06-01",1,356.86,356.86,1,{"$nulls":3},{"v":-100,"d":"-100.00"}]
["1818","09区02架06层","管","7Y1391","卡特设备","件",{"$nulls":4},"2011-08-01",2,{"v":92.3,"d":"92.30"},{"v":184.6,"d":"184.60"},2,{"v":85,"d":"85.00"},{"v":10,"d":"10.00"},{"v":17,"d":"17.00"},-90.79]
["1819","09区02架06层","垫片","161-7294","卡特设备","件",{"$nulls":4},"2009-05-01",2,{"v":1502.5,"d":"1502.50"},{"v":3005,"d":"3005.00"},2,{"v":1440.72,"d":"1,440.72"},{"v":10,"d":"10.00"},288.14,-90.41]
["1820","09区03架01层","工具组件","1U7544#","卡特设备","件",{"$nulls":4},"2009-07-01",1,0.01,0.01,1,{"v":158,"d":"158.00"},{"v":10,"d":"10.00"},{"v":15.8,"d":"15.80"},{"v":157900,"d":"157,900.00"}]
["1821","09区03架01层","密封","5P7211","卡特设备","件",{"$nulls":4},"2009-06-01",42,291.52,12243.84,42,{"v":282,"d":"282.00"},{"v":10,"d":"10.00"},{"v":1184.4,"d":"1,184.40"},-90.33]
["1822","09区03架01层","工具组件","1U7600#","卡特设备","件",{"$nulls":4},"2009-07-01",1,0.01,0.01,1,{"v":185,"d":"185.00"},{"v":10,"d":"10.00"},{"v":18.5,"d":"18.50"},{"v":184900,"d":"184,900.00"}]
["1823","09区03架01层","轴承","117-3006#","卡特设备","件",{"$nulls":4},"2009-08-01",1,0.01,0.01,1,{"v":100,"d":"100.00"},{"v":10,"d":"10.00"},{"v":10,"d":"10.00"},{"v":99900,"d":"99,900.00"}]
["1824","09区03架01层","密封","5P5678","卡特设备","件",{"$nulls":4},"2009-05-01",47,95.12,4470.64,47,{"v":92,"d":"92.00"},{"v":10,"d":"10.00"},{"v":432.4,"d":"432.40"},-90.33]
["1825","09区03架02层","活塞环","1W8922","卡特设备","件",{"$nulls":4},"2009-07-01",63,776.61,48926.43,63,{"v":500,"d":"500.00"},{"v":10,"d":"10.00"},{"v":3150,"d":"3,150.00"},-93.56]
["1826","09区03架02层","阀","106-1111#","卡特设备","件",{"$nulls":4},"2009-07-01",21,0.01,0.21,21,{"v":210,"d":"210.00"},{"v":10,"d":"10.00"},{"v":441,"d":"441.00"},{"v":209900,"d":"209,900.00"}]
["1827","09区03架02层","阀","108-5902#","卡特设备","块",{"$nulls":4},"2009-07-01",23,0.01,0.23,23,{"v":300,"d":"300.00"},{"v":10,"d":"10.00"},{"v":690,"d":"690.00"},{"v":299900,"d":"299,900.00"}]
["1828","09区03架02层","阻尼器","4W8089","卡特设备","件",{"$nulls":4},"2010-10-01",2,956.01,1912.02,2,{"v":950,"d":"950.00"},{"v":10,"d":"10.00"},{"v":190,"d":"190.00"},-90.06]
["1829","09区03架02层","灯","40204-3#","卡特设备","件",{"$nulls":4},"2009-06-01",2,0.01,0.02,2,{"v":25,"d":"25.00"},{"v":10,"d":"10.00"},{"v":5,"d":"5.00"},{"v":24900,"d":"24,900.00"}]
["1830","09区03架03层","车架线总成","8X8728","卡特设备","件",{"$nulls":4},"2011-11-01",2,1826.41,3652.82,2,{"v":1797.5,"d":"1,797.50"},{"v":11,"d":"11.00"},395.45,-89.17]
["1831","09区03架03层","安装器","1U6438","卡特设备","件",{"$nulls":4},"2007-06-01",1,1058.79,1058.79,1,{"v":1025.65,"d":"1,025.65"},{"v":10,"d":"10.00"},102.57,-90.31]
["1832","09区03架03层","工具组件","1U8697#","卡特设备","件",{"$nulls":4},"2009-08-01",1,0.01,0.01,1,{"v":578.8,"d":"578.80"},{"v":10,"d":"10.00"},57.88,{"v":578700,"d":"578,700.00"}]
["1833","09区03架04层","软管","9W9381","卡特设备","件",{"$nulls":4},"2009-06-01",4,317.94,1271.76,4,{"$nulls":3},{"v":-100,"d":"-100.00"}]
["1834","09区03架04层","滤芯","087-5316","卡特设备","件",{"$nulls":4},"2010-06-01",2,435.51,871.02,2,{"v":380,"d":"380.00"},{"v":10,"d":"10.00"},{"v":76,"d":"76.00"},-91.27]
["1835","09区03架05层","滤芯","42253#","卡特设备","件",{"$nulls":4},"2010-06-01",4,0.01,0.04,4,{"v":280,"d":"280.00"},{"v":10,"d":"10.00"},{"v":112,"d":"112.00"},{"v":279900,"d":"279,900.00"}]
["1836","09区03架05层","滤芯","7Y1323","卡特设备","件",{"$nulls":4},"2010-06-01",2,422.14,844.28,2,{"v":400,"d":"400.00"},{"v":10,"d":"10.00"},{"v":80,"d":"80.00"},-90.52]
["1837","09区03架05层","软管","245-5175","卡特设备","件",{"$nulls":4},"2009-06-01",1,2844.11,2844.11,1,{"$nulls":3},{"v":-100,"d":"-100.00"}]
["1838","09区03排02层","滤芯","9N6123","卡特设备","件",{"$nulls":4},"2010-06-01",9,139.11,1251.99,9,{"v":120,"d":"120.00"},{"v":10,"d":"10.00"},{"v":108,"d":"108.00"},-91.37]
["1839","09区03排03层","阀","4P0303","卡特设备","件",{"$nulls":4},"2014-06-01",2,5886.86,11773.72,2,{"v":5700,"d":"5,700.00"},{"v":37,"d":"37.00"},{"v":4218,"d":"4,218.00"},-64.17]
["1840","09区04架01层","销轴","7T4810","卡特设备","件",{"$nulls":4},"2009-06-01",4,2880.55,{"v":11522.2,"d":"11522.20"},4,{"v":2851.8,"d":"2,851.80"},{"v":10,"d":"10.00"},{"v":1140.72,"d":"1,140.72"},{"v":-90.1,"d":"-90.10"}]
["1841","09区04架01层","球销座盖","2G9099","卡特设备","件",{"$nulls":4},"2009-06-01",2,607.93,1215.86,2,{"v":588.9,"d":"588.90"},{"v":10,"d":"10.00"},117.78,-90.31]
["1842","09区04架01层","销",1883066,"卡特设备","件",{"$nulls":4},"2009-06-01",4,347.52,1390.08,4,{"v":310,"d":"310.00"},{"v":10,"d":"10.00"},{"v":124,"d":"124.00"},-91.08]
["1843","09区04架01层","销套",2010828,"卡特设备","件",{"$nulls":4},"2010-05-01",8,192.87,1542.96,8,186.83,{"v":10,"d":"10.00"},149.46,-90.31]
["1844","09区04架01层","接头","9L6729","卡特设备","件",{"$nulls":4},"2009-02-01",2,1956.36,3912.72,2,{"v":1847.3,"d":"1,847.30"},{"v":10,"d":"10.00"},369.46,-90.56]
["1845","09区04架01层","销","6G3529","卡特设备","件",{"$nulls":4},"2009-02-01",1,486.16,486.16,1,{"v":450,"d":"450.00"},{"v":10,"d":"10.00"},{"v":45,"d":"45.00"},-90.74]
["1846","09区04架01层","螺栓","1D4634","卡特设备","件",{"$nulls":4},"2007-06-01",4,61.51,246.04,4,59.58,{"v":10,"d":"10.00"},23.83,-90.31]
["1847","09区04架02层","垫圈","9X8257","卡特设备","件",{"$nulls":4},"2013-04-01",15,4.92,{"v":73.8,"d":"73.80"},15,{"v":4,"d":"4.00"},{"v":25,"d":"25.00"},{"v":15,"d":"15.00"},-79.67]
["1848","09区04架02层","垫圈","8T4224","卡特设备","件",{"$nulls":4},"2013-04-01",18,1.37,24.66,18,{"v":1,"d":"1.00"},{"v":25,"d":"25.00"},{"v":4.5,"d":"4.50"},-81.75]
["1849","09区04架02层","卡环","8W5417#","卡特设备","件",{"$nulls":4},"2009-05-01",1,0.01,0.01,1,{"v":10,"d":"10.00"},{"v":10,"d":"10.00"},{"v":1,"d":"1.00"},{"v":9900,"d":"9,900.00"}]
["1850","09区04架02层","灯","7X6398","卡特设备","件",{"$nulls":4},"2007-10-01",6,195.53,1173.18,6,{"v":190,"d":"190.00"},{"v":10,"d":"10.00"},{"v":114,"d":"114.00"},-90.28]
["1851","09区04架02层","接头","5P6312","卡特设备","件",{"$nulls":4},"2009-03-01",2,41.29,82.58,2,{"v":40,"d":"40.00"},{"v":10,"d":"10.00"},{"v":8,"d":"8.00"},-90.31]
["1852","09区04架02层","插座","7N7779","卡特设备","件",{"$nulls":4},"2007-06-01",18,5.48,98.64,18,{"v":4.9,"d":"4.90"},{"v":10,"d":"10.00"},8.82,-91.06]
["1853","09区04架02层","螺钉","6V9672","卡特设备","件",{"$nulls":4},"2009-07-01",8,6.36,50.88,8,{"v":6,"d":"6.00"},{"v":10,"d":"10.00"},{"v":4.8,"d":"4.80"},-90.57]
["1854","09区04架02层","轴套","5P6314","卡特设备","件",{"$nulls":4},"2007-11-01",4,9.23,36.92,4,{"v":8.5,"d":"8.50"},{"v":10,"d":"10.00"},{"v":3.4,"d":"3.40"},-90.79]
["1855","09区04架02层","螺母","7J9250","卡特设备","件",{"$nulls":4},"2009-06-01",1,2467.35,2467.35,1,{"v":2390,"d":"2,390.00"},{"v":10,"d":"10.00"},{"v":239,"d":"239.00"},-90.31]
["1856","09区04架02层","盖子","7N7782","卡特设备","件",{"$nulls":4},"2010-09-01",4,26.08,104.32,4,{"v":25,"d":"25.00"},{"v":10,"d":"10.00"},{"v":10,"d":"10.00"},-90.41]
["1857","09区04架02层","卡环","1J2111","卡特设备","件",{"$nulls":4},"2009-06-01",2,4902.21,9804.42,2,{"v":4749,"d":"4,749.00"},{"v":10,"d":"10.00"},{"v":949.8,"d":"949.80"},-90.31]
["1858","09区04架02层","管","7N0140","卡特设备","件",{"$nulls":4},"2011-10-01",6,201.83,1210.98,6,{"v":200,"d":"200.00"},{"v":10,"d":"10.00"},{"v":120,"d":"120.00"},-90.09]
["1859","09区04架02层","垫圈","9X8256","卡特设备","件",{"$nulls":4},"2013-04-01",7,1.99,13.93,7,1.93,{"v":25,"d":"25.00"},3.38,-75.74]
["1860","09区04架03层","密封","7N7878","卡特设备","件",{"$nulls":4},"2009-05-01",2,157.83,315.66,2,{"v":153,"d":"153.00"},{"v":10,"d":"10.00"},{"v":30.6,"d":"30.60"},-90.31]
["1861","09区04架03层","接头","5P2948","卡特设备","根",{"$nulls":4},"2009-04-01",4,15.72,62.88,4,{"v":15.3,"d":"15.30"},{"v":10,"d":"10.00"},6.12,-90.27]
["1862","09区04架03层","拉杆","3T2592","卡特设备","件",{"$nulls":4},"2010-11-01",1,293.92,293.92,1,282.82,{"v":10,"d":"10.00"},28.28,-90.38]
["1863","09区04架03层","油封","8T2604","卡特设备","件",{"$nulls":4},"2009-06-01",2,444.39,888.78,2,430.48,{"v":10,"d":"10.00"},{"v":86.1,"d":"86.10"},-90.31]
["1864","09区04架03层","修理包","6V4750","卡特设备","件",{"$nulls":4},"2009-06-01",1,1014.99,1014.99,1,{"v":983,"d":"983.00"},{"v":10,"d":"10.00"},{"v":98.3,"d":"98.30"},-90.32]
["1865","09区04架03层","盖板","3G8415","卡特设备","件",{"$nulls":4},"2009-06-01",1,835.44,835.44,1,{"v":809,"d":"809.00"},{"v":10,"d":"10.00"},{"v":80.9,"d":"80.90"},-90.32]
["1866","09区04架03层","拉杆","6P7072","卡特设备","件",{"$nulls":4},"2009-06-01",1,318.27,318.27,1,{"v":300,"d":"300.00"},{"v":10,"d":"10.00"},{"v":30,"d":"30.00"},-90.57]
["1867","09区04架04层","油封","198-2948","卡特设备","件",{"$nulls":4},"2009-06-01",4,116.11,464.44,4,112.48,{"v":10,"d":"10.00"},44.99,-90.31]
["1868","09区04架04层","螺栓","8T4191","卡特设备","件",{"$nulls":4},"2007-06-01",14,2.12,29.68,14,2.05,{"v":10,"d":"10.00"},2.87,-90.33]
["1869","09区04架04层","O-型密封","6V5121","卡特设备","件",{"$nulls":4},"2009-05-01",8,83.17,665.36,8,{"v":80,"d":"80.00"},{"v":10,"d":"10.00"},{"v":64,"d":"64.00"},-90.38]
["1870","09区04架04层","密封","6V8977","卡特设备","件",{"$nulls":4},"2009-05-01",6,37.53,225.18,6,{"v":36,"d":"36.00"},{"v":10,"d":"10.00"},{"v":21.6,"d":"21.60"},-90.41]
["1871","09区04架04层","垫  片","2G9104","卡特设备","件",{"$nulls":4},"2007-06-01",8,130.65,{"v":1045.2,"d":"1045.20"},8,{"v":120,"d":"120.00"},{"v":10,"d":"10.00"},{"v":96,"d":"96.00"},-90.82]
["1872","09区04架04层","排气管","7X6101","卡特设备","件",{"$nulls":4},"2007-02-01",2,84.45,{"v":168.9,"d":"168.90"},2,81.81,{"v":10,"d":"10.00"},16.36,-90.31]
["1873","09区04架05层","滤芯","4T3131","卡特设备","件",{"$nulls":4},"2010-06-01",1,383.01,383.01,1,{"v":380,"d":"380.00"},{"v":10,"d":"10.00"},{"v":38,"d":"38.00"},-90.08]
["1874","09区04排02层","轴承","3G8052","卡特设备","件",{"$nulls":4},"2009-08-01",4,751.09,3004.36,4,{"v":705,"d":"705.00"},{"v":10,"d":"10.00"},{"v":282,"d":"282.00"},-90.61]
["1875","09区04排03层","开关","9G7641","卡特设备","件",{"$nulls":4},"2011-11-01",1,527.93,527.93,1,{"$nulls":3},{"v":-100,"d":"-100.00"}]
["1876","09区04排03层","阀垫","5S4629","卡特设备","件",{"$nulls":4},"2014-06-01",2,{"v":10.9,"d":"10.90"},{"v":21.8,"d":"21.80"},2,{"v":9.9,"d":"9.90"},{"v":37,"d":"37.00"},7.33,-66.38]
["1877","09区04排03层","O-型密封","9J6491","卡特设备","件",{"$nulls":4},"2009-05-01",6,6.23,37.38,6,{"v":6,"d":"6.00"},{"v":10,"d":"10.00"},{"v":3.6,"d":"3.60"},-90.37]
["1878","09区04排03层","传感器","7N9785","卡特设备","件",{"$nulls":4},"2012-06-01",1,505.96,505.96,1,490.12,{"v":17,"d":"17.00"},83.32,-83.53]
["1879","09区04排03层","垫片","1P0436","卡特设备","件",{"$nulls":4},"2009-06-01",2,10.02,20.04,2,{"v":10,"d":"10.00"},{"v":10,"d":"10.00"},{"v":2,"d":"2.00"},-90.02]
["1880","09区04排03层","密封","6V5555","卡特设备","件",{"$nulls":4},"2009-05-01",10,7.38,{"v":73.8,"d":"73.80"},10,{"v":7,"d":"7.00"},{"v":10,"d":"10.00"},{"v":7,"d":"7.00"},-90.51]
["1881","09区04排03层","开关","7N9560","卡特设备","件",{"$nulls":4},"2012-03-01",1,518.26,518.26,1,{"$nulls":3},{"v":-100,"d":"-100.00"}]
["1882","09区04排05层","滤芯","4T3131","卡特设备","件",{"$nulls":4},"2010-06-01",7,383.01,2681.07,7,{"v":380,"d":"380.00"},{"v":10,"d":"10.00"},{"v":266,"d":"266.00"},-90.08]
["1883","09区05架01层","软管","223-6644","卡特设备","件",{"$nulls":4},"2009-06-01",1,2844.11,2844.11,1,{"$nulls":3},{"v":-100,"d":"-100.00"}]
["1884","09区05架01层","软管","9W2884","卡特设备","件",{"$nulls":4},"2009-06-01",2,377.74,755.48,2,{"$nulls":3},{"v":-100,"d":"-100.00"}]
["1885","09区05架02层","金属板","7W9876#","卡特设备","件",{"$nulls":4},"2009-07-01",20,0.01,{"v":0.2,"d":"0.20"},20,{"v":10,"d":"10.00"},{"v":10,"d":"10.00"},{"v":20,"d":"20.00"},{"v":9900,"d":"9,900.00"}]
["1886","09区05架02层","软管","9W3219","卡特设备","件",{"$nulls":4},"2009-06-01",3,{"v":616.7,"d":"616.70"},{"v":1850.1,"d":"1850.10"},3,{"$nulls":3},{"v":-100,"d":"-100.00"}]
["1887","09区05架02层","软管","9N1849","卡特设备","件",{"$nulls":4},"2009-06-01",2,161.51,323.02,2,{"$nulls":3},{"v":-100,"d":"-100.00"}]
["1888","09区05架02层","软管","9L5158","卡特设备","件",{"$nulls":4},"2009-06-01",2,127.74,255.48,2,{"$nulls":3},{"v":-100,"d":"-100.00"}]
["1889","09区05架03层","密封","095-1607","卡特设备","件",{"$nulls":4},"2009-05-01",5,18.76,{"v":93.8,"d":"93.80"},5,{"v":18,"d":"18.00"},{"v":10,"d":"10.00"},{"v":9,"d":"9.00"},-90.41]
["1890","09区05架03层","压力开关","3L6306","卡特设备","件",{"$nulls":4},"2009-05-01",2,669.34,1338.68,2,{"$nulls":3},{"v":-100,"d":"-100.00"}]
["1891","09区05架03层","压力开关","2M9346","卡特设备","件",{"$nulls":4},"2009-08-01",2,602.92,1205.84,2,{"$nulls":3},{"v":-100,"d":"-100.00"}]
["1892","09区05架03层","密封","1H5728","卡特设备","件",{"$nulls":4},"2009-05-01",4,24.09,96.36,4,{"v":23,"d":"23.00"},{"v":10,"d":"10.00"},{"v":9.2,"d":"9.20"},-90.45]
["1893","09区05架03层","阀","6T9290","卡特设备","件",{"$nulls":4},"2011-08-01",4,1994.78,7979.12,4,{"v":1900,"d":"1,900.00"},{"v":10,"d":"10.00"},{"v":760,"d":"760.00"},-90.48]
["1894","09区05架03层","挡位传感器线束","7T3418","卡特设备","件",{"$nulls":4},"2011-05-01",2,3436.16,6872.32,2,{"v":3038.4,"d":"3,038.40"},{"v":10,"d":"10.00"},607.68,-91.16]
["1895","09区05架03层","选挡电路板","9W0681","卡特设备","件",{"$nulls":4},"2011-11-01",1,3128.25,3128.25,1,{"v":3030.34,"d":"3,030.34"},{"v":11,"d":"11.00"},333.34,-89.34]
["1896","09区05架03层","密封","7I7562","卡特设备","件",{"$nulls":4},"2009-05-01",2,57.49,114.98,2,{"v":56,"d":"56.00"},{"v":10,"d":"10.00"},{"v":11.2,"d":"11.20"},-90.26]
["1897","09区05架03层","环","7I7559","卡特设备","件",{"$nulls":4},"2007-06-01",2,246.38,492.76,2,{"v":225,"d":"225.00"},{"v":10,"d":"10.00"},{"v":45,"d":"45.00"},-90.87]
["1898","09区05架03层","密封","1P3707","卡特设备","件",{"$nulls":4},"2009-05-01",6,25.21,151.26,6,{"v":24,"d":"24.00"},{"v":10,"d":"10.00"},{"v":14.4,"d":"14.40"},-90.48]
["1899","09区05架03层","螺母","7X0448","卡特设备","件",{"$nulls":4},"2009-06-01",2,5.94,11.88,2,5.75,{"v":10,"d":"10.00"},1.15,-90.32]
["1900","09区05架03层","密封","3E6769","卡特设备","件",{"$nulls":4},"2009-05-01",1,31.85,31.85,1,{"v":31,"d":"31.00"},{"v":10,"d":"10.00"},{"v":3.1,"d":"3.10"},-90.27]
["1901","09区05架04层","软管","9W2886","卡特设备","件",{"$nulls":4},"2009-06-01",2,625.88,1251.76,2,{"$nulls":3},{"v":-100,"d":"-100.00"}]
["1902","09区05架04层","软管","9W2889","卡特设备","件",{"$nulls":4},"2009-06-01",11,619.62,6815.82,11,{"$nulls":3},{"v":-100,"d":"-100.00"}]
["1903","09区05架04层","油管","7W6389","卡特设备","件",{"$nulls":4},"2009-06-01",1,711.03,711.03,1,688.77,{"v":10,"d":"10.00"},68.88,-90.31]
["1904","09区05架04层","软管","8W2332","卡特设备","件",{"$nulls":4},"2009-06-01",4,624.82,2499.28,4,{"$nulls":3},{"v":-100,"d":"-100.00"}]
["1905","09区05架05层","滤芯","9G3341","卡特设备","件",{"$nulls":4},"2010-06-01",58,101.32,5876.56,58,{"v":100,"d":"100.00"},{"v":10,"d":"10.00"},{"v":580,"d":"580.00"},-90.13]
["1906","09区05架05层","修理包","8T2166","卡特设备","件",{"$nulls":4},"2011-11-01",6,{"v":879.9,"d":"879.90"},{"v":5279.4,"d":"5279.40"},6,{"v":850,"d":"850.00"},{"v":11,"d":"11.00"},{"v":561,"d":"561.00"},-89.37]
["1907","09区05架05层","雨刮臂","4I5020","卡特设备","件",{"$nulls":4},"2007-09-01",2,{"v":301,"d":"301.00"},{"v":602,"d":"602.00"},2,291.58,{"v":10,"d":"10.00"},58.32,-90.31]
["1908","09区05架06层","密封组件","8W5889","卡特设备","颗",{"$nulls":4},"2009-05-01",2,311.92,623.84,2,{"v":302,"d":"302.00"},{"v":10,"d":"10.00"},{"v":60.4,"d":"60.40"},-90.32]
["1909","09区06架01层","泵","4W5477","卡特设备","件",{"$nulls":4},"2009-05-01",1,6990.42,6990.42,1,{"v":6800,"d":"6,800.00"},{"v":10,"d":"10.00"},{"v":680,"d":"680.00"},-90.27]
["1910","09区06架02层","卡环","3P3708","卡特设备","件",{"$nulls":4},"2011-10-01",1,311.96,311.96,1,{"v":302,"d":"302.00"},{"v":10,"d":"10.00"},{"v":30.2,"d":"30.20"},-90.32]
["1911","09区06架02层","传感器","8N1693","卡特设备","件",{"$nulls":4},"2011-06-01",13,519.86,6758.18,13,{"v":500,"d":"500.00"},{"v":10,"d":"10.00"},{"v":650,"d":"650.00"},-90.38]
["1912","09区06架02层","轴承","1B3980","卡特设备","件",{"$nulls":4},"2011-05-01",80,235.34,{"v":18827.2,"d":"18827.20"},80,{"v":228,"d":"228.00"},{"v":10,"d":"10.00"},{"v":1824,"d":"1,824.00"},-90.31]
["1913","09区06架02层","滤芯","143-8086","卡特设备","件",{"$nulls":4},"2011-05-01",4,929.94,3719.76,4,900.83,{"v":10,"d":"10.00"},360.33,-90.31]
["1914","09区06架03层","垫片","7T7376","卡特设备","件",{"$nulls":4},"2009-05-01",1,19.75,19.75,1,{"v":19,"d":"19.00"},{"v":10,"d":"10.00"},{"v":1.9,"d":"1.90"},-90.38]
["1915","09区06架03层","隔震柱","8C9648","卡特设备","件",{"$nulls":4},"2007-06-01",4,11.13,44.52,4,{"$nulls":3},{"v":-100,"d":"-100.00"}]
["1916","09区06架03层","O-型圈","4J9223","卡特设备","件",{"$nulls":4},"2007-06-01",2,68.67,137.34,2,{"v":65,"d":"65.00"},{"v":10,"d":"10.00"},{"v":13,"d":"13.00"},-90.53]
["1917","09区06架03层","O形圈","095-1608","卡特设备","块",{"$nulls":4},"2007-03-01",9,17.84,160.56,9,{"v":14.9,"d":"14.90"},{"v":10,"d":"10.00"},13.41,-91.65]
["1918","09区06架03层","密封","8C5200","卡特设备","件",{"$nulls":4},"2009-05-01",4,12.73,50.92,4,{"v":12,"d":"12.00"},{"v":10,"d":"10.00"},{"v":4.8,"d":"4.80"},-90.57]
["1919","09区06架03层","大垫片","8C9649","卡特设备","件",{"$nulls":4},"2009-06-01",4,108.45,{"v":433.8,"d":"433.80"},4,{"v":105,"d":"105.00"},{"v":10,"d":"10.00"},{"v":42,"d":"42.00"},-90.32]
["1920","09区06架03层","压力开关","3T3195","卡特设备","件",{"$nulls":4},"2011-11-01",4,{"v":568.1,"d":"568.10"},{"v":2272.4,"d":"2272.40"},4,{"$nulls":3},{"v":-100,"d":"-100.00"}]
["1921","09区06架03层","传感器","9X7000","卡特设备","件",{"$nulls":4},"2012-04-01",2,1961.03,3922.06,2,{"v":1815,"d":"1,815.00"},{"v":15,"d":"15.00"},{"v":544.5,"d":"544.50"},-86.12]
["1922","09区06架03层","压力开关","8T9792","卡特设备","件",{"$nulls":4},"2011-11-01",2,677.21,1354.42,2,{"$nulls":3},{"v":-100,"d":"-100.00"}]
["1923","09区06架03层","护圈","7X2031","卡特设备","件",{"$nulls":4},"2007-10-01",2,2.04,4.08,2,1.98,{"v":10,"d":"10.00"},{"v":0.4,"d":"0.40"},{"v":-90.2,"d":"-90.20"}]
["1924","09区06架03层","O型圈","8M4988","卡特设备","件",{"$nulls":4},"2007-05-01",1,26.05,26.05,1,{"v":25.6,"d":"25.60"},{"v":10,"d":"10.00"},2.56,-90.17]
["1925","09区06架04层","唇型密封","5J8325","卡特设备","件",{"$nulls":4},"2012-02-01",12,281.49,3377.88,12,{"v":273,"d":"273.00"},{"v":14,"d":"14.00"},458.64,-86.42]
["1926","09区06架04层","头灯线总成","5T2700","卡特设备","件",{"$nulls":4},"2011-11-01",2,362.28,724.56,2,350.94,{"v":10,"d":"10.00"},70.19,-90.31]
["1927","09区06架04层","缓行手柄线总成","6G9462","卡特设备","件",{"$nulls":4},"2011-11-01",2,384.98,769.96,2,372.93,{"v":11,"d":"11.00"},82.04,-89.34]
["1928","09区06架05层","雨刮臂","6V5852","卡特设备","件",{"$nulls":4},"2007-06-01",2,255.87,511.74,2,247.86,{"v":10,"d":"10.00"},49.57,-90.31]
["1929","09区06架05层","雨刮片","6V6864","卡特设备","根",{"$nulls":4},"2007-09-01",1,513.72,513.72,1,497.64,{"v":10,"d":"10.00"},49.76,-90.31]
["1930","09区06架05层","前雨刮臂","6V5850","卡特设备","件",{"$nulls":4},"2007-10-01",1,119.98,119.98,1,{"v":115,"d":"115.00"},{"v":10,"d":"10.00"},{"v":11.5,"d":"11.50"},-90.42]
["1931","09区07架01层","轴","4T9223","卡特设备","件",{"$nulls":4},"2009-05-01",10,1747.35,{"v":17473.5,"d":"17473.50"},10,{"v":1693,"d":"1,693.00"},{"v":10,"d":"10.00"},{"v":1693,"d":"1,693.00"},-90.31]
["1932","09区07架01层","销套","6Y2057","卡特设备","件",{"$nulls":4},"2010-05-01",11,647.22,7119.42,11,626.96,{"v":10,"d":"10.00"},689.66,-90.31]
["1933","09区07架02层","螺栓","1A5964","卡特设备","件",{"$nulls":4},"2007-06-01",2,12.48,24.96,2,12.09,{"v":10,"d":"10.00"},2.42,{"v":-90.3,"d":"-90.30"}]
["1934","09区07架02层","支架","7W8071","卡特设备","件",{"$nulls":4},"2007-11-01",1,325.98,325.98,1,315.78,{"v":10,"d":"10.00"},31.58,-90.31]
["1935","09区07架02层","压力表","6V7775#","卡特设备","件",{"$nulls":4},"2009-06-01",1,0.01,0.01,1,{"v":1758,"d":"1,758.00"},{"v":10,"d":"10.00"},{"v":175.8,"d":"175.80"},{"v":1757900,"d":"1,757,900.00"}]
["1936","09区07架02层","工具组件","9U5336#","卡特设备","件",{"$nulls":4},"2009-10-01",1,0.01,0.01,1,{"v":159,"d":"159.00"},{"v":10,"d":"10.00"},{"v":15.9,"d":"15.90"},{"v":158900,"d":"158,900.00"}]
["1937","09区07架02层","工具组件","1U8780#","卡特设备","件",{"$nulls":4},"2009-06-01",1,0.01,0.01,1,{"v":85,"d":"85.00"},{"v":10,"d":"10.00"},{"v":8.5,"d":"8.50"},{"v":84900,"d":"84,900.00"}]
["1938","09区07架02层","接头","6L9777","卡特设备","件",{"$nulls":4},"2009-05-01",1,75.87,75.87,1,{"v":70,"d":"70.00"},{"v":10,"d":"10.00"},{"v":7,"d":"7.00"},-90.77]
["1939","09区07架02层","工具组件","9U5339#","卡特设备","颗",{"$nulls":4},"2009-09-01",1,0.01,0.01,1,{"v":58,"d":"58.00"},{"v":10,"d":"10.00"},{"v":5.8,"d":"5.80"},{"v":57900,"d":"57,900.00"}]
["1940","09区07架02层","螺栓","8T7008","卡特设备","件",{"$nulls":4},"2007-12-01",5,9.21,46.05,5,8.92,{"v":10,"d":"10.00"},4.46,-90.31]
["1941","09区07架02层","接头","6V9949#","卡特设备","件",{"$nulls":4},"2009-06-01",1,0.01,0.01,1,{"v":27,"d":"27.00"},{"v":10,"d":"10.00"},{"v":2.7,"d":"2.70"},{"v":26900,"d":"26,900.00"}]
["1942","09区07架02层","工具组件","9U5342#","卡特设备","件",{"$nulls":4},"2009-12-01",1,0.01,0.01,1,{"v":139,"d":"139.00"},{"v":10,"d":"10.00"},{"v":13.9,"d":"13.90"},{"v":138900,"d":"138,900.00"}]
["1943","09区07架02层","垫片","1U1524#","卡特设备","件",{"$nulls":4},"2009-05-01",19,0.01,0.19,19,{"v":12,"d":"12.00"},{"v":10,"d":"10.00"},{"v":22.8,"d":"22.80"},{"v":11900,"d":"11,900.00"}]
["1944","09区07架02层","工具组件","1U6431#","卡特设备","件",{"$nulls":4},"2009-05-01",1,0.01,0.01,1,{"v":520,"d":"520.00"},{"v":10,"d":"10.00"},{"v":52,"d":"52.00"},{"v":519900,"d":"519,900.00"}]
["1945","09区07架02层","螺栓","0L2070","卡特设备","件",{"$nulls":4},"2007-12-01",3,5.63,16.89,3,5.45,{"v":10,"d":"10.00"},1.64,-90.29]
["1946","09区07架02层","螺栓",367222,"卡特设备","件",{"$nulls":4},"2007-12-01",1,114.15,114.15,1,110.58,{"v":10,"d":"10.00"},11.06,-90.31]
["1947","09区07架02层","螺栓","7X2575","卡特设备","件",{"$nulls":4},"2007-12-01",20,49.77,{"v":995.4,"d":"995.40"},20,48.21,{"v":10,"d":"10.00"},96.42,-90.31]
["1948","09区07架02层","螺栓","5J5793","卡特设备","件",{"$nulls":4},"2007-12-01",4,67.46,269.84,4,65.35,{"v":10,"d":"10.00"},26.14,-90.31]
["1949","09区07架03层","螺栓","0L1351","卡特设备","件",{"$nulls":4},"2007-12-01",30,2.12,{"v":63.6,"d":"63.60"},30,2.05,{"v":10,"d":"10.00"},6.15,-90.33]
["1950","09区07架03层","螺纹接套","6V1813#","卡特设备","件",{"$nulls":4},"2007-12-01",2,0.01,0.02,2,{"v":12,"d":"12.00"},{"v":10,"d":"10.00"},{"v":2.4,"d":"2.40"},{"v":11900,"d":"11,900.00"}]
["1951","09区07架03层","油封","166-1494","卡特设备","件",{"$nulls":4},"2011-11-01",8,286.41,2291.28,8,277.45,{"v":11,"d":"11.00"},244.16,-89.34]
["1952","09区07架03层","螺母","003","卡特设备","件",{"$nulls":4},"2009-07-01",1,0.01,0.01,1,{"v":20,"d":"20.00"},{"v":10,"d":"10.00"},{"v":2,"d":"2.00"},{"v":19900,"d":"19,900.00"}]
["1953","09区07架03层","拔具","6V6980#","卡特设备","件",{"$nulls":4},"2009-08-01",1,0.01,0.01,1,{"v":41.5,"d":"41.50"},{"v":10,"d":"10.00"},4.15,{"v":41400,"d":"41,400.00"}]
["1954","09区07架03层","螺栓","2M2488","卡特设备","件",{"$nulls":4},"2007-12-01",1,52.32,52.32,1,50.68,{"v":10,"d":"10.00"},5.07,-90.31]
["1955","09区07架03层","油封","9X4598","卡特设备","件",{"$nulls":4},"2011-11-01",5,204.93,1024.65,5,198.52,{"v":11,"d":"11.00"},109.19,-89.34]
["1956","09区07架03层","接头","6V2034#","卡特设备","件",{"$nulls":4},"2009-07-01",1,0.01,0.01,1,{"v":13,"d":"13.00"},{"v":10,"d":"10.00"},{"v":1.3,"d":"1.30"},{"v":12900,"d":"12,900.00"}]
["1957","09区07架03层","螺钉","2N5842","卡特设备","件",{"$nulls":4},"2007-06-01",13,{"v":41.2,"d":"41.20"},{"v":535.6,"d":"535.60"},13,{"v":40,"d":"40.00"},{"v":10,"d":"10.00"},{"v":52,"d":"52.00"},-90.29]
["1958","09区07架03层","螺母","010","卡特设备","件",{"$nulls":4},"2009-07-01",1,0.01,0.01,1,{"v":20,"d":"20.00"},{"v":10,"d":"10.00"},{"v":2,"d":"2.00"},{"v":19900,"d":"19,900.00"}]
["1959","09区07架03层","螺母","6V6689","卡特设备","件",{"$nulls":4},"2009-07-01",20,38.22,{"v":764.4,"d":"764.40"},20,37.02,{"v":10,"d":"10.00"},74.04,-90.31]
["1960","09区07架03层","工具组件","6V3199#","卡特设备","件",{"$nulls":4},"2009-03-01",1,0.01,0.01,1,{"v":73.6,"d":"73.60"},{"v":10,"d":"10.00"},7.36,{"v":73500,"d":"73,500.00"}]
["1961","09区07架03层","螺栓","8T4184","卡特设备","件",{"$nulls":4},"2007-12-01",63,8.24,519.12,63,7.98,{"v":10,"d":"10.00"},50.27,-90.32]
["1962","09区07架03层","垫片","1P7346","卡特设备","件",{"$nulls":4},"2009-10-01",1,16.86,16.86,1,{"v":16.2,"d":"16.20"},{"v":10,"d":"10.00"},1.62,-90.39]
["1963","09区07架04层","指示器","1W0613#","卡特设备","件",{"$nulls":4},"2009-06-01",2,0.01,0.02,2,{"v":100,"d":"100.00"},{"v":10,"d":"10.00"},{"v":20,"d":"20.00"},{"v":99900,"d":"99,900.00"}]
["1964","09区07架04层","传感器","9W2343","卡特设备","根",{"$nulls":4},"2010-07-01",2,1613.14,3226.28,2,{"v":1563,"d":"1,563.00"},{"v":10,"d":"10.00"},{"v":312.6,"d":"312.60"},-90.31]
["1965","09区07架04层","油封","4W0452","卡特设备","件",{"$nulls":4},"2011-11-01",3,398.02,1194.06,3,385.56,{"v":11,"d":"11.00"},127.23,-89.34]
["1966","09区07架04层","进气门丁字块","4N5612","卡特设备","件",{"$nulls":4},"2011-11-01",5,489.39,2446.95,5,{"v":460,"d":"460.00"},{"v":11,"d":"11.00"},{"v":253,"d":"253.00"},-89.66]
["1967","09区07架04层","轴瓦","4W5738","卡特设备","件",{"$nulls":4},"2011-11-01",13,167.33,2175.29,13,{"v":139,"d":"139.00"},{"v":11,"d":"11.00"},198.77,-90.86]
["1968","09区07架04层","指示器","1W3306#","卡特设备","件",{"$nulls":4},"2011-11-01",1,0.01,0.01,1,{"v":100,"d":"100.00"},{"v":11,"d":"11.00"},{"v":11,"d":"11.00"},{"v":109900,"d":"109,900.00"}]
["1969","09区07架04层","组件","1W7052","卡特设备","件",{"$nulls":4},"2009-10-01",1,1037.03,1037.03,1,{"v":900,"d":"900.00"},{"v":10,"d":"10.00"},{"v":90,"d":"90.00"},-91.32]
["1970","09区07架04层","水箱盖","6N1981","卡特设备","件",{"$nulls":4},"2009-10-01",2,900.87,1801.74,2,{"v":873,"d":"873.00"},{"v":10,"d":"10.00"},{"v":174.6,"d":"174.60"},-90.31]
["1971","09区07架04层","排气门丁字块","4N5611","卡特设备","件",{"$nulls":4},"2009-10-01",5,504.28,{"v":2521.4,"d":"2521.40"},5,{"v":488.5,"d":"488.50"},{"v":10,"d":"10.00"},244.25,-90.31]
["1972","09区07架04层","喷嘴","8T2901","卡特设备","件",{"$nulls":4},"2009-10-01",1,{"v":188.4,"d":"188.40"},{"v":188.4,"d":"188.40"},1,{"v":180,"d":"180.00"},{"v":10,"d":"10.00"},{"v":18,"d":"18.00"},-90.45]
["1973","09区07架04层","螺栓","7N0654","卡特设备","件",{"$nulls":4},"2007-12-01",23,40.97,942.31,23,39.69,{"v":10,"d":"10.00"},91.29,-90.31]
["1974","09区07架05层","滤芯","1R-0739","卡特设备","件",{"$nulls":4},"2011-05-01",20,96.53,{"v":1930.6,"d":"1930.60"},20,{"v":80,"d":"80.00"},{"v":10,"d":"10.00"},{"v":160,"d":"160.00"},-91.71]
["1975","09区08架01层","座子","8N2056","卡特设备","件",{"$nulls":4},"2009-06-01",2,6244.81,12489.62,2,{"v":6049,"d":"6,049.00"},{"v":10,"d":"10.00"},{"v":1209.8,"d":"1,209.80"},-90.31]
["1976","09区08架01层","工具组件","1U5899#","卡特设备","件",{"$nulls":4},"2009-05-01",1,0.01,0.01,1,{"v":99,"d":"99.00"},{"v":10,"d":"10.00"},{"v":9.9,"d":"9.90"},{"v":98900,"d":"98,900.00"}]
["1977","09区08架02层","驾驶室线总成","8W9452","卡特设备","件",{"$nulls":4},"2011-11-01",2,10787.03,21574.06,2,{"v":10000,"d":"10,000.00"},{"v":11,"d":"11.00"},{"v":2200,"d":"2,200.00"},{"v":-89.8,"d":"-89.80"}]
["1978","09区08架03层","销套","4I6718","卡特设备","件",{"$nulls":4},"2011-11-01",8,2344.64,18757.12,8,{"v":2271.25,"d":"2,271.25"},{"v":11,"d":"11.00"},{"v":1998.7,"d":"1,998.70"},-89.34]
["1979","09区08架03层","销套","4I6897","卡特设备","件",{"$nulls":4},"2011-11-01",4,1329.17,5316.68,4,{"v":1287.57,"d":"1,287.57"},{"v":11,"d":"11.00"},566.53,-89.34]
["1980","09区08架03层","灯","9W1281","卡特设备","件",{"$nulls":4},"2009-05-01",4,248.86,995.44,4,{"v":244.2,"d":"244.20"},{"v":10,"d":"10.00"},97.68,-90.19]
["1981","09区08架03层","刹车片","9W7018","卡特设备","件",{"$nulls":4},"2009-06-01",48,{"v":936.1,"d":"936.10"},{"v":44932.8,"d":"44932.80"},48,{"v":900,"d":"900.00"},{"v":10,"d":"10.00"},{"v":4320,"d":"4,320.00"},-90.39]
["1982","09区08架04层","密封","7I7560","卡特设备","件",{"$nulls":4},"2009-07-01",2,5.35,{"v":10.7,"d":"10.70"},2,{"v":5,"d":"5.00"},{"v":10,"d":"10.00"},{"v":1,"d":"1.00"},-90.65]
["1983","09区08架04层","环","7I7561","卡特设备","件",{"$nulls":4},"2007-06-01",2,121.78,243.56,2,{"v":118,"d":"118.00"},{"v":10,"d":"10.00"},{"v":23.6,"d":"23.60"},-90.31]
["1984","09区08架04层","修理包","177-2547","卡特设备","件",{"$nulls":4},"2007-11-01",2,{"v":361.9,"d":"361.90"},{"v":723.8,"d":"723.80"},2,{"v":350,"d":"350.00"},{"v":10,"d":"10.00"},{"v":70,"d":"70.00"},-90.33]
["1985","09区08架04层","密封","8T6746","卡特设备","件",{"$nulls":4},"2009-07-01",5,253.11,1265.55,5,{"v":245,"d":"245.00"},{"v":10,"d":"10.00"},{"v":122.5,"d":"122.50"},-90.32]
["1986","09区08架04层","机油压力开关","9X4276","卡特设备","件",{"$nulls":4},"2011-10-01",10,607.32,{"v":6073.2,"d":"6073.20"},10,{"$nulls":3},{"v":-100,"d":"-100.00"}]
["1987","09区08架05层","软管","8W3188#","卡特设备","件",{"$nulls":4},"2009-06-01",1,0.01,0.01,1,{"$nulls":3},{"v":-100,"d":"-100.00"}]
["1988","09区08架05层","软管","9W2654","卡特设备","件",{"$nulls":4},"2009-06-01",1,{"v":285.3,"d":"285.30"},{"v":285.3,"d":"285.30"},1,{"$nulls":3},{"v":-100,"d":"-100.00"}]
["1989","09区08架05层","软管","9W7138","卡特设备","件",{"$nulls":4},"2009-06-01",2,{"v":246.2,"d":"246.20"},{"v":492.4,"d":"492.40"},2,{"$nulls":3},{"v":-100,"d":"-100.00"}]
["1990","09区08排06层","滤芯","185-0337","卡特设备","件",{"$nulls":4},"2011-05-01",5,466.15,2330.75,5,451.56,{"v":10,"d":"10.00"},225.78,-90.31]
["1991","09区09架01层","撑杆","001","卡特设备","件",{"$nulls":4},"2009-11-01",2,0.01,0.02,2,{"v":68,"d":"68.00"},{"v":10,"d":"10.00"},{"v":13.6,"d":"13.60"},{"v":67900,"d":"67,900.00"}]
["1992","09区09架01层","压管模具","4C9901#","卡特设备","件",{"$nulls":4},"2009-08-01",1,0.01,0.01,1,{"v":1000,"d":"1,000.00"},{"v":10,"d":"10.00"},{"v":100,"d":"100.00"},{"v":999900,"d":"999,900.00"}]
["1993","09区09架02层","皮带","5N4751#","卡特设备","件",{"$nulls":4},"2009-07-01",11,0.01,0.11,11,{"v":20,"d":"20.00"},{"v":10,"d":"10.00"},{"v":22,"d":"22.00"},{"v":19900,"d":"19,900.00"}]
["1994","09区09架02层","软管","6V4468","卡特设备","件",{"$nulls":4},"2009-06-01",1,1228.25,1228.25,1,{"$nulls":3},{"v":-100,"d":"-100.00"}]
["1995","09区09架02层","发动机机油冷却器芯","4N2388","卡特设备","件",{"$nulls":4},"2011-11-01",1,15086.17,15086.17,1,{"v":14613.97,"d":"14,613.97"},{"v":11,"d":"11.00"},{"v":1607.54,"d":"1,607.54"},-89.34]
["1996","09区09架02层","金属卡子","6V2082#","卡特设备","片",{"$nulls":4},"2009-05-01",4,0.01,0.04,4,{"v":15,"d":"15.00"},{"v":10,"d":"10.00"},{"v":6,"d":"6.00"},{"v":14900,"d":"14,900.00"}]
["1997","09区09架03层","隔膜","9U9999#","卡特设备","件",{"$nulls":4},"2009-06-01",24,0.01,0.24,24,{"$nulls":3},{"v":-100,"d":"-100.00"}]
["1998","09区09架03层","垫子","8S1605","卡特设备","件",{"$nulls":4},"2007-05-01",6,247.08,1482.48,6,239.35,{"v":10,"d":"10.00"},143.61,-90.31]
["1999","09区09架04层","修理组件","4T9378","卡特设备","件",{"$nulls":4},"2009-09-01",1,3555.13,3555.13,1,{"v":1899,"d":"1,899.00"},{"v":10,"d":"10.00"},{"v":189.9,"d":"189.90"},-94.66]
["2000","09区09架04层","驱动器","6V4928#","卡特设备","件",{"$nulls":4},"2009-05-01",1,0.01,0.01,1,{"v":73,"d":"73.00"},{"v":10,"d":"10.00"},{"v":7.3,"d":"7.30"},{"v":72900,"d":"72,900.00"}]
["2001","09区09架04层","雨刮臂","6V8258#","卡特设备","件",{"$nulls":4},"2009-03-01",4,0.01,0.04,4,{"v":50,"d":"50.00"},{"v":10,"d":"10.00"},{"v":20,"d":"20.00"},{"v":49900,"d":"49,900.00"}]
["2002","09区09架04层","黄油嘴","9W8576","卡特设备","个",{"$nulls":4},"2009-06-01",14,370.62,5188.68,14,{"v":359,"d":"359.00"},{"v":10,"d":"10.00"},{"v":502.6,"d":"502.60"},-90.31]
["2003","09区09架04层","修理组件","4T9368","卡特设备","件",{"$nulls":4},"2009-07-01",1,3377.38,3377.38,1,{"v":1680,"d":"1,680.00"},{"v":10,"d":"10.00"},{"v":168,"d":"168.00"},-95.03]
["2004","09区09架04层","雨刮臂","6V8256#","卡特设备","件",{"$nulls":4},"2009-08-01",4,0.01,0.04,4,{"v":65,"d":"65.00"},{"v":10,"d":"10.00"},{"v":26,"d":"26.00"},{"v":64900,"d":"64,900.00"}]
["2005","09区09架04层","轴","4T9370","卡特设备","件",{"$nulls":4},"2009-05-01",1,2844.11,2844.11,1,{"v":2755.09,"d":"2,755.09"},{"v":10,"d":"10.00"},275.51,-90.31]
["2006","09区09架05层","雨刮臂","8T0319","卡特设备","件",{"$nulls":4},"2007-06-01",5,141.77,708.85,5,137.33,{"v":10,"d":"10.00"},68.67,-90.31]
["2007","09区09架05层","垫片组件","6V5988","卡特设备","件",{"$nulls":4},"2009-10-01",2,464.51,929.02,2,449.97,{"v":10,"d":"10.00"},89.99,-90.31]
["2008","09区09架05层","垫片组件","6V5878#","卡特设备","件",{"$nulls":4},"2009-10-01",1,0.01,0.01,1,{"v":300,"d":"300.00"},{"v":10,"d":"10.00"},{"v":30,"d":"30.00"},{"v":299900,"d":"299,900.00"}]
["2009","09区09架05层","销","6V6019","卡特设备","件",{"$nulls":4},"2010-07-01",2,320.85,{"v":641.7,"d":"641.70"},2,310.81,{"v":10,"d":"10.00"},62.16,-90.31]
["2010","09区09架05层","节温器","9N3711","卡特设备","件",{"$nulls":4},"2011-07-01",3,342.18,1026.54,3,{"v":331,"d":"331.00"},{"v":10,"d":"10.00"},{"v":99.3,"d":"99.30"},-90.33]
["2011","09区09架05层","雨刮臂","8T0320","卡特设备","件",{"$nulls":4},"2009-02-01",5,141.77,708.85,5,137.33,{"v":10,"d":"10.00"},68.67,-90.31]
["2012","09区09架06层","滤芯","179-9806","卡特设备","件",{"$nulls":4},"2011-05-01",16,511.95,{"v":8191.2,"d":"8191.20"},16,{"v":496,"d":"496.00"},{"v":10,"d":"10.00"},{"v":793.6,"d":"793.60"},-90.31]
["2013","09区09排02层","雨刮","247-8425","卡特设备","件",{"$nulls":4},"2012-07-01",1,1337.17,1337.17,1,{"v":1295.32,"d":"1,295.32"},{"v":18,"d":"18.00"},233.16,-82.56]
["2014","09区09排03层","垫子","6N2469","卡特设备","件",{"$nulls":4},"2007-06-01",1,69.67,69.67,1,67.49,{"v":10,"d":"10.00"},6.75,-90.31]
["2015","09区10架01层","罩子","8N1616","卡特设备","件",{"$nulls":4},"2007-06-01",2,790.54,1581.08,2,{"v":765.8,"d":"765.80"},{"v":10,"d":"10.00"},153.16,-90.31]
["2016","09区10架02层","接头","7T6083#","卡特设备","件",{"$nulls":4},"2009-08-01",2,0.01,0.02,2,{"v":11,"d":"11.00"},{"v":10,"d":"10.00"},{"v":2.2,"d":"2.20"},{"v":10900,"d":"10,900.00"}]
["2017","09区10架02层","支架","7W9543","卡特设备","件",{"$nulls":4},"2009-08-01",1,593.89,593.89,1,{"v":575.3,"d":"575.30"},{"v":10,"d":"10.00"},57.53,-90.31]
["2018","09区10架02层","弹簧","6N3190","卡特设备","件",{"$nulls":4},"2009-08-01",1,40.49,40.49,1,{"v":40,"d":"40.00"},{"v":10,"d":"10.00"},{"v":4,"d":"4.00"},-90.12]
["2019","09区10架02层","油封","5J3616","卡特设备","件",{"$nulls":4},"2011-11-01",1,88.88,88.88,1,{"v":86.1,"d":"86.10"},{"v":11,"d":"11.00"},9.47,-89.35]
["2020","09区10架02层","螺堵","9S4181","卡特设备","件",{"$nulls":4},"2011-11-01",1,142.85,142.85,1,{"v":100,"d":"100.00"},{"v":11,"d":"11.00"},{"v":11,"d":"11.00"},{"v":-92.3,"d":"-92.30"}]
["2021","09区10架02层","轴套","2V3157","卡特设备","件",{"$nulls":4},"2011-11-01",8,277.46,2219.68,8,{"v":228,"d":"228.00"},{"v":11,"d":"11.00"},200.64,-90.96]
["2022","09区10架02层","轴承","6V9191#","卡特设备","件",{"$nulls":4},"2011-05-01",2,0.01,0.02,2,{"v":100,"d":"100.00"},{"v":10,"d":"10.00"},{"v":20,"d":"20.00"},{"v":99900,"d":"99,900.00"}]
["2023","09区10架02层","螺钉","9N3388","卡特设备","件",{"$nulls":4},"2007-08-01",23,1.77,40.71,23,{"v":1.6,"d":"1.60"},{"v":10,"d":"10.00"},3.68,-90.96]
["2024","09区10架02层","弹簧","7T4386","卡特设备","件",{"$nulls":4},"2007-08-01",1,116.71,116.71,1,{"v":110,"d":"110.00"},{"v":10,"d":"10.00"},{"v":11,"d":"11.00"},-90.57]
["2025","09区10架02层","接头","6V9951#","卡特设备","件",{"$nulls":4},"2009-09-01",1,0.01,0.01,1,{"v":10.8,"d":"10.80"},{"v":10,"d":"10.00"},1.08,{"v":10700,"d":"10,700.00"}]
["2026","09区10架02层","套管","7W5435","卡特设备","件",{"$nulls":4},"2012-05-01",12,437.81,5253.72,12,{"v":430,"d":"430.00"},{"v":16,"d":"16.00"},{"v":825.6,"d":"825.60"},-84.29]
["2027","09区10架02层","驱动器","6V7772","卡特设备","件",{"$nulls":4},"2010-10-01",1,98.57,98.57,1,{"v":95,"d":"95.00"},{"v":10,"d":"10.00"},{"v":9.5,"d":"9.50"},-90.36]
["2028","09区10架02层","螺栓","3K3256","卡特设备","件",{"$nulls":4},"2007-01-01",2,30.77,61.54,2,29.81,{"v":10,"d":"10.00"},5.96,-90.32]
["2029","09区10架02层","油管","4W2109","卡特设备","件",{"$nulls":4},"2012-08-01",2,76.74,153.48,2,74.34,{"v":19,"d":"19.00"},28.25,-81.59]
["2030","09区10架03层","开关","3E9350","卡特设备","件",{"$nulls":4},"2010-08-01",4,481.33,1925.32,4,{"$nulls":3},{"v":-100,"d":"-100.00"}]
["2031","09区10架03层","开关","107-0612","卡特设备","件",{"$nulls":4},"2009-09-01",2,593.16,1186.32,2,{"$nulls":3},{"v":-100,"d":"-100.00"}]
["2032","09区10架03层","盖板","2P2772","卡特设备","件",{"$nulls":4},"2009-09-01",1,213.58,213.58,1,{"v":207,"d":"207.00"},{"v":10,"d":"10.00"},{"v":20.7,"d":"20.70"},-90.31]
["2033","09区10架03层","塞子","8Y4408","卡特设备","件",{"$nulls":4},"2009-09-01",4,39.54,158.16,4,{"v":38,"d":"38.00"},{"v":10,"d":"10.00"},{"v":15.2,"d":"15.20"},-90.39]
["2034","09区10架03层","电容器","7T2801","卡特设备","件",{"$nulls":4},"2009-09-01",2,89.78,179.56,2,{"v":88,"d":"88.00"},{"v":10,"d":"10.00"},{"v":17.6,"d":"17.60"},{"v":-90.2,"d":"-90.20"}]
["2035","09区10架03层","耐磨套","186-3736","卡特设备","件",{"$nulls":4},"2009-09-01",20,7.08,{"v":141.6,"d":"141.60"},20,6.86,{"v":10,"d":"10.00"},13.72,-90.31]
["2036","09区10架03层","环","3D5102","卡特设备","件",{"$nulls":4},"2007-06-01",14,1.37,19.18,14,{"v":1,"d":"1.00"},{"v":10,"d":"10.00"},{"v":1.4,"d":"1.40"},{"v":-92.7,"d":"-92.70"}]
["2037","09区10架03层","螺栓","5P4939","卡特设备","件",{"$nulls":4},"2007-01-01",10,15.54,{"v":155.4,"d":"155.40"},10,15.05,{"v":10,"d":"10.00"},15.05,-90.32]
["2038","09区10架03层","螺母","5C8312","卡特设备","件",{"$nulls":4},"2009-07-01",8,0.87,6.96,8,0.84,{"v":10,"d":"10.00"},0.67,-90.37]
["2039","09区10架03层","油封","3S9643#","卡特设备","颗",{"$nulls":4},"2010-07-01",11,0.01,0.11,11,{"v":75,"d":"75.00"},{"v":10,"d":"10.00"},{"v":82.5,"d":"82.50"},{"v":74900,"d":"74,900.00"}]
["2040","09区10架03层","密封","1V6341","卡特设备","件",{"$nulls":4},"2009-07-01",1,25.67,25.67,1,{"v":25,"d":"25.00"},{"v":10,"d":"10.00"},{"v":2.5,"d":"2.50"},-90.26]
["2041","09区10架03层","接头","155-2270","卡特设备","件",{"$nulls":4},"2009-09-01",8,25.88,207.04,8,{"v":25,"d":"25.00"},{"v":10,"d":"10.00"},{"v":20,"d":"20.00"},-90.34]
["2042","09区10架04层","O-型密封","5S6670#","卡特设备","件",{"$nulls":4},"2009-07-01",20,0.01,{"v":0.2,"d":"0.20"},20,{"v":1,"d":"1.00"},{"v":10,"d":"10.00"},{"v":2,"d":"2.00"},{"v":900,"d":"900.00"}]
["2043","09区10架04层","嵌具","5S1322","卡特设备","件",{"$nulls":4},"2009-07-01",1,183.64,183.64,1,177.89,{"v":10,"d":"10.00"},17.79,-90.31]
["2044","09区10架04层","嵌入件","5S4556","卡特设备","件",{"$nulls":4},"2009-07-01",2,228.21,456.42,2,221.07,{"v":10,"d":"10.00"},44.21,-90.31]
["2045","09区10架04层","螺栓","7F8022","卡特设备","件",{"$nulls":4},"2007-01-01",1,128.28,128.28,1,124.26,{"v":10,"d":"10.00"},12.43,-90.31]
["2046","09区10架04层","夹子","7S4244","卡特设备","件",{"$nulls":4},"2007-01-01",4,47.65,{"v":190.6,"d":"190.60"},4,{"v":46.8,"d":"46.80"},{"v":10,"d":"10.00"},18.72,-90.18]
["2047","09区10架04层","气门推杆","4W5998","卡特设备","件",{"$nulls":4},"2007-01-01",7,180.28,1261.96,7,{"v":180,"d":"180.00"},{"v":10,"d":"10.00"},{"v":126,"d":"126.00"},-90.02]
["2048","09区10架04层","管子","4I7450","卡特设备","件",{"$nulls":4},"2007-01-01",2,53.03,106.06,2,{"v":51,"d":"51.00"},{"v":10,"d":"10.00"},{"v":10.2,"d":"10.20"},-90.38]
["2049","09区10架04层","收缩器","4S9447#","卡特设备","件",{"$nulls":4},"2007-01-01",1,0.01,0.01,1,141.03,{"v":10,"d":"10.00"},{"v":14.1,"d":"14.10"},{"v":140900,"d":"140,900.00"}]
["2050","09区10架04层","铜管","7Y1390","卡特设备","件",{"$nulls":4},"2007-01-01",2,72.47,144.94,2,{"v":70,"d":"70.00"},{"v":10,"d":"10.00"},{"v":14,"d":"14.00"},-90.34]
["2051","09区10架04层","轴承","5S4557","卡特设备","件",{"$nulls":4},"2011-05-01",4,120.17,480.68,4,116.41,{"v":10,"d":"10.00"},46.56,-90.31]
["2052","09区10架04层","套爪","5S9638#","卡特设备","件",{"$nulls":4},"2009-05-01",1,0.01,0.01,1,{"v":1900,"d":"1,900.00"},{"v":10,"d":"10.00"},{"v":190,"d":"190.00"},{"v":1899900,"d":"1,899,900.00"}]
["2053","09区10架04层","螺母","5P6313","卡特设备","件",{"$nulls":4},"2009-07-01",1,{"v":11.1,"d":"11.10"},{"v":11.1,"d":"11.10"},1,10.75,{"v":10,"d":"10.00"},1.08,-90.27]
["2054","09区10排02层","垫片","3K5234","卡特设备","件",{"$nulls":4},"2009-10-01",18,24.79,446.22,18,{"v":24.3,"d":"24.30"},{"v":10,"d":"10.00"},43.74,{"v":-90.2,"d":"-90.20"}]
["2055","09区10排03层","修理包","233-9205","卡特设备","件",{"$nulls":4},"2015-08-01",1,{"v":648.3,"d":"648.30"},{"v":648.3,"d":"648.30"},1,{"v":630,"d":"630.00"},{"v":49,"d":"49.00"},{"v":308.7,"d":"308.70"},-52.38]
["2056","09区10排03层","盖","7T2036","卡特设备","件",{"$nulls":4},"2015-01-01",1,920.32,920.32,1,{"v":920,"d":"920.00"},{"v":43,"d":"43.00"},{"v":395.6,"d":"395.60"},-57.01]
["2057","09区10排05层","滤芯","1R0781","卡特设备","件",{"$nulls":4},"2011-05-01",1,418.82,418.82,1,405.71,{"v":10,"d":"10.00"},40.57,-90.31]
["2058","09区11架01层","销轴","7Y3549","卡特设备","件",{"$nulls":4},"2009-06-01",1,5126.63,5126.63,1,{"v":4966,"d":"4,966.00"},{"v":10,"d":"10.00"},{"v":496.6,"d":"496.60"},-90.31]
["2059","09区11架01层","销轴","7Y3550","卡特设备","件",{"$nulls":4},"2009-06-01",1,6633.57,6633.57,1,{"v":6426,"d":"6,426.00"},{"v":10,"d":"10.00"},{"v":642.6,"d":"642.60"},-90.31]
["2060","09区11架01层","销轴","6Y3193","卡特设备","件",{"$nulls":4},"2009-07-01",4,{"v":5800.2,"d":"5800.20"},{"v":23200.8,"d":"23200.80"},4,{"v":5619,"d":"5,619.00"},{"v":10,"d":"10.00"},{"v":2247.6,"d":"2,247.60"},-90.31]
["2061","09区11架01层","管卡","9M1869","卡特设备","件",{"$nulls":4},"2009-07-01",1,2760.25,2760.25,1,{"v":2719.2,"d":"2,719.20"},{"v":10,"d":"10.00"},271.92,-90.15]
["2062","09区11架02层","轴承","6V8121","卡特设备","件",{"$nulls":4},"2011-05-01",6,360.53,2163.18,6,{"v":360,"d":"360.00"},{"v":10,"d":"10.00"},{"v":216,"d":"216.00"},-90.01]
["2063","09区11架02层","轴承","3S9669","卡特设备","件",{"$nulls":4},"2011-05-01",3,577.93,1733.79,3,{"v":550,"d":"550.00"},{"v":10,"d":"10.00"},{"v":165,"d":"165.00"},-90.48]
["2064","09区11架02层","活塞","6Y2874","卡特设备","件",{"$nulls":4},"2009-08-01",4,1904.66,7618.64,4,{"v":1750,"d":"1,750.00"},{"v":10,"d":"10.00"},{"v":700,"d":"700.00"},-90.81]
["2065","09区11架02层","保险","9W1442","卡特设备","件",{"$nulls":4},"2009-08-01",5,6.08,{"v":30.4,"d":"30.40"},5,{"v":5.6,"d":"5.60"},{"v":10,"d":"10.00"},{"v":2.8,"d":"2.80"},-90.79]
["2066","09区11架03层","轴承套","6V8281","卡特设备","件",{"$nulls":4},"2012-08-01",9,360.52,3244.68,9,{"v":310,"d":"310.00"},{"v":19,"d":"19.00"},{"v":530.1,"d":"530.10"},-83.66]
["2067","09区11架03层","轴承","6V8280","卡特设备","件",{"$nulls":4},"2009-08-01",10,360.53,{"v":3605.3,"d":"3605.30"},10,{"v":360,"d":"360.00"},{"v":10,"d":"10.00"},{"v":360,"d":"360.00"},-90.01]
["2068","09区11架04层","传动箱线总成","8X7272","卡特设备","件",{"$nulls":4},"2011-11-01",2,4437.56,8875.12,2,{"v":4298.66,"d":"4,298.66"},{"v":11,"d":"11.00"},945.71,-89.34]
["2069","09区11架04层","底盘线总成","8W9717","卡特设备","件",{"$nulls":4},"2011-11-01",2,2895.69,5791.38,2,{"v":2000,"d":"2,000.00"},{"v":11,"d":"11.00"},{"v":440,"d":"440.00"},{"v":-92.4,"d":"-92.40"}]
["2070","09区11架04层","底盘线总成","8W9719","卡特设备","件",{"$nulls":4},"2011-11-01",2,1650.99,3301.98,2,{"v":1500,"d":"1,500.00"},{"v":11,"d":"11.00"},{"v":330,"d":"330.00"},-90.01]
["2071","09区11架04层","差速器线总成","8X8727","卡特设备","件",{"$nulls":4},"2011-11-01",2,{"v":2182.4,"d":"2182.40"},{"v":4364.8,"d":"4364.80"},2,{"v":2114.09,"d":"2,114.09"},{"v":11,"d":"11.00"},{"v":465.1,"d":"465.10"},-89.34]
["2072","09区11架05层","水管","7T6049","卡特设备","件",{"$nulls":4},"2012-04-01",4,{"v":1316.9,"d":"1316.90"},{"v":5267.6,"d":"5267.60"},4,{"v":1300,"d":"1,300.00"},{"v":15,"d":"15.00"},{"v":780,"d":"780.00"},-85.19]
["2073","09区11架05层","皮带","3S9652","卡特设备","件",{"$nulls":4},"2007-10-01",2,99.93,199.86,2,{"v":96.8,"d":"96.80"},{"v":10,"d":"10.00"},19.36,-90.31]
["2074","09区11架06层","垫片","6N9135","卡特设备","件",{"$nulls":4},"2009-10-01",5,163.41,817.05,5,{"v":160,"d":"160.00"},{"v":10,"d":"10.00"},{"v":80,"d":"80.00"},-90.21]
["2075","09区12架01层","软管","087-4932","卡特设备","件",{"$nulls":4},"2007-06-01",1,{"v":1077.2,"d":"1077.20"},{"v":1077.2,"d":"1077.20"},1,{"$nulls":3},{"v":-100,"d":"-100.00"}]
["2076","09区12架01层","软管","087-4938","卡特设备","件",{"$nulls":4},"2007-07-01",5,1622.05,8110.25,5,{"$nulls":3},{"v":-100,"d":"-100.00"}]
["2077","09区12架01层","工具包","7S5437","卡特设备","件",{"$nulls":4},"2007-06-01",1,106.81,106.81,1,{"v":103,"d":"103.00"},{"v":10,"d":"10.00"},{"v":10.3,"d":"10.30"},-90.36]
["2078","09区12架01层","软管","4I8875","卡特设备","件",{"$nulls":4},"2008-07-01",1,1121.64,1121.64,1,{"$nulls":3},{"v":-100,"d":"-100.00"}]
["2079","09区12架01层","软管","087-4935","卡特设备","件",{"$nulls":4},"2007-07-01",1,1121.64,1121.64,1,{"$nulls":3},{"v":-100,"d":"-100.00"}]
["2080","09区12架02层","密封","193-3102","卡特设备","件",{"$nulls":4},"2009-08-01",2,2085.99,4171.98,2,{"v":2021,"d":"2,021.00"},{"v":10,"d":"10.00"},{"v":404.2,"d":"404.20"},-90.31]
["2081","09区12架02层","驾驶室线总成","8W8484","卡特设备","件",{"$nulls":4},"2011-11-01",2,9089.76,18179.52,2,{"v":9020,"d":"9,020.00"},{"v":11,"d":"11.00"},{"v":1984.4,"d":"1,984.40"},-89.08]
["2082","09区12架02层","压管模具","4C9903#","卡特设备","米",{"$nulls":4},"2009-08-01",1,0.01,0.01,1,{"v":500,"d":"500.00"},{"v":10,"d":"10.00"},{"v":50,"d":"50.00"},{"v":499900,"d":"499,900.00"}]
["2083","09区12架02层","压管模具组件","4C9902#","卡特设备","件",{"$nulls":4},"2007-08-01",1,0.01,0.01,1,{"v":2500,"d":"2,500.00"},{"v":10,"d":"10.00"},{"v":250,"d":"250.00"},{"v":2499900,"d":"2,499,900.00"}]
["2084","09区12架03层","喇叭","213-0711","卡特设备","件",{"$nulls":4},"2009-08-01",4,422.47,1689.88,4,{"v":408,"d":"408.00"},{"v":10,"d":"10.00"},{"v":163.2,"d":"163.20"},-90.34]
["2085","09区12架03层","油位传感器","3E7765","卡特设备","件",{"$nulls":4},"2010-07-01",1,5582.45,5582.45,1,{"v":5407.72,"d":"5,407.72"},{"v":10,"d":"10.00"},540.77,-90.31]
["2086","09区12架03层","皮带轮","173-1498","卡特设备","件",{"$nulls":4},"2010-08-01",1,1042.15,1042.15,1,{"v":1000,"d":"1,000.00"},{"v":10,"d":"10.00"},{"v":100,"d":"100.00"},{"v":-90.4,"d":"-90.40"}]
["2087","09区12架03层","电磁阀","156-2829","卡特设备","件",{"$nulls":4},"2011-08-01",5,756.26,{"v":3781.3,"d":"3781.30"},5,{"v":745,"d":"745.00"},{"v":10,"d":"10.00"},{"v":372.5,"d":"372.50"},-90.15]
["2088","09区12架03层","张紧轮","133-7023","卡特设备","件",{"$nulls":4},"2012-10-01",1,457.78,457.78,1,443.45,{"v":20,"d":"20.00"},88.69,-80.63]
["2089","09区12架03层","传动装置线总成","8W8416","卡特设备","件",{"$nulls":4},"2011-11-01",2,5863.46,11726.92,2,{"v":5679.93,"d":"5,679.93"},{"v":11,"d":"11.00"},{"v":1249.58,"d":"1,249.58"},-89.34]
["2090","09区12架04层","软管","6Y6042","卡特设备","件",{"$nulls":4},"2010-07-01",1,430.26,430.26,1,{"$nulls":3},{"v":-100,"d":"-100.00"}]
["2091","09区12架04层","软管","9W2887","卡特设备","件",{"$nulls":4},"2007-07-01",4,668.28,2673.12,4,{"$nulls":3},{"v":-100,"d":"-100.00"}]
["2092","09区12架04层","软管","9W2888","卡特设备","件",{"$nulls":4},"2007-07-01",4,668.28,2673.12,4,{"$nulls":3},{"v":-100,"d":"-100.00"}]
["2093","09区12架05层","圆锥体","6V0457#","卡特设备","件",{"$nulls":4},"2010-08-01",1,0.01,0.01,1,{"v":699,"d":"699.00"},{"v":10,"d":"10.00"},{"v":69.9,"d":"69.90"},{"v":698900,"d":"698,900.00"}]
["2094","09区12架05层","工具组件","5S1330","卡特设备","件",{"$nulls":4},"2009-04-01",1,1310.47,1310.47,1,{"v":1307,"d":"1,307.00"},{"v":10,"d":"10.00"},{"v":130.7,"d":"130.70"},-90.03]
["2095","09区12架05层","工具组件","004","卡特设备","件",{"$nulls":4},"2009-08-01",1,0.01,0.01,1,{"v":115,"d":"115.00"},{"v":10,"d":"10.00"},{"v":11.5,"d":"11.50"},{"v":114900,"d":"114,900.00"}]
["2096","09区12架05层","软管","5I4400","卡特设备","件",{"$nulls":4},"2009-07-01",2,605.44,1210.88,2,{"$nulls":3},{"v":-100,"d":"-100.00"}]
["2097","09区12架05层","软管","4I1695","卡特设备","件",{"$nulls":4},"2009-07-01",1,{"v":504.4,"d":"504.40"},{"v":504.4,"d":"504.40"},1,{"$nulls":3},{"v":-100,"d":"-100.00"}]
["2098","09区12架05层","金属棒","6V0177#","卡特设备","件",{"$nulls":4},"2009-07-01",3,0.01,0.03,3,{"v":15,"d":"15.00"},{"v":10,"d":"10.00"},{"v":4.5,"d":"4.50"},{"v":14900,"d":"14,900.00"}]
["2099","09区12架06层","滤芯","4T3134#","卡特设备","件",{"$nulls":4},"2011-05-01",48,0.01,0.48,48,{"v":240,"d":"240.00"},{"v":10,"d":"10.00"},{"v":1152,"d":"1,152.00"},{"v":239900,"d":"239,900.00"}]
["2100","09区13架01层","传动轴","8D3259","卡特设备","件",{"$nulls":4},"2012-02-01",1,10260.58,10260.58,1,{"v":9939.42,"d":"9,939.42"},{"v":14,"d":"14.00"},{"v":1391.52,"d":"1,391.52"},-86.44]
["2101","09区13架01层","轴环","8S7625","卡特设备","件",{"$nulls":4},"2012-02-01",2,265.75,{"v":531.5,"d":"531.50"},2,257.43,{"v":14,"d":"14.00"},72.08,-86.44]
["2102","09区13架01层","基座","8S7620","卡特设备","件",{"$nulls":4},"2007-08-01",2,{"v":1426.5,"d":"1426.50"},{"v":2853,"d":"2853.00"},2,{"v":1396.58,"d":"1,396.58"},{"v":10,"d":"10.00"},279.32,-90.21]
["2103","09区13架01层","油槽板","7C4938","卡特设备","件",{"$nulls":4},"2012-10-01",1,1139.02,1139.02,1,{"v":1099,"d":"1,099.00"},{"v":20,"d":"20.00"},{"v":219.8,"d":"219.80"},{"v":-80.7,"d":"-80.70"}]
["2104","09区13架01层","工具组件","9S3095#","卡特设备","件",{"$nulls":4},"2007-11-01",1,0.01,0.01,1,{"v":210,"d":"210.00"},{"v":10,"d":"10.00"},{"v":21,"d":"21.00"},{"v":209900,"d":"209,900.00"}]
["2105","09区13架02层","O-型密封","6V8218","卡特设备","件",{"$nulls":4},"2009-07-01",1,15.18,15.18,1,{"v":15,"d":"15.00"},{"v":10,"d":"10.00"},{"v":1.5,"d":"1.50"},-90.12]
["2106","09区13架02层","耐磨环","7J9885","卡特设备","件",{"$nulls":4},"2011-11-01",1,177.75,177.75,1,172.19,{"v":11,"d":"11.00"},18.94,-89.34]
["2107","09区13架02层","螺栓","0T0102#","卡特设备","件",{"$nulls":4},"2007-06-01",2,0.01,0.02,2,{"v":20,"d":"20.00"},{"v":10,"d":"10.00"},{"v":4,"d":"4.00"},{"v":19900,"d":"19,900.00"}]
["2108","09区13架02层","螺栓","6L4428","卡特设备","件",{"$nulls":4},"2007-06-01",3,53.96,161.88,3,52.27,{"v":10,"d":"10.00"},15.68,-90.31]
["2109","09区13架02层","隔套",688438,"卡特设备","件",{"$nulls":4},"2007-06-01",3,149.37,448.11,3,{"$nulls":3},{"v":-100,"d":"-100.00"}]
["2110","09区13架02层","螺栓","1A5183","卡特设备","件",{"$nulls":4},"2007-06-01",2,11.62,23.24,2,11.26,{"v":10,"d":"10.00"},2.25,-90.32]
["2111","09区13架02层","支架","6N6734","卡特设备","件",{"$nulls":4},"2007-06-01",1,424.12,424.12,1,410.85,{"v":10,"d":"10.00"},41.09,-90.31]
["2112","09区13架02层","接头","7K4129","卡特设备","颗",{"$nulls":4},"2009-10-01",1,24.68,24.68,1,{"v":23.4,"d":"23.40"},{"v":10,"d":"10.00"},2.34,-90.52]
["2113","09区13架02层","螺栓","8T7338#","卡特设备","件",{"$nulls":4},"2007-08-01",1,0.01,0.01,1,{"v":20,"d":"20.00"},{"v":10,"d":"10.00"},{"v":2,"d":"2.00"},{"v":19900,"d":"19,900.00"}]
["2114","09区13架02层","密封","6V3922","卡特设备","件",{"$nulls":4},"2009-07-01",1,{"v":16,"d":"16.00"},{"v":16,"d":"16.00"},1,{"v":16,"d":"16.00"},{"v":10,"d":"10.00"},{"v":1.6,"d":"1.60"},{"v":-90,"d":"-90.00"}]
["2115","09区13架02层","螺栓","9S8890","卡特设备","件",{"$nulls":4},"2007-08-01",4,21.33,85.32,4,20.66,{"v":10,"d":"10.00"},8.26,-90.32]
["2116","09区13架02层","display s吨ruc吨","3S2093#","卡特设备","件",{"$nulls":4},"2007-06-01",2,0.01,0.02,2,0.01,{"v":10,"d":"10.00"},0,{"v":-100,"d":"-100.00"}]
["2117","09区13架02层","螺丝钉","2S3745#","卡特设备","件",{"$nulls":4},"2007-05-01",5,0.01,0.05,5,{"v":6.2,"d":"6.20"},{"v":10,"d":"10.00"},{"v":3.1,"d":"3.10"},{"v":6100,"d":"6,100.00"}]
["2118","09区13架02层","螺栓","7B2742#","卡特设备","件",{"$nulls":4},"2007-08-01",4,1.57,6.28,4,1.52,{"v":10,"d":"10.00"},0.61,-90.29]
["2119","09区13架02层","螺栓","0L1352","卡特设备","件",{"$nulls":4},"2007-08-01",9,7.62,68.58,9,7.38,{"v":10,"d":"10.00"},6.64,-90.32]
["2120","09区13架02层","螺栓","8T6912#","卡特设备","件",{"$nulls":4},"2007-08-01",2,0.01,0.02,2,{"v":20,"d":"20.00"},{"v":10,"d":"10.00"},{"v":4,"d":"4.00"},{"v":19900,"d":"19,900.00"}]
["2121","09区13架02层","螺母","9S1354#","卡特设备","件",{"$nulls":4},"2007-02-01",1,0.01,0.01,1,{"v":20,"d":"20.00"},{"v":10,"d":"10.00"},{"v":2,"d":"2.00"},{"v":19900,"d":"19,900.00"}]
["2122","09区13架02层","扳手","8T5287","卡特设备","件",{"$nulls":4},"2007-02-01",4,241.33,965.32,4,{"v":234,"d":"234.00"},{"v":10,"d":"10.00"},{"v":93.6,"d":"93.60"},{"v":-90.3,"d":"-90.30"}]
["2123","09区13架02层","螺母","021-9791","卡特设备","件",{"$nulls":4},"2007-02-01",1,26.91,26.91,1,26.07,{"v":10,"d":"10.00"},2.61,{"v":-90.3,"d":"-90.30"}]
["2124","09区13架03层","销","8S6377","卡特设备","件",{"$nulls":4},"2007-02-01",14,{"v":13.5,"d":"13.50"},{"v":189,"d":"189.00"},14,{"v":13,"d":"13.00"},{"v":10,"d":"10.00"},{"v":18.2,"d":"18.20"},-90.37]
["2125","09区13架03层","托架","9S0225","卡特设备","件",{"$nulls":4},"2010-10-01",1,150.79,150.79,1,146.07,{"v":10,"d":"10.00"},14.61,-90.31]
["2126","09区13架03层","油管","7C5570","卡特设备","件",{"$nulls":4},"2012-10-01",8,{"v":530.1,"d":"530.10"},{"v":4240.8,"d":"4240.80"},8,513.51,{"v":20,"d":"20.00"},821.62,-80.63]
["2127","09区13架03层","螺栓","0S1618","卡特设备","件",{"$nulls":4},"2007-08-01",96,0.94,90.24,96,0.91,{"v":10,"d":"10.00"},8.74,-90.31]
["2128","09区13架03层","接头","7S5106","卡特设备","件",{"$nulls":4},"2009-11-01",1,348.38,348.38,1,{"v":320,"d":"320.00"},{"v":10,"d":"10.00"},{"v":32,"d":"32.00"},-90.81]
["2129","09区13架03层","连杆","6V6211","卡特设备","件",{"$nulls":4},"2010-11-01",2,{"v":190.2,"d":"190.20"},{"v":380.4,"d":"380.40"},2,{"v":170,"d":"170.00"},{"v":10,"d":"10.00"},{"v":34,"d":"34.00"},-91.06]
["2130","09区13架03层","螺栓","1D4569","卡特设备","件",{"$nulls":4},"2007-08-01",2,17.57,35.14,2,17.02,{"v":10,"d":"10.00"},{"v":3.4,"d":"3.40"},-90.32]
["2131","09区13架03层","刃具","7S1120#","卡特设备","套",{"$nulls":4},"2007-05-01",4,0.01,0.04,4,{"v":45.8,"d":"45.80"},{"v":10,"d":"10.00"},18.32,{"v":45700,"d":"45,700.00"}]
["2132","09区13架03层","夹子","1W9169","卡特设备","件",{"$nulls":4},"2007-05-01",5,37.02,{"v":185.1,"d":"185.10"},5,{"v":36,"d":"36.00"},{"v":10,"d":"10.00"},{"v":18,"d":"18.00"},-90.28]
["2133","09区13架03层","螺栓","2D6374","卡特设备","件",{"$nulls":4},"2007-08-01",8,50.16,401.28,8,48.59,{"v":10,"d":"10.00"},38.87,-90.31]
["2134","09区13架03层","轴套","7S8858","卡特设备","件",{"$nulls":4},"2011-05-01",1,{"v":302.8,"d":"302.80"},{"v":302.8,"d":"302.80"},1,{"v":293,"d":"293.00"},{"v":10,"d":"10.00"},{"v":29.3,"d":"29.30"},-90.32]
["2135","09区13架03层","螺栓","2P7556","卡特设备","件",{"$nulls":4},"2007-09-01",3,{"v":61.9,"d":"61.90"},{"v":185.7,"d":"185.70"},3,59.96,{"v":10,"d":"10.00"},17.99,-90.31]
["2136","09区13架03层","油封","4T-6907","卡特设备","件",{"$nulls":4},"2007-09-01",1,108.82,108.82,1,105.41,{"v":10,"d":"10.00"},10.54,-90.31]
["2137","09区13架03层","螺栓","1A0168","卡特设备","件",{"$nulls":4},"2007-09-01",2,{"v":24.9,"d":"24.90"},{"v":49.8,"d":"49.80"},2,24.12,{"v":10,"d":"10.00"},4.82,-90.32]
["2138","09区13架03层","拔拉具","9S3084#","卡特设备","件",{"$nulls":4},"2007-06-01",1,0.01,0.01,1,{"v":100,"d":"100.00"},{"v":10,"d":"10.00"},{"v":10,"d":"10.00"},{"v":99900,"d":"99,900.00"}]
["2139","09区13架04层","螺栓","0S1575","卡特设备","件",{"$nulls":4},"2007-09-01",25,12.15,303.75,25,11.77,{"v":10,"d":"10.00"},29.43,-90.31]
["2140","09区13架04层","垫圈","2S0115","卡特设备","件",{"$nulls":4},"2013-04-01",100,9.45,{"v":945,"d":"945.00"},100,{"v":9,"d":"9.00"},{"v":25,"d":"25.00"},{"v":225,"d":"225.00"},-76.19]
["2141","09区13架04层","膜片","4I0089","卡特设备","件",{"$nulls":4},"2009-08-01",2,40.55,{"v":81.1,"d":"81.10"},2,{"v":40,"d":"40.00"},{"v":10,"d":"10.00"},{"v":8,"d":"8.00"},-90.14]
["2142","09区13架04层","套筒","3S8606#","卡特设备","件",{"$nulls":4},"2007-05-01",4,0.01,0.04,4,{"v":529,"d":"529.00"},{"v":10,"d":"10.00"},{"v":211.6,"d":"211.60"},{"v":528900,"d":"528,900.00"}]
["2143","09区13架04层","螺栓","2P9845","卡特设备","件",{"$nulls":4},"2007-09-01",3,{"v":122.7,"d":"122.70"},{"v":368.1,"d":"368.10"},3,118.86,{"v":10,"d":"10.00"},35.66,-90.31]
["2144","09区13架04层","螺栓","0S1585","卡特设备","件",{"$nulls":4},"2007-09-01",37,{"v":2.7,"d":"2.70"},{"v":99.9,"d":"99.90"},37,2.62,{"v":10,"d":"10.00"},9.69,{"v":-90.3,"d":"-90.30"}]
["2145","09区13架04层","垫子","7N9801","卡特设备","件",{"$nulls":4},"2007-03-01",2,6.62,13.24,2,6.41,{"v":10,"d":"10.00"},1.28,-90.33]
["2146","09区13架04层","工具组件","1S0790#","卡特设备","件",{"$nulls":4},"2007-10-01",1,0.01,0.01,1,{"v":126,"d":"126.00"},{"v":10,"d":"10.00"},{"v":12.6,"d":"12.60"},{"v":125900,"d":"125,900.00"}]
["2147","09区13架04层","管卡","1N4734","卡特设备","件",{"$nulls":4},"2007-04-01",8,68.09,544.72,8,{"v":64,"d":"64.00"},{"v":10,"d":"10.00"},{"v":51.2,"d":"51.20"},{"v":-90.6,"d":"-90.60"}]
["2148","09区13架04层","螺栓","5C9553","卡特设备","件",{"$nulls":4},"2007-09-01",8,1.37,10.96,8,1.33,{"v":10,"d":"10.00"},1.06,-90.33]
["2149","09区13架05层","滤芯","9S9972","卡特设备","件",{"$nulls":4},"2012-10-01",5,{"v":251.3,"d":"251.30"},{"v":1256.5,"d":"1256.50"},5,243.43,{"v":20,"d":"20.00"},243.43,-80.63]
["2150","09区13排03层","油封","4T-6907","卡特设备","件",{"$nulls":4},"2007-09-01",2,108.82,217.64,2,105.41,{"v":10,"d":"10.00"},21.08,-90.31]
["2151","09区13排03层","阀","5S1218","卡特设备","件",{"$nulls":4},"2009-05-01",1,{"v":65.2,"d":"65.20"},{"v":65.2,"d":"65.20"},1,{"v":60,"d":"60.00"},{"v":10,"d":"10.00"},{"v":6,"d":"6.00"},{"v":-90.8,"d":"-90.80"}]
["2152","09区14架02层","齿轮","9G1498","卡特设备","件",{"$nulls":4},"2007-11-01",1,2275.28,2275.28,1,{"v":2204.06,"d":"2,204.06"},{"v":10,"d":"10.00"},220.41,-90.31]
["2153","09区14架02层","垫片","7T3145#","卡特设备","件",{"$nulls":4},"2010-10-01",90,0.01,{"v":0.9,"d":"0.90"},90,{"v":12,"d":"12.00"},{"v":10,"d":"10.00"},{"v":108,"d":"108.00"},{"v":11900,"d":"11,900.00"}]
["2154","09区14架02层","分离器","6T7799","卡特设备","件",{"$nulls":4},"2009-04-01",84,20.35,{"v":1709.4,"d":"1709.40"},84,{"v":19.5,"d":"19.50"},{"v":10,"d":"10.00"},{"v":163.8,"d":"163.80"},-90.42]
["2155","09区14架02层","复合剂","9S3263#","卡特设备","件",{"$nulls":4},"2010-08-01",14,0.01,0.14,14,{"v":198,"d":"198.00"},{"v":10,"d":"10.00"},{"v":277.2,"d":"277.20"},{"v":197900,"d":"197,900.00"}]
["2156","09区14架02层","工具组件","9S5431#","卡特设备","件",{"$nulls":4},"2007-10-01",1,0.01,0.01,1,{"v":149,"d":"149.00"},{"v":10,"d":"10.00"},{"v":14.9,"d":"14.90"},{"v":148900,"d":"148,900.00"}]
["2157","09区14架02层","齿轮","9G1497","卡特设备","件",{"$nulls":4},"2007-04-01",1,2177.52,2177.52,1,{"v":2109.36,"d":"2,109.36"},{"v":10,"d":"10.00"},210.94,-90.31]
["2158","09区14架03层","反光镜","5P6874","卡特设备","件",{"$nulls":4},"2009-06-01",2,58.06,116.12,2,{"v":58,"d":"58.00"},{"v":10,"d":"10.00"},{"v":11.6,"d":"11.60"},-90.01]
["2159","09区14架03层","滤芯","9P7121","卡特设备","件",{"$nulls":4},"2012-10-01",41,298.42,12235.22,41,{"v":280,"d":"280.00"},{"v":20,"d":"20.00"},{"v":2296,"d":"2,296.00"},-81.23]
["2160","09区14架04层","传感器","163-6700","卡特设备","件",{"$nulls":4},"2011-06-01",1,445.44,445.44,1,{"v":431,"d":"431.00"},{"v":10,"d":"10.00"},{"v":43.1,"d":"43.10"},-90.32]
["2161","09区14架04层","垫片","8P6400","卡特设备","件",{"$nulls":4},"2012-05-01",1,604.92,604.92,1,{"v":586,"d":"586.00"},{"v":16,"d":"16.00"},93.76,{"v":-84.5,"d":"-84.50"}]
["2162","09区14架04层","垫片","6P8789","卡特设备","件",{"$nulls":4},"2011-08-01",1,1034.57,1034.57,1,{"v":1002,"d":"1,002.00"},{"v":10,"d":"10.00"},{"v":100.2,"d":"100.20"},-90.31]
["2163","09区14架05层","扩管装置","7S9470#","卡特设备","件",{"$nulls":4},"2009-02-01",1,0.01,0.01,1,{"v":31.2,"d":"31.20"},{"v":10,"d":"10.00"},3.12,{"v":31100,"d":"31,100.00"}]
["2164","09区14架05层","拔拉具","9S3089#","卡特设备","件",{"$nulls":4},"2007-06-01",4,0.01,0.04,4,{"v":100,"d":"100.00"},{"v":10,"d":"10.00"},{"v":40,"d":"40.00"},{"v":99900,"d":"99,900.00"}]
["2165","09区14架05层","弹簧","7S7144","卡特设备","颗",{"$nulls":4},"2007-04-01",4,22.96,91.84,4,{"v":20,"d":"20.00"},{"v":10,"d":"10.00"},{"v":8,"d":"8.00"},-91.29]
["2166","09区14架05层","尾灯线总成","8W8313","卡特设备","件",{"$nulls":4},"2011-11-01",2,1089.27,2178.54,2,{"v":1055.18,"d":"1,055.18"},{"v":10,"d":"10.00"},211.04,-90.31]
["2167","09区14架05层","控制拉索","9G8631","卡特设备","件",{"$nulls":4},"2007-10-01",1,675.48,675.48,1,{"v":630,"d":"630.00"},{"v":10,"d":"10.00"},{"v":63,"d":"63.00"},-90.67]
["2168","09区14架05层","密封组件","9S3138","卡特设备","件",{"$nulls":4},"2007-07-01",2,556.15,{"v":1112.3,"d":"1112.30"},2,{"v":539,"d":"539.00"},{"v":10,"d":"10.00"},{"v":107.8,"d":"107.80"},-90.31]
["2169","09区14架05层","软管","8S7645","卡特设备","件",{"$nulls":4},"2009-07-01",1,992.47,992.47,1,{"$nulls":3},{"v":-100,"d":"-100.00"}]
["2170","09区14架05层","控制拉索","9G8630","卡特设备","件",{"$nulls":4},"2007-06-01",2,675.48,1350.96,2,654.34,{"v":10,"d":"10.00"},130.87,-90.31]
["2171","09区14排01层","张紧轮","6N1186","卡特设备","件",{"$nulls":4},"2015-08-01",1,1734.79,1734.79,1,{"v":1680.49,"d":"1,680.49"},{"v":49,"d":"49.00"},823.44,-52.53]
["2172","09区14排01层","起动马达","3T4586","卡特设备","件",{"$nulls":4},"2014-11-01",1,{"v":12673.5,"d":"12673.50"},{"v":12673.5,"d":"12673.50"},1,{"v":12000,"d":"12,000.00"},{"v":41,"d":"41.00"},{"v":4920,"d":"4,920.00"},-61.18]
["2173","09区14排03层","密封","5K5288","卡特设备","件",{"$nulls":4},"2009-07-01",2,806.92,1613.84,2,{"v":782,"d":"782.00"},{"v":10,"d":"10.00"},{"v":156.4,"d":"156.40"},-90.31]
["2174","09区14排03层","油封","9W6645","卡特设备","件",{"$nulls":4},"2007-09-01",1,806.06,806.06,1,780.83,{"v":10,"d":"10.00"},78.08,-90.31]
["2175","09区14排04层","传感器","163-6700","卡特设备","件",{"$nulls":4},"2012-08-01",1,445.44,445.44,1,{"v":431,"d":"431.00"},{"v":19,"d":"19.00"},81.89,-81.62]
["2176","09区14排04层","环","6Y2875","卡特设备","件",{"$nulls":4},"2007-06-01",1,143.48,143.48,1,{"v":136,"d":"136.00"},{"v":10,"d":"10.00"},{"v":13.6,"d":"13.60"},-90.52]
["2177","09区15架01层","软管","7T4405","卡特设备","件",{"$nulls":4},"2009-07-01",1,234.64,234.64,1,{"$nulls":3},{"v":-100,"d":"-100.00"}]
["2178","09区15架01层","软管","9G1434#","卡特设备","件",{"$nulls":4},"2007-07-01",1,0.01,0.01,1,{"$nulls":3},{"v":-100,"d":"-100.00"}]
["2179","09区15架01层","接头","2G7264#","卡特设备","件",{"$nulls":4},"2007-12-01",1,0.01,0.01,1,{"v":12,"d":"12.00"},{"v":10,"d":"10.00"},{"v":1.2,"d":"1.20"},{"v":11900,"d":"11,900.00"}]
["2180","09区15架01层","中冷器座","8N2705","卡特设备","件",{"$nulls":4},"2012-10-01",1,18860.02,18860.02,1,{"v":18269.7,"d":"18,269.70"},{"v":20,"d":"20.00"},{"v":3653.94,"d":"3,653.94"},-80.63]
["2181","09区15架01层","水管","2W7956","卡特设备","件",{"$nulls":4},"2012-04-01",1,215.75,215.75,1,{"v":199.5,"d":"199.50"},{"v":15,"d":"15.00"},29.93,-86.13]
["2182","09区15架02层","后视镜","5P6872","卡特设备","件",{"$nulls":4},"2009-04-01",2,58.12,116.24,2,{"v":55,"d":"55.00"},{"v":10,"d":"10.00"},{"v":11,"d":"11.00"},-90.54]
["2183","09区15架02层","活塞","9T9684#","卡特设备","件",{"$nulls":4},"2007-08-01",1,0.01,0.01,1,{"v":383,"d":"383.00"},{"v":10,"d":"10.00"},{"v":38.3,"d":"38.30"},{"v":382900,"d":"382,900.00"}]
["2184","09区15架02层","灯","7T7818","卡特设备","件",{"$nulls":4},"2007-08-01",2,{"v":261.3,"d":"261.30"},{"v":522.6,"d":"522.60"},2,{"v":260,"d":"260.00"},{"v":10,"d":"10.00"},{"v":52,"d":"52.00"},-90.05]
["2185","09区15架02层","报警器","3T1815#","卡特设备","件",{"$nulls":4},"2007-09-01",3,0.01,0.03,3,{"v":320,"d":"320.00"},{"v":10,"d":"10.00"},{"v":96,"d":"96.00"},{"v":319900,"d":"319,900.00"}]
["2186","09区15架02层","传动轴","7T0688#","卡特设备","件",{"$nulls":4},"2007-02-01",1,0.01,0.01,1,{"v":3700,"d":"3,700.00"},{"v":10,"d":"10.00"},{"v":370,"d":"370.00"},{"v":3699900,"d":"3,699,900.00"}]
["2187","09区15架03层","密封","5P5637#","卡特设备","件",{"$nulls":4},"2008-01-01",5,0.01,0.05,5,{"v":1,"d":"1.00"},{"v":10,"d":"10.00"},{"v":0.5,"d":"0.50"},{"v":900,"d":"900.00"}]
["2188","09区15架03层","玻璃","9P0575","卡特设备","件",{"$nulls":4},"2007-07-01",1,278.19,278.19,1,{"$nulls":3},{"v":-100,"d":"-100.00"}]
["2189","09区15架03层","密封组件","8T1622#","卡特设备","件",{"$nulls":4},"2007-07-01",1,0.01,0.01,1,{"v":1,"d":"1.00"},{"v":10,"d":"10.00"},{"v":0.1,"d":"0.10"},{"v":900,"d":"900.00"}]
["2190","09区15架04层","垫片组件","8T7562","卡特设备","件",{"$nulls":4},"2009-03-01",2,368.63,737.26,2,357.09,{"v":10,"d":"10.00"},71.42,-90.31]
["2191","09区15架04层","膜片","7T3143","卡特设备","件",{"$nulls":4},"2009-03-01",16,34.06,544.96,16,{"v":30,"d":"30.00"},{"v":10,"d":"10.00"},{"v":48,"d":"48.00"},-91.19]
["2192","09区15架04层","轴承","7T4155","卡特设备","件",{"$nulls":4},"2009-08-01",3,{"v":206.2,"d":"206.20"},{"v":618.6,"d":"618.60"},3,199.75,{"v":10,"d":"10.00"},59.93,-90.31]
["2193","09区15架04层","轴承","1T0610#","卡特设备","件",{"$nulls":4},"2009-08-01",4,0.01,0.04,4,{"v":100,"d":"100.00"},{"v":10,"d":"10.00"},{"v":40,"d":"40.00"},{"v":99900,"d":"99,900.00"}]
["2194","09区15架04层","环","8T4958#","卡特设备","件",{"$nulls":4},"2007-06-01",2,0.01,0.02,2,{"v":9.8,"d":"9.80"},{"v":10,"d":"10.00"},1.96,{"v":9700,"d":"9,700.00"}]
["2195","09区15架04层","环","8T5125#","卡特设备","件",{"$nulls":4},"2007-06-01",1,0.01,0.01,1,{"v":8.4,"d":"8.40"},{"v":10,"d":"10.00"},0.84,{"v":8300,"d":"8,300.00"}]
["2196","09区15架04层","推进器","8T5123#","卡特设备","件",{"$nulls":4},"2007-06-01",1,0.01,0.01,1,{"v":760,"d":"760.00"},{"v":10,"d":"10.00"},{"v":76,"d":"76.00"},{"v":759900,"d":"759,900.00"}]
["2197","09区15架04层","膜片","7T3142","卡特设备","件",{"$nulls":4},"2007-06-01",16,25.66,410.56,16,24.86,{"v":10,"d":"10.00"},39.78,-90.31]
["2198","09区15架04层","垫片","8T2497#","卡特设备","件",{"$nulls":4},"2007-03-01",2,0.01,0.02,2,{"v":12,"d":"12.00"},{"v":10,"d":"10.00"},{"v":2.4,"d":"2.40"},{"v":11900,"d":"11,900.00"}]
["2199","09区15架04层","压力表","8T0820#","卡特设备","件",{"$nulls":4},"2007-05-01",1,0.01,0.01,1,{"v":1788,"d":"1,788.00"},{"v":10,"d":"10.00"},{"v":178.8,"d":"178.80"},{"v":1787900,"d":"1,787,900.00"}]
["2200","09区15架04层","垫块","8T3158","卡特设备","件",{"$nulls":4},"2007-09-01",1,1011.37,1011.37,1,978.04,{"v":10,"d":"10.00"},{"v":97.8,"d":"97.80"},-90.33]
["2201","09区15架04层","钵体","8T5124","卡特设备","件",{"$nulls":4},"2007-04-01",1,0.01,0.01,1,{"v":586,"d":"586.00"},{"v":10,"d":"10.00"},{"v":58.6,"d":"58.60"},{"v":585900,"d":"585,900.00"}]
["2202","09区15架05层","拉杆","5P6599","卡特设备","件",{"$nulls":4},"2007-04-01",3,68.86,206.58,3,{"v":66.7,"d":"66.70"},{"v":10,"d":"10.00"},20.01,-90.31]
["2203","09区15架05层","皮带","4N6529","卡特设备","件",{"$nulls":4},"2007-04-01",1,475.53,475.53,1,{"v":451,"d":"451.00"},{"v":10,"d":"10.00"},{"v":45.1,"d":"45.10"},-90.52]
["2204","09区15架05层","软管","7T6075","卡特设备","件",{"$nulls":4},"2009-07-01",2,335.07,670.14,2,{"$nulls":3},{"v":-100,"d":"-100.00"}]
["2205","09区15架05层","软管","9P9506#","卡特设备","件",{"$nulls":4},"2009-07-01",2,0.01,0.02,2,{"$nulls":3},{"v":-100,"d":"-100.00"}]
["2206","09区15架05层","软管","7T0628","卡特设备","件",{"$nulls":4},"2009-07-01",1,146.65,146.65,1,{"$nulls":3},{"v":-100,"d":"-100.00"}]
["2207","09区15排06层","灯","153-2521","卡特设备","件",{"$nulls":4},"2009-07-01",14,688.83,9643.62,14,675.74,{"v":10,"d":"10.00"},946.04,-90.19]
["2208","09区16架01层","安装器","012","卡特设备","件",{"$nulls":4},"2007-06-01",1,0.01,0.01,1,{"v":2800,"d":"2,800.00"},{"v":10,"d":"10.00"},{"v":280,"d":"280.00"},{"v":2799900,"d":"2,799,900.00"}]
["2209","09区16架01层","右链节","6Y2589","卡特设备","件",{"$nulls":4},"2007-03-01",1,1333.17,1333.17,1,{"v":1291.44,"d":"1,291.44"},{"v":10,"d":"10.00"},129.14,-90.31]
["2210","09区16架01层","球头","9J6070","卡特设备","件",{"$nulls":4},"2011-11-01",6,{"v":9461.4,"d":"9461.40"},{"v":56768.4,"d":"56768.40"},6,{"v":9165,"d":"9,165.00"},{"v":11,"d":"11.00"},{"v":6048.9,"d":"6,048.90"},-89.34]
["2211","09区16架01层","左链节","6Y2590","卡特设备","件",{"$nulls":4},"2007-04-01",1,1333.17,1333.17,1,{"v":1300,"d":"1,300.00"},{"v":10,"d":"10.00"},{"v":130,"d":"130.00"},-90.25]
["2212","09区16架02层","螺母","9P8750","卡特设备","件",{"$nulls":4},"2007-02-01",1,10.35,10.35,1,10.03,{"v":10,"d":"10.00"},{"v":1,"d":"1.00"},-90.34]
["2213","09区16架02层","阀","5P7747","卡特设备","件",{"$nulls":4},"2009-05-01",2,323.04,646.08,2,{"v":320,"d":"320.00"},{"v":10,"d":"10.00"},{"v":64,"d":"64.00"},-90.09]
["2214","09区16架02层","卡扣","7C6590","卡特设备","件",{"$nulls":4},"2009-05-01",3,33.77,101.31,3,32.71,{"v":10,"d":"10.00"},9.81,-90.32]
["2215","09区16架02层","卡环","6J8809","卡特设备","件",{"$nulls":4},"2011-10-01",5,63.94,{"v":319.7,"d":"319.70"},5,{"v":62,"d":"62.00"},{"v":10,"d":"10.00"},{"v":31,"d":"31.00"},{"v":-90.3,"d":"-90.30"}]
["2216","09区16架02层","卡扣","7C6589","卡特设备","件",{"$nulls":4},"2011-10-01",1,85.94,85.94,1,83.25,{"v":10,"d":"10.00"},8.33,-90.31]
["2217","09区16架02层","螺栓","185-8160","卡特设备","件",{"$nulls":4},"2007-09-01",2,15.93,31.86,2,15.43,{"v":10,"d":"10.00"},3.09,{"v":-90.3,"d":"-90.30"}]
["2218","09区16架02层","油封","2R0098","卡特设备","件",{"$nulls":4},"2007-09-01",2,{"v":88.1,"d":"88.10"},{"v":176.2,"d":"176.20"},2,85.34,{"v":10,"d":"10.00"},17.07,-90.31]
["2219","09区16架02层","卡扣","9Y3379","卡特设备","件",{"$nulls":4},"2007-09-01",3,33.77,101.31,3,32.71,{"v":10,"d":"10.00"},9.81,-90.32]
["2220","09区16架02层","螺栓","8T3647","卡特设备","件",{"$nulls":4},"2007-03-01",2,6.55,{"v":13.1,"d":"13.10"},2,6.34,{"v":10,"d":"10.00"},1.27,-90.31]
["2221","09区16架02层","二极管","100-6656","卡特设备","件",{"$nulls":4},"2007-03-01",2,226.93,453.86,2,{"v":218.4,"d":"218.40"},{"v":10,"d":"10.00"},43.68,-90.38]
["2222","09区16架02层","软管","7G4993","卡特设备","件",{"$nulls":4},"2012-04-01",1,1211.08,1211.08,1,{"$nulls":3},{"v":-100,"d":"-100.00"}]
["2223","09区16架02层","键","7N0809","卡特设备","件",{"$nulls":4},"2012-04-01",1,{"v":38.2,"d":"38.20"},{"v":38.2,"d":"38.20"},1,{"v":37,"d":"37.00"},{"v":15,"d":"15.00"},5.55,-85.47]
["2224","09区16架03层","卡扣","7C6528","卡特设备","件",{"$nulls":4},"2007-10-01",4,44.72,178.88,4,43.32,{"v":10,"d":"10.00"},17.33,-90.31]
["2225","09区16架03层","O-型圈","5P6458#","卡特设备","件",{"$nulls":4},"2007-10-01",1,0.01,0.01,1,{"v":1,"d":"1.00"},{"v":10,"d":"10.00"},{"v":0.1,"d":"0.10"},{"v":900,"d":"900.00"}]
["2226","09区16架03层","密封","5P7070#","卡特设备","件",{"$nulls":4},"2007-07-01",8,0.01,0.08,8,{"v":1,"d":"1.00"},{"v":10,"d":"10.00"},{"v":0.8,"d":"0.80"},{"v":900,"d":"900.00"}]
["2227","09区16架03层","工具组件","5P5518#","卡特设备","件",{"$nulls":4},"2007-10-01",4,0.01,0.04,4,{"v":258,"d":"258.00"},{"v":10,"d":"10.00"},{"v":103.2,"d":"103.20"},{"v":257900,"d":"257,900.00"}]
["2228","09区16架03层","接头","3O7963","卡特设备","件",{"$nulls":4},"2009-05-01",2,105.22,210.44,2,{"v":104,"d":"104.00"},{"v":10,"d":"10.00"},{"v":20.8,"d":"20.80"},-90.12]
["2229","09区16架03层","电池","312-9339#","卡特设备","件",{"$nulls":4},"2007-05-01",7,0.01,0.07,7,{"v":400,"d":"400.00"},{"v":10,"d":"10.00"},{"v":280,"d":"280.00"},{"v":399900,"d":"399,900.00"}]
["2230","09区16架03层","油封","4J8979","卡特设备","件",{"$nulls":4},"2007-09-01",2,50.93,101.86,2,49.34,{"v":10,"d":"10.00"},9.87,-90.31]
["2231","09区16架03层","管卡","8P6355#","卡特设备","件",{"$nulls":4},"2007-05-01",1,0.01,0.01,1,{"v":78,"d":"78.00"},{"v":10,"d":"10.00"},{"v":7.8,"d":"7.80"},{"v":77900,"d":"77,900.00"}]
["2232","09区16架03层","密封组件","011","卡特设备","件",{"$nulls":4},"2007-07-01",1,0.01,0.01,1,{"v":1,"d":"1.00"},{"v":10,"d":"10.00"},{"v":0.1,"d":"0.10"},{"v":900,"d":"900.00"}]
["2233","09区16架03层","油封","8C9133","卡特设备","件",{"$nulls":4},"2007-09-01",1,161.83,161.83,1,156.76,{"v":10,"d":"10.00"},15.68,-90.31]
["2234","09区16架03层","O-型密封","2H3928","卡特设备","件",{"$nulls":4},"2009-07-01",4,35.73,142.92,4,{"v":35,"d":"35.00"},{"v":10,"d":"10.00"},{"v":14,"d":"14.00"},{"v":-90.2,"d":"-90.20"}]
["2235","09区16架03层","扳手","2P8250","卡特设备","件",{"$nulls":4},"2009-07-01",2,72.65,{"v":145.3,"d":"145.30"},2,{"v":71.5,"d":"71.50"},{"v":10,"d":"10.00"},{"v":14.3,"d":"14.30"},-90.16]
["2236","09区16架04层","螺母","8T4131","卡特设备","件",{"$nulls":4},"2007-02-01",2,{"v":13.1,"d":"13.10"},{"v":26.2,"d":"26.20"},2,12.69,{"v":10,"d":"10.00"},2.54,-90.31]
["2237","09区16架04层","接头","9X2207","卡特设备","件",{"$nulls":4},"2009-08-01",2,275.26,550.52,2,{"v":260,"d":"260.00"},{"v":10,"d":"10.00"},{"v":52,"d":"52.00"},-90.55]
["2238","09区16架04层","垫圈","2J7761","卡特设备","件",{"$nulls":4},"2013-04-01",2,27.79,55.58,2,{"v":27,"d":"27.00"},{"v":25,"d":"25.00"},{"v":13.5,"d":"13.50"},-75.71]
["2239","09区16架04层","螺栓","5B0841","卡特设备","件",{"$nulls":4},"2007-03-01",6,9.39,56.34,6,{"v":9.1,"d":"9.10"},{"v":10,"d":"10.00"},5.46,-90.31]
["2240","09区16架04层","止动环","8H3497","卡特设备","件",{"$nulls":4},"2007-03-01",1,30.16,30.16,1,29.22,{"v":10,"d":"10.00"},2.92,-90.32]
["2241","09区16架04层","门锁部件","6V1155","卡特设备","件",{"$nulls":4},"2007-03-01",1,100.13,100.13,1,{"v":97,"d":"97.00"},{"v":10,"d":"10.00"},{"v":9.7,"d":"9.70"},-90.31]
["2242","09区16架04层","盖子","5D1911","卡特设备","件",{"$nulls":4},"2007-03-01",2,333.76,667.52,2,333.46,{"v":10,"d":"10.00"},66.69,-90.01]
["2243","09区16架04层","执行元件","9P4609#","卡特设备","件",{"$nulls":4},"2007-06-01",4,0.01,0.04,4,{"v":110,"d":"110.00"},{"v":10,"d":"10.00"},{"v":44,"d":"44.00"},{"v":109900,"d":"109,900.00"}]
["2244","09区16架04层","挂锁","5P8502","卡特设备","件",{"$nulls":4},"2007-06-01",2,162.28,324.56,2,{"v":157,"d":"157.00"},{"v":10,"d":"10.00"},{"v":31.4,"d":"31.40"},-90.33]
["2245","09区16架05层","滤芯","7T1890","卡特设备","件",{"$nulls":4},"2012-10-01",5,497.72,{"v":2488.6,"d":"2488.60"},5,{"v":450,"d":"450.00"},{"v":20,"d":"20.00"},{"v":450,"d":"450.00"},-81.92]
["2246","09区16排01层","管","2W6965","卡特设备","件",{"$nulls":4},"2015-01-01",1,{"v":4864.6,"d":"4864.60"},{"v":4864.6,"d":"4864.60"},1,{"v":4712,"d":"4,712.00"},{"v":43,"d":"43.00"},{"v":2026.16,"d":"2,026.16"},-58.35]
["2247","09区16排02层","开关","6T4949","卡特设备","件",{"$nulls":4},"2015-09-01",1,748.84,748.84,1,{"$nulls":3},{"v":-100,"d":"-100.00"}]
["2248","09区16排02层","螺母","2N2766","卡特设备","件",{"$nulls":4},"2007-02-01",4,44.32,177.28,4,42.93,{"v":10,"d":"10.00"},17.17,-90.31]
["2249","09区16排02层","传感器","221-8859","卡特设备","件",{"$nulls":4},"2015-06-01",1,3958.26,3958.26,1,{"v":3800,"d":"3,800.00"},{"v":47,"d":"47.00"},{"v":1786,"d":"1,786.00"},-54.88]
["2250","09区16排02层","螺栓","2N2765","卡特设备","件",{"$nulls":4},"2007-03-01",20,49.36,{"v":987.2,"d":"987.20"},20,47.82,{"v":10,"d":"10.00"},95.64,-90.31]
["2251","09区16排03层","螺栓","5K7143","卡特设备","件",{"$nulls":4},"2007-03-01",16,29.29,468.64,16,28.37,{"v":10,"d":"10.00"},45.39,-90.31]
["2252","09区16排03层","密封","8C5220","卡特设备","件",{"$nulls":4},"2009-09-01",1,235.13,235.13,1,{"v":228,"d":"228.00"},{"v":10,"d":"10.00"},{"v":22.8,"d":"22.80"},{"v":-90.3,"d":"-90.30"}]
["2253","09区16排03层","阀芯","9U9084","卡特设备","件",{"$nulls":4},"2009-05-01",1,{"v":244.2,"d":"244.20"},{"v":244.2,"d":"244.20"},1,{"v":230,"d":"230.00"},{"v":10,"d":"10.00"},{"v":23,"d":"23.00"},-90.58]
["2254","09区16排04层","密封","8J6213","卡特设备","件",{"$nulls":4},"2009-09-01",2,153.44,306.88,2,{"v":149,"d":"149.00"},{"v":10,"d":"10.00"},{"v":29.8,"d":"29.80"},-90.29]
["2255","09区16排04层","油封","6J-9178","卡特设备","件",{"$nulls":4},"2007-09-01",2,102.13,204.26,2,98.93,{"v":10,"d":"10.00"},19.79,-90.31]
["2256","09区16排04层","环","4J9225","卡特设备","颗",{"$nulls":4},"2007-06-01",2,35.55,{"v":71.1,"d":"71.10"},2,{"v":34,"d":"34.00"},{"v":10,"d":"10.00"},{"v":6.8,"d":"6.80"},-90.44]
["2257","09区16排04层","密封","5J8175","卡特设备","件",{"$nulls":4},"2009-09-01",2,123.28,246.56,2,{"v":119,"d":"119.00"},{"v":10,"d":"10.00"},{"v":23.8,"d":"23.80"},-90.35]
["2258","09区16排05层","滤芯","4S8598","卡特设备","件",{"$nulls":4},"2012-10-01",1,59.91,59.91,1,58.03,{"v":20,"d":"20.00"},11.61,-80.62]
["2259","09区16排05层","滤芯","4T6788","卡特设备","件",{"$nulls":4},"2012-10-01",1,151.02,151.02,1,146.29,{"v":20,"d":"20.00"},29.26,-80.63]
["2260","09区17架01层","壳体","3T1502","卡特设备","件",{"$nulls":4},"2011-10-01",5,8476.92,{"v":42384.6,"d":"42384.60"},5,{"v":8212,"d":"8,212.00"},{"v":10,"d":"10.00"},{"v":4106,"d":"4,106.00"},-90.31]
["2261","09区17架01层","涡轮","9P6477#","卡特设备","件",{"$nulls":4},"2007-05-01",2,0.01,0.02,2,{"v":550,"d":"550.00"},{"v":10,"d":"10.00"},{"v":110,"d":"110.00"},{"v":549900,"d":"549,900.00"}]
["2262","09区17架02层","销套","153-1727","卡特设备","件",{"$nulls":4},"2012-07-01",1,2697.12,2697.12,1,{"v":2612.7,"d":"2,612.70"},{"v":18,"d":"18.00"},470.29,-82.56]
["2263","09区17架02层","密封","8P9142","卡特设备","件",{"$nulls":4},"2012-05-01",2,1790.87,3581.74,2,{"v":1735,"d":"1,735.00"},{"v":16,"d":"16.00"},{"v":555.2,"d":"555.20"},{"v":-84.5,"d":"-84.50"}]
["2264","09区17架02层","轴承","234-3749","卡特设备","件",{"$nulls":4},"2011-11-01",2,2586.57,5173.14,2,{"v":2346,"d":"2,346.00"},{"v":11,"d":"11.00"},516.12,-90.02]
["2265","09区17架02层","油封","9G2398","卡特设备","件",{"$nulls":4},"2011-11-01",8,1800.25,{"v":14402,"d":"14402.00"},8,{"v":1743.9,"d":"1,743.90"},{"v":11,"d":"11.00"},{"v":1534.63,"d":"1,534.63"},-89.34]
["2266","09区17架02层","节温器座","4W1336","卡特设备","件",{"$nulls":4},"2011-11-01",1,382.67,382.67,1,{"v":310,"d":"310.00"},{"v":11,"d":"11.00"},{"v":34.1,"d":"34.10"},-91.09]
["2267","09区17架02层","水管","6N1412","卡特设备","件",{"$nulls":4},"2012-10-01",1,1031.84,1031.84,1,{"v":1000,"d":"1,000.00"},{"v":20,"d":"20.00"},{"v":200,"d":"200.00"},-80.62]
["2268","09区17架03层","叶轮","6N7967","卡特设备","件",{"$nulls":4},"2012-10-01",1,502.09,502.09,1,{"v":500,"d":"500.00"},{"v":20,"d":"20.00"},{"v":100,"d":"100.00"},-80.08]
["2269","09区17架03层","活塞环","7E6074#","卡特设备","件",{"$nulls":4},"2007-05-01",10,0.01,{"v":0.1,"d":"0.10"},10,{"v":63,"d":"63.00"},{"v":10,"d":"10.00"},{"v":63,"d":"63.00"},{"v":62900,"d":"62,900.00"}]
["2270","09区17架03层","轴承","5P6254","卡特设备","件",{"$nulls":4},"2011-08-01",21,327.08,6868.68,21,{"v":300,"d":"300.00"},{"v":10,"d":"10.00"},{"v":630,"d":"630.00"},-90.83]
["2271","09区17架03层","轴承","5P6727#","卡特设备","件",{"$nulls":4},"2007-04-01",1,0.01,0.01,1,{"v":100,"d":"100.00"},{"v":10,"d":"10.00"},{"v":10,"d":"10.00"},{"v":99900,"d":"99,900.00"}]
["2272","09区17架03层","轴承","5P6721","卡特设备","件",{"$nulls":4},"2009-08-01",1,232.24,232.24,1,224.97,{"v":10,"d":"10.00"},{"v":22.5,"d":"22.50"},-90.31]
["2273","09区17架03层","储蓄罐","9D6888#","卡特设备","件",{"$nulls":4},"2007-09-01",1,0.01,0.01,1,{"v":580,"d":"580.00"},{"v":10,"d":"10.00"},{"v":58,"d":"58.00"},{"v":579900,"d":"579,900.00"}]
["2274","09区17架03层","管卡","9N2039","卡特设备","根",{"$nulls":4},"2007-09-01",15,423.51,6352.65,15,{"v":420,"d":"420.00"},{"v":10,"d":"10.00"},{"v":630,"d":"630.00"},-90.08]
["2275","09区17架03层","套爪","5P6601#","卡特设备","件",{"$nulls":4},"2007-05-01",1,0.01,0.01,1,{"v":1900,"d":"1,900.00"},{"v":10,"d":"10.00"},{"v":190,"d":"190.00"},{"v":1899900,"d":"1,899,900.00"}]
["2276","09区17架03层","密封组件","8C5052#","卡特设备","件",{"$nulls":4},"2007-09-01",1,0.01,0.01,1,{"v":1,"d":"1.00"},{"v":10,"d":"10.00"},{"v":0.1,"d":"0.10"},{"v":900,"d":"900.00"}]
["2277","09区17架04层","安装器","2P8260","卡特设备","件",{"$nulls":4},"2009-08-01",3,1392.15,4176.45,3,{"v":1348.58,"d":"1,348.58"},{"v":10,"d":"10.00"},404.57,-90.31]
["2278","09区17架04层","轴承座圈","3P2558#","卡特设备","件",{"$nulls":4},"2007-04-01",2,0.01,0.02,2,{"v":50,"d":"50.00"},{"v":10,"d":"10.00"},{"v":10,"d":"10.00"},{"v":49900,"d":"49,900.00"}]
["2279","09区17架04层","灯泡","7N1996","卡特设备","件",{"$nulls":4},"2007-04-01",18,37.88,681.84,18,{"v":37.8,"d":"37.80"},{"v":10,"d":"10.00"},68.04,-90.02]
["2280","09区17架04层","轴承外环","2P1373","卡特设备","件",{"$nulls":4},"2012-04-01",4,298.42,1193.68,4,289.08,{"v":15,"d":"15.00"},173.45,-85.47]
["2281","09区17架04层","密封","109-0861","卡特设备","件",{"$nulls":4},"2009-09-01",4,1022.27,4089.08,4,{"v":990,"d":"990.00"},{"v":10,"d":"10.00"},{"v":396,"d":"396.00"},-90.32]
["2282","09区17架05层","环","9G1495","卡特设备","件",{"$nulls":4},"2007-06-01",1,3244.06,3244.06,1,{"v":3150,"d":"3,150.00"},{"v":10,"d":"10.00"},{"v":315,"d":"315.00"},-90.29]
["2283","09区17架05层","密封","9X7500","卡特设备","件",{"$nulls":4},"2009-09-01",4,1057.65,{"v":4230.6,"d":"4230.60"},4,{"v":1025,"d":"1,025.00"},{"v":10,"d":"10.00"},{"v":410,"d":"410.00"},-90.31]
["2284","09区17架05层","轴承","2P1374#","卡特设备","件",{"$nulls":4},"2007-06-01",3,0.01,0.03,3,{"v":100,"d":"100.00"},{"v":10,"d":"10.00"},{"v":30,"d":"30.00"},{"v":99900,"d":"99,900.00"}]
["2285","09区17架05层","管","5P6129#","卡特设备","件",{"$nulls":4},"2007-03-01",6,0.01,0.06,6,20.05,{"v":10,"d":"10.00"},12.03,{"v":19950,"d":"19,950.00"}]
["2286","09区17架06层","滤芯","7W5313","卡特设备","件",{"$nulls":4},"2012-10-01",39,166.09,6477.51,39,{"v":160,"d":"160.00"},{"v":20,"d":"20.00"},{"v":1248,"d":"1,248.00"},-80.73]
["2287","09区18架01层","软管","9G1433#","卡特设备","件",{"$nulls":4},"2007-07-01",1,0.01,0.01,1,{"$nulls":3},{"v":-100,"d":"-100.00"}]
["2288","09区18架02层","密封","5P6887","卡特设备","件",{"$nulls":4},"2009-09-01",4,56.63,226.52,4,{"v":55,"d":"55.00"},{"v":10,"d":"10.00"},{"v":22,"d":"22.00"},-90.29]
["2289","09区18架02层","盖子","7N9737","卡特设备","件",{"$nulls":4},"2009-09-01",10,24.95,{"v":249.5,"d":"249.50"},10,{"v":24.9,"d":"24.90"},{"v":10,"d":"10.00"},{"v":24.9,"d":"24.90"},-90.02]
["2290","09区18架02层","软管","5P5992","卡特设备","件",{"$nulls":4},"2009-07-01",1,385.16,385.16,1,{"$nulls":3},{"v":-100,"d":"-100.00"}]
["2291","09区18架02层","销","7N7780","卡特设备","件",{"$nulls":4},"2009-07-01",14,{"v":2.5,"d":"2.50"},{"v":35,"d":"35.00"},14,2.42,{"v":10,"d":"10.00"},3.39,-90.31]
["2292","09区18架02层","密封","4T8054#","卡特设备","件",{"$nulls":4},"2010-08-01",4,0.01,0.04,4,{"v":1,"d":"1.00"},{"v":10,"d":"10.00"},{"v":0.4,"d":"0.40"},{"v":900,"d":"900.00"}]
["2293","09区18架02层","轴承","8N4110","卡特设备","件",{"$nulls":4},"2007-06-01",11,367.11,4038.21,11,355.62,{"v":10,"d":"10.00"},391.18,-90.31]
["2294","09区18架02层","卡子","2V3216","卡特设备","件",{"$nulls":4},"2007-06-01",8,23.95,{"v":191.6,"d":"191.60"},8,23.73,{"v":10,"d":"10.00"},18.98,-90.09]
["2295","09区18架02层","O-型密封","4T6977#","卡特设备","件",{"$nulls":4},"2007-07-01",1,0.01,0.01,1,{"v":1,"d":"1.00"},{"v":10,"d":"10.00"},{"v":0.1,"d":"0.10"},{"v":900,"d":"900.00"}]
["2296","09区18架02层","油封","9W5210","卡特设备","件",{"$nulls":4},"2011-11-01",18,244.89,4408.02,18,237.22,{"v":11,"d":"11.00"},{"v":469.7,"d":"469.70"},-89.34]
["2297","09区18架03层","螺栓","4S6137","卡特设备","件",{"$nulls":4},"2007-03-01",24,89.03,2136.72,24,86.24,{"v":10,"d":"10.00"},206.98,-90.31]
["2298","09区18架03层","盖子","6N1116","卡特设备","件",{"$nulls":4},"2007-03-01",1,57.56,57.56,1,{"v":56.3,"d":"56.30"},{"v":10,"d":"10.00"},5.63,-90.22]
["2299","09区18架03层","螺栓","0T0768","卡特设备","件",{"$nulls":4},"2007-03-01",18,{"v":5.8,"d":"5.80"},{"v":104.4,"d":"104.40"},18,5.62,{"v":10,"d":"10.00"},10.12,-90.31]
["2300","09区18架03层","密封","6V9746","卡特设备","件",{"$nulls":4},"2009-05-01",22,7.14,157.08,22,{"v":7,"d":"7.00"},{"v":10,"d":"10.00"},{"v":15.4,"d":"15.40"},{"v":-90.2,"d":"-90.20"}]
["2301","09区18架03层","密封","121-7138","卡特设备","件",{"$nulls":4},"2009-05-01",8,14.46,115.68,8,{"v":14,"d":"14.00"},{"v":10,"d":"10.00"},{"v":11.2,"d":"11.20"},-90.32]
["2302","09区18架03层","密封","4F8946","卡特设备","件",{"$nulls":4},"2009-05-01",2,13.57,27.14,2,{"v":13,"d":"13.00"},{"v":10,"d":"10.00"},{"v":2.6,"d":"2.60"},-90.42]
["2303","09区18架03层","密封","121-7136","卡特设备","件",{"$nulls":4},"2009-05-01",4,10.27,41.08,4,{"v":10,"d":"10.00"},{"v":10,"d":"10.00"},{"v":4,"d":"4.00"},-90.26]
["2304","09区18架03层","锁","9P7860","卡特设备","件",{"$nulls":4},"2009-05-01",10,407.03,{"v":4070.3,"d":"4070.30"},10,{"v":380,"d":"380.00"},{"v":10,"d":"10.00"},{"v":380,"d":"380.00"},-90.66]
["2305","09区18架04层","雨刮器","3T7068#","卡特设备","件",{"$nulls":4},"2007-05-01",1,0.01,0.01,1,253.08,{"v":10,"d":"10.00"},25.31,{"v":253000,"d":"253,000.00"}]
["2306","09区18架04层","灯具玻璃","5T4122#","卡特设备","件",{"$nulls":4},"2007-05-01",4,0.01,0.04,4,{"$nulls":3},{"v":-100,"d":"-100.00"}]
["2307","09区18架04层","油泵腔体","4T9224#","卡特设备","件",{"$nulls":4},"2007-06-01",4,0.01,0.04,4,{"v":598,"d":"598.00"},{"v":10,"d":"10.00"},{"v":239.2,"d":"239.20"},{"v":597900,"d":"597,900.00"}]
["2308","09区18架04层","螺丝钉","5M6668#","卡特设备","件",{"$nulls":4},"2007-06-01",8,0.01,0.08,8,9.93,{"v":10,"d":"10.00"},7.94,{"v":9825,"d":"9,825.00"}]
["2309","09区18架04层","灯泡","7N9943#","卡特设备","件",{"$nulls":4},"2007-05-01",5,0.01,0.05,5,{"v":25,"d":"25.00"},{"v":10,"d":"10.00"},{"v":12.5,"d":"12.50"},{"v":24900,"d":"24,900.00"}]
["2310","09区18架04层","垫片","4T9707#","卡特设备","件",{"$nulls":4},"2010-07-01",9,0.01,0.09,9,{"v":12,"d":"12.00"},{"v":10,"d":"10.00"},{"v":10.8,"d":"10.80"},{"v":11900,"d":"11,900.00"}]
["2311","09区18架04层","轴承","1T0786#","卡特设备","件",{"$nulls":4},"2007-06-01",4,0.01,0.04,4,{"v":100,"d":"100.00"},{"v":10,"d":"10.00"},{"v":40,"d":"40.00"},{"v":99900,"d":"99,900.00"}]
["2312","09区18架04层","灯具玻璃","5T4123#","卡特设备","颗",{"$nulls":4},"2007-08-01",8,0.01,0.08,8,{"$nulls":3},{"v":-100,"d":"-100.00"}]
["2313","09区18架04层","二极管","3T6392","卡特设备","件",{"$nulls":4},"2007-06-01",10,30.19,{"v":301.9,"d":"301.90"},10,{"v":30,"d":"30.00"},{"v":10,"d":"10.00"},{"v":30,"d":"30.00"},-90.06]
["2314","09区18架04层","轴承","1T1353#","卡特设备","件",{"$nulls":4},"2007-06-01",2,0.01,0.02,2,{"v":100,"d":"100.00"},{"v":10,"d":"10.00"},{"v":20,"d":"20.00"},{"v":99900,"d":"99,900.00"}]
["2315","09区18架04层","灯具玻璃","5T4124#","卡特设备","件",{"$nulls":4},"2007-05-01",16,0.01,0.16,16,{"$nulls":3},{"v":-100,"d":"-100.00"}]
["2316","09区18架04层","填料","0T0774","卡特设备","件",{"$nulls":4},"2007-08-01",2,32.41,64.82,2,{"v":31.4,"d":"31.40"},{"v":10,"d":"10.00"},6.28,-90.31]
["2317","09区18架04层","离合器片","1T0887","卡特设备","件",{"$nulls":4},"2007-08-01",4,841.86,3367.44,4,{"v":770,"d":"770.00"},{"v":10,"d":"10.00"},{"v":308,"d":"308.00"},-90.85]
["2318","09区18架04层","油封","7Y4633","卡特设备","件",{"$nulls":4},"2007-09-01",1,166.33,166.33,1,161.12,{"v":10,"d":"10.00"},16.11,-90.31]
["2319","09区18架05层","软管","087-5765","卡特设备","件",{"$nulls":4},"2007-07-01",1,460.39,460.39,1,{"$nulls":3},{"v":-100,"d":"-100.00"}]
["2320","09区18架05层","软管","4I8853","卡特设备","件",{"$nulls":4},"2007-07-01",1,997.17,997.17,1,{"$nulls":3},{"v":-100,"d":"-100.00"}]
["2321","09区18架05层","软管","4I5760","卡特设备","件",{"$nulls":4},"2007-07-01",2,459.57,919.14,2,{"$nulls":3},{"v":-100,"d":"-100.00"}]
["2322","09区18架05层","软管","4I0806","卡特设备","件",{"$nulls":4},"2007-07-01",1,{"v":681.7,"d":"681.70"},{"v":681.7,"d":"681.70"},1,{"$nulls":3},{"v":-100,"d":"-100.00"}]
["2323","09区18架05层","软管","4I6121","卡特设备","件",{"$nulls":4},"2007-07-01",1,497.72,497.72,1,{"$nulls":3},{"v":-100,"d":"-100.00"}]
["2324","09区18架05层","软管","4I5926","卡特设备","颗",{"$nulls":4},"2007-07-01",1,1124.31,1124.31,1,{"$nulls":3},{"v":-100,"d":"-100.00"}]
["2325","09区18架05层","软管","4I0797#","卡特设备","件",{"$nulls":4},"2007-07-01",2,0.01,0.02,2,{"$nulls":3},{"v":-100,"d":"-100.00"}]
["2326","09区18架05层","软管","5I3161","卡特设备","件",{"$nulls":4},"2007-07-01",1,822.66,822.66,1,{"$nulls":3},{"v":-100,"d":"-100.00"}]
["2327","09区19架01层","法兰","1P4578#","卡特设备","件",{"$nulls":4},"2007-08-01",25,0.01,0.25,25,{"v":770,"d":"770.00"},{"v":10,"d":"10.00"},{"v":1925,"d":"1,925.00"},{"v":769900,"d":"769,900.00"}]
["2328","09区19架01层","护板","7Y0358#","卡特设备","件",{"$nulls":4},"2007-09-01",2,0.01,0.02,2,{"v":128,"d":"128.00"},{"v":10,"d":"10.00"},{"v":25.6,"d":"25.60"},{"v":127900,"d":"127,900.00"}]
["2329","09区19架01层","工具组件","5P4202#","卡特设备","件",{"$nulls":4},"2007-10-01",1,0.01,0.01,1,{"v":248,"d":"248.00"},{"v":10,"d":"10.00"},{"v":24.8,"d":"24.80"},{"v":247900,"d":"247,900.00"}]
["2330","09区19架02层","油封","8C3839#","卡特设备","件",{"$nulls":4},"2007-09-01",2,0.01,0.02,2,{"v":75,"d":"75.00"},{"v":10,"d":"10.00"},{"v":15,"d":"15.00"},{"v":74900,"d":"74,900.00"}]
["2331","09区19架02层","O-型密封","5P5757","卡特设备","件",{"$nulls":4},"2009-08-01",2,58.07,116.14,2,{"v":58,"d":"58.00"},{"v":10,"d":"10.00"},{"v":11.6,"d":"11.60"},-90.01]
["2332","09区19架02层","螺母","8T4134","卡特设备","件",{"$nulls":4},"2007-02-01",8,1.63,13.04,8,1.58,{"v":10,"d":"10.00"},1.26,-90.34]
["2333","09区19架02层","铁管","5P8712#","卡特设备","件",{"$nulls":4},"2007-07-01",1,0.01,0.01,1,{"v":100,"d":"100.00"},{"v":10,"d":"10.00"},{"v":10,"d":"10.00"},{"v":99900,"d":"99,900.00"}]
["2334","09区19架02层","油封","8C9124#","卡特设备","件",{"$nulls":4},"2007-09-01",2,191.34,382.68,2,185.35,{"v":10,"d":"10.00"},37.07,-90.31]
["2335","09区19架02层","插口","5P5249","卡特设备","件",{"$nulls":4},"2007-09-01",2,62.22,124.44,2,60.27,{"v":10,"d":"10.00"},12.05,-90.32]
["2336","09区19架02层","轴","6Y7603","卡特设备","件",{"$nulls":4},"2009-05-01",2,335.42,670.84,2,324.92,{"v":10,"d":"10.00"},64.98,-90.31]
["2337","09区19架02层","三通","8C5682#","卡特设备","颗",{"$nulls":4},"2007-06-01",1,0.01,0.01,1,{"v":10,"d":"10.00"},{"v":10,"d":"10.00"},{"v":1,"d":"1.00"},{"v":9900,"d":"9,900.00"}]
["2338","09区19架02层","密封","8T7294","卡特设备","件",{"$nulls":4},"2009-08-01",3,{"v":30.6,"d":"30.60"},{"v":91.8,"d":"91.80"},3,{"v":30,"d":"30.00"},{"v":10,"d":"10.00"},{"v":9,"d":"9.00"},{"v":-90.2,"d":"-90.20"}]
["2339","09区19架03层","衬套","3B7722#","卡特设备","件",{"$nulls":4},"2007-05-01",10,0.01,{"v":0.1,"d":"0.10"},10,{"v":3000,"d":"3,000.00"},{"v":10,"d":"10.00"},{"v":3000,"d":"3,000.00"},{"v":2999900,"d":"2,999,900.00"}]
["2340","09区19架03层","密封","095-1716","卡特设备","件",{"$nulls":4},"2011-05-01",1,35.18,35.18,1,{"v":34,"d":"34.00"},{"v":10,"d":"10.00"},{"v":3.4,"d":"3.40"},-90.34]
["2341","09区19架03层","油封","8C9134#","卡特设备","件",{"$nulls":4},"2007-06-01",2,0.01,0.02,2,{"v":75,"d":"75.00"},{"v":10,"d":"10.00"},{"v":15,"d":"15.00"},{"v":74900,"d":"74,900.00"}]
["2342","09区19架03层","喷嘴","5K5068","卡特设备","件",{"$nulls":4},"2007-05-01",2,{"v":11.1,"d":"11.10"},{"v":22.2,"d":"22.20"},2,10.75,{"v":10,"d":"10.00"},2.15,-90.32]
["2343","09区19架03层","油封","8C9181#","卡特设备","件",{"$nulls":4},"2007-06-01",2,0.01,0.02,2,{"v":75,"d":"75.00"},{"v":10,"d":"10.00"},{"v":15,"d":"15.00"},{"v":74900,"d":"74,900.00"}]
["2344","09区19架03层","千斤顶","5P2968","卡特设备","件",{"$nulls":4},"2008-09-01",1,780.48,780.48,1,{"v":756,"d":"756.00"},{"v":10,"d":"10.00"},{"v":75.6,"d":"75.60"},-90.31]
["2345","09区19架03层","密封","096-4615","卡特设备","件",{"$nulls":4},"2011-05-01",5,97.92,{"v":489.6,"d":"489.60"},5,{"v":95,"d":"95.00"},{"v":10,"d":"10.00"},{"v":47.5,"d":"47.50"},{"v":-90.3,"d":"-90.30"}]
["2346","09区19架03层","油封","8C3840#","卡特设备","件",{"$nulls":4},"2007-06-01",2,0.01,0.02,2,{"v":75,"d":"75.00"},{"v":10,"d":"10.00"},{"v":15,"d":"15.00"},{"v":74900,"d":"74,900.00"}]
["2347","09区19架03层","垫圈","2B8352#","卡特设备","件",{"$nulls":4},"2013-04-01",24,0.01,0.24,24,{"v":1.5,"d":"1.50"},{"v":25,"d":"25.00"},{"v":9,"d":"9.00"},{"v":3650,"d":"3,650.00"}]
["2348","09区19架03层","油封","8C9125#","卡特设备","件",{"$nulls":4},"2007-06-01",3,0.01,0.03,3,{"v":75,"d":"75.00"},{"v":10,"d":"10.00"},{"v":22.5,"d":"22.50"},{"v":74900,"d":"74,900.00"}]
["2349","09区19架04层","压力表","1P0545#","卡特设备","件",{"$nulls":4},"2007-08-01",1,0.01,0.01,1,{"v":1758,"d":"1,758.00"},{"v":10,"d":"10.00"},{"v":175.8,"d":"175.80"},{"v":1757900,"d":"1,757,900.00"}]
["2350","09区19架04层","调整垫","1P0497#","卡特设备","件",{"$nulls":4},"2007-06-01",1,0.01,0.01,1,{"v":5,"d":"5.00"},{"v":10,"d":"10.00"},{"v":0.5,"d":"0.50"},{"v":4900,"d":"4,900.00"}]
["2351","09区19架04层","板","1P2396#","卡特设备","件",{"$nulls":4},"2007-05-01",1,0.01,0.01,1,{"v":20,"d":"20.00"},{"v":10,"d":"10.00"},{"v":2,"d":"2.00"},{"v":19900,"d":"19,900.00"}]
["2352","09区19架04层","密封","095-1625","卡特设备","颗",{"$nulls":4},"2009-08-01",3,{"v":40.1,"d":"40.10"},{"v":120.3,"d":"120.30"},3,{"v":39,"d":"39.00"},{"v":10,"d":"10.00"},{"v":11.7,"d":"11.70"},-90.27]
["2353","09区19架04层","接头","6V8633","卡特设备","件",{"$nulls":4},"2009-04-01",1,69.49,69.49,1,{"v":65,"d":"65.00"},{"v":10,"d":"10.00"},{"v":6.5,"d":"6.50"},-90.65]
["2354","09区19排01层","水箱盖","1N3599","卡特设备","件",{"$nulls":4},"2015-07-01",1,1911.31,1911.31,1,{"v":1500,"d":"1,500.00"},{"v":48,"d":"48.00"},{"v":720,"d":"720.00"},-62.33]
["2355","09区19排02层","电磁阀","148-2350","卡特设备","件",{"$nulls":4},"2009-05-01",1,224.71,224.71,1,{"v":218,"d":"218.00"},{"v":10,"d":"10.00"},{"v":21.8,"d":"21.80"},{"v":-90.3,"d":"-90.30"}]
["2356","09区19排03层","密封","4J0519","卡特设备","件",{"$nulls":4},"2013-06-01",2,15.02,30.04,2,{"v":15,"d":"15.00"},{"v":27,"d":"27.00"},{"v":8.1,"d":"8.10"},-73.04]
["2357","09区19排03层","衬环","170-2414","卡特设备","件",{"$nulls":4},"2013-06-01",2,47.44,94.88,2,45.96,{"v":27,"d":"27.00"},24.82,-73.84]
["2358","09区19排03层","卡环","7J3296","卡特设备","件",{"$nulls":4},"2014-06-01",4,149.64,598.56,4,{"v":140,"d":"140.00"},{"v":37,"d":"37.00"},{"v":207.2,"d":"207.20"},-65.38]
["2359","09区19排03层","衬环","170-2415","卡特设备","件",{"$nulls":4},"2013-06-01",2,49.85,{"v":99.7,"d":"99.70"},2,48.29,{"v":27,"d":"27.00"},26.08,-73.84]
["2360","09区19排03层","油封","4J-8980","卡特设备","件",{"$nulls":4},"2013-11-01",2,175.01,350.02,2,169.53,{"v":31,"d":"31.00"},105.11,-69.97]
["2361","09区20架01层","软管","6T9009#","卡特设备","件",{"$nulls":4},"2007-07-01",1,0.01,0.01,1,{"$nulls":3},{"v":-100,"d":"-100.00"}]
["2362","09区20架01层","端盖","2W7433","卡特设备","件",{"$nulls":4},"2012-10-01",1,5437.33,5437.33,1,{"v":5267,"d":"5,267.00"},{"v":20,"d":"20.00"},{"v":1053.4,"d":"1,053.40"},-80.63]
["2363","09区20架01层","弯管","4N4967","卡特设备","件",{"$nulls":4},"2007-05-01",1,6232.67,6232.67,1,{"v":5324,"d":"5,324.00"},{"v":10,"d":"10.00"},{"v":532.4,"d":"532.40"},-91.46]
["2364","09区20架01层","软管","9W2890","卡特设备","件",{"$nulls":4},"2007-07-01",5,417.73,2088.65,5,{"$nulls":3},{"v":-100,"d":"-100.00"}]
["2365","09区20架01层","叶轮",300389,"卡特设备","件",{"$nulls":4},"2007-06-01",1,3110.74,3110.74,1,{"v":3013,"d":"3,013.00"},{"v":10,"d":"10.00"},{"v":301.3,"d":"301.30"},-90.31]
["2366","09区20架02层","盖","5P5260","卡特设备","件",{"$nulls":4},"2007-06-01",1,543.94,543.94,1,{"v":500,"d":"500.00"},{"v":10,"d":"10.00"},{"v":50,"d":"50.00"},-90.81]
["2367","09区20架02层","实验台","5P4150","卡特设备","件",{"$nulls":4},"2007-05-01",1,5322.92,5322.92,1,{"v":4800,"d":"4,800.00"},{"v":10,"d":"10.00"},{"v":480,"d":"480.00"},-90.98]
["2368","09区20架02层","丝杆","5P4184#","卡特设备","件",{"$nulls":4},"2007-08-01",3,0.01,0.03,3,{"v":23,"d":"23.00"},{"v":10,"d":"10.00"},{"v":6.9,"d":"6.90"},{"v":22900,"d":"22,900.00"}]
["2369","09区20架02层","扳手","5P5195#","卡特设备","件",{"$nulls":4},"2007-05-01",2,0.01,0.02,2,{"v":320,"d":"320.00"},{"v":10,"d":"10.00"},{"v":64,"d":"64.00"},{"v":319900,"d":"319,900.00"}]
["2370","09区20架02层","轴承外环","5P9504","卡特设备","件",{"$nulls":4},"2007-06-01",2,280.87,561.74,2,272.08,{"v":10,"d":"10.00"},54.42,-90.31]
["2371","09区20架03层","耐磨环","5P7315#","卡特设备","件",{"$nulls":4},"2007-08-01",1,0.01,0.01,1,{"v":15,"d":"15.00"},{"v":10,"d":"10.00"},{"v":1.5,"d":"1.50"},{"v":14900,"d":"14,900.00"}]
["2372","09区20架03层","安装器","5P3526","卡特设备","件",{"$nulls":4},"2009-08-01",1,631.92,631.92,1,612.14,{"v":10,"d":"10.00"},61.21,-90.31]
["2373","09区20架03层","灯","3T3967","卡特设备","件",{"$nulls":4},"2009-08-01",3,550.16,1650.48,3,{"v":533,"d":"533.00"},{"v":10,"d":"10.00"},{"v":159.9,"d":"159.90"},-90.31]
["2374","09区20架04层","灯泡","9X3463","卡特设备","件",{"$nulls":4},"2009-08-01",20,154.44,{"v":3088.8,"d":"3088.80"},20,{"v":150,"d":"150.00"},{"v":10,"d":"10.00"},{"v":300,"d":"300.00"},-90.29]
["2375","09区20架04层","接头","1P1841#","卡特设备","件",{"$nulls":4},"2007-06-01",2,0.01,0.02,2,{"v":8,"d":"8.00"},{"v":10,"d":"10.00"},{"v":1.6,"d":"1.60"},{"v":7900,"d":"7,900.00"}]
["2376","09区20架04层","O-型密封","5P3620#","卡特设备","件",{"$nulls":4},"2007-08-01",6,0.01,0.06,6,{"v":1,"d":"1.00"},{"v":10,"d":"10.00"},{"v":0.6,"d":"0.60"},{"v":900,"d":"900.00"}]
["2377","09区20架04层","灯罩","2P7468#","卡特设备","件",{"$nulls":4},"2007-05-01",4,0.01,0.04,4,{"v":7.5,"d":"7.50"},{"v":10,"d":"10.00"},{"v":3,"d":"3.00"},{"v":7400,"d":"7,400.00"}]
["2378","09区20架05层","密封","3E6647","卡特设备","件",{"$nulls":4},"2009-03-01",1,584.09,584.09,1,{"v":566,"d":"566.00"},{"v":10,"d":"10.00"},{"v":56.6,"d":"56.60"},-90.31]
["2379","09区20架05层","灯泡","6N7987","卡特设备","件",{"$nulls":4},"2009-03-01",12,103.14,1237.68,12,{"v":99,"d":"99.00"},{"v":10,"d":"10.00"},{"v":118.8,"d":"118.80"},{"v":-90.4,"d":"-90.40"}]
["2380","09区20架05层","皮带","1P9744","卡特设备","件",{"$nulls":4},"2009-03-01",3,12.03,36.09,3,11.65,{"v":10,"d":"10.00"},{"v":3.5,"d":"3.50"},{"v":-90.3,"d":"-90.30"}]
["2381","09区20架05层","软管","4I3994","卡特设备","件",{"$nulls":4},"2007-07-01",2,524.11,1048.22,2,{"$nulls":3},{"v":-100,"d":"-100.00"}]
["2382","09区20架05层","油尺","148-4645","卡特设备","米",{"$nulls":4},"2007-07-01",1,{"v":368,"d":"368.00"},{"v":368,"d":"368.00"},1,{"v":300,"d":"300.00"},{"v":10,"d":"10.00"},{"v":30,"d":"30.00"},-91.85]
["2383","09区20架05层","软管","4I1037","卡特设备","件",{"$nulls":4},"2007-07-01",5,422.83,2114.15,5,{"$nulls":3},{"v":-100,"d":"-100.00"}]
["2384","09区20排03层","修理包","5P8057","卡特设备","件",{"$nulls":4},"2007-07-01",1,342.34,342.34,1,331.62,{"v":10,"d":"10.00"},33.16,-90.31]
["2385","09区20排03层","皮带","7W6129","卡特设备","件",{"$nulls":4},"2007-07-01",1,310.06,310.06,1,{"v":300,"d":"300.00"},{"v":10,"d":"10.00"},{"v":30,"d":"30.00"},-90.32]
["2386","09区20排03层","密封组件","8W4158","卡特设备","件",{"$nulls":4},"2015-01-01",1,1428.57,1428.57,1,{"v":1384,"d":"1,384.00"},{"v":43,"d":"43.00"},595.12,-58.34]
["2387","09区20排03层","螺栓","7K4370","卡特设备","件",{"$nulls":4},"2007-03-01",8,47.05,{"v":376.4,"d":"376.40"},8,45.58,{"v":10,"d":"10.00"},36.46,-90.31]
["2388","09区21架01层","轴","014","卡特设备","件",{"$nulls":4},"2007-05-01",4,0.01,0.04,4,{"v":140,"d":"140.00"},{"v":10,"d":"10.00"},{"v":56,"d":"56.00"},{"v":139900,"d":"139,900.00"}]
["2389","09区21架01层","边刀片","8E5529","卡特设备","件",{"$nulls":4},"2007-05-01",4,505.64,2022.56,4,{"v":500,"d":"500.00"},{"v":10,"d":"10.00"},{"v":200,"d":"200.00"},-90.11]
["2390","09区21架02层","销子","2G8614","卡特设备","件",{"$nulls":4},"2012-10-01",2,1413.59,2827.18,2,{"v":1369,"d":"1,369.00"},{"v":20,"d":"20.00"},{"v":547.6,"d":"547.60"},-80.63]
["2391","09区21架02层","销子","2G8610","卡特设备","件",{"$nulls":4},"2012-10-01",2,1577.39,3154.78,2,{"v":1470,"d":"1,470.00"},{"v":20,"d":"20.00"},{"v":588,"d":"588.00"},-81.36]
["2392","09区21架03层","固定片","7N9342","卡特设备","件",{"$nulls":4},"2012-10-01",2,143.13,286.26,2,{"v":140,"d":"140.00"},{"v":20,"d":"20.00"},{"v":56,"d":"56.00"},-80.44]
["2393","09区21架03层","密封","9S8002","卡特设备","件",{"$nulls":4},"2009-03-01",2,50.69,101.38,2,{"v":49,"d":"49.00"},{"v":10,"d":"10.00"},{"v":9.8,"d":"9.80"},-90.33]
["2394","09区21架03层","密封","9S8004","卡特设备","件",{"$nulls":4},"2009-03-01",16,{"v":56.5,"d":"56.50"},{"v":904,"d":"904.00"},16,{"v":55,"d":"55.00"},{"v":10,"d":"10.00"},{"v":88,"d":"88.00"},-90.27]
["2395","09区21架03层","O-型密封","5P3108","卡特设备","件",{"$nulls":4},"2009-08-01",15,9.74,{"v":146.1,"d":"146.10"},15,{"v":9,"d":"9.00"},{"v":10,"d":"10.00"},{"v":13.5,"d":"13.50"},-90.76]
["2396","09区21架03层","灯泡","7N5876#","卡特设备","件",{"$nulls":4},"2009-05-01",10,0.01,{"v":0.1,"d":"0.10"},10,{"v":25,"d":"25.00"},{"v":10,"d":"10.00"},{"v":25,"d":"25.00"},{"v":24900,"d":"24,900.00"}]
["2397","09区21架03层","密封","8J7360","卡特设备","件",{"$nulls":4},"2009-08-01",2,490.12,980.24,2,{"v":475,"d":"475.00"},{"v":10,"d":"10.00"},{"v":95,"d":"95.00"},-90.31]
["2398","09区21架03层","密封","9S4185","卡特设备","件",{"$nulls":4},"2009-08-01",2,83.84,167.68,2,{"v":81,"d":"81.00"},{"v":10,"d":"10.00"},{"v":16.2,"d":"16.20"},-90.34]
["2399","09区21架03层","螺母","2K4973","卡特设备","件",{"$nulls":4},"2007-02-01",1,2.47,2.47,1,2.39,{"v":10,"d":"10.00"},0.24,-90.28]
["2400","09区21架03层","衬环","7W2368","卡特设备","件",{"$nulls":4},"2007-02-01",2,401.05,{"v":802.1,"d":"802.10"},2,{"v":388.5,"d":"388.50"},{"v":10,"d":"10.00"},{"v":77.7,"d":"77.70"},-90.31]
["2401","09区21架03层","O-型密封","4J0526","卡特设备","件",{"$nulls":4},"2009-08-01",2,21.95,{"v":43.9,"d":"43.90"},2,{"v":20,"d":"20.00"},{"v":10,"d":"10.00"},{"v":4,"d":"4.00"},-90.89]
["2402","09区21架03层","塞堵","9S4191","卡特设备","件",{"$nulls":4},"2009-08-01",4,35.52,142.08,4,{"v":35,"d":"35.00"},{"v":10,"d":"10.00"},{"v":14,"d":"14.00"},-90.15]
["2403","09区21架03层","O-型密封","3S9233","卡特设备","件",{"$nulls":4},"2009-08-01",1,11.74,11.74,1,{"v":10,"d":"10.00"},{"v":10,"d":"10.00"},{"v":1,"d":"1.00"},-91.48]
["2404","09区21架03层","密封","9S4180","卡特设备","件",{"$nulls":4},"2009-01-01",10,37.74,{"v":377.4,"d":"377.40"},10,{"v":37,"d":"37.00"},{"v":10,"d":"10.00"},{"v":37,"d":"37.00"},{"v":-90.2,"d":"-90.20"}]
["2405","09区21架03层","接头","1W5380","卡特设备","件",{"$nulls":4},"2010-09-01",1,2856.37,2856.37,1,{"v":2817.5,"d":"2,817.50"},{"v":10,"d":"10.00"},281.75,-90.14]
["2406","09区21架03层","密封",302452,"卡特设备","件",{"$nulls":4},"2009-01-01",3,607.71,1823.13,3,{"v":589,"d":"589.00"},{"v":10,"d":"10.00"},{"v":176.7,"d":"176.70"},-90.31]
["2407","09区21架03层","夹子","4H8878","卡特设备","件",{"$nulls":4},"2009-01-01",1,22.31,22.31,1,21.61,{"v":10,"d":"10.00"},2.16,-90.32]
["2408","09区21架03层","环","7D3491","卡特设备","件",{"$nulls":4},"2007-06-01",4,167.09,668.36,4,161.86,{"v":10,"d":"10.00"},64.74,-90.31]
["2409","09区21架03层","密封","3G8710","卡特设备","件",{"$nulls":4},"2009-01-01",8,475.97,3807.76,8,{"v":461,"d":"461.00"},{"v":10,"d":"10.00"},{"v":368.8,"d":"368.80"},-90.31]
["2410","09区21架03层","O-型密封","5H6005","卡特设备","件",{"$nulls":4},"2009-07-01",3,6.64,19.92,3,{"v":6,"d":"6.00"},{"v":10,"d":"10.00"},{"v":1.8,"d":"1.80"},-90.96]
["2411","09区21架03层","密封","9X7406#","卡特设备","件",{"$nulls":4},"2007-05-01",2,0.01,0.02,2,{"v":1,"d":"1.00"},{"v":10,"d":"10.00"},{"v":0.2,"d":"0.20"},{"v":900,"d":"900.00"}]
["2412","09区21架03层","密封","9T8207","卡特设备","件",{"$nulls":4},"2009-05-01",2,641.67,1283.34,2,{"v":622,"d":"622.00"},{"v":10,"d":"10.00"},{"v":124.4,"d":"124.40"},-90.31]
["2413","09区21架04层","螺母",302480,"卡特设备","件",{"$nulls":4},"2007-02-01",2,71.11,142.22,2,68.88,{"v":10,"d":"10.00"},13.78,-90.31]
["2414","09区21架04层","垫片",302969,"卡特设备","件",{"$nulls":4},"2009-09-01",2,34.19,68.38,2,{"v":33,"d":"33.00"},{"v":10,"d":"10.00"},{"v":6.6,"d":"6.60"},-90.35]
["2415","09区21架04层","膜片",300208,"卡特设备","件",{"$nulls":4},"2009-09-01",2,711.03,1422.06,2,{"v":689,"d":"689.00"},{"v":10,"d":"10.00"},{"v":137.8,"d":"137.80"},-90.31]
["2416","09区21架04层","盖子","6V5874#","卡特设备","件",{"$nulls":4},"2009-05-01",6,0.01,0.06,6,{"v":18,"d":"18.00"},{"v":10,"d":"10.00"},{"v":10.8,"d":"10.80"},{"v":17900,"d":"17,900.00"}]
["2417","09区21架04层","卡环","2M5284#","卡特设备","件",{"$nulls":4},"2009-07-01",8,0.01,0.08,8,{"v":3.8,"d":"3.80"},{"v":10,"d":"10.00"},3.04,{"v":3700,"d":"3,700.00"}]
["2418","09区21架04层","放大器","5P7312","卡特设备","件",{"$nulls":4},"2009-07-01",3,557.68,1673.04,3,{"v":550,"d":"550.00"},{"v":10,"d":"10.00"},{"v":165,"d":"165.00"},-90.14]
["2419","09区21架04层","挡圈","107-3469","卡特设备","件",{"$nulls":4},"2009-07-01",1,51.41,51.41,1,{"v":50,"d":"50.00"},{"v":10,"d":"10.00"},{"v":5,"d":"5.00"},-90.27]
["2420","09区21架04层","橡胶环","2M5282#","卡特设备","件",{"$nulls":4},"2009-05-01",4,0.01,0.04,4,null,null,0,{"v":-100,"d":"-100.00"}]
["2421","09区21架05层","软管","8X3368#","卡特设备","件",{"$nulls":4},"2009-07-01",1,0.01,0.01,1,{"$nulls":3},{"v":-100,"d":"-100.00"}]
["2422","09区21架05层","安装器","5P7298#","卡特设备","件",{"$nulls":4},"2009-08-01",1,0.01,0.01,1,{"v":2800,"d":"2,800.00"},{"v":10,"d":"10.00"},{"v":280,"d":"280.00"},{"v":2799900,"d":"2,799,900.00"}]
["2423","09区21架05层","油尺","8S3995","卡特设备","件",{"$nulls":4},"2009-05-01",1,183.98,183.98,1,{"v":168,"d":"168.00"},{"v":10,"d":"10.00"},{"v":16.8,"d":"16.80"},-90.87]
["2424","09区21架05层","扳手","5P3520","卡特设备","件",{"$nulls":4},"2009-07-01",1,2349.52,2349.52,1,{"v":2276,"d":"2,276.00"},{"v":10,"d":"10.00"},{"v":227.6,"d":"227.60"},-90.31]
["2425","09区21架05层","密封","5I3679","卡特设备","件",{"$nulls":4},"2009-05-01",4,599.38,2397.52,4,{"v":581,"d":"581.00"},{"v":10,"d":"10.00"},{"v":232.4,"d":"232.40"},-90.31]
["2426","09区22架01层","维修组件","9N6289#","卡特设备","件",{"$nulls":4},"2009-06-01",4,0.01,0.04,4,{"v":119,"d":"119.00"},{"v":10,"d":"10.00"},{"v":47.6,"d":"47.60"},{"v":118900,"d":"118,900.00"}]
["2427","09区22架02层","销","114-0468","卡特设备","件",{"$nulls":4},"2009-06-01",3,45.59,136.77,3,44.16,{"v":10,"d":"10.00"},13.25,-90.31]
["2428","09区22架02层","螺母","5C7261#","卡特设备","件",{"$nulls":4},"2009-08-01",2,0.01,0.02,2,{"v":20,"d":"20.00"},{"v":10,"d":"10.00"},{"v":4,"d":"4.00"},{"v":19900,"d":"19,900.00"}]
["2429","09区22架02层","螺栓","9F6580","卡特设备","件",{"$nulls":4},"2007-03-01",2,0.94,1.88,2,0.91,{"v":10,"d":"10.00"},0.18,-90.43]
["2430","09区22架02层","销","114-0358","卡特设备","件",{"$nulls":4},"2007-03-01",1,21.52,21.52,1,20.85,{"v":10,"d":"10.00"},2.09,-90.29]
["2431","09区22架02层","O-型密封","8M5253#","卡特设备","件",{"$nulls":4},"2010-10-01",6,0.01,0.06,6,{"v":1,"d":"1.00"},{"v":10,"d":"10.00"},{"v":0.6,"d":"0.60"},{"v":900,"d":"900.00"}]
["2432","09区22架02层","铁管","6T2818","卡特设备","件",{"$nulls":4},"2010-10-01",1,155.24,155.24,1,{"v":150,"d":"150.00"},{"v":10,"d":"10.00"},{"v":15,"d":"15.00"},-90.34]
["2433","09区22架02层","管卡","8M2770#","卡特设备","件",{"$nulls":4},"2009-07-01",2,0.01,0.02,2,{"v":22,"d":"22.00"},{"v":10,"d":"10.00"},{"v":4.4,"d":"4.40"},{"v":21900,"d":"21,900.00"}]
["2434","09区22架02层","卡簧","114-0359","卡特设备","件",{"$nulls":4},"2009-07-01",7,{"v":37.2,"d":"37.20"},{"v":260.4,"d":"260.40"},7,35.64,{"v":10,"d":"10.00"},24.95,-90.42]
["2435","09区22架02层","卡环","3G9549","卡特设备","件",{"$nulls":4},"2009-07-01",14,31.74,444.36,14,{"v":31,"d":"31.00"},{"v":10,"d":"10.00"},{"v":43.4,"d":"43.40"},-90.23]
["2436","09区22架02层","O-型密封","6M5062#","卡特设备","件",{"$nulls":4},"2009-10-01",1,0.01,0.01,1,{"v":1,"d":"1.00"},{"v":10,"d":"10.00"},{"v":0.1,"d":"0.10"},{"v":900,"d":"900.00"}]
["2437","09区22架02层","管卡","9M4972#","卡特设备","件",{"$nulls":4},"2009-08-01",1,0.01,0.01,1,{"v":29,"d":"29.00"},{"v":10,"d":"10.00"},{"v":2.9,"d":"2.90"},{"v":28900,"d":"28,900.00"}]
["2438","09区22架02层","螺栓","031-0218","卡特设备","件",{"$nulls":4},"2007-03-01",1,10.19,10.19,1,9.87,{"v":10,"d":"10.00"},0.99,-90.28]
["2439","09区22架02层","衬套","8D1251","卡特设备","件",{"$nulls":4},"2007-03-01",1,113.11,113.11,1,{"v":106,"d":"106.00"},{"v":10,"d":"10.00"},{"v":10.6,"d":"10.60"},-90.63]
["2440","09区22架03层","轴承","8N1849","卡特设备","件",{"$nulls":4},"2007-06-01",6,106.67,640.02,6,103.11,{"v":10,"d":"10.00"},61.87,-90.33]
["2441","09区22架03层","轴承组件","9N2041","卡特设备","件",{"$nulls":4},"2007-06-01",8,72.06,576.48,8,{"v":72,"d":"72.00"},{"v":10,"d":"10.00"},{"v":57.6,"d":"57.60"},-90.01]
["2442","09区22架03层","环","4N7609","卡特设备","件",{"$nulls":4},"2007-06-01",5,114.78,{"v":573.9,"d":"573.90"},5,{"v":112.5,"d":"112.50"},{"v":10,"d":"10.00"},56.25,{"v":-90.2,"d":"-90.20"}]
["2443","09区22架03层","密封","8T7211","卡特设备","件",{"$nulls":4},"2009-10-01",20,15.73,{"v":314.6,"d":"314.60"},20,{"v":15,"d":"15.00"},{"v":10,"d":"10.00"},{"v":30,"d":"30.00"},-90.46]
["2444","09区22架03层","传感器","4N5926#","卡特设备","件",{"$nulls":4},"2009-07-01",4,0.01,0.04,4,{"v":550,"d":"550.00"},{"v":10,"d":"10.00"},{"v":220,"d":"220.00"},{"v":549900,"d":"549,900.00"}]
["2445","09区22架03层","密封","8T8337","卡特设备","件",{"$nulls":4},"2009-10-01",2,2.71,5.42,2,{"v":3,"d":"3.00"},{"v":10,"d":"10.00"},{"v":0.6,"d":"0.60"},-88.93]
["2446","09区22架03层","油封","114-0644","卡特设备","件",{"$nulls":4},"2007-06-01",1,284.41,284.41,1,275.51,{"v":10,"d":"10.00"},27.55,-90.31]
["2447","09区22架03层","耐磨环","4T6780","卡特设备","颗",{"$nulls":4},"2011-11-01",2,112.83,225.66,2,{"v":109.3,"d":"109.30"},{"v":11,"d":"11.00"},24.05,-89.34]
["2448","09区22架03层","密封","4J0520","卡特设备","件",{"$nulls":4},"2009-10-01",3,{"v":15.6,"d":"15.60"},{"v":46.8,"d":"46.80"},3,{"v":15,"d":"15.00"},{"v":10,"d":"10.00"},{"v":4.5,"d":"4.50"},-90.38]
["2449","09区22架03层","密封","8T7212","卡特设备","件",{"$nulls":4},"2009-10-01",5,17.13,85.65,5,{"v":17,"d":"17.00"},{"v":10,"d":"10.00"},{"v":8.5,"d":"8.50"},-90.08]
["2450","09区22架03层","机油箱盖","6N2985#","卡特设备","件",{"$nulls":4},"2010-07-01",1,0.01,0.01,1,{"v":18.8,"d":"18.80"},{"v":10,"d":"10.00"},1.88,{"v":18700,"d":"18,700.00"}]
["2451","09区22架03层","盖子","7N2867","卡特设备","件",{"$nulls":4},"2010-07-01",35,20.02,{"v":700.7,"d":"700.70"},35,{"v":19,"d":"19.00"},{"v":10,"d":"10.00"},{"v":66.5,"d":"66.50"},-90.51]
["2452","09区22架04层","油温表","4W0485","卡特设备","件",{"$nulls":4},"2010-07-01",3,{"v":431.5,"d":"431.50"},{"v":1294.5,"d":"1294.50"},3,417.99,{"v":10,"d":"10.00"},{"v":125.4,"d":"125.40"},-90.31]
["2453","09区22架04层","轴承","4N7597#","卡特设备","件",{"$nulls":4},"2009-07-01",2,0.01,0.02,2,{"v":100,"d":"100.00"},{"v":10,"d":"10.00"},{"v":20,"d":"20.00"},{"v":99900,"d":"99,900.00"}]
["2454","09区22架04层","泵","1W1695","卡特设备","件",{"$nulls":4},"2009-04-01",1,4383.45,4383.45,1,{"v":4300,"d":"4,300.00"},{"v":10,"d":"10.00"},{"v":430,"d":"430.00"},-90.19]
["2455","09区22架04层","弯管","7W5919","卡特设备","件",{"$nulls":4},"2010-06-01",11,2442.58,26868.38,11,{"v":2366,"d":"2,366.00"},{"v":10,"d":"10.00"},{"v":2602.6,"d":"2,602.60"},-90.31]
["2456","09区22架04层","工具组件","4C8735#","卡特设备","件",{"$nulls":4},"2009-10-01",1,0.01,0.01,1,{"v":178,"d":"178.00"},{"v":10,"d":"10.00"},{"v":17.8,"d":"17.80"},{"v":177900,"d":"177,900.00"}]
["2457","09区22架04层","轴承套","5J1193","卡特设备","件",{"$nulls":4},"2009-07-01",2,{"v":515.5,"d":"515.50"},{"v":1031,"d":"1031.00"},2,{"v":499,"d":"499.00"},{"v":10,"d":"10.00"},{"v":99.8,"d":"99.80"},-90.32]
["2458","09区22架04层","阀","6N7674#","卡特设备","件",{"$nulls":4},"2009-05-01",1,0.01,0.01,1,{"v":366,"d":"366.00"},{"v":10,"d":"10.00"},{"v":36.6,"d":"36.60"},{"v":365900,"d":"365,900.00"}]
["2459","09区22排01层","油底壳","8N0424","卡特设备","件",{"$nulls":4},"2012-10-01",1,8656.21,8656.21,1,{"v":8500,"d":"8,500.00"},{"v":20,"d":"20.00"},{"v":1700,"d":"1,700.00"},-80.36]
["2460","09区22排02层","阀","2S5926","卡特设备","件",{"$nulls":4},"2009-05-01",1,77.28,77.28,1,{"v":70,"d":"70.00"},{"v":10,"d":"10.00"},{"v":7,"d":"7.00"},-90.94]
["2461","09区22排02层","销轴","9W2678","卡特设备","件",{"$nulls":4},"2009-07-01",12,48.39,580.68,12,46.88,{"v":10,"d":"10.00"},56.26,-90.31]
["2462","09区22排02层","销","114-0468","卡特设备","件",{"$nulls":4},"2009-07-01",3,45.59,136.77,3,44.16,{"v":10,"d":"10.00"},13.25,-90.31]
["2463","09区22排03层","O-型密封","5H8848","卡特设备","件",{"$nulls":4},"2009-10-01",40,28.16,{"v":1126.4,"d":"1126.40"},40,{"v":27,"d":"27.00"},{"v":10,"d":"10.00"},{"v":108,"d":"108.00"},-90.41]
["2464","09区22排03层","螺栓","8T2501","卡特设备","件",{"$nulls":4},"2007-05-01",12,{"v":6.9,"d":"6.90"},{"v":82.8,"d":"82.80"},12,6.68,{"v":10,"d":"10.00"},8.02,-90.31]
["2465","09区22排03层","垫片","9Y4582","卡特设备","件",{"$nulls":4},"2009-09-01",3,36.24,108.72,3,{"v":35,"d":"35.00"},{"v":10,"d":"10.00"},{"v":10.5,"d":"10.50"},-90.34]
["2466","09区22排03层","密封","4J0520","卡特设备","件",{"$nulls":4},"2009-11-01",8,{"v":15.6,"d":"15.60"},{"v":124.8,"d":"124.80"},8,{"v":15,"d":"15.00"},{"v":10,"d":"10.00"},{"v":12,"d":"12.00"},-90.38]
["2467","09区23架01层","轴","7G3263","卡特设备","件",{"$nulls":4},"2011-11-01",1,12840.25,12840.25,1,{"v":12438,"d":"12,438.00"},{"v":11,"d":"11.00"},{"v":1368.18,"d":"1,368.18"},-89.34]
["2468","09区23架02层","密封","8M4989","卡特设备","件",{"$nulls":4},"2009-11-01",4,75.33,301.32,4,{"v":73,"d":"73.00"},{"v":10,"d":"10.00"},{"v":29.2,"d":"29.20"},-90.31]
["2469","09区23架03层","左联锁","8T1979","卡特设备","件",{"$nulls":4},"2012-10-01",1,1587.37,1587.37,1,{"v":1537.69,"d":"1,537.69"},{"v":20,"d":"20.00"},307.54,-80.63]
["2470","09区23架03层","堵头","203-3220","卡特设备","件",{"$nulls":4},"2007-05-01",1,{"v":483.6,"d":"483.60"},{"v":483.6,"d":"483.60"},1,454.26,{"v":10,"d":"10.00"},45.43,-90.61]
["2471","09区23架03层","油封","6N7174","卡特设备","件",{"$nulls":4},"2007-06-01",96,22.11,2122.56,96,21.42,{"v":10,"d":"10.00"},205.63,-90.31]
["2472","09区23架03层","密封","5H1190","卡特设备","件",{"$nulls":4},"2009-11-01",2,33.72,67.44,2,{"v":33,"d":"33.00"},{"v":10,"d":"10.00"},{"v":6.6,"d":"6.60"},-90.21]
["2473","09区23架03层","密封","6V7991","卡特设备","件",{"$nulls":4},"2009-11-01",2,{"v":43.6,"d":"43.60"},{"v":87.2,"d":"87.20"},2,{"v":42,"d":"42.00"},{"v":10,"d":"10.00"},{"v":8.4,"d":"8.40"},-90.37]
["2474","09区23架03层","螺栓","7Y5243","卡特设备","件",{"$nulls":4},"2007-05-01",2,209.88,419.76,2,203.31,{"v":10,"d":"10.00"},40.66,-90.31]
["2475","09区23架03层","开关","3E5464","卡特设备","件",{"$nulls":4},"2007-06-01",11,177.76,1955.36,11,{"$nulls":3},{"v":-100,"d":"-100.00"}]
["2476","09区23架03层","螺栓","8T4944","卡特设备","件",{"$nulls":4},"2007-05-01",4,47.27,189.08,4,45.79,{"v":10,"d":"10.00"},18.32,-90.31]
["2477","09区23架03层","耐磨环","8T6744","卡特设备","件",{"$nulls":4},"2011-11-01",7,256.46,1795.22,7,{"v":245,"d":"245.00"},{"v":11,"d":"11.00"},188.65,-89.49]
["2478","09区23架03层","垫子","8N0422","卡特设备","件",{"$nulls":4},"2010-09-01",2,49.38,98.76,2,47.83,{"v":10,"d":"10.00"},9.57,-90.31]
["2479","09区23架03层","螺栓","7Y5244","卡特设备","件",{"$nulls":4},"2007-05-01",2,270.06,540.12,2,261.61,{"v":10,"d":"10.00"},52.32,-90.31]
["2480","09区23架04层","液压油箱盖","7N5565#","卡特设备","件",{"$nulls":4},"2009-10-01",1,0.01,0.01,1,{"v":50,"d":"50.00"},{"v":10,"d":"10.00"},{"v":5,"d":"5.00"},{"v":49900,"d":"49,900.00"}]
["2481","09区23架04层","拉杆","8S8293","卡特设备","件",{"$nulls":4},"2009-10-01",1,2844.11,2844.11,1,{"v":2800,"d":"2,800.00"},{"v":10,"d":"10.00"},{"v":280,"d":"280.00"},-90.16]
["2482","09区23架04层","开关","6P3236","卡特设备","套",{"$nulls":4},"2011-04-01",8,130.65,{"v":1045.2,"d":"1045.20"},8,{"$nulls":3},{"v":-100,"d":"-100.00"}]
["2483","09区23架04层","拔具","5F7465#","卡特设备","件",{"$nulls":4},"2009-11-01",1,0.01,0.01,1,{"v":41.5,"d":"41.50"},{"v":10,"d":"10.00"},4.15,{"v":41400,"d":"41,400.00"}]
["2484","09区23架04层","马达轴","209-6063","卡特设备","件",{"$nulls":4},"2009-10-01",1,3235.17,3235.17,1,{"v":3000,"d":"3,000.00"},{"v":10,"d":"10.00"},{"v":300,"d":"300.00"},-90.73]
["2485","09区23架04层","线束","238-1639","卡特设备","件",{"$nulls":4},"2009-10-01",1,3825.84,3825.84,1,{"v":3600,"d":"3,600.00"},{"v":10,"d":"10.00"},{"v":360,"d":"360.00"},-90.59]
["2486","09区23架05层","灯座","6N7988#","卡特设备","件",{"$nulls":4},"2009-07-01",4,0.01,0.04,4,{"v":20,"d":"20.00"},{"v":10,"d":"10.00"},{"v":8,"d":"8.00"},{"v":19900,"d":"19,900.00"}]
["2487","09区23架05层","密封组件","204-2720","卡特设备","颗",{"$nulls":4},"2009-11-01",1,2353.44,2353.44,1,{"v":2280,"d":"2,280.00"},{"v":10,"d":"10.00"},{"v":228,"d":"228.00"},-90.31]
["2488","09区23架06层","滤芯","7Y1322","卡特设备","件",{"$nulls":4},"2012-10-01",1,340.56,340.56,1,{"v":340,"d":"340.00"},{"v":20,"d":"20.00"},{"v":68,"d":"68.00"},-80.03]
["2489","09区23架06层","气门室座","4W2580","卡特设备","颗",{"$nulls":4},"2012-10-01",4,3708.11,14832.44,4,{"v":3600,"d":"3,600.00"},{"v":20,"d":"20.00"},{"v":2880,"d":"2,880.00"},-80.58]
["2490","09区23排06层","滤芯","7Y1322","卡特设备","件",{"$nulls":4},"2012-10-01",1,340.56,340.56,1,{"v":340,"d":"340.00"},{"v":20,"d":"20.00"},{"v":68,"d":"68.00"},-80.03]
["2491","09区24架01层","发电机","177-9953","卡特设备","件",{"$nulls":4},"2011-11-01",3,11321.14,33963.42,3,{"v":10967,"d":"10,967.00"},{"v":11,"d":"11.00"},{"v":3619.11,"d":"3,619.11"},-89.34]
["2492","09区24架01层","涡轮增压器","4N7601","卡特设备","件",{"$nulls":4},"2009-10-01",2,14236.19,28472.38,2,{"v":13800,"d":"13,800.00"},{"v":10,"d":"10.00"},{"v":2760,"d":"2,760.00"},-90.31]
["2493","09区24架01层","马达","7Y5571","卡特设备","件",{"$nulls":4},"2009-10-01",1,{"v":10665.4,"d":"10665.40"},{"v":10665.4,"d":"10665.40"},1,{"v":10500,"d":"10,500.00"},{"v":10,"d":"10.00"},{"v":1050,"d":"1,050.00"},-90.16]
["2494","09区24架02层","标件","4C6601#","卡特设备","件",{"$nulls":4},"2009-07-01",1,0.01,0.01,1,{"v":1,"d":"1.00"},{"v":10,"d":"10.00"},{"v":0.1,"d":"0.10"},{"v":900,"d":"900.00"}]
["2495","09区24架02层","密封组件","199-7416","卡特设备","件",{"$nulls":4},"2009-11-01",2,2136.59,4273.18,2,{"v":2070,"d":"2,070.00"},{"v":10,"d":"10.00"},{"v":414,"d":"414.00"},-90.31]
["2496","09区24架03层","护罩","1W6186","卡特设备","件",{"$nulls":4},"2009-11-01",1,502.77,502.77,1,{"v":487,"d":"487.00"},{"v":10,"d":"10.00"},{"v":48.7,"d":"48.70"},-90.31]
["2497","09区24架03层","螺栓","9L8925","卡特设备","件",{"$nulls":4},"2007-05-01",5,{"v":1.4,"d":"1.40"},{"v":7,"d":"7.00"},5,1.36,{"v":10,"d":"10.00"},0.68,-90.29]
["2498","09区24架03层","耐磨套","3J6484","卡特设备","件",{"$nulls":4},"2007-05-01",2,{"v":551.9,"d":"551.90"},{"v":1103.8,"d":"1103.80"},2,{"v":500,"d":"500.00"},{"v":10,"d":"10.00"},{"v":100,"d":"100.00"},-90.94]
["2499","09区24架03层","垫片","5P7213","卡特设备","件",{"$nulls":4},"2009-09-01",27,2.01,54.27,27,{"v":2,"d":"2.00"},{"v":10,"d":"10.00"},{"v":5.4,"d":"5.40"},-90.05]
["2500","09区24架03层","开关","3T2357","卡特设备","件",{"$nulls":4},"2009-09-01",2,315.39,630.78,2,{"$nulls":3},{"v":-100,"d":"-100.00"}]
["2501","09区24架03层","扳手","4C5027","卡特设备","件",{"$nulls":4},"2009-09-01",1,25.69,25.69,1,25.48,{"v":10,"d":"10.00"},2.55,-90.07]
["2502","09区24架03层","扳手","4C5026","卡特设备","件",{"$nulls":4},"2009-09-01",1,27.79,27.79,1,{"v":27,"d":"27.00"},{"v":10,"d":"10.00"},{"v":2.7,"d":"2.70"},-90.28]
["2503","09区24架04层","软管","4I1760","卡特设备","件",{"$nulls":4},"2007-07-01",1,362.76,362.76,1,{"$nulls":3},{"v":-100,"d":"-100.00"}]
["2504","09区24架04层","软管","4I8823","卡特设备","件",{"$nulls":4},"2007-07-01",2,{"v":1515.1,"d":"1515.10"},{"v":3030.2,"d":"3030.20"},2,{"$nulls":3},{"v":-100,"d":"-100.00"}]
["2505","09区24架04层","软管","6I6831","卡特设备","件",{"$nulls":4},"2009-07-01",1,995.92,995.92,1,{"$nulls":3},{"v":-100,"d":"-100.00"}]
["2506","09区24架04层","软管","8T6649","卡特设备","件",{"$nulls":4},"2009-07-01",2,3026.83,6053.66,2,{"$nulls":3},{"v":-100,"d":"-100.00"}]
["2507","09区24架04层","软管","4I8850","卡特设备","件",{"$nulls":4},"2007-07-01",1,629.84,629.84,1,{"$nulls":3},{"v":-100,"d":"-100.00"}]
["2508","09区24架05层","滤芯","1R0720","卡特设备","件",{"$nulls":4},"2012-10-01",44,75.62,3327.28,44,{"v":70,"d":"70.00"},{"v":20,"d":"20.00"},{"v":616,"d":"616.00"},-81.49]
["2509","09区24架06层","滤芯","1P8482","卡特设备","件",{"$nulls":4},"2012-10-01",25,390.24,{"v":9756,"d":"9756.00"},25,{"v":360,"d":"360.00"},{"v":20,"d":"20.00"},{"v":1800,"d":"1,800.00"},-81.55]
["2510","09区25架01层","套筒","7F5285","卡特设备","件",{"$nulls":4},"2009-09-01",2,870.12,1740.24,2,{"v":868,"d":"868.00"},{"v":10,"d":"10.00"},{"v":173.6,"d":"173.60"},-90.02]
["2511","09区25架01层","油封组件","6Y0858","卡特设备","颗",{"$nulls":4},"2011-10-01",1,2694.07,2694.07,1,{"v":2609.75,"d":"2,609.75"},{"v":10,"d":"10.00"},260.98,-90.31]
["2512","09区25架02层","堵头","5B7890","卡特设备","个",{"$nulls":4},"2011-10-01",11,48.98,538.78,11,{"v":47,"d":"47.00"},{"v":10,"d":"10.00"},{"v":51.7,"d":"51.70"},{"v":-90.4,"d":"-90.40"}]
["2513","09区25架02层","弯管","3B6552","卡特设备","件",{"$nulls":4},"2011-10-01",4,40.17,160.68,4,{"v":38,"d":"38.00"},{"v":10,"d":"10.00"},{"v":15.2,"d":"15.20"},-90.54]
["2514","09区25架02层","开口销","2L3650#","卡特设备","件",{"$nulls":4},"2009-08-01",15,0.01,0.15,15,{"v":11.6,"d":"11.60"},{"v":10,"d":"10.00"},{"v":17.4,"d":"17.40"},{"v":11500,"d":"11,500.00"}]
["2515","09区25架02层","螺栓","6L8562","卡特设备","件",{"$nulls":4},"2007-05-01",6,62.94,377.64,6,60.97,{"v":10,"d":"10.00"},36.58,-90.31]
["2516","09区25架02层","密封","5S1188","卡特设备","颗",{"$nulls":4},"2009-12-01",4,73.34,293.36,4,{"v":71,"d":"71.00"},{"v":10,"d":"10.00"},{"v":28.4,"d":"28.40"},-90.32]
["2517","09区25架02层","锁圈","4K0499#","卡特设备","件",{"$nulls":4},"2009-05-01",1,0.01,0.01,1,{"v":17,"d":"17.00"},{"v":10,"d":"10.00"},{"v":1.7,"d":"1.70"},{"v":16900,"d":"16,900.00"}]
["2518","09区25架02层","支座","2W0796","卡特设备","件",{"$nulls":4},"2009-05-01",2,232.25,{"v":464.5,"d":"464.50"},2,224.98,{"v":10,"d":"10.00"},{"v":45,"d":"45.00"},-90.31]
["2519","09区25架02层","油咀","6L3616#","卡特设备","件",{"$nulls":4},"2009-06-01",2,0.01,0.02,2,{"v":80,"d":"80.00"},{"v":10,"d":"10.00"},{"v":16,"d":"16.00"},{"v":79900,"d":"79,900.00"}]
["2520","09区25架02层","接头","8L3282#","卡特设备","件",{"$nulls":4},"2009-03-01",9,0.01,0.09,9,{"v":15,"d":"15.00"},{"v":10,"d":"10.00"},{"v":13.5,"d":"13.50"},{"v":14900,"d":"14,900.00"}]
["2521","09区25架02层","螺栓","7L0520","卡特设备","件",{"$nulls":4},"2007-05-01",2,56.41,112.82,2,54.64,{"v":10,"d":"10.00"},10.93,-90.31]
["2522","09区25架02层","螺母","6L1962#","卡特设备","件",{"$nulls":4},"2009-07-01",9,0.01,0.09,9,{"v":20,"d":"20.00"},{"v":10,"d":"10.00"},{"v":18,"d":"18.00"},{"v":19900,"d":"19,900.00"}]
["2523","09区25架02层","螺栓","8T4136","卡特设备","件",{"$nulls":4},"2007-05-01",2,3.25,{"v":6.5,"d":"6.50"},2,3.15,{"v":10,"d":"10.00"},0.63,-90.31]
["2524","09区25架03层","密封","5K6191#","卡特设备","件",{"$nulls":4},"2009-12-01",2,0.01,0.02,2,{"v":1,"d":"1.00"},{"v":10,"d":"10.00"},{"v":0.2,"d":"0.20"},{"v":900,"d":"900.00"}]
["2525","09区25架03层","支架","8N2574","卡特设备","件",{"$nulls":4},"2009-12-01",1,456.56,456.56,1,442.27,{"v":10,"d":"10.00"},44.23,-90.31]
["2526","09区25架03层","轴承","9M2004#","卡特设备","件",{"$nulls":4},"2009-03-01",4,0.01,0.04,4,{"v":100,"d":"100.00"},{"v":10,"d":"10.00"},{"v":40,"d":"40.00"},{"v":99900,"d":"99,900.00"}]
["2527","09区25架03层","轴承","5M7925#","卡特设备","件",{"$nulls":4},"2009-11-01",31,0.01,0.31,31,{"v":100,"d":"100.00"},{"v":10,"d":"10.00"},{"v":310,"d":"310.00"},{"v":99900,"d":"99,900.00"}]
["2528","09区25架03层","轴承","9M1605#","卡特设备","件",{"$nulls":4},"2009-05-01",4,0.01,0.04,4,{"v":100,"d":"100.00"},{"v":10,"d":"10.00"},{"v":40,"d":"40.00"},{"v":99900,"d":"99,900.00"}]
["2529","09区25架04层","螺栓","5B2638","卡特设备","件",{"$nulls":4},"2007-04-01",2,{"v":11.7,"d":"11.70"},{"v":23.4,"d":"23.40"},2,11.33,{"v":10,"d":"10.00"},2.27,{"v":-90.3,"d":"-90.30"}]
["2530","09区25架04层","轴承","7M4046#","卡特设备","件",{"$nulls":4},"2009-08-01",4,0.01,0.04,4,{"v":100,"d":"100.00"},{"v":10,"d":"10.00"},{"v":40,"d":"40.00"},{"v":99900,"d":"99,900.00"}]
["2531","09区25架04层","密封","6V5597","卡特设备","件",{"$nulls":4},"2009-12-01",15,{"v":11.8,"d":"11.80"},{"v":177,"d":"177.00"},15,{"v":11,"d":"11.00"},{"v":10,"d":"10.00"},{"v":16.5,"d":"16.50"},-90.68]
["2532","09区25架04层","电线","238-2440","卡特设备","件",{"$nulls":4},"2009-12-01",1,390.22,390.22,1,{"v":378,"d":"378.00"},{"v":10,"d":"10.00"},{"v":37.8,"d":"37.80"},-90.31]
["2533","09区25架04层","销","9W2668","卡特设备","件",{"$nulls":4},"2009-12-01",2,126.21,252.42,2,{"v":110,"d":"110.00"},{"v":10,"d":"10.00"},{"v":22,"d":"22.00"},-91.28]
["2534","09区25架04层","滤芯","7M1674#","卡特设备","件",{"$nulls":4},"2009-11-01",85,0.01,0.85,85,{"v":99,"d":"99.00"},{"v":10,"d":"10.00"},{"v":841.5,"d":"841.50"},{"v":98900,"d":"98,900.00"}]
["2535","09区25架04层","销","7Y0916","卡特设备","件",{"$nulls":4},"2009-11-01",2,751.57,1503.14,2,{"v":720,"d":"720.00"},{"v":10,"d":"10.00"},{"v":144,"d":"144.00"},-90.42]
["2536","09区25架05层","滤芯","1P2299","卡特设备","件",{"$nulls":4},"2009-11-01",8,124.34,994.72,8,120.45,{"v":10,"d":"10.00"},96.36,-90.31]
["2537","09区25架05层","滤芯","1R0746#","卡特设备","件",{"$nulls":4},"2009-11-01",5,0.01,0.05,5,{"v":245,"d":"245.00"},{"v":10,"d":"10.00"},{"v":122.5,"d":"122.50"},{"v":244900,"d":"244,900.00"}]
["2538","09区25架05层","滤芯","9M2342","卡特设备","件",{"$nulls":4},"2009-11-01",25,49.09,1227.25,25,47.55,{"v":10,"d":"10.00"},118.88,-90.31]
["2539","09区25排01层","连杆","8N1728","卡特设备","件",{"$nulls":4},"2014-10-01",1,{"v":4136.7,"d":"4136.70"},{"v":4136.7,"d":"4136.70"},1,{"v":3880,"d":"3,880.00"},{"v":40,"d":"40.00"},{"v":1552,"d":"1,552.00"},-62.48]
["2540","09区25排01层","气缸套","7W3550","卡特设备","件",{"$nulls":4},"2014-10-01",1,1408.48,1408.48,1,{"v":1364,"d":"1,364.00"},{"v":40,"d":"40.00"},{"v":545.6,"d":"545.60"},-61.26]
["2541","09区25排03层","垫子","8S9129","卡特设备","件",{"$nulls":4},"2013-04-01",2,105.11,210.22,2,101.82,{"v":25,"d":"25.00"},50.91,-75.78]
["2542","09区25排03层","垫子","2N0931","卡特设备","件",{"$nulls":4},"2013-04-01",2,13.74,27.48,2,13.31,{"v":25,"d":"25.00"},6.66,-75.76]
["2543","09区25排03层","法兰","4N2198","卡特设备","件",{"$nulls":4},"2015-01-01",1,813.92,813.92,1,{"v":800,"d":"800.00"},{"v":43,"d":"43.00"},{"v":344,"d":"344.00"},-57.74]
["2544","09区25排03层","堵头","9S6130","卡特设备","件",{"$nulls":4},"2009-08-01",2,146.86,293.72,2,{"v":142,"d":"142.00"},{"v":10,"d":"10.00"},{"v":28.4,"d":"28.40"},-90.33]
["2545","09区25排03层","垫圈","3S7781","卡特设备","件",{"$nulls":4},"2013-04-01",2,24.79,49.58,2,{"v":24,"d":"24.00"},{"v":25,"d":"25.00"},{"v":12,"d":"12.00"},{"v":-75.8,"d":"-75.80"}]
["2546","09区25排03层","密封","5H6734","卡特设备","件",{"$nulls":4},"2013-04-01",2,37.66,75.32,2,{"v":36,"d":"36.00"},{"v":25,"d":"25.00"},{"v":18,"d":"18.00"},{"v":-76.1,"d":"-76.10"}]
["2547","09区25排04层","密封","8J1699","卡特设备","件",{"$nulls":4},"2009-12-01",2,5.88,11.76,2,{"v":6,"d":"6.00"},{"v":10,"d":"10.00"},{"v":1.2,"d":"1.20"},{"v":-89.8,"d":"-89.80"}]
["2548","09区26架01层","链条","6G1670","卡特设备","件",{"$nulls":4},"2009-05-01",2,3898.31,7796.62,2,{"v":3800,"d":"3,800.00"},{"v":10,"d":"10.00"},{"v":760,"d":"760.00"},-90.25]
["2549","09区26架01层","软管","4I8829","卡特设备","件",{"$nulls":4},"2007-07-01",1,1948.68,1948.68,1,{"$nulls":3},{"v":-100,"d":"-100.00"}]
["2550","09区26架01层","软管","005","卡特设备","件",{"$nulls":4},"2009-07-01",1,0.01,0.01,1,{"$nulls":3},{"v":-100,"d":"-100.00"}]
["2551","09区26架02层","夹胶玻璃","008","卡特设备","件",{"$nulls":4},"2009-07-01",2,0.01,0.02,2,{"$nulls":3},{"v":-100,"d":"-100.00"}]
["2552","09区26架02层","玻璃","6G2062#","卡特设备","件",{"$nulls":4},"2009-04-01",2,0.01,0.02,2,{"$nulls":3},{"v":-100,"d":"-100.00"}]
["2553","09区26架03层","轴承","1L7205#","卡特设备","件",{"$nulls":4},"2009-07-01",2,0.01,0.02,2,{"v":100,"d":"100.00"},{"v":10,"d":"10.00"},{"v":20,"d":"20.00"},{"v":99900,"d":"99,900.00"}]
["2554","09区26架03层","轴承","1L7203","卡特设备","件",{"$nulls":4},"2011-11-01",80,394.47,{"v":31557.6,"d":"31557.60"},80,{"v":385,"d":"385.00"},{"v":11,"d":"11.00"},{"v":3388,"d":"3,388.00"},-89.26]
["2555","09区26架03层","轴承外环","1L7319","卡特设备","件",{"$nulls":4},"2011-11-01",80,322.19,{"v":25775.2,"d":"25775.20"},80,312.11,{"v":11,"d":"11.00"},{"v":2746.57,"d":"2,746.57"},-89.34]
["2556","09区26架04层","软管","4I1637","卡特设备","件",{"$nulls":4},"2007-07-01",1,714.82,714.82,1,{"$nulls":3},{"v":-100,"d":"-100.00"}]
["2557","09区26架04层","软管","087-5775","卡特设备","件",{"$nulls":4},"2007-07-01",1,449.72,449.72,1,{"$nulls":3},{"v":-100,"d":"-100.00"}]
["2558","09区26架04层","皮带","9L6639#","卡特设备","件",{"$nulls":4},"2009-06-01",3,0.01,0.03,3,{"v":33,"d":"33.00"},{"v":10,"d":"10.00"},{"v":9.9,"d":"9.90"},{"v":32900,"d":"32,900.00"}]
["2559","09区26架04层","管卡","7W1208","卡特设备","件",{"$nulls":4},"2009-06-01",8,138.86,1110.88,8,136.04,{"v":10,"d":"10.00"},108.83,{"v":-90.2,"d":"-90.20"}]
["2560","09区26架05层","铁管","7E3902","卡特设备","件",{"$nulls":4},"2009-06-01",1,965.17,965.17,1,{"v":935,"d":"935.00"},{"v":10,"d":"10.00"},{"v":93.5,"d":"93.50"},-90.31]
["2561","09区26架05层","管子","4N7651","卡特设备","件",{"$nulls":4},"2009-07-01",2,1618.07,3236.14,2,{"v":1550,"d":"1,550.00"},{"v":10,"d":"10.00"},{"v":310,"d":"310.00"},-90.42]
["2562","09区26架05层","接头","4N7650","卡特设备","件",{"$nulls":4},"2009-05-01",2,743.29,1486.58,2,{"v":710,"d":"710.00"},{"v":10,"d":"10.00"},{"v":142,"d":"142.00"},-90.45]
["2563","09区26架06层","滤芯","9M2341","卡特设备","件",{"$nulls":4},"2009-11-01",44,{"v":50.6,"d":"50.60"},{"v":2226.4,"d":"2226.40"},44,{"v":50,"d":"50.00"},{"v":10,"d":"10.00"},{"v":220,"d":"220.00"},-90.12]
["2564","09区26架06层","铁管","7E3903","卡特设备","件",{"$nulls":4},"2009-11-01",1,{"v":718,"d":"718.00"},{"v":718,"d":"718.00"},1,702.68,{"v":10,"d":"10.00"},70.27,-90.21]
["2565","09区27架01层","软管","4I0812","卡特设备","件",{"$nulls":4},"2007-07-01",1,{"v":689.7,"d":"689.70"},{"v":689.7,"d":"689.70"},1,{"$nulls":3},{"v":-100,"d":"-100.00"}]
["2566","09区27架02层","油管","111-0934","卡特设备","件",{"$nulls":4},"2007-07-01",1,437.63,437.63,1,423.93,{"v":10,"d":"10.00"},42.39,-90.31]
["2567","09区27架02层","软管","7T3912","卡特设备","件",{"$nulls":4},"2009-07-01",2,1288.14,2576.28,2,{"$nulls":3},{"v":-100,"d":"-100.00"}]
["2568","09区27架02层","软管","8E1041","卡特设备","件",{"$nulls":4},"2009-07-01",1,868.28,868.28,1,{"$nulls":3},{"v":-100,"d":"-100.00"}]
["2569","09区27架02层","软管","5T9701","卡特设备","件",{"$nulls":4},"2009-07-01",1,818.64,818.64,1,{"$nulls":3},{"v":-100,"d":"-100.00"}]
["2570","09区27架02层","软管","7T3913","卡特设备","件",{"$nulls":4},"2009-07-01",1,1107.89,1107.89,1,{"$nulls":3},{"v":-100,"d":"-100.00"}]
["2571","09区27架03层","阀","7T3987","卡特设备","件",{"$nulls":4},"2009-05-01",1,1321.42,1321.42,1,{"v":1210,"d":"1,210.00"},{"v":10,"d":"10.00"},{"v":121,"d":"121.00"},-90.84]
["2572","09区27架03层","皮带","4N8225","卡特设备","件",{"$nulls":4},"2009-05-01",2,731.94,1463.88,2,{"v":709,"d":"709.00"},{"v":10,"d":"10.00"},{"v":141.8,"d":"141.80"},-90.31]
["2573","09区27架03层","阀","9G4365","卡特设备","件",{"$nulls":4},"2009-05-01",2,631.79,1263.58,2,{"v":615,"d":"615.00"},{"v":10,"d":"10.00"},{"v":123,"d":"123.00"},-90.27]
["2574","09区27架03层","轴承","7H7628#","卡特设备","件",{"$nulls":4},"2009-05-01",1,0.01,0.01,1,{"v":100,"d":"100.00"},{"v":10,"d":"10.00"},{"v":10,"d":"10.00"},{"v":99900,"d":"99,900.00"}]
["2575","09区27架03层","雨刮电机","9X3392","卡特设备","件",{"$nulls":4},"2009-05-01",3,1273.71,3821.13,3,{"v":1233.84,"d":"1,233.84"},{"v":10,"d":"10.00"},370.15,-90.31]
["2576","09区27架03层","法兰轴","1W5690","卡特设备","件",{"$nulls":4},"2009-08-01",2,3018.47,6036.94,2,{"v":2924,"d":"2,924.00"},{"v":10,"d":"10.00"},{"v":584.8,"d":"584.80"},-90.31]
["2577","09区27架04层","软管","7Y8478","卡特设备","件",{"$nulls":4},"2009-07-01",1,544.84,544.84,1,{"$nulls":3},{"v":-100,"d":"-100.00"}]
["2578","09区27架04层","软管","7Y5806","卡特设备","条",{"$nulls":4},"2009-07-01",1,{"v":416.8,"d":"416.80"},{"v":416.8,"d":"416.80"},1,{"$nulls":3},{"v":-100,"d":"-100.00"}]
["2579","09区27架04层","软管","087-5773","卡特设备","件",{"$nulls":4},"2007-07-01",1,420.95,420.95,1,{"$nulls":3},{"v":-100,"d":"-100.00"}]
["2580","09区27架04层","软管","5I8731","卡特设备","件",{"$nulls":4},"2009-07-01",2,1270.96,2541.92,2,{"$nulls":3},{"v":-100,"d":"-100.00"}]
["2581","09区27架04层","软管","087-5760","卡特设备","件",{"$nulls":4},"2007-07-01",1,425.31,425.31,1,{"$nulls":3},{"v":-100,"d":"-100.00"}]
["2582","09区27架04层","软管","4I0769","卡特设备","件",{"$nulls":4},"2007-07-01",1,{"v":629.4,"d":"629.40"},{"v":629.4,"d":"629.40"},1,{"$nulls":3},{"v":-100,"d":"-100.00"}]
["2583","09区27架04层","软管","087-5771","卡特设备","件",{"$nulls":4},"2007-07-01",1,425.12,425.12,1,{"$nulls":3},{"v":-100,"d":"-100.00"}]
["2584","09区27架04层","软管","087-5780","卡特设备","件",{"$nulls":4},"2007-07-01",3,598.48,1795.44,3,{"$nulls":3},{"v":-100,"d":"-100.00"}]
["2585","09区27架04层","软管","4I0800","卡特设备","件",{"$nulls":4},"2007-07-01",1,449.53,449.53,1,{"$nulls":3},{"v":-100,"d":"-100.00"}]
["2586","09区27架04层","软管","4I0772","卡特设备","件",{"$nulls":4},"2007-07-01",1,712.79,712.79,1,{"$nulls":3},{"v":-100,"d":"-100.00"}]
["2587","09区27架05层","软管","4I3535","卡特设备","件",{"$nulls":4},"2007-07-01",1,814.11,814.11,1,{"$nulls":3},{"v":-100,"d":"-100.00"}]
["2588","09区27架05层","软管","4I0794","卡特设备","件",{"$nulls":4},"2007-07-01",1,418.62,418.62,1,{"$nulls":3},{"v":-100,"d":"-100.00"}]
["2589","09区27架05层","软管","7G3147","卡特设备","件",{"$nulls":4},"2009-05-01",1,287.97,287.97,1,{"$nulls":3},{"v":-100,"d":"-100.00"}]
["2590","09区27架05层","软管","9G3066","卡特设备","件",{"$nulls":4},"2009-05-01",1,304.85,304.85,1,{"$nulls":3},{"v":-100,"d":"-100.00"}]
["2591","09区27架05层","软管","5I4396","卡特设备","件",{"$nulls":4},"2009-05-01",1,351.42,351.42,1,{"$nulls":3},{"v":-100,"d":"-100.00"}]
["2592","09区27架05层","软管","087-6585","卡特设备","件",{"$nulls":4},"2007-07-01",1,430.17,430.17,1,{"$nulls":3},{"v":-100,"d":"-100.00"}]
["2593","09区27排03层","减震胶垫","8N7257","卡特设备","件",{"$nulls":4},"2007-07-01",4,594.05,{"v":2376.2,"d":"2376.20"},4,null,null,0,{"v":-100,"d":"-100.00"}]
["2594","09区28架01层","泵","4N8734#","卡特设备","件",{"$nulls":4},"2009-05-01",2,0.01,0.02,2,{"v":16,"d":"16.00"},{"v":10,"d":"10.00"},{"v":3.2,"d":"3.20"},{"v":15900,"d":"15,900.00"}]
["2595","09区28架01层","接头","7T0720","卡特设备","件",{"$nulls":4},"2010-07-01",5,{"v":3343.9,"d":"3343.90"},{"v":16719.5,"d":"16719.50"},5,{"v":3000,"d":"3,000.00"},{"v":10,"d":"10.00"},{"v":1500,"d":"1,500.00"},-91.03]
["2596","09区28架01层","接头","7T0719","卡特设备","件",{"$nulls":4},"2010-05-01",6,3326.56,19959.36,6,{"v":3217.5,"d":"3,217.50"},{"v":10,"d":"10.00"},{"v":1930.5,"d":"1,930.50"},-90.33]
["2597","09区28架02层","油封","5J8225","卡特设备","件",{"$nulls":4},"2007-06-01",3,133.32,399.96,3,129.15,{"v":10,"d":"10.00"},38.75,-90.31]
["2598","09区28架02层","灯","7G9319#","卡特设备","件",{"$nulls":4},"2009-09-01",1,0.01,0.01,1,{"v":25,"d":"25.00"},{"v":10,"d":"10.00"},{"v":2.5,"d":"2.50"},{"v":24900,"d":"24,900.00"}]
["2599","09区28架02层","油咀","7G8638#","卡特设备","件",{"$nulls":4},"2009-10-01",1,0.01,0.01,1,{"v":80,"d":"80.00"},{"v":10,"d":"10.00"},{"v":8,"d":"8.00"},{"v":79900,"d":"79,900.00"}]
["2600","09区28架02层","压力开关","6V0484","卡特设备","件",{"$nulls":4},"2009-10-01",1,{"v":410.6,"d":"410.60"},{"v":410.6,"d":"410.60"},1,{"$nulls":3},{"v":-100,"d":"-100.00"}]
["2601","09区28架02层","接头","7G4850#","卡特设备","根",{"$nulls":4},"2009-08-01",1,0.01,0.01,1,7.92,{"v":10,"d":"10.00"},0.79,{"v":7800,"d":"7,800.00"}]
["2602","09区28架02层","密封","6J9733#","卡特设备","件",{"$nulls":4},"2009-12-01",2,0.01,0.02,2,{"v":1,"d":"1.00"},{"v":10,"d":"10.00"},{"v":0.2,"d":"0.20"},{"v":900,"d":"900.00"}]
["2603","09区28架02层","呼吸器","9G5127","卡特设备","件",{"$nulls":4},"2009-12-01",16,27.51,440.16,16,26.65,{"v":10,"d":"10.00"},42.64,-90.31]
["2604","09区28架02层","呼吸器","4G0078#","卡特设备","件",{"$nulls":4},"2009-10-01",4,0.01,0.04,4,{"v":140,"d":"140.00"},{"v":10,"d":"10.00"},{"v":56,"d":"56.00"},{"v":139900,"d":"139,900.00"}]
["2605","09区28架02层","螺栓","8F8804","卡特设备","件",{"$nulls":4},"2007-04-01",10,{"v":13.5,"d":"13.50"},{"v":135,"d":"135.00"},10,13.08,{"v":10,"d":"10.00"},13.08,-90.31]
["2606","09区28架03层","锁环","2H3923#","卡特设备","件",{"$nulls":4},"2007-10-01",1,0.01,0.01,1,{"v":35,"d":"35.00"},{"v":10,"d":"10.00"},{"v":3.5,"d":"3.50"},{"v":34900,"d":"34,900.00"}]
["2607","09区28架03层","密封","1H8171#","卡特设备","件",{"$nulls":4},"2009-12-01",3,0.01,0.03,3,{"v":1,"d":"1.00"},{"v":10,"d":"10.00"},{"v":0.3,"d":"0.30"},{"v":900,"d":"900.00"}]
["2608","09区28架03层","锁环","2H3922#","卡特设备","件",{"$nulls":4},"2009-04-01",10,0.01,{"v":0.1,"d":"0.10"},10,34.75,{"v":10,"d":"10.00"},34.75,{"v":34650,"d":"34,650.00"}]
["2609","09区28架03层","密封","6L1651","卡特设备","件",{"$nulls":4},"2009-12-01",7,61.59,431.13,7,{"v":60,"d":"60.00"},{"v":10,"d":"10.00"},{"v":42,"d":"42.00"},-90.26]
["2610","09区28架03层","螺栓","2H3750","卡特设备","件",{"$nulls":4},"2007-04-01",36,61.44,2211.84,36,59.52,{"v":10,"d":"10.00"},214.27,-90.31]
["2611","09区28架03层","呼吸器","4H6112","卡特设备","件",{"$nulls":4},"2007-04-01",10,48.61,{"v":486.1,"d":"486.10"},10,47.09,{"v":10,"d":"10.00"},47.09,-90.31]
["2612","09区28架03层","垫片","114-9223","卡特设备","件",{"$nulls":4},"2009-09-01",6,115.36,692.16,6,{"v":110,"d":"110.00"},{"v":10,"d":"10.00"},{"v":66,"d":"66.00"},-90.46]
["2613","09区28架03层","接头","5H8936#","卡特设备","件",{"$nulls":4},"2009-02-01",1,0.01,0.01,1,{"v":14,"d":"14.00"},{"v":10,"d":"10.00"},{"v":1.4,"d":"1.40"},{"v":13900,"d":"13,900.00"}]
["2614","09区28架03层","垫圈","5H1504","卡特设备","件",{"$nulls":4},"2013-04-01",42,8.11,340.62,42,{"v":8,"d":"8.00"},{"v":25,"d":"25.00"},{"v":84,"d":"84.00"},-75.34]
["2615","09区28架04层","油封","9H6079#","卡特设备","件",{"$nulls":4},"2007-06-01",2,0.01,0.02,2,{"v":75,"d":"75.00"},{"v":10,"d":"10.00"},{"v":15,"d":"15.00"},{"v":74900,"d":"74,900.00"}]
["2616","09区28架04层","轴承","6F6547#","卡特设备","件",{"$nulls":4},"2007-05-01",2,0.01,0.02,2,{"v":100,"d":"100.00"},{"v":10,"d":"10.00"},{"v":20,"d":"20.00"},{"v":99900,"d":"99,900.00"}]
["2617","09区28架04层","螺栓","1B7182","卡特设备","件",{"$nulls":4},"2007-04-01",7,2.12,14.84,7,2.05,{"v":10,"d":"10.00"},1.44,{"v":-90.3,"d":"-90.30"}]
["2618","09区28架04层","螺栓","1D4566","卡特设备","件",{"$nulls":4},"2007-04-01",8,18.57,148.56,8,17.99,{"v":10,"d":"10.00"},14.39,-90.31]
["2619","09区28架04层","呼吸器","1F8488","卡特设备","件",{"$nulls":4},"2007-04-01",12,58.99,707.88,12,{"v":57,"d":"57.00"},{"v":10,"d":"10.00"},{"v":68.4,"d":"68.40"},-90.34]
["2620","09区28架04层","卡子","2G0615#","卡特设备","件",{"$nulls":4},"2007-08-01",2,0.01,0.02,2,{"v":19.5,"d":"19.50"},{"v":10,"d":"10.00"},{"v":3.9,"d":"3.90"},{"v":19400,"d":"19,400.00"}]
["2621","09区28架04层","阀","2G0401#","卡特设备","件",{"$nulls":4},"2007-06-01",1,0.01,0.01,1,{"v":255,"d":"255.00"},{"v":10,"d":"10.00"},{"v":25.5,"d":"25.50"},{"v":254900,"d":"254,900.00"}]
["2622","09区28架04层","开关","9G8009","卡特设备","件",{"$nulls":4},"2007-06-01",3,191.75,575.25,3,{"$nulls":3},{"v":-100,"d":"-100.00"}]
["2623","09区28架04层","加热元件","9G6655","卡特设备","件",{"$nulls":4},"2007-06-01",2,444.25,{"v":888.5,"d":"888.50"},2,{"v":400,"d":"400.00"},{"v":10,"d":"10.00"},{"v":80,"d":"80.00"},{"v":-91,"d":"-91.00"}]
["2624","09区28架05层","滤芯","7W9567","卡特设备","件",{"$nulls":4},"2009-11-01",1,533.48,533.48,1,516.78,{"v":10,"d":"10.00"},51.68,-90.31]
["2625","09区28排03层","销","107-3378","卡特设备","件",{"$nulls":4},"2009-11-01",5,61.88,{"v":309.4,"d":"309.40"},5,{"v":60,"d":"60.00"},{"v":10,"d":"10.00"},{"v":30,"d":"30.00"},{"v":-90.3,"d":"-90.30"}]
["2626","09区28排03层","密封","9M9647","卡特设备","件",{"$nulls":4},"2009-12-01",3,50.55,151.65,3,{"v":49,"d":"49.00"},{"v":10,"d":"10.00"},{"v":14.7,"d":"14.70"},-90.31]
["2627","09区28排04层","密封","8S5655","卡特设备","件",{"$nulls":4},"2009-06-01",2,87.37,174.74,2,{"v":85,"d":"85.00"},{"v":10,"d":"10.00"},{"v":17,"d":"17.00"},-90.27]
["2628","09区28排04层","密封","1P3703","卡特设备","件",{"$nulls":4},"2014-11-01",3,17.71,53.13,3,{"v":17,"d":"17.00"},{"v":41,"d":"41.00"},20.91,-60.64]
["2629","09区28排05层","滤芯","7W9567","卡特设备","件",{"$nulls":4},"2009-11-01",2,533.48,1066.96,2,{"v":517,"d":"517.00"},{"v":10,"d":"10.00"},{"v":103.4,"d":"103.40"},-90.31]
["2630","09区29架01层","支架","4I7426","卡特设备","件",{"$nulls":4},"2007-07-01",2,1018.25,{"v":2036.5,"d":"2036.50"},2,986.38,{"v":10,"d":"10.00"},197.28,-90.31]
["2631","09区29架01层","玻璃","6G2581#","卡特设备","件",{"$nulls":4},"2007-09-01",4,0.01,0.04,4,{"$nulls":3},{"v":-100,"d":"-100.00"}]
["2632","09区29架02层","轴承环","1B3978","卡特设备","件",{"$nulls":4},"2007-05-01",80,209.52,{"v":16761.6,"d":"16761.60"},80,{"v":203,"d":"203.00"},{"v":10,"d":"10.00"},{"v":1624,"d":"1,624.00"},-90.31]
["2633","09区29架02层","玻璃","6G2061#","卡特设备","件",{"$nulls":4},"2007-10-01",2,0.01,0.02,2,{"$nulls":3},{"v":-100,"d":"-100.00"}]
["2634","09区29架03层","密封","2H6124","卡特设备","件",{"$nulls":4},"2009-06-01",2,47.31,94.62,2,{"v":46,"d":"46.00"},{"v":10,"d":"10.00"},{"v":9.2,"d":"9.20"},-90.28]
["2635","09区29架03层","闪光器","8D6946#","卡特设备","件",{"$nulls":4},"2009-06-01",1,12.81,12.81,1,{"v":10,"d":"10.00"},{"v":10,"d":"10.00"},{"v":1,"d":"1.00"},-92.19]
["2636","09区29架03层","垫圈","4D3704#","卡特设备","件",{"$nulls":4},"2013-04-01",6,0.01,0.06,6,{"v":1.5,"d":"1.50"},{"v":25,"d":"25.00"},2.25,{"v":3650,"d":"3,650.00"}]
["2637","09区29架03层","密封","9D6583#","卡特设备","件",{"$nulls":4},"2007-09-01",8,0.01,0.08,8,{"v":1,"d":"1.00"},{"v":10,"d":"10.00"},{"v":0.8,"d":"0.80"},{"v":900,"d":"900.00"}]
["2638","09区29架03层","轴套","3D8823#","卡特设备","件",{"$nulls":4},"2007-08-01",10,0.01,{"v":0.1,"d":"0.10"},10,{"v":45,"d":"45.00"},{"v":10,"d":"10.00"},{"v":45,"d":"45.00"},{"v":44900,"d":"44,900.00"}]
["2639","09区29架03层","密封","7D1195","卡特设备","件",{"$nulls":4},"2007-09-01",4,29.62,118.48,4,{"v":29,"d":"29.00"},{"v":10,"d":"10.00"},{"v":11.6,"d":"11.60"},-90.21]
["2640","09区29架03层","密封","7E6844","卡特设备","件",{"$nulls":4},"2009-06-01",2,116.13,232.26,2,{"v":113,"d":"113.00"},{"v":10,"d":"10.00"},{"v":22.6,"d":"22.60"},-90.27]
["2641","09区29架03层","手柄","2G6752#","卡特设备","件",{"$nulls":4},"2007-11-01",1,0.01,0.01,1,26.79,{"v":10,"d":"10.00"},2.68,{"v":26700,"d":"26,700.00"}]
["2642","09区29架03层","保险","9W1441","卡特设备","件",{"$nulls":4},"2007-11-01",8,6.08,48.64,8,{"v":5.6,"d":"5.60"},{"v":10,"d":"10.00"},4.48,-90.79]
["2643","09区29架03层","密封","5J8150#","卡特设备","件",{"$nulls":4},"2007-04-01",2,0.01,0.02,2,{"v":1,"d":"1.00"},{"v":10,"d":"10.00"},{"v":0.2,"d":"0.20"},{"v":900,"d":"900.00"}]
["2644","09区29架03层","螺栓","1D4635#","卡特设备","件",{"$nulls":4},"2007-04-01",4,0.01,0.04,4,{"v":20,"d":"20.00"},{"v":10,"d":"10.00"},{"v":8,"d":"8.00"},{"v":19900,"d":"19,900.00"}]
["2645","09区29架04层","滤芯","5G1913#","卡特设备","件",{"$nulls":4},"2010-10-01",4,0.01,0.04,4,{"v":128,"d":"128.00"},{"v":10,"d":"10.00"},{"v":51.2,"d":"51.20"},{"v":127900,"d":"127,900.00"}]
["2646","09区29架04层","垫片","6G4642","卡特设备","件",{"$nulls":4},"2007-09-01",80,{"v":64.7,"d":"64.70"},{"v":5176,"d":"5176.00"},80,{"v":62,"d":"62.00"},{"v":10,"d":"10.00"},{"v":496,"d":"496.00"},-90.42]
["2647","09区29架04层","软管","7Y4193","卡特设备","件",{"$nulls":4},"2009-05-01",1,59.51,59.51,1,{"$nulls":3},{"v":-100,"d":"-100.00"}]
["2648","09区29架04层","修理包","6G8619","卡特设备","件",{"$nulls":4},"2009-05-01",8,421.32,3370.56,8,{"v":400,"d":"400.00"},{"v":10,"d":"10.00"},{"v":320,"d":"320.00"},-90.51]
["2649","09区29架05层","雨刮电机","4I5019","卡特设备","件",{"$nulls":4},"2007-07-01",3,1604.27,4812.81,3,{"v":1554.06,"d":"1,554.06"},{"v":10,"d":"10.00"},466.22,-90.31]
["2650","09区29架05层","后视镜","5P6880","卡特设备","件",{"$nulls":4},"2007-07-01",2,34.01,68.02,2,{"v":31.6,"d":"31.60"},{"v":10,"d":"10.00"},6.32,-90.71]
["2651","09区29架05层","仪表板","3T6838","卡特设备","件",{"$nulls":4},"2011-10-01",2,{"v":1168.3,"d":"1168.30"},{"v":2336.6,"d":"2336.60"},2,{"v":600,"d":"600.00"},{"v":10,"d":"10.00"},{"v":120,"d":"120.00"},-94.86]
["2652","09区29架05层","照明灯","7Y8188","卡特设备","件",{"$nulls":4},"2011-10-01",2,568.07,1136.14,2,550.29,{"v":10,"d":"10.00"},110.06,-90.31]
["2653","09区29排04层","修理包","6G8619","卡特设备","件",{"$nulls":4},"2011-10-01",1,421.32,421.32,1,{"v":400,"d":"400.00"},{"v":10,"d":"10.00"},{"v":40,"d":"40.00"},-90.51]
["2654","09区30架01层","金属板","6V176#","卡特设备","件",{"$nulls":4},"2007-11-01",2,0.01,0.02,2,{"v":10,"d":"10.00"},{"v":10,"d":"10.00"},{"v":2,"d":"2.00"},{"v":9900,"d":"9,900.00"}]
["2655","09区30架02层","泵","6I1346#","卡特设备","件",{"$nulls":4},"2007-10-01",1,0.01,0.01,1,{"v":16,"d":"16.00"},{"v":10,"d":"10.00"},{"v":1.6,"d":"1.60"},{"v":15900,"d":"15,900.00"}]
["2656","09区30架02层","玻璃","6G2393#","卡特设备","件",{"$nulls":4},"2007-10-01",1,0.01,0.01,1,{"$nulls":3},{"v":-100,"d":"-100.00"}]
["2657","09区30架02层","玻璃","6G2558#","卡特设备","件",{"$nulls":4},"2007-06-01",2,0.01,0.02,2,{"$nulls":3},{"v":-100,"d":"-100.00"}]
["2658","09区30架02层","玻璃","8Y6445","卡特设备","件",{"$nulls":4},"2007-06-01",1,696.75,696.75,1,{"$nulls":3},{"v":-100,"d":"-100.00"}]
["2659","09区30架03层","雨刮片","4I6839","卡特设备","件",{"$nulls":4},"2007-07-01",7,170.98,1196.86,7,165.63,{"v":10,"d":"10.00"},115.94,-90.31]
["2660","09区30架03层","轴承外环","3D9133","卡特设备","件",{"$nulls":4},"2007-05-01",10,352.43,{"v":3524.3,"d":"3524.30"},10,{"v":341.4,"d":"341.40"},{"v":10,"d":"10.00"},{"v":341.4,"d":"341.40"},-90.31]
["2661","09区30架04层","泵","9J1295#","卡特设备","件",{"$nulls":4},"2007-05-01",1,0.01,0.01,1,{"v":16,"d":"16.00"},{"v":10,"d":"10.00"},{"v":1.6,"d":"1.60"},{"v":15900,"d":"15,900.00"}]
["2662","09区30架04层","垫片","6G4643","卡特设备","件",{"$nulls":4},"2009-09-01",23,25.77,592.71,23,{"v":25,"d":"25.00"},{"v":10,"d":"10.00"},{"v":57.5,"d":"57.50"},{"v":-90.3,"d":"-90.30"}]
["2663","09区30架04层","滤芯","9J3047#","卡特设备","件",{"$nulls":4},"2007-09-01",41,0.01,0.41,41,{"v":255,"d":"255.00"},{"v":10,"d":"10.00"},{"v":1045.5,"d":"1,045.50"},{"v":254900,"d":"254,900.00"}]
["2664","09区30架04层","滤芯","4I3948","卡特设备","件",{"$nulls":4},"2011-05-01",29,428.94,12439.26,29,{"v":416,"d":"416.00"},{"v":10,"d":"10.00"},{"v":1206.4,"d":"1,206.40"},{"v":-90.3,"d":"-90.30"}]
["2665","09区30架05层","软管","087-5058","卡特设备","件",{"$nulls":4},"2007-07-01",2,{"v":1928,"d":"1928.00"},{"v":3856,"d":"3856.00"},2,{"$nulls":3},{"v":-100,"d":"-100.00"}]
["2666","09区30架05层","软管","087-5055","卡特设备","件",{"$nulls":4},"2007-07-01",2,1946.51,3893.02,2,{"$nulls":3},{"v":-100,"d":"-100.00"}]
["2667","09区30架05层","软管","087-5063","卡特设备","根",{"$nulls":4},"2007-07-01",2,1977.31,3954.62,2,{"$nulls":3},{"v":-100,"d":"-100.00"}]
["2668","09区30架05层","软管","6D7726#","卡特设备","件",{"$nulls":4},"2009-05-01",4,0.01,0.04,4,{"$nulls":3},{"v":-100,"d":"-100.00"}]
["2669","09区30排01层","轴","9D5921","卡特设备","件",{"$nulls":4},"2015-01-01",1,12253.38,12253.38,1,{"v":11870,"d":"11,870.00"},{"v":43,"d":"43.00"},{"v":5104.1,"d":"5,104.10"},-58.35]
["2670","09区30排03层","软管","5P1268","卡特设备","件",{"$nulls":4},"2009-05-01",3,262.11,786.33,3,{"$nulls":3},{"v":-100,"d":"-100.00"}]
["2671","09区30排03层","软管","5P1262","卡特设备","件",{"$nulls":4},"2009-05-01",2,424.14,848.28,2,{"$nulls":3},{"v":-100,"d":"-100.00"}]
["2672","09区31架01层","销套","245-3805","卡特设备","件",{"$nulls":4},"2011-11-01",4,424.84,1699.36,4,411.54,{"v":11,"d":"11.00"},181.08,-89.34]
["2673","09区31架01层","销套","245-3806","卡特设备","件",{"$nulls":4},"2011-11-01",1,456.83,456.83,1,442.53,{"v":11,"d":"11.00"},48.68,-89.34]
["2674","09区31架02层","制动片","9C0566#","卡特设备","件",{"$nulls":4},"2007-10-01",8,0.01,0.08,8,{"v":1005,"d":"1,005.00"},{"v":10,"d":"10.00"},{"v":804,"d":"804.00"},{"v":1004900,"d":"1,004,900.00"}]
["2675","09区31架02层","杆","6T6528","卡特设备","件",{"$nulls":4},"2007-10-01",3,615.61,1846.83,3,{"v":600,"d":"600.00"},{"v":10,"d":"10.00"},{"v":180,"d":"180.00"},-90.25]
["2676","09区31架02层","软管","6V5651","卡特设备","件",{"$nulls":4},"2009-05-01",1,{"v":28.4,"d":"28.40"},{"v":28.4,"d":"28.40"},1,{"$nulls":3},{"v":-100,"d":"-100.00"}]
["2677","09区31架02层","软管","5P1260","卡特设备","件",{"$nulls":4},"2009-05-01",1,45.38,45.38,1,{"$nulls":3},{"v":-100,"d":"-100.00"}]
["2678","09区31架02层","软管","5P1257","卡特设备","件",{"$nulls":4},"2009-05-01",1,67.36,67.36,1,{"$nulls":3},{"v":-100,"d":"-100.00"}]
["2679","09区31架02层","软管","5P1265","卡特设备","件",{"$nulls":4},"2009-05-01",2,290.47,580.94,2,{"$nulls":3},{"v":-100,"d":"-100.00"}]
["2680","09区31架02层","销子","3G6509","卡特设备","件",{"$nulls":4},"2012-04-01",1,1491.68,1491.68,1,{"v":1470,"d":"1,470.00"},{"v":15,"d":"15.00"},{"v":220.5,"d":"220.50"},-85.22]
["2681","09区31架03层","管卡","6V3582","卡特设备","件",{"$nulls":4},"2012-04-01",1,90.85,90.85,1,{"v":88,"d":"88.00"},{"v":15,"d":"15.00"},{"v":13.2,"d":"13.20"},-85.47]
["2682","09区31架03层","管卡","8T4986","卡特设备","件",{"$nulls":4},"2012-04-01",10,118.06,{"v":1180.6,"d":"1180.60"},10,{"v":114,"d":"114.00"},{"v":15,"d":"15.00"},{"v":171,"d":"171.00"},-85.52]
["2683","09区31架03层","油封","9X4601","卡特设备","件",{"$nulls":4},"2007-06-01",4,259.77,1039.08,4,251.64,{"v":10,"d":"10.00"},100.66,-90.31]
["2684","09区31架03层","密封","4J5267","卡特设备","米",{"$nulls":4},"2009-04-01",2,12.35,{"v":24.7,"d":"24.70"},2,{"v":12,"d":"12.00"},{"v":10,"d":"10.00"},{"v":2.4,"d":"2.40"},-90.28]
["2685","09区31架03层","阀","137-3713","卡特设备","件",{"$nulls":4},"2010-10-01",1,1212.58,1212.58,1,{"v":1156,"d":"1,156.00"},{"v":10,"d":"10.00"},{"v":115.6,"d":"115.60"},-90.47]
["2686","09区31架03层","管卡","5P2230","卡特设备","件",{"$nulls":4},"2010-10-01",2,{"v":30.4,"d":"30.40"},{"v":60.8,"d":"60.80"},2,{"v":30,"d":"30.00"},{"v":10,"d":"10.00"},{"v":6,"d":"6.00"},-90.13]
["2687","09区31架03层","螺栓","8T2502","卡特设备","件",{"$nulls":4},"2007-04-01",4,3.56,14.24,4,3.45,{"v":10,"d":"10.00"},1.38,-90.31]
["2688","09区31架03层","管卡","095-1388","卡特设备","件",{"$nulls":4},"2007-04-01",1,11.81,11.81,1,{"v":11.4,"d":"11.40"},{"v":10,"d":"10.00"},1.14,-90.35]
["2689","09区31架03层","阀","209-5939","卡特设备","件",{"$nulls":4},"2010-10-01",1,2929.26,2929.26,1,{"v":2760,"d":"2,760.00"},{"v":10,"d":"10.00"},{"v":276,"d":"276.00"},-90.58]
["2690","09区31架03层","卡环","8T4985","卡特设备","件",{"$nulls":4},"2009-07-01",1,115.03,115.03,1,{"v":107,"d":"107.00"},{"v":10,"d":"10.00"},{"v":10.7,"d":"10.70"},{"v":-90.7,"d":"-90.70"}]
["2691","09区31架03层","密封","121-7137","卡特设备","件",{"$nulls":4},"2009-04-01",1,9.69,9.69,1,{"v":9,"d":"9.00"},{"v":10,"d":"10.00"},{"v":0.9,"d":"0.90"},-90.71]
["2692","09区31架03层","拐臂","6V9007","卡特设备","件",{"$nulls":4},"2009-04-01",2,213.22,426.44,2,{"v":211,"d":"211.00"},{"v":10,"d":"10.00"},{"v":42.2,"d":"42.20"},{"v":-90.1,"d":"-90.10"}]
["2693","09区31架03层","密封","095-1701","卡特设备","件",{"$nulls":4},"2009-04-01",3,{"v":16.4,"d":"16.40"},{"v":49.2,"d":"49.20"},3,{"v":16,"d":"16.00"},{"v":10,"d":"10.00"},{"v":4.8,"d":"4.80"},-90.24]
["2694","09区31架03层","管卡","5D1026","卡特设备","件",{"$nulls":4},"2009-04-01",1,13.85,13.85,1,13.79,{"v":10,"d":"10.00"},1.38,-90.04]
["2695","09区31架03层","软管","5P0598","卡特设备","件",{"$nulls":4},"2009-05-01",5,41.93,209.65,5,{"$nulls":3},{"v":-100,"d":"-100.00"}]
["2696","09区31架03层","管卡","095-1390","卡特设备","件",{"$nulls":4},"2009-05-01",1,22.79,22.79,1,{"v":20,"d":"20.00"},{"v":10,"d":"10.00"},{"v":2,"d":"2.00"},-91.22]
["2697","09区31架03层","O-型密封","1T0132","卡特设备","件",{"$nulls":4},"2009-10-01",2,50.22,100.44,2,{"v":50,"d":"50.00"},{"v":10,"d":"10.00"},{"v":10,"d":"10.00"},-90.04]
["2698","09区31架03层","管卡","8T4989","卡特设备","件",{"$nulls":4},"2009-10-01",1,144.06,144.06,1,{"v":140,"d":"140.00"},{"v":10,"d":"10.00"},{"v":14,"d":"14.00"},-90.28]
["2699","09区31架04层","螺栓","2P3204","卡特设备","件",{"$nulls":4},"2007-04-01",2,12.35,{"v":24.7,"d":"24.70"},2,11.96,{"v":10,"d":"10.00"},2.39,-90.32]
["2700","09区31架04层","修理包","7I7326","卡特设备","件",{"$nulls":4},"2007-04-01",1,{"v":1647,"d":"1647.00"},{"v":1647,"d":"1647.00"},1,{"v":1595,"d":"1,595.00"},{"v":10,"d":"10.00"},{"v":159.5,"d":"159.50"},-90.32]
["2701","09区31架04层","螺栓","7M9831","卡特设备","件",{"$nulls":4},"2007-04-01",2,{"v":8,"d":"8.00"},{"v":16,"d":"16.00"},2,7.75,{"v":10,"d":"10.00"},1.55,-90.31]
["2702","09区31架04层","螺栓","3G2292","卡特设备","颗",{"$nulls":4},"2007-07-01",5,14.88,{"v":74.4,"d":"74.40"},5,14.41,{"v":10,"d":"10.00"},7.21,-90.31]
["2703","09区31架04层","螺栓","0S1617","卡特设备","件",{"$nulls":4},"2007-07-01",1,1.56,1.56,1,1.51,{"v":10,"d":"10.00"},0.15,-90.38]
["2704","09区31架04层","油封","9X4600","卡特设备","件",{"$nulls":4},"2007-06-01",4,236.95,{"v":947.8,"d":"947.80"},4,229.53,{"v":10,"d":"10.00"},91.81,-90.31]
["2705","09区31架04层","垫","7W3379","卡特设备","件",{"$nulls":4},"2007-06-01",1,780.14,780.14,1,{"v":780,"d":"780.00"},{"v":10,"d":"10.00"},{"v":78,"d":"78.00"},{"v":-90,"d":"-90.00"}]
["2706","09区31架04层","O-型密封","198-5647","卡特设备","件",{"$nulls":4},"2009-10-01",4,88.53,354.12,4,{"v":85,"d":"85.00"},{"v":10,"d":"10.00"},{"v":34,"d":"34.00"},{"v":-90.4,"d":"-90.40"}]
["2707","09区31架05层","皮带","7M4719","卡特设备","件",{"$nulls":4},"2009-10-01",2,616.25,{"v":1232.5,"d":"1232.50"},2,{"v":600,"d":"600.00"},{"v":10,"d":"10.00"},{"v":120,"d":"120.00"},-90.26]
["2708","09区31排01层","螺栓","2M3530","卡特设备","件",{"$nulls":4},"2007-07-01",7,208.15,1457.05,7,201.63,{"v":10,"d":"10.00"},141.14,-90.31]
["2709","09区32架02层","软管","7W6159","卡特设备","件",{"$nulls":4},"2012-08-01",1,183.69,183.69,1,{"$nulls":3},{"v":-100,"d":"-100.00"}]
["2710","09区32架02层","软管","9N3040","卡特设备","件",{"$nulls":4},"2012-08-01",1,{"v":121.5,"d":"121.50"},{"v":121.5,"d":"121.50"},1,{"$nulls":3},{"v":-100,"d":"-100.00"}]
["2711","09区32架02层","软管","220-3495","卡特设备","件",{"$nulls":4},"2012-08-01",1,262.58,262.58,1,{"$nulls":3},{"v":-100,"d":"-100.00"}]
["2712","09区32架02层","软管","9L5312","卡特设备","件",{"$nulls":4},"2012-08-01",1,179.97,179.97,1,{"$nulls":3},{"v":-100,"d":"-100.00"}]
["2713","09区32架02层","软管","172-8827","卡特设备","件",{"$nulls":4},"2012-08-01",1,131.97,131.97,1,{"$nulls":3},{"v":-100,"d":"-100.00"}]
["2714","09区32架02层","垫片","7D7504#","卡特设备","件",{"$nulls":4},"2007-11-01",42,0.01,0.42,42,{"v":12,"d":"12.00"},{"v":10,"d":"10.00"},{"v":50.4,"d":"50.40"},{"v":11900,"d":"11,900.00"}]
["2715","09区32架02层","软管","1Y0683","卡特设备","件",{"$nulls":4},"2012-08-01",1,167.96,167.96,1,{"$nulls":3},{"v":-100,"d":"-100.00"}]
["2716","09区32架03层","密封","1P3704","卡特设备","件",{"$nulls":4},"2009-02-01",6,22.65,{"v":135.9,"d":"135.90"},6,{"v":22,"d":"22.00"},{"v":10,"d":"10.00"},{"v":13.2,"d":"13.20"},-90.29]
["2717","09区32架03层","垫子","7X0590#","卡特设备","件",{"$nulls":4},"2009-02-01",24,23.35,{"v":560.4,"d":"560.40"},24,22.62,{"v":10,"d":"10.00"},54.29,-90.31]
["2718","09区32架03层","Ｏ型圈","4J0524","卡特设备","件",{"$nulls":4},"2009-02-01",1,15.98,15.98,1,{"v":15.4,"d":"15.40"},{"v":10,"d":"10.00"},1.54,-90.36]
["2719","09区32架03层","垫子","3J4278#","卡特设备","件",{"$nulls":4},"2009-02-01",24,18.54,444.96,24,17.96,{"v":10,"d":"10.00"},{"v":43.1,"d":"43.10"},-90.31]
["2720","09区32架03层","密封","2S4078","卡特设备","件",{"$nulls":4},"2009-02-01",4,15.43,61.72,4,{"v":15,"d":"15.00"},{"v":10,"d":"10.00"},{"v":6,"d":"6.00"},-90.28]
["2721","09区32架03层","密封","8T7295","卡特设备","件",{"$nulls":4},"2009-02-01",18,23.65,{"v":425.7,"d":"425.70"},18,{"v":23,"d":"23.00"},{"v":10,"d":"10.00"},{"v":41.4,"d":"41.40"},-90.27]
["2722","09区32架03层","管卡","096-4035","卡特设备","件",{"$nulls":4},"2009-02-01",4,{"v":3.7,"d":"3.70"},{"v":14.8,"d":"14.80"},4,{"v":3.6,"d":"3.60"},{"v":10,"d":"10.00"},1.44,-90.27]
["2723","09区32架03层","密封","2M9780","卡特设备","件",{"$nulls":4},"2009-02-01",27,8.55,230.85,27,{"v":8,"d":"8.00"},{"v":10,"d":"10.00"},{"v":21.6,"d":"21.60"},-90.64]
["2724","09区32架03层","软管","2G4706","卡特设备","件",{"$nulls":4},"2009-08-01",1,198.57,198.57,1,{"$nulls":3},{"v":-100,"d":"-100.00"}]
["2725","09区32架03层","软管","7Y1976","卡特设备","件",{"$nulls":4},"2009-08-01",1,30.71,30.71,1,{"$nulls":3},{"v":-100,"d":"-100.00"}]
["2726","09区32架04层","软管","239-6463","卡特设备","件",{"$nulls":4},"2009-08-01",1,263.12,263.12,1,{"$nulls":3},{"v":-100,"d":"-100.00"}]
["2727","09区32架04层","软管","7Y1377","卡特设备","件",{"$nulls":4},"2009-08-01",1,804.97,804.97,1,{"$nulls":3},{"v":-100,"d":"-100.00"}]
["2728","09区32架04层","软管","239-6665","卡特设备","件",{"$nulls":4},"2009-08-01",1,218.65,218.65,1,{"$nulls":3},{"v":-100,"d":"-100.00"}]
["2729","09区32架04层","软管","087-6646","卡特设备","件",{"$nulls":4},"2007-07-01",3,3342.71,10028.13,3,{"$nulls":3},{"v":-100,"d":"-100.00"}]
["2730","09区32架04层","软管","230-2833","卡特设备","件",{"$nulls":4},"2012-08-01",1,607.91,607.91,1,{"$nulls":3},{"v":-100,"d":"-100.00"}]
["2731","09区32架04层","软管","230-2834","卡特设备","件",{"$nulls":4},"2009-08-01",1,1493.95,1493.95,1,{"$nulls":3},{"v":-100,"d":"-100.00"}]
["2732","09区32架04层","软管","239-6666","卡特设备","件",{"$nulls":4},"2009-08-01",1,446.81,446.81,1,{"$nulls":3},{"v":-100,"d":"-100.00"}]
["2733","09区32架05层","软管","087-4941","卡特设备","件",{"$nulls":4},"2007-07-01",1,1188.97,1188.97,1,{"$nulls":3},{"v":-100,"d":"-100.00"}]
["2734","09区32架05层","软管","087-4929","卡特设备","件",{"$nulls":4},"2007-07-01",1,3013.73,3013.73,1,{"$nulls":3},{"v":-100,"d":"-100.00"}]
["2735","09区32架05层","软管","087-5454","卡特设备","件",{"$nulls":4},"2007-07-01",2,1105.81,2211.62,2,{"$nulls":3},{"v":-100,"d":"-100.00"}]
["2736","09区32架05层","软管","087-5061","卡特设备","件",{"$nulls":4},"2007-07-01",1,1946.51,1946.51,1,{"$nulls":3},{"v":-100,"d":"-100.00"}]
["2737","09区32架05层","软管","087-6643","卡特设备","件",{"$nulls":4},"2007-07-01",2,1694.02,3388.04,2,{"$nulls":3},{"v":-100,"d":"-100.00"}]
["2738","09区32架06层","软管","255-2955","卡特设备","件",{"$nulls":4},"2009-08-01",1,159.84,159.84,1,{"$nulls":3},{"v":-100,"d":"-100.00"}]
["2739","09区32架06层","软管","2G6777","卡特设备","件",{"$nulls":4},"2009-08-01",1,152.93,152.93,1,{"$nulls":3},{"v":-100,"d":"-100.00"}]
["2740","09区32架06层","软管","242-3375","卡特设备","件",{"$nulls":4},"2009-08-01",1,526.62,526.62,1,{"$nulls":3},{"v":-100,"d":"-100.00"}]
["2741","09区32架06层","软管","7W6158","卡特设备","根",{"$nulls":4},"2009-08-01",1,189.99,189.99,1,{"$nulls":3},{"v":-100,"d":"-100.00"}]
["2742","09区32架06层","软管","5T9768","卡特设备","件",{"$nulls":4},"2009-08-01",2,392.25,{"v":784.5,"d":"784.50"},2,{"$nulls":3},{"v":-100,"d":"-100.00"}]
["2743","09区32排03层","螺栓","7X-2562","卡特设备","件",{"$nulls":4},"2007-07-01",3,15.16,45.48,3,14.69,{"v":10,"d":"10.00"},4.41,{"v":-90.3,"d":"-90.30"}]
["2744","09区32排03层","密封","2S4078","卡特设备","件",{"$nulls":4},"2009-02-01",2,15.43,30.86,2,{"v":15,"d":"15.00"},{"v":10,"d":"10.00"},{"v":3,"d":"3.00"},-90.28]
["2745","09区37架01层","弯管","6N3575","卡特设备","件",{"$nulls":4},"2007-06-01",1,{"v":6283.8,"d":"6283.80"},{"v":6283.8,"d":"6283.80"},1,{"v":5324,"d":"5,324.00"},{"v":10,"d":"10.00"},{"v":532.4,"d":"532.40"},-91.53]
["2746","09区37架01层","螺母","144-0806","卡特设备","件",{"$nulls":4},"2009-07-01",6,14.69,88.14,6,14.23,{"v":10,"d":"10.00"},8.54,-90.31]
["2747","09区37架01层","垫片","5P8249","卡特设备","件",{"$nulls":4},"2009-11-01",25,11.91,297.75,25,{"v":10,"d":"10.00"},{"v":10,"d":"10.00"},{"v":25,"d":"25.00"},{"v":-91.6,"d":"-91.60"}]
["2748","09区37架01层","螺栓","144-0805","卡特设备","件",{"$nulls":4},"2007-07-01",17,27.94,474.98,17,27.07,{"v":10,"d":"10.00"},46.02,-90.31]
["2749","09区37架01层","螺母","7X0449","卡特设备","件",{"$nulls":4},"2009-07-01",1,17.42,17.42,1,16.87,{"v":10,"d":"10.00"},1.69,{"v":-90.3,"d":"-90.30"}]
["2750","09区37架02层","密封","2J1740","卡特设备","件",{"$nulls":4},"2009-02-01",12,{"v":279.2,"d":"279.20"},{"v":3350.4,"d":"3350.40"},12,{"v":270,"d":"270.00"},{"v":10,"d":"10.00"},{"v":324,"d":"324.00"},-90.33]
["2751","09区37架02层","叶轮","7C1067#","卡特设备","件",{"$nulls":4},"2007-09-01",1,0.01,0.01,1,{"v":4560,"d":"4,560.00"},{"v":10,"d":"10.00"},{"v":456,"d":"456.00"},{"v":4559900,"d":"4,559,900.00"}]
["2752","09区37架02层","油封","8T8389","卡特设备","件",{"$nulls":4},"2007-06-01",18,178.56,3214.08,18,172.97,{"v":10,"d":"10.00"},311.35,-90.31]
["2753","09区37架02层","密封","8T6747","卡特设备","件",{"$nulls":4},"2009-02-01",1,265.29,265.29,1,{"v":257,"d":"257.00"},{"v":10,"d":"10.00"},{"v":25.7,"d":"25.70"},-90.31]
["2754","09区37架02层","轴承环","7G1952","卡特设备","件",{"$nulls":4},"2007-08-01",5,{"v":1004.9,"d":"1004.90"},{"v":5024.5,"d":"5024.50"},5,{"v":973,"d":"973.00"},{"v":10,"d":"10.00"},{"v":486.5,"d":"486.50"},-90.32]
["2755","09区37架02层","销","9W2939","卡特设备","件",{"$nulls":4},"2011-10-01",1,978.87,978.87,1,978.12,{"v":10,"d":"10.00"},97.81,-90.01]
["2756","09区37架02层","马达","251-3482","卡特设备","件",{"$nulls":4},"2011-11-01",1,3916.85,3916.85,1,{"v":3900,"d":"3,900.00"},{"v":11,"d":"11.00"},{"v":429,"d":"429.00"},-89.05]
["2757","09区37架03层","密封","7G4766","卡特设备","件",{"$nulls":4},"2009-02-01",7,179.58,1257.06,7,{"v":174,"d":"174.00"},{"v":10,"d":"10.00"},{"v":121.8,"d":"121.80"},-90.31]
["2758","09区37架03层","密封","1M8653","卡特设备","件",{"$nulls":4},"2009-02-01",6,75.99,455.94,6,{"v":74,"d":"74.00"},{"v":10,"d":"10.00"},{"v":44.4,"d":"44.40"},-90.26]
["2759","09区37架03层","油封","7Y4117","卡特设备","件",{"$nulls":4},"2007-06-01",2,245.67,491.34,2,237.98,{"v":10,"d":"10.00"},{"v":47.6,"d":"47.60"},-90.31]
["2760","09区37架03层","夹子","2W7263","卡特设备","件",{"$nulls":4},"2011-10-01",17,135.71,2307.07,17,131.46,{"v":10,"d":"10.00"},223.48,-90.31]
["2761","09区37架03层","夹子","2W7264","卡特设备","件",{"$nulls":4},"2011-10-01",17,{"v":55.4,"d":"55.40"},{"v":941.8,"d":"941.80"},17,53.67,{"v":10,"d":"10.00"},91.24,-90.31]
["2762","09区37架04层","保险","9W1446","卡特设备","件",{"$nulls":4},"2011-10-01",5,6.08,{"v":30.4,"d":"30.40"},5,{"v":5.6,"d":"5.60"},{"v":10,"d":"10.00"},{"v":2.8,"d":"2.80"},-90.79]
["2763","09区37架04层","灯","7G9730","卡特设备","件",{"$nulls":4},"2011-10-01",9,{"v":220.1,"d":"220.10"},{"v":1980.9,"d":"1980.90"},9,{"v":213,"d":"213.00"},{"v":10,"d":"10.00"},{"v":191.7,"d":"191.70"},-90.32]
["2764","09区37架04层","压力开关","5I8291","卡特设备","件",{"$nulls":4},"2011-10-01",5,956.28,{"v":4781.4,"d":"4781.40"},5,{"$nulls":3},{"v":-100,"d":"-100.00"}]
["2765","09区37架05层","垫片","7E7308","卡特设备","件",{"$nulls":4},"2009-11-01",2,{"v":598.1,"d":"598.10"},{"v":1196.2,"d":"1196.20"},2,549.66,{"v":10,"d":"10.00"},109.93,-90.81]
["2766","09区37架05层","汽缸床","7E6167#","卡特设备","件",{"$nulls":4},"2009-11-01",3,0.01,0.03,3,{"v":272,"d":"272.00"},{"v":10,"d":"10.00"},{"v":81.6,"d":"81.60"},{"v":271900,"d":"271,900.00"}]
["2767","09区37排03层","垫片","8N2835","卡特设备","件",{"$nulls":4},"2009-11-01",7,66.02,462.14,7,{"v":64,"d":"64.00"},{"v":10,"d":"10.00"},{"v":44.8,"d":"44.80"},-90.31]
["2768","09区37排03层","密封","6L9284","卡特设备","件",{"$nulls":4},"2009-02-01",2,65.94,131.88,2,{"v":64,"d":"64.00"},{"v":10,"d":"10.00"},{"v":12.8,"d":"12.80"},-90.29]
["2769","09区37排03层","螺栓","1J6762","卡特设备","件",{"$nulls":4},"2007-07-01",10,15.16,{"v":151.6,"d":"151.60"},10,14.69,{"v":10,"d":"10.00"},14.69,-90.31]
["2770","09区37排03层","油封","2W1733","卡特设备","件",{"$nulls":4},"2007-06-01",1,786.44,786.44,1,761.82,{"v":10,"d":"10.00"},76.18,-90.31]
["2771","09区38架01层","螺栓","1D6259","卡特设备","件",{"$nulls":4},"2007-07-01",21,{"v":92.8,"d":"92.80"},{"v":1948.8,"d":"1948.80"},21,{"v":89.9,"d":"89.90"},{"v":10,"d":"10.00"},188.79,-90.31]
["2772","09区38架01层","螺栓","7X0396","卡特设备","件",{"$nulls":4},"2007-07-01",5,{"v":128.2,"d":"128.20"},{"v":641,"d":"641.00"},5,124.19,{"v":10,"d":"10.00"},{"v":62.1,"d":"62.10"},-90.31]
["2773","09区38架01层","螺栓","0L1178","卡特设备","件",{"$nulls":4},"2007-07-01",8,17.96,143.68,8,{"v":17.4,"d":"17.40"},{"v":10,"d":"10.00"},13.92,-90.31]
["2774","09区38架02层","螺栓","5F4899","卡特设备","件",{"$nulls":4},"2007-07-01",2,12.16,24.32,2,11.78,{"v":10,"d":"10.00"},2.36,{"v":-90.3,"d":"-90.30"}]
["2775","09区38架02层","O-型密封","8F6230","卡特设备","件",{"$nulls":4},"2009-06-01",3,41.61,124.83,3,{"v":40,"d":"40.00"},{"v":10,"d":"10.00"},{"v":12,"d":"12.00"},-90.39]
["2776","09区38架02层","密封","3J8466","卡特设备","件",{"$nulls":4},"2009-06-01",3,66.48,199.44,3,{"v":64,"d":"64.00"},{"v":10,"d":"10.00"},{"v":19.2,"d":"19.20"},-90.37]
["2777","09区38架02层","装备","9P3066","卡特设备","件",{"$nulls":4},"2009-06-01",5,180.42,{"v":902.1,"d":"902.10"},5,174.77,{"v":10,"d":"10.00"},87.39,-90.31]
["2778","09区38架02层","密封","7C1511","卡特设备","件",{"$nulls":4},"2009-06-01",2,101.22,202.44,2,{"v":98,"d":"98.00"},{"v":10,"d":"10.00"},{"v":19.6,"d":"19.60"},-90.32]
["2779","09区38架02层","O-型密封","5P3863","卡特设备","件",{"$nulls":4},"2009-06-01",1,22.22,22.22,1,{"v":21,"d":"21.00"},{"v":10,"d":"10.00"},{"v":2.1,"d":"2.10"},-90.55]
["2780","09区38架02层","卡簧","7T4132","卡特设备","件",{"$nulls":4},"2009-06-01",2,{"v":776.8,"d":"776.80"},{"v":1553.6,"d":"1553.60"},2,{"v":752,"d":"752.00"},{"v":10,"d":"10.00"},{"v":150.4,"d":"150.40"},-90.32]
["2781","09区38架02层","O-型密封","5J2680","卡特设备","件",{"$nulls":4},"2009-06-01",2,23.11,46.22,2,{"v":22,"d":"22.00"},{"v":10,"d":"10.00"},{"v":4.4,"d":"4.40"},-90.48]
["2782","09区38架02层","垫片","8F1846","卡特设备","件",{"$nulls":4},"2009-11-01",4,14.23,56.92,4,{"v":14,"d":"14.00"},{"v":10,"d":"10.00"},{"v":5.6,"d":"5.60"},-90.16]
["2783","09区38架02层","螺母","6B6683","卡特设备","件",{"$nulls":4},"2009-07-01",19,18.66,354.54,19,18.08,{"v":10,"d":"10.00"},34.35,-90.31]
["2784","09区38架03层","调节器","185-2648","卡特设备","件",{"$nulls":4},"2009-10-01",2,{"v":3860.8,"d":"3860.80"},{"v":7721.6,"d":"7721.60"},2,{"v":3600,"d":"3,600.00"},{"v":10,"d":"10.00"},{"v":720,"d":"720.00"},-90.68]
["2785","09区38架03层","继电器","161-3128","卡特设备","件",{"$nulls":4},"2009-10-01",8,79.06,632.48,8,{"v":77,"d":"77.00"},{"v":10,"d":"10.00"},{"v":61.6,"d":"61.60"},-90.26]
["2786","09区38架03层","空挡启动开关","9W1581","卡特设备","件",{"$nulls":4},"2011-10-01",1,{"v":1377.8,"d":"1377.80"},{"v":1377.8,"d":"1377.80"},1,{"$nulls":3},{"v":-100,"d":"-100.00"}]
["2787","09区38架03层","O-型密封","8T6404","卡特设备","根",{"$nulls":4},"2009-06-01",2,29.99,59.98,2,{"v":29,"d":"29.00"},{"v":10,"d":"10.00"},{"v":5.8,"d":"5.80"},-90.33]
["2788","09区38架03层","油封","5J7019","卡特设备","颗",{"$nulls":4},"2012-02-01",7,515.91,3611.37,7,499.76,{"v":14,"d":"14.00"},489.76,-86.44]
["2789","09区38架03层","玻璃升降器","6V2357","卡特设备","件",{"$nulls":4},"2012-02-01",1,420.39,420.39,1,{"$nulls":3},{"v":-100,"d":"-100.00"}]
["2790","09区38架03层","O-型密封","212-7131","卡特设备","件",{"$nulls":4},"2009-06-01",4,17.51,70.04,4,{"v":16,"d":"16.00"},{"v":10,"d":"10.00"},{"v":6.4,"d":"6.40"},-90.86]
["2791","09区38架03层","螺栓","4V6981","卡特设备","件",{"$nulls":4},"2007-07-01",8,{"v":15.3,"d":"15.30"},{"v":122.4,"d":"122.40"},8,14.82,{"v":10,"d":"10.00"},11.86,-90.31]
["2792","09区38架04层","油管","4P7806","卡特设备","件",{"$nulls":4},"2012-03-01",1,1186.61,1186.61,1,{"v":1149.47,"d":"1,149.47"},{"v":14,"d":"14.00"},160.93,-86.44]
["2793","09区38架04层","油管","4P7808","卡特设备","件",{"$nulls":4},"2012-03-01",1,1197.89,1197.89,1,{"v":1160.4,"d":"1,160.40"},{"v":14,"d":"14.00"},162.46,-86.44]
["2794","09区38架04层","油管","4P7805","卡特设备","件",{"$nulls":4},"2012-03-01",1,1197.97,1197.97,1,{"v":1160.47,"d":"1,160.47"},{"v":14,"d":"14.00"},162.47,-86.44]
["2795","09区38架04层","缸","4P7803","卡特设备","件",{"$nulls":4},"2012-03-01",1,{"v":1238.4,"d":"1238.40"},{"v":1238.4,"d":"1238.40"},1,{"v":1200,"d":"1,200.00"},{"v":14,"d":"14.00"},{"v":168,"d":"168.00"},-86.43]
["2796","09区38架05层","皮带","8S1475","卡特设备","个",{"$nulls":4},"2012-03-01",6,656.38,3938.28,6,{"v":636,"d":"636.00"},{"v":14,"d":"14.00"},534.24,-86.43]
["2797","09区38排01层","螺母","3S1356","卡特设备","件",{"$nulls":4},"2009-07-01",7,{"v":32,"d":"32.00"},{"v":224,"d":"224.00"},7,{"v":31,"d":"31.00"},{"v":10,"d":"10.00"},{"v":21.7,"d":"21.70"},-90.31]
["2798","09区38排01层","螺栓","0L1178","卡特设备","件",{"$nulls":4},"2007-10-01",5,17.96,{"v":89.8,"d":"89.80"},5,{"v":17.4,"d":"17.40"},{"v":10,"d":"10.00"},{"v":8.7,"d":"8.70"},-90.31]
["2799","09区38排03层","密封","1H6227","卡特设备","件",{"$nulls":4},"2009-06-01",1,36.89,36.89,1,{"v":36,"d":"36.00"},{"v":10,"d":"10.00"},{"v":3.6,"d":"3.60"},-90.24]
["2800","09区38排03层","耐磨环","4J3420","卡特设备","件",{"$nulls":4},"2011-11-01",1,{"v":298.3,"d":"298.30"},{"v":298.3,"d":"298.30"},1,288.96,{"v":11,"d":"11.00"},31.79,-89.34]
["2801","09区38排03层","支撑环","2K4096","卡特设备","件",{"$nulls":4},"2011-11-01",1,42.63,42.63,1,{"v":41.3,"d":"41.30"},{"v":11,"d":"11.00"},4.54,-89.35]
["2802","09区39架01层","螺栓","1B9575#","卡特设备","件",{"$nulls":4},"2009-10-01",90,0.01,{"v":0.9,"d":"0.90"},90,{"v":20,"d":"20.00"},{"v":10,"d":"10.00"},{"v":180,"d":"180.00"},{"v":19900,"d":"19,900.00"}]
["2803","09区39架01层","壳体","7T5337","卡特设备","件",{"$nulls":4},"2009-11-01",1,7009.45,7009.45,1,{"v":7000,"d":"7,000.00"},{"v":10,"d":"10.00"},{"v":700,"d":"700.00"},-90.01]
["2804","09区39架01层","螺母","6V8188","卡特设备","件",{"$nulls":4},"2009-07-01",26,30.91,803.66,26,29.94,{"v":10,"d":"10.00"},77.84,-90.31]
["2805","09区39架02层","垫片","5M4741","卡特设备","件",{"$nulls":4},"2009-11-01",2,16.69,33.38,2,16.17,{"v":10,"d":"10.00"},3.23,-90.32]
["2806","09区39架02层","销","8W4620","卡特设备","件",{"$nulls":4},"2012-12-01",1,1682.32,1682.32,1,{"v":1629.66,"d":"1,629.66"},{"v":22,"d":"22.00"},358.53,-78.69]
["2807","09区39架02层","O-型密封","6V8398","卡特设备","件",{"$nulls":4},"2009-11-01",27,6.38,172.26,27,{"v":6,"d":"6.00"},{"v":10,"d":"10.00"},{"v":16.2,"d":"16.20"},{"v":-90.6,"d":"-90.60"}]
["2808","09区39架02层","夹子","1W9168","卡特设备","件",{"$nulls":4},"2009-11-01",6,{"v":31.3,"d":"31.30"},{"v":187.8,"d":"187.80"},6,30.32,{"v":10,"d":"10.00"},18.19,-90.31]
["2809","09区39架02层","安装件","4C8982#","卡特设备","件",{"$nulls":4},"2007-06-01",2,0.01,0.02,2,{"v":36,"d":"36.00"},{"v":10,"d":"10.00"},{"v":7.2,"d":"7.20"},{"v":35900,"d":"35,900.00"}]
["2810","09区39架02层","密封","106-9586","卡特设备","件",{"$nulls":4},"2009-11-01",2,29.19,58.38,2,{"v":28,"d":"28.00"},{"v":10,"d":"10.00"},{"v":5.6,"d":"5.60"},-90.41]
["2811","09区39架02层","耐磨套","1J2192","卡特设备","件",{"$nulls":4},"2011-11-01",11,2429.89,26728.79,11,{"v":2300,"d":"2,300.00"},{"v":11,"d":"11.00"},{"v":2783,"d":"2,783.00"},-89.59]
["2812","09区39架02层","螺栓","3E6919","卡特设备","件",{"$nulls":4},"2007-10-01",40,106.57,{"v":4262.8,"d":"4262.80"},40,103.23,{"v":10,"d":"10.00"},412.92,-90.31]
["2813","09区39架02层","卡箍","9D5099","卡特设备","件",{"$nulls":4},"2009-10-01",2,154.73,309.46,2,{"v":140,"d":"140.00"},{"v":10,"d":"10.00"},{"v":28,"d":"28.00"},-90.95]
["2814","09区39架02层","垫圈","3B4510","卡特设备","件",{"$nulls":4},"2013-04-01",1,2.29,2.29,1,{"v":2,"d":"2.00"},{"v":25,"d":"25.00"},{"v":0.5,"d":"0.50"},-78.17]
["2815","09区39架02层","卡环","3D8317","卡特设备","件",{"$nulls":4},"2009-07-01",3,2.17,6.51,3,{"v":2,"d":"2.00"},{"v":10,"d":"10.00"},{"v":0.6,"d":"0.60"},-90.78]
["2816","09区39架02层","门把手","6V7501","卡特设备","件",{"$nulls":4},"2009-07-01",1,{"v":558.5,"d":"558.50"},{"v":558.5,"d":"558.50"},1,{"v":500,"d":"500.00"},{"v":10,"d":"10.00"},{"v":50,"d":"50.00"},-91.05]
["2817","09区39架02层","密封","095-1517","卡特设备","件",{"$nulls":4},"2009-11-01",2,7.11,14.22,2,{"v":7,"d":"7.00"},{"v":10,"d":"10.00"},{"v":1.4,"d":"1.40"},-90.15]
["2818","09区39架02层","螺母","1B4206","卡特设备","件",{"$nulls":4},"2009-07-01",1,5.23,5.23,1,5.07,{"v":10,"d":"10.00"},0.51,-90.25]
["2819","09区39架02层","O-型密封","6J1038","卡特设备","件",{"$nulls":4},"2009-11-01",7,20.44,143.08,7,{"v":20,"d":"20.00"},{"v":10,"d":"10.00"},{"v":14,"d":"14.00"},-90.22]
["2820","09区39架03层","卡环","1L8490","卡特设备","件",{"$nulls":4},"2009-07-01",6,15.45,{"v":92.7,"d":"92.70"},6,{"v":15.3,"d":"15.30"},{"v":10,"d":"10.00"},9.18,{"v":-90.1,"d":"-90.10"}]
["2821","09区39架03层","橡胶件","007","卡特设备","件",{"$nulls":4},"2009-10-01",6,0.01,0.06,6,null,null,0,{"v":-100,"d":"-100.00"}]
["2822","09区39架03层","弹簧","9F6304","卡特设备","件",{"$nulls":4},"2009-10-01",2,61.54,123.08,2,{"v":60,"d":"60.00"},{"v":10,"d":"10.00"},{"v":12,"d":"12.00"},-90.25]
["2823","09区39架03层","垫片","9L9132","卡特设备","件",{"$nulls":4},"2009-08-01",7,1.67,11.69,7,1.62,{"v":10,"d":"10.00"},1.13,-90.33]
["2824","09区39架03层","卡环","1J6474","卡特设备","件",{"$nulls":4},"2014-06-01",3,11.78,35.34,3,11.38,{"v":37,"d":"37.00"},12.63,-64.26]
["2825","09区39架03层","垫圈","2J7763","卡特设备","件",{"$nulls":4},"2013-04-01",4,28.27,113.08,4,{"v":28,"d":"28.00"},{"v":25,"d":"25.00"},{"v":28,"d":"28.00"},-75.24]
["2826","09区39架03层","垫片","4N3841","卡特设备","件",{"$nulls":4},"2009-08-01",1,8.24,8.24,1,7.98,{"v":10,"d":"10.00"},{"v":0.8,"d":"0.80"},-90.29]
["2827","09区39架03层","卡环","3J7719","卡特设备","件",{"$nulls":4},"2014-06-01",4,27.58,110.32,4,{"v":26,"d":"26.00"},{"v":37,"d":"37.00"},38.48,-65.12]
["2828","09区39架03层","卡箍","4N0914","卡特设备","件",{"$nulls":4},"2009-10-01",2,29.49,58.98,2,{"v":29,"d":"29.00"},{"v":10,"d":"10.00"},{"v":5.8,"d":"5.80"},-90.17]
["2829","09区39架04层","销套","087-5548","卡特设备","件",{"$nulls":4},"2009-10-01",1,1506.26,1506.26,1,{"v":1459.11,"d":"1,459.11"},{"v":10,"d":"10.00"},145.91,-90.31]
["2830","09区39架04层","耐磨环","8T6745","卡特设备","件",{"$nulls":4},"2011-11-01",8,241.57,1932.56,8,{"v":231,"d":"231.00"},{"v":11,"d":"11.00"},203.28,-89.48]
["2831","09区39架04层","销套","6Y2752","卡特设备","件",{"$nulls":4},"2009-04-01",2,1587.37,3174.74,2,{"v":1537.69,"d":"1,537.69"},{"v":10,"d":"10.00"},307.54,-90.31]
["2832","09区39架04层","耐磨环","4J7376","卡特设备","件",{"$nulls":4},"2011-11-01",8,388.79,3110.32,8,{"v":371.2,"d":"371.20"},{"v":11,"d":"11.00"},326.66,{"v":-89.5,"d":"-89.50"}]
["2833","09区39架04层","销套","6Y2753","卡特设备","颗",{"$nulls":4},"2010-05-01",6,1558.93,9353.58,6,{"v":1510.14,"d":"1,510.14"},{"v":10,"d":"10.00"},906.08,-90.31]
["2834","09区39架05层","油管","4P7804","卡特设备","件",{"$nulls":4},"2012-03-01",1,1197.97,1197.97,1,{"v":1160.47,"d":"1,160.47"},{"v":14,"d":"14.00"},162.47,-86.44]
["2835","09区39架05层","切割器","4C5084#","卡特设备","件",{"$nulls":4},"2009-07-01",1,0.01,0.01,1,{"v":369,"d":"369.00"},{"v":10,"d":"10.00"},{"v":36.9,"d":"36.90"},{"v":368900,"d":"368,900.00"}]
["2836","09区39架05层","油管","4P7807","卡特设备","件",{"$nulls":4},"2012-03-01",1,1197.89,1197.89,1,{"v":1160.4,"d":"1,160.40"},{"v":14,"d":"14.00"},162.46,-86.44]
["2837","09区39架05层","油管","4P7809","卡特设备","件",{"$nulls":4},"2012-03-01",1,1189.92,1189.92,1,{"v":1152.68,"d":"1,152.68"},{"v":14,"d":"14.00"},161.38,-86.44]
["2838","09区39架05层","油管","4P7812","卡特设备","件",{"$nulls":4},"2012-03-01",1,{"v":1177.5,"d":"1177.50"},{"v":1177.5,"d":"1177.50"},1,{"v":1140.64,"d":"1,140.64"},{"v":14,"d":"14.00"},159.69,-86.44]
["2839","09区39架05层","油管","7W9547","卡特设备","件",{"$nulls":4},"2012-03-01",1,467.46,467.46,1,452.83,{"v":14,"d":"14.00"},{"v":63.4,"d":"63.40"},-86.44]
["2840","09区39架05层","油管","4P7810","卡特设备","件",{"$nulls":4},"2012-03-01",1,1169.12,1169.12,1,{"v":1132.53,"d":"1,132.53"},{"v":14,"d":"14.00"},158.55,-86.44]
["2841","09区39架05层","油管","6N9076","卡特设备","件",{"$nulls":4},"2012-03-01",1,1451.25,1451.25,1,{"v":1405.83,"d":"1,405.83"},{"v":14,"d":"14.00"},196.82,-86.44]
["2842","09区39排03层","密封","5J3620","卡特设备","件",{"$nulls":4},"2009-07-01",1,240.63,240.63,1,{"v":233,"d":"233.00"},{"v":10,"d":"10.00"},{"v":23.3,"d":"23.30"},-90.32]
["2843","09区39排03层","密封","5J5020","卡特设备","件",{"$nulls":4},"2009-08-01",1,300.76,300.76,1,{"v":291,"d":"291.00"},{"v":10,"d":"10.00"},{"v":29.1,"d":"29.10"},-90.32]
["2844","09区39排03层","密封","5J0964","卡特设备","套",{"$nulls":4},"2009-09-01",1,176.94,176.94,1,{"v":171,"d":"171.00"},{"v":10,"d":"10.00"},{"v":17.1,"d":"17.10"},-90.34]
["2845","09区39排03层","唇型密封","1K6982","卡特设备","件",{"$nulls":4},"2009-04-01",1,187.37,187.37,1,{"v":182,"d":"182.00"},{"v":10,"d":"10.00"},{"v":18.2,"d":"18.20"},-90.29]
["2846","09区40架01层","螺栓","7Y5261","卡特设备","件",{"$nulls":4},"2007-10-01",2,85.38,170.76,2,82.71,{"v":10,"d":"10.00"},16.54,-90.31]
["2847","09区40架01层","螺栓","1D4629","卡特设备","件",{"$nulls":4},"2010-04-01",33,57.24,1888.92,33,55.45,{"v":10,"d":"10.00"},182.99,-90.31]
["2848","09区40架01层","气缸体","7N7445","卡特设备","件",{"$nulls":4},"2009-08-01",1,2005.25,2005.25,1,{"v":1870,"d":"1,870.00"},{"v":10,"d":"10.00"},{"v":187,"d":"187.00"},-90.67]
["2849","09区40架01层","销轴","5I3294","卡特设备","套",{"$nulls":4},"2009-07-01",1,8607.83,8607.83,1,{"v":7240.61,"d":"7,240.61"},{"v":10,"d":"10.00"},724.06,-91.59]
["2850","09区40架02层","O-型密封","109-2332","卡特设备","件",{"$nulls":4},"2009-11-01",4,112.52,450.08,4,{"v":108,"d":"108.00"},{"v":10,"d":"10.00"},{"v":43.2,"d":"43.20"},{"v":-90.4,"d":"-90.40"}]
["2851","09区40架02层","垫子","8H2778","卡特设备","件",{"$nulls":4},"2009-11-01",4,23.22,92.88,4,22.49,{"v":10,"d":"10.00"},{"v":9,"d":"9.00"},-90.31]
["2852","09区40架02层","止推垫","7N2443","卡特设备","件",{"$nulls":4},"2009-11-01",1,320.09,320.09,1,310.07,{"v":10,"d":"10.00"},31.01,-90.31]
["2853","09区40架02层","垫片","4N1418","卡特设备","件",{"$nulls":4},"2009-08-01",12,9.05,{"v":108.6,"d":"108.60"},12,{"v":9,"d":"9.00"},{"v":10,"d":"10.00"},{"v":10.8,"d":"10.80"},-90.06]
["2854","09区40架02层","管卡","4W4590","卡特设备","件",{"$nulls":4},"2009-08-01",1,138.64,138.64,1,{"v":134.3,"d":"134.30"},{"v":10,"d":"10.00"},13.43,-90.31]
["2855","09区40架02层","垫子","7T2037","卡特设备","件",{"$nulls":4},"2009-08-01",1,35.98,35.98,1,34.85,{"v":10,"d":"10.00"},3.49,{"v":-90.3,"d":"-90.30"}]
["2856","09区40架02层","垫片","5P8247","卡特设备","件",{"$nulls":4},"2009-08-01",5,6.93,34.65,5,{"v":6,"d":"6.00"},{"v":10,"d":"10.00"},{"v":3,"d":"3.00"},-91.34]
["2857","09区40架02层","O-型密封","1J2176","卡特设备","件",{"$nulls":4},"2009-11-01",8,{"v":43.5,"d":"43.50"},{"v":348,"d":"348.00"},8,{"v":42,"d":"42.00"},{"v":10,"d":"10.00"},{"v":33.6,"d":"33.60"},-90.34]
["2858","09区40架02层","螺栓","9T5114","卡特设备","件",{"$nulls":4},"2007-10-01",3,46.22,138.66,3,44.77,{"v":10,"d":"10.00"},13.43,-90.31]
["2859","09区40架02层","止退环","2J0744","卡特设备","件",{"$nulls":4},"2007-10-01",2,77.79,155.58,2,75.36,{"v":10,"d":"10.00"},15.07,-90.31]
["2860","09区40架02层","盖板","2M1656","卡特设备","件",{"$nulls":4},"2007-10-01",1,201.62,201.62,1,{"v":195,"d":"195.00"},{"v":10,"d":"10.00"},{"v":19.5,"d":"19.50"},-90.33]
["2861","09区40架02层","管卡","5P9297","卡特设备","件",{"$nulls":4},"2007-10-01",3,32.56,97.68,3,{"v":32,"d":"32.00"},{"v":10,"d":"10.00"},{"v":9.6,"d":"9.60"},-90.17]
["2862","09区40架02层","隔板衬垫","4B5423","卡特设备","件",{"$nulls":4},"2007-10-01",1,7.86,7.86,1,{"$nulls":3},{"v":-100,"d":"-100.00"}]
["2863","09区40架02层","阀座","9S9993","卡特设备","件",{"$nulls":4},"2012-10-01",1,{"v":1635.6,"d":"1635.60"},{"v":1635.6,"d":"1635.60"},1,{"v":1584,"d":"1,584.00"},{"v":20,"d":"20.00"},{"v":316.8,"d":"316.80"},-80.63]
["2864","09区40架02层","螺栓","4M8363","卡特设备","件",{"$nulls":4},"2007-10-01",1,39.98,39.98,1,38.73,{"v":10,"d":"10.00"},3.87,-90.32]
["2865","09区40架02层","销","1B8705","卡特设备","件",{"$nulls":4},"2007-10-01",1,{"v":4.6,"d":"4.60"},{"v":4.6,"d":"4.60"},1,4.46,{"v":10,"d":"10.00"},0.45,-90.22]
["2866","09区40架02层","螺栓","0T0573","卡特设备","件",{"$nulls":4},"2007-10-01",14,6.38,89.32,14,6.18,{"v":10,"d":"10.00"},8.65,-90.32]
["2867","09区40架02层","耐磨环","8T5668","卡特设备","件",{"$nulls":4},"2011-11-01",1,304.16,304.16,1,{"v":300,"d":"300.00"},{"v":11,"d":"11.00"},{"v":33,"d":"33.00"},-89.15]
["2868","09区40架02层","密封","4J5477","卡特设备","件",{"$nulls":4},"2009-06-01",14,5.68,79.52,14,{"v":6,"d":"6.00"},{"v":10,"d":"10.00"},{"v":8.4,"d":"8.40"},-89.44]
["2869","09区40架03层","机油箱盖","6N2206","卡特设备","个",{"$nulls":4},"2009-06-01",1,92.14,92.14,1,{"v":89,"d":"89.00"},{"v":10,"d":"10.00"},{"v":8.9,"d":"8.90"},-90.34]
["2870","09区40架03层","开关","102-8042","卡特设备","件",{"$nulls":4},"2009-06-01",1,115.54,115.54,1,{"$nulls":3},{"v":-100,"d":"-100.00"}]
["2871","09区40架03层","锁栓","3B4610","卡特设备","件",{"$nulls":4},"2012-02-01",2,0.48,0.96,2,0.46,{"v":14,"d":"14.00"},0.13,-86.46]
["2872","09区40架03层","螺栓","2P3203","卡特设备","件",{"$nulls":4},"2007-10-01",68,{"v":12.4,"d":"12.40"},{"v":843.2,"d":"843.20"},68,12.01,{"v":10,"d":"10.00"},81.67,-90.31]
["2873","09区40架03层","密封","3G2193","卡特设备","件",{"$nulls":4},"2009-06-01",2,82.66,165.32,2,{"v":80,"d":"80.00"},{"v":10,"d":"10.00"},{"v":16,"d":"16.00"},-90.32]
["2874","09区40架03层","螺栓","4L6454","卡特设备","件",{"$nulls":4},"2007-10-01",1,2.54,2.54,1,2.46,{"v":10,"d":"10.00"},0.25,-90.16]
["2875","09区40架03层","油封","099-8158","卡特设备","件",{"$nulls":4},"2007-06-01",1,88.88,88.88,1,{"v":86.1,"d":"86.10"},{"v":10,"d":"10.00"},8.61,-90.31]
["2876","09区40架03层","所总成","6V5552","卡特设备","件",{"$nulls":4},"2011-11-01",1,270.55,270.55,1,262.08,{"v":11,"d":"11.00"},28.83,-89.34]
["2877","09区40架03层","轴","7W1821","卡特设备","件",{"$nulls":4},"2009-07-01",2,734.21,1468.42,2,711.23,{"v":10,"d":"10.00"},142.25,-90.31]
["2878","09区40架03层","摇臂","4N5614","卡特设备","件",{"$nulls":4},"2009-07-01",2,798.89,1597.78,2,773.88,{"v":10,"d":"10.00"},154.78,-90.31]
["2879","09区40架03层","支架","4W4591","卡特设备","件",{"$nulls":4},"2009-07-01",1,164.03,164.03,1,{"v":158.9,"d":"158.90"},{"v":10,"d":"10.00"},15.89,-90.31]
["2880","09区40架03层","螺母","1D4717","卡特设备","件",{"$nulls":4},"2009-07-01",48,1.87,89.76,48,1.81,{"v":10,"d":"10.00"},8.69,-90.32]
["2881","09区40架03层","螺栓","2H6488","卡特设备","件",{"$nulls":4},"2007-11-01",8,26.92,215.36,8,26.08,{"v":10,"d":"10.00"},20.86,-90.31]
["2882","09区40架03层","齿轮","2W3875","卡特设备","件",{"$nulls":4},"2012-10-01",1,2165.29,2165.29,1,{"v":2097.52,"d":"2,097.52"},{"v":20,"d":"20.00"},{"v":419.5,"d":"419.50"},-80.63]
["2883","09区40架03层","卡环","9T5086","卡特设备","件",{"$nulls":4},"2014-06-01",1,35.13,35.13,1,{"v":35,"d":"35.00"},{"v":37,"d":"37.00"},12.95,-63.14]
["2884","09区40架03层","密封","9T5088","卡特设备","个",{"$nulls":4},"2009-06-01",2,30.22,60.44,2,{"v":29,"d":"29.00"},{"v":10,"d":"10.00"},{"v":5.8,"d":"5.80"},{"v":-90.4,"d":"-90.40"}]
["2885","09区40架03层","接头","8M0755","卡特设备","件",{"$nulls":4},"2009-10-01",2,25.71,51.42,2,24.91,{"v":10,"d":"10.00"},4.98,-90.32]
["2886","09区40架04层","油封","5J5559","卡特设备","件",{"$nulls":4},"2007-06-01",8,424.82,3398.56,8,411.52,{"v":10,"d":"10.00"},329.22,-90.31]
["2887","09区40架04层","垫片修理组件","8T1630","卡特设备","件",{"$nulls":4},"2011-03-01",4,1899.67,7598.68,4,{"v":1840.21,"d":"1,840.21"},{"v":10,"d":"10.00"},736.08,-90.31]
["2888","09区40架04层","油封","248-1537","卡特设备","件",{"$nulls":4},"2009-05-01",2,59.55,{"v":119.1,"d":"119.10"},2,57.69,{"v":10,"d":"10.00"},11.54,-90.31]
["2889","09区40架04层","活塞","7N7443","卡特设备","件",{"$nulls":4},"2007-05-01",2,813.03,1626.06,2,801.71,{"v":10,"d":"10.00"},160.34,-90.14]
["2890","09区40架04层","油封","8C9121","卡特设备","件",{"$nulls":4},"2012-02-01",13,305.31,3969.03,13,295.75,{"v":14,"d":"14.00"},538.27,-86.44]
["2891","09区40架04层","唇型密封","5P4061","卡特设备","件",{"$nulls":4},"2009-06-01",20,75.42,{"v":1508.4,"d":"1508.40"},20,{"v":73,"d":"73.00"},{"v":10,"d":"10.00"},{"v":146,"d":"146.00"},-90.32]
["2892","09区40架05层","垫片","4N5795","卡特设备","件",{"$nulls":4},"2009-08-01",2,{"v":74.3,"d":"74.30"},{"v":148.6,"d":"148.60"},2,{"v":72,"d":"72.00"},{"v":10,"d":"10.00"},{"v":14.4,"d":"14.40"},-90.31]
["2893","09区40架05层","油封","4T4143","卡特设备","件",{"$nulls":4},"2007-06-01",2,449.98,899.96,2,{"v":435.9,"d":"435.90"},{"v":10,"d":"10.00"},87.18,-90.31]
["2894","09区40架05层","密封","7T8006","卡特设备","件",{"$nulls":4},"2009-06-01",2,{"v":358,"d":"358.00"},{"v":716,"d":"716.00"},2,{"v":347,"d":"347.00"},{"v":10,"d":"10.00"},{"v":69.4,"d":"69.40"},-90.31]
["2895","09区41架01层","螺栓","7X0379","卡特设备","件",{"$nulls":4},"2007-11-01",7,22.22,155.54,7,21.52,{"v":10,"d":"10.00"},15.06,-90.32]
["2896","09区41架01层","张紧油缸缸筒","7Y0207","卡特设备","件",{"$nulls":4},"2009-11-01",1,{"v":12709.6,"d":"12709.60"},{"v":12709.6,"d":"12709.60"},1,{"v":12311.79,"d":"12,311.79"},{"v":10,"d":"10.00"},{"v":1231.18,"d":"1,231.18"},-90.31]
["2897","09区41架01层","卡环","8J7500","卡特设备","件",{"$nulls":4},"2014-06-01",4,{"v":491.5,"d":"491.50"},{"v":1966,"d":"1966.00"},4,{"v":463.4,"d":"463.40"},{"v":37,"d":"37.00"},685.83,-65.12]
["2898","09区41架02层","油封","3P1461","卡特设备","件",{"$nulls":4},"2007-06-01",4,66.91,267.64,4,64.82,{"v":10,"d":"10.00"},25.93,-90.31]
["2899","09区41架02层","O-型密封","4S5898","卡特设备","件",{"$nulls":4},"2009-11-01",1,69.98,69.98,1,{"v":65,"d":"65.00"},{"v":10,"d":"10.00"},{"v":6.5,"d":"6.50"},-90.71]
["2900","09区41架02层","油封","7X4803","卡特设备","件",{"$nulls":4},"2007-06-01",2,196.42,392.84,2,190.27,{"v":10,"d":"10.00"},38.05,-90.31]
["2901","09区41架02层","油封","8C9129","卡特设备","件",{"$nulls":4},"2007-06-01",2,330.31,660.62,2,319.97,{"v":10,"d":"10.00"},63.99,-90.31]
["2902","09区41架02层","唇型密封","7K9211","卡特设备","件",{"$nulls":4},"2009-08-01",24,116.56,2797.44,24,{"v":113,"d":"113.00"},{"v":10,"d":"10.00"},{"v":271.2,"d":"271.20"},-90.31]
["2903","09区41架02层","密封","167-2216","卡特设备","件",{"$nulls":4},"2009-08-01",6,332.97,1997.82,6,{"v":323,"d":"323.00"},{"v":10,"d":"10.00"},{"v":193.8,"d":"193.80"},{"v":-90.3,"d":"-90.30"}]
["2904","09区41架03层","注油嘴","2S5925","卡特设备","件",{"$nulls":4},"2011-03-01",27,166.31,4490.37,27,{"v":142,"d":"142.00"},{"v":10,"d":"10.00"},{"v":383.4,"d":"383.40"},-91.46]
["2905","09区41架03层","堵头","1K6853","卡特设备","件",{"$nulls":4},"2011-03-01",3,18.49,55.47,3,{"v":17,"d":"17.00"},{"v":10,"d":"10.00"},{"v":5.1,"d":"5.10"},-90.81]
["2906","09区41架03层","油封","9D6586","卡特设备","件",{"$nulls":4},"2007-06-01",2,74.89,149.78,2,72.55,{"v":10,"d":"10.00"},14.51,-90.31]
["2907","09区41架03层","销","1T0068","卡特设备","件",{"$nulls":4},"2007-06-01",4,30.68,122.72,4,29.72,{"v":10,"d":"10.00"},11.89,-90.31]
["2908","09区41架03层","水封","4W3864","卡特设备","件",{"$nulls":4},"2007-06-01",2,163.33,326.66,2,{"v":158,"d":"158.00"},{"v":10,"d":"10.00"},{"v":31.6,"d":"31.60"},-90.33]
["2909","09区41架03层","螺钉","1A2935","卡特设备","件",{"$nulls":4},"2007-06-01",8,52.03,416.24,8,{"v":50,"d":"50.00"},{"v":10,"d":"10.00"},{"v":40,"d":"40.00"},-90.39]
["2910","09区41架03层","堵头","7H3171","卡特设备","件",{"$nulls":4},"2007-06-01",2,26.67,53.34,2,{"v":25,"d":"25.00"},{"v":10,"d":"10.00"},{"v":5,"d":"5.00"},-90.63]
["2911","09区41架03层","阀","160-8734","卡特设备","件",{"$nulls":4},"2011-11-01",2,5759.03,11518.06,2,{"v":5500,"d":"5,500.00"},{"v":11,"d":"11.00"},{"v":1210,"d":"1,210.00"},-89.49]
["2912","09区41架03层","堵头","7C9621","卡特设备","件",{"$nulls":4},"2011-11-01",2,212.45,{"v":424.9,"d":"424.90"},2,{"v":206,"d":"206.00"},{"v":11,"d":"11.00"},45.32,-89.33]
["2913","09区41架03层","间隙套","2N7942","卡特设备","件",{"$nulls":4},"2011-11-01",4,148.72,594.88,4,144.07,{"v":11,"d":"11.00"},63.39,-89.34]
["2914","09区41架04层","连接座","4K5122","卡特设备","颗",{"$nulls":4},"2011-11-01",47,37.59,1766.73,47,36.41,{"v":11,"d":"11.00"},188.24,-89.35]
["2915","09区41架04层","夹子","7C6530","卡特设备","颗",{"$nulls":4},"2011-11-01",9,155.84,1402.56,9,150.96,{"v":11,"d":"11.00"},149.45,-89.34]
["2916","09区41架04层","垫片","4N3955","卡特设备","件",{"$nulls":4},"2009-07-01",2,110.18,220.36,2,{"v":110,"d":"110.00"},{"v":10,"d":"10.00"},{"v":22,"d":"22.00"},-90.02]
["2917","09区41架04层","密封","1J2859","卡特设备","件",{"$nulls":4},"2009-08-01",4,32.85,{"v":131.4,"d":"131.40"},4,{"v":32,"d":"32.00"},{"v":10,"d":"10.00"},{"v":12.8,"d":"12.80"},-90.26]
["2918","09区41架04层","夹子","7C6529","卡特设备","颗",{"$nulls":4},"2009-08-01",9,141.37,1272.33,9,136.95,{"v":10,"d":"10.00"},123.26,-90.31]
["2919","09区41架04层","O-型密封","9F4446","卡特设备","件",{"$nulls":4},"2009-11-01",6,30.26,181.56,6,{"v":30,"d":"30.00"},{"v":10,"d":"10.00"},{"v":18,"d":"18.00"},-90.09]
["2920","09区41架04层","垫片","4N4307","卡特设备","件",{"$nulls":4},"2009-07-01",2,11.77,23.54,2,{"v":11.3,"d":"11.30"},{"v":10,"d":"10.00"},2.26,{"v":-90.4,"d":"-90.40"}]
["2921","09区41架04层","垫片","7G1239","卡特设备","件",{"$nulls":4},"2009-07-01",3,{"v":8,"d":"8.00"},{"v":24,"d":"24.00"},3,7.75,{"v":10,"d":"10.00"},2.33,-90.29]
["2922","09区41架05层","卡环","1L3769","卡特设备","件",{"$nulls":4},"2007-09-01",3,2.75,8.25,3,2.66,{"v":10,"d":"10.00"},{"v":0.8,"d":"0.80"},{"v":-90.3,"d":"-90.30"}]
["2923","09区41架05层","接头","7C6514","卡特设备","件",{"$nulls":4},"2009-11-01",1,117.46,117.46,1,{"v":114,"d":"114.00"},{"v":10,"d":"10.00"},{"v":11.4,"d":"11.40"},-90.29]
["2924","09区41架05层","密封","8T8136","卡特设备","件",{"$nulls":4},"2009-05-01",5,34.26,{"v":171.3,"d":"171.30"},5,{"v":33,"d":"33.00"},{"v":10,"d":"10.00"},{"v":16.5,"d":"16.50"},-90.37]
["2925","09区41架05层","滑轮","9S3784","卡特设备","件",{"$nulls":4},"2009-05-01",1,292.62,292.62,1,{"v":283,"d":"283.00"},{"v":10,"d":"10.00"},{"v":28.3,"d":"28.30"},-90.33]
["2926","09区41架05层","油箱盖","7H1447","卡特设备","件",{"$nulls":4},"2009-05-01",1,133.27,133.27,1,{"v":129.1,"d":"129.10"},{"v":10,"d":"10.00"},12.91,-90.31]
["2927","09区41架05层","垫片","1P9390","卡特设备","件",{"$nulls":4},"2009-07-01",2,88.67,177.34,2,{"v":86,"d":"86.00"},{"v":10,"d":"10.00"},{"v":17.2,"d":"17.20"},{"v":-90.3,"d":"-90.30"}]
["2928","09区41架05层","连线","5R7755","卡特设备","件",{"$nulls":4},"2009-07-01",2,145.73,291.46,2,141.17,{"v":10,"d":"10.00"},28.23,-90.31]
["2929","09区41架05层","密封","8T7148","卡特设备","个",{"$nulls":4},"2009-05-01",8,39.22,313.76,8,{"v":38,"d":"38.00"},{"v":10,"d":"10.00"},{"v":30.4,"d":"30.40"},-90.31]
["2930","09区41排01层","销","3G8053","卡特设备","件",{"$nulls":4},"2013-04-01",2,3204.52,6409.04,2,{"v":3104.22,"d":"3,104.22"},{"v":25,"d":"25.00"},{"v":1552.11,"d":"1,552.11"},-75.78]
["2931","09区41排01层","螺栓","7X0379","卡特设备","件",{"$nulls":4},"2007-11-01",1,22.22,22.22,1,21.52,{"v":10,"d":"10.00"},2.15,-90.32]
["2932","09区41排03层","卡簧","1P9254","卡特设备","件",{"$nulls":4},"2007-11-01",2,250.64,501.28,2,{"v":243,"d":"243.00"},{"v":10,"d":"10.00"},{"v":48.6,"d":"48.60"},{"v":-90.3,"d":"-90.30"}]
["2933","09区42架01层","软管","245-5041","卡特设备","件",{"$nulls":4},"2009-08-01",1,2844.11,2844.11,1,{"$nulls":3},{"v":-100,"d":"-100.00"}]
["2934","09区42架02层","开关","3T3453","卡特设备","件",{"$nulls":4},"2009-08-01",2,312.36,624.72,2,{"$nulls":3},{"v":-100,"d":"-100.00"}]
["2935","09区42架02层","喇叭","9G9813","卡特设备","件",{"$nulls":4},"2009-08-01",2,69.41,138.82,2,67.24,{"v":10,"d":"10.00"},13.45,-90.31]
["2936","09区42架02层","阀","6V8358","卡特设备","件",{"$nulls":4},"2011-11-01",1,570.34,570.34,1,{"v":552,"d":"552.00"},{"v":11,"d":"11.00"},60.72,-89.35]
["2937","09区42架02层","密封","7M8485","卡特设备","件",{"$nulls":4},"2009-05-01",13,11.67,151.71,13,{"v":11,"d":"11.00"},{"v":10,"d":"10.00"},{"v":14.3,"d":"14.30"},-90.57]
["2938","09区42架02层","温度表","4W1129","卡特设备","件",{"$nulls":4},"2009-05-01",2,385.99,771.98,2,{"v":374,"d":"374.00"},{"v":10,"d":"10.00"},{"v":74.8,"d":"74.80"},-90.31]
["2939","09区42架02层","密封","8T7182","卡特设备","件",{"$nulls":4},"2009-05-01",4,37.81,151.24,4,{"v":37,"d":"37.00"},{"v":10,"d":"10.00"},{"v":14.8,"d":"14.80"},-90.21]
["2940","09区42架02层","螺栓","7X2553","卡特设备","件",{"$nulls":4},"2007-11-01",17,15.47,262.99,17,14.99,{"v":10,"d":"10.00"},25.48,-90.31]
["2941","09区42架02层","开关","9G1300","卡特设备","件",{"$nulls":4},"2007-11-01",1,{"v":539.3,"d":"539.30"},{"v":539.3,"d":"539.30"},1,{"$nulls":3},{"v":-100,"d":"-100.00"}]
["2942","09区42架03层","护罩","1W6185","卡特设备","件",{"$nulls":4},"2012-08-01",4,513.96,2055.84,4,{"v":498,"d":"498.00"},{"v":19,"d":"19.00"},378.48,-81.59]
["2943","09区42架03层","线圈","9F4337","卡特设备","件",{"$nulls":4},"2012-08-01",1,110.77,110.77,1,{"v":100,"d":"100.00"},{"v":19,"d":"19.00"},{"v":19,"d":"19.00"},-82.85]
["2944","09区42架03层","塞子","6Y0473","卡特设备","件",{"$nulls":4},"2012-08-01",10,1.11,{"v":11.1,"d":"11.10"},10,{"v":1,"d":"1.00"},{"v":19,"d":"19.00"},{"v":1.9,"d":"1.90"},-82.88]
["2945","09区42架03层","密封","2P4154","卡特设备","件",{"$nulls":4},"2009-05-01",4,1.37,5.48,4,{"v":1,"d":"1.00"},{"v":10,"d":"10.00"},{"v":0.4,"d":"0.40"},{"v":-92.7,"d":"-92.70"}]
["2946","09区42架03层","垫片","9L9159","卡特设备","件",{"$nulls":4},"2009-07-01",3,10.67,32.01,3,{"v":10,"d":"10.00"},{"v":10,"d":"10.00"},{"v":3,"d":"3.00"},-90.63]
["2947","09区42架03层","O-型密封","5H7153","卡特设备","件",{"$nulls":4},"2009-11-01",5,33.77,168.85,5,{"v":33,"d":"33.00"},{"v":10,"d":"10.00"},{"v":16.5,"d":"16.50"},-90.23]
["2948","09区42架03层","开关","8D2676","卡特设备","件",{"$nulls":4},"2009-11-01",2,187.38,374.76,2,{"$nulls":3},{"v":-100,"d":"-100.00"}]
["2949","09区42架03层","传感器","8N3844","卡特设备","件",{"$nulls":4},"2009-11-01",1,{"v":266.3,"d":"266.30"},{"v":266.3,"d":"266.30"},1,257.96,{"v":10,"d":"10.00"},{"v":25.8,"d":"25.80"},-90.31]
["2950","09区42架03层","柱塞","7C1512","卡特设备","厘米",{"$nulls":4},"2009-11-01",1,524.28,524.28,1,{"v":500,"d":"500.00"},{"v":10,"d":"10.00"},{"v":50,"d":"50.00"},-90.46]
["2951","09区42架03层","卡箍","6N0561","卡特设备","件",{"$nulls":4},"2009-10-01",2,{"v":97.4,"d":"97.40"},{"v":194.8,"d":"194.80"},2,{"v":90,"d":"90.00"},{"v":10,"d":"10.00"},{"v":18,"d":"18.00"},-90.76]
["2952","09区42架04层","油枪","8F9866","卡特设备","个",{"$nulls":4},"2009-10-01",1,340.32,340.32,1,329.67,{"v":10,"d":"10.00"},32.97,-90.31]
["2953","09区42架04层","环","5H5672","卡特设备","件",{"$nulls":4},"2007-06-01",3,34.06,102.18,3,32.36,{"v":10,"d":"10.00"},9.71,{"v":-90.5,"d":"-90.50"}]
["2954","09区42架04层","排气短管","7E3904","卡特设备","件",{"$nulls":4},"2009-08-01",2,{"v":845,"d":"845.00"},{"v":1690,"d":"1690.00"},2,{"v":819,"d":"819.00"},{"v":10,"d":"10.00"},{"v":163.8,"d":"163.80"},-90.31]
["2955","09区42架05层","垫子","7G5756","卡特设备","件",{"$nulls":4},"2009-08-01",1,135.24,135.24,1,131.01,{"v":10,"d":"10.00"},{"v":13.1,"d":"13.10"},-90.31]
["2956","09区42排02层","密封圈","129-1609","卡特设备","件",{"$nulls":4},"2009-03-01",5,81.77,408.85,5,{"v":79,"d":"79.00"},{"v":10,"d":"10.00"},{"v":39.5,"d":"39.50"},-90.34]
["2957","09区42排02层","螺栓","3D9348","卡特设备","件",{"$nulls":4},"2007-11-01",4,33.33,133.32,4,32.29,{"v":10,"d":"10.00"},12.92,-90.31]
["2958","09区42排02层","密封","5M9735","卡特设备","件",{"$nulls":4},"2009-03-01",1,58.38,58.38,1,{"v":57,"d":"57.00"},{"v":10,"d":"10.00"},{"v":5.7,"d":"5.70"},-90.24]
["2959","09区42排02层","密封圈","121-0145","卡特设备","件",{"$nulls":4},"2009-03-01",4,{"v":28.3,"d":"28.30"},{"v":113.2,"d":"113.20"},4,{"v":25,"d":"25.00"},{"v":10,"d":"10.00"},{"v":10,"d":"10.00"},-91.17]
["2960","09区42排03层","垫子","1S4295","卡特设备","件",{"$nulls":4},"2009-03-01",9,54.21,487.89,9,52.51,{"v":10,"d":"10.00"},47.26,-90.31]
["2961","10区01架01层","轴承",4180343,"日立EX1800-2液压车","件",{"$nulls":4},"2011-11-01",6,{"v":9957.4,"d":"9957.40"},{"v":59744.4,"d":"59744.40"},6,{"v":9645.73,"d":"9,645.73"},{"v":11,"d":"11.00"},{"v":6366.18,"d":"6,366.18"},-89.34]
["2962","10区01架02层","轴承",4180357,"日立EX1800-2液压车","件",{"$nulls":4},"2011-09-01",10,7600.99,{"v":76009.9,"d":"76009.90"},10,{"v":7363.08,"d":"7,363.08"},{"v":10,"d":"10.00"},{"v":7363.08,"d":"7,363.08"},-90.31]
["2963","10区01架02层","轴承",4180345,"日立EX1800-2液压车","件",{"$nulls":4},"2011-09-01",17,3337.38,56735.46,17,{"v":3232.92,"d":"3,232.92"},{"v":10,"d":"10.00"},{"v":5495.96,"d":"5,495.96"},-90.31]
["2964","10区01架02层","角度传感器",9116301,"日立EX1800-2液压车","件",{"$nulls":4},"2011-09-01",6,14272.56,85635.36,6,{"v":13825.83,"d":"13,825.83"},{"v":10,"d":"10.00"},{"v":8295.5,"d":"8,295.50"},-90.31]
["2965","10区01架02层","阀",4303148,"日立EX1800-2液压车","件",{"$nulls":4},"2010-01-01",4,3996.99,15987.96,4,{"v":3871.88,"d":"3,871.88"},{"v":10,"d":"10.00"},{"v":1548.75,"d":"1,548.75"},-90.31]
["2966","10区01架03层","油位开关",4191728,"日立EX1800-2液压车","件",{"$nulls":4},"2012-05-01",11,1472.13,16193.43,11,{"$nulls":3},{"v":-100,"d":"-100.00"}]
["2967","10区01架03层","电磁阀",4184231,"日立EX1800-2液压车","件",{"$nulls":4},"2012-05-01",4,9423.18,37692.72,4,{"v":9128.23,"d":"9,128.23"},{"v":16,"d":"16.00"},{"v":5842.07,"d":"5,842.07"},{"v":-84.5,"d":"-84.50"}]
["2968","10区01架03层","电磁阀",4286172,"日立EX1800-2液压车","件",{"$nulls":4},"2012-05-01",6,3656.52,21939.12,6,{"v":3542.07,"d":"3,542.07"},{"v":16,"d":"16.00"},{"v":3400.39,"d":"3,400.39"},{"v":-84.5,"d":"-84.50"}]
["2969","10区01架03层","电磁阀",4358393,"日立EX1800-2液压车","件",{"$nulls":4},"2012-05-01",3,5530.59,16591.77,3,{"v":5357.48,"d":"5,357.48"},{"v":16,"d":"16.00"},{"v":2571.59,"d":"2,571.59"},{"v":-84.5,"d":"-84.50"}]
["2970","10区01架03层","电磁阀",4286173,"日立EX1800-2液压车","件",{"$nulls":4},"2012-05-01",2,{"v":3726.1,"d":"3726.10"},{"v":7452.2,"d":"7452.20"},2,{"v":3609.47,"d":"3,609.47"},{"v":16,"d":"16.00"},{"v":1155.03,"d":"1,155.03"},{"v":-84.5,"d":"-84.50"}]
["2971","10区01架03层","轴承",4180356,"日立EX1800-2液压车","件",{"$nulls":4},"2012-05-01",17,3731.94,63442.98,17,{"v":3615.13,"d":"3,615.13"},{"v":16,"d":"16.00"},{"v":9833.15,"d":"9,833.15"},{"v":-84.5,"d":"-84.50"}]
["2972","10区01架03层","油位开关",4270206,"日立EX1800-2液压车","件",{"$nulls":4},"2012-05-01",3,{"v":1376.1,"d":"1376.10"},{"v":4128.3,"d":"4128.30"},3,{"$nulls":3},{"v":-100,"d":"-100.00"}]
["2973","10区01架03层","开关",4253412,"日立EX1800-2液压车","件",{"$nulls":4},"2012-05-01",20,1166.94,{"v":23338.8,"d":"23338.80"},20,{"$nulls":3},{"v":-100,"d":"-100.00"}]
["2974","10区01架03层","轴承",4180346,"日立EX1800-2液压车","件",{"$nulls":4},"2012-05-01",14,1364.06,19096.84,14,{"v":1321.36,"d":"1,321.36"},{"v":16,"d":"16.00"},{"v":2959.85,"d":"2,959.85"},{"v":-84.5,"d":"-84.50"}]
["2975","10区01架03层","油位开关",4315415,"日立EX1800-2液压车","件",{"$nulls":4},"2011-11-01",2,1076.49,2152.98,2,{"$nulls":3},{"v":-100,"d":"-100.00"}]
["2976","10区01架03层","电磁阀",4144862,"日立EX1800-2液压车","根",{"$nulls":4},"2011-11-01",5,4160.54,{"v":20802.7,"d":"20802.70"},5,{"v":4030.32,"d":"4,030.32"},{"v":11,"d":"11.00"},{"v":2216.68,"d":"2,216.68"},-89.34]
["2977","10区01架04层","轴承",4297163,"日立EX1800-2液压车","件",{"$nulls":4},"2011-09-01",6,{"v":3330.9,"d":"3330.90"},{"v":19985.4,"d":"19985.40"},6,{"v":3226.64,"d":"3,226.64"},{"v":10,"d":"10.00"},{"v":1935.98,"d":"1,935.98"},-90.31]
["2978","10区01架04层","轴承",4096555,"日立EX1800-2液压车","件",{"$nulls":4},"2011-11-01",8,1994.76,15958.08,8,{"v":1932.32,"d":"1,932.32"},{"v":11,"d":"11.00"},{"v":1700.44,"d":"1,700.44"},-89.34]
["2979","10区01架04层","轴承",4174575,"日立EX1800-2液压车","件",{"$nulls":4},"2011-11-01",9,3485.07,31365.63,9,{"v":3375.99,"d":"3,375.99"},{"v":11,"d":"11.00"},{"v":3342.23,"d":"3,342.23"},-89.34]
["2980","10区01架04层","轴承",4297166,"日立EX1800-2液压车","件",{"$nulls":4},"2012-05-01",6,3907.26,23443.56,6,{"v":3784.96,"d":"3,784.96"},{"v":16,"d":"16.00"},{"v":3633.56,"d":"3,633.56"},{"v":-84.5,"d":"-84.50"}]
["2981","10区01架04层","轴承",4180354,"日立EX1800-2液压车","件",{"$nulls":4},"2011-09-01",12,2081.07,24972.84,12,{"v":2015.93,"d":"2,015.93"},{"v":10,"d":"10.00"},{"v":2419.12,"d":"2,419.12"},-90.31]
["2982","10区05架01层","螺栓",9724832,"日立EX1800-2液压车","件",{"$nulls":4},"2011-09-01",6,10349.11,62094.66,6,{"v":10025.18,"d":"10,025.18"},{"v":10,"d":"10.00"},{"v":6015.11,"d":"6,015.11"},-90.31]
["2983","10区05架02层","软管",3014022,"日立EX1800-2液压车","件",{"$nulls":4},"2010-01-01",2,1973.07,3946.14,2,{"$nulls":3},{"v":-100,"d":"-100.00"}]
["2984","10区05架02层","软管",4347991,"日立EX1800-2液压车","件",{"$nulls":4},"2010-01-01",1,5243.67,5243.67,1,{"$nulls":3},{"v":-100,"d":"-100.00"}]
["2985","10区05架02层","软管",4204165,"日立EX1800-2液压车","件",{"$nulls":4},"2010-01-01",1,4599.48,4599.48,1,{"$nulls":3},{"v":-100,"d":"-100.00"}]
["2986","10区05架03层","软管",4187932,"日立EX1800-2液压车","件",{"$nulls":4},"2012-08-01",4,2588.94,10355.76,4,{"$nulls":3},{"v":-100,"d":"-100.00"}]
["2987","10区05架03层","软管","4326826#","日立EX1800-2液压车","件",{"$nulls":4},"2012-08-01",4,1876.59,7506.36,4,{"$nulls":3},{"v":-100,"d":"-100.00"}]
["2988","10区05架04层","密封",4287332,"日立EX1800-2液压车","件",{"$nulls":4},"2014-03-01",3,2524.77,7574.31,3,{"v":2446,"d":"2,446.00"},{"v":34,"d":"34.00"},{"v":2494.92,"d":"2,494.92"},-67.06]
["2989","10区05架04层","软管",4196282,"日立EX1800-2液压车","颗",{"$nulls":4},"2008-01-01",1,989.22,989.22,1,{"$nulls":3},{"v":-100,"d":"-100.00"}]
["2990","10区05架04层","软管",4152365,"日立EX1800-2液压车","件",{"$nulls":4},"2008-01-01",1,535.56,535.56,1,{"$nulls":3},{"v":-100,"d":"-100.00"}]
["2991","10区05架04层","软管",4197771,"日立EX1800-2液压车","件",{"$nulls":4},"2008-01-01",1,735.91,735.91,1,{"$nulls":3},{"v":-100,"d":"-100.00"}]
["2992","10区05架04层","密封",4287331,"日立EX1800-2液压车","件",{"$nulls":4},"2012-05-01",3,2524.77,7574.31,3,{"v":2446,"d":"2,446.00"},{"v":16,"d":"16.00"},{"v":1174.08,"d":"1,174.08"},{"v":-84.5,"d":"-84.50"}]
["2993","10区05架05层","卡环",4083427,"日立EX1800-2液压车","个",{"$nulls":4},"2010-01-01",16,902.61,14441.76,16,874.36,{"v":10,"d":"10.00"},{"v":1398.98,"d":"1,398.98"},-90.31]
["2994","10区05架05层","卡环",4176281,"日立EX1800-2液压车","件",{"$nulls":4},"2010-01-01",6,{"v":352.9,"d":"352.90"},{"v":2117.4,"d":"2117.40"},6,341.85,{"v":10,"d":"10.00"},205.11,-90.31]
["2995","10区05架05层","板",4175268,"日立EX1800-2液压车","件",{"$nulls":4},"2010-01-01",6,1543.23,9259.38,6,{"v":1494.93,"d":"1,494.93"},{"v":10,"d":"10.00"},896.96,-90.31]
["2996","10区05排03层","密封组件",4221871,"日立EX1800-2液压车","件",{"$nulls":4},"2010-01-01",1,9017.74,9017.74,1,{"v":8735,"d":"8,735.00"},{"v":10,"d":"10.00"},{"v":873.5,"d":"873.50"},-90.31]
["2997","10区06架03层","软管",4081887,"日立EX1800-2液压车","件",{"$nulls":4},"2008-01-01",1,{"v":681.9,"d":"681.90"},{"v":681.9,"d":"681.90"},1,{"$nulls":3},{"v":-100,"d":"-100.00"}]
["2998","10区06架03层","软管",4182628,"日立EX1800-2液压车","件",{"$nulls":4},"2010-01-01",1,1563.65,1563.65,1,{"$nulls":3},{"v":-100,"d":"-100.00"}]
["2999","10区06架03层","软管",4159665,"日立EX1800-2液压车","件",{"$nulls":4},"2012-08-01",4,718.83,2875.32,4,{"$nulls":3},{"v":-100,"d":"-100.00"}]
["3000","10区06架03层","软管",4184844,"日立EX1800-2液压车","件",{"$nulls":4},"2008-01-01",3,{"v":1138.3,"d":"1138.30"},{"v":3414.9,"d":"3414.90"},3,{"$nulls":3},{"v":-100,"d":"-100.00"}]
["3001","10区06架04层","软管",4288763,"日立EX1800-2液压车","件",{"$nulls":4},"2008-01-01",2,806.13,1612.26,2,{"$nulls":3},{"v":-100,"d":"-100.00"}]
["3002","10区06架04层","软管",4288738,"日立EX1800-2液压车","件",{"$nulls":4},"2008-01-01",1,449.64,449.64,1,{"$nulls":3},{"v":-100,"d":"-100.00"}]
["3003","10区06架04层","软管",4156460,"日立EX1800-2液压车","件",{"$nulls":4},"2008-01-01",1,284.91,284.91,1,{"$nulls":3},{"v":-100,"d":"-100.00"}]
["3004","10区06架04层","软管",4288802,"日立EX1800-2液压车","件",{"$nulls":4},"2008-01-01",2,1782.39,3564.78,2,{"$nulls":3},{"v":-100,"d":"-100.00"}]
["3005","10区06架04层","软管",4512166,"日立EX1800-2液压车","件",{"$nulls":4},"2008-01-01",3,596.83,1790.49,3,{"$nulls":3},{"v":-100,"d":"-100.00"}]
["3006","10区06架04层","软管",4288801,"日立EX1800-2液压车","件",{"$nulls":4},"2008-01-01",2,2137.52,4275.04,2,{"$nulls":3},{"v":-100,"d":"-100.00"}]
["3007","10区06架05层","耐磨环",4175264,"日立EX1800-2液压车","件",{"$nulls":4},"2008-01-01",12,652.59,7831.08,12,632.16,{"v":10,"d":"10.00"},758.59,-90.31]
["3008","10区06排05层","过滤件",3035092,"日立EX1800-2液压车","件",{"$nulls":4},"2008-01-01",5,851.78,{"v":4258.9,"d":"4258.90"},5,825.12,{"v":10,"d":"10.00"},412.56,-90.31]
["3009","10区07架02层","软管",4297847,"日立EX1800-2液压车","件",{"$nulls":4},"2008-01-01",1,4406.05,4406.05,1,{"$nulls":3},{"v":-100,"d":"-100.00"}]
["3010","10区07架02层","软管",4214358,"日立EX1800-2液压车","件",{"$nulls":4},"2008-01-01",2,1706.23,3412.46,2,{"$nulls":3},{"v":-100,"d":"-100.00"}]
["3011","10区07架02层","软管",4325452,"日立EX1800-2液压车","件",{"$nulls":4},"2008-01-01",4,5430.79,21723.16,4,{"$nulls":3},{"v":-100,"d":"-100.00"}]
["3012","10区07架03层","软管",4187929,"日立EX1800-2液压车","件",{"$nulls":4},"2008-01-01",1,3971.71,3971.71,1,{"$nulls":3},{"v":-100,"d":"-100.00"}]
["3013","10区07架03层","软管",4187930,"日立EX1800-2液压车","件",{"$nulls":4},"2008-01-01",2,7422.56,14845.12,2,{"$nulls":3},{"v":-100,"d":"-100.00"}]
["3014","10区07架03层","软管",3014023,"日立EX1800-2液压车","件",{"$nulls":4},"2008-01-01",2,1532.94,3065.88,2,{"$nulls":3},{"v":-100,"d":"-100.00"}]
["3015","10区07架03层","软管",4054347,"日立EX1800-2液压车","件",{"$nulls":4},"2008-01-01",1,1545.48,1545.48,1,{"$nulls":3},{"v":-100,"d":"-100.00"}]
["3016","10区07架04层","软管",4184843,"日立EX1800-2液压车","件",{"$nulls":4},"2008-01-01",1,540.38,540.38,1,{"$nulls":3},{"v":-100,"d":"-100.00"}]
["3017","10区07架04层","软管","AS16025#","日立EX1800-2液压车","件",{"$nulls":4},"2008-01-01",2,0.01,0.02,2,{"$nulls":3},{"v":-100,"d":"-100.00"}]
["3018","10区07架04层","短胶管",4081954,"日立EX1800-2液压车","件",{"$nulls":4},"2008-01-01",11,360.99,3970.89,11,null,null,0,{"v":-100,"d":"-100.00"}]
["3019","10区07架04层","软管","4252570#","日立EX1800-2液压车","件",{"$nulls":4},"2008-01-01",1,0.01,0.01,1,{"$nulls":3},{"v":-100,"d":"-100.00"}]
["3020","10区07架05层","滤芯",4185299,"日立EX1800-2液压车","件",{"$nulls":4},"2008-01-01",3,470.17,1410.51,3,455.45,{"v":10,"d":"10.00"},136.64,-90.31]
["3021","10区08架01层","软管",4184847,"日立EX1800-2液压车","件",{"$nulls":4},"2008-01-01",1,12509.86,12509.86,1,{"$nulls":3},{"v":-100,"d":"-100.00"}]
["3022","10区08架01层","软管",4216438,"日立EX1800-2液压车","件",{"$nulls":4},"2008-01-01",1,463.06,463.06,1,{"$nulls":3},{"v":-100,"d":"-100.00"}]
["3023","10区08架02层","软管","4229885#","日立EX1800-2液压车","件",{"$nulls":4},"2008-01-01",1,0.01,0.01,1,{"$nulls":3},{"v":-100,"d":"-100.00"}]
["3024","10区08架02层","软管",4158031,"日立EX1800-2液压车","件",{"$nulls":4},"2008-01-01",1,1247.67,1247.67,1,{"$nulls":3},{"v":-100,"d":"-100.00"}]
["3025","10区08架02层","软管","AS10036SS#","日立EX1800-2液压车","件",{"$nulls":4},"2008-01-01",2,0.01,0.02,2,{"$nulls":3},{"v":-100,"d":"-100.00"}]
["3026","10区08架02层","软管",4184845,"日立EX1800-2液压车","件",{"$nulls":4},"2008-01-01",1,1155.85,1155.85,1,{"$nulls":3},{"v":-100,"d":"-100.00"}]
["3027","10区08架02层","软管","4034053#","日立EX1800-2液压车","件",{"$nulls":4},"2008-01-01",3,0.01,0.03,3,{"$nulls":3},{"v":-100,"d":"-100.00"}]
["3028","10区08架03层","软管",4197776,"日立EX1800-2液压车","件",{"$nulls":4},"2008-01-01",1,1488.02,1488.02,1,{"$nulls":3},{"v":-100,"d":"-100.00"}]
["3029","10区08架03层","软管",4152920,"日立EX1800-2液压车","件",{"$nulls":4},"2008-01-01",1,4346.58,4346.58,1,{"$nulls":3},{"v":-100,"d":"-100.00"}]
["3030","10区08架03层","软管",4197769,"日立EX1800-2液压车","件",{"$nulls":4},"2008-01-01",1,524.55,524.55,1,{"$nulls":3},{"v":-100,"d":"-100.00"}]
["3031","10区08架03层","软管",4124806,"日立EX1800-2液压车","件",{"$nulls":4},"2008-01-01",1,301.11,301.11,1,{"$nulls":3},{"v":-100,"d":"-100.00"}]
["3032","10区08架03层","软管",4153447,"日立EX1800-2液压车","件",{"$nulls":4},"2008-01-01",2,274.11,548.22,2,{"$nulls":3},{"v":-100,"d":"-100.00"}]
["3033","10区08架03层","软管",4288742,"日立EX1800-2液压车","件",{"$nulls":4},"2008-01-01",2,356.48,712.96,2,{"$nulls":3},{"v":-100,"d":"-100.00"}]
["3034","10区08架03层","软管",4193841,"日立EX1800-2液压车","件",{"$nulls":4},"2008-01-01",2,432.53,865.06,2,{"$nulls":3},{"v":-100,"d":"-100.00"}]
["3035","10区08架03层","软管",4122891,"日立EX1800-2液压车","件",{"$nulls":4},"2008-01-01",1,345.67,345.67,1,{"$nulls":3},{"v":-100,"d":"-100.00"}]
["3036","10区08架03层","软管",4288740,"日立EX1800-2液压车","件",{"$nulls":4},"2008-01-01",3,418.59,1255.77,3,{"$nulls":3},{"v":-100,"d":"-100.00"}]
["3037","10区08架03层","软管",4055214,"日立EX1800-2液压车","件",{"$nulls":4},"2008-01-01",2,174.93,349.86,2,{"$nulls":3},{"v":-100,"d":"-100.00"}]
["3038","10区08架03层","软管","4157985#","日立EX1800-2液压车","件",{"$nulls":4},"2008-01-01",1,0.01,0.01,1,{"$nulls":3},{"v":-100,"d":"-100.00"}]
["3039","10区08架03层","软管",4136911,"日立EX1800-2液压车","个",{"$nulls":4},"2008-01-01",1,906.04,906.04,1,{"$nulls":3},{"v":-100,"d":"-100.00"}]
["3040","10区08架03层","软管",4216436,"日立EX1800-2液压车","件",{"$nulls":4},"2008-01-01",2,289.38,578.76,2,{"$nulls":3},{"v":-100,"d":"-100.00"}]
["3041","10区08架03层","软管",4184882,"日立EX1800-2液压车","件",{"$nulls":4},"2008-01-01",2,1286.83,2573.66,2,{"$nulls":3},{"v":-100,"d":"-100.00"}]
["3042","10区08架03层","软管",4157949,"日立EX1800-2液压车","件",{"$nulls":4},"2008-01-01",1,252.63,252.63,1,{"$nulls":3},{"v":-100,"d":"-100.00"}]
["3043","10区08架03层","软管",4118275,"日立EX1800-2液压车","件",{"$nulls":4},"2008-01-01",1,859.02,859.02,1,{"$nulls":3},{"v":-100,"d":"-100.00"}]
["3044","10区08架03层","软管",4141976,"日立EX1800-2液压车","件",{"$nulls":4},"2008-01-01",1,308.41,308.41,1,{"$nulls":3},{"v":-100,"d":"-100.00"}]
["3045","10区08架03层","软管",4197720,"日立EX1800-2液压车","件",{"$nulls":4},"2008-01-01",1,851.45,851.45,1,{"$nulls":3},{"v":-100,"d":"-100.00"}]
["3046","10区08架04层","短胶管",4094001,"日立EX1800-2液压车","件",{"$nulls":4},"2011-11-01",29,585.63,16983.27,29,null,null,0,{"v":-100,"d":"-100.00"}]
["3047","10区08架04层","软管",4120312,"日立EX1800-2液压车","件",{"$nulls":4},"2011-11-01",7,1556.32,10894.24,7,{"$nulls":3},{"v":-100,"d":"-100.00"}]
["3048","10区08架04层","软管",4059333,"日立EX1800-2液压车","件",{"$nulls":4},"2011-11-01",3,712.74,2138.22,3,{"$nulls":3},{"v":-100,"d":"-100.00"}]
["3049","10区08架05层","镜子",4340845,"日立EX1800-2液压车","件",{"$nulls":4},"2009-01-01",6,542.86,3257.16,6,525.87,{"v":10,"d":"10.00"},315.52,-90.31]
["3050","10区09架01层","垫圈","0456101#","日立EX1800-2液压车","件",{"$nulls":4},"2012-05-01",2,0.01,0.02,2,0.01,{"v":16,"d":"16.00"},0,{"v":-100,"d":"-100.00"}]
["3051","10区09架01层","O型圈","4294621#","日立EX1800-2液压车","件",{"$nulls":4},"2012-05-01",3,16.74,50.22,3,16.22,{"v":16,"d":"16.00"},7.79,-84.49]
["3052","10区09架01层","O型圈","A810200","日立EX1800-2液压车","件",{"$nulls":4},"2011-07-01",9,75.87,682.83,9,{"v":73.5,"d":"73.50"},{"v":10,"d":"10.00"},66.15,-90.31]
["3053","10区09架01层","滤清元件",4125693,"日立EX1800-2液压车","件",{"$nulls":4},"2012-05-01",8,90.47,723.76,8,87.64,{"v":16,"d":"16.00"},112.18,{"v":-84.5,"d":"-84.50"}]
["3054","10区09架01层","密封","0403204","日立EX1800-2液压车","件",{"$nulls":4},"2012-05-01",3,13.41,40.23,3,{"v":13,"d":"13.00"},{"v":16,"d":"16.00"},6.24,-84.49]
["3055","10区09架01层","O型圈","A811100","日立EX1800-2液压车","件",{"$nulls":4},"2012-05-01",3,14.22,42.66,3,13.77,{"v":16,"d":"16.00"},6.61,-84.51]
["3056","10区09架01层","O型圈","0448105#","日立EX1800-2液压车","件",{"$nulls":4},"2009-01-01",4,0.01,0.04,4,0.01,{"v":10,"d":"10.00"},0,{"v":-100,"d":"-100.00"}]
["3057","10区09架01层","O型圈",4028265,"日立EX1800-2液压车","件",{"$nulls":4},"2012-05-01",6,8.01,48.06,6,7.76,{"v":16,"d":"16.00"},7.45,{"v":-84.5,"d":"-84.50"}]
["3058","10区09架01层","螺母",4137250,"日立EX1800-2液压车","件",{"$nulls":4},"2012-05-01",10,{"v":871.2,"d":"871.20"},{"v":8712,"d":"8712.00"},10,843.93,{"v":16,"d":"16.00"},{"v":1350.29,"d":"1,350.29"},{"v":-84.5,"d":"-84.50"}]
["3059","10区09架01层","过滤器",4246743,"日立EX1800-2液压车","件",{"$nulls":4},"2009-01-01",1,1489.12,1489.12,1,{"v":1442.51,"d":"1,442.51"},{"v":10,"d":"10.00"},144.25,-90.31]
["3060","10区09架01层","弹簧",4203412,"日立EX1800-2液压车","件",{"$nulls":4},"2012-05-01",1,72.92,72.92,1,70.64,{"v":16,"d":"16.00"},{"v":11.3,"d":"11.30"},{"v":-84.5,"d":"-84.50"}]
["3061","10区09架01层","呼吸器",4192643,"日立EX1800-2液压车","件",{"$nulls":4},"2012-05-01",2,114.78,229.56,2,111.19,{"v":16,"d":"16.00"},35.58,{"v":-84.5,"d":"-84.50"}]
["3062","10区09架01层","O型圈",4292942,"日立EX1800-2液压车","件",{"$nulls":4},"2012-05-01",8,17.89,143.12,8,17.33,{"v":16,"d":"16.00"},22.18,{"v":-84.5,"d":"-84.50"}]
["3063","10区09架01层","O型圈",4178057,"日立EX1800-2液压车","件",{"$nulls":4},"2012-05-01",8,203.94,1631.52,8,197.56,{"v":16,"d":"16.00"},252.88,{"v":-84.5,"d":"-84.50"}]
["3064","10区09架01层","密封","0455401","日立EX1800-2液压车","件",{"$nulls":4},"2012-05-01",5,16.83,84.15,5,{"v":16,"d":"16.00"},{"v":16,"d":"16.00"},{"v":12.8,"d":"12.80"},-84.79]
["3065","10区09架01层","垫片",4173208,"日立EX1800-2液压车","件",{"$nulls":4},"2012-05-01",2,{"v":2.7,"d":"2.70"},{"v":5.4,"d":"5.40"},2,2.62,{"v":16,"d":"16.00"},0.84,-84.44]
["3066","10区09架01层","O型圈",4153108,"日立EX1800-2液压车","件",{"$nulls":4},"2011-11-01",2,13.41,26.82,2,12.99,{"v":11,"d":"11.00"},2.86,-89.34]
["3067","10区09架01层","防尘油封",4248384,"日立EX1800-2液压车","件",{"$nulls":4},"2009-01-01",3,37.81,113.43,3,36.63,{"v":10,"d":"10.00"},10.99,-90.31]
["3068","10区09架02层","油封",4083852,"日立EX1800-2液压车","件",{"$nulls":4},"2011-11-01",3,467.32,1401.96,3,452.69,{"v":11,"d":"11.00"},149.39,-89.34]
["3069","10区09架02层","密封",4299549,"日立EX1800-2液压车","件",{"$nulls":4},"2012-05-01",1,119.88,119.88,1,{"v":116,"d":"116.00"},{"v":16,"d":"16.00"},18.56,-84.52]
["3070","10区09架02层","堵头","94-2025","日立EX1800-2液压车","件",{"$nulls":4},"2012-05-01",3,117.45,352.35,3,113.77,{"v":16,"d":"16.00"},54.61,{"v":-84.5,"d":"-84.50"}]
["3071","10区09架02层","密封","0313401","日立EX1800-2液压车","件",{"$nulls":4},"2012-05-01",2,87.58,175.16,2,{"v":85,"d":"85.00"},{"v":16,"d":"16.00"},{"v":27.2,"d":"27.20"},-84.47]
["3072","10区09架02层","密封",4291389,"日立EX1800-2液压车","件",{"$nulls":4},"2012-05-01",1,31.95,31.95,1,{"v":31,"d":"31.00"},{"v":16,"d":"16.00"},4.96,-84.48]
["3073","10区09架02层","O型圈","4123444#","日立EX1800-2液压车","件",{"$nulls":4},"2011-11-01",39,19.44,758.16,39,18.83,{"v":11,"d":"11.00"},80.78,-89.35]
["3074","10区09架02层","O型圈","A811050","日立EX1800-2液压车","件",{"$nulls":4},"2012-05-01",11,15.21,167.31,11,14.73,{"v":16,"d":"16.00"},25.92,-84.51]
["3075","10区09架02层","O型圈","0221806","日立EX1800-2液压车","件",{"$nulls":4},"2012-05-01",9,15.12,136.08,9,14.65,{"v":16,"d":"16.00"},{"v":21.1,"d":"21.10"},-84.49]
["3076","10区09架02层","密封",4291401,"日立EX1800-2液压车","件",{"$nulls":4},"2011-11-01",1,63.36,63.36,1,{"v":61,"d":"61.00"},{"v":11,"d":"11.00"},6.71,-89.41]
["3077","10区09架02层","密封",4291388,"日立EX1800-2液压车","件",{"$nulls":4},"2012-05-01",1,37.98,37.98,1,{"v":37,"d":"37.00"},{"v":16,"d":"16.00"},5.92,-84.41]
["3078","10区09架02层","密封","A810060","日立EX1800-2液压车","件",{"$nulls":4},"2012-05-01",18,28.97,521.46,18,{"v":28,"d":"28.00"},{"v":16,"d":"16.00"},80.64,-84.54]
["3079","10区09架02层","密封","0319201","日立EX1800-2液压车","件",{"$nulls":4},"2012-05-01",4,235.35,{"v":941.4,"d":"941.40"},4,{"v":228,"d":"228.00"},{"v":16,"d":"16.00"},145.92,{"v":-84.5,"d":"-84.50"}]
["3080","10区09架02层","密封","A819250","日立EX1800-2液压车","件",{"$nulls":4},"2012-05-01",3,107.37,322.11,3,{"v":104,"d":"104.00"},{"v":16,"d":"16.00"},49.92,{"v":-84.5,"d":"-84.50"}]
["3081","10区09架02层","密封",4311229,"日立EX1800-2液压车","件",{"$nulls":4},"2012-05-01",1,59.67,59.67,1,{"v":58,"d":"58.00"},{"v":16,"d":"16.00"},9.28,-84.45]
["3082","10区09架02层","O型圈","A810250","日立EX1800-2液压车","件",{"$nulls":4},"2012-05-01",8,113.94,911.52,8,110.37,{"v":16,"d":"16.00"},141.27,{"v":-84.5,"d":"-84.50"}]
["3083","10区09架02层","O型圈",957366,"日立EX1800-2液压车","件",{"$nulls":4},"2011-09-01",32,5.46,174.72,32,5.29,{"v":10,"d":"10.00"},16.93,-90.31]
["3084","10区09架03层","O型圈",4158010,"日立EX1800-2液压车","件",{"$nulls":4},"2011-07-01",9,188.82,1699.38,9,182.91,{"v":10,"d":"10.00"},164.62,-90.31]
["3085","10区09架03层","O型圈",4153549,"日立EX1800-2液压车","件",{"$nulls":4},"2011-07-01",12,{"v":82.8,"d":"82.80"},{"v":993.6,"d":"993.60"},12,80.21,{"v":10,"d":"10.00"},96.25,-90.31]
["3086","10区09架03层","O型圈",998738,"日立EX1800-2液压车","件",{"$nulls":4},"2011-07-01",22,154.89,3407.58,22,150.04,{"v":10,"d":"10.00"},330.09,-90.31]
["3087","10区09架03层","修理包",4291385,"日立EX1800-2液压车","件",{"$nulls":4},"2010-01-01",2,758.36,1516.72,2,734.62,{"v":10,"d":"10.00"},146.92,-90.31]
["3088","10区09架03层","O型圈",4153546,"日立EX1800-2液压车","件",{"$nulls":4},"2011-07-01",17,71.19,1210.23,17,68.96,{"v":10,"d":"10.00"},117.23,-90.31]
["3089","10区09架03层","密封",4153536,"日立EX1800-2液压车","件",{"$nulls":4},"2011-07-01",18,51.21,921.78,18,{"v":50,"d":"50.00"},{"v":10,"d":"10.00"},{"v":90,"d":"90.00"},-90.24]
["3090","10区09架03层","密封",4136522,"日立EX1800-2液压车","件",{"$nulls":4},"2012-05-01",8,157.14,1257.12,8,{"v":152,"d":"152.00"},{"v":16,"d":"16.00"},194.56,-84.52]
["3091","10区09架03层","O型圈",4153566,"日立EX1800-2液压车","件",{"$nulls":4},"2011-07-01",8,219.87,1758.96,8,212.99,{"v":10,"d":"10.00"},170.39,-90.31]
["3092","10区09架03层","O型圈","A810165","日立EX1800-2液压车","件",{"$nulls":4},"2011-07-01",14,{"v":48.6,"d":"48.60"},{"v":680.4,"d":"680.40"},14,47.08,{"v":10,"d":"10.00"},65.91,-90.31]
["3093","10区09架04层","O型环",4140496,"日立EX1800-2液压车","件",{"$nulls":4},"2011-11-01",6,117.18,703.08,6,113.51,{"v":11,"d":"11.00"},74.92,-89.34]
["3094","10区09架04层","U型环",4175267,"日立EX1800-2液压车","颗",{"$nulls":4},"2011-07-01",8,398.34,3186.72,8,385.87,{"v":10,"d":"10.00"},{"v":308.7,"d":"308.70"},-90.31]
["3095","10区09架04层","O型圈",4197731,"日立EX1800-2液压车","件",{"$nulls":4},"2011-11-01",26,240.84,6261.84,26,{"v":233.3,"d":"233.30"},{"v":11,"d":"11.00"},667.24,-89.34]
["3096","10区09架04层","卡环",991351,"日立EX1800-2液压车","件",{"$nulls":4},"2011-11-01",25,126.72,{"v":3168,"d":"3168.00"},25,122.75,{"v":11,"d":"11.00"},337.56,-89.34]
["3097","10区09架04层","环",4175284,"日立EX1800-2液压车","件",{"$nulls":4},"2011-07-01",6,267.48,1604.88,6,259.11,{"v":10,"d":"10.00"},155.47,-90.31]
["3098","10区09架04层","密封",4180075,"日立EX1800-2液压车","件",{"$nulls":4},"2011-11-01",6,3521.61,21129.66,6,{"v":3411,"d":"3,411.00"},{"v":11,"d":"11.00"},{"v":2251.26,"d":"2,251.26"},-89.35]
["3099","10区09架04层","O型圈",4197729,"日立EX1800-2液压车","件",{"$nulls":4},"2011-11-01",15,171.18,{"v":2567.7,"d":"2567.70"},15,165.82,{"v":11,"d":"11.00"},{"v":273.6,"d":"273.60"},-89.34]
["3100","10区09架04层","卡环",991732,"日立EX1800-2液压车","件",{"$nulls":4},"2011-11-01",17,83.88,1425.96,17,81.25,{"v":11,"d":"11.00"},151.94,-89.34]
["3101","10区09架04层","O型圈",4196265,"日立EX1800-2液压车","件",{"$nulls":4},"2011-11-01",18,52.92,952.56,18,51.26,{"v":11,"d":"11.00"},101.49,-89.35]
["3102","10区09架04层","活塞环",4175265,"日立EX1800-2液压车","件",{"$nulls":4},"2011-07-01",12,257.37,3088.44,12,249.31,{"v":10,"d":"10.00"},299.17,-90.31]
["3103","10区09架04层","密封","A811150","日立EX1800-2液压车","件",{"$nulls":4},"2012-05-01",20,62.64,{"v":1252.8,"d":"1252.80"},20,{"v":61,"d":"61.00"},{"v":16,"d":"16.00"},{"v":195.2,"d":"195.20"},-84.42]
["3104","10区09架05层","垫片",4177244,"日立EX1800-2液压车","件",{"$nulls":4},"2011-11-01",32,183.15,{"v":5860.8,"d":"5860.80"},32,177.42,{"v":11,"d":"11.00"},624.52,-89.34]
["3105","10区09架05层","卡环",4083426,"日立EX1800-2液压车","件",{"$nulls":4},"2012-05-01",6,403.02,2418.12,6,390.41,{"v":16,"d":"16.00"},374.79,{"v":-84.5,"d":"-84.50"}]
["3106","10区09架05层","防尘油封",4129730,"日立EX1800-2液压车","件",{"$nulls":4},"2012-05-01",20,144.07,{"v":2881.4,"d":"2881.40"},20,139.56,{"v":16,"d":"16.00"},446.59,{"v":-84.5,"d":"-84.50"}]
["3107","10区09架05层","密封",4112238,"日立EX1800-2液压车","个",{"$nulls":4},"2012-05-01",12,140.05,{"v":1680.6,"d":"1680.60"},12,{"v":136,"d":"136.00"},{"v":16,"d":"16.00"},261.12,-84.46]
["3108","10区09架05层","卡环",4097551,"日立EX1800-2液压车","件",{"$nulls":4},"2011-11-01",6,1380.78,8284.68,6,{"v":1337.56,"d":"1,337.56"},{"v":11,"d":"11.00"},882.79,-89.34]
["3109","10区09架05层","卡环",4180072,"日立EX1800-2液压车","件",{"$nulls":4},"2011-11-01",36,319.14,11489.04,36,309.15,{"v":11,"d":"11.00"},{"v":1224.23,"d":"1,224.23"},-89.34]
["3110","10区09架05层","卡环",4094325,"日立EX1800-2液压车","件",{"$nulls":4},"2011-11-01",12,212.04,2544.48,12,{"v":205.4,"d":"205.40"},{"v":11,"d":"11.00"},271.13,-89.34]
["3111","10区09架05层","卡环",4180071,"日立EX1800-2液压车","件",{"$nulls":4},"2011-11-01",16,382.05,{"v":6112.8,"d":"6112.80"},16,370.09,{"v":11,"d":"11.00"},651.36,-89.34]
["3112","10区09排01层","O型圈","0448703#","日立EX1800-2液压车","件",{"$nulls":4},"2014-02-01",2,19.71,39.42,2,19.09,{"v":34,"d":"34.00"},12.98,-67.07]
["3113","10区09排03层","垫片",4504289,"日立EX1800-2液压车","件",{"$nulls":4},"2014-04-01",1,51.12,51.12,1,49.52,{"v":35,"d":"35.00"},17.33,{"v":-66.1,"d":"-66.10"}]
["3114","10区10架01层","O型圈","4153540#","日立EX1800-2液压车","件",{"$nulls":4},"2014-02-01",3,0.01,0.03,3,0.01,{"v":34,"d":"34.00"},0.01,-66.67]
["3115","10区10架01层","螺栓","J932040#","日立EX1800-2液压车","件",{"$nulls":4},"2012-01-01",43,23.82,1024.26,43,23.07,{"v":13,"d":"13.00"},128.96,-87.41]
["3116","10区10架01层","管接头",4037761,"日立EX1800-2液压车","件",{"$nulls":4},"2012-01-01",1,174.38,174.38,1,168.92,{"v":13,"d":"13.00"},21.96,-87.41]
["3117","10区10架01层","旋塞","94-2011","日立EX1800-2液压车","件",{"$nulls":4},"2010-01-01",3,21.61,64.83,3,20.93,{"v":10,"d":"10.00"},6.28,-90.31]
["3118","10区10架01层","密封",4252695,"日立EX1800-2液压车","件",{"$nulls":4},"2010-01-01",6,147.78,886.68,6,{"v":143,"d":"143.00"},{"v":10,"d":"10.00"},{"v":85.8,"d":"85.80"},-90.32]
["3119","10区10架01层","接头",4152200,"日立EX1800-2液压车","件",{"$nulls":4},"2011-11-01",1,256.32,256.32,1,{"v":248.3,"d":"248.30"},{"v":11,"d":"11.00"},27.31,-89.35]
["3120","10区10架01层","软管",4184392,"日立EX1800-2液压车","件",{"$nulls":4},"2010-01-01",2,66.16,132.32,2,{"$nulls":3},{"v":-100,"d":"-100.00"}]
["3121","10区10架01层","密封","4252695#","日立EX1800-2液压车","件",{"$nulls":4},"2010-01-01",4,0.01,0.04,4,{"v":0,"d":"0.00"},{"v":10,"d":"10.00"},0,{"v":-100,"d":"-100.00"}]
["3122","10区10架01层","导手柄",4004135,"日立EX1800-2液压车","件",{"$nulls":4},"2010-01-01",1,139.08,139.08,1,134.73,{"v":10,"d":"10.00"},13.47,-90.31]
["3123","10区10架01层","保险",4195593,"日立EX1800-2液压车","件",{"$nulls":4},"2010-01-01",9,{"v":16,"d":"16.00"},{"v":144,"d":"144.00"},9,{"v":15.5,"d":"15.50"},{"v":10,"d":"10.00"},13.95,-90.31]
["3124","10区10架02层","O型圈","U12547U#","日立EX1800-2液压车","件",{"$nulls":4},"2009-01-01",4,0.01,0.04,4,0.01,{"v":10,"d":"10.00"},0,{"v":-100,"d":"-100.00"}]
["3125","10区10架02层","O型圈","A810150","日立EX1800-2液压车","件",{"$nulls":4},"2011-07-01",4,62.82,251.28,4,60.85,{"v":10,"d":"10.00"},24.34,-90.31]
["3126","10区10架02层","垫子",3021735,"日立EX1800-2液压车","件",{"$nulls":4},"2009-01-01",6,14.85,{"v":89.1,"d":"89.10"},6,14.39,{"v":10,"d":"10.00"},8.63,-90.31]
["3127","10区10架02层","弹簧销",4213419,"日立EX1800-2液压车","件",{"$nulls":4},"2009-01-01",2,5.41,10.82,2,5.24,{"v":10,"d":"10.00"},1.05,{"v":-90.3,"d":"-90.30"}]
["3128","10区10架02层","管卡",4118861,"日立EX1800-2液压车","件",{"$nulls":4},"2011-09-01",4,356.94,1427.76,4,345.77,{"v":10,"d":"10.00"},138.31,-90.31]
["3129","10区10架02层","O型圈",4506424,"日立EX1800-2液压车","件",{"$nulls":4},"2012-05-01",21,{"v":9,"d":"9.00"},{"v":189,"d":"189.00"},21,8.72,{"v":16,"d":"16.00"},{"v":29.3,"d":"29.30"},{"v":-84.5,"d":"-84.50"}]
["3130","10区10架02层","密封","0242712","日立EX1800-2液压车","件",{"$nulls":4},"2012-05-01",2,1819.26,3638.52,2,{"v":1762,"d":"1,762.00"},{"v":16,"d":"16.00"},563.84,{"v":-84.5,"d":"-84.50"}]
["3131","10区10架02层","O型圈","0443801#","日立EX1800-2液压车","件",{"$nulls":4},"2010-01-01",6,0.01,0.06,6,0.01,{"v":10,"d":"10.00"},0.01,-83.33]
["3132","10区10架02层","O型圈","0444002#","日立EX1800-2液压车","件",{"$nulls":4},"2011-09-01",6,438.39,2630.34,6,424.67,{"v":10,"d":"10.00"},{"v":254.8,"d":"254.80"},-90.31]
["3133","10区10架02层","O型圈",984338,"日立EX1800-2液压车","件",{"$nulls":4},"2011-09-01",2,6.12,12.24,2,5.93,{"v":10,"d":"10.00"},1.19,-90.28]
["3134","10区10架02层","O型圈","0455603#","日立EX1800-2液压车","件",{"$nulls":4},"2011-09-01",4,79.05,{"v":316.2,"d":"316.20"},4,76.58,{"v":10,"d":"10.00"},30.63,-90.31]
["3135","10区10架02层","O型圈","0317224","日立EX1800-2液压车","件",{"$nulls":4},"2011-09-01",31,5.49,170.19,31,5.32,{"v":10,"d":"10.00"},16.49,-90.31]
["3136","10区10架02层","弹簧垫","A590927","日立EX1800-2液压车","件",{"$nulls":4},"2009-01-01",2,8.11,16.22,2,7.86,{"v":10,"d":"10.00"},1.57,-90.32]
["3137","10区10架02层","O型圈","4153099#","日立EX1800-2液压车","件",{"$nulls":4},"2010-01-01",7,0.01,0.07,7,0.01,{"v":10,"d":"10.00"},0.01,-85.71]
["3138","10区10架02层","O型圈","0448402#","日立EX1800-2液压车","件",{"$nulls":4},"2009-01-01",10,0.01,{"v":0.1,"d":"0.10"},10,0.01,{"v":10,"d":"10.00"},0.01,{"v":-90,"d":"-90.00"}]
["3139","10区10架02层","弹簧",4213149,"日立EX1800-2液压车","件",{"$nulls":4},"2009-01-01",16,258.28,4132.48,16,{"v":250.2,"d":"250.20"},{"v":10,"d":"10.00"},400.32,-90.31]
["3140","10区10架02层","O型圈",4153547,"日立EX1800-2液压车","件",{"$nulls":4},"2009-01-01",3,83.52,250.56,3,80.91,{"v":10,"d":"10.00"},24.27,-90.31]
["3141","10区10架03层","买过",4278942,"日立EX1800-2液压车","件",{"$nulls":4},"2009-01-01",2,{"v":6.3,"d":"6.30"},{"v":12.6,"d":"12.60"},2,{"v":6.1,"d":"6.10"},{"v":10,"d":"10.00"},1.22,-90.32]
["3142","10区10架03层","O型环",4037888,"日立EX1800-2液压车","件",{"$nulls":4},"2009-01-01",11,13.41,147.51,11,12.99,{"v":10,"d":"10.00"},14.29,-90.31]
["3143","10区10架03层","O型圈",984618,"日立EX1800-2液压车","件",{"$nulls":4},"2009-01-01",15,5.51,82.65,15,5.34,{"v":10,"d":"10.00"},8.01,-90.31]
["3144","10区10架03层","密封",4509182,"日立EX1800-2液压车","件",{"$nulls":4},"2010-01-01",1,10.08,10.08,1,{"v":10,"d":"10.00"},{"v":10,"d":"10.00"},{"v":1,"d":"1.00"},-90.08]
["3145","10区10架03层","密封","0215215","日立EX1800-2液压车","件",{"$nulls":4},"2010-01-01",4,4.95,{"v":19.8,"d":"19.80"},4,{"v":5,"d":"5.00"},{"v":10,"d":"10.00"},{"v":2,"d":"2.00"},{"v":-89.9,"d":"-89.90"}]
["3146","10区10架03层","密封",4506408,"日立EX1800-2液压车","件",{"$nulls":4},"2010-01-01",8,{"v":5.4,"d":"5.40"},{"v":43.2,"d":"43.20"},8,{"v":5,"d":"5.00"},{"v":10,"d":"10.00"},{"v":4,"d":"4.00"},-90.74]
["3147","10区10架03层","O型圈",4153541,"日立EX1800-2液压车","件",{"$nulls":4},"2009-01-01",19,57.78,1097.82,19,55.97,{"v":10,"d":"10.00"},106.34,-90.31]
["3148","10区10架03层","环","0320504","日立EX1800-2液压车","件",{"$nulls":4},"2009-01-01",4,88.02,352.08,4,85.26,{"v":10,"d":"10.00"},{"v":34.1,"d":"34.10"},-90.31]
["3149","10区10架03层","O型圈",962567,"日立EX1800-2液压车","个",{"$nulls":4},"2009-01-01",22,4.97,109.34,22,4.81,{"v":10,"d":"10.00"},10.58,-90.32]
["3150","10区10架03层","O型圈","955656#","日立EX1800-2液压车","件",{"$nulls":4},"2009-01-01",3,6.39,19.17,3,6.19,{"v":10,"d":"10.00"},1.86,{"v":-90.3,"d":"-90.30"}]
["3151","10区10架03层","O型圈",4138938,"日立EX1800-2液压车","件",{"$nulls":4},"2009-01-01",5,6.03,30.15,5,5.84,{"v":10,"d":"10.00"},2.92,-90.32]
["3152","10区10架03层","垫片",4184542,"日立EX1800-2液压车","件",{"$nulls":4},"2009-01-01",1,82.36,82.36,1,79.78,{"v":10,"d":"10.00"},7.98,-90.31]
["3153","10区10架03层","O型圈",4113164,"日立EX1800-2液压车","件",{"$nulls":4},"2011-11-01",5,69.82,{"v":349.1,"d":"349.10"},5,67.63,{"v":11,"d":"11.00"},{"v":37.2,"d":"37.20"},-89.34]
["3154","10区10架03层","O型圈","A810045","日立EX1800-2液压车","件",{"$nulls":4},"2009-01-01",3,11.16,33.48,3,10.81,{"v":10,"d":"10.00"},3.24,-90.32]
["3155","10区10架03层","密封","A811040","日立EX1800-2液压车","件",{"$nulls":4},"2010-01-01",2,13.23,26.46,2,{"v":13,"d":"13.00"},{"v":10,"d":"10.00"},{"v":2.6,"d":"2.60"},-90.17]
["3156","10区10架03层","O型环",4153535,"日立EX1800-2液压车","件",{"$nulls":4},"2009-01-01",1,30.42,30.42,1,29.47,{"v":10,"d":"10.00"},2.95,{"v":-90.3,"d":"-90.30"}]
["3157","10区10架03层","密封","0348626","日立EX1800-2液压车","件",{"$nulls":4},"2010-01-01",1,13.32,13.32,1,{"v":13,"d":"13.00"},{"v":10,"d":"10.00"},{"v":1.3,"d":"1.30"},-90.24]
["3158","10区10架03层","O型圈","A811055#","日立EX1800-2液压车","件",{"$nulls":4},"2009-01-01",6,18.18,109.08,6,17.61,{"v":10,"d":"10.00"},10.57,-90.31]
["3159","10区10架03层","卡箍",4260415,"日立EX1800-2液压车","件",{"$nulls":4},"2009-01-01",7,84.62,592.34,7,81.97,{"v":10,"d":"10.00"},57.38,-90.31]
["3160","10区10架03层","O型圈",970486,"日立EX1800-2液压车","件",{"$nulls":4},"2009-01-01",4,9.72,38.88,4,9.42,{"v":10,"d":"10.00"},3.77,{"v":-90.3,"d":"-90.30"}]
["3161","10区10架03层","阀",4193832,"日立EX1800-2液压车","件",{"$nulls":4},"2011-07-01",1,755.18,755.18,1,731.54,{"v":10,"d":"10.00"},73.15,-90.31]
["3162","10区10架03层","密封","0445305","日立EX1800-2液压车","件",{"$nulls":4},"2010-01-01",1,10.44,10.44,1,{"v":10,"d":"10.00"},{"v":10,"d":"10.00"},{"v":1,"d":"1.00"},-90.42]
["3163","10区10架04层","密封",4123508,"日立EX1800-2液压车","件",{"$nulls":4},"2010-01-01",2,93.69,187.38,2,{"v":91,"d":"91.00"},{"v":10,"d":"10.00"},{"v":18.2,"d":"18.20"},-90.29]
["3164","10区10架04层","油封","3065830#","日立EX1800-2液压车","件",{"$nulls":4},"2010-01-01",1,0.01,0.01,1,0.01,{"v":10,"d":"10.00"},0,{"v":-100,"d":"-100.00"}]
["3165","10区10架04层","弹簧","4190088#","日立EX1800-2液压车","个",{"$nulls":4},"2009-01-01",2,0.01,0.02,2,0.01,{"v":10,"d":"10.00"},0,{"v":-100,"d":"-100.00"}]
["3166","10区10架04层","灯泡","4307025#","日立EX1800-2液压车","个",{"$nulls":4},"2009-01-01",1,0.01,0.01,1,0.01,{"v":10,"d":"10.00"},0,{"v":-100,"d":"-100.00"}]
["3167","10区10架04层","螺栓","J901230","日立EX1800-2液压车","件",{"$nulls":4},"2009-01-01",2,6.76,13.52,2,6.55,{"v":10,"d":"10.00"},1.31,-90.31]
["3168","10区10架04层","接头","94-1401","日立EX1800-2液压车","件",{"$nulls":4},"2010-01-01",10,92.52,{"v":925.2,"d":"925.20"},10,89.62,{"v":10,"d":"10.00"},89.62,-90.31]
["3169","10区10架04层","密封","0336409","日立EX1800-2液压车","件",{"$nulls":4},"2010-01-01",1,87.12,87.12,1,{"v":84,"d":"84.00"},{"v":10,"d":"10.00"},{"v":8.4,"d":"8.40"},-90.36]
["3170","10区10架04层","保险盒","4276138#","日立EX1800-2液压车","件",{"$nulls":4},"2009-01-01",1,0.01,0.01,1,0.01,{"v":10,"d":"10.00"},0,{"v":-100,"d":"-100.00"}]
["3171","10区10架04层","二极管",4208344,"日立EX1800-2液压车","个",{"$nulls":4},"2010-01-01",6,{"v":71.1,"d":"71.10"},{"v":426.6,"d":"426.60"},6,68.87,{"v":10,"d":"10.00"},41.32,-90.31]
["3172","10区10架04层","垫片","3069102#","日立EX1800-2液压车","件",{"$nulls":4},"2009-01-01",6,0.01,0.06,6,0.01,{"v":10,"d":"10.00"},0.01,-83.33]
["3173","10区10架04层","软管夹",4190273,"日立EX1800-2液压车","件",{"$nulls":4},"2009-01-01",4,24.31,97.24,4,{"$nulls":3},{"v":-100,"d":"-100.00"}]
["3174","10区10架04层","垫子","3202283#","日立EX1800-2液压车","件",{"$nulls":4},"2010-01-01",8,0.01,0.08,8,0.01,{"v":10,"d":"10.00"},0.01,{"v":-87.5,"d":"-87.50"}]
["3175","10区10架04层","螺栓","J901228","日立EX1800-2液压车","件",{"$nulls":4},"2010-01-01",2,8.11,16.22,2,7.86,{"v":10,"d":"10.00"},1.57,-90.32]
["3176","10区10架05层","油封",4197726,"日立EX1800-2液压车","件",{"$nulls":4},"2011-11-01",19,367.47,6981.93,19,355.97,{"v":11,"d":"11.00"},743.98,-89.34]
["3177","10区10架05层","密封",4196263,"日立EX1800-2液压车","件",{"$nulls":4},"2011-11-01",18,453.97,8171.46,18,{"v":440,"d":"440.00"},{"v":11,"d":"11.00"},{"v":871.2,"d":"871.20"},-89.34]
["3178","10区10架05层","管夹",4263765,"日立EX1800-2液压车","件",{"$nulls":4},"2012-05-01",48,91.62,4397.76,48,88.75,{"v":16,"d":"16.00"},{"v":681.6,"d":"681.60"},{"v":-84.5,"d":"-84.50"}]
["3179","10区10架05层","板",4175269,"日立EX1800-2液压车","件",{"$nulls":4},"2011-07-01",6,971.46,5828.76,6,941.05,{"v":10,"d":"10.00"},564.63,-90.31]
["3180","10区10架05层","卡环",4514053,"日立EX1800-2液压车","件",{"$nulls":4},"2010-01-01",12,8.73,104.76,12,8.46,{"v":10,"d":"10.00"},10.15,-90.31]
["3181","10区10排03层","密封",999867,"日立EX1800-2液压车","件",{"$nulls":4},"2010-01-01",6,6.15,{"v":36.9,"d":"36.90"},6,{"v":6,"d":"6.00"},{"v":10,"d":"10.00"},{"v":3.6,"d":"3.60"},-90.24]
["3182","10区11架01层","排气管护罩",8057241,"日立EX1800-2液压车","个",{"$nulls":4},"2012-04-01",4,2829.15,{"v":11316.6,"d":"11316.60"},4,{"v":2740.6,"d":"2,740.60"},{"v":15,"d":"15.00"},{"v":1644.36,"d":"1,644.36"},-85.47]
["3183","10区11架02层","O型圈","0403203#","日立EX1800-2液压车","件",{"$nulls":4},"2009-01-01",3,55.62,166.86,3,53.88,{"v":10,"d":"10.00"},16.16,-90.32]
["3184","10区11架02层","节温器开关",4149335,"日立EX1800-2液压车","件",{"$nulls":4},"2011-11-01",15,531.99,7979.85,15,{"$nulls":3},{"v":-100,"d":"-100.00"}]
["3185","10区11架02层","弯头","94-1405","日立EX1800-2液压车","件",{"$nulls":4},"2009-01-01",2,42.22,84.44,2,{"v":40.9,"d":"40.90"},{"v":10,"d":"10.00"},8.18,-90.31]
["3186","10区11架02层","管接头","94-1703","日立EX1800-2液压车","件",{"$nulls":4},"2009-01-01",2,139.54,279.08,2,135.17,{"v":10,"d":"10.00"},27.03,-90.31]
["3187","10区11架02层","O型圈",4506409,"日立EX1800-2液压车","件",{"$nulls":4},"2011-11-01",11,5.58,61.38,11,5.41,{"v":11,"d":"11.00"},6.55,-89.33]
["3188","10区11架02层","螺杆","J901055","日立EX1800-2液压车","件",{"$nulls":4},"2011-11-01",6,3.15,{"v":18.9,"d":"18.90"},6,3.05,{"v":11,"d":"11.00"},2.01,-89.37]
["3189","10区11架02层","销子","A768080","日立EX1800-2液压车","个",{"$nulls":4},"2011-09-01",7,10.62,74.34,7,10.29,{"v":10,"d":"10.00"},{"v":7.2,"d":"7.20"},-90.31]
["3190","10区11架02层","O型圈",927648,"日立EX1800-2液压车","件",{"$nulls":4},"2009-01-01",4,{"v":53.1,"d":"53.10"},{"v":212.4,"d":"212.40"},4,51.44,{"v":10,"d":"10.00"},20.58,-90.31]
["3191","10区11架02层","管接三通",4187557,"日立EX1800-2液压车","件",{"$nulls":4},"2011-11-01",7,189.92,1329.44,7,183.98,{"v":11,"d":"11.00"},141.66,-89.34]
["3192","10区11架02层","箱盖",4229915,"日立EX1800-2液压车","件",{"$nulls":4},"2011-12-01",1,471.51,471.51,1,456.75,{"v":12,"d":"12.00"},54.81,-88.38]
["3193","10区11架02层","接头","94-1305","日立EX1800-2液压车","件",{"$nulls":4},"2009-01-01",2,114.71,229.42,2,111.12,{"v":10,"d":"10.00"},22.22,-90.31]
["3194","10区11架02层","螺栓","J912775","日立EX1800-2液压车","件",{"$nulls":4},"2009-01-01",1,67.55,67.55,1,65.44,{"v":10,"d":"10.00"},6.54,-90.32]
["3195","10区11架02层","轴承",923924,"日立EX1800-2液压车","件",{"$nulls":4},"2009-01-01",2,353.78,707.56,2,342.71,{"v":10,"d":"10.00"},68.54,-90.31]
["3196","10区11架02层","弯头","94-1504","日立EX1800-2液压车","件",{"$nulls":4},"2010-01-01",2,35.79,71.58,2,34.67,{"v":10,"d":"10.00"},6.93,-90.32]
["3197","10区11架02层","螺栓","M341236","日立EX1800-2液压车","件",{"$nulls":4},"2009-01-01",4,39.16,156.64,4,37.93,{"v":10,"d":"10.00"},15.17,-90.32]
["3198","10区11架02层","密封",4291407,"日立EX1800-2液压车","件",{"$nulls":4},"2009-01-01",1,31.95,31.95,1,{"v":31,"d":"31.00"},{"v":10,"d":"10.00"},{"v":3.1,"d":"3.10"},{"v":-90.3,"d":"-90.30"}]
["3199","10区11架02层","螺栓","J912075","日立EX1800-2液压车","件",{"$nulls":4},"2009-01-01",6,353.78,2122.68,6,342.71,{"v":10,"d":"10.00"},205.63,-90.31]
["3200","10区11架02层","螺栓","J901685","日立EX1800-2液压车","件",{"$nulls":4},"2009-01-01",2,33.76,67.52,2,{"v":32.7,"d":"32.70"},{"v":10,"d":"10.00"},6.54,-90.31]
["3201","10区11架03层","O型圈",939306,"日立EX1800-2液压车","件",{"$nulls":4},"2009-01-01",4,10.71,42.84,4,10.37,{"v":10,"d":"10.00"},4.15,-90.31]
["3202","10区11架03层","O型圈",4506418,"日立EX1800-2液压车","件",{"$nulls":4},"2009-01-01",61,{"v":7.2,"d":"7.20"},{"v":439.2,"d":"439.20"},61,6.97,{"v":10,"d":"10.00"},42.52,-90.32]
["3203","10区11架03层","过滤器元件",4253230,"日立EX1800-2液压车","件",{"$nulls":4},"2011-12-01",8,1830.48,14643.84,8,{"v":1773.19,"d":"1,773.19"},{"v":12,"d":"12.00"},{"v":1702.26,"d":"1,702.26"},-88.38]
["3204","10区11架03层","螺栓","J901665","日立EX1800-2液压车","件",{"$nulls":4},"2009-01-01",6,22.96,137.76,6,22.24,{"v":10,"d":"10.00"},13.34,-90.32]
["3205","10区11架03层","密封",4123441,"日立EX1800-2液压车","件",{"$nulls":4},"2009-01-01",3,{"v":110.7,"d":"110.70"},{"v":332.1,"d":"332.10"},3,{"v":107,"d":"107.00"},{"v":10,"d":"10.00"},{"v":32.1,"d":"32.10"},-90.33]
["3206","10区11架03层","密封","0449001","日立EX1800-2液压车","件",{"$nulls":4},"2009-01-01",3,8.73,26.19,3,{"v":8,"d":"8.00"},{"v":10,"d":"10.00"},{"v":2.4,"d":"2.40"},-90.84]
["3207","10区11架03层","卡环",962002,"日立EX1800-2液压车","个",{"$nulls":4},"2011-11-01",6,9.27,55.62,6,8.98,{"v":11,"d":"11.00"},5.93,-89.34]
["3208","10区11架03层","O型圈","A810080","日立EX1800-2液压车","件",{"$nulls":4},"2011-07-01",8,{"v":16.2,"d":"16.20"},{"v":129.6,"d":"129.60"},8,15.69,{"v":10,"d":"10.00"},12.55,-90.32]
["3209","10区11架03层","O型圈",985099,"日立EX1800-2液压车","件",{"$nulls":4},"2011-07-01",6,7.74,46.44,6,{"v":7.5,"d":"7.50"},{"v":10,"d":"10.00"},{"v":4.5,"d":"4.50"},-90.31]
["3210","10区11架03层","过滤器","4196118#","日立EX1800-2液压车","件",{"$nulls":4},"2009-01-01",4,0.01,0.04,4,0.01,{"v":10,"d":"10.00"},0,{"v":-100,"d":"-100.00"}]
["3211","10区11架03层","传感器",4187223,"日立EX1800-2液压车","件",{"$nulls":4},"2011-11-01",6,324.63,1947.78,6,314.47,{"v":11,"d":"11.00"},207.55,-89.34]
["3212","10区11架03层","密封",4506416,"日立EX1800-2液压车","件",{"$nulls":4},"2012-04-01",2,7.02,14.04,2,{"v":7,"d":"7.00"},{"v":15,"d":"15.00"},{"v":2.1,"d":"2.10"},-85.04]
["3213","10区11架03层","开关",4266984,"日立EX1800-2液压车","件",{"$nulls":4},"2010-01-01",1,294.36,294.36,1,{"$nulls":3},{"v":-100,"d":"-100.00"}]
["3214","10区11架03层","二极管","4288670#","日立EX1800-2液压车","件",{"$nulls":4},"2009-01-01",2,0.01,0.02,2,0.01,{"v":10,"d":"10.00"},0,{"v":-100,"d":"-100.00"}]
["3215","10区11架03层","油旋塞","J75214","日立EX1800-2液压车","件",{"$nulls":4},"2009-01-01",1,33.76,33.76,1,{"v":32.7,"d":"32.70"},{"v":10,"d":"10.00"},3.27,-90.31]
["3216","10区11架03层","O型环",4261965,"日立EX1800-2液压车","件",{"$nulls":4},"2012-05-01",26,145.08,3772.08,26,140.54,{"v":16,"d":"16.00"},584.65,{"v":-84.5,"d":"-84.50"}]
["3217","10区11架03层","O型圈",4141171,"日立EX1800-2液压车","件",{"$nulls":4},"2012-05-01",3,8.46,25.38,3,{"v":8.2,"d":"8.20"},{"v":16,"d":"16.00"},3.94,-84.48]
["3218","10区11架03层","密封","0445306","日立EX1800-2液压车","件",{"$nulls":4},"2012-04-01",1,13.41,13.41,1,{"v":13,"d":"13.00"},{"v":15,"d":"15.00"},1.95,-85.46]
["3219","10区11架03层","密封","0445307","日立EX1800-2液压车","件",{"$nulls":4},"2012-04-01",1,7.29,7.29,1,{"v":7,"d":"7.00"},{"v":15,"d":"15.00"},1.05,{"v":-85.6,"d":"-85.60"}]
["3220","10区11架03层","管夹",4282486,"日立EX1800-2液压车","件",{"$nulls":4},"2012-04-01",1,67.51,67.51,1,{"v":65.4,"d":"65.40"},{"v":15,"d":"15.00"},9.81,-85.47]
["3221","10区11架04层","卡环",4120522,"日立EX1800-2液压车","件",{"$nulls":4},"2012-04-01",4,403.02,1612.08,4,390.41,{"v":15,"d":"15.00"},234.25,-85.47]
["3222","10区11架04层","O型圈",4197728,"日立EX1800-2液压车","件",{"$nulls":4},"2011-11-01",13,60.75,789.75,13,58.85,{"v":11,"d":"11.00"},84.16,-89.34]
["3223","10区11架04层","接头",4173014,"日立EX1800-2液压车","件",{"$nulls":4},"2011-09-01",1,378.44,378.44,1,366.59,{"v":10,"d":"10.00"},36.66,-90.31]
["3224","10区11架04层","垫片",4180076,"日立EX1800-2液压车","件",{"$nulls":4},"2011-11-01",3,578.25,1734.75,3,560.15,{"v":11,"d":"11.00"},184.85,-89.34]
["3225","10区11架04层","短管",8013705,"日立EX1800-2液压车","个",{"$nulls":4},"2009-01-01",1,1043.43,1043.43,1,{"v":1010.77,"d":"1,010.77"},{"v":10,"d":"10.00"},101.08,-90.31]
["3226","10区11架04层","接头",4502673,"日立EX1800-2液压车","个",{"$nulls":4},"2011-09-01",5,272.43,1362.15,5,{"v":263.9,"d":"263.90"},{"v":10,"d":"10.00"},131.95,-90.31]
["3227","10区11架04层","管接头","94-1304","日立EX1800-2液压车","件",{"$nulls":4},"2009-01-01",6,110.21,661.26,6,106.76,{"v":10,"d":"10.00"},64.06,-90.31]
["3228","10区11架04层","锁片",4177241,"日立EX1800-2液压车","件",{"$nulls":4},"2011-11-01",28,100.89,2824.92,28,97.73,{"v":11,"d":"11.00"},301.01,-89.34]
["3229","10区11架04层","O型圈",4197730,"日立EX1800-2液压车","颗",{"$nulls":4},"2011-11-01",15,228.96,{"v":3434.4,"d":"3434.40"},15,221.79,{"v":11,"d":"11.00"},365.95,-89.34]
["3230","10区11架04层","卡环",4116289,"日立EX1800-2液压车","件",{"$nulls":4},"2011-11-01",4,36.81,147.24,4,35.66,{"v":11,"d":"11.00"},15.69,-89.34]
["3231","10区11架04层","螺栓","M340436","日立EX1800-2液压车","件",{"$nulls":4},"2012-01-01",42,7.47,313.74,42,7.24,{"v":13,"d":"13.00"},39.53,{"v":-87.4,"d":"-87.40"}]
["3232","10区11架04层","接头",4502672,"日立EX1800-2液压车","件",{"$nulls":4},"2011-09-01",9,160.92,1448.28,9,155.88,{"v":10,"d":"10.00"},140.29,-90.31]
["3233","10区11架04层","卡环",959501,"日立EX1800-2液压车","件",{"$nulls":4},"2011-09-01",15,54.63,819.45,15,52.92,{"v":10,"d":"10.00"},79.38,-90.31]
["3234","10区11架05层","密封组件",4221872,"日立EX1800-2液压车","件",{"$nulls":4},"2009-01-01",6,3536.27,21217.62,6,{"v":3426,"d":"3,426.00"},{"v":10,"d":"10.00"},{"v":2055.6,"d":"2,055.60"},-90.31]
["3235","10区11架05层","灯",4163596,"日立EX1800-2液压车","件",{"$nulls":4},"2009-01-01",15,495.05,7425.75,15,479.55,{"v":10,"d":"10.00"},719.33,-90.31]
["3236","10区11排03层","O型圈",985582,"日立EX1800-2液压车","件",{"$nulls":4},"2011-11-01",14,7.66,107.24,14,7.42,{"v":11,"d":"11.00"},11.43,-89.34]
["3237","10区12架01层","修理包",3803153,"日立EX1800-2液压车","件",{"$nulls":4},"2011-07-01",3,5852.63,17557.89,3,{"v":5669.44,"d":"5,669.44"},{"v":10,"d":"10.00"},{"v":1700.83,"d":"1,700.83"},-90.31]
["3238","10区12架01层","螺母","M663033","日立EX1800-2液压车","件",{"$nulls":4},"2011-09-01",11,176.85,1945.35,11,171.31,{"v":10,"d":"10.00"},188.44,-90.31]
["3239","10区12架01层","先导阀",4184360,"日立EX1800-2液压车","件",{"$nulls":4},"2009-01-01",2,{"v":6133.1,"d":"6133.10"},{"v":12266.2,"d":"12266.20"},2,{"v":5941.13,"d":"5,941.13"},{"v":10,"d":"10.00"},{"v":1188.23,"d":"1,188.23"},-90.31]
["3240","10区12架02层","卡板",4257715,"日立EX1800-2液压车","件",{"$nulls":4},"2011-07-01",38,327.69,12452.22,38,317.43,{"v":10,"d":"10.00"},{"v":1206.23,"d":"1,206.23"},-90.31]
["3241","10区12架02层","填隙片",4179921,"日立EX1800-2液压车","件",{"$nulls":4},"2010-01-01",107,271.41,29040.87,107,262.91,{"v":10,"d":"10.00"},{"v":2813.14,"d":"2,813.14"},-90.31]
["3242","10区12架02层","卡板",4179429,"日立EX1800-2液压车","件",{"$nulls":4},"2011-07-01",9,1209.96,10889.64,9,{"v":1172.09,"d":"1,172.09"},{"v":10,"d":"10.00"},{"v":1054.88,"d":"1,054.88"},-90.31]
["3243","10区12架02层","螺栓","J833010","日立EX1800-2液压车","件",{"$nulls":4},"2012-01-01",90,186.89,{"v":16820.1,"d":"16820.10"},90,181.04,{"v":13,"d":"13.00"},{"v":2118.17,"d":"2,118.17"},-87.41]
["3244","10区12架03层","传感器",9089799,"日立EX1800-2液压车","件",{"$nulls":4},"2011-09-01",5,15924.33,79621.65,5,{"v":15425.9,"d":"15,425.90"},{"v":10,"d":"10.00"},{"v":7712.95,"d":"7,712.95"},-90.31]
["3245","10区12架03层","接头",4067834,"日立EX1800-2液压车","件",{"$nulls":4},"2011-07-01",4,475.92,1903.68,4,461.02,{"v":10,"d":"10.00"},184.41,-90.31]
["3246","10区12架03层","接头",4182538,"日立EX1800-2液压车","件",{"$nulls":4},"2011-07-01",2,3352.59,6705.18,2,{"v":3247.65,"d":"3,247.65"},{"v":10,"d":"10.00"},649.53,-90.31]
["3247","10区12架03层","修理包","4291384#","日立EX1800-2液压车","件",{"$nulls":4},"2009-01-01",3,0.01,0.03,3,0.01,{"v":10,"d":"10.00"},0,{"v":-100,"d":"-100.00"}]
["3248","10区12架04层","O型圈",4226986,"日立EX1800-2液压车","件",{"$nulls":4},"2009-01-01",9,49.23,443.07,9,47.69,{"v":10,"d":"10.00"},42.92,-90.31]
["3249","10区12架04层","减压阀",4198244,"日立EX1800-2液压车","件",{"$nulls":4},"2009-01-01",6,2424.42,14546.52,6,{"v":2348.54,"d":"2,348.54"},{"v":10,"d":"10.00"},{"v":1409.12,"d":"1,409.12"},-90.31]
["3250","10区12架04层","O型圈",965971,"日立EX1800-2液压车","件",{"$nulls":4},"2009-01-01",6,50.58,303.48,6,{"v":49,"d":"49.00"},{"v":10,"d":"10.00"},{"v":29.4,"d":"29.40"},-90.31]
["3251","10区12架04层","O型圈",4182053,"日立EX1800-2液压车","件",{"$nulls":4},"2009-01-01",12,138.51,1662.12,12,134.17,{"v":10,"d":"10.00"},{"v":161,"d":"161.00"},-90.31]
["3252","10区12架04层","密封","0448102","日立EX1800-2液压车","件",{"$nulls":4},"2009-01-01",3,225.99,677.97,3,{"v":219,"d":"219.00"},{"v":10,"d":"10.00"},{"v":65.7,"d":"65.70"},-90.31]
["3253","10区12架04层","密封",4153592,"日立EX1800-2液压车","件",{"$nulls":4},"2009-01-01",4,640.89,2563.56,4,{"v":621,"d":"621.00"},{"v":10,"d":"10.00"},{"v":248.4,"d":"248.40"},-90.31]
["3254","10区12架04层","减压阀",4241883,"日立EX1800-2液压车","件",{"$nulls":4},"2009-01-01",7,1495.35,10467.45,7,{"v":1448.55,"d":"1,448.55"},{"v":10,"d":"10.00"},{"v":1013.99,"d":"1,013.99"},-90.31]
["3255","10区13架01层","弹簧垫","A590924","日立EX1800-2液压车","颗",{"$nulls":4},"2009-01-01",2,6.76,13.52,2,6.55,{"v":10,"d":"10.00"},1.31,-90.31]
["3256","10区13架01层","垫片","A590908","日立EX1800-2液压车","件",{"$nulls":4},"2009-01-01",8,1.35,{"v":10.8,"d":"10.80"},8,1.31,{"v":10,"d":"10.00"},1.05,-90.28]
["3257","10区13架01层","密封",4196261,"日立EX1800-2液压车","件",{"$nulls":4},"2009-01-01",15,242.06,{"v":3630.9,"d":"3630.90"},15,{"v":234,"d":"234.00"},{"v":10,"d":"10.00"},{"v":351,"d":"351.00"},-90.33]
["3258","10区13架01层","旋塞","94-2010","日立EX1800-2液压车","件",{"$nulls":4},"2009-01-01",2,{"v":2.7,"d":"2.70"},{"v":5.4,"d":"5.40"},2,2.62,{"v":10,"d":"10.00"},0.52,-90.37]
["3259","10区13架01层","板","0319611","日立EX1800-2液压车","件",{"$nulls":4},"2009-01-01",1,1983.58,1983.58,1,{"v":1921.49,"d":"1,921.49"},{"v":10,"d":"10.00"},192.15,-90.31]
["3260","10区13架01层","旋塞","94-2014","日立EX1800-2液压车","件",{"$nulls":4},"2009-01-01",3,71.58,214.74,3,69.34,{"v":10,"d":"10.00"},{"v":20.8,"d":"20.80"},-90.31]
["3261","10区13架01层","减震垫",4183995,"日立EX1800-2液压车","件",{"$nulls":4},"2009-01-01",4,{"v":871.2,"d":"871.20"},{"v":3484.8,"d":"3484.80"},4,843.93,{"v":10,"d":"10.00"},337.57,-90.31]
["3262","10区13架01层","孔","0403211#","日立EX1800-2液压车","件",{"$nulls":4},"2009-01-01",1,0.01,0.01,1,0.01,{"v":10,"d":"10.00"},0,{"v":-100,"d":"-100.00"}]
["3263","10区13架01层","排气管护罩",8057431,"日立EX1800-2液压车","件",{"$nulls":4},"2015-05-01",2,2007.45,{"v":4014.9,"d":"4014.90"},2,{"v":1944.62,"d":"1,944.62"},{"v":46,"d":"46.00"},{"v":1789.05,"d":"1,789.05"},-55.44]
["3264","10区13架01层","弹簧垫","A590922#","日立EX1800-2液压车","件",{"$nulls":4},"2008-01-01",3,0.01,0.03,3,0.01,{"v":10,"d":"10.00"},0,{"v":-100,"d":"-100.00"}]
["3265","10区13架01层","O型圈",4182052,"日立EX1800-2液压车","件",{"$nulls":4},"2011-11-01",20,99.99,{"v":1999.8,"d":"1999.80"},20,96.86,{"v":11,"d":"11.00"},213.09,-89.34]
["3266","10区13架01层","止推环","0259909","日立EX1800-2液压车","件",{"$nulls":4},"2009-01-01",1,63.47,63.47,1,61.48,{"v":10,"d":"10.00"},6.15,-90.31]
["3267","10区13架01层","密封",4123509,"日立EX1800-2液压车","件",{"$nulls":4},"2012-04-01",2,60.22,120.44,2,{"v":58,"d":"58.00"},{"v":15,"d":"15.00"},{"v":17.4,"d":"17.40"},-85.55]
["3268","10区13架01层","挡环","0455802","日立EX1800-2液压车","件",{"$nulls":4},"2012-04-01",5,35.52,{"v":177.6,"d":"177.60"},5,34.41,{"v":15,"d":"15.00"},25.81,-85.47]
["3269","10区13架01层","弹子","972658#","日立EX1800-2液压车","件",{"$nulls":4},"2009-01-01",8,0.01,0.08,8,0.01,{"v":10,"d":"10.00"},0.01,{"v":-87.5,"d":"-87.50"}]
["3270","10区13架01层","减震器","4183995#","日立EX1800-2液压车","件",{"$nulls":4},"2011-11-01",2,0.01,0.02,2,0.01,{"v":11,"d":"11.00"},0,{"v":-100,"d":"-100.00"}]
["3271","10区13架01层","治具","3002J-51001#","日立EX1800-2液压车","件",{"$nulls":4},"2011-11-01",1,0.01,0.01,1,0.01,{"v":11,"d":"11.00"},0,{"v":-100,"d":"-100.00"}]
["3272","10区13架02层","O型圈","A811065","日立EX1800-2液压车","件",{"$nulls":4},"2011-11-01",1,18.18,18.18,1,17.61,{"v":11,"d":"11.00"},1.94,-89.33]
["3273","10区13架02层","O型圈","4197727#","日立EX1800-2液压车","件",{"$nulls":4},"2011-11-01",1,0.01,0.01,1,0.01,{"v":11,"d":"11.00"},0,{"v":-100,"d":"-100.00"}]
["3274","10区13架02层","O型圈","0443410#","日立EX1800-2液压车","件",{"$nulls":4},"2011-11-01",2,0.01,0.02,2,0.01,{"v":11,"d":"11.00"},0,{"v":-100,"d":"-100.00"}]
["3275","10区13架02层","O型密封",4506429,"日立EX1800-2液压车","件",{"$nulls":4},"2011-11-01",10,10.08,{"v":100.8,"d":"100.80"},10,{"v":10,"d":"10.00"},{"v":11,"d":"11.00"},{"v":11,"d":"11.00"},-89.09]
["3276","10区13架02层","O型圈","A811035","日立EX1800-2液压车","件",{"$nulls":4},"2012-01-01",6,12.06,72.36,6,11.68,{"v":13,"d":"13.00"},9.11,-87.41]
["3277","10区13架02层","O型圈","0455605#","日立EX1800-2液压车","件",{"$nulls":4},"2012-01-01",2,0.01,0.02,2,0.01,{"v":13,"d":"13.00"},0,{"v":-100,"d":"-100.00"}]
["3278","10区13架02层","密封","0336405","日立EX1800-2液压车","件",{"$nulls":4},"2012-01-01",1,1842.93,1842.93,1,{"v":1785,"d":"1,785.00"},{"v":13,"d":"13.00"},232.05,-87.41]
["3279","10区13架02层","环","0456502#","日立EX1800-2液压车","件",{"$nulls":4},"2012-01-01",2,0.01,0.02,2,0.01,{"v":13,"d":"13.00"},0,{"v":-100,"d":"-100.00"}]
["3280","10区13架02层","O型圈","A810075","日立EX1800-2液压车","件",{"$nulls":4},"2012-01-01",3,{"v":16.2,"d":"16.20"},{"v":48.6,"d":"48.60"},3,15.69,{"v":13,"d":"13.00"},6.12,-87.41]
["3281","10区13架02层","密封",4292385,"日立EX1800-2液压车","件",{"$nulls":4},"2011-09-01",3,50.85,152.55,3,{"v":49,"d":"49.00"},{"v":10,"d":"10.00"},{"v":14.7,"d":"14.70"},-90.36]
["3282","10区13架02层","O型圈",954495,"日立EX1800-2液压车","件",{"$nulls":4},"2011-09-01",30,8.28,{"v":248.4,"d":"248.40"},30,8.02,{"v":10,"d":"10.00"},24.06,-90.31]
["3283","10区13架02层","密封","0403202","日立EX1800-2液压车","件",{"$nulls":4},"2012-04-01",1,9.89,9.89,1,{"v":10,"d":"10.00"},{"v":15,"d":"15.00"},{"v":1.5,"d":"1.50"},-84.83]
["3284","10区13架02层","密封",4291411,"日立EX1800-2液压车","件",{"$nulls":4},"2012-04-01",1,39.78,39.78,1,{"v":39,"d":"39.00"},{"v":15,"d":"15.00"},5.85,-85.29]
["3285","10区13架02层","O型圈",933226,"日立EX1800-2液压车","件",{"$nulls":4},"2012-04-01",100,5.13,{"v":513,"d":"513.00"},100,4.97,{"v":15,"d":"15.00"},74.55,-85.47]
["3286","10区13架02层","密封",4291396,"日立EX1800-2液压车","件",{"$nulls":4},"2012-04-01",1,31.95,31.95,1,{"v":31,"d":"31.00"},{"v":15,"d":"15.00"},4.65,-85.45]
["3287","10区13架02层","O型圈","4297381#","日立EX1800-2液压车","件",{"$nulls":4},"2012-04-01",18,0.01,0.18,18,0.01,{"v":15,"d":"15.00"},0.03,-83.33]
["3288","10区13架02层","O型圈","A811030","日立EX1800-2液压车","件",{"$nulls":4},"2012-01-01",6,11.16,66.96,6,10.81,{"v":13,"d":"13.00"},8.43,-87.41]
["3289","10区13架02层","密封","0458201","日立EX1800-2液压车","件",{"$nulls":4},"2012-01-01",4,24.39,97.56,4,{"v":24,"d":"24.00"},{"v":13,"d":"13.00"},12.48,-87.21]
["3290","10区13架02层","油封","453143#","日立EX1800-2液压车","件",{"$nulls":4},"2012-01-01",3,0.01,0.03,3,0.01,{"v":13,"d":"13.00"},0,{"v":-100,"d":"-100.00"}]
["3291","10区13架03层","灯座",4283599,"日立EX1800-2液压车","件",{"$nulls":4},"2012-01-01",6,205.31,1231.86,6,198.88,{"v":10,"d":"10.00"},119.33,-90.31]
["3292","10区13架03层","灯",4283598,"日立EX1800-2液压车","件",{"$nulls":4},"2009-01-01",6,{"v":116.6,"d":"116.60"},{"v":699.6,"d":"699.60"},6,112.95,{"v":10,"d":"10.00"},67.77,-90.31]
["3293","10区13架03层","灯座",4127783,"日立EX1800-2液压车","件",{"$nulls":4},"2009-01-01",20,151.09,{"v":3021.8,"d":"3021.80"},20,146.36,{"v":10,"d":"10.00"},292.72,-90.31]
["3294","10区13架03层","衬套",4173387,"日立EX1800-2液压车","件",{"$nulls":4},"2009-01-01",2,{"v":2733.9,"d":"2733.90"},{"v":5467.8,"d":"5467.80"},2,{"v":2648.33,"d":"2,648.33"},{"v":10,"d":"10.00"},529.67,-90.31]
["3295","10区13架03层","连接球头",4056125,"日立EX1800-2液压车","件",{"$nulls":4},"2012-08-01",3,393.03,1179.09,3,380.73,{"v":19,"d":"19.00"},217.02,-81.59]
["3296","10区13架03层","过滤器",4205044,"日立EX1800-2液压车","件",{"$nulls":4},"2009-01-01",4,464.51,1858.04,4,449.97,{"v":10,"d":"10.00"},179.99,-90.31]
["3297","10区13架03层","O-型圈","0443413#","日立EX1800-2液压车","件",{"$nulls":4},"2012-04-01",3,54.36,163.08,3,52.66,{"v":15,"d":"15.00"},{"v":23.7,"d":"23.70"},-85.47]
["3298","10区13架03层","保险",4249690,"日立EX1800-2液压车","件",{"$nulls":4},"2009-01-01",6,23.11,138.66,6,22.39,{"v":10,"d":"10.00"},13.43,-90.31]
["3299","10区13架03层","密封",4291391,"日立EX1800-2液压车","件",{"$nulls":4},"2009-01-01",1,52.03,52.03,1,{"v":50,"d":"50.00"},{"v":10,"d":"10.00"},{"v":5,"d":"5.00"},-90.39]
["3300","10区13架03层","O型圈",4292387,"日立EX1800-2液压车","件",{"$nulls":4},"2009-01-01",5,51.21,256.05,5,49.61,{"v":10,"d":"10.00"},24.81,-90.31]
["3301","10区13架03层","O型圈","A810050","日立EX1800-2液压车","件",{"$nulls":4},"2011-07-01",12,11.79,141.48,12,11.42,{"v":10,"d":"10.00"},{"v":13.7,"d":"13.70"},-90.32]
["3302","10区13架03层","旋塞","9111583#","日立EX1800-2液压车","件",{"$nulls":4},"2011-07-01",4,0.01,0.04,4,0.01,{"v":10,"d":"10.00"},0,{"v":-100,"d":"-100.00"}]
["3303","10区13架03层","O型圈","A811075","日立EX1800-2液压车","件",{"$nulls":4},"2012-01-01",6,4.77,28.62,6,4.62,{"v":13,"d":"13.00"},{"v":3.6,"d":"3.60"},-87.42]
["3304","10区13架03层","O型圈",4509180,"日立EX1800-2液压车","颗",{"$nulls":4},"2012-01-01",100,0.99,{"v":99,"d":"99.00"},100,0.96,{"v":13,"d":"13.00"},12.48,-87.39]
["3305","10区13架03层","O型圈","0443803#","日立EX1800-2液压车","件",{"$nulls":4},"2012-01-01",5,0.01,0.05,5,0.01,{"v":13,"d":"13.00"},0.01,{"v":-80,"d":"-80.00"}]
["3306","10区13架03层","O型圈",966993,"日立EX1800-2液压车","件",{"$nulls":4},"2012-01-01",22,13.42,295.24,22,{"v":13,"d":"13.00"},{"v":13,"d":"13.00"},37.18,-87.41]
["3307","10区13架03层","O型圈","A811060","日立EX1800-2液压车","件",{"$nulls":4},"2012-01-01",7,17.28,120.96,7,16.74,{"v":13,"d":"13.00"},15.23,-87.41]
["3308","10区13架03层","密封",4291399,"日立EX1800-2液压车","件",{"$nulls":4},"2012-01-01",1,63.37,63.37,1,{"v":61,"d":"61.00"},{"v":13,"d":"13.00"},7.93,-87.49]
["3309","10区13架04层","油封","4301078#","日立EX1800-2液压车","件",{"$nulls":4},"2009-01-01",1,0.01,0.01,1,0.01,{"v":10,"d":"10.00"},0,{"v":-100,"d":"-100.00"}]
["3310","10区13架04层","线束",3046249,"日立EX1800-2液压车","件",{"$nulls":4},"2009-01-01",10,431.95,{"v":4319.5,"d":"4319.50"},10,418.43,{"v":10,"d":"10.00"},418.43,-90.31]
["3311","10区13架04层","线束","3046248#","日立EX1800-2液压车","件",{"$nulls":4},"2009-01-01",4,0.01,0.04,4,0.01,{"v":10,"d":"10.00"},0,{"v":-100,"d":"-100.00"}]
["3312","10区13架04层","密封","0411202","日立EX1800-2液压车","件",{"$nulls":4},"2009-01-01",2,1169.55,{"v":2339.1,"d":"2339.10"},2,{"v":1133,"d":"1,133.00"},{"v":10,"d":"10.00"},{"v":226.6,"d":"226.60"},-90.31]
["3313","10区13架04层","控制器",4131662,"日立EX1800-2液压车","件",{"$nulls":4},"2010-01-01",7,860.59,6024.13,7,833.65,{"v":10,"d":"10.00"},583.56,-90.31]
["3314","10区13架04层","橡胶垫","4199564#","日立EX1800-2液压车","件",{"$nulls":4},"2009-01-01",2,0.01,0.02,2,null,null,0,{"v":-100,"d":"-100.00"}]
["3315","10区13架04层","轴承","4129147#","日立EX1800-2液压车","颗",{"$nulls":4},"2009-01-01",1,0.01,0.01,1,0.01,{"v":10,"d":"10.00"},0,{"v":-100,"d":"-100.00"}]
["3316","10区13架04层","密封","A812180","日立EX1800-2液压车","件",{"$nulls":4},"2009-01-01",3,113.76,341.28,3,{"v":110,"d":"110.00"},{"v":10,"d":"10.00"},{"v":33,"d":"33.00"},-90.33]
["3317","10区13架04层","密封",4112237,"日立EX1800-2液压车","件",{"$nulls":4},"2009-01-01",2,135.54,271.08,2,{"v":131,"d":"131.00"},{"v":10,"d":"10.00"},{"v":26.2,"d":"26.20"},-90.33]
["3318","10区13架04层","密封","0257010","日立EX1800-2液压车","件",{"$nulls":4},"2009-01-01",2,1550.52,3101.04,2,{"v":1502,"d":"1,502.00"},{"v":10,"d":"10.00"},{"v":300.4,"d":"300.40"},-90.31]
["3319","10区13架04层","橡胶锁止条",4135498,"日立EX1800-2液压车","件",{"$nulls":4},"2010-01-01",58,37.49,2174.42,58,null,null,0,{"v":-100,"d":"-100.00"}]
["3320","10区13架04层","开关",4266985,"日立EX1800-2液压车","件",{"$nulls":4},"2009-01-01",1,{"v":1146.4,"d":"1146.40"},{"v":1146.4,"d":"1146.40"},1,{"$nulls":3},{"v":-100,"d":"-100.00"}]
["3321","10区13架04层","密封",4175470,"日立EX1800-2液压车","件",{"$nulls":4},"2009-01-01",3,{"v":323.1,"d":"323.10"},{"v":969.3,"d":"969.30"},3,{"v":313,"d":"313.00"},{"v":10,"d":"10.00"},{"v":93.9,"d":"93.90"},-90.31]
["3322","10区13架05层","油封组件",4221869,"日立EX1800-2液压车","件",{"$nulls":4},"2009-01-01",1,20591.32,20591.32,1,{"v":19946.81,"d":"19,946.81"},{"v":10,"d":"10.00"},{"v":1994.68,"d":"1,994.68"},-90.31]
["3323","10区13排01层","皮带盘",3065419,"日立EX1800-2液压车","件",{"$nulls":4},"2013-06-01",1,{"v":11007,"d":"11007.00"},{"v":11007,"d":"11007.00"},1,{"v":10662.48,"d":"10,662.48"},{"v":27,"d":"27.00"},{"v":2878.87,"d":"2,878.87"},-73.85]
["3324","10区14架01层","O型圈","0455602#","日立EX1800-2液压车","个",{"$nulls":4},"2009-01-01",4,17.29,69.16,4,16.75,{"v":10,"d":"10.00"},{"v":6.7,"d":"6.70"},-90.31]
["3325","10区14架01层","垫片",4186496,"日立EX1800-2液压车","件",{"$nulls":4},"2011-09-01",27,416.61,11248.47,27,403.57,{"v":10,"d":"10.00"},{"v":1089.64,"d":"1,089.64"},-90.31]
["3326","10区14架01层","排气管护罩",7027597,"日立EX1800-2液压车","件",{"$nulls":4},"2010-01-01",1,1628.72,1628.72,1,{"v":1577.74,"d":"1,577.74"},{"v":10,"d":"10.00"},157.77,-90.31]
["3327","10区14架01层","O-型环","4297382#","日立EX1800-2液压车","件",{"$nulls":4},"2009-01-01",6,0.01,0.06,6,0.01,{"v":10,"d":"10.00"},0.01,-83.33]
["3328","10区14架01层","弹簧","4203413#","日立EX1800-2液压车","件",{"$nulls":4},"2009-01-01",2,0.01,0.02,2,0.01,{"v":10,"d":"10.00"},0,{"v":-100,"d":"-100.00"}]
["3329","10区14架01层","密封胶套","3023129#","日立EX1800-2液压车","件",{"$nulls":4},"2009-01-01",6,0.01,0.06,6,null,null,0,{"v":-100,"d":"-100.00"}]
["3330","10区14架01层","调节器",4125684,"日立EX1800-2液压车","件",{"$nulls":4},"2011-11-01",5,2969.73,14848.65,5,{"v":2876.78,"d":"2,876.78"},{"v":11,"d":"11.00"},{"v":1582.23,"d":"1,582.23"},-89.34]
["3331","10区14架01层","卡环","0161002","日立EX1800-2液压车","件",{"$nulls":4},"2009-01-01",5,105.77,528.85,5,102.46,{"v":10,"d":"10.00"},51.23,-90.31]
["3332","10区14架01层","排气管护罩",8059149,"日立EX1800-2液压车","件",{"$nulls":4},"2010-01-01",1,1581.39,1581.39,1,{"v":1531.89,"d":"1,531.89"},{"v":10,"d":"10.00"},153.19,-90.31]
["3333","10区14架01层","弹簧","0319603","日立EX1800-2液压车","件",{"$nulls":4},"2009-01-01",2,334.88,669.76,2,{"v":324.4,"d":"324.40"},{"v":10,"d":"10.00"},64.88,-90.31]
["3334","10区14架01层","呼吸器","0237418","日立EX1800-2液压车","件",{"$nulls":4},"2010-01-01",11,226.87,2495.57,11,219.77,{"v":10,"d":"10.00"},241.75,-90.31]
["3335","10区14架01层","操纵杆","0604301#","日立EX1800-2液压车","件",{"$nulls":4},"2010-01-01",2,0.01,0.02,2,0.01,{"v":10,"d":"10.00"},0,{"v":-100,"d":"-100.00"}]
["3336","10区14架02层","排气管护罩",7027522,"日立EX1800-2液压车","件",{"$nulls":4},"2010-01-01",4,2333.88,9335.52,4,{"v":2260.83,"d":"2,260.83"},{"v":10,"d":"10.00"},904.33,-90.31]
["3337","10区14架02层","软管","4221051#","日立EX1800-2液压车","件",{"$nulls":4},"2009-01-01",1,0.01,0.01,1,{"$nulls":3},{"v":-100,"d":"-100.00"}]
["3338","10区14架02层","垫片",4203308,"日立EX1800-2液压车","件",{"$nulls":4},"2012-04-01",1,1324.25,1324.25,1,{"v":1282.8,"d":"1,282.80"},{"v":15,"d":"15.00"},192.42,-85.47]
["3339","10区14架02层","垫片",4199974,"日立EX1800-2液压车","件",{"$nulls":4},"2012-04-01",1,806.13,806.13,1,{"v":780.9,"d":"780.90"},{"v":15,"d":"15.00"},117.14,-85.47]
["3340","10区14架02层","弹子轴承",4002151,"日立EX1800-2液压车","件",{"$nulls":4},"2011-11-01",12,{"v":72,"d":"72.00"},{"v":864,"d":"864.00"},12,69.75,{"v":11,"d":"11.00"},92.07,-89.34]
["3341","10区14架02层","排气烟管",7028579,"日立EX1800-2液压车","件",{"$nulls":4},"2012-04-01",2,4286.43,8572.86,2,{"v":4152.26,"d":"4,152.26"},{"v":15,"d":"15.00"},{"v":1245.68,"d":"1,245.68"},-85.47]
["3342","10区14架02层","垫子","3042591#","日立EX1800-2液压车","件",{"$nulls":4},"2012-04-01",6,0.01,0.06,6,0.01,{"v":15,"d":"15.00"},0.01,-83.33]
["3343","10区14架02层","垫片",4218317,"日立EX1800-2液压车","件",{"$nulls":4},"2012-04-01",2,632.79,1265.58,2,612.98,{"v":15,"d":"15.00"},183.89,-85.47]
["3344","10区14架02层","锁片","X4250","日立EX1800-2液压车","件",{"$nulls":4},"2012-04-01",20,249.93,{"v":4998.6,"d":"4998.60"},20,242.11,{"v":15,"d":"15.00"},726.33,-85.47]
["3345","10区14架02层","管卡",3013865,"日立EX1800-2液压车","件",{"$nulls":4},"2012-04-01",3,{"v":402.8,"d":"402.80"},{"v":1208.4,"d":"1208.40"},3,390.19,{"v":15,"d":"15.00"},175.59,-85.47]
["3346","10区14架03层","排气管护罩",9742549,"日立EX1800-2液压车","件",{"$nulls":4},"2012-04-01",3,359.19,1077.57,3,347.95,{"v":15,"d":"15.00"},156.58,-85.47]
["3347","10区14架03层","油箱盖","3008283#","日立EX1800-2液压车","件",{"$nulls":4},"2009-01-01",1,0.01,0.01,1,0.01,{"v":10,"d":"10.00"},0,{"v":-100,"d":"-100.00"}]
["3348","10区14架03层","排气烟管",8057419,"日立EX1800-2液压车","件",{"$nulls":4},"2012-04-01",1,7829.36,7829.36,1,{"v":7584.3,"d":"7,584.30"},{"v":15,"d":"15.00"},{"v":1137.65,"d":"1,137.65"},-85.47]
["3349","10区14架03层","O型环","0443412#","日立EX1800-2液压车","件",{"$nulls":4},"2010-01-01",5,0.01,0.05,5,0.01,{"v":10,"d":"10.00"},0.01,{"v":-80,"d":"-80.00"}]
["3350","10区14架03层","垫片",4085068,"日立EX1800-2液压车","件",{"$nulls":4},"2012-04-01",1,180.72,180.72,1,175.06,{"v":15,"d":"15.00"},26.26,-85.47]
["3351","10区14架03层","螺栓","J901225","日立EX1800-2液压车","件",{"$nulls":4},"2009-01-01",4,8.11,32.44,4,7.86,{"v":10,"d":"10.00"},3.14,-90.32]
["3352","10区14架03层","弹簧垫","A590912","日立EX1800-2液压车","件",{"$nulls":4},"2010-01-01",19,1.35,25.65,19,1.31,{"v":10,"d":"10.00"},2.49,-90.29]
["3353","10区14架03层","弹簧垫","A590916","日立EX1800-2液压车","件",{"$nulls":4},"2010-01-01",29,{"v":2.7,"d":"2.70"},{"v":78.3,"d":"78.30"},29,2.62,{"v":10,"d":"10.00"},{"v":7.6,"d":"7.60"},-90.29]
["3354","10区14架03层","O型圈",4153538,"日立EX1800-2液压车","件",{"$nulls":4},"2011-11-01",64,49.68,3179.52,64,48.13,{"v":11,"d":"11.00"},338.84,-89.34]
["3355","10区14架03层","锁止销",4179920,"日立EX1800-2液压车","件",{"$nulls":4},"2010-01-01",79,183.09,14464.11,79,177.36,{"v":10,"d":"10.00"},{"v":1401.14,"d":"1,401.14"},-90.31]
["3356","10区14架03层","弹簧垫","A590918","日立EX1800-2液压车","件",{"$nulls":4},"2010-01-01",2,{"v":2.7,"d":"2.70"},{"v":5.4,"d":"5.40"},2,2.62,{"v":10,"d":"10.00"},0.52,-90.37]
["3357","10区14架04层","进气管","4299574#","日立EX1800-2液压车","件",{"$nulls":4},"2009-01-01",4,0.01,0.04,4,0.01,{"v":10,"d":"10.00"},0,{"v":-100,"d":"-100.00"}]
["3358","10区14架04层","指示器",4298635,"日立EX1800-2液压车","件",{"$nulls":4},"2009-01-01",4,704.85,{"v":2819.4,"d":"2819.40"},4,682.79,{"v":10,"d":"10.00"},273.12,-90.31]
["3359","10区14架04层","填料","4299544#","日立EX1800-2液压车","件",{"$nulls":4},"2009-01-01",10,0.01,{"v":0.1,"d":"0.10"},10,0.01,{"v":10,"d":"10.00"},0.01,{"v":-90,"d":"-90.00"}]
["3360","10区14架04层","压力表","4241884#","日立EX1800-2液压车","件",{"$nulls":4},"2009-01-01",4,187.84,751.36,4,181.96,{"v":10,"d":"10.00"},72.78,-90.31]
["3361","10区14架04层","排气管护罩",3066283,"日立EX1800-2液压车","件",{"$nulls":4},"2012-04-01",1,{"v":866.7,"d":"866.70"},{"v":866.7,"d":"866.70"},1,839.57,{"v":15,"d":"15.00"},125.94,-85.47]
["3362","10区14架04层","油咀",4066158,"日立EX1800-2液压车","件",{"$nulls":4},"2010-01-01",4,54.22,216.88,4,52.52,{"v":10,"d":"10.00"},21.01,-90.31]
["3363","10区14架04层","排气管护罩",3069190,"日立EX1800-2液压车","件",{"$nulls":4},"2012-04-01",3,400.95,1202.85,3,{"v":388.4,"d":"388.40"},{"v":15,"d":"15.00"},174.78,-85.47]
["3364","10区14架04层","空气管","4299575#","日立EX1800-2液压车","件",{"$nulls":4},"2009-01-01",4,0.01,0.04,4,0.01,{"v":10,"d":"10.00"},0,{"v":-100,"d":"-100.00"}]
["3365","10区14架04层","滑块","4300633#","日立EX1800-2液压车","件",{"$nulls":4},"2009-01-01",10,0.01,{"v":0.1,"d":"0.10"},10,0.01,{"v":10,"d":"10.00"},0.01,{"v":-90,"d":"-90.00"}]
["3366","10区14架04层","胶管",4155962,"日立EX1800-2液压车","件",{"$nulls":4},"2009-01-01",2,142.57,285.14,2,null,null,0,{"v":-100,"d":"-100.00"}]
["3367","10区14架04层","油封","0384208#","日立EX1800-2液压车","件",{"$nulls":4},"2009-01-01",1,0.01,0.01,1,0.01,{"v":10,"d":"10.00"},0,{"v":-100,"d":"-100.00"}]
["3368","10区14架04层","连杆","4299512#","日立EX1800-2液压车","件",{"$nulls":4},"2009-01-01",3,0.01,0.03,3,0.01,{"v":10,"d":"10.00"},0,{"v":-100,"d":"-100.00"}]
["3369","10区14架05层","防尘油封",4259775,"日立EX1800-2液压车","件",{"$nulls":4},"2012-05-01",10,343.34,{"v":3433.4,"d":"3433.40"},10,332.59,{"v":16,"d":"16.00"},532.14,{"v":-84.5,"d":"-84.50"}]
["3370","10区15架01层","金属座","465358#","日立EX1800-2液压车","件",{"$nulls":4},"2012-05-01",1,0.01,0.01,1,0.01,{"v":16,"d":"16.00"},0,{"v":-100,"d":"-100.00"}]
["3371","10区15架01层","管卡",4179428,"日立EX1800-2液压车","件",{"$nulls":4},"2011-09-01",3,{"v":859.5,"d":"859.50"},{"v":2578.5,"d":"2578.50"},3,{"v":832.6,"d":"832.60"},{"v":10,"d":"10.00"},249.78,-90.31]
["3372","10区15架01层","金属座","465356#","日立EX1800-2液压车","件",{"$nulls":4},"2009-01-01",1,0.01,0.01,1,0.01,{"v":10,"d":"10.00"},0,{"v":-100,"d":"-100.00"}]
["3373","10区15架01层","金属座","465370#","日立EX1800-2液压车","件",{"$nulls":4},"2009-01-01",1,0.01,0.01,1,0.01,{"v":10,"d":"10.00"},0,{"v":-100,"d":"-100.00"}]
["3374","10区15架01层","软管","4046241#","日立EX1800-2液压车","件",{"$nulls":4},"2011-09-01",2,0.01,0.02,2,{"$nulls":3},{"v":-100,"d":"-100.00"}]
["3375","10区15架01层","螺栓","4184856#","日立EX1800-2液压车","件",{"$nulls":4},"2009-01-01",4,0.01,0.04,4,0.01,{"v":10,"d":"10.00"},0,{"v":-100,"d":"-100.00"}]
["3376","10区15架01层","螺栓","J833319","日立EX1800-2液压车","件",{"$nulls":4},"2009-01-01",11,858.42,9442.62,11,831.55,{"v":10,"d":"10.00"},914.71,-90.31]
["3377","10区15架01层","金属座","465423#","日立EX1800-2液压车","件",{"$nulls":4},"2009-01-01",1,0.01,0.01,1,0.01,{"v":10,"d":"10.00"},0,{"v":-100,"d":"-100.00"}]
["3378","10区15架01层","垫片",4083438,"日立EX1800-2液压车","件",{"$nulls":4},"2011-11-01",96,142.74,13703.04,96,138.27,{"v":11,"d":"11.00"},{"v":1460.13,"d":"1,460.13"},-89.34]
["3379","10区15架01层","支架",8064264,"日立EX1800-2液压车","件",{"$nulls":4},"2009-01-01",6,630.74,3784.44,6,{"v":611,"d":"611.00"},{"v":10,"d":"10.00"},{"v":366.6,"d":"366.60"},-90.31]
["3380","10区15架02层","软管",4091183,"日立EX1800-2液压车","件",{"$nulls":4},"2009-01-01",1,67.94,67.94,1,{"$nulls":3},{"v":-100,"d":"-100.00"}]
["3381","10区15架02层","套","0319618","日立EX1800-2液压车","件",{"$nulls":4},"2009-01-01",2,482.61,965.22,2,{"v":467.5,"d":"467.50"},{"v":10,"d":"10.00"},{"v":93.5,"d":"93.50"},-90.31]
["3382","10区15架02层","管连接",4067833,"日立EX1800-2液压车","件",{"$nulls":4},"2011-11-01",2,522.18,1044.36,2,505.84,{"v":11,"d":"11.00"},111.28,-89.34]
["3383","10区15架02层","弹簧垫","A590920","日立EX1800-2液压车","件",{"$nulls":4},"2010-01-01",26,{"v":2.7,"d":"2.70"},{"v":70.2,"d":"70.20"},26,2.62,{"v":10,"d":"10.00"},6.81,{"v":-90.3,"d":"-90.30"}]
["3384","10区15架02层","行星齿轮",3033084,"日立EX1800-2液压车","件",{"$nulls":4},"2009-01-01",3,886.12,2658.36,3,858.38,{"v":10,"d":"10.00"},257.51,-90.31]
["3385","10区15架02层","压力开关",4291232,"日立EX1800-2液压车","件",{"$nulls":4},"2009-01-01",15,480.87,7213.05,15,{"$nulls":3},{"v":-100,"d":"-100.00"}]
["3386","10区15架02层","滑块","4299582#","日立EX1800-2液压车","件",{"$nulls":4},"2009-01-01",10,0.01,{"v":0.1,"d":"0.10"},10,0.01,{"v":10,"d":"10.00"},0.01,{"v":-90,"d":"-90.00"}]
["3387","10区15架02层","油压表",4131663,"日立EX1800-2液压车","件",{"$nulls":4},"2011-02-01",1,1389.87,1389.87,1,{"v":1346.37,"d":"1,346.37"},{"v":10,"d":"10.00"},134.64,-90.31]
["3388","10区15架02层","螺母","M520012","日立EX1800-2液压车","件",{"$nulls":4},"2011-02-01",18,9.45,{"v":170.1,"d":"170.10"},18,9.15,{"v":10,"d":"10.00"},16.47,-90.32]
["3389","10区15架02层","滤清器",4083753,"日立EX1800-2液压车","件",{"$nulls":4},"2010-01-01",4,324.07,1296.28,4,313.93,{"v":10,"d":"10.00"},125.57,-90.31]
["3390","10区15架02层","螺杆","0320505","日立EX1800-2液压车","件",{"$nulls":4},"2011-11-01",20,49.14,{"v":982.8,"d":"982.80"},20,{"v":47.6,"d":"47.60"},{"v":11,"d":"11.00"},104.72,-89.34]
["3391","10区15架03层","油封","A811155","日立EX1800-2液压车","件",{"$nulls":4},"2011-09-01",5,64.71,323.55,5,62.68,{"v":10,"d":"10.00"},31.34,-90.31]
["3392","10区15架03层","活塞环",4070998,"日立EX1800-2液压车","件",{"$nulls":4},"2011-09-01",4,639.93,2559.72,4,{"v":619.9,"d":"619.90"},{"v":10,"d":"10.00"},247.96,-90.31]
["3393","10区15架03层","修理包",3801808,"日立EX1800-2液压车","件",{"$nulls":4},"2009-01-01",6,7129.54,42777.24,6,{"v":6906.39,"d":"6,906.39"},{"v":10,"d":"10.00"},{"v":4143.83,"d":"4,143.83"},-90.31]
["3394","10区15架03层","密封组件",4181617,"日立EX1800-2液压车","件",{"$nulls":4},"2009-01-01",3,775.06,2325.18,3,{"v":751,"d":"751.00"},{"v":10,"d":"10.00"},{"v":225.3,"d":"225.30"},-90.31]
["3395","10区15架03层","后挡环","4175285#","日立EX1800-2液压车","件",{"$nulls":4},"2009-01-01",3,0.01,0.03,3,0.01,{"v":10,"d":"10.00"},0,{"v":-100,"d":"-100.00"}]
["3396","10区15架03层","安全阀",4175286,"日立EX1800-2液压车","件",{"$nulls":4},"2011-09-01",3,866.56,2599.68,3,839.44,{"v":10,"d":"10.00"},251.83,-90.31]
["3397","10区15架03层","堵头",4093624,"日立EX1800-2液压车","件",{"$nulls":4},"2010-01-01",2,94.53,189.06,2,91.57,{"v":10,"d":"10.00"},18.31,-90.32]
["3398","10区15架03层","衬套","3018153#","日立EX1800-2液压车","件",{"$nulls":4},"2009-01-01",3,0.01,0.03,3,0.01,{"v":10,"d":"10.00"},0,{"v":-100,"d":"-100.00"}]
["3399","10区15架03层","O型圈","A811155#","日立EX1800-2液压车","件",{"$nulls":4},"2009-01-01",4,0.01,0.04,4,0.01,{"v":10,"d":"10.00"},0,{"v":-100,"d":"-100.00"}]
["3400","10区15架03层","调整环",991718,"日立EX1800-2液压车","件",{"$nulls":4},"2009-01-01",3,16.46,49.38,3,15.94,{"v":10,"d":"10.00"},4.78,-90.32]
["3401","10区15架03层","导向块","4299559#","日立EX1800-2液压车","件",{"$nulls":4},"2009-01-01",10,0.01,{"v":0.1,"d":"0.10"},10,0.01,{"v":10,"d":"10.00"},0.01,{"v":-90,"d":"-90.00"}]
["3402","10区15架03层","O型圈","0448701#","日立EX1800-2液压车","件",{"$nulls":4},"2009-01-01",6,0.01,0.06,6,0.01,{"v":10,"d":"10.00"},0.01,-83.33]
["3403","10区15架04层","阀",4174330,"日立EX1800-2液压车","件",{"$nulls":4},"2009-01-01",3,5138.56,15415.68,3,{"v":4977.72,"d":"4,977.72"},{"v":10,"d":"10.00"},{"v":1493.32,"d":"1,493.32"},-90.31]
["3404","10区15架04层","密封组件",4110369,"日立EX1800-2液压车","件",{"$nulls":4},"2009-01-01",5,1637.01,8185.05,5,{"v":1586,"d":"1,586.00"},{"v":10,"d":"10.00"},{"v":793,"d":"793.00"},-90.31]
["3405","10区15架04层","油雾分离器",4285396,"日立EX1800-2液压车","件",{"$nulls":4},"2009-01-01",6,7204.95,{"v":43229.7,"d":"43229.70"},6,{"v":6979.44,"d":"6,979.44"},{"v":10,"d":"10.00"},{"v":4187.66,"d":"4,187.66"},-90.31]
["3406","10区15架04层","滤芯",499682,"日立EX1800-2液压车","件",{"$nulls":4},"2009-01-01",4,332.91,1331.64,4,322.49,{"v":10,"d":"10.00"},{"v":129,"d":"129.00"},-90.31]
["3407","10区15架04层","阀",969205,"日立EX1800-2液压车","件",{"$nulls":4},"2009-01-01",4,2869.11,11476.44,4,{"v":2779.31,"d":"2,779.31"},{"v":10,"d":"10.00"},{"v":1111.72,"d":"1,111.72"},-90.31]
["3408","10区15架04层","接头",4202565,"日立EX1800-2液压车","件",{"$nulls":4},"2009-01-01",1,310.59,310.59,1,300.87,{"v":10,"d":"10.00"},30.09,-90.31]
["3409","10区16架01层","治具","T2974#","日立EX1800-2液压车","件",{"$nulls":4},"2008-01-01",1,0.01,0.01,1,0.01,{"v":10,"d":"10.00"},0,{"v":-100,"d":"-100.00"}]
["3410","10区16架01层","阀","4324415#","日立EX1800-2液压车","个",{"$nulls":4},"2009-01-01",1,0.01,0.01,1,0.01,{"v":10,"d":"10.00"},0,{"v":-100,"d":"-100.00"}]
["3411","10区16架01层","冷却器","4214359#","日立EX1800-2液压车","件",{"$nulls":4},"2009-01-01",2,0.01,0.02,2,0.01,{"v":10,"d":"10.00"},0,{"v":-100,"d":"-100.00"}]
["3412","10区16架01层","弯管",8041217,"日立EX1800-2液压车","件",{"$nulls":4},"2010-01-01",2,3644.73,7289.46,2,{"v":3530.65,"d":"3,530.65"},{"v":10,"d":"10.00"},706.13,-90.31]
["3413","10区16架01层","治具","T2971#","日立EX1800-2液压车","件",{"$nulls":4},"2009-01-01",1,0.01,0.01,1,0.01,{"v":10,"d":"10.00"},0,{"v":-100,"d":"-100.00"}]
["3414","10区16架02层","密封",4309424,"日立EX1800-2液压车","件",{"$nulls":4},"2012-05-01",1,303.21,303.21,1,{"v":294,"d":"294.00"},{"v":16,"d":"16.00"},47.04,-84.49]
["3415","10区16架02层","管接头",4507085,"日立EX1800-2液压车","件",{"$nulls":4},"2012-05-01",8,254.51,2036.08,8,246.54,{"v":16,"d":"16.00"},315.57,{"v":-84.5,"d":"-84.50"}]
["3416","10区16架02层","密封","0336605","日立EX1800-2液压车","件",{"$nulls":4},"2012-04-01",7,284.22,1989.54,7,{"v":275,"d":"275.00"},{"v":15,"d":"15.00"},288.75,-85.49]
["3417","10区16架02层","O型圈","0448203","日立EX1800-2液压车","件",{"$nulls":4},"2012-05-01",3,249.39,748.17,3,241.58,{"v":16,"d":"16.00"},115.96,{"v":-84.5,"d":"-84.50"}]
["3418","10区16架02层","弹簧垫","A590910","日立EX1800-2液压车","件",{"$nulls":4},"2009-01-01",24,1.35,{"v":32.4,"d":"32.40"},24,1.31,{"v":10,"d":"10.00"},3.14,-90.31]
["3419","10区16架02层","油封","0455801","日立EX1800-2液压车","个",{"$nulls":4},"2012-05-01",6,174.15,{"v":1044.9,"d":"1044.90"},6,{"v":168.7,"d":"168.70"},{"v":16,"d":"16.00"},161.95,{"v":-84.5,"d":"-84.50"}]
["3420","10区16架02层","安全阀",986952,"日立EX1800-2液压车","件",{"$nulls":4},"2012-04-01",4,420.93,1683.72,4,407.75,{"v":15,"d":"15.00"},244.65,-85.47]
["3421","10区16架02层","液位表",8016441,"日立EX1800-2液压车","件",{"$nulls":4},"2012-04-01",1,478.71,478.71,1,463.73,{"v":15,"d":"15.00"},69.56,-85.47]
["3422","10区16架02层","止逆阀",986953,"日立EX1800-2液压车","件",{"$nulls":4},"2012-04-01",19,798.29,15167.51,19,{"v":773.3,"d":"773.30"},{"v":15,"d":"15.00"},{"v":2203.91,"d":"2,203.91"},-85.47]
["3423","10区16架02层","O型圈","0339842","日立EX1800-2液压车","件",{"$nulls":4},"2012-05-01",3,211.68,635.04,3,205.05,{"v":16,"d":"16.00"},98.42,{"v":-84.5,"d":"-84.50"}]
["3424","10区16架02层","接头",4187558,"日立EX1800-2液压车","件",{"$nulls":4},"2011-11-01",1,542.79,542.79,1,{"v":525.8,"d":"525.80"},{"v":11,"d":"11.00"},57.84,-89.34]
["3425","10区16架02层","油封","0455804","日立EX1800-2液压车","个",{"$nulls":4},"2012-05-01",3,282.15,846.45,3,273.32,{"v":16,"d":"16.00"},131.19,{"v":-84.5,"d":"-84.50"}]
["3426","10区16架02层","O-型圈","4297380#","日立EX1800-2液压车","件",{"$nulls":4},"2012-05-01",25,14.85,371.25,25,14.39,{"v":16,"d":"16.00"},57.56,{"v":-84.5,"d":"-84.50"}]
["3427","10区16架02层","衬垫",4181649,"日立EX1800-2液压车","件",{"$nulls":4},"2012-05-01",5,108.45,542.25,5,105.06,{"v":16,"d":"16.00"},84.05,{"v":-84.5,"d":"-84.50"}]
["3428","10区16架02层","密封","0319202","日立EX1800-2液压车","件",{"$nulls":4},"2012-05-01",4,{"v":314.1,"d":"314.10"},{"v":1256.4,"d":"1256.40"},4,{"v":304,"d":"304.00"},{"v":16,"d":"16.00"},194.56,-84.51]
["3429","10区16架02层","弹簧","0319604","日立EX1800-2液压车","件",{"$nulls":4},"2009-01-01",1,399.69,399.69,1,387.18,{"v":10,"d":"10.00"},38.72,-90.31]
["3430","10区16架02层","密封","0242510","日立EX1800-2液压车","件",{"$nulls":4},"2009-01-01",3,1476.72,4430.16,3,{"v":1431,"d":"1,431.00"},{"v":10,"d":"10.00"},{"v":429.3,"d":"429.30"},-90.31]
["3431","10区16架03层","弹簧",4213147,"日立EX1800-2液压车","件",{"$nulls":4},"2009-01-01",16,178.51,2856.16,16,172.92,{"v":10,"d":"10.00"},276.67,-90.31]
["3432","10区16架03层","密封","0319607","日立EX1800-2液压车","件",{"$nulls":4},"2010-01-01",6,139.05,{"v":834.3,"d":"834.30"},6,{"v":135,"d":"135.00"},{"v":10,"d":"10.00"},{"v":81,"d":"81.00"},-90.29]
["3433","10区16架03层","密封","A811180","日立EX1800-2液压车","件",{"$nulls":4},"2010-01-01",1,62.82,62.82,1,{"v":61,"d":"61.00"},{"v":10,"d":"10.00"},{"v":6.1,"d":"6.10"},-90.29]
["3434","10区16架03层","O型圈","4297379#","日立EX1800-2液压车","件",{"$nulls":4},"2010-01-01",2,0.01,0.02,2,0.01,{"v":10,"d":"10.00"},0,{"v":-100,"d":"-100.00"}]
["3435","10区16架03层","弹簧",4185046,"日立EX1800-2液压车","件",{"$nulls":4},"2010-01-01",7,70.92,496.44,7,{"v":68.7,"d":"68.70"},{"v":10,"d":"10.00"},48.09,-90.31]
["3436","10区16架03层","密封","0340110","日立EX1800-2液压车","件",{"$nulls":4},"2012-04-01",2,44.55,{"v":89.1,"d":"89.10"},2,{"v":43,"d":"43.00"},{"v":15,"d":"15.00"},{"v":12.9,"d":"12.90"},-85.52]
["3437","10区16架03层","O型圈",4203611,"日立EX1800-2液压车","件",{"$nulls":4},"2011-11-01",5,100.17,500.85,5,97.03,{"v":11,"d":"11.00"},53.37,-89.34]
["3438","10区16架03层","油嘴","S2268#","日立EX1800-2液压车","件",{"$nulls":4},"2011-11-01",3,0.01,0.03,3,0.01,{"v":11,"d":"11.00"},0,{"v":-100,"d":"-100.00"}]
["3439","10区16架03层","O型圈","0444001#","日立EX1800-2液压车","件",{"$nulls":4},"2010-01-01",5,0.01,0.05,5,0.01,{"v":10,"d":"10.00"},0.01,{"v":-80,"d":"-80.00"}]
["3440","10区16架03层","O型圈","A810025","日立EX1800-2液压车","件",{"$nulls":4},"2010-01-01",9,9.27,83.43,9,8.98,{"v":10,"d":"10.00"},8.08,-90.32]
["3441","10区16架03层","O型圈","0319607#","日立EX1800-2液压车","件",{"$nulls":4},"2009-01-01",8,0.01,0.08,8,0.01,{"v":10,"d":"10.00"},0.01,{"v":-87.5,"d":"-87.50"}]
["3442","10区16架03层","油封",4240151,"日立EX1800-2液压车","件",{"$nulls":4},"2009-01-01",3,27.36,82.08,3,{"v":26.5,"d":"26.50"},{"v":10,"d":"10.00"},7.95,-90.31]
["3443","10区16架03层","接头",4108100,"日立EX1800-2液压车","件",{"$nulls":4},"2011-09-01",1,200.52,200.52,1,194.24,{"v":10,"d":"10.00"},19.42,-90.32]
["3444","10区16架03层","防尘圈",4240150,"日立EX1800-2液压车","件",{"$nulls":4},"2011-09-01",3,33.39,100.17,3,32.34,{"v":10,"d":"10.00"},{"v":9.7,"d":"9.70"},-90.32]
["3445","10区16架03层","O型圈","0317413#","日立EX1800-2液压车","件",{"$nulls":4},"2011-09-01",15,5.18,{"v":77.7,"d":"77.70"},15,5.02,{"v":10,"d":"10.00"},7.53,-90.31]
["3446","10区16架03层","O型圈",954493,"日立EX1800-2液压车","件",{"$nulls":4},"2011-09-01",3,6.12,18.36,3,5.93,{"v":10,"d":"10.00"},1.78,-90.31]
["3447","10区16架03层","O型圈","A811025","日立EX1800-2液压车","件",{"$nulls":4},"2011-09-01",26,9.19,238.94,26,{"v":8.9,"d":"8.90"},{"v":10,"d":"10.00"},23.14,-90.32]
["3448","10区16架03层","修理包","0403402#","日立EX1800-2液压车","件",{"$nulls":4},"2011-09-01",1,0.01,0.01,1,0.01,{"v":10,"d":"10.00"},0,{"v":-100,"d":"-100.00"}]
["3449","10区16架04层","接头",4180350,"日立EX1800-2液压车","件",{"$nulls":4},"2011-11-01",1,257.31,257.31,1,249.26,{"v":11,"d":"11.00"},27.42,-89.34]
["3450","10区16架04层","接头",4202564,"日立EX1800-2液压车","件",{"$nulls":4},"2011-11-01",1,18.28,18.28,1,17.71,{"v":11,"d":"11.00"},1.95,-89.33]
["3451","10区16架04层","接头",4155847,"日立EX1800-2液压车","件",{"$nulls":4},"2011-11-01",1,730.26,730.26,1,{"v":707.4,"d":"707.40"},{"v":11,"d":"11.00"},77.81,-89.34]
["3452","10区16架04层","接头",4197473,"日立EX1800-2液压车","件",{"$nulls":4},"2011-11-01",1,609.03,609.03,1,589.97,{"v":11,"d":"11.00"},{"v":64.9,"d":"64.90"},-89.34]
["3453","10区16架04层","软管",4022542,"日立EX1800-2液压车","件",{"$nulls":4},"2011-11-01",1,286.19,286.19,1,{"$nulls":3},{"v":-100,"d":"-100.00"}]
["3454","10区16架04层","接头",4133249,"日立EX1800-2液压车","件",{"$nulls":4},"2011-11-01",1,339.57,339.57,1,328.94,{"v":11,"d":"11.00"},36.18,-89.35]
["3455","10区16架04层","接头",4042031,"日立EX1800-2液压车","件",{"$nulls":4},"2011-11-01",1,9.26,9.26,1,8.97,{"v":11,"d":"11.00"},0.99,-89.31]
["3456","10区16架04层","支撑环","0336416","日立EX1800-2液压车","件",{"$nulls":4},"2011-11-01",4,226.44,905.76,4,219.35,{"v":11,"d":"11.00"},96.51,-89.34]
["3457","10区16架04层","接头",4214603,"日立EX1800-2液压车","件",{"$nulls":4},"2011-11-01",1,{"v":370.8,"d":"370.80"},{"v":370.8,"d":"370.80"},1,359.19,{"v":11,"d":"11.00"},39.51,-89.34]
["3458","10区16架04层","接头",4160641,"日立EX1800-2液压车","件",{"$nulls":4},"2011-11-01",1,101.34,101.34,1,98.17,{"v":11,"d":"11.00"},{"v":10.8,"d":"10.80"},-89.34]
["3459","10区16架05层","雨刮片",4186355,"日立EX1800-2液压车","件",{"$nulls":4},"2011-11-01",3,313.56,940.68,3,303.75,{"v":11,"d":"11.00"},100.24,-89.34]
["3460","10区16架05层","雨刮臂",4186356,"日立EX1800-2液压车","颗",{"$nulls":4},"2011-11-01",3,1597.31,4791.93,3,{"v":1547.31,"d":"1,547.31"},{"v":11,"d":"11.00"},510.61,-89.34]
["3461","10区17架01层","轴架","2021316#","日立EX1800-2液压车","件",{"$nulls":4},"2009-01-01",1,0.01,0.01,1,0.01,{"v":10,"d":"10.00"},0,{"v":-100,"d":"-100.00"}]
["3462","10区17架01层","铜套","008","日立EX1800-2液压车","件",{"$nulls":4},"2008-01-01",2,0.01,0.02,2,0.01,{"v":10,"d":"10.00"},0,{"v":-100,"d":"-100.00"}]
["3463","10区17架01层","治具","30283-01801#","日立EX1800-2液压车","件",{"$nulls":4},"2008-01-01",1,0.01,0.01,1,0.01,{"v":10,"d":"10.00"},0,{"v":-100,"d":"-100.00"}]
["3464","10区17架01层","活塞","0336411","日立EX1800-2液压车","件",{"$nulls":4},"2009-01-01",1,6033.95,6033.95,1,{"v":5845.09,"d":"5,845.09"},{"v":10,"d":"10.00"},584.51,-90.31]
["3465","10区17架01层","支承架","2021255#","日立EX1800-2液压车","件",{"$nulls":4},"2008-01-01",2,0.01,0.02,2,0.01,{"v":10,"d":"10.00"},0,{"v":-100,"d":"-100.00"}]
["3466","10区17架02层","螺母",4030364,"日立EX1800-2液压车","件",{"$nulls":4},"2010-01-01",3,4.56,13.68,3,4.42,{"v":10,"d":"10.00"},1.33,-90.28]
["3467","10区17架02层","球型接头",4140064,"日立EX1800-2液压车","件",{"$nulls":4},"2010-01-01",3,121.54,364.62,3,117.74,{"v":10,"d":"10.00"},35.32,-90.31]
["3468","10区17架02层","油温开关",4166465,"日立EX1800-2液压车","件",{"$nulls":4},"2011-07-01",2,1066.95,{"v":2133.9,"d":"2133.90"},2,{"$nulls":3},{"v":-100,"d":"-100.00"}]
["3469","10区17架02层","O型圈",992444,"日立EX1800-2液压车","件",{"$nulls":4},"2012-04-01",7,14.85,103.95,7,14.39,{"v":15,"d":"15.00"},15.11,-85.46]
["3470","10区17架02层","螺母","M580008","日立EX1800-2液压车","件",{"$nulls":4},"2012-04-01",2,6.84,13.68,2,6.63,{"v":15,"d":"15.00"},1.99,-85.45]
["3471","10区17架02层","螺母","J950016","日立EX1800-2液压车","件",{"$nulls":4},"2010-01-01",3,8.35,25.05,3,8.09,{"v":10,"d":"10.00"},2.43,{"v":-90.3,"d":"-90.30"}]
["3472","10区17架02层","接头",4336177,"日立EX1800-2液压车","件",{"$nulls":4},"2009-01-01",5,{"v":212.7,"d":"212.70"},{"v":1063.5,"d":"1063.50"},5,206.04,{"v":10,"d":"10.00"},103.02,-90.31]
["3473","10区17架02层","压力开关",4252177,"日立EX1800-2液压车","件",{"$nulls":4},"2009-01-01",7,1799.04,12593.28,7,{"$nulls":3},{"v":-100,"d":"-100.00"}]
["3474","10区17架02层","O型圈",4292386,"日立EX1800-2液压车","件",{"$nulls":4},"2012-04-01",23,{"v":40.5,"d":"40.50"},{"v":931.5,"d":"931.50"},23,39.23,{"v":15,"d":"15.00"},135.34,-85.47]
["3475","10区17架02层","O型圈","0336419","日立EX1800-2液压车","个",{"$nulls":4},"2012-04-01",13,13.41,174.33,13,12.99,{"v":15,"d":"15.00"},25.33,-85.47]
["3476","10区17架02层","密封","0339710","日立EX1800-2液压车","件",{"$nulls":4},"2012-04-01",6,59.85,{"v":359.1,"d":"359.10"},6,{"v":58,"d":"58.00"},{"v":15,"d":"15.00"},{"v":52.2,"d":"52.20"},-85.46]
["3477","10区17架02层","耐磨环",4196816,"日立EX1800-2液压车","件",{"$nulls":4},"2012-04-01",4,127.17,508.68,4,123.19,{"v":15,"d":"15.00"},73.91,-85.47]
["3478","10区17架02层","螺栓",4205170,"日立EX1800-2液压车","件",{"$nulls":4},"2011-11-01",2,380.45,{"v":760.9,"d":"760.90"},2,368.54,{"v":11,"d":"11.00"},81.08,-89.34]
["3479","10区17架02层","拉杆",4248466,"日立EX1800-2液压车","件",{"$nulls":4},"2011-11-01",2,91.16,182.32,2,88.31,{"v":11,"d":"11.00"},19.43,-89.34]
["3480","10区17架03层","传感器","4335020#","日立EX1800-2液压车","件",{"$nulls":4},"2011-11-01",1,0.01,0.01,1,0.01,{"v":11,"d":"11.00"},0,{"v":-100,"d":"-100.00"}]
["3481","10区17架03层","阀壳","7028501#","日立EX1800-2液压车","件",{"$nulls":4},"2009-01-01",1,0.01,0.01,1,0.01,{"v":10,"d":"10.00"},0,{"v":-100,"d":"-100.00"}]
["3482","10区17架03层","灯泡",4127782,"日立EX1800-2液压车","件",{"$nulls":4},"2009-01-01",4,32.41,129.64,4,{"v":31.4,"d":"31.40"},{"v":10,"d":"10.00"},12.56,-90.31]
["3483","10区17架03层","阀壳","7018765#","日立EX1800-2液压车","件",{"$nulls":4},"2009-01-01",1,0.01,0.01,1,0.01,{"v":10,"d":"10.00"},0,{"v":-100,"d":"-100.00"}]
["3484","10区17架03层","螺栓","M341636","日立EX1800-2液压车","件",{"$nulls":4},"2009-01-01",3,35.11,105.33,3,34.01,{"v":10,"d":"10.00"},{"v":10.2,"d":"10.20"},-90.32]
["3485","10区17架03层","呼吸器",4351039,"日立EX1800-2液压车","件",{"$nulls":4},"2009-01-01",2,888.79,1777.58,2,860.97,{"v":10,"d":"10.00"},172.19,-90.31]
["3486","10区17架03层","螺母",4045245,"日立EX1800-2液压车","件",{"$nulls":4},"2011-11-01",2,5.09,10.18,2,4.93,{"v":11,"d":"11.00"},1.08,-89.39]
["3487","10区17架03层","连接球头",4056016,"日立EX1800-2液压车","件",{"$nulls":4},"2011-11-01",1,114.78,114.78,1,111.19,{"v":11,"d":"11.00"},12.23,-89.34]
["3488","10区17架03层","继电器",4275750,"日立EX1800-2液压车","个",{"$nulls":4},"2009-01-01",1,295.72,295.72,1,286.46,{"v":10,"d":"10.00"},28.65,-90.31]
["3489","10区17架03层","冷却水温表",4149068,"日立EX1800-2液压车","件",{"$nulls":4},"2009-01-01",3,370.62,1111.86,3,359.02,{"v":10,"d":"10.00"},107.71,-90.31]
["3490","10区17架03层","油封","0448204#","日立EX1800-2液压车","件",{"$nulls":4},"2010-01-01",3,0.01,0.03,3,0.01,{"v":10,"d":"10.00"},0,{"v":-100,"d":"-100.00"}]
["3491","10区17架03层","填隙片",4186374,"日立EX1800-2液压车","件",{"$nulls":4},"2011-11-01",4,797.81,3191.24,4,772.84,{"v":11,"d":"11.00"},340.05,-89.34]
["3492","10区17架03层","螺栓","J833008","日立EX1800-2液压车","件",{"$nulls":4},"2012-11-01",20,{"v":273.6,"d":"273.60"},{"v":5472,"d":"5472.00"},20,265.04,{"v":21,"d":"21.00"},{"v":1113.17,"d":"1,113.17"},-79.66]
["3493","10区17架03层","套子",4312263,"日立EX1800-2液压车","件",{"$nulls":4},"2012-10-01",23,483.41,11118.43,23,468.28,{"v":20,"d":"20.00"},{"v":2154.09,"d":"2,154.09"},-80.63]
["3494","10区17架03层","呼吸器",4083754,"日立EX1800-2液压车","件",{"$nulls":4},"2011-11-01",6,461.79,2770.74,6,447.34,{"v":11,"d":"11.00"},295.24,-89.34]
["3495","10区17架03层","油位传感器",4296637,"日立EX1800-2液压车","件",{"$nulls":4},"2011-11-01",3,2890.67,8672.01,3,{"v":2800.19,"d":"2,800.19"},{"v":11,"d":"11.00"},924.06,-89.34]
["3496","10区17架04层","开关线",4363579,"日立EX1800-2液压车","件",{"$nulls":4},"2011-11-01",20,{"v":323.1,"d":"323.10"},{"v":6462,"d":"6462.00"},20,{"$nulls":3},{"v":-100,"d":"-100.00"}]
["3497","10区17架04层","密封环","4175266#","日立EX1800-2液压车","件",{"$nulls":4},"2011-11-01",3,0.01,0.03,3,{"v":0,"d":"0.00"},{"v":11,"d":"11.00"},0,{"v":-100,"d":"-100.00"}]
["3498","10区17架04层","KEY",4187757,"日立EX1800-2液压车","件",{"$nulls":4},"2011-11-01",7,115.83,810.81,7,{"v":112.2,"d":"112.20"},{"v":11,"d":"11.00"},86.39,-89.35]
["3499","10区17架04层","防尘油封",4085479,"日立EX1800-2液压车","件",{"$nulls":4},"2011-06-01",10,{"v":38,"d":"38.00"},{"v":380,"d":"380.00"},10,36.81,{"v":10,"d":"10.00"},36.81,-90.31]
["3500","10区17架04层","燃油表",4142554,"日立EX1800-2液压车","件",{"$nulls":4},"2011-06-01",2,546.87,1093.74,2,529.75,{"v":10,"d":"10.00"},105.95,-90.31]
["3501","10区17架04层","油封",4083842,"日立EX1800-2液压车","件",{"$nulls":4},"2011-06-01",6,932.04,5592.24,6,902.87,{"v":10,"d":"10.00"},541.72,-90.31]
["3502","10区17架04层","卡环",4174566,"日立EX1800-2液压车","件",{"$nulls":4},"2011-06-01",6,1033.11,6198.66,6,{"v":1000.77,"d":"1,000.77"},{"v":10,"d":"10.00"},600.46,-90.31]
["3503","10区17架04层","轴承","4180355#","日立EX1800-2液压车","件",{"$nulls":4},"2011-11-01",11,1994.81,21942.91,11,{"v":1932.37,"d":"1,932.37"},{"v":11,"d":"11.00"},{"v":2338.17,"d":"2,338.17"},-89.34]
["3504","10区17架04层","钥匙",4286465,"日立EX1800-2液压车","件",{"$nulls":4},"2011-11-01",3,104.31,312.93,3,101.05,{"v":11,"d":"11.00"},33.35,-89.34]
["3505","10区17架05层","空调滤网","4294234#","日立EX1800-2液压车","件",{"$nulls":4},"2009-01-01",62,0.01,0.62,62,{"$nulls":3},{"v":-100,"d":"-100.00"}]
["3506","10区17架05层","灯管",4222358,"日立EX1800-2液压车","件",{"$nulls":4},"2009-01-01",20,{"v":150.2,"d":"150.20"},{"v":3004,"d":"3004.00"},20,{"v":145.5,"d":"145.50"},{"v":10,"d":"10.00"},{"v":291,"d":"291.00"},-90.31]
["3507","10区17架05层","保险盒",4275053,"日立EX1800-2液压车","件",{"$nulls":4},"2009-01-01",3,3494.36,10483.08,3,{"v":3384.99,"d":"3,384.99"},{"v":10,"d":"10.00"},{"v":1015.5,"d":"1,015.50"},-90.31]
["3508","10区17架05层","油封",3005886,"日立EX1800-2液压车","件",{"$nulls":4},"2011-11-01",5,3742.67,18713.35,5,{"v":3625.52,"d":"3,625.52"},{"v":11,"d":"11.00"},{"v":1994.04,"d":"1,994.04"},-89.34]
["3509","10区17架05层","滤芯",4188368,"日立EX1800-2液压车","件",{"$nulls":4},"2010-01-01",1,149.31,149.31,1,144.64,{"v":10,"d":"10.00"},14.46,-90.32]
["3510","10区17排02层","卡片",4177240,"日立EX1800-2液压车","件",{"$nulls":4},"2010-01-01",3,455.23,1365.69,3,440.98,{"v":10,"d":"10.00"},132.29,-90.31]
["3511","10区17排02层","卡片",4177842,"日立EX1800-2液压车","件",{"$nulls":4},"2010-01-01",6,206.64,1239.84,6,200.17,{"v":10,"d":"10.00"},{"v":120.1,"d":"120.10"},-90.31]
["3512","10区17排02层","垫圈",4177243,"日立EX1800-2液压车","件",{"$nulls":4},"2010-01-01",6,225.81,1354.86,6,218.74,{"v":10,"d":"10.00"},131.24,-90.31]
["3513","10区17排02层","挡块",4177245,"日立EX1800-2液压车","件",{"$nulls":4},"2010-01-01",1,1449.81,1449.81,1,{"v":1404.43,"d":"1,404.43"},{"v":10,"d":"10.00"},140.44,-90.31]
["3514","10区17排02层","堵头",428028,"日立EX1800-2液压车","件",{"$nulls":4},"2010-01-01",2,3.97,7.94,2,3.85,{"v":10,"d":"10.00"},0.77,{"v":-90.3,"d":"-90.30"}]
["3515","10区17排02层","卡簧",973069,"日立EX1800-2液压车","件",{"$nulls":4},"2010-01-01",4,75.97,303.88,4,73.59,{"v":10,"d":"10.00"},29.44,-90.31]
["3516","10区17排02层","堵头",456336,"日立EX1800-2液压车","件",{"$nulls":4},"2010-01-01",2,16.83,33.66,2,{"v":16.3,"d":"16.30"},{"v":10,"d":"10.00"},3.26,-90.31]
["3517","10区17排02层","垫圈",4114405,"日立EX1800-2液压车","件",{"$nulls":4},"2010-01-01",18,16.29,293.22,18,15.78,{"v":10,"d":"10.00"},{"v":28.4,"d":"28.40"},-90.31]
["3518","10区17排02层","垫片",4085857,"日立EX1800-2液压车","件",{"$nulls":4},"2010-01-01",4,4.77,19.08,4,4.62,{"v":10,"d":"10.00"},1.85,{"v":-90.3,"d":"-90.30"}]
["3519","10区17排03层","销轴",4177237,"日立EX1800-2液压车","件",{"$nulls":4},"2010-01-01",3,{"v":713.7,"d":"713.70"},{"v":2141.1,"d":"2141.10"},3,691.36,{"v":10,"d":"10.00"},207.41,-90.31]
["3520","10区18架01层","轴承","22210#","日立EX1800-2液压车","件",{"$nulls":4},"2011-11-01",2,0.01,0.02,2,0.01,{"v":11,"d":"11.00"},0,{"v":-100,"d":"-100.00"}]
["3521","10区18架01层","软管",4221052,"日立EX1800-2液压车","件",{"$nulls":4},"2011-11-01",5,155.54,{"v":777.7,"d":"777.70"},5,{"$nulls":3},{"v":-100,"d":"-100.00"}]
["3522","10区18架01层","轴承","NU236EV1#","日立EX1800-2液压车","件",{"$nulls":4},"2011-11-01",1,0.01,0.01,1,0.01,{"v":11,"d":"11.00"},0,{"v":-100,"d":"-100.00"}]
["3523","10区18架01层","螺栓","J833395","日立EX1800-2液压车","件",{"$nulls":4},"2011-11-01",96,321.21,30836.16,96,311.16,{"v":11,"d":"11.00"},{"v":3285.85,"d":"3,285.85"},-89.34]
["3524","10区18架01层","轴承","32024#","日立EX1800-2液压车","件",{"$nulls":4},"2011-11-01",1,0.01,0.01,1,0.01,{"v":11,"d":"11.00"},0,{"v":-100,"d":"-100.00"}]
["3525","10区18架01层","轴承","010","日立EX1800-2液压车","件",{"$nulls":4},"2011-11-01",3,0.01,0.03,3,0.01,{"v":11,"d":"11.00"},0,{"v":-100,"d":"-100.00"}]
["3526","10区18架01层","销轴",4180073,"日立EX1800-2液压车","件",{"$nulls":4},"2011-11-01",18,1504.08,27073.44,18,{"v":1457,"d":"1,457.00"},{"v":11,"d":"11.00"},{"v":2884.86,"d":"2,884.86"},-89.34]
["3527","10区18架02层","螺栓","J901480","日立EX1800-2液压车","件",{"$nulls":4},"2011-11-01",38,{"v":6.3,"d":"6.30"},{"v":239.4,"d":"239.40"},38,{"v":6.1,"d":"6.10"},{"v":11,"d":"11.00"},{"v":25.5,"d":"25.50"},-89.35]
["3528","10区18架02层","插入件","3052819#","日立EX1800-2液压车","件",{"$nulls":4},"2011-11-01",24,142.41,3417.84,24,137.95,{"v":11,"d":"11.00"},364.19,-89.34]
["3529","10区18架02层","进气阀",3803518,"日立EX1800-2液压车","件",{"$nulls":4},"2011-11-01",6,{"v":1158.3,"d":"1158.30"},{"v":6949.8,"d":"6949.80"},6,{"v":1122.05,"d":"1,122.05"},{"v":11,"d":"11.00"},740.55,-89.34]
["3530","10区18架02层","密封",4309501,"日立EX1800-2液压车","件",{"$nulls":4},"2011-11-01",16,9.51,152.16,16,{"v":9,"d":"9.00"},{"v":11,"d":"11.00"},15.84,-89.59]
["3531","10区18架02层","密封组件",4311227,"日立EX1800-2液压车","件",{"$nulls":4},"2011-11-01",3,652.37,1957.11,3,{"v":632,"d":"632.00"},{"v":11,"d":"11.00"},208.56,-89.34]
["3532","10区18架02层","密封组件",4307792,"日立EX1800-2液压车","件",{"$nulls":4},"2011-11-01",3,571.49,1714.47,3,{"v":554,"d":"554.00"},{"v":11,"d":"11.00"},182.82,-89.34]
["3533","10区18架02层","螺栓","J901280","日立EX1800-2液压车","件",{"$nulls":4},"2011-11-01",30,{"v":11.7,"d":"11.70"},{"v":351,"d":"351.00"},30,11.33,{"v":11,"d":"11.00"},37.39,-89.35]
["3534","10区18架02层","排放塞",4136483,"日立EX1800-2液压车","件",{"$nulls":4},"2011-11-01",2,59.55,{"v":119.1,"d":"119.10"},2,57.69,{"v":11,"d":"11.00"},12.69,-89.35]
["3535","10区18架02层","垫圈",4114408,"日立EX1800-2液压车","件",{"$nulls":4},"2011-11-01",14,110.72,1550.08,14,107.25,{"v":11,"d":"11.00"},165.17,-89.34]
["3536","10区18架03层","密封",4291412,"日立EX1800-2液压车","件",{"$nulls":4},"2011-11-01",1,63.37,63.37,1,{"v":61,"d":"61.00"},{"v":11,"d":"11.00"},6.71,-89.41]
["3537","10区18架03层","黄油咀",4174320,"日立EX1800-2液压车","件",{"$nulls":4},"2011-11-01",18,{"v":492.5,"d":"492.50"},{"v":8865,"d":"8865.00"},18,477.08,{"v":11,"d":"11.00"},944.62,-89.34]
["3538","10区18架03层","O型圈","0322308","日立EX1800-2液压车","件",{"$nulls":4},"2011-11-01",9,6.57,59.13,9,6.36,{"v":11,"d":"11.00"},{"v":6.3,"d":"6.30"},-89.35]
["3539","10区18架03层","密封","0455604","日立EX1800-2液压车","件",{"$nulls":4},"2011-11-01",1,39.78,39.78,1,{"v":39,"d":"39.00"},{"v":11,"d":"11.00"},4.29,-89.22]
["3540","10区18架03层","密封",4291406,"日立EX1800-2液压车","件",{"$nulls":4},"2011-11-01",1,47.79,47.79,1,{"v":46,"d":"46.00"},{"v":11,"d":"11.00"},5.06,-89.41]
["3541","10区18架03层","继电器",4183189,"日立EX1800-2液压车","件",{"$nulls":4},"2011-11-01",6,646.31,3877.86,6,626.08,{"v":11,"d":"11.00"},413.21,-89.34]
["3542","10区18架03层","O型圈","0445308#","日立EX1800-2液压车","件",{"$nulls":4},"2011-11-01",3,25.47,76.41,3,24.67,{"v":11,"d":"11.00"},8.14,-89.35]
["3543","10区18架03层","防尘密封",4083968,"日立EX1800-2液压车","件",{"$nulls":4},"2011-11-01",8,155.16,1241.28,8,{"v":150,"d":"150.00"},{"v":11,"d":"11.00"},{"v":132,"d":"132.00"},-89.37]
["3544","10区18架03层","密封",4307794,"日立EX1800-2液压车","件",{"$nulls":4},"2011-11-01",1,72.72,72.72,1,{"v":70,"d":"70.00"},{"v":11,"d":"11.00"},{"v":7.7,"d":"7.70"},-89.41]
["3545","10区18架03层","油封","0455805","日立EX1800-2液压车","件",{"$nulls":4},"2011-11-01",2,155.52,311.04,2,150.65,{"v":11,"d":"11.00"},33.14,-89.35]
["3546","10区18架03层","气压表",4251846,"日立EX1800-2液压车","件",{"$nulls":4},"2011-11-01",3,482.05,1446.15,3,466.96,{"v":11,"d":"11.00"},{"v":154.1,"d":"154.10"},-89.34]
["3547","10区18架03层","密封","0336304","日立EX1800-2液压车","件",{"$nulls":4},"2011-11-01",1,{"v":574.2,"d":"574.20"},{"v":574.2,"d":"574.20"},1,{"v":556,"d":"556.00"},{"v":11,"d":"11.00"},61.16,-89.35]
["3548","10区18架03层","继电器",4189566,"日立EX1800-2液压车","件",{"$nulls":4},"2011-11-01",4,693.91,2775.64,4,672.19,{"v":11,"d":"11.00"},295.76,-89.34]
["3549","10区18架03层","压力开关",4099039,"日立EX1800-2液压车","件",{"$nulls":4},"2011-11-01",3,304.85,914.55,3,{"$nulls":3},{"v":-100,"d":"-100.00"}]
["3550","10区18架03层","O型圈",4138939,"日立EX1800-2液压车","件",{"$nulls":4},"2011-11-01",4,7.57,30.28,4,7.33,{"v":11,"d":"11.00"},3.23,-89.33]
["3551","10区18架03层","密封",4136785,"日立EX1800-2液压车","件",{"$nulls":4},"2011-11-01",3,133.29,399.87,3,{"v":129,"d":"129.00"},{"v":11,"d":"11.00"},42.57,-89.35]
["3552","10区18架03层","密封",4129736,"日立EX1800-2液压车","件",{"$nulls":4},"2011-11-01",22,{"v":204.3,"d":"204.30"},{"v":4494.6,"d":"4494.60"},22,{"v":198,"d":"198.00"},{"v":11,"d":"11.00"},479.16,-89.34]
["3553","10区18架03层","O型圈",4292382,"日立EX1800-2液压车","件",{"$nulls":4},"2011-11-01",42,17.87,750.54,42,17.31,{"v":11,"d":"11.00"},79.97,-89.35]
["3554","10区18架03层","O型圈","0228803","日立EX1800-2液压车","件",{"$nulls":4},"2011-11-01",57,2.52,143.64,57,2.44,{"v":11,"d":"11.00"},{"v":15.3,"d":"15.30"},-89.35]
["3555","10区18架03层","O型环","0336415","日立EX1800-2液压车","件",{"$nulls":4},"2011-11-01",3,388.44,1165.32,3,376.28,{"v":11,"d":"11.00"},124.17,-89.34]
["3556","10区18架03层","传感器",4271488,"日立EX1800-2液压车","件",{"$nulls":4},"2011-11-01",2,9258.87,18517.74,2,{"v":8969.07,"d":"8,969.07"},{"v":11,"d":"11.00"},{"v":1973.2,"d":"1,973.20"},-89.34]
["3557","10区18架04层","线束","3046247#","日立EX1800-2液压车","件",{"$nulls":4},"2011-11-01",2,0.01,0.02,2,0.01,{"v":11,"d":"11.00"},0,{"v":-100,"d":"-100.00"}]
["3558","10区18架04层","电磁阀",4270992,"日立EX1800-2液压车","件",{"$nulls":4},"2011-11-01",3,3546.62,10639.86,3,{"v":3435.61,"d":"3,435.61"},{"v":11,"d":"11.00"},{"v":1133.75,"d":"1,133.75"},-89.34]
["3559","10区18架04层","电磁阀",4174329,"日立EX1800-2液压车","件",{"$nulls":4},"2011-11-01",1,{"v":3190.5,"d":"3190.50"},{"v":3190.5,"d":"3190.50"},1,{"v":3090.64,"d":"3,090.64"},{"v":11,"d":"11.00"},339.97,-89.34]
["3560","10区18架04层","环",4094941,"日立EX1800-2液压车","件",{"$nulls":4},"2011-11-01",6,{"v":456.4,"d":"456.40"},{"v":2738.4,"d":"2738.40"},6,442.11,{"v":11,"d":"11.00"},291.79,-89.34]
["3561","10区18架04层","垫片","A590914","日立EX1800-2液压车","件",{"$nulls":4},"2011-11-01",38,10.44,396.72,38,10.11,{"v":11,"d":"11.00"},42.26,-89.35]
["3562","10区18架04层","螺栓","J901250","日立EX1800-2液压车","件",{"$nulls":4},"2011-11-01",7,2.88,20.16,7,2.79,{"v":11,"d":"11.00"},2.15,-89.34]
["3563","10区18架04层","垫片",4064380,"日立EX1800-2液压车","件",{"$nulls":4},"2011-11-01",27,136.53,3686.31,27,132.26,{"v":11,"d":"11.00"},392.81,-89.34]
["3564","10区18架04层","拉杆",8059325,"日立EX1800-2液压车","件",{"$nulls":4},"2011-11-01",4,525.67,2102.68,4,509.22,{"v":11,"d":"11.00"},224.06,-89.34]
["3565","10区18架04层","电磁阀",4187562,"日立EX1800-2液压车","个",{"$nulls":4},"2011-11-01",4,5709.35,{"v":22837.4,"d":"22837.40"},4,{"v":5530.65,"d":"5,530.65"},{"v":11,"d":"11.00"},{"v":2433.49,"d":"2,433.49"},-89.34]
["3566","10区18架04层","电磁阀",4270993,"日立EX1800-2液压车","件",{"$nulls":4},"2011-11-01",3,4787.25,14361.75,3,{"v":4637.41,"d":"4,637.41"},{"v":11,"d":"11.00"},{"v":1530.35,"d":"1,530.35"},-89.34]
["3567","10区18架05层","泵先过滤器",3021593,"日立EX1800-2液压车","件",{"$nulls":4},"2011-11-01",22,79.31,1744.82,22,76.83,{"v":11,"d":"11.00"},185.93,-89.34]
["3568","10区18排02层","安全阀",4306663,"日立EX1800-2液压车","个",{"$nulls":4},"2011-11-01",10,4294.71,{"v":42947.1,"d":"42947.10"},10,{"v":4160.29,"d":"4,160.29"},{"v":11,"d":"11.00"},{"v":4576.32,"d":"4,576.32"},-89.34]
["3569","10区18排02层","齿轮泵",4287340,"日立EX1800-2液压车","件",{"$nulls":4},"2011-11-01",1,12684.42,12684.42,1,{"v":12287.4,"d":"12,287.40"},{"v":11,"d":"11.00"},{"v":1351.61,"d":"1,351.61"},-89.34]
["3570","10区18排02层","螺栓","J901605","日立EX1800-2液压车","件",{"$nulls":4},"2011-11-01",18,45.54,819.72,18,44.11,{"v":11,"d":"11.00"},87.34,-89.35]
["3571","10区18排02层","安全阀",4306664,"日立EX1800-2液压车","件",{"$nulls":4},"2011-11-01",2,4280.04,8560.08,2,{"v":4146.07,"d":"4,146.07"},{"v":11,"d":"11.00"},912.14,-89.34]
["3572","10区18排03层","O型圈","0322803","日立EX1800-2液压车","件",{"$nulls":4},"2011-11-01",3,10.89,32.67,3,10.55,{"v":11,"d":"11.00"},3.48,-89.35]
["3573","10区18排03层","修理包",4307790,"日立EX1800-2液压车","件",{"$nulls":4},"2011-11-01",1,1199.63,1199.63,1,{"v":1162.08,"d":"1,162.08"},{"v":11,"d":"11.00"},127.83,-89.34]
["3574","10区19架01层","干燥器",4285395,"日立EX1800-2液压车","件",{"$nulls":4},"2011-11-01",6,18141.66,108849.96,6,{"v":17573.83,"d":"17,573.83"},{"v":11,"d":"11.00"},{"v":11598.73,"d":"11,598.73"},-89.34]
["3575","10区19架02层","密封",4184311,"日立EX1800-2液压车","件",{"$nulls":4},"2010-01-01",1,79.83,79.83,1,{"v":77,"d":"77.00"},{"v":10,"d":"10.00"},{"v":7.7,"d":"7.70"},-90.35]
["3576","10区19架02层","密封","0449206","日立EX1800-2液压车","件",{"$nulls":4},"2010-01-01",1,50.49,50.49,1,{"v":49,"d":"49.00"},{"v":10,"d":"10.00"},{"v":4.9,"d":"4.90"},{"v":-90.3,"d":"-90.30"}]
["3577","10区19架02层","S型弯头",4147627,"日立EX1800-2液压车","件",{"$nulls":4},"2010-01-01",3,262.71,788.13,3,254.49,{"v":10,"d":"10.00"},76.35,-90.31]
["3578","10区19架02层","密封","0317406","日立EX1800-2液压车","件",{"$nulls":4},"2010-01-01",2,383.76,767.52,2,{"v":372,"d":"372.00"},{"v":10,"d":"10.00"},{"v":74.4,"d":"74.40"},-90.31]
["3579","10区19架02层","弯头",4037760,"日立EX1800-2液压车","颗",{"$nulls":4},"2010-01-01",1,128.31,128.31,1,124.29,{"v":10,"d":"10.00"},12.43,-90.31]
["3580","10区19架02层","螺栓","M112000","日立EX1800-2液压车","件",{"$nulls":4},"2010-01-01",8,68.86,550.88,8,{"v":66.7,"d":"66.70"},{"v":10,"d":"10.00"},53.36,-90.31]
["3581","10区19架02层","密封",4299548,"日立EX1800-2液压车","件",{"$nulls":4},"2010-01-01",2,11.43,22.86,2,{"v":11,"d":"11.00"},{"v":10,"d":"10.00"},{"v":2.2,"d":"2.20"},-90.38]
["3582","10区19架02层","垫块","9726226#","日立EX1800-2液压车","件",{"$nulls":4},"2010-01-01",1,0.01,0.01,1,0.01,{"v":10,"d":"10.00"},0,{"v":-100,"d":"-100.00"}]
["3583","10区19架02层","间隔套",4199971,"日立EX1800-2液压车","件",{"$nulls":4},"2010-01-01",2,{"v":372.7,"d":"372.70"},{"v":745.4,"d":"745.40"},2,{"$nulls":3},{"v":-100,"d":"-100.00"}]
["3584","10区19架02层","控制油缸",9121714,"日立EX1800-2液压车","件",{"$nulls":4},"2010-01-01",1,8595.45,8595.45,1,{"v":8326.41,"d":"8,326.41"},{"v":10,"d":"10.00"},832.64,-90.31]
["3585","10区19架02层","密封",4189598,"日立EX1800-2液压车","件",{"$nulls":4},"2010-01-01",1,204.75,204.75,1,{"v":198,"d":"198.00"},{"v":10,"d":"10.00"},{"v":19.8,"d":"19.80"},-90.33]
["3586","10区19架02层","密封",4309018,"日立EX1800-2液压车","件",{"$nulls":4},"2010-01-01",1,7.25,7.25,1,{"v":7,"d":"7.00"},{"v":10,"d":"10.00"},{"v":0.7,"d":"0.70"},-90.34]
["3587","10区19架02层","密封",4184312,"日立EX1800-2液压车","件",{"$nulls":4},"2010-01-01",2,79.83,159.66,2,{"v":77,"d":"77.00"},{"v":10,"d":"10.00"},{"v":15.4,"d":"15.40"},-90.35]
["3588","10区19架02层","间隔套",4084011,"日立EX1800-2液压车","件",{"$nulls":4},"2010-01-01",2,549.93,1099.86,2,{"$nulls":3},{"v":-100,"d":"-100.00"}]
["3589","10区19架02层","密封",4203613,"日立EX1800-2液压车","件",{"$nulls":4},"2010-01-01",1,2195.18,2195.18,1,{"v":2126,"d":"2,126.00"},{"v":10,"d":"10.00"},{"v":212.6,"d":"212.60"},-90.32]
["3590","10区19架03层","密封环",3013864,"日立EX1800-2液压车","件",{"$nulls":4},"2010-01-01",9,{"v":1082.2,"d":"1082.20"},{"v":9739.8,"d":"9739.80"},9,{"v":1048,"d":"1,048.00"},{"v":10,"d":"10.00"},{"v":943.2,"d":"943.20"},-90.32]
["3591","10区19架03层","密封组件",4311228,"日立EX1800-2液压车","件",{"$nulls":4},"2010-01-01",2,1106.54,2213.08,2,{"v":1072,"d":"1,072.00"},{"v":10,"d":"10.00"},{"v":214.4,"d":"214.40"},-90.31]
["3592","10区19架03层","电磁阀",4306400,"日立EX1800-2液压车","件",{"$nulls":4},"2010-01-01",3,8139.87,24419.61,3,{"v":7885.09,"d":"7,885.09"},{"v":10,"d":"10.00"},{"v":2365.53,"d":"2,365.53"},-90.31]
["3593","10区19架03层","管卡",4262977,"日立EX1800-2液压车","件",{"$nulls":4},"2010-01-01",5,289.71,1448.55,5,280.64,{"v":10,"d":"10.00"},140.32,-90.31]
["3594","10区19架03层","弹簧销",4027427,"日立EX1800-2液压车","件",{"$nulls":4},"2010-01-01",2,5.41,10.82,2,5.24,{"v":10,"d":"10.00"},1.05,{"v":-90.3,"d":"-90.30"}]
["3595","10区19架03层","密封垫","0339846","日立EX1800-2液压车","件",{"$nulls":4},"2010-01-01",6,18.67,112.02,6,{"v":18,"d":"18.00"},{"v":10,"d":"10.00"},{"v":10.8,"d":"10.80"},-90.36]
["3596","10区19架03层","油温开关",4257115,"日立EX1800-2液压车","件",{"$nulls":4},"2010-01-01",2,806.67,1613.34,2,{"$nulls":3},{"v":-100,"d":"-100.00"}]
["3597","10区19架03层","销",4190983,"日立EX1800-2液压车","件",{"$nulls":4},"2010-01-01",1,130.98,130.98,1,126.88,{"v":10,"d":"10.00"},12.69,-90.31]
["3598","10区19架03层","管卡",4085071,"日立EX1800-2液压车","件",{"$nulls":4},"2010-01-01",2,1148.18,2296.36,2,{"v":1112.24,"d":"1,112.24"},{"v":10,"d":"10.00"},222.45,-90.31]
["3599","10区19架03层","O型圈","0448202#","日立EX1800-2液压车","件",{"$nulls":4},"2010-01-01",6,0.01,0.06,6,0.01,{"v":10,"d":"10.00"},0.01,-83.33]
["3600","10区19架03层","活塞",4184929,"日立EX1800-2液压车","件",{"$nulls":4},"2010-01-01",2,76.97,153.94,2,74.56,{"v":10,"d":"10.00"},14.91,-90.31]
["3601","10区19架03层","继电器",4031771,"日立EX1800-2液压车","件",{"$nulls":4},"2010-01-01",3,926.64,2779.92,3,897.64,{"v":10,"d":"10.00"},269.29,-90.31]
["3602","10区19架03层","分离法兰","4075854#","日立EX1800-2液压车","件",{"$nulls":4},"2010-01-01",4,0.01,0.04,4,0.01,{"v":10,"d":"10.00"},0,{"v":-100,"d":"-100.00"}]
["3603","10区19架03层","电磁阀",4306398,"日立EX1800-2液压车","件",{"$nulls":4},"2010-01-01",3,10150.11,30450.33,3,{"v":9832.41,"d":"9,832.41"},{"v":10,"d":"10.00"},{"v":2949.72,"d":"2,949.72"},-90.31]
["3604","10区19架03层","压力开关",4172566,"日立EX1800-2液压车","件",{"$nulls":4},"2010-01-01",1,{"v":1304.9,"d":"1304.90"},{"v":1304.9,"d":"1304.90"},1,{"$nulls":3},{"v":-100,"d":"-100.00"}]
["3605","10区19架04层","密封","0238244","日立EX1800-2液压车","件",{"$nulls":4},"2010-01-01",2,331.65,{"v":663.3,"d":"663.30"},2,{"v":321,"d":"321.00"},{"v":10,"d":"10.00"},{"v":64.2,"d":"64.20"},-90.32]
["3606","10区19架04层","盘",4180963,"日立EX1800-2液压车","件",{"$nulls":4},"2010-01-01",1,780.35,780.35,1,755.93,{"v":10,"d":"10.00"},75.59,-90.31]
["3607","10区19架04层","油封","4215630#","日立EX1800-2液压车","件",{"$nulls":4},"2010-01-01",12,0.01,0.12,12,0.01,{"v":10,"d":"10.00"},0.01,-91.67]
["3608","10区19架04层","先导阀",4161829,"日立EX1800-2液压车","件",{"$nulls":4},"2010-01-01",1,10737.47,10737.47,1,{"v":10401.39,"d":"10,401.39"},{"v":10,"d":"10.00"},{"v":1040.14,"d":"1,040.14"},-90.31]
["3609","10区19架04层","修理包",4309425,"日立EX1800-2液压车","件",{"$nulls":4},"2010-01-01",2,1040.77,2081.54,2,{"v":1008.19,"d":"1,008.19"},{"v":10,"d":"10.00"},201.64,-90.31]
["3610","10区19架04层","开关",4261585,"日立EX1800-2液压车","件",{"$nulls":4},"2010-01-01",1,783.17,783.17,1,{"$nulls":3},{"v":-100,"d":"-100.00"}]
["3611","10区19架04层","水温表",4142553,"日立EX1800-2液压车","件",{"$nulls":4},"2010-01-01",2,370.63,741.26,2,359.03,{"v":10,"d":"10.00"},71.81,-90.31]
["3612","10区19架04层","弹簧","007","日立EX1800-2液压车","件",{"$nulls":4},"2010-01-01",1,{"v":11.4,"d":"11.40"},{"v":11.4,"d":"11.40"},1,11.04,{"v":10,"d":"10.00"},{"v":1.1,"d":"1.10"},-90.35]
["3613","10区19架04层","油封","0448104#","日立EX1800-2液压车","个",{"$nulls":4},"2010-01-01",3,0.01,0.03,3,0.01,{"v":10,"d":"10.00"},0,{"v":-100,"d":"-100.00"}]
["3614","10区20架01层","喇叭",4243159,"日立EX1800-2液压车","件",{"$nulls":4},"2010-01-01",4,112.89,451.56,4,109.36,{"v":10,"d":"10.00"},43.74,-90.31]
["3615","10区20架01层","球碗轴承","0257521","日立EX1800-2液压车","件",{"$nulls":4},"2010-01-01",3,{"v":1933.1,"d":"1933.10"},{"v":5799.3,"d":"5799.30"},3,{"v":1872.59,"d":"1,872.59"},{"v":10,"d":"10.00"},561.78,-90.31]
["3616","10区20架01层","减震器",4183996,"日立EX1800-2液压车","件",{"$nulls":4},"2010-01-01",10,1288.07,{"v":12880.7,"d":"12880.70"},10,{"v":1247.75,"d":"1,247.75"},{"v":10,"d":"10.00"},{"v":1247.75,"d":"1,247.75"},-90.31]
["3617","10区20架02层","保险","4299606#","日立EX1800-2液压车","件",{"$nulls":4},"2010-01-01",4,0.01,0.04,4,0.01,{"v":10,"d":"10.00"},0,{"v":-100,"d":"-100.00"}]
["3618","10区20架02层","耐磨套","0336804","日立EX1800-2液压车","件",{"$nulls":4},"2010-01-01",8,{"v":1902,"d":"1902.00"},{"v":15216,"d":"15216.00"},8,{"v":1842.47,"d":"1,842.47"},{"v":10,"d":"10.00"},{"v":1473.98,"d":"1,473.98"},-90.31]
["3619","10区20架02层","修理包","3803257#","日立EX1800-2液压车","件",{"$nulls":4},"2010-01-01",6,0.01,0.06,6,0.01,{"v":10,"d":"10.00"},0.01,-83.33]
["3620","10区20架02层","螺栓","J912070","日立EX1800-2液压车","件",{"$nulls":4},"2010-01-01",2,74.27,148.54,2,71.95,{"v":10,"d":"10.00"},14.39,-90.31]
["3621","10区20架02层","卡环",4070854,"日立EX1800-2液压车","件",{"$nulls":4},"2010-01-01",6,357.03,2142.18,6,345.85,{"v":10,"d":"10.00"},207.51,-90.31]
["3622","10区20架02层","门手柄",4004134,"日立EX1800-2液压车","件",{"$nulls":4},"2010-01-01",1,432.09,432.09,1,418.57,{"v":10,"d":"10.00"},41.86,-90.31]
["3623","10区20架03层","卡环","0161503","日立EX1800-2液压车","件",{"$nulls":4},"2010-01-01",3,260.61,781.83,3,252.45,{"v":10,"d":"10.00"},75.74,-90.31]
["3624","10区20架03层","O型圈","0443407#","日立EX1800-2液压车","件",{"$nulls":4},"2010-01-01",2,5.52,11.04,2,5.35,{"v":10,"d":"10.00"},1.07,-90.31]
["3625","10区20架03层","O型圈","A810160","日立EX1800-2液压车","件",{"$nulls":4},"2010-01-01",42,49.68,2086.56,42,48.13,{"v":10,"d":"10.00"},202.15,-90.31]
["3626","10区20架03层","O型圈","0448201#","日立EX1800-2液压车","件",{"$nulls":4},"2010-01-01",6,20.03,120.18,6,{"v":19.4,"d":"19.40"},{"v":10,"d":"10.00"},11.64,-90.31]
["3627","10区20架03层","螺母","M500807","日立EX1800-2液压车","件",{"$nulls":4},"2010-01-01",5,0.27,1.35,5,0.26,{"v":10,"d":"10.00"},0.13,-90.37]
["3628","10区20架03层","密封","0259915","日立EX1800-2液压车","件",{"$nulls":4},"2010-01-01",3,82.36,247.08,3,{"v":80,"d":"80.00"},{"v":10,"d":"10.00"},{"v":24,"d":"24.00"},-90.29]
["3629","10区20架03层","O型圈","0448101#","日立EX1800-2液压车","件",{"$nulls":4},"2010-01-01",2,0.01,0.02,2,0.01,{"v":10,"d":"10.00"},0,{"v":-100,"d":"-100.00"}]
["3630","10区20架03层","锁片",4180077,"日立EX1800-2液压车","件",{"$nulls":4},"2010-01-01",2,61.02,122.04,2,59.11,{"v":10,"d":"10.00"},11.82,-90.31]
["3631","10区20架03层","O型圈","4154606#","日立EX1800-2液压车","件",{"$nulls":4},"2010-01-01",9,14.42,129.78,9,13.97,{"v":10,"d":"10.00"},12.57,-90.31]
["3632","10区20架03层","密封","0320005","日立EX1800-2液压车","件",{"$nulls":4},"2010-01-01",1,16.56,16.56,1,{"v":16,"d":"16.00"},{"v":10,"d":"10.00"},{"v":1.6,"d":"1.60"},-90.34]
["3633","10区20架03层","锁紧垫圈",4180078,"日立EX1800-2液压车","件",{"$nulls":4},"2010-01-01",20,110.52,{"v":2210.4,"d":"2210.40"},20,107.06,{"v":10,"d":"10.00"},214.12,-90.31]
["3634","10区20架03层","O型圈","0455701#","日立EX1800-2液压车","件",{"$nulls":4},"2010-01-01",5,13.25,66.25,5,12.84,{"v":10,"d":"10.00"},6.42,-90.31]
["3635","10区20架04层","螺母","J951020","日立EX1800-2液压车","件",{"$nulls":4},"2010-01-01",16,4.95,{"v":79.2,"d":"79.20"},16,{"v":4.8,"d":"4.80"},{"v":10,"d":"10.00"},7.68,{"v":-90.3,"d":"-90.30"}]
["3636","10区20架04层","螺栓","J912050","日立EX1800-2液压车","件",{"$nulls":4},"2010-01-01",4,10.08,40.32,4,9.76,{"v":10,"d":"10.00"},{"v":3.9,"d":"3.90"},-90.33]
["3637","10区20架04层","垫片",4184943,"日立EX1800-2液压车","件",{"$nulls":4},"2010-01-01",1,521.21,521.21,1,{"v":504.9,"d":"504.90"},{"v":10,"d":"10.00"},50.49,-90.31]
["3638","10区20架04层","空气滤清器",4158200,"日立EX1800-2液压车","件",{"$nulls":4},"2010-01-01",6,1128.05,{"v":6768.3,"d":"6768.30"},6,{"v":1092.74,"d":"1,092.74"},{"v":10,"d":"10.00"},655.64,-90.31]
["3639","10区20架04层","螺栓","M712056","日立EX1800-2液压车","件",{"$nulls":4},"2010-01-01",12,35.28,423.36,12,34.18,{"v":10,"d":"10.00"},41.02,-90.31]
["3640","10区20架04层","螺栓","J931635","日立EX1800-2液压车","件",{"$nulls":4},"2010-01-01",56,14.22,796.32,56,13.77,{"v":10,"d":"10.00"},77.11,-90.32]
["3641","10区20架05层","空滤器","4206637#","日立EX1800-2液压车","件",{"$nulls":4},"2010-01-01",80,0.01,{"v":0.8,"d":"0.80"},80,0.01,{"v":10,"d":"10.00"},0.08,{"v":-90,"d":"-90.00"}]
["3642","10区20排01层","活塞","0336607","日立EX1800-2液压车","件",{"$nulls":4},"2010-01-01",1,{"v":14400.9,"d":"14400.90"},{"v":14400.9,"d":"14400.90"},1,{"v":13950.15,"d":"13,950.15"},{"v":10,"d":"10.00"},{"v":1395.02,"d":"1,395.02"},-90.31]
["3643","11区13架03层","座子","8W0934#","卡特设备","件",{"$nulls":4},"2008-01-01",1,0.01,0.01,1,{"v":800,"d":"800.00"},{"v":10,"d":"10.00"},{"v":80,"d":"80.00"},{"v":799900,"d":"799,900.00"}]
["3644","11区15排02层","座圈",1232021,"卡特设备","件",{"$nulls":4},"2008-01-01",1,1022.38,1022.38,1,{"v":965,"d":"965.00"},{"v":10,"d":"10.00"},{"v":96.5,"d":"96.50"},-90.56]
["3645","11区03排01层","左制动带","175-33-28110","小松装载机","件",{"$nulls":4},"2009-01-01",1,607.04,607.04,1,{"v":600,"d":"600.00"},{"v":10,"d":"10.00"},{"v":60,"d":"60.00"},-90.12]
["3646","11区01排01层","举升控制阀",15041707,"特雷克斯3311E矿车","件",{"$nulls":4},"2009-01-01",5,1624.22,{"v":8121.1,"d":"8121.10"},5,{"v":1500,"d":"1,500.00"},{"v":10,"d":"10.00"},{"v":750,"d":"750.00"},-90.76]
["3647","11区02排04层","组合开关",15041160,"特雷克斯3311E矿车","件",{"$nulls":4},"2009-01-01",1,191.81,191.81,1,{"$nulls":3},{"v":-100,"d":"-100.00"}]
["3648","11区10架03层","组合开关","417-43-26330","小松装载机","件",{"$nulls":4},"2011-05-01",1,1383.92,1383.92,1,{"$nulls":3},{"v":-100,"d":"-100.00"}]
["3649","11区05排03层","紫铜垫",15041378,"特雷克斯3311E矿车","件",{"$nulls":4},"2008-01-01",4,0.89,3.56,4,0.86,{"v":10,"d":"10.00"},0.34,-90.45]
["3650","11区08架02层","转向油缸修理包","707-99-24510","小松装载机","件",{"$nulls":4},"2011-11-01",4,1039.32,4157.28,4,{"v":800,"d":"800.00"},{"v":11,"d":"11.00"},{"v":352,"d":"352.00"},-91.53]
["3651","11区02排01层","转向泵",15041701,"特雷克斯3311E矿车","件",{"$nulls":4},"2009-01-01",6,4914.53,29487.18,6,{"v":4800,"d":"4,800.00"},{"v":10,"d":"10.00"},{"v":2880,"d":"2,880.00"},-90.23]
["3652","11区16排02层","注油器","195-30-13191","小松装载机","件",{"$nulls":4},"2009-01-01",2,38.22,76.44,2,37.02,{"v":10,"d":"10.00"},{"v":7.4,"d":"7.40"},-90.32]
["3653","11区04排01层","主链节","118-7303","卡特设备","件",{"$nulls":4},"2009-01-01",1,875.45,875.45,1,{"v":500,"d":"500.00"},{"v":10,"d":"10.00"},{"v":50,"d":"50.00"},-94.29]
["3654","11区04排01层","主链节","118-7302","卡特设备","件",{"$nulls":4},"2009-01-01",1,875.45,875.45,1,{"v":500,"d":"500.00"},{"v":10,"d":"10.00"},{"v":50,"d":"50.00"},-94.29]
["3655","11区08架04层","轴套","9W4194","卡特设备","件",{"$nulls":4},"2009-01-01",8,102.64,821.12,8,99.43,{"v":10,"d":"10.00"},79.54,-90.31]
["3656","11区03排01层","前左制动分泵",9259128,"日立EX1800-2液压车","件",{"$nulls":4},"2009-01-01",5,956.94,{"v":4784.7,"d":"4784.70"},5,{"v":850,"d":"850.00"},{"v":10,"d":"10.00"},{"v":425,"d":"425.00"},-91.12]
["3657","11区07排01层","轴承外圈","07450645","特雷克斯3311E矿车","件",{"$nulls":4},"2008-01-01",4,17.78,71.12,4,17.22,{"v":10,"d":"10.00"},6.89,-90.31]
["3658","11区11排04层","轴承外圈","09433270","特雷克斯3311E矿车","件",{"$nulls":4},"2008-01-01",3,17.78,53.34,3,17.22,{"v":10,"d":"10.00"},5.17,-90.31]
["3659","11区02架02层","轴承套","40840-20640","小松装载机","件",{"$nulls":4},"2009-01-01",4,88.88,355.52,4,{"v":86.1,"d":"86.10"},{"v":10,"d":"10.00"},34.44,-90.31]
["3660","11区01排01层","衬套","09014730","特雷克斯3311E矿车","件",{"$nulls":4},"2009-01-01",17,311.07,5288.19,17,{"v":273,"d":"273.00"},{"v":10,"d":"10.00"},{"v":464.1,"d":"464.10"},-91.22]
["3661","11区03排02层","轴承内圈","09424974","特雷克斯3311E矿车","件",{"$nulls":4},"2009-01-01",2,{"v":581.2,"d":"581.20"},{"v":1162.4,"d":"1162.40"},2,{"v":582,"d":"582.00"},{"v":10,"d":"10.00"},{"v":116.4,"d":"116.40"},-89.99]
["3662","11区07排01层","轴承内圈","00456473","特雷克斯3311E矿车","件",{"$nulls":4},"2008-01-01",4,17.78,71.12,4,17.22,{"v":10,"d":"10.00"},6.89,-90.31]
["3663","11区02排02层","轴承","126-1956","卡特设备","件",{"$nulls":4},"2009-01-01",1,{"v":1874,"d":"1874.00"},{"v":1874,"d":"1874.00"},1,{"v":1753,"d":"1,753.00"},{"v":10,"d":"10.00"},{"v":175.3,"d":"175.30"},-90.65]
["3664","11区05架03层","轴承","06040-06213","小松装载机","件",{"$nulls":4},"2009-01-01",1,286.62,286.62,1,277.65,{"v":10,"d":"10.00"},27.77,-90.31]
["3665","11区05架03层","轴承","711-34-11560","小松装载机","件",{"$nulls":4},"2008-01-01",1,186.64,186.64,1,{"v":180.8,"d":"180.80"},{"v":10,"d":"10.00"},18.08,-90.31]
["3666","11区08架01层","轴承","426-22-11811","小松装载机","件",{"$nulls":4},"2009-01-01",1,3758.81,3758.81,1,{"v":3600,"d":"3,600.00"},{"v":10,"d":"10.00"},{"v":360,"d":"360.00"},-90.42]
["3667","11区08架03层","轴承","3T5201","卡特设备","件",{"$nulls":4},"2009-01-01",1,25.77,25.77,1,24.96,{"v":10,"d":"10.00"},{"v":2.5,"d":"2.50"},{"v":-90.3,"d":"-90.30"}]
["3668","11区11架02层","轴承","5P9209","卡特设备","件",{"$nulls":4},"2009-01-01",4,68.58,274.32,4,66.43,{"v":10,"d":"10.00"},26.57,-90.31]
["3669","11区16排02层","轴承",7451617,"卡特设备","件",{"$nulls":4},"2009-01-01",1,1196.58,1196.58,1,{"v":800,"d":"800.00"},{"v":10,"d":"10.00"},{"v":80,"d":"80.00"},-93.31]
["3670","11区17架02层","轴承","06000-06310","小松装载机","件",{"$nulls":4},"2009-01-01",1,444.97,444.97,1,{"v":350,"d":"350.00"},{"v":10,"d":"10.00"},{"v":35,"d":"35.00"},-92.13]
["3671","11区18架03层","轴","3T9351","卡特设备","件",{"$nulls":4},"2009-01-01",1,241.27,241.27,1,233.72,{"v":10,"d":"10.00"},23.37,-90.31]
["3672","11区08架02层","终传动修理包","426-22-05020","小松装载机","件",{"$nulls":4},"2009-01-01",1,{"v":206.6,"d":"206.60"},{"v":206.6,"d":"206.60"},1,200.13,{"v":10,"d":"10.00"},20.01,-90.31]
["3673","11区10排02层","中出水管",3325978,"特雷克斯3311E矿车","件",{"$nulls":4},"2008-01-01",1,231.08,231.08,1,223.85,{"v":10,"d":"10.00"},22.39,-90.31]
["3674","11区15架03层","指示器","8N2694#","卡特设备","件",{"$nulls":4},"2009-01-01",7,0.01,0.07,7,{"v":100,"d":"100.00"},{"v":10,"d":"10.00"},{"v":70,"d":"70.00"},{"v":99900,"d":"99,900.00"}]
["3675","11区01排02层","左间隙调节器","09261912","卡特设备","件",{"$nulls":4},"2009-01-01",3,1066.54,3199.62,3,{"v":980,"d":"980.00"},{"v":10,"d":"10.00"},{"v":294,"d":"294.00"},-90.81]
["3676","11区08架03层","止退环","2K6830","卡特设备","件",{"$nulls":4},"2011-01-01",1,48.89,48.89,1,47.36,{"v":10,"d":"10.00"},4.74,{"v":-90.3,"d":"-90.30"}]
["3677","11区05架02层","止推环","9W9300","卡特设备","件",{"$nulls":4},"2010-01-01",1,66.66,66.66,1,64.57,{"v":10,"d":"10.00"},6.46,-90.31]
["3678","11区05排03层","止推垫片","09008365","卡特设备","件",{"$nulls":4},"2011-01-01",4,119.66,478.64,4,115.91,{"v":10,"d":"10.00"},46.36,-90.31]
["3679","11区11排02层","支架","161-3694","卡特设备","件",{"$nulls":4},"2009-01-01",6,{"v":435.5,"d":"435.50"},{"v":2613,"d":"2613.00"},6,{"v":300,"d":"300.00"},{"v":10,"d":"10.00"},{"v":180,"d":"180.00"},-93.11]
["3680","11区14排02层","支承环","09034132","特雷克斯3311E矿车","件",{"$nulls":4},"2009-01-01",6,13.33,79.98,6,12.91,{"v":10,"d":"10.00"},7.75,-90.31]
["3681","11区17排03层","支承环",1680765,"卡特设备","件",{"$nulls":4},"2009-01-01",1,543.29,543.29,1,526.29,{"v":10,"d":"10.00"},52.63,-90.31]
["3682","11区11架01层","支撑架","6N3897","卡特设备","件",{"$nulls":4},"2008-01-01",4,{"v":3217.4,"d":"3217.40"},{"v":12869.6,"d":"12869.60"},4,{"v":3100,"d":"3,100.00"},{"v":10,"d":"10.00"},{"v":1240,"d":"1,240.00"},-90.36]
["3683","11区03架02层","油封","225-3287#","卡特设备","件",{"$nulls":4},"2009-01-01",2,0.01,0.02,2,{"v":75,"d":"75.00"},{"v":10,"d":"10.00"},{"v":15,"d":"15.00"},{"v":74900,"d":"74,900.00"}]
["3684","11区13架03层","针筒","8T8730#","卡特设备","件",{"$nulls":4},"2008-01-01",2,0.01,0.02,2,{"v":3,"d":"3.00"},{"v":10,"d":"10.00"},{"v":0.6,"d":"0.60"},{"v":2900,"d":"2,900.00"}]
["3685","11区08架05层","罩子","178-5529","卡特设备","件",{"$nulls":4},"2009-01-01",1,266.63,266.63,1,258.28,{"v":10,"d":"10.00"},25.83,-90.31]
["3686","11区04架03层","油水分离器","600-311-9732","小松装载机","件",{"$nulls":4},"2010-01-01",9,204.42,1839.78,9,{"v":120,"d":"120.00"},{"v":10,"d":"10.00"},{"v":108,"d":"108.00"},-94.13]
["3687","11区01排02层","轴承内圈","09433271","特雷克斯3311E矿车","件",{"$nulls":4},"2009-01-01",3,17.78,53.34,3,17.22,{"v":10,"d":"10.00"},5.17,-90.31]
["3688","11区01排02层","螺栓","00215254","特雷克斯3311E矿车","件",{"$nulls":4},"2009-01-01",12,29.06,348.72,12,{"v":28,"d":"28.00"},{"v":10,"d":"10.00"},{"v":33.6,"d":"33.60"},-90.36]
["3689","11区03架02层","压缩机皮带","04120-43116","特雷克斯3311E矿车","件",{"$nulls":4},"2009-01-01",1,198.42,198.42,1,{"v":200,"d":"200.00"},{"v":10,"d":"10.00"},{"v":20,"d":"20.00"},-89.92]
["3690","11区04架03层","水滤清","6742-01-2430","小松装载机","件",{"$nulls":4},"2008-01-01",12,{"v":582.6,"d":"582.60"},{"v":6991.2,"d":"6991.20"},12,{"v":300,"d":"300.00"},{"v":10,"d":"10.00"},{"v":360,"d":"360.00"},-94.85]
["3691","11区17排04层","油塞","198-30-14420","小松装载机","件",{"$nulls":4},"2009-01-01",2,4.45,{"v":8.9,"d":"8.90"},2,4.31,{"v":10,"d":"10.00"},0.86,-90.34]
["3692","11区11架03层","油门拉杆",3048296,"卡特设备","件",{"$nulls":4},"2012-03-01",3,352.53,1057.59,3,{"v":341.5,"d":"341.50"},{"v":14,"d":"14.00"},143.43,-86.44]
["3693","11区08架03层","油管","7T4457","卡特设备","件",{"$nulls":4},"2009-01-01",2,22.22,44.44,2,21.52,{"v":10,"d":"10.00"},{"v":4.3,"d":"4.30"},-90.32]
["3694","11区14排02层","油封环","02423379","卡特设备","件",{"$nulls":4},"2009-01-01",2,11.11,22.22,2,10.76,{"v":10,"d":"10.00"},2.15,-90.32]
["3695","11区03架02层","皮带","1W2934#","卡特设备","件",{"$nulls":4},"2009-01-01",1,0.01,0.01,1,{"v":39,"d":"39.00"},{"v":10,"d":"10.00"},{"v":3.9,"d":"3.90"},{"v":38900,"d":"38,900.00"}]
["3696","11区06架02层","油封","3E6758#","卡特设备","件",{"$nulls":4},"2008-01-01",8,0.01,0.08,8,{"v":75,"d":"75.00"},{"v":10,"d":"10.00"},{"v":60,"d":"60.00"},{"v":74900,"d":"74,900.00"}]
["3697","11区08架03层","油封","225-3286#","卡特设备","件",{"$nulls":4},"2008-01-01",1,0.01,0.01,1,{"v":75,"d":"75.00"},{"v":10,"d":"10.00"},{"v":7.5,"d":"7.50"},{"v":74900,"d":"74,900.00"}]
["3698","11区09排02层","油封",3038998,"特雷克斯3311E矿车","件",{"$nulls":4},"2008-01-01",2,72.88,145.76,2,{"v":75,"d":"75.00"},{"v":10,"d":"10.00"},{"v":15,"d":"15.00"},-89.71]
["3699","11区09排02层","油封",3038997,"特雷克斯3311E矿车","件",{"$nulls":4},"2008-01-01",1,38.22,38.22,1,37.02,{"v":10,"d":"10.00"},{"v":3.7,"d":"3.70"},-90.32]
["3700","11区09排02层","油封","154-33-21350","小松装载机","件",{"$nulls":4},"2008-01-01",2,6.22,12.44,2,6.03,{"v":10,"d":"10.00"},1.21,-90.27]
["3701","11区09排03层","油封","154-33-21340","小松装载机","件",{"$nulls":4},"2008-01-01",2,10.67,21.34,2,10.34,{"v":10,"d":"10.00"},2.07,{"v":-90.3,"d":"-90.30"}]
["3702","11区10排02层","油封","157-2331#","卡特设备","件",{"$nulls":4},"2009-01-01",2,0.01,0.02,2,{"v":75,"d":"75.00"},{"v":10,"d":"10.00"},{"v":15,"d":"15.00"},{"v":74900,"d":"74,900.00"}]
["3703","11区10排03层","油封","167-2324#","卡特设备","件",{"$nulls":4},"2009-01-01",1,0.01,0.01,1,{"v":75,"d":"75.00"},{"v":10,"d":"10.00"},{"v":7.5,"d":"7.50"},{"v":74900,"d":"74,900.00"}]
["3704","11区11架02层","油封","8M6238","卡特设备","件",{"$nulls":4},"2009-01-01",2,128.88,257.76,2,124.85,{"v":10,"d":"10.00"},24.97,-90.31]
["3705","11区12架02层","油封","7J0204","卡特设备","件",{"$nulls":4},"2009-01-01",2,4.48,8.96,2,4.34,{"v":10,"d":"10.00"},0.87,-90.29]
["3706","11区13架02层","油封","179-3426","卡特设备","件",{"$nulls":4},"2010-01-01",4,51.46,205.84,4,49.85,{"v":10,"d":"10.00"},19.94,-90.31]
["3707","11区13架03层","油封",1261879,"卡特设备","件",{"$nulls":4},"2008-01-01",2,63.83,127.66,2,61.83,{"v":10,"d":"10.00"},12.37,-90.31]
["3708","11区14架02层","油封","179-3428","卡特设备","件",{"$nulls":4},"2009-01-01",2,{"v":51.2,"d":"51.20"},{"v":102.4,"d":"102.40"},2,{"v":49.6,"d":"49.60"},{"v":10,"d":"10.00"},9.92,-90.31]
["3709","11区14排02层","油封","09012956","特雷克斯3311E矿车","件",{"$nulls":4},"2009-01-01",2,56.44,112.88,2,54.67,{"v":10,"d":"10.00"},10.93,-90.32]
["3710","11区16排02层","油封",3895021,"特雷克斯3311E矿车","件",{"$nulls":4},"2009-01-01",1,76.44,76.44,1,{"v":75,"d":"75.00"},{"v":10,"d":"10.00"},{"v":7.5,"d":"7.50"},-90.19]
["3711","11区18排02层","油封",3027680,"特雷克斯3311E矿车","件",{"$nulls":4},"2009-01-01",4,140.43,561.72,4,{"v":75,"d":"75.00"},{"v":10,"d":"10.00"},{"v":30,"d":"30.00"},-94.66]
["3712","11区03架02层","阀","204-2678","卡特设备","件",{"$nulls":4},"2009-01-01",2,7980.26,15960.52,2,{"v":7857,"d":"7,857.00"},{"v":10,"d":"10.00"},{"v":1571.4,"d":"1,571.40"},-90.15]
["3713","11区17排04层","油杯","07020-01018","ROC842潜孔钻","件",{"$nulls":4},"2008-01-01",2,4.45,{"v":8.9,"d":"8.90"},2,4.31,{"v":10,"d":"10.00"},0.86,-90.34]
["3714","11区17排03层","液压油污传感器","00018","ROC842潜孔钻","件",{"$nulls":4},"2008-01-01",1,223.08,223.08,1,{"v":216.1,"d":"216.10"},{"v":10,"d":"10.00"},21.61,-90.31]
["3715","11区04排03层","液压油滤芯","175-60-27380","小松装载机","件",{"$nulls":4},"2011-05-01",2,50.21,100.42,2,{"v":30,"d":"30.00"},{"v":10,"d":"10.00"},{"v":6,"d":"6.00"},-94.03]
["3716","11区09排03层","液压电磁阀","00012","小松装载机","件",{"$nulls":4},"2008-01-01",1,8443.44,8443.44,1,{"v":7899,"d":"7,899.00"},{"v":10,"d":"10.00"},{"v":789.9,"d":"789.90"},-90.64]
["3717","11区01架03层","钥匙","787YS","小松装载机","件",{"$nulls":4},"2009-01-01",1,7.44,7.44,1,7.21,{"v":10,"d":"10.00"},0.72,-90.32]
["3718","11区14架02层","钥匙","8H5306","卡特设备","件",{"$nulls":4},"2009-01-01",3,17.85,53.55,3,17.29,{"v":10,"d":"10.00"},5.19,-90.31]
["3719","11区10架03层","摇臂盖上垫","6162-13-8812","小松装载机","件",{"$nulls":4},"2008-01-01",6,166.68,1000.08,6,161.46,{"v":10,"d":"10.00"},96.88,-90.31]
["3720","11区03架02层","发动机皮带",3040292,"特雷克斯3311E矿车","件",{"$nulls":4},"2009-01-01",2,53.75,{"v":107.5,"d":"107.50"},2,{"v":39,"d":"39.00"},{"v":10,"d":"10.00"},{"v":7.8,"d":"7.80"},-92.74]
["3721","11区07排03层","压力传感器","CY-2#","特雷克斯3311E矿车","件",{"$nulls":4},"2008-01-01",29,0.01,0.29,29,{"v":80,"d":"80.00"},{"v":10,"d":"10.00"},{"v":232,"d":"232.00"},{"v":79900,"d":"79,900.00"}]
["3722","11区05排02层","压快",1098016,"卡特设备","件",{"$nulls":4},"2008-01-01",1,715.47,715.47,1,693.08,{"v":10,"d":"10.00"},69.31,-90.31]
["3723","11区10排02层","压板",200919,"卡特设备","件",{"$nulls":4},"2008-01-01",2,60.44,120.88,2,58.55,{"v":10,"d":"10.00"},11.71,-90.31]
["3724","11区03架03层","整流器","9S2292#","卡特设备","件",{"$nulls":4},"2009-01-01",4,0.01,0.04,4,{"v":50,"d":"50.00"},{"v":10,"d":"10.00"},{"v":20,"d":"20.00"},{"v":49900,"d":"49,900.00"}]
["3725","11区05架02层","修理包","6151-51-8161","小松装载机","件",{"$nulls":4},"2008-01-01",2,12.16,24.32,2,11.78,{"v":10,"d":"10.00"},2.36,{"v":-90.3,"d":"-90.30"}]
["3726","11区05架03层","修理包","424-35-05112","小松装载机","件",{"$nulls":4},"2009-01-01",2,{"v":1022.1,"d":"1022.10"},{"v":2044.2,"d":"2044.20"},2,{"v":800,"d":"800.00"},{"v":10,"d":"10.00"},{"v":160,"d":"160.00"},-92.17]
["3727","11区08排04层","修理包","168-0760","卡特设备","件",{"$nulls":4},"2011-01-01",5,1597.11,7985.55,5,{"v":1480,"d":"1,480.00"},{"v":10,"d":"10.00"},{"v":740,"d":"740.00"},-90.73]
["3728","11区09架04层","修理包","231-6844","卡特设备","件",{"$nulls":4},"2011-01-01",3,1880.02,5640.06,3,{"v":1480,"d":"1,480.00"},{"v":10,"d":"10.00"},{"v":444,"d":"444.00"},-92.13]
["3729","11区10架02层","修理包","209-5959","卡特设备","件",{"$nulls":4},"2012-05-01",1,2335.83,2335.83,1,{"v":2000,"d":"2,000.00"},{"v":16,"d":"16.00"},{"v":320,"d":"320.00"},{"v":-86.3,"d":"-86.30"}]
["3730","11区10架04层","修理包","188-4219","卡特设备","件",{"$nulls":4},"2009-01-01",4,2159.82,8639.28,4,{"v":2000,"d":"2,000.00"},{"v":10,"d":"10.00"},{"v":800,"d":"800.00"},-90.74]
["3731","11区10排04层","修理包","00003","卡特设备","件",{"$nulls":4},"2009-01-01",4,0.01,0.04,4,{"v":26,"d":"26.00"},{"v":10,"d":"10.00"},{"v":10.4,"d":"10.40"},{"v":25900,"d":"25,900.00"}]
["3732","11区12架02层","修理包","170-9999","卡特设备","件",{"$nulls":4},"2008-01-01",1,2401.94,2401.94,1,{"v":2000,"d":"2,000.00"},{"v":10,"d":"10.00"},{"v":200,"d":"200.00"},-91.67]
["3733","11区13排02层","修理包","9038370#","特雷克斯3311E矿车","件",{"$nulls":4},"2008-01-01",1,0.01,0.01,1,{"v":26,"d":"26.00"},{"v":10,"d":"10.00"},{"v":2.6,"d":"2.60"},{"v":25900,"d":"25,900.00"}]
["3734","11区02排02层","销轴","09014735","特雷克斯3311E矿车","件",{"$nulls":4},"2009-01-01",6,20.44,122.64,6,{"v":19.8,"d":"19.80"},{"v":10,"d":"10.00"},11.88,-90.31]
["3735","11区11排03层","销轴","09105654","特雷克斯3311E矿车","件",{"$nulls":4},"2008-01-01",4,10.67,42.68,4,10.34,{"v":10,"d":"10.00"},4.14,{"v":-90.3,"d":"-90.30"}]
["3736","11区05架01层","销套",875548,"特雷克斯3311E矿车","件",{"$nulls":4},"2009-01-01",2,1573.98,3147.96,2,{"v":1250,"d":"1,250.00"},{"v":10,"d":"10.00"},{"v":250,"d":"250.00"},-92.06]
["3737","11区15架03层","销卡","7M-9107#","卡特设备","件",{"$nulls":4},"2010-01-01",1,0.01,0.01,1,0.15,{"v":10,"d":"10.00"},0.02,{"v":100,"d":"100.00"}]
["3738","11区07架04层","销","2M5652","卡特设备","件",{"$nulls":4},"2010-01-01",3,503.94,1511.82,3,{"v":500,"d":"500.00"},{"v":10,"d":"10.00"},{"v":150,"d":"150.00"},-90.08]
["3739","11区08排03层","销","124-1541","卡特设备","件",{"$nulls":4},"2008-01-01",2,62.31,124.62,2,60.36,{"v":10,"d":"10.00"},12.07,-90.31]
["3740","11区10架01层","销","8E4272","卡特设备","件",{"$nulls":4},"2009-01-01",3,188.42,565.26,3,182.52,{"v":10,"d":"10.00"},54.76,-90.31]
["3741","11区10架01层","销","8E4273","卡特设备","件",{"$nulls":4},"2009-01-01",1,442.61,442.61,1,{"v":450,"d":"450.00"},{"v":10,"d":"10.00"},{"v":45,"d":"45.00"},-89.83]
["3742","11区10排03层","销","09006266","卡特设备","件",{"$nulls":4},"2009-01-01",1,34.19,34.19,1,33.12,{"v":10,"d":"10.00"},3.31,-90.32]
["3743","11区16排02层","橡胶环","3251014#","卡特设备","件",{"$nulls":4},"2008-01-01",2,0.01,0.02,2,null,null,0,{"v":-100,"d":"-100.00"}]
["3744","11区03排02层","向心关节轴承","07137-05008","D50KS牙轮钻机","件",{"$nulls":4},"2009-01-01",2,516.56,1033.12,2,475.08,{"v":10,"d":"10.00"},95.02,{"v":-90.8,"d":"-90.80"}]
["3745","11区16架03层","先导滤芯","205-60-51270","小松装载机","件",{"$nulls":4},"2008-01-01",1,{"v":245.3,"d":"245.30"},{"v":245.3,"d":"245.30"},1,{"v":260,"d":"260.00"},{"v":10,"d":"10.00"},{"v":26,"d":"26.00"},{"v":-89.4,"d":"-89.40"}]
["3746","11区04排02层","吸油过滤器",15040633,"特雷克斯3311E矿车","件",{"$nulls":4},"2010-01-01",25,{"v":79.7,"d":"79.70"},{"v":1992.5,"d":"1992.50"},25,{"v":77,"d":"77.00"},{"v":10,"d":"10.00"},{"v":192.5,"d":"192.50"},-90.34]
["3747","11区01排02层","快放同步阀","09060281","特雷克斯3311E矿车","件",{"$nulls":4},"2009-01-01",4,{"v":380.4,"d":"380.40"},{"v":1521.6,"d":"1521.60"},4,{"v":200,"d":"200.00"},{"v":10,"d":"10.00"},{"v":80,"d":"80.00"},-94.74]
["3748","11区03排02层","蜗轮","09033029","特雷克斯3311E矿车","件",{"$nulls":4},"2009-01-01",4,1953.55,{"v":7814.2,"d":"7814.20"},4,{"v":2000,"d":"2,000.00"},{"v":10,"d":"10.00"},{"v":800,"d":"800.00"},-89.76]
["3749","11区09排02层","温度传感器","08620-00000","小松装载机","件",{"$nulls":4},"2008-01-01",1,44.44,44.44,1,43.05,{"v":10,"d":"10.00"},4.31,{"v":-90.3,"d":"-90.30"}]
["3750","11区12排01层","万向节总成","175-20-30000","小松装载机","件",{"$nulls":4},"2009-01-01",1,846.11,846.11,1,{"v":1200,"d":"1,200.00"},{"v":10,"d":"10.00"},{"v":120,"d":"120.00"},-85.82]
["3751","11区16排02层","碗型塞",3007635,"特雷克斯3311E矿车","件",{"$nulls":4},"2008-01-01",6,3.85,{"v":23.1,"d":"23.10"},6,3.73,{"v":10,"d":"10.00"},2.24,{"v":-90.3,"d":"-90.30"}]
["3752","11区07架02层","弯头","2N8037","卡特设备","件",{"$nulls":4},"2008-01-01",1,61.32,61.32,1,{"v":59.4,"d":"59.40"},{"v":10,"d":"10.00"},5.94,-90.31]
["3753","11区13架03层","弯头","6V8628","卡特设备","件",{"$nulls":4},"2008-01-01",6,75.55,{"v":453.3,"d":"453.30"},6,73.19,{"v":10,"d":"10.00"},43.91,-90.31]
["3754","11区17排04层","弯头","00013","卡特设备","件",{"$nulls":4},"2008-01-01",5,0.01,0.05,5,{"v":10,"d":"10.00"},{"v":10,"d":"10.00"},{"v":5,"d":"5.00"},{"v":9900,"d":"9,900.00"}]
["3755","11区03排02层","发电机V形带",3040292,"特雷克斯3311E矿车","件",{"$nulls":4},"2009-01-01",2,204.42,408.84,2,{"v":229,"d":"229.00"},{"v":10,"d":"10.00"},{"v":45.8,"d":"45.80"},{"v":-88.8,"d":"-88.80"}]
["3756","11区03排03层","调隙片","09003779","特雷克斯3311E矿车","件",{"$nulls":4},"2009-01-01",9,21.41,192.69,9,20.74,{"v":10,"d":"10.00"},18.67,-90.31]
["3757","11区17排02层","凸缘","6693-12-5530","小松装载机","件",{"$nulls":4},"2008-01-01",1,44.44,44.44,1,43.05,{"v":10,"d":"10.00"},4.31,{"v":-90.3,"d":"-90.30"}]
["3758","11区11排04层","凸轮轴","09018858","特雷克斯3311E矿车","件",{"$nulls":4},"2008-01-01",1,751.25,751.25,1,727.74,{"v":10,"d":"10.00"},72.77,-90.31]
["3759","11区08排03层","调整垫片","09003780","特雷克斯3311E矿车","件",{"$nulls":4},"2011-01-01",1,22.22,22.22,1,21.52,{"v":10,"d":"10.00"},2.15,-90.32]
["3760","11区08排03层","调整垫片","09003858","特雷克斯3311E矿车","件",{"$nulls":4},"2011-01-01",1,27.35,27.35,1,26.49,{"v":10,"d":"10.00"},2.65,-90.31]
["3761","11区17架04层","调整垫","423-70-13170","小松装载机","件",{"$nulls":4},"2008-01-01",10,106.39,{"v":1063.9,"d":"1063.90"},10,{"v":80,"d":"80.00"},{"v":10,"d":"10.00"},{"v":80,"d":"80.00"},-92.48]
["3762","11区17架04层","调整垫","423-70-13130","小松装载机","件",{"$nulls":4},"2008-01-01",42,97.94,4113.48,42,94.87,{"v":10,"d":"10.00"},398.45,-90.31]
["3763","11区06排03层","调压阀密封修理包",15044391,"特雷克斯3311E矿车","件",{"$nulls":4},"2008-01-01",12,72.88,874.56,12,{"v":71,"d":"71.00"},{"v":10,"d":"10.00"},{"v":85.2,"d":"85.20"},-90.26]
["3764","11区03排03层","滤网","07056-18416","D50KS牙轮钻机","件",{"$nulls":4},"2009-01-01",2,31.91,63.82,2,{"$nulls":3},{"v":-100,"d":"-100.00"}]
["3765","11区15排03层","调节器组件","100-6534#","卡特设备","件",{"$nulls":4},"2009-01-01",4,0.01,0.04,4,{"v":380,"d":"380.00"},{"v":10,"d":"10.00"},{"v":152,"d":"152.00"},{"v":379900,"d":"379,900.00"}]
["3766","11区06架04层","填料","5P8625","卡特设备","件",{"$nulls":4},"2008-01-01",1,288.29,288.29,1,279.27,{"v":10,"d":"10.00"},27.93,-90.31]
["3767","11区01架03层","套筒","1M3670","卡特设备","件",{"$nulls":4},"2009-01-01",1,389.29,389.29,1,{"v":300,"d":"300.00"},{"v":10,"d":"10.00"},{"v":30,"d":"30.00"},-92.29]
["3768","11区10架01层","套筒","1M3669","卡特设备","件",{"$nulls":4},"2009-01-01",3,389.29,1167.87,3,{"v":300,"d":"300.00"},{"v":10,"d":"10.00"},{"v":90,"d":"90.00"},-92.29]
["3769","11区05排03层","套环","700-52-31310","小松装载机","件",{"$nulls":4},"2009-01-01",1,31.11,31.11,1,30.14,{"v":10,"d":"10.00"},3.01,-90.32]
["3770","11区10排03层","锁紧套","03858071","特雷克斯3311E矿车","件",{"$nulls":4},"2009-01-01",10,694.92,{"v":6949.2,"d":"6949.20"},10,{"v":585,"d":"585.00"},{"v":10,"d":"10.00"},{"v":585,"d":"585.00"},-91.58]
["3771","11区09排03层","锁紧片",116982,"特雷克斯3311E矿车","件",{"$nulls":4},"2009-01-01",4,3.56,14.24,4,3.45,{"v":10,"d":"10.00"},1.38,-90.31]
["3772","11区10排02层","锁紧片",114638,"特雷克斯3311E矿车","件",{"$nulls":4},"2011-05-01",2,1.78,3.56,2,1.72,{"v":10,"d":"10.00"},0.34,-90.45]
["3773","11区14排03层","速度表",15046818,"特雷克斯3311E矿车","件",{"$nulls":4},"2009-01-01",1,{"v":145.6,"d":"145.60"},{"v":145.6,"d":"145.60"},1,141.04,{"v":10,"d":"10.00"},{"v":14.1,"d":"14.10"},-90.32]
["3774","11区16架03层","松土器销","3G0600","卡特设备","件",{"$nulls":4},"2009-01-01",2,165.16,330.32,2,159.99,{"v":10,"d":"10.00"},{"v":32,"d":"32.00"},-90.31]
["3775","11区06排03层","四回路保护阀维修包",15047503,"特雷克斯3311E矿车","件",{"$nulls":4},"2009-01-01",6,{"v":16,"d":"16.00"},{"v":96,"d":"96.00"},6,{"v":15.5,"d":"15.50"},{"v":10,"d":"10.00"},{"v":9.3,"d":"9.30"},-90.31]
["3776","11区02排04层","四回路保护阀",15041313,"特雷克斯3311E矿车","件",{"$nulls":4},"2009-01-01",2,799.91,1599.82,2,{"v":200,"d":"200.00"},{"v":10,"d":"10.00"},{"v":40,"d":"40.00"},{"v":-97.5,"d":"-97.50"}]
["3777","11区17架03层","水箱盖","07053-10000","小松装载机","件",{"$nulls":4},"2009-01-01",2,480.57,961.14,2,{"v":180,"d":"180.00"},{"v":10,"d":"10.00"},{"v":36,"d":"36.00"},-96.25]
["3778","11区06排02层","水温传感器",15043267,"特雷克斯3311E矿车","件",{"$nulls":4},"2008-01-01",4,213.31,853.24,4,206.63,{"v":10,"d":"10.00"},82.65,-90.31]
["3779","11区01排02层","过滤器","WU-160#80-J#","卡特设备","件",{"$nulls":4},"2009-01-01",1,0.01,0.01,1,{"v":10,"d":"10.00"},{"v":10,"d":"10.00"},{"v":1,"d":"1.00"},{"v":9900,"d":"9,900.00"}]
["3780","11区04架04层","雨刮水壶总成","8E7302","卡特设备","件",{"$nulls":4},"2012-01-01",2,1459.95,{"v":2919.9,"d":"2919.90"},2,{"v":1000,"d":"1,000.00"},{"v":13,"d":"13.00"},{"v":260,"d":"260.00"},{"v":-91.1,"d":"-91.10"}]
["3781","11区18排02层","水滤器座",3819767,"特雷克斯3311E矿车","件",{"$nulls":4},"2008-01-01",2,267.75,{"v":535.5,"d":"535.50"},2,259.37,{"v":10,"d":"10.00"},51.87,-90.31]
["3782","11区08排01层","水泵总成",3022474,"特雷克斯3311E矿车","件",{"$nulls":4},"2009-01-01",1,5554.89,5554.89,1,{"v":5714,"d":"5,714.00"},{"v":10,"d":"10.00"},{"v":571.4,"d":"571.40"},-89.71]
["3783","11区05排02层","水泵叶轮",3000888,"特雷克斯3311E矿车","件",{"$nulls":4},"2008-01-01",1,79.99,79.99,1,77.49,{"v":10,"d":"10.00"},7.75,-90.31]
["3784","11区05排02层","水泵水封",3609920,"特雷克斯3311E矿车","件",{"$nulls":4},"2008-01-01",4,17.78,71.12,4,17.22,{"v":10,"d":"10.00"},6.89,-90.31]
["3785","11区08架02层","双头螺栓","9X8281","卡特设备","件",{"$nulls":4},"2012-10-01",4,118.92,475.68,4,{"v":115.2,"d":"115.20"},{"v":20,"d":"20.00"},92.16,-80.63]
["3786","11区07架02层","手油泵总成","6162-73-1582","小松装载机","件",{"$nulls":4},"2008-01-01",2,533.27,1066.54,2,{"v":580,"d":"580.00"},{"v":10,"d":"10.00"},{"v":116,"d":"116.00"},-89.12]
["3787","11区10排03层","手动控制阀手柄","09023836","特雷克斯3311E矿车","件",{"$nulls":4},"2009-01-01",4,{"v":586.6,"d":"586.60"},{"v":2346.4,"d":"2346.40"},4,{"v":300,"d":"300.00"},{"v":10,"d":"10.00"},{"v":120,"d":"120.00"},-94.89]
["3788","11区14架02层","塞子","9S8005","卡特设备","件",{"$nulls":4},"2009-01-01",2,77.33,154.66,2,74.91,{"v":10,"d":"10.00"},14.98,-90.31]
["3789","11区17架03层","塞堵","9S8006","卡特设备","件",{"$nulls":4},"2009-01-01",2,62.59,125.18,2,60.63,{"v":10,"d":"10.00"},12.13,-90.31]
["3790","11区16排02层","塞","00103877","卡特设备","件",{"$nulls":4},"2009-01-01",3,3.55,10.65,3,3.44,{"v":10,"d":"10.00"},1.03,-90.33]
["3791","11区07架01层","软管","7W9381#","卡特设备","件",{"$nulls":4},"2008-01-01",1,0.01,0.01,1,{"$nulls":3},{"v":-100,"d":"-100.00"}]
["3792","11区15架02层","软管",1933982,"卡特设备","件",{"$nulls":4},"2008-01-01",1,298.63,298.63,1,{"$nulls":3},{"v":-100,"d":"-100.00"}]
["3793","11区12排03层","燃油箱盖","09251153","特雷克斯3311E矿车","件",{"$nulls":4},"2009-01-01",4,373.29,1493.16,4,{"v":324,"d":"324.00"},{"v":10,"d":"10.00"},{"v":129.6,"d":"129.60"},-91.32]
["3794","11区15架02层","燃油箱盖","7X7700","卡特设备","件",{"$nulls":4},"2009-01-01",1,731.81,731.81,1,{"v":324,"d":"324.00"},{"v":10,"d":"10.00"},{"v":32.4,"d":"32.40"},-95.57]
["3795","11区12架03层","燃油滤芯","6732-71-6180","小松装载机","件",{"$nulls":4},"2011-06-01",4,584.51,2338.04,4,{"v":380,"d":"380.00"},{"v":10,"d":"10.00"},{"v":152,"d":"152.00"},{"v":-93.5,"d":"-93.50"}]
["3796","11区16排02层","燃油控制器",11283,"特雷克斯3311E矿车","件",{"$nulls":4},"2008-01-01",6,641.03,3846.18,6,{"v":500,"d":"500.00"},{"v":10,"d":"10.00"},{"v":300,"d":"300.00"},{"v":-92.2,"d":"-92.20"}]
["3797","11区13排03层","燃油表","5112-3137-68#","小松装载机","件",{"$nulls":4},"2008-01-01",3,0.01,0.03,3,{"v":122,"d":"122.00"},{"v":10,"d":"10.00"},{"v":36.6,"d":"36.60"},{"v":121900,"d":"121,900.00"}]
["3798","11区03排04层","轴承外圈","09412692","特雷克斯3311E矿车","件",{"$nulls":4},"2009-01-01",2,341.88,683.76,2,{"v":350,"d":"350.00"},{"v":10,"d":"10.00"},{"v":70,"d":"70.00"},-89.76]
["3799","11区08排03层","前制动卡环",9413403,"特雷克斯3311E矿车","件",{"$nulls":4},"2010-01-01",11,3.55,39.05,11,3.44,{"v":10,"d":"10.00"},3.78,-90.32]
["3800","11区02排01层","前制动分泵",9259129,"特雷克斯3311E矿车","件",{"$nulls":4},"2009-01-01",5,{"v":1710.7,"d":"1710.70"},{"v":8553.5,"d":"8553.50"},5,{"v":1780,"d":"1,780.00"},{"v":10,"d":"10.00"},{"v":890,"d":"890.00"},-89.59]
["3801","11区13排02层","前轮轴头油封","09016987","特雷克斯3311E矿车","件",{"$nulls":4},"2008-01-01",5,{"v":404.4,"d":"404.40"},{"v":2022,"d":"2022.00"},5,{"v":320,"d":"320.00"},{"v":10,"d":"10.00"},{"v":160,"d":"160.00"},-92.09]
["3802","11区09架03层","前灯","41G－06－13201LP","小松装载机","件",{"$nulls":4},"2008-01-01",4,163.54,654.16,4,158.42,{"v":10,"d":"10.00"},63.37,-90.31]
["3803","11区06排03层","气压表",15041146,"特雷克斯3313E矿车","件",{"$nulls":4},"2010-01-01",2,195.53,391.06,2,189.41,{"v":10,"d":"10.00"},37.88,-90.31]
["3804","11区14架05层","气缸垫","8C3463#","卡特设备","件",{"$nulls":4},"2009-01-01",1,0.01,0.01,1,{"v":7.5,"d":"7.50"},{"v":10,"d":"10.00"},0.75,{"v":7400,"d":"7,400.00"}]
["3805","11区15架04层","气缸垫","190-6114#","卡特设备","件",{"$nulls":4},"2009-01-01",1,0.01,0.01,1,{"v":7.5,"d":"7.50"},{"v":10,"d":"10.00"},0.75,{"v":7400,"d":"7,400.00"}]
["3806","11区09排03层","起动继电器","JD26","卡特设备","件",{"$nulls":4},"2008-01-01",2,109.32,218.64,2,{"v":105.9,"d":"105.90"},{"v":10,"d":"10.00"},21.18,-90.31]
["3807","11区11架03层","平垫","6V5839","卡特设备","件",{"$nulls":4},"2008-01-01",6,1.78,10.68,6,1.72,{"v":10,"d":"10.00"},1.03,-90.36]
["3808","11区05排01层","皮碗","09026145#","特雷克斯3311E矿车","件",{"$nulls":4},"2008-01-01",8,0.01,0.08,8,{"v":0.3,"d":"0.30"},{"v":10,"d":"10.00"},0.24,{"v":200,"d":"200.00"}]
["3809","11区03架03层","修理包","194-8396","卡特设备","件",{"$nulls":4},"2009-01-01",3,2434.33,7302.99,3,{"v":2360,"d":"2,360.00"},{"v":10,"d":"10.00"},{"v":708,"d":"708.00"},-90.31]
["3810","11区07排03层","喷嘴","3175-0581-00#","小松装载机","件",{"$nulls":4},"2008-01-01",8,0.01,0.08,8,{"v":6,"d":"6.00"},{"v":10,"d":"10.00"},{"v":4.8,"d":"4.80"},{"v":5900,"d":"5,900.00"}]
["3811","11区10排02层","排气管衬垫",142234,"特雷克斯3311E矿车","件",{"$nulls":4},"2008-01-01",6,6.22,37.32,6,6.03,{"v":10,"d":"10.00"},3.62,{"v":-90.3,"d":"-90.30"}]
["3812","11区09排03层","耐磨套",203097,"卡特设备","件",{"$nulls":4},"2008-01-01",2,97.77,195.54,2,94.71,{"v":10,"d":"10.00"},18.94,-90.31]
["3813","11区06架02层","耐磨环","6J2797","卡特设备","件",{"$nulls":4},"2011-11-01",1,188.05,188.05,1,182.16,{"v":11,"d":"11.00"},20.04,-89.34]
["3814","11区07架03层","耐磨环","07156-00912","小松装载机","件",{"$nulls":4},"2008-01-01",2,{"v":127.1,"d":"127.10"},{"v":254.2,"d":"254.20"},2,123.12,{"v":10,"d":"10.00"},24.62,-90.31]
["3815","11区12架02层","耐磨环","8J6212","卡特设备","件",{"$nulls":4},"2009-01-01",2,88.88,177.76,2,{"v":86.1,"d":"86.10"},{"v":10,"d":"10.00"},17.22,-90.31]
["3816","11区17架02层","耐磨环","07155-01640","D50KS牙轮钻机","件",{"$nulls":4},"2009-01-01",1,445.91,445.91,1,431.95,{"v":10,"d":"10.00"},{"v":43.2,"d":"43.20"},-90.31]
["3817","11区09排01层","摩擦片",15046687,"特雷克斯3311E矿车","件",{"$nulls":4},"2011-01-01",1,{"v":1790.6,"d":"1790.60"},{"v":1790.6,"d":"1790.60"},1,{"v":1491,"d":"1,491.00"},{"v":10,"d":"10.00"},{"v":149.1,"d":"149.10"},-91.67]
["3818","11区01架03层","膜片","560-44-11950","小松装载机","件",{"$nulls":4},"2009-01-01",1,41.77,41.77,1,40.46,{"v":10,"d":"10.00"},4.05,{"v":-90.3,"d":"-90.30"}]
["3819","11区14架03层","密封组件","7Y5145","卡特设备","件",{"$nulls":4},"2008-01-01",3,1882.44,5647.32,3,{"v":2000,"d":"2,000.00"},{"v":10,"d":"10.00"},{"v":600,"d":"600.00"},-89.38]
["3820","11区15架02层","密封组件",1709995,"卡特设备","件",{"$nulls":4},"2008-01-01",1,2040.33,2040.33,1,{"v":2000,"d":"2,000.00"},{"v":10,"d":"10.00"},{"v":200,"d":"200.00"},{"v":-90.2,"d":"-90.20"}]
["3821","11区05排03层","密封圈","707-44-14080","小松装载机","件",{"$nulls":4},"2008-01-01",4,129.14,516.56,4,{"v":132,"d":"132.00"},{"v":10,"d":"10.00"},{"v":52.8,"d":"52.80"},-89.78]
["3822","11区09排02层","密封圈","07000-05470","小松装载机","件",{"$nulls":4},"2009-01-01",3,{"v":39.5,"d":"39.50"},{"v":118.5,"d":"118.50"},3,{"v":38,"d":"38.00"},{"v":10,"d":"10.00"},{"v":11.4,"d":"11.40"},-90.38]
["3823","11区09排02层","密封圈","707-51-90110","小松装载机","件",{"$nulls":4},"2009-01-01",3,49.38,148.14,3,{"v":48,"d":"48.00"},{"v":10,"d":"10.00"},{"v":14.4,"d":"14.40"},-90.28]
["3824","11区09排02层","密封圈","707-44-22080","小松装载机","件",{"$nulls":4},"2008-01-01",7,136.74,957.18,7,{"v":132,"d":"132.00"},{"v":10,"d":"10.00"},{"v":92.4,"d":"92.40"},-90.35]
["3825","11区17排02层","密封圈","707-51-75110","小松装载机","件",{"$nulls":4},"2008-01-01",1,34.18,34.18,1,{"v":33,"d":"33.00"},{"v":10,"d":"10.00"},{"v":3.3,"d":"3.30"},-90.35]
["3826","11区07架02层","密封件","167-2190","卡特设备","件",{"$nulls":4},"2008-01-01",1,91.17,91.17,1,{"v":88,"d":"88.00"},{"v":10,"d":"10.00"},{"v":8.8,"d":"8.80"},-90.35]
["3827","11区12架03层","密封件","167-2452","卡特设备","件",{"$nulls":4},"2011-11-01",1,73.84,73.84,1,{"v":72,"d":"72.00"},{"v":11,"d":"11.00"},7.92,-89.27]
["3828","11区12架03层","密封件","167-2300","卡特设备","件",{"$nulls":4},"2011-11-01",1,114.71,114.71,1,{"v":111,"d":"111.00"},{"v":11,"d":"11.00"},12.21,-89.36]
["3829","11区18排02层","密封件","0663-2133-01#","小松装载机","件",{"$nulls":4},"2008-01-01",4,0.01,0.04,4,{"v":1,"d":"1.00"},{"v":10,"d":"10.00"},{"v":0.4,"d":"0.40"},{"v":900,"d":"900.00"}]
["3830","11区08架02层","密封环","426-15-19260(428-15-19261)","小松装载机","件",{"$nulls":4},"2008-01-01",10,{"v":807.9,"d":"807.90"},{"v":8079,"d":"8079.00"},10,{"v":783,"d":"783.00"},{"v":10,"d":"10.00"},{"v":783,"d":"783.00"},-90.31]
["3831","11区10架02层","密封环","705-67-01470","小松装载机","件",{"$nulls":4},"2009-01-01",2,63.35,{"v":126.7,"d":"126.70"},2,{"v":61,"d":"61.00"},{"v":10,"d":"10.00"},{"v":12.2,"d":"12.20"},-90.37]
["3832","11区10排02层","密封环","175-30-24242","小松装载机","件",{"$nulls":4},"2009-01-01",2,124.43,248.86,2,{"v":132,"d":"132.00"},{"v":10,"d":"10.00"},{"v":26.4,"d":"26.40"},-89.39]
["3833","11区10排02层","密封环","6112-13-5250","小松装载机","件",{"$nulls":4},"2011-06-01",1,125.02,125.02,1,{"v":132,"d":"132.00"},{"v":10,"d":"10.00"},{"v":13.2,"d":"13.20"},-89.44]
["3834","11区14排02层","密封环","02339429","特雷克斯3311E矿车","件",{"$nulls":4},"2009-01-01",2,11.11,22.22,2,{"v":11,"d":"11.00"},{"v":10,"d":"10.00"},{"v":2.2,"d":"2.20"},{"v":-90.1,"d":"-90.10"}]
["3835","11区01排03层","右间隙调节器","09261913","特雷克斯3311E矿车","件",{"$nulls":4},"2009-01-01",1,844.34,844.34,1,{"v":980,"d":"980.00"},{"v":10,"d":"10.00"},{"v":98,"d":"98.00"},-88.39]
["3836","11区01排03层","密封垫","00668312","特雷克斯3311E矿车","件",{"$nulls":4},"2009-01-01",10,10.67,{"v":106.7,"d":"106.70"},10,{"v":10,"d":"10.00"},{"v":10,"d":"10.00"},{"v":10,"d":"10.00"},-90.63]
["3837","11区14排02层","密封垫","09025789","特雷克斯3311E矿车","件",{"$nulls":4},"2009-01-01",2,21.33,42.66,2,{"v":21,"d":"21.00"},{"v":10,"d":"10.00"},{"v":4.2,"d":"4.20"},-90.15]
["3838","11区01架03层","密封","07012-10105","小松装载机","件",{"$nulls":4},"2009-01-01",1,337.73,337.73,1,{"v":280,"d":"280.00"},{"v":10,"d":"10.00"},{"v":28,"d":"28.00"},-91.71]
["3839","11区01架04层","密封","560-44-11840","小松装载机","件",{"$nulls":4},"2009-01-01",2,18.67,37.34,2,{"v":18,"d":"18.00"},{"v":10,"d":"10.00"},{"v":3.6,"d":"3.60"},-90.36]
["3840","11区01架04层","密封","07012-10125","小松装载机","件",{"$nulls":4},"2009-01-01",2,268.66,537.32,2,{"v":280,"d":"280.00"},{"v":10,"d":"10.00"},{"v":56,"d":"56.00"},-89.58]
["3841","11区01架04层","密封","205-5164","卡特设备","件",{"$nulls":4},"2009-01-01",1,281.54,281.54,1,{"v":280,"d":"280.00"},{"v":10,"d":"10.00"},{"v":28,"d":"28.00"},-90.05]
["3842","11区01架04层","密封","07000-12085","小松装载机","件",{"$nulls":4},"2009-01-01",2,19.56,39.12,2,{"v":19,"d":"19.00"},{"v":10,"d":"10.00"},{"v":3.8,"d":"3.80"},-90.29]
["3843","11区02架02层","螺栓","5P2228","卡特设备","件",{"$nulls":4},"2009-01-01",64,26.66,1706.24,64,{"v":28,"d":"28.00"},{"v":10,"d":"10.00"},{"v":179.2,"d":"179.20"},{"v":-89.5,"d":"-89.50"}]
["3844","11区05架03层","密封","122-799-6002","小松装载机","件",{"$nulls":4},"2008-01-01",1,26.66,26.66,1,{"v":26,"d":"26.00"},{"v":10,"d":"10.00"},{"v":2.6,"d":"2.60"},-90.25]
["3845","11区05架03层","密封","705-67-01380","小松装载机","件",{"$nulls":4},"2008-01-01",28,7.11,199.08,28,{"v":7,"d":"7.00"},{"v":10,"d":"10.00"},{"v":19.6,"d":"19.60"},-90.15]
["3846","11区05架03层","密封","07000-13032","小松装载机","件",{"$nulls":4},"2008-01-01",20,{"v":4.6,"d":"4.60"},{"v":92,"d":"92.00"},20,{"v":4,"d":"4.00"},{"v":10,"d":"10.00"},{"v":8,"d":"8.00"},{"v":-91.3,"d":"-91.30"}]
["3847","11区05架03层","密封","07002-02034","小松装载机","件",{"$nulls":4},"2009-01-01",5,25.25,126.25,5,{"v":24,"d":"24.00"},{"v":10,"d":"10.00"},{"v":12,"d":"12.00"},{"v":-90.5,"d":"-90.50"}]
["3848","11区05架03层","密封","426-15-19110","小松装载机","件",{"$nulls":4},"2009-01-01",8,49.77,398.16,8,{"v":48,"d":"48.00"},{"v":10,"d":"10.00"},{"v":38.4,"d":"38.40"},-90.36]
["3849","11区05架03层","密封","07000-03025","小松装载机","件",{"$nulls":4},"2009-01-01",3,{"v":2.7,"d":"2.70"},{"v":8.1,"d":"8.10"},3,{"v":3,"d":"3.00"},{"v":10,"d":"10.00"},{"v":0.9,"d":"0.90"},-88.89]
["3850","11区05架04层","密封","8T0208","卡特设备","件",{"$nulls":4},"2009-01-01",2,3141.51,6283.02,2,{"v":3100,"d":"3,100.00"},{"v":10,"d":"10.00"},{"v":620,"d":"620.00"},-90.13]
["3851","11区05排02层","密封","142-5867","卡特设备","件",{"$nulls":4},"2009-01-01",1,88.88,88.88,1,{"v":86,"d":"86.00"},{"v":10,"d":"10.00"},{"v":8.6,"d":"8.60"},-90.32]
["3852","11区06架02层","密封","3E6758","卡特设备","件",{"$nulls":4},"2009-01-01",2,88.88,177.76,2,{"v":86,"d":"86.00"},{"v":10,"d":"10.00"},{"v":17.2,"d":"17.20"},-90.32]
["3853","11区06架02层","密封",2478977,"卡特设备","件",{"$nulls":4},"2008-01-01",1,{"v":824.3,"d":"824.30"},{"v":824.3,"d":"824.30"},1,{"v":750,"d":"750.00"},{"v":10,"d":"10.00"},{"v":75,"d":"75.00"},{"v":-90.9,"d":"-90.90"}]
["3854","11区06架03层","密封","6V-5658","卡特设备","件",{"$nulls":4},"2008-01-01",3,31.72,95.16,3,{"v":31,"d":"31.00"},{"v":10,"d":"10.00"},{"v":9.3,"d":"9.30"},-90.23]
["3855","11区06架03层","密封","7N8512","卡特设备","件",{"$nulls":4},"2008-01-01",4,167.09,668.36,4,{"v":132,"d":"132.00"},{"v":10,"d":"10.00"},{"v":52.8,"d":"52.80"},{"v":-92.1,"d":"-92.10"}]
["3856","11区06架03层","密封","2H6184","卡特设备","件",{"$nulls":4},"2008-01-01",2,30.43,60.86,2,{"v":29,"d":"29.00"},{"v":10,"d":"10.00"},{"v":5.8,"d":"5.80"},-90.47]
["3857","11区06架05层","密封","9W8696","卡特设备","件",{"$nulls":4},"2008-01-01",10,6183.41,{"v":61834.1,"d":"61834.10"},10,{"v":5800,"d":"5,800.00"},{"v":10,"d":"10.00"},{"v":5800,"d":"5,800.00"},-90.62]
["3858","11区06排02层","密封",1266514,"卡特设备","件",{"$nulls":4},"2008-01-01",1,16.89,16.89,1,{"v":16,"d":"16.00"},{"v":10,"d":"10.00"},{"v":1.6,"d":"1.60"},-90.53]
["3859","11区06排02层","密封",1266516,"卡特设备","件",{"$nulls":4},"2008-01-01",1,17.78,17.78,1,{"v":17,"d":"17.00"},{"v":10,"d":"10.00"},{"v":1.7,"d":"1.70"},-90.44]
["3860","11区06排02层","密封",1266515,"卡特设备","件",{"$nulls":4},"2008-01-01",1,16.89,16.89,1,{"v":16,"d":"16.00"},{"v":10,"d":"10.00"},{"v":1.6,"d":"1.60"},-90.53]
["3861","11区06排02层","密封","118-4341","卡特设备","件",{"$nulls":4},"2008-01-01",1,232.75,232.75,1,{"v":225,"d":"225.00"},{"v":10,"d":"10.00"},{"v":22.5,"d":"22.50"},-90.33]
["3862","11区07架02层","密封","07000-13035","小松装载机","件",{"$nulls":4},"2008-01-01",1,6.21,6.21,1,{"v":6,"d":"6.00"},{"v":10,"d":"10.00"},{"v":0.6,"d":"0.60"},-90.34]
["3863","11区07排02层","密封","0960854","特雷克斯3311E矿车","件",{"$nulls":4},"2008-01-01",2,40.76,81.52,2,{"v":39,"d":"39.00"},{"v":10,"d":"10.00"},{"v":7.8,"d":"7.80"},-90.43]
["3864","11区07排02层","密封","0931434","特雷克斯3311E矿车","件",{"$nulls":4},"2008-01-01",2,71.11,142.22,2,{"v":69,"d":"69.00"},{"v":10,"d":"10.00"},{"v":13.8,"d":"13.80"},{"v":-90.3,"d":"-90.30"}]
["3865","11区08架02层","密封","426-09-11390","小松装载机","件",{"$nulls":4},"2009-01-01",2,17.78,35.56,2,{"v":17,"d":"17.00"},{"v":10,"d":"10.00"},{"v":3.4,"d":"3.40"},-90.44]
["3866","11区08架02层","密封","705-17-04470","小松装载机","件",{"$nulls":4},"2009-01-01",2,81.01,162.02,2,{"v":78,"d":"78.00"},{"v":10,"d":"10.00"},{"v":15.6,"d":"15.60"},-90.37]
["3867","11区08架02层","密封","07000-71009#","小松装载机","件",{"$nulls":4},"2009-01-01",4,0.01,0.04,4,{"v":1,"d":"1.00"},{"v":10,"d":"10.00"},{"v":0.4,"d":"0.40"},{"v":900,"d":"900.00"}]
["3868","11区08架05层","密封","8E2827","卡特设备","件",{"$nulls":4},"2009-01-01",3,88.88,266.64,3,{"v":86,"d":"86.00"},{"v":10,"d":"10.00"},{"v":25.8,"d":"25.80"},-90.32]
["3869","11区08排03层","密封","150-6739","卡特设备","件",{"$nulls":4},"2009-01-01",2,88.88,177.76,2,{"v":86,"d":"86.00"},{"v":10,"d":"10.00"},{"v":17.2,"d":"17.20"},-90.32]
["3870","11区08排03层","密封","00003","卡特设备","件",{"$nulls":4},"2009-01-01",3,0.01,0.03,3,{"v":1,"d":"1.00"},{"v":10,"d":"10.00"},{"v":0.3,"d":"0.30"},{"v":900,"d":"900.00"}]
["3871","11区08排03层","密封","150-6738","卡特设备","件",{"$nulls":4},"2009-01-01",2,88.88,177.76,2,{"v":86,"d":"86.00"},{"v":10,"d":"10.00"},{"v":17.2,"d":"17.20"},-90.32]
["3872","11区09架02层","密封","07000-62016","小松装载机","件",{"$nulls":4},"2008-01-01",1,{"v":16.2,"d":"16.20"},{"v":16.2,"d":"16.20"},1,{"v":16,"d":"16.00"},{"v":10,"d":"10.00"},{"v":1.6,"d":"1.60"},-90.12]
["3873","11区09架03层","密封","07000-63040","小松装载机","件",{"$nulls":4},"2008-01-01",1,22.96,22.96,1,{"v":22,"d":"22.00"},{"v":10,"d":"10.00"},{"v":2.2,"d":"2.20"},-90.42]
["3874","11区10架02层","密封","171-8710","卡特设备","件",{"$nulls":4},"2009-01-01",1,750.22,750.22,1,{"v":783,"d":"783.00"},{"v":10,"d":"10.00"},{"v":78.3,"d":"78.30"},-89.56]
["3875","11区10架02层","密封","07000-05160","小松装载机","件",{"$nulls":4},"2009-01-01",2,53.03,106.06,2,{"v":51,"d":"51.00"},{"v":10,"d":"10.00"},{"v":10.2,"d":"10.20"},-90.38]
["3876","11区10架03层","密封","07000-33032","小松装载机","件",{"$nulls":4},"2011-11-01",1,{"v":30.8,"d":"30.80"},{"v":30.8,"d":"30.80"},1,{"v":30,"d":"30.00"},{"v":11,"d":"11.00"},{"v":3.3,"d":"3.30"},-89.29]
["3877","11区10架03层","密封","705-17-04481","小松装载机","件",{"$nulls":4},"2009-01-01",2,47.62,95.24,2,{"v":46,"d":"46.00"},{"v":10,"d":"10.00"},{"v":9.2,"d":"9.20"},-90.34]
["3878","11区11架02层","密封","07000-15220","小松装载机","件",{"$nulls":4},"2009-01-01",6,{"v":74.1,"d":"74.10"},{"v":444.6,"d":"444.60"},6,{"v":72,"d":"72.00"},{"v":10,"d":"10.00"},{"v":43.2,"d":"43.20"},-90.28]
["3879","11区11架02层","密封","07000-13028","小松装载机","件",{"$nulls":4},"2009-01-01",2,4.54,9.08,2,{"v":4,"d":"4.00"},{"v":10,"d":"10.00"},{"v":0.8,"d":"0.80"},-91.19]
["3880","11区11架02层","密封","07002-03034","小松装载机","件",{"$nulls":4},"2009-01-01",4,{"v":36.4,"d":"36.40"},{"v":145.6,"d":"145.60"},4,{"v":35,"d":"35.00"},{"v":10,"d":"10.00"},{"v":14,"d":"14.00"},-90.38]
["3881","11区11架02层","密封","07000-72014#","小松装载机","件",{"$nulls":4},"2009-01-01",3,0.01,0.03,3,{"v":1,"d":"1.00"},{"v":10,"d":"10.00"},{"v":0.3,"d":"0.30"},{"v":900,"d":"900.00"}]
["3882","11区11架02层","密封","07000-33048#","小松装载机","件",{"$nulls":4},"2009-01-01",3,0.01,0.03,3,{"v":1,"d":"1.00"},{"v":10,"d":"10.00"},{"v":0.3,"d":"0.30"},{"v":900,"d":"900.00"}]
["3883","11区11架02层","密封","07000-73035#","小松装载机","件",{"$nulls":4},"2009-01-01",1,0.01,0.01,1,{"v":1,"d":"1.00"},{"v":10,"d":"10.00"},{"v":0.1,"d":"0.10"},{"v":900,"d":"900.00"}]
["3884","11区11架02层","密封","07000-15275#","小松装载机","件",{"$nulls":4},"2009-01-01",2,0.01,0.02,2,{"v":1,"d":"1.00"},{"v":10,"d":"10.00"},{"v":0.2,"d":"0.20"},{"v":900,"d":"900.00"}]
["3885","11区11架02层","密封","07000-63038#","小松装载机","件",{"$nulls":4},"2009-01-01",4,0.01,0.04,4,{"v":1,"d":"1.00"},{"v":10,"d":"10.00"},{"v":0.4,"d":"0.40"},{"v":900,"d":"900.00"}]
["3886","11区12架02层","密封","6J2419","卡特设备","件",{"$nulls":4},"2008-01-01",1,15.11,15.11,1,{"v":15,"d":"15.00"},{"v":10,"d":"10.00"},{"v":1.5,"d":"1.50"},-90.07]
["3887","11区12架02层","密封","9X7371","卡特设备","件",{"$nulls":4},"2009-01-01",1,169.08,169.08,1,{"v":164,"d":"164.00"},{"v":10,"d":"10.00"},{"v":16.4,"d":"16.40"},{"v":-90.3,"d":"-90.30"}]
["3888","11区12架02层","密封","5J3326","卡特设备","件",{"$nulls":4},"2009-01-01",1,321.86,321.86,1,{"v":280,"d":"280.00"},{"v":10,"d":"10.00"},{"v":28,"d":"28.00"},{"v":-91.3,"d":"-91.30"}]
["3889","11区12架02层","密封","1P3702","卡特设备","件",{"$nulls":4},"2009-01-01",3,13.22,39.66,3,{"v":13,"d":"13.00"},{"v":10,"d":"10.00"},{"v":3.9,"d":"3.90"},-90.17]
["3890","11区12架03层","密封","4J0520#","卡特设备","件",{"$nulls":4},"2008-01-01",6,0.01,0.06,6,{"v":1,"d":"1.00"},{"v":10,"d":"10.00"},{"v":0.6,"d":"0.60"},{"v":900,"d":"900.00"}]
["3891","11区12架03层","密封","6V4314","卡特设备","件",{"$nulls":4},"2009-01-01",4,211.54,846.16,4,{"v":132,"d":"132.00"},{"v":10,"d":"10.00"},{"v":52.8,"d":"52.80"},-93.76]
["3892","11区12架03层","密封","4J2506","卡特设备","件",{"$nulls":4},"2011-11-01",10,6.53,{"v":65.3,"d":"65.30"},10,{"v":6,"d":"6.00"},{"v":11,"d":"11.00"},{"v":6.6,"d":"6.60"},-89.89]
["3893","11区12排03层","密封","0875396","卡特设备","件",{"$nulls":4},"2009-01-01",2,394.18,788.36,2,{"v":280,"d":"280.00"},{"v":10,"d":"10.00"},{"v":56,"d":"56.00"},{"v":-92.9,"d":"-92.90"}]
["3894","11区13架02层","密封","8T8383","卡特设备","件",{"$nulls":4},"2011-11-01",2,112.22,224.44,2,{"v":132,"d":"132.00"},{"v":11,"d":"11.00"},29.04,-87.06]
["3895","11区13架03层","密封","5H7153#","卡特设备","件",{"$nulls":4},"2008-01-01",7,0.01,0.07,7,{"v":1,"d":"1.00"},{"v":10,"d":"10.00"},{"v":0.7,"d":"0.70"},{"v":900,"d":"900.00"}]
["3896","11区13架03层","密封","6T5247#","卡特设备","件",{"$nulls":4},"2008-01-01",2,0.01,0.02,2,{"v":1,"d":"1.00"},{"v":10,"d":"10.00"},{"v":0.2,"d":"0.20"},{"v":900,"d":"900.00"}]
["3897","11区13架04层","密封","174-2475","卡特设备","件",{"$nulls":4},"2008-01-01",1,344.85,344.85,1,{"v":280,"d":"280.00"},{"v":10,"d":"10.00"},{"v":28,"d":"28.00"},-91.88]
["3898","11区13排02层","密封",1259571,"卡特设备","件",{"$nulls":4},"2008-01-01",2,346.31,692.62,2,{"v":280,"d":"280.00"},{"v":10,"d":"10.00"},{"v":56,"d":"56.00"},-91.91]
["3899","11区13排02层","密封","0951585","特雷克斯3311E矿车","件",{"$nulls":4},"2008-01-01",1,9.66,9.66,1,{"v":9,"d":"9.00"},{"v":10,"d":"10.00"},{"v":0.9,"d":"0.90"},-90.68]
["3900","11区13排03层","密封",1559148,"特雷克斯3311E矿车","件",{"$nulls":4},"2008-01-01",1,{"v":158.2,"d":"158.20"},{"v":158.2,"d":"158.20"},1,{"v":132,"d":"132.00"},{"v":10,"d":"10.00"},{"v":13.2,"d":"13.20"},-91.66]
["3901","11区13排03层","密封","114-4427#","卡特设备","件",{"$nulls":4},"2008-01-01",2,0.01,0.02,2,{"v":1,"d":"1.00"},{"v":10,"d":"10.00"},{"v":0.2,"d":"0.20"},{"v":900,"d":"900.00"}]
["3902","11区14架02层","密封","5F3144","卡特设备","件",{"$nulls":4},"2009-01-01",3,149.31,447.93,3,{"v":132,"d":"132.00"},{"v":10,"d":"10.00"},{"v":39.6,"d":"39.60"},-91.16]
["3903","11区14架03层","密封","6M5218","卡特设备","件",{"$nulls":4},"2009-01-01",3,88.88,266.64,3,{"v":86,"d":"86.00"},{"v":10,"d":"10.00"},{"v":25.8,"d":"25.80"},-90.32]
["3904","11区14架04层","密封","9X4588","卡特设备","件",{"$nulls":4},"2009-01-01",1,3038.75,3038.75,1,{"v":2800,"d":"2,800.00"},{"v":10,"d":"10.00"},{"v":280,"d":"280.00"},-90.79]
["3905","11区15架02层","密封","3J1907","卡特设备","件",{"$nulls":4},"2009-01-01",2,6.82,13.64,2,{"v":7,"d":"7.00"},{"v":10,"d":"10.00"},{"v":1.4,"d":"1.40"},-89.74]
["3906","11区15架02层","密封","6V8400","卡特设备","件",{"$nulls":4},"2009-01-01",3,8.94,26.82,3,{"v":9,"d":"9.00"},{"v":10,"d":"10.00"},{"v":2.7,"d":"2.70"},-89.93]
["3907","11区15架02层","密封","4J5309","卡特设备","件",{"$nulls":4},"2009-01-01",16,8.89,142.24,16,{"v":9,"d":"9.00"},{"v":10,"d":"10.00"},{"v":14.4,"d":"14.40"},-89.88]
["3908","11区15架02层","密封","3D2824","卡特设备","件",{"$nulls":4},"2009-01-01",10,9.99,{"v":99.9,"d":"99.90"},10,{"v":10,"d":"10.00"},{"v":10,"d":"10.00"},{"v":10,"d":"10.00"},-89.99]
["3909","11区15架02层","密封","3K0360","卡特设备","件",{"$nulls":4},"2009-01-01",4,8.47,33.88,4,{"v":8,"d":"8.00"},{"v":10,"d":"10.00"},{"v":3.2,"d":"3.20"},-90.55]
["3910","11区15架02层","密封","1P3708","卡特设备","件",{"$nulls":4},"2009-01-01",1,27.38,27.38,1,{"v":27,"d":"27.00"},{"v":10,"d":"10.00"},{"v":2.7,"d":"2.70"},-90.14]
["3911","11区15架02层","密封","4J5351","卡特设备","件",{"$nulls":4},"2009-01-01",2,9.08,18.16,2,{"v":9,"d":"9.00"},{"v":10,"d":"10.00"},{"v":1.8,"d":"1.80"},-90.09]
["3912","11区15架03层","密封","6215-61-7380","小松装载机","件",{"$nulls":4},"2009-01-01",4,64.88,259.52,4,{"v":63,"d":"63.00"},{"v":10,"d":"10.00"},{"v":25.2,"d":"25.20"},-90.29]
["3913","11区15架03层","密封","07018-20653","小松装载机","件",{"$nulls":4},"2009-01-01",1,693.93,693.93,1,{"v":550,"d":"550.00"},{"v":10,"d":"10.00"},{"v":55,"d":"55.00"},-92.07]
["3914","11区15架03层","密封","6215-61-7540","小松装载机","颗",{"$nulls":4},"2009-01-01",4,5.41,21.64,4,{"v":5,"d":"5.00"},{"v":10,"d":"10.00"},{"v":2,"d":"2.00"},-90.76]
["3915","11区15架03层","密封","6215-61-7370","小松装载机","件",{"$nulls":4},"2009-01-01",4,{"v":16.2,"d":"16.20"},{"v":64.8,"d":"64.80"},4,{"v":16,"d":"16.00"},{"v":10,"d":"10.00"},{"v":6.4,"d":"6.40"},-90.12]
["3916","11区15架03层","密封","8N0886","卡特设备","件",{"$nulls":4},"2009-01-01",1,{"v":221,"d":"221.00"},{"v":221,"d":"221.00"},1,{"v":132,"d":"132.00"},{"v":10,"d":"10.00"},{"v":13.2,"d":"13.20"},-94.03]
["3917","11区15架03层","密封","424-16-11630","小松装载机","件",{"$nulls":4},"2009-01-01",105,4.05,425.25,105,{"v":4,"d":"4.00"},{"v":10,"d":"10.00"},{"v":42,"d":"42.00"},-90.12]
["3918","11区15架03层","密封","705-17-03473","小松装载机","件",{"$nulls":4},"2009-01-01",3,69.32,207.96,3,{"v":67,"d":"67.00"},{"v":10,"d":"10.00"},{"v":20.1,"d":"20.10"},-90.33]
["3919","11区15架03层","密封","07002-01023","小松装载机","件",{"$nulls":4},"2009-01-01",2,{"v":9.8,"d":"9.80"},{"v":19.6,"d":"19.60"},2,{"v":9,"d":"9.00"},{"v":10,"d":"10.00"},{"v":1.8,"d":"1.80"},-90.82]
["3920","11区15架03层","密封","07000-02010","小松装载机","件",{"$nulls":4},"2009-01-01",12,2.53,30.36,12,{"v":2,"d":"2.00"},{"v":10,"d":"10.00"},{"v":2.4,"d":"2.40"},-92.09]
["3921","11区15架03层","密封","5P9120","卡特设备","件",{"$nulls":4},"2009-01-01",4,63.91,255.64,4,{"v":62,"d":"62.00"},{"v":10,"d":"10.00"},{"v":24.8,"d":"24.80"},{"v":-90.3,"d":"-90.30"}]
["3922","11区15排02层","密封","0951706","特雷克斯3311E矿车","件",{"$nulls":4},"2009-01-01",2,25.12,50.24,2,{"v":24,"d":"24.00"},{"v":10,"d":"10.00"},{"v":4.8,"d":"4.80"},-90.45]
["3923","11区15排02层","密封",1559150,"特雷克斯3311E矿车","件",{"$nulls":4},"2009-01-01",1,188.42,188.42,1,{"v":132,"d":"132.00"},{"v":10,"d":"10.00"},{"v":13.2,"d":"13.20"},-92.99]
["3924","11区15排02层","密封","0951730","特雷克斯3311E矿车","件",{"$nulls":4},"2009-01-01",1,50.13,50.13,1,{"v":49,"d":"49.00"},{"v":10,"d":"10.00"},{"v":4.9,"d":"4.90"},-90.23]
["3925","11区15排03层","密封","109-0881","卡特设备","件",{"$nulls":4},"2009-01-01",2,613.54,1227.08,2,{"v":500,"d":"500.00"},{"v":10,"d":"10.00"},{"v":100,"d":"100.00"},-91.85]
["3926","11区16架02层","密封","705-17-04382","小松装载机","件",{"$nulls":4},"2009-01-01",1,108.41,108.41,1,{"v":105,"d":"105.00"},{"v":10,"d":"10.00"},{"v":10.5,"d":"10.50"},-90.31]
["3927","11区16架03层","密封","424-16-11130","小松装载机","件",{"$nulls":4},"2009-01-01",15,33.12,{"v":496.8,"d":"496.80"},15,{"v":32,"d":"32.00"},{"v":10,"d":"10.00"},{"v":48,"d":"48.00"},-90.34]
["3928","11区16架03层","密封",1838067,"卡特设备","件",{"$nulls":4},"2009-01-01",3,17.71,53.13,3,{"v":17,"d":"17.00"},{"v":10,"d":"10.00"},{"v":5.1,"d":"5.10"},{"v":-90.4,"d":"-90.40"}]
["3929","11区17架02层","密封","178-63-22460#","小松装载机","件",{"$nulls":4},"2009-01-01",1,0.01,0.01,1,{"v":1,"d":"1.00"},{"v":10,"d":"10.00"},{"v":0.1,"d":"0.10"},{"v":900,"d":"900.00"}]
["3930","11区17架02层","密封","426-09-11380","小松装载机","件",{"$nulls":4},"2009-01-01",1,17.78,17.78,1,{"v":17,"d":"17.00"},{"v":10,"d":"10.00"},{"v":1.7,"d":"1.70"},-90.44]
["3931","11区17架02层","密封","07012-10095#","小松装载机","件",{"$nulls":4},"2009-01-01",2,0.01,0.02,2,{"v":1,"d":"1.00"},{"v":10,"d":"10.00"},{"v":0.2,"d":"0.20"},{"v":900,"d":"900.00"}]
["3932","11区17架02层","密封","707-35-52860#","小松装载机","件",{"$nulls":4},"2009-01-01",1,0.01,0.01,1,{"v":1,"d":"1.00"},{"v":10,"d":"10.00"},{"v":0.1,"d":"0.10"},{"v":900,"d":"900.00"}]
["3933","11区17架02层","密封","6210-11-1840","小松装载机","件",{"$nulls":4},"2009-01-01",3,15.24,45.72,3,{"v":15,"d":"15.00"},{"v":10,"d":"10.00"},{"v":4.5,"d":"4.50"},-90.16]
["3934","11区17架02层","密封","705-17-03440","小松装载机","件",{"$nulls":4},"2009-01-01",2,{"v":90.3,"d":"90.30"},{"v":180.6,"d":"180.60"},2,{"v":87,"d":"87.00"},{"v":10,"d":"10.00"},{"v":17.4,"d":"17.40"},-90.37]
["3935","11区17架02层","密封","705-17-03850","小松装载机","件",{"$nulls":4},"2009-01-01",2,{"v":197.3,"d":"197.30"},{"v":394.6,"d":"394.60"},2,{"v":132,"d":"132.00"},{"v":10,"d":"10.00"},{"v":26.4,"d":"26.40"},-93.31]
["3936","11区17架03层","密封","07000-62100","小松装载机","件",{"$nulls":4},"2009-01-01",4,106.19,424.76,4,{"v":103,"d":"103.00"},{"v":10,"d":"10.00"},{"v":41.2,"d":"41.20"},{"v":-90.3,"d":"-90.30"}]
["3937","11区17架03层","密封","7I0966","卡特设备","件",{"$nulls":4},"2009-01-01",2,334.45,{"v":668.9,"d":"668.90"},2,{"v":280,"d":"280.00"},{"v":10,"d":"10.00"},{"v":56,"d":"56.00"},-91.63]
["3938","11区17架03层","密封","07000-12095","小松装载机","件",{"$nulls":4},"2009-01-01",2,20.35,{"v":40.7,"d":"40.70"},2,{"v":20,"d":"20.00"},{"v":10,"d":"10.00"},{"v":4,"d":"4.00"},-90.17]
["3939","11区17架03层","密封","421-09-11330","小松装载机","件",{"$nulls":4},"2009-01-01",4,236.61,946.44,4,{"v":132,"d":"132.00"},{"v":10,"d":"10.00"},{"v":52.8,"d":"52.80"},-94.42]
["3940","11区17架03层","密封","707-35-52840#","小松装载机","件",{"$nulls":4},"2009-01-01",2,0.01,0.02,2,{"v":1,"d":"1.00"},{"v":10,"d":"10.00"},{"v":0.2,"d":"0.20"},{"v":900,"d":"900.00"}]
["3941","11区17架03层","密封","707-44-28180#","小松装载机","件",{"$nulls":4},"2009-01-01",1,0.01,0.01,1,{"v":1,"d":"1.00"},{"v":10,"d":"10.00"},{"v":0.1,"d":"0.10"},{"v":900,"d":"900.00"}]
["3942","11区17架04层","密封","8T0198","卡特设备","件",{"$nulls":4},"2009-01-01",20,8.89,{"v":177.8,"d":"177.80"},20,{"v":9,"d":"9.00"},{"v":10,"d":"10.00"},{"v":18,"d":"18.00"},-89.88]
["3943","11区17排03层","密封","095-1785","卡特设备","件",{"$nulls":4},"2009-01-01",2,36.78,73.56,2,{"v":36,"d":"36.00"},{"v":10,"d":"10.00"},{"v":7.2,"d":"7.20"},-90.21]
["3944","11区18架02层","密封","426-15-19270","小松装载机","件",{"$nulls":4},"2009-01-01",10,933.22,{"v":9332.2,"d":"9332.20"},10,{"v":800,"d":"800.00"},{"v":10,"d":"10.00"},{"v":800,"d":"800.00"},-91.43]
["3945","11区18架03层","密封","8C5196#","卡特设备","件",{"$nulls":4},"2009-01-01",5,0.01,0.05,5,{"v":1,"d":"1.00"},{"v":10,"d":"10.00"},{"v":0.5,"d":"0.50"},{"v":900,"d":"900.00"}]
["3946","11区18架03层","密封",1694166,"卡特设备","件",{"$nulls":4},"2009-01-01",1,279.97,279.97,1,{"v":280,"d":"280.00"},{"v":10,"d":"10.00"},{"v":28,"d":"28.00"},{"v":-90,"d":"-90.00"}]
["3947","11区18架03层","密封","1H7339","卡特设备","件",{"$nulls":4},"2009-01-01",2,29.71,59.42,2,{"v":29,"d":"29.00"},{"v":10,"d":"10.00"},{"v":5.8,"d":"5.80"},-90.24]
["3948","11区18架03层","密封","4W2110#","卡特设备","件",{"$nulls":4},"2009-01-01",2,0.01,0.02,2,{"v":1,"d":"1.00"},{"v":10,"d":"10.00"},{"v":0.2,"d":"0.20"},{"v":900,"d":"900.00"}]
["3949","11区18架04层","密封","566-09-31660(566-09-31161)","小松装载机","件",{"$nulls":4},"2009-01-01",2,{"v":1117.2,"d":"1117.20"},{"v":2234.4,"d":"2234.40"},2,{"v":999,"d":"999.00"},{"v":10,"d":"10.00"},{"v":199.8,"d":"199.80"},-91.06]
["3950","11区14排03层","门锁总成",15252993,"特雷克斯3311E矿车","件",{"$nulls":4},"2010-01-01",2,218.95,{"v":437.9,"d":"437.90"},2,{"v":212.1,"d":"212.10"},{"v":10,"d":"10.00"},42.42,-90.31]
["3951","11区02架02层","卡圈","4T4143#","卡特设备","件",{"$nulls":4},"2009-01-01",1,0.01,0.01,1,{"v":28,"d":"28.00"},{"v":10,"d":"10.00"},{"v":2.8,"d":"2.80"},{"v":27900,"d":"27,900.00"}]
["3952","11区06架03层","门锁","8T0789","卡特设备","件",{"$nulls":4},"2008-01-01",4,23.18,92.72,4,22.45,{"v":10,"d":"10.00"},8.98,-90.31]
["3953","11区07排03层","门密封条","09049790","特雷克斯3311E矿车","件",{"$nulls":4},"2009-01-01",2,8.89,17.78,2,{"v":9,"d":"9.00"},{"v":10,"d":"10.00"},{"v":1.8,"d":"1.80"},-89.88]
["3954","11区01排03层","密封垫","09034481","特雷克斯3311E矿车","件",{"$nulls":4},"2009-01-01",10,10.67,{"v":106.7,"d":"106.70"},10,{"v":10,"d":"10.00"},{"v":10,"d":"10.00"},{"v":10,"d":"10.00"},-90.63]
["3955","11区01排03层","螺栓",3896231,"特雷克斯3311E矿车","件",{"$nulls":4},"2009-01-01",20,1.29,{"v":25.8,"d":"25.80"},20,1.25,{"v":10,"d":"10.00"},{"v":2.5,"d":"2.50"},-90.31]
["3956","11区02架02层","弹簧","3H1118","卡特设备","件",{"$nulls":4},"2009-01-01",1,1.07,1.07,1,1.04,{"v":10,"d":"10.00"},{"v":0.1,"d":"0.10"},-90.65]
["3957","11区04架04层","滤芯","714-07-28701","小松装载机","件",{"$nulls":4},"2009-01-01",3,1971.41,5914.23,3,{"v":1893,"d":"1,893.00"},{"v":10,"d":"10.00"},{"v":567.9,"d":"567.90"},{"v":-90.4,"d":"-90.40"}]
["3958","11区04排05层","滤芯","142-1404","卡特设备","件",{"$nulls":4},"2008-01-01",5,345.74,{"v":1728.7,"d":"1728.70"},5,{"v":200,"d":"200.00"},{"v":10,"d":"10.00"},{"v":100,"d":"100.00"},-94.22]
["3959","11区11架04层","滤芯","4I1278","卡特设备","件",{"$nulls":4},"2008-01-01",2,539.67,1079.34,2,{"v":380,"d":"380.00"},{"v":10,"d":"10.00"},{"v":76,"d":"76.00"},-92.96]
["3960","11区13架05层","滤芯","204-0912","卡特设备","件",{"$nulls":4},"2008-01-01",1,1848.67,1848.67,1,{"v":1680,"d":"1,680.00"},{"v":10,"d":"10.00"},{"v":168,"d":"168.00"},-90.91]
["3961","11区16架02层","滤芯","W750-150S#","小松装载机","件",{"$nulls":4},"2008-01-01",1,0.01,0.01,1,{"v":38,"d":"38.00"},{"v":10,"d":"10.00"},{"v":3.8,"d":"3.80"},{"v":37900,"d":"37,900.00"}]
["3962","11区03排04层","滚子总成","3216-6453-80#","小松装载机","件",{"$nulls":4},"2008-01-01",9,0.01,0.09,9,{"v":24,"d":"24.00"},{"v":10,"d":"10.00"},{"v":21.6,"d":"21.60"},{"v":23900,"d":"23,900.00"}]
["3963","11区16架03层","滤网","07056-00048","小松装载机","件",{"$nulls":4},"2009-01-01",2,{"v":190.2,"d":"190.20"},{"v":380.4,"d":"380.40"},2,{"$nulls":3},{"v":-100,"d":"-100.00"}]
["3964","11区16排02层","螺丝","00454993","卡特设备","件",{"$nulls":4},"2009-01-01",12,10.26,123.12,12,9.94,{"v":10,"d":"10.00"},11.93,-90.31]
["3965","11区01架01层","螺栓","7X0386","卡特设备","件",{"$nulls":4},"2009-01-01",91,26.66,2426.06,91,{"v":20,"d":"20.00"},{"v":10,"d":"10.00"},{"v":182,"d":"182.00"},{"v":-92.5,"d":"-92.50"}]
["3966","11区01架04层","螺栓","6164-81-9910","小松装载机","件",{"$nulls":4},"2009-01-01",8,85.74,685.92,8,83.06,{"v":10,"d":"10.00"},66.45,-90.31]
["3967","11区01排03层","螺栓",3020186,"特雷克斯3311E矿车","件",{"$nulls":4},"2009-01-01",20,1.14,{"v":22.8,"d":"22.80"},20,{"v":1.1,"d":"1.10"},{"v":10,"d":"10.00"},{"v":2.2,"d":"2.20"},-90.35]
["3968","11区01排03层","控制器",15041808,"特雷克斯3311E矿车","件",{"$nulls":4},"2009-01-01",1,502.77,502.77,1,487.03,{"v":10,"d":"10.00"},{"v":48.7,"d":"48.70"},-90.31]
["3969","11区01排03层","换档气缸修理包","8T-160/08-11/055","卡特设备","件",{"$nulls":4},"2009-01-01",2,28.44,56.88,2,27.55,{"v":10,"d":"10.00"},5.51,-90.31]
["3970","11区02架03层","密封","124-3972","卡特设备","件",{"$nulls":4},"2009-01-01",1,{"v":959,"d":"959.00"},{"v":959,"d":"959.00"},1,{"v":999,"d":"999.00"},{"v":10,"d":"10.00"},{"v":99.9,"d":"99.90"},-89.58]
["3971","11区05排02层","螺栓","S155","卡特设备","件",{"$nulls":4},"2009-01-01",19,10.67,202.73,19,10.34,{"v":10,"d":"10.00"},19.65,-90.31]
["3972","11区06架02层","螺栓","7X2454","卡特设备","件",{"$nulls":4},"2009-01-01",4,{"v":95.1,"d":"95.10"},{"v":380.4,"d":"380.40"},4,92.12,{"v":10,"d":"10.00"},36.85,-90.31]
["3973","11区06架02层","螺栓","7T0998","卡特设备","件",{"$nulls":4},"2012-01-01",1,70.85,70.85,1,68.63,{"v":13,"d":"13.00"},8.92,-87.41]
["3974","11区06架04层","螺栓","7X0338","卡特设备","件",{"$nulls":4},"2009-01-01",20,10.67,{"v":213.4,"d":"213.40"},20,10.34,{"v":10,"d":"10.00"},20.68,-90.31]
["3975","11区06排02层","螺栓",15036041,"特雷克斯3311E矿车","件",{"$nulls":4},"2008-01-01",20,13.33,{"v":266.6,"d":"266.60"},20,12.91,{"v":10,"d":"10.00"},25.82,-90.32]
["3976","11区07架02层","螺栓","S159B","卡特设备","件",{"$nulls":4},"2008-01-01",5,8.75,43.75,5,8.48,{"v":10,"d":"10.00"},4.24,-90.31]
["3977","11区07排02层","螺栓","09114897","特雷克斯3311E矿车","件",{"$nulls":4},"2008-01-01",4,27.35,{"v":109.4,"d":"109.40"},4,26.49,{"v":10,"d":"10.00"},{"v":10.6,"d":"10.60"},-90.31]
["3978","11区08架02层","螺栓","8T4244","卡特设备","件",{"$nulls":4},"2012-10-01",8,3.75,{"v":30,"d":"30.00"},8,3.63,{"v":20,"d":"20.00"},5.81,-80.63]
["3979","11区08架02层","螺栓","7X0356","卡特设备","件",{"$nulls":4},"2012-10-01",4,36.07,144.28,4,34.94,{"v":20,"d":"20.00"},27.95,-80.63]
["3980","11区09排02层","螺栓","175-71-11454","小松装载机","件",{"$nulls":4},"2008-01-01",7,16.71,116.97,7,{"v":20,"d":"20.00"},{"v":10,"d":"10.00"},{"v":14,"d":"14.00"},-88.03]
["3981","11区09排02层","螺栓","175-71-11463","小松装载机","件",{"$nulls":4},"2008-01-01",8,19.55,{"v":156.4,"d":"156.40"},8,18.94,{"v":10,"d":"10.00"},15.15,-90.31]
["3982","11区09排03层","螺栓","01010-50870","小松装载机","件",{"$nulls":4},"2008-01-01",2,2.28,4.56,2,2.21,{"v":10,"d":"10.00"},0.44,-90.35]
["3983","11区10架03层","螺栓",206326,"卡特设备","件",{"$nulls":4},"2008-01-01",10,72.82,{"v":728.2,"d":"728.20"},10,{"v":65,"d":"65.00"},{"v":10,"d":"10.00"},{"v":65,"d":"65.00"},-91.07]
["3984","11区10架03层","螺栓","01010-61265","小松装载机","件",{"$nulls":4},"2009-01-01",8,13.33,106.64,8,12.91,{"v":10,"d":"10.00"},10.33,-90.31]
["3985","11区11架03层","螺栓","5C6565","卡特设备","件",{"$nulls":4},"2008-01-01",4,5.33,21.32,4,5.16,{"v":10,"d":"10.00"},2.06,-90.34]
["3986","11区11架03层","螺栓","3B2968","卡特设备","件",{"$nulls":4},"2008-01-01",2,{"v":32,"d":"32.00"},{"v":64,"d":"64.00"},2,{"v":31,"d":"31.00"},{"v":10,"d":"10.00"},{"v":6.2,"d":"6.20"},-90.31]
["3987","11区11架03层","螺栓","7X0315","卡特设备","件",{"$nulls":4},"2008-01-01",3,10.58,31.74,3,10.25,{"v":10,"d":"10.00"},3.08,{"v":-90.3,"d":"-90.30"}]
["3988","11区11架03层","螺栓","7X0349","卡特设备","件",{"$nulls":4},"2012-10-01",4,22.51,90.04,4,21.81,{"v":20,"d":"20.00"},17.45,-80.62]
["3989","11区11架03层","螺栓","6H1917#","卡特设备","件",{"$nulls":4},"2008-01-01",8,0.01,0.08,8,{"v":20,"d":"20.00"},{"v":10,"d":"10.00"},{"v":16,"d":"16.00"},{"v":19900,"d":"19,900.00"}]
["3990","11区11架03层","螺栓","9B7237#","卡特设备","件",{"$nulls":4},"2008-01-01",7,0.01,0.07,7,{"v":20,"d":"20.00"},{"v":10,"d":"10.00"},{"v":14,"d":"14.00"},{"v":19900,"d":"19,900.00"}]
["3991","11区11排03层","螺栓","0S1585#","卡特设备","件",{"$nulls":4},"2008-01-01",4,0.01,0.04,4,{"v":20,"d":"20.00"},{"v":10,"d":"10.00"},{"v":8,"d":"8.00"},{"v":19900,"d":"19,900.00"}]
["3992","11区12架02层","螺栓","8T9393","卡特设备","件",{"$nulls":4},"2009-01-01",3,5.33,15.99,3,5.16,{"v":10,"d":"10.00"},1.55,-90.31]
["3993","11区12架03层","螺栓","8T8917","卡特设备","件",{"$nulls":4},"2009-01-01",50,7.11,{"v":355.5,"d":"355.50"},50,6.89,{"v":10,"d":"10.00"},34.45,-90.31]
["3994","11区12排03层","螺栓","0S1573","卡特设备","件",{"$nulls":4},"2009-01-01",6,{"v":15.4,"d":"15.40"},{"v":92.4,"d":"92.40"},6,{"v":20,"d":"20.00"},{"v":10,"d":"10.00"},{"v":12,"d":"12.00"},-87.01]
["3995","11区15架02层","螺栓","0S1589","卡特设备","件",{"$nulls":4},"2009-01-01",4,12.54,50.16,4,12.15,{"v":10,"d":"10.00"},4.86,-90.31]
["3996","11区15架03层","螺栓","8S2332","卡特设备","件",{"$nulls":4},"2009-01-01",2,85.93,171.86,2,83.24,{"v":10,"d":"10.00"},16.65,-90.31]
["3997","11区15排03层","螺栓",1163715,"卡特设备","件",{"$nulls":4},"2009-01-01",5,83.54,{"v":417.7,"d":"417.70"},5,80.93,{"v":10,"d":"10.00"},40.47,-90.31]
["3998","11区15排03层","螺栓","0S1592","卡特设备","件",{"$nulls":4},"2009-01-01",16,26.66,426.56,16,{"v":20,"d":"20.00"},{"v":10,"d":"10.00"},{"v":32,"d":"32.00"},{"v":-92.5,"d":"-92.50"}]
["3999","11区16排02层","螺栓",3335042,"特雷克斯3311E矿车","件",{"$nulls":4},"2009-01-01",40,0.92,{"v":36.8,"d":"36.80"},40,0.89,{"v":10,"d":"10.00"},3.56,-90.33]
["4000","11区16排03层","螺栓",15042749,"特雷克斯3311E矿车","件",{"$nulls":4},"2009-01-01",11,7.11,78.21,11,6.89,{"v":10,"d":"10.00"},7.58,-90.31]
["4001","11区17架02层","螺栓","8T4141","卡特设备","件",{"$nulls":4},"2009-01-01",8,43.76,350.08,8,42.39,{"v":10,"d":"10.00"},33.91,-90.31]
["4002","11区17架02层","螺栓","705-19-03470","小松装载机","件",{"$nulls":4},"2009-01-01",1,17.78,17.78,1,17.22,{"v":10,"d":"10.00"},1.72,-90.33]
["4003","11区01架03层","螺母","6685-11-5550","小松装载机","件",{"$nulls":4},"2009-01-01",4,35.55,{"v":142.2,"d":"142.20"},4,{"v":20,"d":"20.00"},{"v":10,"d":"10.00"},{"v":8,"d":"8.00"},-94.37]
["4004","11区07架02层","螺母","S270","特雷克斯3311E矿车","件",{"$nulls":4},"2008-01-01",5,2.56,{"v":12.8,"d":"12.80"},5,2.48,{"v":10,"d":"10.00"},1.24,-90.31]
["4005","11区07排02层","螺母","175-71-11530","小松装载机","件",{"$nulls":4},"2008-01-01",65,2.22,{"v":144.3,"d":"144.30"},65,2.15,{"v":10,"d":"10.00"},13.98,-90.31]
["4006","11区09排03层","螺母","01580-10806","小松装载机","件",{"$nulls":4},"2008-01-01",2,0.76,1.52,2,0.74,{"v":10,"d":"10.00"},0.15,-90.13]
["4007","11区10架02层","螺母","2J3505","卡特设备","件",{"$nulls":4},"2010-01-01",52,12.09,628.68,52,11.71,{"v":10,"d":"10.00"},60.89,-90.31]
["4008","11区11架03层","螺母","3E8017","卡特设备","件",{"$nulls":4},"2011-11-01",10,39.77,{"v":397.7,"d":"397.70"},10,38.53,{"v":11,"d":"11.00"},42.38,-89.34]
["4009","11区11架03层","螺母","1F0748#","卡特设备","件",{"$nulls":4},"2008-01-01",12,0.01,0.12,12,{"v":20,"d":"20.00"},{"v":10,"d":"10.00"},{"v":24,"d":"24.00"},{"v":19900,"d":"19,900.00"}]
["4010","11区11排03层","螺母","00190254","卡特设备","件",{"$nulls":4},"2008-01-01",8,22.22,177.76,8,{"v":20,"d":"20.00"},{"v":10,"d":"10.00"},{"v":16,"d":"16.00"},{"v":-91,"d":"-91.00"}]
["4011","11区14架03层","螺母","8T0122","卡特设备","件",{"$nulls":4},"2009-01-01",1,25.69,25.69,1,{"v":20,"d":"20.00"},{"v":10,"d":"10.00"},{"v":2,"d":"2.00"},-92.21]
["4012","11区08排02层","螺帽","01580-20806","小松装载机","件",{"$nulls":4},"2009-01-01",2,3.56,7.12,2,3.45,{"v":10,"d":"10.00"},0.69,-90.31]
["4013","11区05架03层","螺钉","425-54-16280","小松装载机","件",{"$nulls":4},"2009-01-01",8,6.22,49.76,8,6.03,{"v":10,"d":"10.00"},4.82,-90.31]
["4014","11区10排03层","螺钉","09003686","特雷克斯3311E矿车","件",{"$nulls":4},"2011-11-01",1,{"v":581.2,"d":"581.20"},{"v":581.2,"d":"581.20"},1,{"v":560,"d":"560.00"},{"v":11,"d":"11.00"},{"v":61.6,"d":"61.60"},{"v":-89.4,"d":"-89.40"}]
["4015","11区11排03层","螺钉","00110532","特雷克斯3311E矿车","件",{"$nulls":4},"2008-01-01",8,22.22,177.76,8,{"v":20,"d":"20.00"},{"v":10,"d":"10.00"},{"v":16,"d":"16.00"},{"v":-91,"d":"-91.00"}]
["4016","11区18排03层","螺钉","096-3216","卡特设备","件",{"$nulls":4},"2008-01-01",2,20.44,40.88,2,{"v":20,"d":"20.00"},{"v":10,"d":"10.00"},{"v":4,"d":"4.00"},-90.22]
["4017","11区04排01层","链接","150-4748","卡特设备","件",{"$nulls":4},"2009-01-01",3,1126.09,3378.27,3,{"v":1000,"d":"1,000.00"},{"v":10,"d":"10.00"},{"v":300,"d":"300.00"},-91.12]
["4018","11区04排01层","链接","150-4749","卡特设备","件",{"$nulls":4},"2009-01-01",3,1126.09,3378.27,3,{"v":1000,"d":"1,000.00"},{"v":10,"d":"10.00"},{"v":300,"d":"300.00"},-91.12]
["4019","11区09排01层","联轴器",1545558,"特雷克斯3311E矿车","件",{"$nulls":4},"2009-01-01",1,1258.69,1258.69,1,{"v":1000,"d":"1,000.00"},{"v":10,"d":"10.00"},{"v":100,"d":"100.00"},-92.06]
["4020","11区18排03层","联轴节","07332-02400","小松装载机","件",{"$nulls":4},"2008-01-01",3,106.35,319.05,3,103.02,{"v":10,"d":"10.00"},30.91,-90.31]
["4021","11区05排03层","联接套","9126-6171-00#","小松装载机","件",{"$nulls":4},"2008-01-01",4,0.01,0.04,4,{"v":12,"d":"12.00"},{"v":10,"d":"10.00"},{"v":4.8,"d":"4.80"},{"v":11900,"d":"11,900.00"}]
["4022","11区18排02层","连接销","00010","小松装载机","件",{"$nulls":4},"2008-01-01",2,0.01,0.02,2,{"v":50,"d":"50.00"},{"v":10,"d":"10.00"},{"v":10,"d":"10.00"},{"v":49900,"d":"49,900.00"}]
["4023","11区18排02层","连接盘总成","3216-8538-00","小松装载机","件",{"$nulls":4},"2008-01-01",1,{"v":2733.9,"d":"2733.90"},{"v":2733.9,"d":"2733.90"},1,{"v":2600,"d":"2,600.00"},{"v":10,"d":"10.00"},{"v":260,"d":"260.00"},-90.49]
["4024","11区01架04层","连接板","6162-13-5541","小松装载机","件",{"$nulls":4},"2009-01-01",1,1010.53,1010.53,1,{"v":978.9,"d":"978.90"},{"v":10,"d":"10.00"},97.89,-90.31]
["4025","11区08架02层","连杆密封","707-51-12030","小松装载机","件",{"$nulls":4},"2011-11-01",3,802.09,2406.27,3,{"v":800,"d":"800.00"},{"v":11,"d":"11.00"},{"v":264,"d":"264.00"},-89.03]
["4026","11区16架03层","犁土器举升缸修理包","242-2542","卡特设备","件",{"$nulls":4},"2008-01-01",1,856.69,856.69,1,{"v":800,"d":"800.00"},{"v":10,"d":"10.00"},{"v":80,"d":"80.00"},-90.66]
["4027","11区01排03层","瓜式联轴节毂",212613,"卡特设备","件",{"$nulls":4},"2009-01-01",2,141.72,283.44,2,137.28,{"v":10,"d":"10.00"},27.46,-90.31]
["4028","11区01排03层","发动机缓冲块",3046200,"特雷克斯3311E矿车","件",{"$nulls":4},"2009-01-01",2,52.19,104.38,2,50.56,{"v":10,"d":"10.00"},10.11,-90.31]
["4029","11区01排03层","O形圈","02466114","特雷克斯3311E矿车","个",{"$nulls":4},"2009-01-01",20,83.92,{"v":1678.4,"d":"1678.40"},20,{"v":70,"d":"70.00"},{"v":10,"d":"10.00"},{"v":140,"d":"140.00"},-91.66]
["4030","11区03排05层","推拉索",15045164,"特雷克斯3311E矿车","件",{"$nulls":4},"2009-01-01",2,79.97,159.94,2,77.47,{"v":10,"d":"10.00"},15.49,-90.32]
["4031","11区05架05层","空气滤芯","6127-81-7412","小松装载机","件",{"$nulls":4},"2008-01-01",4,695.93,2783.72,4,{"v":650,"d":"650.00"},{"v":10,"d":"10.00"},{"v":260,"d":"260.00"},-90.66]
["4032","11区07架05层","空气滤芯","600-181-4800","小松装载机","件",{"$nulls":4},"2008-01-01",1,786.65,786.65,1,{"v":650,"d":"650.00"},{"v":10,"d":"10.00"},{"v":65,"d":"65.00"},-91.74]
["4033","11区15排02层","开口销","0957944","特雷克斯3311E矿车","件",{"$nulls":4},"2008-01-01",3,13.33,39.99,3,12.91,{"v":10,"d":"10.00"},3.87,-90.32]
["4034","11区16排03层","开关面板","164-0655","卡特设备","件",{"$nulls":4},"2008-01-01",1,399.95,399.95,1,{"$nulls":3},{"v":-100,"d":"-100.00"}]
["4035","11区08架03层","开关","171-2210#","卡特设备","件",{"$nulls":4},"2008-01-01",1,0.01,0.01,1,{"$nulls":3},{"v":-100,"d":"-100.00"}]
["4036","11区16排02层","开关","128-2134","卡特设备","件",{"$nulls":4},"2008-01-01",1,8.89,8.89,1,{"$nulls":3},{"v":-100,"d":"-100.00"}]
["4037","11区17架02层","开关","22B-06-11910","特雷克斯3311E矿车","件",{"$nulls":4},"2008-01-01",1,817.68,817.68,1,{"$nulls":3},{"v":-100,"d":"-100.00"}]
["4038","11区16排02层","卡锁","09214341","特雷克斯3311E矿车","件",{"$nulls":4},"2008-01-01",2,98.29,196.58,2,95.21,{"v":10,"d":"10.00"},19.04,-90.31]
["4039","11区02架03层","卡箍","9X2201","卡特设备","件",{"$nulls":4},"2012-01-01",12,105.08,1260.96,12,{"v":102,"d":"102.00"},{"v":13,"d":"13.00"},159.12,-87.38]
["4040","11区02排02层","卡簧","09270000","特雷克斯3311E矿车","件",{"$nulls":4},"2009-01-01",50,3.56,{"v":178,"d":"178.00"},50,3.45,{"v":10,"d":"10.00"},17.25,-90.31]
["4041","11区18排03层","卡簧","107-8559","卡特设备","件",{"$nulls":4},"2008-01-01",9,54.56,491.04,9,52.85,{"v":10,"d":"10.00"},47.57,-90.31]
["4042","11区02排02层","卡环","09016985","特雷克斯3311E矿车","件",{"$nulls":4},"2009-01-01",2,497.72,995.44,2,482.14,{"v":10,"d":"10.00"},96.43,-90.31]
["4043","11区15架03层","卡环","04077-00110","小松装载机","件",{"$nulls":4},"2008-01-01",1,157.05,157.05,1,152.13,{"v":10,"d":"10.00"},15.21,-90.32]
["4044","11区17架02层","卡环","07018-31355#","小松装载机","件",{"$nulls":4},"2008-01-01",2,0.01,0.02,2,{"v":1,"d":"1.00"},{"v":10,"d":"10.00"},{"v":0.2,"d":"0.20"},{"v":900,"d":"900.00"}]
["4045","11区02架03层","灯总成","17A-06-17940(17A－06－17940LP)","小松装载机","件",{"$nulls":4},"2009-01-01",2,691.33,1382.66,2,{"v":580,"d":"580.00"},{"v":10,"d":"10.00"},{"v":116,"d":"116.00"},-91.61]
["4046","11区06架03层","举升油缸修理包","707-99-64030","小松装载机","件",{"$nulls":4},"2011-01-01",4,2370.94,9483.76,4,{"v":2000,"d":"2,000.00"},{"v":10,"d":"10.00"},{"v":800,"d":"800.00"},-91.56]
["4047","11区05排03层","举升控制阀密封修理包","05044389","特雷克斯3311E矿车","件",{"$nulls":4},"2009-01-01",8,75.55,{"v":604.4,"d":"604.40"},8,{"v":73,"d":"73.00"},{"v":10,"d":"10.00"},{"v":58.4,"d":"58.40"},-90.34]
["4048","11区14排02层","举升控制阀密封修理包",15044389,"特雷克斯3311E矿车","件",{"$nulls":4},"2009-01-01",12,{"v":71.1,"d":"71.10"},{"v":853.2,"d":"853.20"},12,{"v":69,"d":"69.00"},{"v":10,"d":"10.00"},{"v":82.8,"d":"82.80"},{"v":-90.3,"d":"-90.30"}]
["4049","11区01排03层","O形圈","09033874","特雷克斯3311E矿车","件",{"$nulls":4},"2009-01-01",10,13.33,{"v":133.3,"d":"133.30"},10,12.91,{"v":10,"d":"10.00"},12.91,-90.32]
["4050","11区06架02层","胶套","5P8112#","卡特设备","件",{"$nulls":4},"2008-01-01",1,0.01,0.01,1,null,null,0,{"v":-100,"d":"-100.00"}]
["4051","11区17排04层","胶套","00005","卡特设备","件",{"$nulls":4},"2008-01-01",27,0.01,0.27,27,null,null,0,{"v":-100,"d":"-100.00"}]
["4052","11区10架02层","减震胶套","7T-1776","卡特设备","件",{"$nulls":4},"2008-01-01",8,548.38,4387.04,8,null,null,0,{"v":-100,"d":"-100.00"}]
["4053","11区06架04层","减振垫","6N1572","卡特设备","件",{"$nulls":4},"2008-01-01",2,1492.94,2985.88,2,{"v":1080,"d":"1,080.00"},{"v":10,"d":"10.00"},{"v":216,"d":"216.00"},-92.77]
["4054","11区08架02层","间隔套","4P4369","卡特设备","件",{"$nulls":4},"2012-10-01",12,90.32,1083.84,12,87.49,{"v":20,"d":"20.00"},209.98,-80.63]
["4055","11区16架03层","间隔垫","178-5572","卡特设备","件",{"$nulls":4},"2008-01-01",5,11.55,57.75,5,{"$nulls":3},{"v":-100,"d":"-100.00"}]
["4056","11区05排02层","夹子",1241108,"卡特设备","件",{"$nulls":4},"2009-01-01",3,128.87,386.61,3,124.84,{"v":10,"d":"10.00"},37.45,-90.31]
["4057","11区06架03层","夹子","9X6654","卡特设备","件",{"$nulls":4},"2008-01-01",2,{"v":79.1,"d":"79.10"},{"v":158.2,"d":"158.20"},2,76.62,{"v":10,"d":"10.00"},15.32,-90.32]
["4058","11区09排04层","继电器插座","PYF-L1#","小松装载机","件",{"$nulls":4},"2008-01-01",19,2.07,39.33,19,2.01,{"v":10,"d":"10.00"},3.82,-90.29]
["4059","11区16架03层","机油油位传感器","7861-91-4210","小松装载机","件",{"$nulls":4},"2008-01-01",1,704.69,704.69,1,682.63,{"v":10,"d":"10.00"},68.26,-90.31]
["4060","11区02排03层","机油滤芯","1162758#","特雷克斯3311E矿车","件",{"$nulls":4},"2009-01-01",25,0.01,0.25,25,{"v":30,"d":"30.00"},{"v":10,"d":"10.00"},{"v":75,"d":"75.00"},{"v":29900,"d":"29,900.00"}]
["4061","11区04排02层","机油滤芯","3889311#","特雷克斯3311E矿车","件",{"$nulls":4},"2008-01-01",10,0.01,{"v":0.1,"d":"0.10"},10,{"v":30,"d":"30.00"},{"v":10,"d":"10.00"},{"v":30,"d":"30.00"},{"v":29900,"d":"29,900.00"}]
["4062","11区01架04层","活塞环","707-44-90180","小松装载机","件",{"$nulls":4},"2009-01-01",2,634.59,1269.18,2,{"v":650,"d":"650.00"},{"v":10,"d":"10.00"},{"v":130,"d":"130.00"},-89.76]
["4063","11区05排02层","活塞环","07155-01435","小松装载机","颗",{"$nulls":4},"2008-01-01",2,68.37,136.74,2,66.23,{"v":10,"d":"10.00"},13.25,-90.31]
["4064","11区09排02层","活塞环","07155-02250","小松装载机","件",{"$nulls":4},"2008-01-01",3,150.41,451.23,3,{"v":145.7,"d":"145.70"},{"v":10,"d":"10.00"},43.71,-90.31]
["4065","11区16排02层","活塞环","170-30-14230","小松装载机","件",{"$nulls":4},"2008-01-01",4,31.11,124.44,4,30.14,{"v":10,"d":"10.00"},12.06,-90.31]
["4066","11区17架02层","活塞环","707-44-22280","小松装载机","件",{"$nulls":4},"2008-01-01",3,2727.29,8181.87,3,{"v":2700,"d":"2,700.00"},{"v":10,"d":"10.00"},{"v":810,"d":"810.00"},{"v":-90.1,"d":"-90.10"}]
["4067","11区13架03层","簧油嘴","3B8485","卡特设备","件",{"$nulls":4},"2008-01-01",29,10.67,309.43,29,10.34,{"v":10,"d":"10.00"},29.99,-90.31]
["4068","11区13架03层","簧油枪头","2M2689","卡特设备","件",{"$nulls":4},"2008-01-01",8,29.27,234.16,8,28.35,{"v":10,"d":"10.00"},22.68,-90.31]
["4069","11区05架02层","黄油嘴","427-20-12630","小松装载机","件",{"$nulls":4},"2008-01-01",12,8.89,106.68,12,{"v":9.8,"d":"9.80"},{"v":10,"d":"10.00"},11.76,-88.98]
["4070","11区10架03层","黄油嘴","423-20-12640","小松装载机","件",{"$nulls":4},"2008-01-01",2,8.89,17.78,2,{"v":9.8,"d":"9.80"},{"v":10,"d":"10.00"},1.96,-88.98]
["4071","11区14排03层","黄油嘴","0544-2153-00#","小松装载机","件",{"$nulls":4},"2008-01-01",21,0.01,0.21,21,{"v":9.8,"d":"9.80"},{"v":10,"d":"10.00"},20.58,{"v":9700,"d":"9,700.00"}]
["4072","11区11排03层","黄油枪","203-655","小松装载机","件",{"$nulls":4},"2010-01-01",5,{"v":768.8,"d":"768.80"},{"v":3844,"d":"3844.00"},5,{"v":760,"d":"760.00"},{"v":10,"d":"10.00"},{"v":380,"d":"380.00"},-90.11]
["4073","11区05架03层","黄油管接头","423-70-11160","小松装载机","件",{"$nulls":4},"2008-01-01",10,31.11,{"v":311.1,"d":"311.10"},10,30.14,{"v":10,"d":"10.00"},30.14,-90.31]
["4074","11区01排03层","O形圈","02466117","小松装载机","件",{"$nulls":4},"2009-01-01",10,53.33,{"v":533.3,"d":"533.30"},10,51.66,{"v":10,"d":"10.00"},51.66,-90.31]
["4075","11区01架04层","缓冲环","707-51-45640","小松装载机","件",{"$nulls":4},"2009-01-01",2,532.38,1064.76,2,{"v":420,"d":"420.00"},{"v":10,"d":"10.00"},{"v":84,"d":"84.00"},-92.11]
["4076","11区01架04层","缓冲环","707-51-90640","小松装载机","件",{"$nulls":4},"2009-01-01",2,892.34,1784.68,2,{"v":680,"d":"680.00"},{"v":10,"d":"10.00"},{"v":136,"d":"136.00"},-92.38]
["4077","11区05架02层","环","8E6619#","卡特设备","件",{"$nulls":4},"2008-01-01",2,0.01,0.02,2,{"v":1,"d":"1.00"},{"v":10,"d":"10.00"},{"v":0.2,"d":"0.20"},{"v":900,"d":"900.00"}]
["4078","11区05架02层","环","7T0159#","卡特设备","件",{"$nulls":4},"2008-01-01",2,0.01,0.02,2,{"v":1,"d":"1.00"},{"v":10,"d":"10.00"},{"v":0.2,"d":"0.20"},{"v":900,"d":"900.00"}]
["4079","11区08架03层","环","8T4241","卡特设备","件",{"$nulls":4},"2009-01-01",2,88.88,177.76,2,{"v":86.1,"d":"86.10"},{"v":10,"d":"10.00"},17.22,-90.31]
["4080","11区08排02层","环","126-1976","卡特设备","件",{"$nulls":4},"2009-01-01",1,{"v":276.5,"d":"276.50"},{"v":276.5,"d":"276.50"},1,267.85,{"v":10,"d":"10.00"},26.79,-90.31]
["4081","11区08排03层","环","096-8139","卡特设备","件",{"$nulls":4},"2009-01-01",4,47.82,191.28,4,46.32,{"v":10,"d":"10.00"},18.53,-90.31]
["4082","11区10排03层","环","103-8441","卡特设备","件",{"$nulls":4},"2009-01-01",2,{"v":75.9,"d":"75.90"},{"v":151.8,"d":"151.80"},2,73.52,{"v":10,"d":"10.00"},{"v":14.7,"d":"14.70"},-90.32]
["4083","11区12排02层","环","123-2002","卡特设备","件",{"$nulls":4},"2009-01-01",2,{"v":44.8,"d":"44.80"},{"v":89.6,"d":"89.60"},2,{"v":43.4,"d":"43.40"},{"v":10,"d":"10.00"},8.68,-90.31]
["4084","11区12排02层","环","103-8442","卡特设备","件",{"$nulls":4},"2009-01-01",2,129.14,258.28,2,{"v":125.1,"d":"125.10"},{"v":10,"d":"10.00"},25.02,-90.31]
["4085","11区13排03层","环","0856291","卡特设备","件",{"$nulls":4},"2008-01-01",1,38.51,38.51,1,{"v":37.3,"d":"37.30"},{"v":10,"d":"10.00"},3.73,-90.31]
["4086","11区13排03层","环","087-5393","卡特设备","件",{"$nulls":4},"2008-01-01",1,37.95,37.95,1,36.76,{"v":10,"d":"10.00"},3.68,{"v":-90.3,"d":"-90.30"}]
["4087","11区13排03层","环","103-8345","卡特设备","件",{"$nulls":4},"2008-01-01",1,18.93,18.93,1,18.34,{"v":10,"d":"10.00"},1.83,-90.33]
["4088","11区13排03层","环","107-6579","卡特设备","件",{"$nulls":4},"2008-01-01",1,173.13,173.13,1,167.71,{"v":10,"d":"10.00"},16.77,-90.31]
["4089","11区14排02层","环","126-1974","卡特设备","件",{"$nulls":4},"2009-01-01",1,710.23,710.23,1,{"v":688,"d":"688.00"},{"v":10,"d":"10.00"},{"v":68.8,"d":"68.80"},-90.31]
["4090","11区14排02层","环","095-0930","卡特设备","件",{"$nulls":4},"2009-01-01",2,56.97,113.94,2,55.19,{"v":10,"d":"10.00"},11.04,-90.31]
["4091","11区18架02层","环","07179-14160#","小松装载机","件",{"$nulls":4},"2008-01-01",2,0.01,0.02,2,{"v":1,"d":"1.00"},{"v":10,"d":"10.00"},{"v":0.2,"d":"0.20"},{"v":900,"d":"900.00"}]
["4092","11区13排03层","护孔环",1295874,"卡特设备","件",{"$nulls":4},"2008-01-01",2,159.98,319.96,2,154.97,{"v":10,"d":"10.00"},30.99,-90.31]
["4093","11区03架03层","钢套","9W9499#","卡特设备","件",{"$nulls":4},"2009-01-01",2,0.01,0.02,2,{"v":2.6,"d":"2.60"},{"v":10,"d":"10.00"},0.52,{"v":2500,"d":"2,500.00"}]
["4094","11区07架03层","后转向灯","421-06-23320","小松装载机","件",{"$nulls":4},"2009-01-01",2,221.31,442.62,2,214.38,{"v":10,"d":"10.00"},42.88,-90.31]
["4095","11区17排04层","后悬缸密封组件","09396505","特雷克斯3311E矿车","件",{"$nulls":4},"2008-01-01",1,3220.95,3220.95,1,{"v":2800,"d":"2,800.00"},{"v":10,"d":"10.00"},{"v":280,"d":"280.00"},-91.31]
["4096","11区07架04层","后视镜","423-54-Z0111","小松装载机","件",{"$nulls":4},"2009-01-01",2,428.44,856.88,2,{"v":330,"d":"330.00"},{"v":10,"d":"10.00"},{"v":66,"d":"66.00"},{"v":-92.3,"d":"-92.30"}]
["4097","11区11排02层","后十字轴",15046407,"特雷克斯3311E矿车","件",{"$nulls":4},"2008-01-01",2,394.62,789.24,2,{"v":299,"d":"299.00"},{"v":10,"d":"10.00"},{"v":59.8,"d":"59.80"},-92.42]
["4098","11区03架04层","油杯","129-0375","卡特设备","件",{"$nulls":4},"2009-01-01",2,165.59,331.18,2,160.41,{"v":10,"d":"10.00"},32.08,-90.31]
["4099","11区01排04层","挡圈","107-3469","卡特设备","件",{"$nulls":4},"2009-01-01",3,51.41,154.23,3,{"v":49.8,"d":"49.80"},{"v":10,"d":"10.00"},14.94,-90.31]
["4100","11区01排05层","纸滤芯","1168407#","特雷克斯3311E矿车","件",{"$nulls":4},"2009-01-01",15,0.01,0.15,15,{"$nulls":3},{"v":-100,"d":"-100.00"}]
["4101","11区03排05层","推拉索","15045164#","特雷克斯3311E矿车","件",{"$nulls":4},"2009-01-01",3,0.01,0.03,3,{"v":8,"d":"8.00"},{"v":10,"d":"10.00"},{"v":2.4,"d":"2.40"},{"v":7900,"d":"7,900.00"}]
["4102","11区18排02层","滚珠轴承",3027681,"特雷克斯3311E矿车","件",{"$nulls":4},"2008-01-01",2,548.38,1096.76,2,{"v":440,"d":"440.00"},{"v":10,"d":"10.00"},{"v":88,"d":"88.00"},-91.98]
["4103","11区10架03层","滚珠","417-43-26350","小松装载机","件",{"$nulls":4},"2011-05-01",1,38.59,38.59,1,37.38,{"v":10,"d":"10.00"},3.74,-90.31]
["4104","11区12架01层","管子","131-8861","卡特设备","件",{"$nulls":4},"2012-01-01",1,{"v":653.8,"d":"653.80"},{"v":653.8,"d":"653.80"},1,633.34,{"v":13,"d":"13.00"},82.33,-87.41]
["4105","11区18架03层","管子","147-7109","卡特设备","件",{"$nulls":4},"2008-01-01",1,151.69,151.69,1,146.94,{"v":10,"d":"10.00"},14.69,-90.32]
["4106","11区10架02层","管螺塞","3E2338","卡特设备","件",{"$nulls":4},"2008-01-01",2,216.87,433.74,2,210.08,{"v":10,"d":"10.00"},42.02,-90.31]
["4107","11区11架02层","管卡","8E1043#","卡特设备","件",{"$nulls":4},"2008-01-01",2,0.01,0.02,2,1.36,{"v":10,"d":"10.00"},0.27,{"v":1250,"d":"1,250.00"}]
["4108","11区18架03层","管卡","8E1042#","卡特设备","件",{"$nulls":4},"2008-01-01",2,0.01,0.02,2,1.36,{"v":10,"d":"10.00"},0.27,{"v":1250,"d":"1,250.00"}]
["4109","11区08排02层","管接头","6631-11-5820","小松装载机","件",{"$nulls":4},"2009-01-01",1,44.44,44.44,1,43.05,{"v":10,"d":"10.00"},4.31,{"v":-90.3,"d":"-90.30"}]
["4110","11区02架04层","门锁","4I4255","卡特设备","件",{"$nulls":4},"2009-01-01",1,1211.59,1211.59,1,{"v":980,"d":"980.00"},{"v":10,"d":"10.00"},{"v":98,"d":"98.00"},-91.91]
["4111","11区16排02层","刮油环","00668308","特雷克斯3311E矿车","件",{"$nulls":4},"2008-01-01",10,67.55,{"v":675.5,"d":"675.50"},10,65.44,{"v":10,"d":"10.00"},65.44,-90.31]
["4112","11区16架03层","刮刀左右移动油缸修理包","234-1949","卡特设备","件",{"$nulls":4},"2008-01-01",1,731.15,731.15,1,{"v":800,"d":"800.00"},{"v":10,"d":"10.00"},{"v":80,"d":"80.00"},-89.06]
["4113","11区01架04层","刮刀提升油缸修理包","235-0355","卡特设备","件",{"$nulls":4},"2009-01-01",4,626.21,2504.84,4,{"v":850,"d":"850.00"},{"v":10,"d":"10.00"},{"v":340,"d":"340.00"},-86.43]
["4114","11区11架03层","刮刀靠轮油缸修理包","246-5917","卡特设备","件",{"$nulls":4},"2011-07-01",3,568.58,1705.74,3,{"v":800,"d":"800.00"},{"v":10,"d":"10.00"},{"v":240,"d":"240.00"},-85.93]
["4115","11区16架03层","刮刀翻转油缸修理包","233-9205","卡特设备","件",{"$nulls":4},"2008-01-01",1,815.71,815.71,1,{"v":800,"d":"800.00"},{"v":10,"d":"10.00"},{"v":80,"d":"80.00"},-90.19]
["4116","11区01排05层","油水分离器","3930942#","特雷克斯3311E矿车","件",{"$nulls":4},"2009-01-01",3,75.22,225.66,3,72.87,{"v":10,"d":"10.00"},21.86,-90.31]
["4117","11区02排02层","固定销","09013134","特雷克斯3311E矿车","件",{"$nulls":4},"2009-01-01",4,133.32,533.28,4,129.15,{"v":10,"d":"10.00"},51.66,-90.31]
["4118","11区07排02层","箍带","6657-11-5590",null,"件",{"$nulls":4},"2008-01-01",4,31.91,127.64,4,30.91,{"v":10,"d":"10.00"},12.36,-90.32]
["4119","11区13排02层","高低档开关","WK-4#","特雷克斯3311E矿车","件",{"$nulls":4},"2008-01-01",8,0.01,0.08,8,{"$nulls":3},{"v":-100,"d":"-100.00"}]
["4120","11区03架04层","后转向灯","421-06-23310","小松装载机","件",{"$nulls":4},"2009-01-01",2,1192.75,{"v":2385.5,"d":"2385.50"},2,{"v":1050,"d":"1,050.00"},{"v":10,"d":"10.00"},{"v":210,"d":"210.00"},{"v":-91.2,"d":"-91.20"}]
["4121","11区02排02层","钢圈夹--轮胎",15023746,"特雷克斯3311E矿车","件",{"$nulls":4},"2009-01-01",8,119.69,957.52,8,115.94,{"v":10,"d":"10.00"},92.75,-90.31]
["4122","11区14排03层","干燥器维修包",15047500,"特雷克斯3312E矿车","件",{"$nulls":4},"2008-01-01",4,15.11,60.44,4,14.64,{"v":10,"d":"10.00"},5.86,{"v":-90.3,"d":"-90.30"}]
["4123","11区04排04层","干燥器滤芯",15048322,"特雷克斯3313E矿车","件",{"$nulls":4},"2000-01-01",18,275.52,4959.36,18,{"v":260,"d":"260.00"},{"v":10,"d":"10.00"},{"v":468,"d":"468.00"},-90.56]
["4124","11区10排03层","干/湿路阀","02402041","特雷克斯3311E矿车","件",{"$nulls":4},"2008-01-01",2,248.86,497.72,2,241.07,{"v":10,"d":"10.00"},48.21,-90.31]
["4125","11区10架03层","杆","7G8464","卡特设备","件",{"$nulls":4},"2009-01-01",1,383.95,383.95,1,371.93,{"v":10,"d":"10.00"},37.19,-90.31]
["4126","11区07排04层","盖板","00004","卡特设备","件",{"$nulls":4},"2008-01-01",3,0.01,0.03,3,{"v":53,"d":"53.00"},{"v":10,"d":"10.00"},{"v":15.9,"d":"15.90"},{"v":52900,"d":"52,900.00"}]
["4127","11区08排05层","盖","156-6568","卡特设备","件",{"$nulls":4},"2008-01-01",1,288.85,288.85,1,279.81,{"v":10,"d":"10.00"},27.98,-90.31]
["4128","11区08排05层","盖","156-6564","卡特设备","件",{"$nulls":4},"2008-01-01",1,737.69,737.69,1,{"v":714.6,"d":"714.60"},{"v":10,"d":"10.00"},71.46,-90.31]
["4129","11区02排02层","复位弹簧","09194715","特雷克斯3311E矿车","件",{"$nulls":4},"2009-01-01",5,97.77,488.85,5,{"v":120,"d":"120.00"},{"v":10,"d":"10.00"},{"v":60,"d":"60.00"},-87.73]
["4130","11区06排01层","附件驱动",3896045,"特雷克斯3311E矿车","件",{"$nulls":4},"2011-01-01",1,{"v":1264.1,"d":"1264.10"},{"v":1264.1,"d":"1264.10"},1,{"v":1224.53,"d":"1,224.53"},{"v":10,"d":"10.00"},122.45,-90.31]
["4131","11区01架01层","风扇皮带轮","6162-63-3210","小松装载机","件",{"$nulls":4},"2009-01-01",1,5929.83,5929.83,1,{"v":3500,"d":"3,500.00"},{"v":10,"d":"10.00"},{"v":350,"d":"350.00"},{"v":-94.1,"d":"-94.10"}]
["4132","11区12排04层","风扇皮带","04122-22279","小松装载机","件",{"$nulls":4},"2009-01-01",4,{"v":606.2,"d":"606.20"},{"v":2424.8,"d":"2424.80"},4,{"v":300,"d":"300.00"},{"v":10,"d":"10.00"},{"v":120,"d":"120.00"},-95.05]
["4133","11区06排01层","分离杆",15043422,"特雷克斯3311E矿车","件",{"$nulls":4},"2008-01-01",24,{"v":71.1,"d":"71.10"},{"v":1706.4,"d":"1706.40"},24,68.87,{"v":10,"d":"10.00"},165.29,-90.31]
["4134","11区09排05层","防套总成","09384150","特雷克斯3311E矿车","件",{"$nulls":4},"2008-01-01",4,106.66,426.64,4,103.32,{"v":10,"d":"10.00"},41.33,-90.31]
["4135","11区08架02层","防尘油封","426-09-11110","小松装载机","件",{"$nulls":4},"2011-12-01",4,341.05,{"v":1364.2,"d":"1364.20"},4,330.38,{"v":12,"d":"12.00"},158.58,-88.38]
["4136","11区10排02层","防尘油封","07019-00130","小松装载机","件",{"$nulls":4},"2009-01-01",2,177.76,355.52,2,{"v":172.2,"d":"172.20"},{"v":10,"d":"10.00"},34.44,-90.31]
["4137","11区07排02层","防尘套","02465130","特雷克斯3311E矿车","件",{"$nulls":4},"2008-01-01",12,48.79,585.48,12,47.26,{"v":10,"d":"10.00"},56.71,-90.31]
["4138","11区18排03层","防尘套","09033736","特雷克斯3311E矿车","件",{"$nulls":4},"2008-01-01",20,159.98,{"v":3199.6,"d":"3199.60"},20,{"v":80,"d":"80.00"},{"v":10,"d":"10.00"},{"v":160,"d":"160.00"},{"v":-95,"d":"-95.00"}]
["4139","11区01架03层","防尘圈","112-63-15370(07016-20457)","小松装载机","件",{"$nulls":4},"2009-01-01",2,109.32,218.64,2,{"v":105.9,"d":"105.90"},{"v":10,"d":"10.00"},21.18,-90.31]
["4140","11区05排03层","防尘圈","07016-00226","小松装载机","件",{"$nulls":4},"2009-01-01",1,53.33,53.33,1,51.66,{"v":10,"d":"10.00"},5.17,-90.31]
["4141","11区09排02层","防尘圈","07016-00407","小松装载机","件",{"$nulls":4},"2009-01-01",1,53.33,53.33,1,51.66,{"v":10,"d":"10.00"},5.17,-90.31]
["4142","11区09排02层","防尘圈","07145-10110","小松装载机","件",{"$nulls":4},"2008-01-01",8,37.22,297.76,8,36.06,{"v":10,"d":"10.00"},28.85,-90.31]
["4143","11区09排03层","防尘圈","195-63-94170","小松装载机","件",{"$nulls":4},"2009-01-01",3,28.87,86.61,3,27.97,{"v":10,"d":"10.00"},8.39,-90.31]
["4144","11区14排02层","反跳阀O型圈","09031299","特雷克斯3311E矿车","颗",{"$nulls":4},"2009-01-01",4,9.78,39.12,4,9.47,{"v":10,"d":"10.00"},3.79,-90.31]
["4145","11区16排02层","阀总成","02400285","特雷克斯3311E矿车","件",{"$nulls":4},"2008-01-01",1,275.52,275.52,1,{"v":266.9,"d":"266.90"},{"v":10,"d":"10.00"},26.69,-90.31]
["4146","11区03架04层","后工作灯","421-06-23350(421－06－23350LP)","小松装载机","件",{"$nulls":4},"2009-01-01",2,355.52,711.04,2,344.39,{"v":10,"d":"10.00"},68.88,-90.31]
["4147","11区05架02层","阀","6V7238","卡特设备","件",{"$nulls":4},"2008-01-01",1,247.97,247.97,1,240.21,{"v":10,"d":"10.00"},24.02,-90.31]
["4148","11区17架04层","阀","5S-1213","卡特设备","件",{"$nulls":4},"2008-01-01",1,44.44,44.44,1,43.05,{"v":10,"d":"10.00"},4.31,{"v":-90.3,"d":"-90.30"}]
["4149","11区18架02层","阀","709-10-51501","小松装载机","件",{"$nulls":4},"2008-01-01",1,{"v":3509.8,"d":"3509.80"},{"v":3509.8,"d":"3509.80"},1,{"v":3399.94,"d":"3,399.94"},{"v":10,"d":"10.00"},339.99,-90.31]
["4150","11区06排03层","发动机油压表",15041142,"特雷克斯3311E矿车","件",{"$nulls":4},"2008-01-01",2,93.16,186.32,2,90.24,{"v":10,"d":"10.00"},18.05,-90.31]
["4151","11区17排03层","发动机修理包","00003","特雷克斯3311E矿车","件",{"$nulls":4},"2008-01-01",1,0.01,0.01,1,{"v":26,"d":"26.00"},{"v":10,"d":"10.00"},{"v":2.6,"d":"2.60"},{"v":25900,"d":"25,900.00"}]
["4152","11区03架05层","油水分离器","6742-01-2340","小松装载机","件",{"$nulls":4},"2009-01-01",4,2333.57,9334.28,4,{"v":2300,"d":"2,300.00"},{"v":10,"d":"10.00"},{"v":920,"d":"920.00"},-90.14]
["4153","11区01排05层","水滤芯","2071C#","特雷克斯3311E矿车","件",{"$nulls":4},"2009-01-01",11,0.01,0.11,11,{"v":60,"d":"60.00"},{"v":10,"d":"10.00"},{"v":66,"d":"66.00"},{"v":59900,"d":"59,900.00"}]
["4154","11区03排05层","空气滤芯","00007","特雷克斯3311E矿车","件",{"$nulls":4},"2009-01-01",5,342.58,{"v":1712.9,"d":"1712.90"},5,{"v":178,"d":"178.00"},{"v":10,"d":"10.00"},{"v":89,"d":"89.00"},{"v":-94.8,"d":"-94.80"}]
["4155","11区11排03层","堵头",3031511,"特雷克斯3311E矿车","件",{"$nulls":4},"2008-01-01",2,0.76,1.52,2,0.74,{"v":10,"d":"10.00"},0.15,-90.13]
["4156","11区16排02层","定位销","09219084","特雷克斯3311E矿车","件",{"$nulls":4},"2008-01-01",4,28.83,115.32,4,27.93,{"v":10,"d":"10.00"},11.17,-90.31]
["4157","11区05排02层","垫子","00001","特雷克斯3311E矿车","件",{"$nulls":4},"2009-01-01",1,0.01,0.01,1,{"v":25,"d":"25.00"},{"v":10,"d":"10.00"},{"v":2.5,"d":"2.50"},{"v":24900,"d":"24,900.00"}]
["4158","11区05排04层","垫子",1260098,"特雷克斯3311E矿车","件",{"$nulls":4},"2009-01-01",1,374.18,374.18,1,362.47,{"v":10,"d":"10.00"},36.25,-90.31]
["4159","11区06架03层","垫子","8H9204","卡特设备","件",{"$nulls":4},"2009-01-01",12,17.78,213.36,12,17.22,{"v":10,"d":"10.00"},20.66,-90.32]
["4160","11区06排02层","垫子",15036151,"特雷克斯3311E矿车","件",{"$nulls":4},"2008-01-01",20,12.44,{"v":248.8,"d":"248.80"},20,12.05,{"v":10,"d":"10.00"},{"v":24.1,"d":"24.10"},-90.31]
["4161","11区07排03层","垫子","09183385","特雷克斯3311E矿车","件",{"$nulls":4},"2008-01-01",2,8.89,17.78,2,8.61,{"v":10,"d":"10.00"},1.72,-90.33]
["4162","11区07排04层","垫子","166-9145","卡特设备","件",{"$nulls":4},"2009-01-01",1,{"v":206.2,"d":"206.20"},{"v":206.2,"d":"206.20"},1,199.75,{"v":10,"d":"10.00"},19.98,-90.31]
["4163","11区09排02层","垫子",109594,"卡特设备","件",{"$nulls":4},"2008-01-01",8,5.33,42.64,8,5.16,{"v":10,"d":"10.00"},4.13,-90.31]
["4164","11区11架02层","垫子","7N7628#","卡特设备","件",{"$nulls":4},"2008-01-01",1,0.01,0.01,1,{"v":25,"d":"25.00"},{"v":10,"d":"10.00"},{"v":2.5,"d":"2.50"},{"v":24900,"d":"24,900.00"}]
["4165","11区11架03层","垫子","5P8248","卡特设备","件",{"$nulls":4},"2009-01-01",2,6.22,12.44,2,6.03,{"v":10,"d":"10.00"},1.21,-90.27]
["4166","11区11架03层","垫子","8T4896#","卡特设备","件",{"$nulls":4},"2009-01-01",32,0.01,0.32,32,{"v":25,"d":"25.00"},{"v":10,"d":"10.00"},{"v":80,"d":"80.00"},{"v":24900,"d":"24,900.00"}]
["4167","11区11架03层","垫子","4N0933","卡特设备","件",{"$nulls":4},"2009-01-01",1,6.22,6.22,1,6.03,{"v":10,"d":"10.00"},{"v":0.6,"d":"0.60"},-90.35]
["4168","11区11排03层","垫子","109-5313","卡特设备","件",{"$nulls":4},"2009-01-01",1,27.04,27.04,1,26.19,{"v":10,"d":"10.00"},2.62,-90.31]
["4169","11区13架03层","垫子","7C307#","卡特设备","件",{"$nulls":4},"2009-01-01",2,0.01,0.02,2,{"v":25,"d":"25.00"},{"v":10,"d":"10.00"},{"v":5,"d":"5.00"},{"v":24900,"d":"24,900.00"}]
["4170","11区13排02层","垫子","15040775#","特雷克斯3311E矿车","件",{"$nulls":4},"2008-01-01",3,0.01,0.03,3,{"v":25,"d":"25.00"},{"v":10,"d":"10.00"},{"v":7.5,"d":"7.50"},{"v":24900,"d":"24,900.00"}]
["4171","11区13排02层","垫子","15047771#","特雷克斯3311E矿车","件",{"$nulls":4},"2008-01-01",3,0.01,0.03,3,{"v":25,"d":"25.00"},{"v":10,"d":"10.00"},{"v":7.5,"d":"7.50"},{"v":24900,"d":"24,900.00"}]
["4172","11区13排02层","垫子","15040769#","特雷克斯3311E矿车","件",{"$nulls":4},"2008-01-01",1,0.01,0.01,1,{"v":25,"d":"25.00"},{"v":10,"d":"10.00"},{"v":2.5,"d":"2.50"},{"v":24900,"d":"24,900.00"}]
["4173","11区14架03层","垫子","7Y1729","卡特设备","件",{"$nulls":4},"2010-01-01",1,19.01,19.01,1,18.41,{"v":10,"d":"10.00"},1.84,-90.32]
["4174","11区14架03层","垫子","7W5164","卡特设备","件",{"$nulls":4},"2009-01-01",3,28.32,84.96,3,27.43,{"v":10,"d":"10.00"},8.23,-90.31]
["4175","11区16排02层","垫子","101-3125","卡特设备","件",{"$nulls":4},"2008-01-01",2,56.76,113.52,2,54.98,{"v":10,"d":"10.00"},{"v":11,"d":"11.00"},-90.31]
["4176","11区16排02层","垫子","122-7773","卡特设备","件",{"$nulls":4},"2008-01-01",6,8.89,53.34,6,8.61,{"v":10,"d":"10.00"},5.17,-90.31]
["4177","11区17架03层","垫子","6V6793","卡特设备","件",{"$nulls":4},"2008-01-01",10,8.89,{"v":88.9,"d":"88.90"},10,8.61,{"v":10,"d":"10.00"},8.61,-90.31]
["4178","11区18架03层","垫子","2M0849#","卡特设备","件",{"$nulls":4},"2008-01-01",23,0.01,0.23,23,{"v":25,"d":"25.00"},{"v":10,"d":"10.00"},{"v":57.5,"d":"57.50"},{"v":24900,"d":"24,900.00"}]
["4179","11区18架03层","垫子","8T4223#","卡特设备","件",{"$nulls":4},"2008-01-01",2,0.01,0.02,2,{"v":25,"d":"25.00"},{"v":10,"d":"10.00"},{"v":5,"d":"5.00"},{"v":24900,"d":"24,900.00"}]
["4180","11区02架04层","关系套","7G2419","卡特设备","件",{"$nulls":4},"2008-01-01",2,426.62,853.24,2,413.27,{"v":10,"d":"10.00"},82.65,-90.31]
["4181","11区08架03层","垫圈","8T4122","卡特设备","件",{"$nulls":4},"2009-01-01",4,6.47,25.88,4,6.27,{"v":10,"d":"10.00"},2.51,{"v":-90.3,"d":"-90.30"}]
["4182","11区08架03层","垫圈","8T4167","卡特设备","件",{"$nulls":4},"2009-01-01",5,13.33,66.65,5,12.91,{"v":10,"d":"10.00"},6.46,-90.31]
["4183","11区11架03层","垫圈","8T0363","卡特设备","件",{"$nulls":4},"2009-01-01",1,104.88,104.88,1,{"v":101.6,"d":"101.60"},{"v":10,"d":"10.00"},10.16,-90.31]
["4184","11区11架03层","垫圈","5P1076","卡特设备","件",{"$nulls":4},"2008-01-01",64,8.89,568.96,64,8.61,{"v":10,"d":"10.00"},{"v":55.1,"d":"55.10"},-90.32]
["4185","11区12架02层","垫圈","8P-4661","卡特设备","件",{"$nulls":4},"2009-01-01",1,386.62,386.62,1,374.52,{"v":10,"d":"10.00"},37.45,-90.31]
["4186","11区01架02层","垫片","6162-13-4740","小松装载机","件",{"$nulls":4},"2009-01-01",6,320.55,{"v":1923.3,"d":"1923.30"},6,{"v":300,"d":"300.00"},{"v":10,"d":"10.00"},{"v":180,"d":"180.00"},-90.64]
["4187","11区01架03层","垫片","01643-32260","小松装载机","件",{"$nulls":4},"2009-01-01",6,9.29,55.74,6,{"v":9,"d":"9.00"},{"v":10,"d":"10.00"},{"v":5.4,"d":"5.40"},-90.31]
["4188","11区01架04层","垫片","6742-01-2200","小松装载机","件",{"$nulls":4},"2009-01-01",1,26.66,26.66,1,25.83,{"v":10,"d":"10.00"},2.58,-90.32]
["4189","11区01架04层","垫片","07050-21202","小松装载机","件",{"$nulls":4},"2009-01-01",2,26.67,53.34,2,25.84,{"v":10,"d":"10.00"},5.17,-90.31]
["4190","11区06架02层","垫片","8E8854","卡特设备","件",{"$nulls":4},"2008-01-01",4,18.67,74.68,4,18.09,{"v":10,"d":"10.00"},7.24,-90.31]
["4191","11区06排01层","垫片","07144-11110","小松装载机","件",{"$nulls":4},"2008-01-01",6,161.05,{"v":966.3,"d":"966.30"},6,156.01,{"v":10,"d":"10.00"},93.61,-90.31]
["4192","11区06排02层","垫片",1315943,"卡特设备","件",{"$nulls":4},"2008-01-01",1,6.49,6.49,1,6.29,{"v":10,"d":"10.00"},0.63,-90.29]
["4193","11区07架02层","垫片","6162-13-5810","小松装载机","件",{"$nulls":4},"2008-01-01",2,91.58,183.16,2,88.71,{"v":10,"d":"10.00"},17.74,-90.31]
["4194","11区07排02层","垫片","175-33-24415","小松装载机","件",{"$nulls":4},"2008-01-01",2,46.22,92.44,2,44.77,{"v":10,"d":"10.00"},8.95,-90.32]
["4195","11区08架02层","垫片","424-15-17121#","小松装载机","件",{"$nulls":4},"2009-01-01",1,0.01,0.01,1,{"v":12,"d":"12.00"},{"v":10,"d":"10.00"},{"v":1.2,"d":"1.20"},{"v":11900,"d":"11,900.00"}]
["4196","11区09排03层","垫片","702-12-13150","小松装载机","件",{"$nulls":4},"2008-01-01",1,6.53,6.53,1,6.33,{"v":10,"d":"10.00"},0.63,-90.35]
["4197","11区11架02层","垫片","711-17-13230","小松装载机","件",{"$nulls":4},"2008-01-01",1,93.78,93.78,1,90.84,{"v":10,"d":"10.00"},9.08,-90.32]
["4198","11区11架02层","垫片","711-17-13231#","小松装载机","件",{"$nulls":4},"2008-01-01",1,0.01,0.01,1,{"v":12,"d":"12.00"},{"v":10,"d":"10.00"},{"v":1.2,"d":"1.20"},{"v":11900,"d":"11,900.00"}]
["4199","11区11排03层","垫片","01643-22245","小松装载机","件",{"$nulls":4},"2009-01-01",35,2.22,{"v":77.7,"d":"77.70"},35,2.15,{"v":10,"d":"10.00"},7.53,-90.31]
["4200","11区12架03层","垫片","6162-14-5540","小松装载机","件",{"$nulls":4},"2009-01-01",2,143.56,287.12,2,139.07,{"v":10,"d":"10.00"},27.81,-90.31]
["4201","11区12排02层","垫片",1315944,"卡特设备","件",{"$nulls":4},"2011-10-01",1,6.49,6.49,1,6.29,{"v":10,"d":"10.00"},0.63,-90.29]
["4202","11区13架03层","垫片","424-15-15920#","小松装载机","件",{"$nulls":4},"2009-01-01",1,0.01,0.01,1,{"v":12,"d":"12.00"},{"v":10,"d":"10.00"},{"v":1.2,"d":"1.20"},{"v":11900,"d":"11,900.00"}]
["4203","11区13架03层","垫片","425-15-15960#","小松装载机","件",{"$nulls":4},"2009-01-01",1,0.01,0.01,1,{"v":12,"d":"12.00"},{"v":10,"d":"10.00"},{"v":1.2,"d":"1.20"},{"v":11900,"d":"11,900.00"}]
["4204","11区13架03层","垫片","424-15-16410#","小松装载机","件",{"$nulls":4},"2009-01-01",1,0.01,0.01,1,{"v":12,"d":"12.00"},{"v":10,"d":"10.00"},{"v":1.2,"d":"1.20"},{"v":11900,"d":"11,900.00"}]
["4205","11区13架03层","垫片","5M9624","卡特设备","件",{"$nulls":4},"2009-01-01",3,6.62,19.86,3,6.41,{"v":10,"d":"10.00"},1.92,-90.33]
["4206","11区13架03层","垫片","424-15-15931#","小松装载机","件",{"$nulls":4},"2009-01-01",1,0.01,0.01,1,{"v":12,"d":"12.00"},{"v":10,"d":"10.00"},{"v":1.2,"d":"1.20"},{"v":11900,"d":"11,900.00"}]
["4207","11区13架03层","垫片","425-15-16420#","小松装载机","件",{"$nulls":4},"2009-01-01",2,0.01,0.02,2,{"v":12,"d":"12.00"},{"v":10,"d":"10.00"},{"v":2.4,"d":"2.40"},{"v":11900,"d":"11,900.00"}]
["4208","11区15排02层","垫片",1315945,"卡特设备","件",{"$nulls":4},"2009-01-01",1,6.49,6.49,1,6.29,{"v":10,"d":"10.00"},0.63,-90.29]
["4209","11区16排02层","垫片",190849,"卡特设备","件",{"$nulls":4},"2009-01-01",1,30.79,30.79,1,29.83,{"v":10,"d":"10.00"},2.98,-90.32]
["4210","11区18架02层","垫片","8C6913","卡特设备","件",{"$nulls":4},"2009-01-01",88,8.89,782.32,88,8.61,{"v":10,"d":"10.00"},75.77,-90.31]
["4211","11区17排02层","垫","175-30-24270","小松装载机","件",{"$nulls":4},"2009-01-01",2,4.45,{"v":8.9,"d":"8.90"},2,4.31,{"v":10,"d":"10.00"},0.86,-90.34]
["4212","11区14排03层","电磁继电器","HH53P#","特雷克斯3311E矿车","件",{"$nulls":4},"2008-01-01",18,0.01,0.18,18,{"v":1.2,"d":"1.20"},{"v":10,"d":"10.00"},2.16,{"v":1100,"d":"1,100.00"}]
["4213","11区14排03层","电磁阀",16441,"特雷克斯3311E矿车","件",{"$nulls":4},"2011-07-01",3,594.02,1782.06,3,{"v":380,"d":"380.00"},{"v":10,"d":"10.00"},{"v":114,"d":"114.00"},{"v":-93.6,"d":"-93.60"}]
["4214","11区16架05层","地板胶垫","7T0150","卡特设备","件",{"$nulls":4},"2008-01-01",2,399.95,{"v":799.9,"d":"799.90"},2,null,null,0,{"v":-100,"d":"-100.00"}]
["4215","11区02排02层","低气压传感器",15041148,"特雷克斯3311E矿车","件",{"$nulls":4},"2009-01-01",5,54.22,{"v":271.1,"d":"271.10"},5,52.52,{"v":10,"d":"10.00"},26.26,-90.31]
["4216","11区02架04层","垫圈","4K0648","卡特设备","件",{"$nulls":4},"2009-01-01",108,22.22,2399.76,108,{"v":15,"d":"15.00"},{"v":10,"d":"10.00"},{"v":162,"d":"162.00"},-93.25]
["4217","11区17架03层","灯罩","22W-06-12320","小松装载机","件",{"$nulls":4},"2008-01-01",1,355.33,355.33,1,344.21,{"v":10,"d":"10.00"},34.42,-90.31]
["4218","11区07架03层","灯泡","08105-12420","小松装载机","件",{"$nulls":4},"2008-01-01",8,51.55,{"v":412.4,"d":"412.40"},8,49.94,{"v":10,"d":"10.00"},39.95,-90.31]
["4219","11区09架03层","灯泡","421-06-23330(421－06－23330LP)","小松装载机","件",{"$nulls":4},"2008-01-01",8,35.55,{"v":284.4,"d":"284.40"},8,34.44,{"v":10,"d":"10.00"},27.55,-90.31]
["4220","11区18架03层","灯泡","7H2976#","卡特设备","件",{"$nulls":4},"2008-01-01",6,0.01,0.06,6,{"v":25,"d":"25.00"},{"v":10,"d":"10.00"},{"v":15,"d":"15.00"},{"v":24900,"d":"24,900.00"}]
["4221","11区18架03层","灯壳","2P2541#","卡特设备","件",{"$nulls":4},"2008-01-01",2,0.01,0.02,2,{"v":25,"d":"25.00"},{"v":10,"d":"10.00"},{"v":5,"d":"5.00"},{"v":24900,"d":"24,900.00"}]
["4222","11区18架03层","灯","1M5928#","卡特设备","件",{"$nulls":4},"2008-01-01",2,0.01,0.02,2,{"v":25,"d":"25.00"},{"v":10,"d":"10.00"},{"v":5,"d":"5.00"},{"v":24900,"d":"24,900.00"}]
["4223","11区11排02层","倒车井报器",15248898,"特雷克斯3311E矿车","件",{"$nulls":4},"2008-01-01",1,{"v":1126,"d":"1126.00"},{"v":1126,"d":"1126.00"},1,{"v":854,"d":"854.00"},{"v":10,"d":"10.00"},{"v":85.4,"d":"85.40"},-92.42]
["4224","11区05排02层","档环","07146-02136","小松装载机","件",{"$nulls":4},"2008-01-01",2,21.27,42.54,2,{"v":20.6,"d":"20.60"},{"v":10,"d":"10.00"},4.12,-90.31]
["4225","11区01排05层","滤芯","126-1813","卡特设备","件",{"$nulls":4},"2009-01-01",2,684.37,1368.74,2,{"v":650,"d":"650.00"},{"v":10,"d":"10.00"},{"v":130,"d":"130.00"},{"v":-90.5,"d":"-90.50"}]
["4226","11区09排02层","挡圈","07001-05220","小松装载机","件",{"$nulls":4},"2008-01-01",3,68.37,205.11,3,66.23,{"v":10,"d":"10.00"},19.87,-90.31]
["4227","11区10架03层","弹簧垫圈","S600","特雷克斯3311E矿车","件",{"$nulls":4},"2009-01-01",5,1.71,8.55,5,1.66,{"v":10,"d":"10.00"},0.83,-90.29]
["4228","11区15架03层","弹簧垫","01602-01236","小松装载机","件",{"$nulls":4},"2009-01-01",6,1.18,7.08,6,1.14,{"v":10,"d":"10.00"},0.68,{"v":-90.4,"d":"-90.40"}]
["4229","11区02架05层","滤芯","1R0973","卡特设备","件",{"$nulls":4},"2009-01-01",7,266.63,1866.41,7,{"v":200,"d":"200.00"},{"v":10,"d":"10.00"},{"v":140,"d":"140.00"},{"v":-92.5,"d":"-92.50"}]
["4230","11区08排02层","弹簧","170-33-13370","小松装载机","件",{"$nulls":4},"2009-01-01",2,5.34,10.68,2,5.17,{"v":10,"d":"10.00"},1.03,-90.36]
["4231","11区10架03层","弹簧","417-43-26340","小松装载机","件",{"$nulls":4},"2009-01-01",1,36.62,36.62,1,35.47,{"v":10,"d":"10.00"},3.55,-90.31]
["4232","11区12架03层","弹簧","204-2705","卡特设备","件",{"$nulls":4},"2011-10-01",6,178.07,1068.42,6,{"v":120,"d":"120.00"},{"v":10,"d":"10.00"},{"v":72,"d":"72.00"},-93.26]
["4233","11区12排03层","弹簧","099-3506","卡特设备","件",{"$nulls":4},"2009-01-01",1,904.78,904.78,1,{"v":720,"d":"720.00"},{"v":10,"d":"10.00"},{"v":72,"d":"72.00"},-92.04]
["4234","11区15架03层","弹簧","125-15-15290#","小松装载机","件",{"$nulls":4},"2009-01-01",1,0.01,0.01,1,{"v":120,"d":"120.00"},{"v":10,"d":"10.00"},{"v":12,"d":"12.00"},{"v":119900,"d":"119,900.00"}]
["4235","11区15架03层","弹簧","562-15-16110#","小松装载机","件",{"$nulls":4},"2009-01-01",1,0.01,0.01,1,{"v":120,"d":"120.00"},{"v":10,"d":"10.00"},{"v":12,"d":"12.00"},{"v":119900,"d":"119,900.00"}]
["4236","11区17架02层","弹簧","424-15-16170#","小松装载机","件",{"$nulls":4},"2009-01-01",1,0.01,0.01,1,{"v":120,"d":"120.00"},{"v":10,"d":"10.00"},{"v":12,"d":"12.00"},{"v":119900,"d":"119,900.00"}]
["4237","11区11架03层","唇型密封","5P3272","卡特设备","件",{"$nulls":4},"2010-01-01",1,106.65,106.65,1,{"v":103,"d":"103.00"},{"v":10,"d":"10.00"},{"v":10.3,"d":"10.30"},-90.34]
["4238","11区08架03层","传感器","4I5394","卡特设备","件",{"$nulls":4},"2009-01-01",1,327.07,327.07,1,316.83,{"v":10,"d":"10.00"},31.68,-90.31]
["4239","11区11排04层","传感器","0960744","特雷克斯3311E矿车","件",{"$nulls":4},"2008-01-01",2,1162.82,2325.64,2,{"v":1200,"d":"1,200.00"},{"v":10,"d":"10.00"},{"v":240,"d":"240.00"},-89.68]
["4240","11区12架02层","传感器","194-6726","卡特设备","件",{"$nulls":4},"2008-01-01",1,{"v":1212.3,"d":"1212.30"},{"v":1212.3,"d":"1212.30"},1,{"v":899,"d":"899.00"},{"v":10,"d":"10.00"},{"v":89.9,"d":"89.90"},-92.58]
["4241","11区12排02层","传感器","161-1703","卡特设备","件",{"$nulls":4},"2009-01-01",1,{"v":1212.3,"d":"1212.30"},{"v":1212.3,"d":"1212.30"},1,{"v":550,"d":"550.00"},{"v":10,"d":"10.00"},{"v":55,"d":"55.00"},-95.46]
["4242","11区05排03层","充油阀","09013688","特雷克斯3311E矿车","件",{"$nulls":4},"2010-01-01",3,97.76,293.28,3,{"v":94.7,"d":"94.70"},{"v":10,"d":"10.00"},28.41,-90.31]
["4243","11区11排03层","充气阀总成","06525035","特雷克斯3311E矿车","件",{"$nulls":4},"2011-07-01",2,344.25,{"v":688.5,"d":"688.50"},2,333.47,{"v":10,"d":"10.00"},66.69,-90.31]
["4244","11区01架04层","衬套","707-51-45030","小松装载机","件",{"$nulls":4},"2009-01-01",2,408.84,817.68,2,{"v":400,"d":"400.00"},{"v":10,"d":"10.00"},{"v":80,"d":"80.00"},-90.22]
["4245","11区01排05层","过滤器套","3215-6273-00","小松装载机","件",{"$nulls":4},"2009-01-01",1,{"v":2115.3,"d":"2115.30"},{"v":2115.3,"d":"2115.30"},1,{"v":2100,"d":"2,100.00"},{"v":10,"d":"10.00"},{"v":210,"d":"210.00"},-90.07]
["4246","11区06排03层","衬套","09013127","特雷克斯3311E矿车","件",{"$nulls":4},"2008-01-01",20,106.65,{"v":2133,"d":"2133.00"},20,{"v":100,"d":"100.00"},{"v":10,"d":"10.00"},{"v":200,"d":"200.00"},-90.62]
["4247","11区07架03层","衬套","707-52-90200","小松装载机","件",{"$nulls":4},"2009-01-01",2,664.81,1329.62,2,{"v":600,"d":"600.00"},{"v":10,"d":"10.00"},{"v":120,"d":"120.00"},-90.97]
["4248","11区07架03层","衬套","707-52-90680","小松装载机","件",{"$nulls":4},"2009-01-01",2,653.26,1306.52,2,{"v":600,"d":"600.00"},{"v":10,"d":"10.00"},{"v":120,"d":"120.00"},-90.82]
["4249","11区07排02层","衬套","702-12-13140","小松装载机","件",{"$nulls":4},"2008-01-01",1,18.99,18.99,1,{"v":18,"d":"18.00"},{"v":10,"d":"10.00"},{"v":1.8,"d":"1.80"},-90.52]
["4250","11区09排02层","衬套","07177-07530","小松装载机","件",{"$nulls":4},"2008-01-01",2,28.87,57.74,2,{"v":18,"d":"18.00"},{"v":10,"d":"10.00"},{"v":3.6,"d":"3.60"},-93.77]
["4251","11区09排02层","衬套","07177-09035","小松装载机","件",{"$nulls":4},"2008-01-01",3,40.26,120.78,3,{"v":39,"d":"39.00"},{"v":10,"d":"10.00"},{"v":11.7,"d":"11.70"},-90.31]
["4252","11区09排02层","衬套","07177-09020","小松装载机","件",{"$nulls":4},"2008-01-01",3,41.78,125.34,3,40.47,{"v":10,"d":"10.00"},12.14,-90.31]
["4253","11区09排02层","衬套","700-61-33440","小松装载机","件",{"$nulls":4},"2009-01-01",1,{"v":71.1,"d":"71.10"},{"v":71.1,"d":"71.10"},1,68.87,{"v":10,"d":"10.00"},6.89,-90.31]
["4254","11区10排02层","衬套","07177-07515","小松装载机","件",{"$nulls":4},"2008-01-01",2,31.91,63.82,2,{"v":18,"d":"18.00"},{"v":10,"d":"10.00"},{"v":3.6,"d":"3.60"},-94.36]
["4255","11区11排03层","衬套","3216-6441-00#","小松装载机","件",{"$nulls":4},"2008-01-01",6,0.01,0.06,6,{"v":18,"d":"18.00"},{"v":10,"d":"10.00"},{"v":10.8,"d":"10.80"},{"v":17900,"d":"17,900.00"}]
["4256","11区16排02层","衬套",9232899,"特雷克斯3311E矿车","件",{"$nulls":4},"2008-01-01",1,333.33,333.33,1,{"v":273,"d":"273.00"},{"v":10,"d":"10.00"},{"v":27.3,"d":"27.30"},-91.81]
["4257","11区17排02层","衬套","170-30-14221","小松装载机","件",{"$nulls":4},"2008-01-01",2,88.88,177.76,2,{"v":100,"d":"100.00"},{"v":10,"d":"10.00"},{"v":20,"d":"20.00"},-88.75]
["4258","11区07排02层","衬垫",3024960,"特雷克斯3311E矿车","件",{"$nulls":4},"2008-01-01",2,18.67,37.34,2,18.09,{"v":10,"d":"10.00"},3.62,-90.31]
["4259","11区13排02层","衬垫","15040785#","特雷克斯3311E矿车","件",{"$nulls":4},"2008-01-01",7,0.01,0.07,7,{"v":18,"d":"18.00"},{"v":10,"d":"10.00"},{"v":12.6,"d":"12.60"},{"v":17900,"d":"17,900.00"}]
["4260","11区13排02层","衬垫","15040784#","特雷克斯3311E矿车","件",{"$nulls":4},"2008-01-01",2,0.01,0.02,2,{"v":18,"d":"18.00"},{"v":10,"d":"10.00"},{"v":3.6,"d":"3.60"},{"v":17900,"d":"17,900.00"}]
["4261","11区13排02层","衬垫","15041786#","特雷克斯3311E矿车","件",{"$nulls":4},"2008-01-01",8,0.01,0.08,8,{"v":18,"d":"18.00"},{"v":10,"d":"10.00"},{"v":14.4,"d":"14.40"},{"v":17900,"d":"17,900.00"}]
["4262","11区06架03层","铲斗油缸修理包","707-99-73020","特雷克斯3311E矿车","件",{"$nulls":4},"2010-01-01",3,{"v":2890.6,"d":"2890.60"},{"v":8671.8,"d":"8671.80"},3,{"v":2000,"d":"2,000.00"},{"v":10,"d":"10.00"},{"v":600,"d":"600.00"},-93.08]
["4263","11区10架04层","铲斗油缸修理包","165-9416","卡特设备","件",{"$nulls":4},"2011-01-01",3,2085.98,6257.94,3,{"v":2000,"d":"2,000.00"},{"v":10,"d":"10.00"},{"v":600,"d":"600.00"},-90.41]
["4264","11区09架04层","铲刀倾斜油缸修理包","246-0648","卡特设备","件",{"$nulls":4},"2011-01-01",1,1589.12,1589.12,1,{"v":1480,"d":"1,480.00"},{"v":10,"d":"10.00"},{"v":148,"d":"148.00"},-90.69]
["4265","11区02排05层","柴油滤芯","FF-105D#","特雷克斯3311E矿车","件",{"$nulls":4},"2009-01-01",45,0.01,0.45,45,{"v":71,"d":"71.00"},{"v":10,"d":"10.00"},{"v":319.5,"d":"319.50"},{"v":70900,"d":"70,900.00"}]
["4266","11区01排05层","柴油金属滤芯","00015","特雷克斯3311E矿车","件",{"$nulls":4},"2009-01-01",18,75.55,{"v":1359.9,"d":"1359.90"},18,{"v":71,"d":"71.00"},{"v":10,"d":"10.00"},{"v":127.8,"d":"127.80"},{"v":-90.6,"d":"-90.60"}]
["4267","11区11排03层","差速器止推垫片","09008365","特雷克斯3311E矿车","件",{"$nulls":4},"2008-01-01",8,13.33,106.64,8,12.91,{"v":10,"d":"10.00"},10.33,-90.31]
["4268","11区02排04层","差速器油封",15244338,"特雷克斯3311E矿车","件",{"$nulls":4},"2009-01-01",27,86.06,2323.62,27,{"v":75,"d":"75.00"},{"v":10,"d":"10.00"},{"v":202.5,"d":"202.50"},-91.29]
["4269","11区05排01层","刹车皮碗","09023280","特雷克斯3311E矿车","件",{"$nulls":4},"2008-01-01",15,9.44,{"v":141.6,"d":"141.60"},15,9.14,{"v":10,"d":"10.00"},13.71,-90.32]
["4270","11区06架04层","刹车管","426-35-11321","小松装载机","件",{"$nulls":4},"2008-01-01",2,630.15,{"v":1260.3,"d":"1260.30"},2,610.43,{"v":10,"d":"10.00"},122.09,-90.31]
["4271","11区06架04层","刹车管","426-35-11331","小松装载机","件",{"$nulls":4},"2008-01-01",2,577.71,1155.42,2,559.63,{"v":10,"d":"10.00"},111.93,-90.31]
["4272","11区14排03层","插座","102-8802","卡特设备","件",{"$nulls":4},"2010-01-01",1,33.56,33.56,1,32.51,{"v":10,"d":"10.00"},3.25,-90.32]
["4273","11区11架02层","测压口盖子","6V0852","卡特设备","件",{"$nulls":4},"2010-01-01",6,36.44,218.64,6,{"v":35.3,"d":"35.30"},{"v":10,"d":"10.00"},21.18,-90.31]
["4274","11区10排02层","槽销",105199,"特雷克斯3311E矿车","件",{"$nulls":4},"2008-01-01",6,4.44,26.64,6,{"v":4.3,"d":"4.30"},{"v":10,"d":"10.00"},2.58,-90.32]
["4275","11区09排02层","变速箱油尺","175-21-32153","小松装载机","件",{"$nulls":4},"2008-01-01",1,50.14,50.14,1,48.57,{"v":10,"d":"10.00"},4.86,-90.31]
["4276","11区07架05层","变速箱滤油器滤芯","714-07-28702","小松装载机","件",{"$nulls":4},"2008-01-01",2,1971.41,3942.82,2,{"v":1800,"d":"1,800.00"},{"v":10,"d":"10.00"},{"v":360,"d":"360.00"},-90.87]
["4277","11区01架04层","变速箱滤芯","419-15-16930","小松装载机","件",{"$nulls":4},"2009-01-01",4,233.88,935.52,4,{"v":300,"d":"300.00"},{"v":10,"d":"10.00"},{"v":120,"d":"120.00"},-87.17]
["4278","11区12架02层","泵","4W0788","卡特设备","件",{"$nulls":4},"2009-01-01",1,1066.54,1066.54,1,{"v":480,"d":"480.00"},{"v":10,"d":"10.00"},{"v":48,"d":"48.00"},{"v":-95.5,"d":"-95.50"}]
["4279","11区09排03层","保险丝","175-06-35380","小松装载机","件",{"$nulls":4},"2008-01-01",4,0.89,3.56,4,0.86,{"v":10,"d":"10.00"},0.34,-90.45]
["4280","11区10排02层","保险丝","175-06-35430","小松装载机","件",{"$nulls":4},"2009-01-01",4,8.89,35.56,4,8.61,{"v":10,"d":"10.00"},3.44,-90.33]
["4281","11区10排02层","保险丝","175-06-35410","小松装载机","件",{"$nulls":4},"2009-01-01",4,0.89,3.56,4,0.86,{"v":10,"d":"10.00"},0.34,-90.45]
["4282","11区05架02层","保险","9M8948#","卡特设备","件",{"$nulls":4},"2009-01-01",10,0.01,{"v":0.1,"d":"0.10"},10,{"v":4.2,"d":"4.20"},{"v":10,"d":"10.00"},{"v":4.2,"d":"4.20"},{"v":4100,"d":"4,100.00"}]
["4283","11区05架02层","保险","3K8782","卡特设备","件",{"$nulls":4},"2009-01-01",5,3.54,{"v":17.7,"d":"17.70"},5,3.43,{"v":10,"d":"10.00"},1.72,-90.28]
["4284","11区16架03层","保险","8M8948#","卡特设备","件",{"$nulls":4},"2009-01-01",6,0.01,0.06,6,{"v":4.2,"d":"4.20"},{"v":10,"d":"10.00"},2.52,{"v":4100,"d":"4,100.00"}]
["4285","11区01架04层","保护圈","07146-02086","小松装载机","颗",{"$nulls":4},"2009-01-01",2,50.66,101.32,2,49.07,{"v":10,"d":"10.00"},9.81,-90.32]
["4286","11区08架01层","板","426-70-11412","小松装载机","件",{"$nulls":4},"2009-01-01",2,2177.52,4355.04,2,{"v":2500,"d":"2,500.00"},{"v":10,"d":"10.00"},{"v":500,"d":"500.00"},-88.52]
["4287","11区08架01层","板","426-70-11312","小松装载机","件",{"$nulls":4},"2009-01-01",4,2012.21,8048.84,4,{"v":2500,"d":"2,500.00"},{"v":10,"d":"10.00"},{"v":1000,"d":"1,000.00"},-87.58]
["4288","11区11排02层","板","094-0577","卡特设备","件",{"$nulls":4},"2009-01-01",1,{"v":79.1,"d":"79.10"},{"v":79.1,"d":"79.10"},1,76.62,{"v":10,"d":"10.00"},7.66,-90.32]
["4289","11区13排03层","板","094-0580","卡特设备","件",{"$nulls":4},"2008-01-01",1,94.21,94.21,1,91.26,{"v":10,"d":"10.00"},9.13,-90.31]
["4290","11区18排03层","板","094-0578","卡特设备","件",{"$nulls":4},"2008-01-01",1,84.43,84.43,1,81.79,{"v":10,"d":"10.00"},8.18,-90.31]
["4291","11区08架03层","把手","2V0099","卡特设备","件",{"$nulls":4},"2009-01-01",2,55.11,110.22,2,53.39,{"v":10,"d":"10.00"},10.68,-90.31]
["4292","11区05排02层","U型油封","07006-00040","小松装载机","件",{"$nulls":4},"2008-01-01",1,66.66,66.66,1,64.57,{"v":10,"d":"10.00"},6.46,-90.31]
["4293","11区11排03层","RING-WEAR","132-4907","卡特设备","件",{"$nulls":4},"2010-01-01",1,355.96,355.96,1,344.82,{"v":10,"d":"10.00"},34.48,-90.31]
["4294","11区06架02层","Ｏ型圈","5P2568","卡特设备","件",{"$nulls":4},"2008-01-01",20,8.89,{"v":177.8,"d":"177.80"},20,8.61,{"v":10,"d":"10.00"},17.22,-90.31]
["4295","11区05排02层","O型圈",145506,"特雷克斯3311E矿车","件",{"$nulls":4},"2008-01-01",2,8.89,17.78,2,8.61,{"v":10,"d":"10.00"},1.72,-90.33]
["4296","11区07排03层","O型圈","09125739","特雷克斯3311E矿车","件",{"$nulls":4},"2011-11-01",5,8.82,{"v":44.1,"d":"44.10"},5,8.54,{"v":11,"d":"11.00"},{"v":4.7,"d":"4.70"},-89.34]
["4297","11区08排02层","O型圈","07000-63032","小松装载机","件",{"$nulls":4},"2009-01-01",9,8.89,80.01,9,8.61,{"v":10,"d":"10.00"},7.75,-90.31]
["4298","11区09排02层","O型圈","07000-03050","小松装载机","件",{"$nulls":4},"2009-01-01",2,2.66,5.32,2,2.58,{"v":10,"d":"10.00"},0.52,-90.23]
["4299","11区09排02层","O型圈","07000-05195","小松装载机","件",{"$nulls":4},"2009-01-01",3,7.11,21.33,3,6.89,{"v":10,"d":"10.00"},2.07,{"v":-90.3,"d":"-90.30"}]
["4300","11区09排02层","O型圈","07000-03130","小松装载机","件",{"$nulls":4},"2009-01-01",10,2.01,{"v":20.1,"d":"20.10"},10,1.95,{"v":10,"d":"10.00"},1.95,{"v":-90.3,"d":"-90.30"}]
["4301","11区09排02层","O型圈","07000-02020","小松装载机","件",{"$nulls":4},"2009-01-01",4,3.56,14.24,4,3.45,{"v":10,"d":"10.00"},1.38,-90.31]
["4302","11区09排02层","O型圈","07000-03035","小松装载机","件",{"$nulls":4},"2009-01-01",6,{"v":11.4,"d":"11.40"},{"v":68.4,"d":"68.40"},6,11.04,{"v":10,"d":"10.00"},6.62,-90.32]
["4303","11区09排03层","O型圈","701-51-31250","小松装载机","件",{"$nulls":4},"2009-01-01",5,4.18,{"v":20.9,"d":"20.90"},5,4.05,{"v":10,"d":"10.00"},2.03,-90.29]
["4304","11区09排03层","O型圈","07000-03028","小松装载机","件",{"$nulls":4},"2009-01-01",1,7.22,7.22,1,6.99,{"v":10,"d":"10.00"},{"v":0.7,"d":"0.70"},{"v":-90.3,"d":"-90.30"}]
["4305","11区09排03层","O型圈","702-12-12390","小松装载机","件",{"$nulls":4},"2008-01-01",1,28.44,28.44,1,27.55,{"v":10,"d":"10.00"},2.76,{"v":-90.3,"d":"-90.30"}]
["4306","11区09排03层","O型圈","07002-02434","小松装载机","件",{"$nulls":4},"2008-01-01",3,2.66,7.98,3,2.58,{"v":10,"d":"10.00"},0.77,-90.35]
["4307","11区09排03层","O型圈","07000-63022","小松装载机","件",{"$nulls":4},"2008-01-01",15,8.89,133.35,15,8.61,{"v":10,"d":"10.00"},12.92,-90.31]
["4308","11区09排03层","O型圈","07000-03110","小松装载机","件",{"$nulls":4},"2009-01-01",2,4.56,9.12,2,4.42,{"v":10,"d":"10.00"},0.88,-90.35]
["4309","11区09排03层","O型圈","07000-13050","小松装载机","件",{"$nulls":4},"2009-01-01",3,3.27,9.81,3,3.17,{"v":10,"d":"10.00"},0.95,-90.32]
["4310","11区10排02层","O型圈","07000-02018","小松装载机","件",{"$nulls":4},"2009-01-01",2,6.08,12.16,2,5.89,{"v":10,"d":"10.00"},1.18,{"v":-90.3,"d":"-90.30"}]
["4311","11区10排02层","O型圈","07000-13040","小松装载机","件",{"$nulls":4},"2009-01-01",4,2.89,11.56,4,{"v":2.8,"d":"2.80"},{"v":10,"d":"10.00"},1.12,-90.31]
["4312","11区10排02层","O型圈","07000-02070","小松装载机","件",{"$nulls":4},"2009-01-01",1,3.42,3.42,1,3.31,{"v":10,"d":"10.00"},0.33,-90.35]
["4313","11区10排02层","O型圈","07000-03095","小松装载机","件",{"$nulls":4},"2009-01-01",2,3.95,{"v":7.9,"d":"7.90"},2,3.83,{"v":10,"d":"10.00"},0.77,-90.25]
["4314","11区10排02层","O型圈","07000-12055","小松装载机","件",{"$nulls":4},"2009-01-01",7,3.04,21.28,7,2.94,{"v":10,"d":"10.00"},2.06,-90.32]
["4315","11区10排02层","O型圈","07000-02015","小松装载机","件",{"$nulls":4},"2009-01-01",22,2.28,50.16,22,2.21,{"v":10,"d":"10.00"},4.86,-90.31]
["4316","11区10排02层","O型圈","07000-13038","小松装载机","件",{"$nulls":4},"2009-01-01",1,2.27,2.27,1,{"v":2.2,"d":"2.20"},{"v":10,"d":"10.00"},0.22,-90.31]
["4317","11区11排02层","O型圈","07002-03634","小松装载机","件",{"$nulls":4},"2008-01-01",1,2.96,2.96,1,2.87,{"v":10,"d":"10.00"},0.29,{"v":-90.2,"d":"-90.20"}]
["4318","11区11排02层","O型圈","07000-15220","小松装载机","件",{"$nulls":4},"2008-01-01",1,67.73,67.73,1,65.61,{"v":10,"d":"10.00"},6.56,-90.31]
["4319","11区14排02层","O型圈","09034127","特雷克斯3311E矿车","件",{"$nulls":4},"2009-01-01",2,5.87,11.74,2,5.69,{"v":10,"d":"10.00"},1.14,-90.29]
["4320","11区14排02层","O型圈","09036136","特雷克斯3311E矿车","件",{"$nulls":4},"2009-01-01",2,{"v":24,"d":"24.00"},{"v":48,"d":"48.00"},2,23.25,{"v":10,"d":"10.00"},4.65,-90.31]
["4321","11区14排02层","O型圈","02247608","特雷克斯3311E矿车","件",{"$nulls":4},"2009-01-01",4,10.67,42.68,4,10.34,{"v":10,"d":"10.00"},4.14,{"v":-90.3,"d":"-90.30"}]
["4322","11区14排02层","O型圈","09034129","特雷克斯3311E矿车","件",{"$nulls":4},"2009-01-01",2,5.87,11.74,2,5.69,{"v":10,"d":"10.00"},1.14,-90.29]
["4323","11区14排02层","O型圈","02400293","特雷克斯3311E矿车","件",{"$nulls":4},"2009-01-01",2,5.78,11.56,2,{"v":5.6,"d":"5.60"},{"v":10,"d":"10.00"},1.12,-90.31]
["4324","11区14排02层","O型圈","02400292","特雷克斯3311E矿车","件",{"$nulls":4},"2009-01-01",2,118.21,236.42,2,114.51,{"v":10,"d":"10.00"},{"v":22.9,"d":"22.90"},-90.31]
["4325","11区14排03层","O型圈","07000-03092","小松装载机","件",{"$nulls":4},"2009-01-01",3,6.93,20.79,3,6.71,{"v":10,"d":"10.00"},2.01,-90.33]
["4326","11区14排03层","O型圈","07002-13034","小松装载机","件",{"$nulls":4},"2009-01-01",2,2.66,5.32,2,2.58,{"v":10,"d":"10.00"},0.52,-90.23]
["4327","11区14排03层","O型圈","07000-03042","小松装载机","件",{"$nulls":4},"2009-01-01",2,2.44,4.88,2,2.36,{"v":10,"d":"10.00"},0.47,-90.37]
["4328","11区16排02层","O型圈","07000-15090","小松装载机","件",{"$nulls":4},"2009-01-01",12,8.89,106.68,12,8.61,{"v":10,"d":"10.00"},10.33,-90.32]
["4329","11区17架02层","O型圈","07002-15234","小松装载机","件",{"$nulls":4},"2009-01-01",1,13.76,13.76,1,13.33,{"v":10,"d":"10.00"},1.33,-90.33]
["4330","11区08架03层","O型密封圈","175-7900","卡特设备","件",{"$nulls":4},"2009-01-01",1,35.78,35.78,1,{"v":35,"d":"35.00"},{"v":10,"d":"10.00"},{"v":3.5,"d":"3.50"},-90.22]
["4331","11区05架02层","O-型密封","6V1179","卡特设备","件",{"$nulls":4},"2008-01-01",1,136.87,136.87,1,{"v":133,"d":"133.00"},{"v":10,"d":"10.00"},{"v":13.3,"d":"13.30"},-90.28]
["4332","11区05架02层","O-型密封","6V1195","卡特设备","件",{"$nulls":4},"2008-01-01",1,189.31,189.31,1,{"v":183,"d":"183.00"},{"v":10,"d":"10.00"},{"v":18.3,"d":"18.30"},-90.33]
["4333","11区06架02层","O-型密封","7J9933","卡特设备","件",{"$nulls":4},"2008-01-01",1,11.87,11.87,1,{"v":12,"d":"12.00"},{"v":10,"d":"10.00"},{"v":1.2,"d":"1.20"},-89.89]
["4334","11区06架02层","O-型密封","4J8998","卡特设备","件",{"$nulls":4},"2008-01-01",1,19.46,19.46,1,{"v":19,"d":"19.00"},{"v":10,"d":"10.00"},{"v":1.9,"d":"1.90"},-90.24]
["4335","11区06架03层","O-型密封","7E4846","卡特设备","件",{"$nulls":4},"2008-01-01",2,12.45,{"v":24.9,"d":"24.90"},2,{"v":12,"d":"12.00"},{"v":10,"d":"10.00"},{"v":2.4,"d":"2.40"},-90.36]
["4336","11区06排02层","O-型密封",1500491,"特雷克斯3311E矿车","件",{"$nulls":4},"2008-01-01",2,69.15,{"v":138.3,"d":"138.30"},2,{"v":67,"d":"67.00"},{"v":10,"d":"10.00"},{"v":13.4,"d":"13.40"},-90.31]
["4337","11区07架02层","O-型密封","6V5556","卡特设备","件",{"$nulls":4},"2008-01-01",2,12.84,25.68,2,{"v":12,"d":"12.00"},{"v":10,"d":"10.00"},{"v":2.4,"d":"2.40"},-90.65]
["4338","11区07排02层","O-型密封","114-8718","卡特设备","件",{"$nulls":4},"2008-01-01",12,{"v":15.7,"d":"15.70"},{"v":188.4,"d":"188.40"},12,{"v":15,"d":"15.00"},{"v":10,"d":"10.00"},{"v":18,"d":"18.00"},-90.45]
["4339","11区08架03层","O-型密封","6V-5657","卡特设备","件",{"$nulls":4},"2009-01-01",3,53.55,160.65,3,{"v":52,"d":"52.00"},{"v":10,"d":"10.00"},{"v":15.6,"d":"15.60"},-90.29]
["4340","11区12架02层","O-型密封","4T7791","卡特设备","件",{"$nulls":4},"2009-01-01",1,18.35,18.35,1,{"v":18,"d":"18.00"},{"v":10,"d":"10.00"},{"v":1.8,"d":"1.80"},-90.19]
["4341","11区12架02层","O-型密封","9J0707","卡特设备","件",{"$nulls":4},"2009-01-01",1,35.75,35.75,1,{"v":35,"d":"35.00"},{"v":10,"d":"10.00"},{"v":3.5,"d":"3.50"},-90.21]
["4342","11区12架02层","O-型密封","2P2975","卡特设备","件",{"$nulls":4},"2009-01-01",4,37.82,151.28,4,{"v":37,"d":"37.00"},{"v":10,"d":"10.00"},{"v":14.8,"d":"14.80"},-90.22]
["4343","11区12排02层","O-型密封","0951586","特雷克斯3311E矿车","件",{"$nulls":4},"2009-01-01",6,8.79,52.74,6,{"v":9,"d":"9.00"},{"v":10,"d":"10.00"},{"v":5.4,"d":"5.40"},-89.76]
["4344","11区12排02层","O-型密封",1227776,"特雷克斯3311E矿车","件",{"$nulls":4},"2009-01-01",2,8.56,17.12,2,{"v":8,"d":"8.00"},{"v":10,"d":"10.00"},{"v":1.6,"d":"1.60"},-90.65]
["4345","11区12排02层","O-型密封","0951597","特雷克斯3311E矿车","件",{"$nulls":4},"2009-01-01",1,16.98,16.98,1,{"v":16,"d":"16.00"},{"v":10,"d":"10.00"},{"v":1.6,"d":"1.60"},-90.58]
["4346","11区12排02层","O-型密封","0951573","特雷克斯3311E矿车","件",{"$nulls":4},"2009-01-01",4,6.76,27.04,4,{"v":7,"d":"7.00"},{"v":10,"d":"10.00"},{"v":2.8,"d":"2.80"},-89.64]
["4347","11区13架03层","O-型密封","3H0976","卡特设备","件",{"$nulls":4},"2008-01-01",1,97.77,97.77,1,{"v":95,"d":"95.00"},{"v":10,"d":"10.00"},{"v":9.5,"d":"9.50"},-90.28]
["4348","11区13架03层","O-型密封","8L2786","卡特设备","件",{"$nulls":4},"2008-01-01",6,29.33,175.98,6,{"v":28,"d":"28.00"},{"v":10,"d":"10.00"},{"v":16.8,"d":"16.80"},-90.45]
["4349","11区13架03层","O-型密封","6V1250","卡特设备","件",{"$nulls":4},"2008-01-01",1,72.18,72.18,1,{"v":70,"d":"70.00"},{"v":10,"d":"10.00"},{"v":7,"d":"7.00"},{"v":-90.3,"d":"-90.30"}]
["4350","11区13架03层","O-型密封","6V5048","卡特设备","件",{"$nulls":4},"2008-01-01",6,21.33,127.98,6,{"v":21,"d":"21.00"},{"v":10,"d":"10.00"},{"v":12.6,"d":"12.60"},-90.15]
["4351","11区13排02层","O-型密封","0336027","特雷克斯3311E矿车","件",{"$nulls":4},"2008-01-01",1,45.41,45.41,1,{"v":44,"d":"44.00"},{"v":10,"d":"10.00"},{"v":4.4,"d":"4.40"},-90.31]
["4352","11区13排02层","O-型密封","0951576","特雷克斯3311E矿车","件",{"$nulls":4},"2008-01-01",4,7.18,28.72,4,{"v":7,"d":"7.00"},{"v":10,"d":"10.00"},{"v":2.8,"d":"2.80"},-90.25]
["4353","11区13排02层","O-型密封","095-1600","卡特设备","件",{"$nulls":4},"2008-01-01",2,16.05,{"v":32.1,"d":"32.10"},2,{"v":16,"d":"16.00"},{"v":10,"d":"10.00"},{"v":3.2,"d":"3.20"},-90.03]
["4354","11区13排03层","O-型密封","137-6667","卡特设备","件",{"$nulls":4},"2008-01-01",2,23.11,46.22,2,{"v":22,"d":"22.00"},{"v":10,"d":"10.00"},{"v":4.4,"d":"4.40"},-90.48]
["4355","11区13排03层","O-型密封","095-1705","卡特设备","件",{"$nulls":4},"2008-01-01",2,{"v":16,"d":"16.00"},{"v":32,"d":"32.00"},2,{"v":16,"d":"16.00"},{"v":10,"d":"10.00"},{"v":3.2,"d":"3.20"},{"v":-90,"d":"-90.00"}]
["4356","11区14架02层","O-型密封","4J0523","卡特设备","件",{"$nulls":4},"2009-01-01",2,16.71,33.42,2,{"v":16,"d":"16.00"},{"v":10,"d":"10.00"},{"v":3.2,"d":"3.20"},-90.42]
["4357","11区14排02层","O-型密封","153-4906","卡特设备","件",{"$nulls":4},"2009-01-01",8,24.89,199.12,8,{"v":24,"d":"24.00"},{"v":10,"d":"10.00"},{"v":19.2,"d":"19.20"},-90.36]
["4358","11区15架02层","O-型密封","7Y5219","卡特设备","件",{"$nulls":4},"2009-01-01",6,8.69,52.14,6,{"v":8,"d":"8.00"},{"v":10,"d":"10.00"},{"v":4.8,"d":"4.80"},-90.79]
["4359","11区15架02层","O-型密封","8L2779","卡特设备","件",{"$nulls":4},"2009-01-01",1,28.51,28.51,1,{"v":28,"d":"28.00"},{"v":10,"d":"10.00"},{"v":2.8,"d":"2.80"},-90.18]
["4360","11区15架02层","O-型密封","5J2974","卡特设备","件",{"$nulls":4},"2009-01-01",4,10.11,40.44,4,{"v":10,"d":"10.00"},{"v":10,"d":"10.00"},{"v":4,"d":"4.00"},-90.11]
["4361","11区15架02层","O-型密封","8U7381","卡特设备","件",{"$nulls":4},"2009-01-01",1,56.17,56.17,1,{"v":54,"d":"54.00"},{"v":10,"d":"10.00"},{"v":5.4,"d":"5.40"},-90.39]
["4362","11区15架02层","O-型密封","3D4245","卡特设备","件",{"$nulls":4},"2009-01-01",1,11.41,11.41,1,{"v":11,"d":"11.00"},{"v":10,"d":"10.00"},{"v":1.1,"d":"1.10"},-90.36]
["4363","11区15排02层","O-型密封","122-7773","卡特设备","件",{"$nulls":4},"2009-01-01",4,62.25,{"v":249,"d":"249.00"},4,{"v":60,"d":"60.00"},{"v":10,"d":"10.00"},{"v":24,"d":"24.00"},-90.36]
["4364","11区15排02层","O-型密封",1269092,"特雷克斯3311E矿车","件",{"$nulls":4},"2009-01-01",5,43.48,{"v":217.4,"d":"217.40"},5,{"v":42,"d":"42.00"},{"v":10,"d":"10.00"},{"v":21,"d":"21.00"},-90.34]
["4365","11区15排02层","O-型密封",1269093,"特雷克斯3311E矿车","件",{"$nulls":4},"2009-01-01",1,22.22,22.22,1,{"v":22,"d":"22.00"},{"v":10,"d":"10.00"},{"v":2.2,"d":"2.20"},{"v":-90.1,"d":"-90.10"}]
["4366","11区15排02层","O-型密封",1227767,"特雷克斯3311E矿车","件",{"$nulls":4},"2009-01-01",1,49.55,49.55,1,{"v":48,"d":"48.00"},{"v":10,"d":"10.00"},{"v":4.8,"d":"4.80"},-90.31]
["4367","11区15排02层","O-型密封","0933328","特雷克斯3311E矿车","件",{"$nulls":4},"2009-01-01",1,42.66,42.66,1,{"v":41,"d":"41.00"},{"v":10,"d":"10.00"},{"v":4.1,"d":"4.10"},-90.39]
["4368","11区15排02层","O-型密封","0951522","特雷克斯3311E矿车","件",{"$nulls":4},"2009-01-01",1,11.18,11.18,1,{"v":11,"d":"11.00"},{"v":10,"d":"10.00"},{"v":1.1,"d":"1.10"},-90.16]
["4369","11区15排02层","O-型密封",1124697,"卡特设备","件",{"$nulls":4},"2009-01-01",2,182.89,365.78,2,{"v":132,"d":"132.00"},{"v":10,"d":"10.00"},{"v":26.4,"d":"26.40"},-92.78]
["4370","11区15排02层","O-型密封","0336036","卡特设备","件",{"$nulls":4},"2009-01-01",6,52.38,314.28,6,{"v":51,"d":"51.00"},{"v":10,"d":"10.00"},{"v":30.6,"d":"30.60"},-90.26]
["4371","11区16架03层","O-型密封","6J3134","卡特设备","件",{"$nulls":4},"2009-01-01",2,5.94,11.88,2,{"v":6,"d":"6.00"},{"v":10,"d":"10.00"},{"v":1.2,"d":"1.20"},{"v":-89.9,"d":"-89.90"}]
["4372","11区16排03层","O-型密封",1237562,"卡特设备","件",{"$nulls":4},"2009-01-01",6,15.37,92.22,6,{"v":15,"d":"15.00"},{"v":10,"d":"10.00"},{"v":9,"d":"9.00"},-90.24]
["4373","11区17架03层","O-型密封","3P0647","卡特设备","件",{"$nulls":4},"2009-01-01",1,40.31,40.31,1,{"v":39,"d":"39.00"},{"v":10,"d":"10.00"},{"v":3.9,"d":"3.90"},-90.32]
["4374","11区17架03层","O-型密封",1878001,"卡特设备","件",{"$nulls":4},"2009-01-01",2,7.73,15.46,2,{"v":7,"d":"7.00"},{"v":10,"d":"10.00"},{"v":1.4,"d":"1.40"},-90.94]
["4375","11区17架03层","O-型密封","4J7533","卡特设备","件",{"$nulls":4},"2009-01-01",6,4.98,29.88,6,{"v":5,"d":"5.00"},{"v":10,"d":"10.00"},{"v":3,"d":"3.00"},-89.96]
["4376","11区17排03层","O-型密封",1177273,"卡特设备","件",{"$nulls":4},"2009-01-01",1,23.61,23.61,1,{"v":23,"d":"23.00"},{"v":10,"d":"10.00"},{"v":2.3,"d":"2.30"},-90.26]
["4377","11区13排02层","O型密封","15040624#","特雷克斯3311E矿车","件",{"$nulls":4},"2008-01-01",4,0.01,0.04,4,{"v":1,"d":"1.00"},{"v":10,"d":"10.00"},{"v":0.4,"d":"0.40"},{"v":900,"d":"900.00"}]
["4378","11区13排02层","O型密封","15040768#","特雷克斯3311E矿车","件",{"$nulls":4},"2008-01-01",2,0.01,0.02,2,{"v":1,"d":"1.00"},{"v":10,"d":"10.00"},{"v":0.2,"d":"0.20"},{"v":900,"d":"900.00"}]
["4379","11区13排02层","O型密封","15040621#","特雷克斯3311E矿车","件",{"$nulls":4},"2008-01-01",4,0.01,0.04,4,{"v":1,"d":"1.00"},{"v":10,"d":"10.00"},{"v":0.4,"d":"0.40"},{"v":900,"d":"900.00"}]
["4380","11区13排02层","O型密封","15040622#","特雷克斯3311E矿车","件",{"$nulls":4},"2008-01-01",4,0.01,0.04,4,{"v":1,"d":"1.00"},{"v":10,"d":"10.00"},{"v":0.4,"d":"0.40"},{"v":900,"d":"900.00"}]
["4381","11区01架04层","O形圈","419-15-16950","小松装载机","件",{"$nulls":4},"2009-01-01",4,{"v":89.5,"d":"89.50"},{"v":358,"d":"358.00"},4,{"v":86.7,"d":"86.70"},{"v":10,"d":"10.00"},34.68,-90.31]
["4382","11区01排06层","吸尘滤芯","3214-6239-00","小松装载机","件",{"$nulls":4},"2009-01-01",20,1388.28,{"v":27765.6,"d":"27765.60"},20,{"v":990,"d":"990.00"},{"v":10,"d":"10.00"},{"v":1980,"d":"1,980.00"},-92.87]
["4383","11区01排06层","滤芯","00002","特雷克斯3311E矿车","件",{"$nulls":4},"2009-01-01",5,29.31,146.55,5,{"v":38,"d":"38.00"},{"v":10,"d":"10.00"},{"v":19,"d":"19.00"},-87.04]
["4384","11区01排06层","空气细滤",15040743,"特雷克斯3311E矿车","件",{"$nulls":4},"2009-01-01",2,270.19,540.38,2,{"v":178,"d":"178.00"},{"v":10,"d":"10.00"},{"v":35.6,"d":"35.60"},-93.41]
["4385","11区06排02层","O形圈","03858069","特雷克斯3311E矿车","件",{"$nulls":4},"2009-01-01",10,55.58,{"v":555.8,"d":"555.80"},10,53.84,{"v":10,"d":"10.00"},53.84,-90.31]
["4386","11区07架03层","O形圈","07000-15200","小松装载机","件",{"$nulls":4},"2008-01-01",12,64.17,770.04,12,62.16,{"v":10,"d":"10.00"},74.59,-90.31]
["4387","11区08架02层","O形圈","8M4435","卡特设备","件",{"$nulls":4},"2011-01-01",2,23.73,47.46,2,22.99,{"v":10,"d":"10.00"},{"v":4.6,"d":"4.60"},-90.31]
["4388","11区11架03层","O形圈","5H2767","卡特设备","件",{"$nulls":4},"2008-01-01",2,12.97,25.94,2,12.56,{"v":10,"d":"10.00"},2.51,-90.32]
["4389","11区16架02层","O形圈","8M5127","卡特设备","件",{"$nulls":4},"2008-01-01",1,11.55,11.55,1,11.19,{"v":10,"d":"10.00"},1.12,{"v":-90.3,"d":"-90.30"}]
["4390","11区16排03层","O形圈","109-0074","卡特设备","件",{"$nulls":4},"2008-01-01",4,67.55,{"v":270.2,"d":"270.20"},4,65.44,{"v":10,"d":"10.00"},26.18,-90.31]
["4391","11区02排04层","0型圈",9178785,"卡特设备","件",{"$nulls":4},"2009-01-01",30,{"v":273.5,"d":"273.50"},{"v":8205,"d":"8205.00"},30,{"v":240,"d":"240.00"},{"v":10,"d":"10.00"},{"v":720,"d":"720.00"},-91.22]
["4392","11区09排02层","0型圈","07000-02115","小松装载机","件",{"$nulls":4},"2009-01-01",1,1.97,1.97,1,1.91,{"v":10,"d":"10.00"},0.19,-90.36]
["4393","11区09排02层","0型圈","07000-02110","小松装载机","件",{"$nulls":4},"2009-01-01",2,1.82,3.64,2,1.76,{"v":10,"d":"10.00"},0.35,-90.38]
["4394","11区09排02层","0型圈","07000-05150","小松装载机","件",{"$nulls":4},"2009-01-01",3,2.74,8.22,3,2.65,{"v":10,"d":"10.00"},{"v":0.8,"d":"0.80"},-90.27]
["4395","11区14架03层","[禁止新购] 喷嘴","3176-6567-00#","小松装载机","件",{"$nulls":4},"2008-01-01",1,0.01,0.01,1,{"v":6,"d":"6.00"},{"v":10,"d":"10.00"},{"v":0.6,"d":"0.60"},{"v":5900,"d":"5,900.00"}]
["4396","11区14架03层","[禁止新购] 密封件","0661-1020-00#","小松装载机","件",{"$nulls":4},"2009-01-01",8,0.01,0.08,8,{"v":1,"d":"1.00"},{"v":10,"d":"10.00"},{"v":0.8,"d":"0.80"},{"v":900,"d":"900.00"}]
["4397","11区03架05层","[禁止新购] 空气滤芯(细滤)","30981-70050#","小松装载机","件",{"$nulls":4},"2009-01-01",1,0.01,0.01,1,{"v":30,"d":"30.00"},{"v":10,"d":"10.00"},{"v":3,"d":"3.00"},{"v":29900,"d":"29,900.00"}]
["4398","11区04架05层","[禁止新购] 空气滤芯(初滤)","30981-60140#","小松装载机","件",{"$nulls":4},"2009-01-01",5,0.01,0.05,5,{"v":30,"d":"30.00"},{"v":10,"d":"10.00"},{"v":15,"d":"15.00"},{"v":29900,"d":"29,900.00"}]
["4399","11区07架03层","[禁止新购] 胶套","3216-5432-00#","小松装载机","件",{"$nulls":4},"2008-01-01",13,0.01,0.13,13,null,null,0,{"v":-100,"d":"-100.00"}]
["4400","11区11架03层","[禁止新购] 垫子","15066-NA000#","小松装载机","件",{"$nulls":4},"2008-01-01",3,0.01,0.03,3,{"v":25,"d":"25.00"},{"v":10,"d":"10.00"},{"v":7.5,"d":"7.50"},{"v":24900,"d":"24,900.00"}]
["4401","11区14排02层","(里程表盖)油封","8T-160/08-10/048","小松装载机","件",{"$nulls":4},"2009-01-01",1,63.99,63.99,1,61.99,{"v":10,"d":"10.00"},{"v":6.2,"d":"6.20"},-90.31]
["4402","11区14排02层","(里程表盖)油封","8T-160/08-10/047","小松装载机","件",{"$nulls":4},"2009-01-01",1,115.54,115.54,1,{"v":75,"d":"75.00"},{"v":10,"d":"10.00"},{"v":7.5,"d":"7.50"},-93.51]
["4403","11区10排03层","(传动轴)螺母",15036169,"特雷克斯3311E矿车","件",{"$nulls":4},"2009-01-01",14,4.44,62.16,14,{"v":4.3,"d":"4.30"},{"v":10,"d":"10.00"},6.02,-90.32]
["4404","12区07架01层","软管","0574-1293-11#","ROC842潜孔钻","件",{"$nulls":4},"2008-01-01",5,0.01,0.05,5,{"$nulls":3},{"v":-100,"d":"-100.00"}]
["4405","12区07架01层","软管","1010-00-08#","ROC842潜孔钻","件",{"$nulls":4},"2008-01-01",1,0.01,0.01,1,{"$nulls":3},{"v":-100,"d":"-100.00"}]
["4406","12区07架01层","软管","1004-00-04#","ROC842潜孔钻","件",{"$nulls":4},"2008-01-01",1,0.01,0.01,1,{"$nulls":3},{"v":-100,"d":"-100.00"}]
["4407","12区07架01层","软管","1004-00-08#","ROC842潜孔钻","件",{"$nulls":4},"2008-01-01",1,0.01,0.01,1,{"$nulls":3},{"v":-100,"d":"-100.00"}]
["4408","12区07架01层","软管","0574-0065-46","ROC842潜孔钻","件",{"$nulls":4},"2008-01-01",1,888.78,888.78,1,{"$nulls":3},{"v":-100,"d":"-100.00"}]
["4409","12区07架01层","软管","0574-0065-47","ROC842潜孔钻","件",{"$nulls":4},"2008-01-01",3,138.65,415.95,3,{"$nulls":3},{"v":-100,"d":"-100.00"}]
["4410","12区07架01层","软管","0574-0065-31","ROC842潜孔钻","件",{"$nulls":4},"2008-01-01",1,1066.54,1066.54,1,{"$nulls":3},{"v":-100,"d":"-100.00"}]
["4411","12区07架01层","软管","0574-0065-43","ROC842潜孔钻","件",{"$nulls":4},"2008-01-01",1,337.74,337.74,1,{"$nulls":3},{"v":-100,"d":"-100.00"}]
["4412","12区07架02层","金属件","3115-2520-00#","ROC842潜孔钻","件",{"$nulls":4},"2008-01-01",1,0.01,0.01,1,{"v":0.5,"d":"0.50"},{"v":10,"d":"10.00"},0.05,{"v":400,"d":"400.00"}]
["4413","12区07架02层","套子","3115-2382-00#","ROC842潜孔钻","件",{"$nulls":4},"2008-01-01",1,0.01,0.01,1,{"v":0.6,"d":"0.60"},{"v":10,"d":"10.00"},0.06,{"v":500,"d":"500.00"}]
["4414","12区07架02层","螺栓","0147-1401-03","ROC842潜孔钻","件",{"$nulls":4},"2008-01-01",2,6.76,13.52,2,6.55,{"v":10,"d":"10.00"},1.31,-90.31]
["4415","12区07架02层","工具","0797-0802-00#","ROC842潜孔钻","件",{"$nulls":4},"2008-01-01",1,0.01,0.01,1,{"v":1.7,"d":"1.70"},{"v":10,"d":"10.00"},0.17,{"v":1600,"d":"1,600.00"}]
["4416","12区07架02层","磨杯","0797-2840-00#","ROC842潜孔钻","件",{"$nulls":4},"2008-01-01",39,0.01,0.39,39,{"v":2.5,"d":"2.50"},{"v":10,"d":"10.00"},9.75,{"v":2400,"d":"2,400.00"}]
["4417","12区07架02层","磨杯","0797-2702-00#","ROC842潜孔钻","件",{"$nulls":4},"2008-01-01",10,0.01,{"v":0.1,"d":"0.10"},10,{"v":2.5,"d":"2.50"},{"v":10,"d":"10.00"},{"v":2.5,"d":"2.50"},{"v":2400,"d":"2,400.00"}]
["4418","12区07架02层","长螺杆","3115-2222-00#","ROC842潜孔钻","件",{"$nulls":4},"2008-01-01",4,0.01,0.04,4,{"v":1.2,"d":"1.20"},{"v":10,"d":"10.00"},0.48,{"v":1100,"d":"1,100.00"}]
["4419","12区07架02层","管接头","001","ROC842潜孔钻","件",{"$nulls":4},"2008-01-01",5,0.01,0.05,5,{"v":16.5,"d":"16.50"},{"v":10,"d":"10.00"},8.25,{"v":16400,"d":"16,400.00"}]
["4420","12区07架02层","轴承","0516-1504-00#","ROC842潜孔钻","件",{"$nulls":4},"2008-01-01",6,0.01,0.06,6,{"v":14,"d":"14.00"},{"v":10,"d":"10.00"},{"v":8.4,"d":"8.40"},{"v":13900,"d":"13,900.00"}]
["4421","12区07架02层","磨杯","0797-2703-00#","ROC842潜孔钻","件",{"$nulls":4},"2008-01-01",9,0.01,0.09,9,{"v":2.5,"d":"2.50"},{"v":10,"d":"10.00"},2.25,{"v":2400,"d":"2,400.00"}]
["4422","12区07架02层","磨杯","0797-1339-00#","ROC842潜孔钻","件",{"$nulls":4},"2008-01-01",5,0.01,0.05,5,{"v":2.5,"d":"2.50"},{"v":10,"d":"10.00"},1.25,{"v":2400,"d":"2,400.00"}]
["4423","12区07架02层","压力阀总成","2252-0495-80","ROC842潜孔钻","件",{"$nulls":4},"2008-01-01",1,5138.05,5138.05,1,{"v":3560,"d":"3,560.00"},{"v":10,"d":"10.00"},{"v":356,"d":"356.00"},-93.07]
["4424","12区07架02层","元件","3216-7475-00#","ROC842潜孔钻","件",{"$nulls":4},"2008-01-01",1,0.01,0.01,1,{"v":1.1,"d":"1.10"},{"v":10,"d":"10.00"},0.11,{"v":1000,"d":"1,000.00"}]
["4425","12区07架02层","压力工具","3115-1902-80#","ROC842潜孔钻","件",{"$nulls":4},"2008-01-01",1,0.01,0.01,1,{"v":128,"d":"128.00"},{"v":10,"d":"10.00"},{"v":12.8,"d":"12.80"},{"v":127900,"d":"127,900.00"}]
["4426","12区07架02层","螺纹接头","3115-0642-00#","ROC842潜孔钻","件",{"$nulls":4},"2008-01-01",2,0.01,0.02,2,{"v":20,"d":"20.00"},{"v":10,"d":"10.00"},{"v":4,"d":"4.00"},{"v":19900,"d":"19,900.00"}]
["4427","12区07架02层","磨杯","0797-1021-00#","ROC842潜孔钻","件",{"$nulls":4},"2008-01-01",5,0.01,0.05,5,{"v":2.5,"d":"2.50"},{"v":10,"d":"10.00"},1.25,{"v":2400,"d":"2,400.00"}]
["4428","12区07架02层","电气元件","3216-8456-00#","ROC842潜孔钻","件",{"$nulls":4},"2008-01-01",1,0.01,0.01,1,{"v":1.1,"d":"1.10"},{"v":10,"d":"10.00"},0.11,{"v":1000,"d":"1,000.00"}]
["4429","12区07架03层","轴承","0502-1229-00","ROC842潜孔钻","件",{"$nulls":4},"2008-01-01",1,180.49,180.49,1,174.84,{"v":10,"d":"10.00"},17.48,-90.32]
["4430","12区07架03层","管卡","0335-3500-12","ROC842潜孔钻","件",{"$nulls":4},"2008-01-01",2,105.77,211.54,2,{"v":84,"d":"84.00"},{"v":10,"d":"10.00"},{"v":16.8,"d":"16.80"},-92.06]
["4431","12区07架03层","防尘盖","4145-0654-90#","ROC842潜孔钻","件",{"$nulls":4},"2008-01-01",1,0.01,0.01,1,{"v":50,"d":"50.00"},{"v":10,"d":"10.00"},{"v":5,"d":"5.00"},{"v":49900,"d":"49,900.00"}]
["4432","12区07架03层","轴承","0502-1320-00#","ROC842潜孔钻","件",{"$nulls":4},"2008-01-01",1,0.01,0.01,1,{"v":14,"d":"14.00"},{"v":10,"d":"10.00"},{"v":1.4,"d":"1.40"},{"v":13900,"d":"13,900.00"}]
["4433","12区07架03层","接头","3715-0585-00#","ROC842潜孔钻","件",{"$nulls":4},"2008-01-01",5,0.01,0.05,5,{"v":2.5,"d":"2.50"},{"v":10,"d":"10.00"},1.25,{"v":2400,"d":"2,400.00"}]
["4434","12区07架03层","堵头","0196-1318-00","ROC842潜孔钻","件",{"$nulls":4},"2008-01-01",2,103.97,207.94,2,100.72,{"v":10,"d":"10.00"},20.14,-90.31]
["4435","12区07架03层","管夹","0347-6118-00","ROC842潜孔钻","件",{"$nulls":4},"2008-01-01",4,17.11,68.44,4,16.57,{"v":10,"d":"10.00"},6.63,-90.31]
["4436","12区07架03层","开口环","0335-2169-00","ROC842潜孔钻","件",{"$nulls":4},"2008-01-01",2,60.77,121.54,2,58.87,{"v":10,"d":"10.00"},11.77,-90.32]
["4437","12区07架03层","轴承","0110-9048-00#","ROC842潜孔钻","件",{"$nulls":4},"2008-01-01",1,0.01,0.01,1,{"v":14,"d":"14.00"},{"v":10,"d":"10.00"},{"v":1.4,"d":"1.40"},{"v":13900,"d":"13,900.00"}]
["4438","12区07架03层","开口环","0335-2173-00","ROC842潜孔钻","件",{"$nulls":4},"2008-01-01",4,108.02,432.08,4,104.64,{"v":10,"d":"10.00"},41.86,-90.31]
["4439","12区07架03层","垫片","3115-0297-03#","ROC842潜孔钻","件",{"$nulls":4},"2008-01-01",1,0.01,0.01,1,{"v":12,"d":"12.00"},{"v":10,"d":"10.00"},{"v":1.2,"d":"1.20"},{"v":11900,"d":"11,900.00"}]
["4440","12区07架03层","油封","3115-2554-00#","ROC842潜孔钻","件",{"$nulls":4},"2008-01-01",1,0.01,0.01,1,{"v":75,"d":"75.00"},{"v":10,"d":"10.00"},{"v":7.5,"d":"7.50"},{"v":74900,"d":"74,900.00"}]
["4441","12区07架03层","螺栓","3115-1010-53#","ROC842潜孔钻","件",{"$nulls":4},"2008-01-01",6,0.01,0.06,6,{"v":20,"d":"20.00"},{"v":10,"d":"10.00"},{"v":12,"d":"12.00"},{"v":19900,"d":"19,900.00"}]
["4442","12区07架03层","直接头","004","ROC842潜孔钻","件",{"$nulls":4},"2008-01-01",1,13.68,13.68,1,13.25,{"v":10,"d":"10.00"},1.33,-90.28]
["4443","12区07架03层","接头","002","ROC842潜孔钻","件",{"$nulls":4},"2008-01-01",5,0.01,0.05,5,{"v":2.5,"d":"2.50"},{"v":10,"d":"10.00"},1.25,{"v":2400,"d":"2,400.00"}]
["4444","12区07架03层","油封","3216-1690-80#","ROC842潜孔钻","件",{"$nulls":4},"2008-01-01",3,0.01,0.03,3,{"v":75,"d":"75.00"},{"v":10,"d":"10.00"},{"v":22.5,"d":"22.50"},{"v":74900,"d":"74,900.00"}]
["4445","12区07架03层","探头","XSM-H10713#","ROC842潜孔钻","件",{"$nulls":4},"2008-01-01",2,0.01,0.02,2,{"v":100,"d":"100.00"},{"v":10,"d":"10.00"},{"v":20,"d":"20.00"},{"v":99900,"d":"99,900.00"}]
["4446","12区07架03层","管夹","0347-6123-00","ROC842潜孔钻","件",{"$nulls":4},"2008-01-01",1,50.14,50.14,1,48.57,{"v":10,"d":"10.00"},4.86,-90.31]
["4447","12区07架03层","卡簧","0335-2155-00","ROC842潜孔钻","件",{"$nulls":4},"2008-01-01",1,10.03,10.03,1,9.72,{"v":10,"d":"10.00"},0.97,-90.33]
["4448","12区07架03层","灯","3176-7472-00#","ROC842潜孔钻","件",{"$nulls":4},"2008-01-01",2,0.01,0.02,2,{"v":25,"d":"25.00"},{"v":10,"d":"10.00"},{"v":5,"d":"5.00"},{"v":24900,"d":"24,900.00"}]
["4449","12区07架03层","金属件","003","ROC842潜孔钻","件",{"$nulls":4},"2008-01-01",1,0.01,0.01,1,{"v":1,"d":"1.00"},{"v":10,"d":"10.00"},{"v":0.1,"d":"0.10"},{"v":900,"d":"900.00"}]
["4450","12区07架03层","衬套","0605-8814-00#","ROC842潜孔钻","件",{"$nulls":4},"2008-01-01",3,0.01,0.03,3,{"v":18,"d":"18.00"},{"v":10,"d":"10.00"},{"v":5.4,"d":"5.40"},{"v":17900,"d":"17,900.00"}]
["4451","12区07架03层","螺母","3715-0597-00#","ROC842潜孔钻","件",{"$nulls":4},"2008-01-01",2,0.01,0.02,2,{"v":20,"d":"20.00"},{"v":10,"d":"10.00"},{"v":4,"d":"4.00"},{"v":19900,"d":"19,900.00"}]
["4452","12区07排03层","接头","3715-0585-00#","ROC842潜孔钻","件",{"$nulls":4},"2008-01-01",3,0.01,0.03,3,{"v":2.5,"d":"2.50"},{"v":10,"d":"10.00"},0.75,{"v":2400,"d":"2,400.00"}]
["4453","13区01架01层","吸尘滤芯","007704-001","D50KS牙轮钻机","件",{"$nulls":4},"2008-01-01",72,993.92,71562.24,72,{"v":650,"d":"650.00"},{"v":10,"d":"10.00"},{"v":4680,"d":"4,680.00"},-93.46]
["4454","13区01架01层","空气外滤芯","001036-061","D50KS牙轮钻机","件",{"$nulls":4},"2008-01-01",20,1758.36,{"v":35167.2,"d":"35167.20"},20,{"v":1680,"d":"1,680.00"},{"v":10,"d":"10.00"},{"v":3360,"d":"3,360.00"},-90.45]
["4455","13区01架01层","空气内滤芯","001036-053","D50KS牙轮钻机","件",{"$nulls":4},"2008-01-01",17,{"v":1142.3,"d":"1142.30"},{"v":19419.1,"d":"19419.10"},17,{"v":990,"d":"990.00"},{"v":10,"d":"10.00"},{"v":1683,"d":"1,683.00"},-91.33]
["4456","13区01架01层","空气滤芯","001036-061#","D50KS牙轮钻机","件",{"$nulls":4},"2008-01-01",4,0.01,0.04,4,{"v":38,"d":"38.00"},{"v":10,"d":"10.00"},{"v":15.2,"d":"15.20"},{"v":37900,"d":"37,900.00"}]
["4457","13区03架01层","总成件","001109-001#","D50KS牙轮钻机","件",{"$nulls":4},"2008-01-01",1,0.01,0.01,1,{"v":210,"d":"210.00"},{"v":10,"d":"10.00"},{"v":21,"d":"21.00"},{"v":209900,"d":"209,900.00"}]
["4458","13区04架01层","密封组件","002770-063","D50KS牙轮钻机","件",{"$nulls":4},"2008-01-01",2,140.43,280.86,2,{"v":136,"d":"136.00"},{"v":10,"d":"10.00"},{"v":27.2,"d":"27.20"},-90.32]
["4459","13区04架01层","螺母","001564-018","D50KS牙轮钻机","件",{"$nulls":4},"2008-01-01",4,106.66,426.64,4,103.32,{"v":10,"d":"10.00"},41.33,-90.31]
["4460","13区04架01层","密封组件","002770-075","D50KS牙轮钻机","件",{"$nulls":4},"2008-01-01",2,810.57,1621.14,2,{"v":783,"d":"783.00"},{"v":10,"d":"10.00"},{"v":156.6,"d":"156.60"},-90.34]
["4461","13区04架01层","环","002770-071","D50KS牙轮钻机","件",{"$nulls":4},"2008-01-01",9,25.77,231.93,9,24.96,{"v":10,"d":"10.00"},22.46,-90.32]
["4462","13区04架01层","螺母","002202-001","D50KS牙轮钻机","件",{"$nulls":4},"2008-01-01",4,106.66,426.64,4,103.32,{"v":10,"d":"10.00"},41.33,-90.31]
["4463","13区04架01层","门锁","001195-001","D50KS牙轮钻机","件",{"$nulls":4},"2008-01-01",1,{"v":309.3,"d":"309.30"},{"v":309.3,"d":"309.30"},1,299.62,{"v":10,"d":"10.00"},29.96,-90.31]
["4464","13区04架01层","管卡","001482-009","D50KS牙轮钻机","件",{"$nulls":4},"2008-01-01",2,55.11,110.22,2,{"v":84,"d":"84.00"},{"v":10,"d":"10.00"},{"v":16.8,"d":"16.80"},-84.76]
["4465","13区04架02层","安全阀","003130-065","D50KS牙轮钻机","件",{"$nulls":4},"2008-01-01",2,1974.27,3948.54,2,{"v":2000,"d":"2,000.00"},{"v":10,"d":"10.00"},{"v":400,"d":"400.00"},-89.87]
["4466","13区04架02层","环","001030-062","D50KS牙轮钻机","件",{"$nulls":4},"2008-01-01",4,73.48,293.92,4,71.18,{"v":10,"d":"10.00"},28.47,-90.31]
["4467","13区04架02层","轴承","001004-075","D50KS牙轮钻机","件",{"$nulls":4},"2008-01-01",3,700.36,2101.08,3,{"v":800,"d":"800.00"},{"v":10,"d":"10.00"},{"v":240,"d":"240.00"},-88.58]
["4468","13区04架02层","滤芯","001002-063","D50KS牙轮钻机","件",{"$nulls":4},"2008-01-01",1,87.55,87.55,1,{"v":71,"d":"71.00"},{"v":10,"d":"10.00"},{"v":7.1,"d":"7.10"},-91.89]
["4469","13区04架02层","修理包","012457-052","D50KS牙轮钻机","件",{"$nulls":4},"2008-01-01",1,{"v":3707.4,"d":"3707.40"},{"v":3707.4,"d":"3707.40"},1,{"v":2360,"d":"2,360.00"},{"v":10,"d":"10.00"},{"v":236,"d":"236.00"},-93.63]
["4470","13区04架02层","雨刮臂","001828-005","D50KS牙轮钻机","件",{"$nulls":4},"2008-01-01",2,747.07,1494.14,2,723.69,{"v":10,"d":"10.00"},144.74,-90.31]
["4471","13区04架02层","油缸密封组件","001030-087","D50KS牙轮钻机","件",{"$nulls":4},"2008-01-01",3,900.34,2701.02,3,{"v":783,"d":"783.00"},{"v":10,"d":"10.00"},{"v":234.9,"d":"234.90"},{"v":-91.3,"d":"-91.30"}]
["4472","13区04架02层","轴承","001330-236","D50KS牙轮钻机","件",{"$nulls":4},"2008-01-01",1,3942.54,3942.54,1,{"v":3600,"d":"3,600.00"},{"v":10,"d":"10.00"},{"v":360,"d":"360.00"},-90.87]
["4473","13区04架02层","软管","001337-065","D50KS牙轮钻机","件",{"$nulls":4},"2008-01-01",1,106.17,106.17,1,{"$nulls":3},{"v":-100,"d":"-100.00"}]
["4474","13区04架02层","雨刮电机总成","003828-001","D50KS牙轮钻机","件",{"$nulls":4},"2008-01-01",1,5224.04,5224.04,1,{"v":5000,"d":"5,000.00"},{"v":10,"d":"10.00"},{"v":500,"d":"500.00"},-90.43]
["4475","13区04架02层","雨刮片","003828-003","D50KS牙轮钻机","件",{"$nulls":4},"2008-01-01",1,307.75,307.75,1,298.12,{"v":10,"d":"10.00"},29.81,-90.31]
["4476","13区04架02层","雨刮片","001828-003","D50KS牙轮钻机","件",{"$nulls":4},"2008-01-01",1,233.68,233.68,1,226.37,{"v":10,"d":"10.00"},22.64,-90.31]
["4477","13区04架02层","密封","001023-086","D50KS牙轮钻机","件",{"$nulls":4},"2008-01-01",1,3233.04,3233.04,1,{"v":2800,"d":"2,800.00"},{"v":10,"d":"10.00"},{"v":280,"d":"280.00"},-91.34]
["4478","13区04架02层","泵修理包","001069-073","D50KS牙轮钻机","件",{"$nulls":4},"2008-01-01",1,444.39,444.39,1,430.48,{"v":10,"d":"10.00"},43.05,-90.31]
["4479","13区04架03层","母接头","007875-009","D50KS牙轮钻机","件",{"$nulls":4},"2008-01-01",2,{"v":135.1,"d":"135.10"},{"v":270.2,"d":"270.20"},2,130.87,{"v":10,"d":"10.00"},26.17,-90.31]
["4480","13区04架03层","轴承外圈","001019-002","D50KS牙轮钻机","件",{"$nulls":4},"2008-01-01",1,181.95,181.95,1,176.25,{"v":10,"d":"10.00"},17.63,-90.31]
["4481","13区04架03层","开关","008670-001","D50KS牙轮钻机","件",{"$nulls":4},"2008-01-01",3,318.18,954.54,3,{"$nulls":3},{"v":-100,"d":"-100.00"}]
["4482","13区04架03层","密封","001528-003","D50KS牙轮钻机","件",{"$nulls":4},"2008-01-01",35,22.88,{"v":800.8,"d":"800.80"},35,{"v":22,"d":"22.00"},{"v":10,"d":"10.00"},{"v":77,"d":"77.00"},-90.38]
["4483","13区04架03层","旋塞","001132-007#","D50KS牙轮钻机","件",{"$nulls":4},"2008-01-01",4,0.01,0.04,4,{"v":2,"d":"2.00"},{"v":10,"d":"10.00"},{"v":0.8,"d":"0.80"},{"v":1900,"d":"1,900.00"}]
["4484","13区04架03层","开关","014004-001#","D50KS牙轮钻机","件",{"$nulls":4},"2008-01-01",2,0.01,0.02,2,{"$nulls":3},{"v":-100,"d":"-100.00"}]
["4485","13区04架03层","密封","001528-001","D50KS牙轮钻机","件",{"$nulls":4},"2008-01-01",15,24.33,364.95,15,{"v":24,"d":"24.00"},{"v":10,"d":"10.00"},{"v":36,"d":"36.00"},-90.14]
["4486","13区04架03层","轴承外圈","001019-003","D50KS牙轮钻机","件",{"$nulls":4},"2008-01-01",1,{"v":552.5,"d":"552.50"},{"v":552.5,"d":"552.50"},1,535.21,{"v":10,"d":"10.00"},53.52,-90.31]
["4487","13区04架03层","修理包","016690-057","D50KS牙轮钻机","件",{"$nulls":4},"2008-01-01",5,554.05,2770.25,5,536.71,{"v":10,"d":"10.00"},268.36,-90.31]
["4488","13区04架03层","压力开关","013051-005","D50KS牙轮钻机","件",{"$nulls":4},"2008-01-01",2,1151.95,{"v":2303.9,"d":"2303.90"},2,{"$nulls":3},{"v":-100,"d":"-100.00"}]
["4489","13区04架03层","泵修理包","001330-407","D50KS牙轮钻机","件",{"$nulls":4},"2008-01-01",1,3777.66,3777.66,1,{"v":2360,"d":"2,360.00"},{"v":10,"d":"10.00"},{"v":236,"d":"236.00"},-93.75]
["4490","13区04架03层","密封","001528-004","D50KS牙轮钻机","件",{"$nulls":4},"2008-01-01",25,10.64,{"v":266,"d":"266.00"},25,{"v":10,"d":"10.00"},{"v":10,"d":"10.00"},{"v":25,"d":"25.00"},{"v":-90.6,"d":"-90.60"}]
["4491","13区04架03层","卡环","001023-069","D50KS牙轮钻机","件",{"$nulls":4},"2008-01-01",8,247.76,1982.08,8,{"v":240,"d":"240.00"},{"v":10,"d":"10.00"},{"v":192,"d":"192.00"},-90.31]
["4492","13区04架03层","销","001171-009#","D50KS牙轮钻机","件",{"$nulls":4},"2008-01-01",2,0.01,0.02,2,{"v":4,"d":"4.00"},{"v":10,"d":"10.00"},{"v":0.8,"d":"0.80"},{"v":3900,"d":"3,900.00"}]
["4493","13区04架03层","开关","014333-058#","D50KS牙轮钻机","件",{"$nulls":4},"2008-01-01",2,0.01,0.02,2,{"$nulls":3},{"v":-100,"d":"-100.00"}]
["4494","13区04架03层","密封","001528-002","D50KS牙轮钻机","件",{"$nulls":4},"2008-01-01",16,159.98,2559.68,16,{"v":132,"d":"132.00"},{"v":10,"d":"10.00"},{"v":211.2,"d":"211.20"},-91.75]
["4495","13区04架04层","螺母","001608-058","D50KS牙轮钻机","件",{"$nulls":4},"2008-01-01",3,399.95,1199.85,3,387.43,{"v":10,"d":"10.00"},116.23,-90.31]
["4496","13区04架04层","密封","001528-006","D50KS牙轮钻机","件",{"$nulls":4},"2008-01-01",16,177.76,2844.16,16,{"v":132,"d":"132.00"},{"v":10,"d":"10.00"},{"v":211.2,"d":"211.20"},-92.57]
["4497","13区04架04层","呼吸器","015279-051","D50KS牙轮钻机","件",{"$nulls":4},"2008-01-01",2,{"v":1149.7,"d":"1149.70"},{"v":2299.4,"d":"2299.40"},2,{"v":1000,"d":"1,000.00"},{"v":10,"d":"10.00"},{"v":200,"d":"200.00"},{"v":-91.3,"d":"-91.30"}]
["4498","13区04架04层","传感器","002829-002","D50KS牙轮钻机","件",{"$nulls":4},"2008-01-01",1,407.84,407.84,1,395.07,{"v":10,"d":"10.00"},39.51,-90.31]
["4499","13区04架04层","修理组件","007946-065","D50KS牙轮钻机","件",{"$nulls":4},"2008-01-01",1,88.88,88.88,1,{"v":86.1,"d":"86.10"},{"v":10,"d":"10.00"},8.61,-90.31]
["4500","13区04架04层","密封组件","CR57521#","D50KS牙轮钻机","件",{"$nulls":4},"2008-01-01",1,0.01,0.01,1,{"v":1,"d":"1.00"},{"v":10,"d":"10.00"},{"v":0.1,"d":"0.10"},{"v":900,"d":"900.00"}]
["4501","13区04架04层","胶环","012471-051","D50KS牙轮钻机","件",{"$nulls":4},"2008-01-01",6,439.47,2636.82,6,null,null,0,{"v":-100,"d":"-100.00"}]
["4502","13区04架04层","空气调节表盘","001479-058","D50KS牙轮钻机","件",{"$nulls":4},"2008-01-01",2,498.26,996.52,2,482.66,{"v":10,"d":"10.00"},96.53,-90.31]
["4503","13区04架04层","按钮开关","001078-001","D50KS牙轮钻机","件",{"$nulls":4},"2008-01-01",1,185.68,185.68,1,{"$nulls":3},{"v":-100,"d":"-100.00"}]
["4504","13区04架04层","连接轴套","001004-073","D50KS牙轮钻机","件",{"$nulls":4},"2008-01-01",2,4236.83,8473.66,2,{"v":4600,"d":"4,600.00"},{"v":10,"d":"10.00"},{"v":920,"d":"920.00"},-89.14]
["4505","13区04架04层","密封止推环","002770-070","D50KS牙轮钻机","件",{"$nulls":4},"2008-01-01",6,110.21,661.26,6,{"v":107,"d":"107.00"},{"v":10,"d":"10.00"},{"v":64.2,"d":"64.20"},-90.29]
["4506","13区04架04层","初始开关","001075-001","D50KS牙轮钻机","件",{"$nulls":4},"2008-01-01",1,487.25,487.25,1,{"$nulls":3},{"v":-100,"d":"-100.00"}]
["4507","13区04架04层","锥型轴承","001019-001","D50KS牙轮钻机","件",{"$nulls":4},"2008-01-01",2,368.64,737.28,2,{"v":350,"d":"350.00"},{"v":10,"d":"10.00"},{"v":70,"d":"70.00"},-90.51]
["4508","13区04架05层","软管","001337-080","D50KS牙轮钻机","件",{"$nulls":4},"2008-01-01",4,99.27,397.08,4,{"$nulls":3},{"v":-100,"d":"-100.00"}]
["4509","13区04架05层","软管","001337-066","D50KS牙轮钻机","件",{"$nulls":4},"2008-01-01",6,170.37,1022.22,6,{"$nulls":3},{"v":-100,"d":"-100.00"}]
["4510","13区04架06层","软管","001337-042","D50KS牙轮钻机","件",{"$nulls":4},"2008-01-01",3,135.97,407.91,3,{"$nulls":3},{"v":-100,"d":"-100.00"}]
["4511","13区05架01层","销组件","009628-228#","D50KS牙轮钻机","件",{"$nulls":4},"2008-01-01",1,0.01,0.01,1,{"v":4,"d":"4.00"},{"v":10,"d":"10.00"},{"v":0.4,"d":"0.40"},{"v":3900,"d":"3,900.00"}]
["4512","13区05架01层","钻杆卡钳","002582-052","D50KS牙轮钻机","件",{"$nulls":4},"2008-01-01",2,4791.57,9583.14,2,{"v":3500,"d":"3,500.00"},{"v":10,"d":"10.00"},{"v":700,"d":"700.00"},{"v":-92.7,"d":"-92.70"}]
["4513","13区05架01层","扳手","001659-001#","D50KS牙轮钻机","件",{"$nulls":4},"2008-01-01",4,0.01,0.04,4,{"v":8,"d":"8.00"},{"v":10,"d":"10.00"},{"v":3.2,"d":"3.20"},{"v":7900,"d":"7,900.00"}]
["4514","13区05架01层","卸杆油缸总成","001030-002","D50KS牙轮钻机","件",{"$nulls":4},"2008-01-01",1,88.88,88.88,1,{"v":86.1,"d":"86.10"},{"v":10,"d":"10.00"},8.61,-90.31]
["4515","13区05架01层","销子","001171-047","D50KS牙轮钻机","件",{"$nulls":4},"2008-01-01",2,{"v":538.6,"d":"538.60"},{"v":1077.2,"d":"1077.20"},2,{"v":450,"d":"450.00"},{"v":10,"d":"10.00"},{"v":90,"d":"90.00"},-91.65]
["4516","13区05架01层","手柄","010127-002#","D50KS牙轮钻机","件",{"$nulls":4},"2008-01-01",2,0.01,0.02,2,{"v":2,"d":"2.00"},{"v":10,"d":"10.00"},{"v":0.4,"d":"0.40"},{"v":1900,"d":"1,900.00"}]
["4517","13区05架01层","销子","001171-013","D50KS牙轮钻机","件",{"$nulls":4},"2008-01-01",2,366.18,732.36,2,{"v":450,"d":"450.00"},{"v":10,"d":"10.00"},{"v":90,"d":"90.00"},-87.71]
["4518","13区05架01层","阀总成","002769-001","D50KS牙轮钻机","件",{"$nulls":4},"2008-01-01",1,3218.28,3218.28,1,{"v":3200,"d":"3,200.00"},{"v":10,"d":"10.00"},{"v":320,"d":"320.00"},-90.06]
["4519","13区05架01层","销子","001171-048","D50KS牙轮钻机","件",{"$nulls":4},"2008-01-01",2,735.91,1471.82,2,736.94,{"v":10,"d":"10.00"},147.39,-89.99]
["4520","13区05架01层","卡座","012446-051#","D50KS牙轮钻机","件",{"$nulls":4},"2008-01-01",2,0.01,0.02,2,0.06,{"v":10,"d":"10.00"},0.01,{"v":-50,"d":"-50.00"}]
["4521","13区05架01层","软管接头","001097-001","D50KS牙轮钻机","件",{"$nulls":4},"2008-01-01",2,365.29,730.58,2,{"$nulls":3},{"v":-100,"d":"-100.00"}]
["4522","13区05架01层","轴承","027687-000#","D50KS牙轮钻机","件",{"$nulls":4},"2008-01-01",4,0.01,0.04,4,{"v":14,"d":"14.00"},{"v":10,"d":"10.00"},{"v":5.6,"d":"5.60"},{"v":13900,"d":"13,900.00"}]
["4523","13区05架02层","油尺","001003-081","D50KS牙轮钻机","件",{"$nulls":4},"2008-01-01",2,228.42,456.84,2,221.27,{"v":10,"d":"10.00"},44.25,-90.31]
["4524","13区05架02层","油缸修理包","012471-058","D50KS牙轮钻机","件",{"$nulls":4},"2008-01-01",2,3017.67,6035.34,2,{"v":2360,"d":"2,360.00"},{"v":10,"d":"10.00"},{"v":472,"d":"472.00"},-92.18]
["4525","13区05架02层","修理包","001004-083","D50KS牙轮钻机","件",{"$nulls":4},"2008-01-01",2,{"v":32,"d":"32.00"},{"v":64,"d":"64.00"},2,{"v":31,"d":"31.00"},{"v":10,"d":"10.00"},{"v":6.2,"d":"6.20"},-90.31]
["4526","13区05架02层","柱销组件","001004-085","D50KS牙轮钻机","件",{"$nulls":4},"2008-01-01",2,1392.46,2784.92,2,736.94,{"v":10,"d":"10.00"},147.39,-94.71]
["4527","13区05架02层","螺栓","001554-117","D50KS牙轮钻机","件",{"$nulls":4},"2008-01-01",7,42.67,298.69,7,41.33,{"v":10,"d":"10.00"},28.93,-90.31]
["4528","13区05架02层","阀芯密封","009679-052#","D50KS牙轮钻机","件",{"$nulls":4},"2008-01-01",5,0.01,0.05,5,{"v":1,"d":"1.00"},{"v":10,"d":"10.00"},{"v":0.5,"d":"0.50"},{"v":900,"d":"900.00"}]
["4529","13区05架02层","修理包","001023-087","D50KS牙轮钻机","件",{"$nulls":4},"2008-01-01",3,128.83,386.49,3,{"v":124.8,"d":"124.80"},{"v":10,"d":"10.00"},37.44,-90.31]
["4530","13区05架02层","卡盒总成","001023-067","D50KS牙轮钻机","件",{"$nulls":4},"2008-01-01",2,1265.63,2531.26,2,{"v":1226.02,"d":"1,226.02"},{"v":10,"d":"10.00"},{"v":245.2,"d":"245.20"},-90.31]
["4531","13区05架02层","琐紧螺母","012471-052","D50KS牙轮钻机","件",{"$nulls":4},"2008-01-01",3,4053.71,12161.13,3,{"v":985,"d":"985.00"},{"v":10,"d":"10.00"},{"v":295.5,"d":"295.50"},-97.57]
["4532","13区05架02层","加油盖","001026-055","D50KS牙轮钻机","件",{"$nulls":4},"2008-01-01",2,87.99,175.98,2,85.24,{"v":10,"d":"10.00"},17.05,-90.31]
["4533","13区05架02层","液位表","001065-001","D50KS牙轮钻机","件",{"$nulls":4},"2008-01-01",2,1255.85,{"v":2511.7,"d":"2511.70"},2,{"v":1000,"d":"1,000.00"},{"v":10,"d":"10.00"},{"v":200,"d":"200.00"},-92.04]
["4534","13区05架03层","球头","001025-052","D50KS牙轮钻机","件",{"$nulls":4},"2008-01-01",4,55.11,220.44,4,53.39,{"v":10,"d":"10.00"},21.36,-90.31]
["4535","13区05架03层","轭销","001181-002","D50KS牙轮钻机","件",{"$nulls":4},"2008-01-01",2,3.56,7.12,2,3.45,{"v":10,"d":"10.00"},0.69,-90.31]
["4536","13区05架03层","软管管夹","001098-001","D50KS牙轮钻机","件",{"$nulls":4},"2008-01-01",2,146.65,{"v":293.3,"d":"293.30"},2,{"$nulls":3},{"v":-100,"d":"-100.00"}]
["4537","13区05架03层","轭","001156-004","D50KS牙轮钻机","件",{"$nulls":4},"2008-01-01",2,42.66,85.32,2,41.32,{"v":10,"d":"10.00"},8.26,-90.32]
["4538","13区05架03层","定位销","001025-053","D50KS牙轮钻机","件",{"$nulls":4},"2008-01-01",8,61.33,490.64,8,59.41,{"v":10,"d":"10.00"},47.53,-90.31]
["4539","13区05架03层","橡胶盖","001077-001","D50KS牙轮钻机","件",{"$nulls":4},"2008-01-01",4,41.77,167.08,4,null,null,0,{"v":-100,"d":"-100.00"}]
["4540","13区05架03层","销子","001085-006","D50KS牙轮钻机","件",{"$nulls":4},"2008-01-01",19,{"v":16,"d":"16.00"},{"v":304,"d":"304.00"},19,{"v":15.5,"d":"15.50"},{"v":10,"d":"10.00"},29.45,-90.31]
["4541","13区05架03层","堵头端盖","001104-062","D50KS牙轮钻机","件",{"$nulls":4},"2008-01-01",2,50.66,101.32,2,49.07,{"v":10,"d":"10.00"},9.81,-90.32]
["4542","13区05架03层","调节器修理包","001044-081","D50KS牙轮钻机","件",{"$nulls":4},"2008-01-01",2,1254.08,2508.16,2,{"v":800,"d":"800.00"},{"v":10,"d":"10.00"},{"v":160,"d":"160.00"},-93.62]
["4543","13区05架03层","手柄","001025-055","D50KS牙轮钻机","件",{"$nulls":4},"2008-01-01",4,151.31,605.24,4,146.57,{"v":10,"d":"10.00"},58.63,-90.31]
["4544","13区05架03层","阀修理包","001068-065#","D50KS牙轮钻机","件",{"$nulls":4},"2008-01-01",2,0.01,0.02,2,{"v":800,"d":"800.00"},{"v":10,"d":"10.00"},{"v":160,"d":"160.00"},{"v":799900,"d":"799,900.00"}]
["4545","13区05架03层","挡板","001023-060","D50KS牙轮钻机","件",{"$nulls":4},"2008-01-01",4,27.55,{"v":110.2,"d":"110.20"},4,26.69,{"v":10,"d":"10.00"},10.68,-90.31]
["4546","13区05架03层","销总成","001032-056","D50KS牙轮钻机","件",{"$nulls":4},"2008-01-01",2,{"v":135.1,"d":"135.10"},{"v":270.2,"d":"270.20"},2,130.87,{"v":10,"d":"10.00"},26.17,-90.31]
["4547","13区05架04层","顶杆","003983-085","D50KS牙轮钻机","件",{"$nulls":4},"2008-01-01",1,4266.16,4266.16,1,{"v":3000,"d":"3,000.00"},{"v":10,"d":"10.00"},{"v":300,"d":"300.00"},-92.97]
["4548","13区05架04层","螺母","001575-003","D50KS牙轮钻机","件",{"$nulls":4},"2008-01-01",40,204.42,{"v":8176.8,"d":"8176.80"},40,198.02,{"v":10,"d":"10.00"},792.08,-90.31]
["4549","13区05架04层","灯泡","001122-051","D50KS牙轮钻机","件",{"$nulls":4},"2008-01-01",3,434.17,1302.51,3,420.58,{"v":10,"d":"10.00"},126.17,-90.31]
["4550","13区05架04层","轭","001156-002","D50KS牙轮钻机","件",{"$nulls":4},"2008-01-01",2,44.44,88.88,2,43.05,{"v":10,"d":"10.00"},8.61,-90.31]
["4551","13区05架04层","卡箍","001159-084","D50KS牙轮钻机","件",{"$nulls":4},"2008-01-01",2,122.65,{"v":245.3,"d":"245.30"},2,118.81,{"v":10,"d":"10.00"},23.76,-90.31]
["4552","13区05架04层","橡胶垫圈","001159-067","D50KS牙轮钻机","件",{"$nulls":4},"2008-01-01",2,161.76,323.52,2,null,null,0,{"v":-100,"d":"-100.00"}]
["4553","13区05架04层","螺栓","006989-025","D50KS牙轮钻机","件",{"$nulls":4},"2008-01-01",40,177.76,{"v":7110.4,"d":"7110.40"},40,{"v":100,"d":"100.00"},{"v":10,"d":"10.00"},{"v":400,"d":"400.00"},-94.37]
["4554","13区05架04层","连接卡箍","001159-083","D50KS牙轮钻机","件",{"$nulls":4},"2008-01-01",3,65.77,197.31,3,63.71,{"v":10,"d":"10.00"},19.11,-90.31]
["4555","13区05架04层","销子","001171-011","D50KS牙轮钻机","件",{"$nulls":4},"2008-01-01",2,456.84,913.68,2,{"v":450,"d":"450.00"},{"v":10,"d":"10.00"},{"v":90,"d":"90.00"},-90.15]
["4556","13区05架04层","套","001111-002","D50KS牙轮钻机","件",{"$nulls":4},"2008-01-01",2,326.24,652.48,2,316.03,{"v":10,"d":"10.00"},63.21,-90.31]
["4557","13区05架05层","空气调节阀总成","001479-001","D50KS牙轮钻机","件",{"$nulls":4},"2008-01-01",1,3320.06,3320.06,1,{"v":2900,"d":"2,900.00"},{"v":10,"d":"10.00"},{"v":290,"d":"290.00"},-91.27]
["4558","13区05架05层","时间控制器","007607-001","D50KS牙轮钻机","件",{"$nulls":4},"2008-01-01",1,5444.58,5444.58,1,{"v":5500,"d":"5,500.00"},{"v":10,"d":"10.00"},{"v":550,"d":"550.00"},{"v":-89.9,"d":"-89.90"}]
["4559","13区05架05层","调节器总成","002285-001","D50KS牙轮钻机","件",{"$nulls":4},"2008-01-01",2,1667.36,3334.72,2,{"v":1680,"d":"1,680.00"},{"v":10,"d":"10.00"},{"v":336,"d":"336.00"},-89.92]
["4560","13区05架05层","警报器","001508-001","D50KS牙轮钻机","件",{"$nulls":4},"2008-01-01",2,2277.06,4554.12,2,{"v":1860,"d":"1,860.00"},{"v":10,"d":"10.00"},{"v":372,"d":"372.00"},-91.83]
["4561","13区05架05层","主油滤芯","012457-082","D50KS牙轮钻机","件",{"$nulls":4},"2008-01-01",3,471.05,1413.15,3,{"v":500,"d":"500.00"},{"v":10,"d":"10.00"},{"v":150,"d":"150.00"},-89.39]
["4562","13区05架05层","集尘马达","008610-010","D50KS牙轮钻机","件",{"$nulls":4},"2008-01-01",1,11539.69,11539.69,1,{"v":10000,"d":"10,000.00"},{"v":10,"d":"10.00"},{"v":1000,"d":"1,000.00"},-91.33]
["4563","13区05架06层","软管","001337-038","D50KS牙轮钻机","件",{"$nulls":4},"2008-01-01",1,391.44,391.44,1,{"$nulls":3},{"v":-100,"d":"-100.00"}]
["4564","13区05架06层","喇叭","004588-001","D50KS牙轮钻机","件",{"$nulls":4},"2008-01-01",1,158.27,158.27,1,153.32,{"v":10,"d":"10.00"},15.33,-90.31]
["4565","13区05架06层","软管","001337-068","D50KS牙轮钻机","件",{"$nulls":4},"2008-01-01",1,118.39,118.39,1,{"$nulls":3},{"v":-100,"d":"-100.00"}]
["4566","13区06架01层","泵","001011-011","D50KS牙轮钻机","件",{"$nulls":4},"2008-01-01",3,0.01,0.03,3,{"v":16,"d":"16.00"},{"v":10,"d":"10.00"},{"v":4.8,"d":"4.80"},{"v":15900,"d":"15,900.00"}]
["4567","13区06架01层","管卡","014995-001","D50KS牙轮钻机","件",{"$nulls":4},"2008-01-01",10,747.31,{"v":7473.1,"d":"7473.10"},10,{"v":740,"d":"740.00"},{"v":10,"d":"10.00"},{"v":740,"d":"740.00"},{"v":-90.1,"d":"-90.10"}]
["4568","13区06架01层","传动轴总成","001022-007","D50KS牙轮钻机","件",{"$nulls":4},"2008-01-01",1,6414.35,6414.35,1,{"v":6000,"d":"6,000.00"},{"v":10,"d":"10.00"},{"v":600,"d":"600.00"},-90.65]
["4569","13区06架01层","支腿油缸控制阀板","001023-004","D50KS牙轮钻机","件",{"$nulls":4},"2008-01-01",1,2681.46,2681.46,1,{"v":2200,"d":"2,200.00"},{"v":10,"d":"10.00"},{"v":220,"d":"220.00"},{"v":-91.8,"d":"-91.80"}]
["4570","13区06架02层","轴密封","001330-223","D50KS牙轮钻机","件",{"$nulls":4},"2008-01-01",2,1679.64,3359.28,2,{"v":2000,"d":"2,000.00"},{"v":10,"d":"10.00"},{"v":400,"d":"400.00"},-88.09]
["4571","13区06架02层","螺母","001562-010","D50KS牙轮钻机","件",{"$nulls":4},"2008-01-01",2,11.56,23.12,2,{"v":11.2,"d":"11.20"},{"v":10,"d":"10.00"},2.24,-90.31]
["4572","13区06架02层","修理包","002764-125","D50KS牙轮钻机","件",{"$nulls":4},"2008-01-01",1,167.98,167.98,1,162.72,{"v":10,"d":"10.00"},16.27,-90.31]
["4573","13区06架02层","燃油表","004042-001#","D50KS牙轮钻机","件",{"$nulls":4},"2008-01-01",2,0.01,0.02,2,{"v":122,"d":"122.00"},{"v":10,"d":"10.00"},{"v":24.4,"d":"24.40"},{"v":121900,"d":"121,900.00"}]
["4574","13区06架02层","灯","002584-001#","D50KS牙轮钻机","件",{"$nulls":4},"2008-01-01",2,0.01,0.02,2,{"v":25,"d":"25.00"},{"v":10,"d":"10.00"},{"v":5,"d":"5.00"},{"v":24900,"d":"24,900.00"}]
["4575","13区06架02层","安全阀","001331-065","D50KS牙轮钻机","件",{"$nulls":4},"2008-01-01",2,40.89,81.78,2,39.61,{"v":10,"d":"10.00"},7.92,-90.32]
["4576","13区06架02层","填充阀","001331-067#","D50KS牙轮钻机","件",{"$nulls":4},"2008-01-01",1,0.01,0.01,1,{"v":50,"d":"50.00"},{"v":10,"d":"10.00"},{"v":5,"d":"5.00"},{"v":49900,"d":"49,900.00"}]
["4577","13区06架02层","阀芯","009754-051#","D50KS牙轮钻机","件",{"$nulls":4},"2008-01-01",4,0.01,0.04,4,{"v":1.4,"d":"1.40"},{"v":10,"d":"10.00"},0.56,{"v":1300,"d":"1,300.00"}]
["4578","13区06架02层","调节器维修组件","001479-065","D50KS牙轮钻机","件",{"$nulls":4},"2008-01-01",2,10.67,21.34,2,10.34,{"v":10,"d":"10.00"},2.07,{"v":-90.3,"d":"-90.30"}]
["4579","13区06架02层","环","009628-202","D50KS牙轮钻机","件",{"$nulls":4},"2008-01-01",12,62.22,746.64,12,60.27,{"v":10,"d":"10.00"},72.32,-90.31]
["4580","13区06架02层","手柄","002285-053","D50KS牙轮钻机","件",{"$nulls":4},"2008-01-01",2,850.57,1701.14,2,{"v":850,"d":"850.00"},{"v":10,"d":"10.00"},{"v":170,"d":"170.00"},-90.01]
["4581","13区06架02层","钥匙","001583-020","D50KS牙轮钻机","件",{"$nulls":4},"2008-01-01",2,20.44,40.88,2,{"v":19.8,"d":"19.80"},{"v":10,"d":"10.00"},3.96,-90.31]
["4582","13区06架02层","密封","009628-299","D50KS牙轮钻机","件",{"$nulls":4},"2008-01-01",4,51.55,{"v":206.2,"d":"206.20"},4,{"v":50,"d":"50.00"},{"v":10,"d":"10.00"},{"v":20,"d":"20.00"},{"v":-90.3,"d":"-90.30"}]
["4583","13区06架02层","密封","009628-262","D50KS牙轮钻机","件",{"$nulls":4},"2008-01-01",4,48.88,195.52,4,{"v":47,"d":"47.00"},{"v":10,"d":"10.00"},{"v":18.8,"d":"18.80"},-90.38]
["4584","13区06架02层","密封","009628-278","D50KS牙轮钻机","件",{"$nulls":4},"2008-01-01",4,72.88,291.52,4,{"v":71,"d":"71.00"},{"v":10,"d":"10.00"},{"v":28.4,"d":"28.40"},-90.26]
["4585","13区06架03层","密封组件","007947-054#","D50KS牙轮钻机","件",{"$nulls":4},"2008-01-01",4,0.01,0.04,4,{"v":1,"d":"1.00"},{"v":10,"d":"10.00"},{"v":0.4,"d":"0.40"},{"v":900,"d":"900.00"}]
["4586","13区06架03层","电机组件","009999-051#","D50KS牙轮钻机","件",{"$nulls":4},"2008-01-01",2,0.01,0.02,2,{"v":48,"d":"48.00"},{"v":10,"d":"10.00"},{"v":9.6,"d":"9.60"},{"v":47900,"d":"47,900.00"}]
["4587","13区06架03层","密封","009628-281","D50KS牙轮钻机","件",{"$nulls":4},"2008-01-01",3,9.78,29.34,3,{"v":9,"d":"9.00"},{"v":10,"d":"10.00"},{"v":2.7,"d":"2.70"},{"v":-90.8,"d":"-90.80"}]
["4588","13区06架03层","密封","001010-067","D50KS牙轮钻机","件",{"$nulls":4},"2008-01-01",1,{"v":610.3,"d":"610.30"},{"v":610.3,"d":"610.30"},1,{"v":500,"d":"500.00"},{"v":10,"d":"10.00"},{"v":50,"d":"50.00"},-91.81]
["4589","13区06架03层","垫圈","009628-167","D50KS牙轮钻机","件",{"$nulls":4},"2008-01-01",4,32.89,131.56,4,31.86,{"v":10,"d":"10.00"},12.74,-90.32]
["4590","13区06架03层","密封","009628-280","D50KS牙轮钻机","件",{"$nulls":4},"2008-01-01",4,32.89,131.56,4,{"v":32,"d":"32.00"},{"v":10,"d":"10.00"},{"v":12.8,"d":"12.80"},-90.27]
["4591","13区06架03层","卡条","016480-001#","D50KS牙轮钻机","件",{"$nulls":4},"2008-01-01",8,0.01,0.08,8,{"v":5,"d":"5.00"},{"v":10,"d":"10.00"},{"v":4,"d":"4.00"},{"v":4900,"d":"4,900.00"}]
["4592","13区06架03层","密封","009628-263","D50KS牙轮钻机","件",{"$nulls":4},"2008-01-01",4,228.42,913.68,4,{"v":221,"d":"221.00"},{"v":10,"d":"10.00"},{"v":88.4,"d":"88.40"},-90.32]
["4593","13区06架03层","分离片","009628-254","D50KS牙轮钻机","件",{"$nulls":4},"2008-01-01",10,1343.84,{"v":13438.4,"d":"13438.40"},10,{"v":1301.78,"d":"1,301.78"},{"v":10,"d":"10.00"},{"v":1301.78,"d":"1,301.78"},-90.31]
["4594","13区06架03层","密封","009628-261","D50KS牙轮钻机","件",{"$nulls":4},"2008-01-01",1,299.52,299.52,1,{"v":280,"d":"280.00"},{"v":10,"d":"10.00"},{"v":28,"d":"28.00"},-90.65]
["4595","13区06架03层","密封","009628-071#","D50KS牙轮钻机","件",{"$nulls":4},"2008-01-01",2,0.01,0.02,2,{"v":1,"d":"1.00"},{"v":10,"d":"10.00"},{"v":0.2,"d":"0.20"},{"v":900,"d":"900.00"}]
["4596","13区06架03层","泵修理包","008172-058","D50KS牙轮钻机","件",{"$nulls":4},"2008-01-01",2,2880.55,{"v":5761.1,"d":"5761.10"},2,{"v":2360,"d":"2,360.00"},{"v":10,"d":"10.00"},{"v":472,"d":"472.00"},-91.81]
["4597","13区06架03层","[禁止新购] 填隙片","SHIM","D50KS牙轮钻机","件",{"$nulls":4},"2008-01-01",1,0.01,0.01,1,{"v":5.8,"d":"5.80"},{"v":10,"d":"10.00"},0.58,{"v":5700,"d":"5,700.00"}]
["4598","13区06架04层","密封","009628-310","D50KS牙轮钻机","件",{"$nulls":4},"2008-01-01",4,42.66,170.64,4,{"v":41,"d":"41.00"},{"v":10,"d":"10.00"},{"v":16.4,"d":"16.40"},-90.39]
["4599","13区06架04层","组件","009982-130#","D50KS牙轮钻机","件",{"$nulls":4},"2008-01-01",1,0.01,0.01,1,{"v":1,"d":"1.00"},{"v":10,"d":"10.00"},{"v":0.1,"d":"0.10"},{"v":900,"d":"900.00"}]
["4600","13区06架04层","键","001583-009","D50KS牙轮钻机","件",{"$nulls":4},"2008-01-01",2,22.22,44.44,2,21.52,{"v":10,"d":"10.00"},{"v":4.3,"d":"4.30"},-90.32]
["4601","13区06架04层","密封","009628-259","D50KS牙轮钻机","件",{"$nulls":4},"2008-01-01",4,53.33,213.32,4,{"v":52,"d":"52.00"},{"v":10,"d":"10.00"},{"v":20.8,"d":"20.80"},-90.25]
["4602","13区06架04层","密封","009628-244","D50KS牙轮钻机","件",{"$nulls":4},"2008-01-01",8,135.98,1087.84,8,{"v":132,"d":"132.00"},{"v":10,"d":"10.00"},{"v":105.6,"d":"105.60"},-90.29]
["4603","13区06架04层","衬套","007949-001","D50KS牙轮钻机","件",{"$nulls":4},"2008-01-01",2,211.53,423.06,2,{"v":273,"d":"273.00"},{"v":10,"d":"10.00"},{"v":54.6,"d":"54.60"},-87.09]
["4604","13区06架04层","密封","009628-260","D50KS牙轮钻机","件",{"$nulls":4},"2008-01-01",4,{"v":79.1,"d":"79.10"},{"v":316.4,"d":"316.40"},4,{"v":77,"d":"77.00"},{"v":10,"d":"10.00"},{"v":30.8,"d":"30.80"},-90.27]
["4605","13区06架04层","锁阀密封组件","003130-069","D50KS牙轮钻机","件",{"$nulls":4},"2008-01-01",2,266.64,533.28,2,{"v":280,"d":"280.00"},{"v":10,"d":"10.00"},{"v":56,"d":"56.00"},{"v":-89.5,"d":"-89.50"}]
["4606","13区06架04层","密封","009628-252","D50KS牙轮钻机","件",{"$nulls":4},"2008-01-01",4,312.85,{"v":1251.4,"d":"1251.40"},4,{"v":280,"d":"280.00"},{"v":10,"d":"10.00"},{"v":112,"d":"112.00"},-91.05]
["4607","13区06架05层","油缸总成","001030-001#","D50KS牙轮钻机","件",{"$nulls":4},"2008-01-01",1,0.01,0.01,1,{"v":1900,"d":"1,900.00"},{"v":10,"d":"10.00"},{"v":190,"d":"190.00"},{"v":1899900,"d":"1,899,900.00"}]
["4608","13区06架05层","操作手柄总成","009982-154","D50KS牙轮钻机","件",{"$nulls":4},"2008-01-01",1,{"v":5332.7,"d":"5332.70"},{"v":5332.7,"d":"5332.70"},1,{"v":4500,"d":"4,500.00"},{"v":10,"d":"10.00"},{"v":450,"d":"450.00"},-91.56]
["4609","13区06架06层","橡胶管","001035-012","D50KS牙轮钻机","件",{"$nulls":4},"2008-01-01",2,1590.36,3180.72,2,null,null,0,{"v":-100,"d":"-100.00"}]
["4610","13区06架06层","弯管","001035-013","D50KS牙轮钻机","件",{"$nulls":4},"2008-01-01",4,3017.31,12069.24,4,{"v":2900,"d":"2,900.00"},{"v":10,"d":"10.00"},{"v":1160,"d":"1,160.00"},-90.39]
["4611","13区06架06层","弯管","001035-010","D50KS牙轮钻机","件",{"$nulls":4},"2008-01-01",1,454.06,454.06,1,439.85,{"v":10,"d":"10.00"},43.99,-90.31]
["4612","13区07架01层","盖","008647-001#","D50KS牙轮钻机","件",{"$nulls":4},"2008-01-01",2,0.01,0.02,2,{"v":50,"d":"50.00"},{"v":10,"d":"10.00"},{"v":10,"d":"10.00"},{"v":49900,"d":"49,900.00"}]
["4613","13区07架01层","垫环","001311-001#","D50KS牙轮钻机","件",{"$nulls":4},"2008-01-01",1,0.01,0.01,1,{"v":12,"d":"12.00"},{"v":10,"d":"10.00"},{"v":1.2,"d":"1.20"},{"v":11900,"d":"11,900.00"}]
["4614","13区07架01层","加强筋","006991-001#","D50KS牙轮钻机","件",{"$nulls":4},"2008-01-01",4,0.01,0.04,4,{"v":1,"d":"1.00"},{"v":10,"d":"10.00"},{"v":0.4,"d":"0.40"},{"v":900,"d":"900.00"}]
["4615","13区07架01层","传动轴","001022-004","D50KS牙轮钻机","件",{"$nulls":4},"2008-01-01",1,7179.59,7179.59,1,{"v":5000,"d":"5,000.00"},{"v":10,"d":"10.00"},{"v":500,"d":"500.00"},-93.04]
["4616","13区07架01层","铜衬套","001017-001#","D50KS牙轮钻机","件",{"$nulls":4},"2008-01-01",2,0.01,0.02,2,{"v":18,"d":"18.00"},{"v":10,"d":"10.00"},{"v":3.6,"d":"3.60"},{"v":17900,"d":"17,900.00"}]
["4617","13区07架01层","导块","001221-001","D50KS牙轮钻机","件",{"$nulls":4},"2008-01-01",4,1022.99,4091.96,4,{"v":1000,"d":"1,000.00"},{"v":10,"d":"10.00"},{"v":400,"d":"400.00"},-90.22]
["4618","13区07架01层","固定板","001214-042","D50KS牙轮钻机","件",{"$nulls":4},"2008-01-01",1,{"v":309.3,"d":"309.30"},{"v":309.3,"d":"309.30"},1,299.62,{"v":10,"d":"10.00"},29.96,-90.31]
["4619","13区07架01层","加强筋","006991-002#","D50KS牙轮钻机","件",{"$nulls":4},"2008-01-01",2,0.01,0.02,2,{"v":1,"d":"1.00"},{"v":10,"d":"10.00"},{"v":0.2,"d":"0.20"},{"v":900,"d":"900.00"}]
["4620","13区07架01层","连杆","010188-004#","D50KS牙轮钻机","件",{"$nulls":4},"2008-01-01",4,0.01,0.04,4,{"v":23,"d":"23.00"},{"v":10,"d":"10.00"},{"v":9.2,"d":"9.20"},{"v":22900,"d":"22,900.00"}]
["4621","13区07架02层","螺母","001554-131","D50KS牙轮钻机","件",{"$nulls":4},"2008-01-01",12,204.42,2453.04,12,198.02,{"v":10,"d":"10.00"},237.62,-90.31]
["4622","13区07架02层","垫片","001525-011","D50KS牙轮钻机","件",{"$nulls":4},"2008-01-01",40,106.65,{"v":4266,"d":"4266.00"},40,103.31,{"v":10,"d":"10.00"},413.24,-90.31]
["4623","13区07架02层","堵头","003785-093","D50KS牙轮钻机","件",{"$nulls":4},"2008-01-01",2,75.55,{"v":151.1,"d":"151.10"},2,73.19,{"v":10,"d":"10.00"},14.64,-90.31]
["4624","13区07架02层","密封垫","001159-063","D50KS牙轮钻机","件",{"$nulls":4},"2008-01-01",6,99.54,597.24,6,{"v":96,"d":"96.00"},{"v":10,"d":"10.00"},{"v":57.6,"d":"57.60"},-90.36]
["4625","13区07架02层","密封","002264-008","D50KS牙轮钻机","件",{"$nulls":4},"2008-01-01",1,377.29,377.29,1,{"v":280,"d":"280.00"},{"v":10,"d":"10.00"},{"v":28,"d":"28.00"},-92.58]
["4626","13区07架02层","螺栓","001562-009","D50KS牙轮钻机","件",{"$nulls":4},"2008-01-01",10,177.76,{"v":1777.6,"d":"1777.60"},10,{"v":100,"d":"100.00"},{"v":10,"d":"10.00"},{"v":100,"d":"100.00"},-94.37]
["4627","13区07架02层","密封","001159-065","D50KS牙轮钻机","件",{"$nulls":4},"2008-01-01",8,88.88,711.04,8,{"v":86,"d":"86.00"},{"v":10,"d":"10.00"},{"v":68.8,"d":"68.80"},-90.32]
["4628","13区07架02层","卡 簧","001330-229","D50KS牙轮钻机","件",{"$nulls":4},"2008-01-01",2,130.65,{"v":261.3,"d":"261.30"},2,126.56,{"v":10,"d":"10.00"},25.31,-90.31]
["4629","13区07架02层","密封","002264-005","D50KS牙轮钻机","件",{"$nulls":4},"2008-01-01",1,402.46,402.46,1,{"v":390,"d":"390.00"},{"v":10,"d":"10.00"},{"v":39,"d":"39.00"},-90.31]
["4630","13区07架02层","密封","002264-007","D50KS牙轮钻机","件",{"$nulls":4},"2008-01-01",1,410.51,410.51,1,{"v":280,"d":"280.00"},{"v":10,"d":"10.00"},{"v":28,"d":"28.00"},-93.18]
["4631","13区07架02层","密封","002264-006","D50KS牙轮钻机","件",{"$nulls":4},"2008-01-01",1,402.41,402.41,1,{"v":280,"d":"280.00"},{"v":10,"d":"10.00"},{"v":28,"d":"28.00"},-93.04]
["4632","13区07架03层","开关","002829-001","D50KS牙轮钻机","件",{"$nulls":4},"2008-01-01",2,401.88,803.76,2,{"$nulls":3},{"v":-100,"d":"-100.00"}]
["4633","13区07架03层","密封组件","007403-054","D50KS牙轮钻机","件",{"$nulls":4},"2008-01-01",4,40.89,163.56,4,{"v":40,"d":"40.00"},{"v":10,"d":"10.00"},{"v":16,"d":"16.00"},-90.22]
["4634","13区07架03层","阀","006558-001","D50KS牙轮钻机","件",{"$nulls":4},"2008-01-01",2,159.98,319.96,2,154.97,{"v":10,"d":"10.00"},30.99,-90.31]
["4635","13区07架03层","滤芯","007022-001","D50KS牙轮钻机","件",{"$nulls":4},"2008-01-01",2,45.33,90.66,2,{"v":38,"d":"38.00"},{"v":10,"d":"10.00"},{"v":7.6,"d":"7.60"},-91.62]
["4636","13区07架03层","阀维修组件","007659-052","D50KS牙轮钻机","件",{"$nulls":4},"2008-01-01",4,561.71,2246.84,4,{"v":300,"d":"300.00"},{"v":10,"d":"10.00"},{"v":120,"d":"120.00"},-94.66]
["4637","13区07架03层","密封组件","007755-075","D50KS牙轮钻机","件",{"$nulls":4},"2008-01-01",1,381.29,381.29,1,{"v":280,"d":"280.00"},{"v":10,"d":"10.00"},{"v":28,"d":"28.00"},-92.66]
["4638","13区07架03层","电磁阀","007659-053","D50KS牙轮钻机","件",{"$nulls":4},"2008-01-01",4,622.15,{"v":2488.6,"d":"2488.60"},4,{"v":600,"d":"600.00"},{"v":10,"d":"10.00"},{"v":240,"d":"240.00"},-90.36]
["4639","13区07架03层","十字节总成","001022-053","D50KS牙轮钻机","件",{"$nulls":4},"2008-01-01",3,555.93,1667.79,3,{"v":480,"d":"480.00"},{"v":10,"d":"10.00"},{"v":144,"d":"144.00"},-91.37]
["4640","13区07架03层","配油盘","002764-115","D50KS牙轮钻机","件",{"$nulls":4},"2008-01-01",1,1925.45,1925.45,1,{"v":1900,"d":"1,900.00"},{"v":10,"d":"10.00"},{"v":190,"d":"190.00"},-90.13]
["4641","13区07架03层","排气管","007033-001","D50KS牙轮钻机","件",{"$nulls":4},"2008-01-01",2,140.43,280.86,2,136.03,{"v":10,"d":"10.00"},27.21,-90.31]
["4642","13区07架03层","销子","001330-093","D50KS牙轮钻机","件",{"$nulls":4},"2008-01-01",5,53.95,269.75,5,52.26,{"v":10,"d":"10.00"},26.13,-90.31]
["4643","13区07架03层","电磁阀总成","007659-051","D50KS牙轮钻机","件",{"$nulls":4},"2008-01-01",4,{"v":967,"d":"967.00"},{"v":3868,"d":"3868.00"},4,{"v":810,"d":"810.00"},{"v":10,"d":"10.00"},{"v":324,"d":"324.00"},-91.62]
["4644","13区07架03层","密封组件","007755-143","D50KS牙轮钻机","件",{"$nulls":4},"2008-01-01",2,427.51,855.02,2,{"v":280,"d":"280.00"},{"v":10,"d":"10.00"},{"v":56,"d":"56.00"},-93.45]
["4645","13区07架03层","[禁止新购] 扣件(紧固器)","016226-051#","D50KS牙轮钻机","件",{"$nulls":4},"2008-01-01",1,0.01,0.01,1,8.66,{"v":10,"d":"10.00"},0.87,{"v":8600,"d":"8,600.00"}]
["4646","13区07架03层","报警器组件","006055-058#","D50KS牙轮钻机","件",{"$nulls":4},"2008-01-01",2,0.01,0.02,2,{"v":360,"d":"360.00"},{"v":10,"d":"10.00"},{"v":72,"d":"72.00"},{"v":359900,"d":"359,900.00"}]
["4647","13区07架04层","滤网","007223-051","D50KS牙轮钻机","件",{"$nulls":4},"2008-01-01",2,32.89,65.78,2,{"$nulls":3},{"v":-100,"d":"-100.00"}]
["4648","13区07架04层","密封","010387-002#","D50KS牙轮钻机","件",{"$nulls":4},"2008-01-01",2,0.01,0.02,2,{"v":1,"d":"1.00"},{"v":10,"d":"10.00"},{"v":0.2,"d":"0.20"},{"v":900,"d":"900.00"}]
["4649","13区07架04层","螺母","001138-004#","D50KS牙轮钻机","件",{"$nulls":4},"2008-01-01",5,0.01,0.05,5,{"v":20,"d":"20.00"},{"v":10,"d":"10.00"},{"v":10,"d":"10.00"},{"v":19900,"d":"19,900.00"}]
["4650","13区07架04层","磁性堵头","017556-008#","D50KS牙轮钻机","件",{"$nulls":4},"2008-01-01",2,0.01,0.02,2,{"v":12,"d":"12.00"},{"v":10,"d":"10.00"},{"v":2.4,"d":"2.40"},{"v":11900,"d":"11,900.00"}]
["4651","13区07架04层","螺母","001138-006#","D50KS牙轮钻机","件",{"$nulls":4},"2008-01-01",4,0.01,0.04,4,{"v":20,"d":"20.00"},{"v":10,"d":"10.00"},{"v":8,"d":"8.00"},{"v":19900,"d":"19,900.00"}]
["4652","13区07架04层","螺母","001138-009#","D50KS牙轮钻机","件",{"$nulls":4},"2008-01-01",4,0.01,0.04,4,{"v":20,"d":"20.00"},{"v":10,"d":"10.00"},{"v":8,"d":"8.00"},{"v":19900,"d":"19,900.00"}]
["4653","13区07架04层","螺母","001138-007#","D50KS牙轮钻机","件",{"$nulls":4},"2008-01-01",4,0.01,0.04,4,{"v":20,"d":"20.00"},{"v":10,"d":"10.00"},{"v":8,"d":"8.00"},{"v":19900,"d":"19,900.00"}]
["4654","13区07架04层","温度开关","015939-001#","D50KS牙轮钻机","件",{"$nulls":4},"2008-01-01",1,0.01,0.01,1,{"$nulls":3},{"v":-100,"d":"-100.00"}]
["4655","13区07架04层","销子","016310-002","D50KS牙轮钻机","件",{"$nulls":4},"2008-01-01",12,43.94,527.28,12,42.56,{"v":10,"d":"10.00"},51.07,-90.31]
["4656","13区07架04层","螺母","001608-060","D50KS牙轮钻机","件",{"$nulls":4},"2008-01-01",4,591.38,2365.52,4,{"v":540,"d":"540.00"},{"v":10,"d":"10.00"},{"v":216,"d":"216.00"},-90.87]
["4657","13区07架04层","黄油嘴","001539-001","D50KS牙轮钻机","件",{"$nulls":4},"2008-01-01",7,13.73,96.11,7,{"v":9.8,"d":"9.80"},{"v":10,"d":"10.00"},6.86,-92.86]
["4658","13区07架04层","蜂鸣器","017029-001#","D50KS牙轮钻机","件",{"$nulls":4},"2008-01-01",2,0.01,0.02,2,1.15,{"v":10,"d":"10.00"},0.23,{"v":1050,"d":"1,050.00"}]
["4659","13区07架04层","阀","007604-052","D50KS牙轮钻机","件",{"$nulls":4},"2008-01-01",4,3131.18,12524.72,4,{"v":2994,"d":"2,994.00"},{"v":10,"d":"10.00"},{"v":1197.6,"d":"1,197.60"},-90.44]
["4660","13区07架04层","旋塞","001132-006#","D50KS牙轮钻机","件",{"$nulls":4},"2008-01-01",4,0.01,0.04,4,{"v":2,"d":"2.00"},{"v":10,"d":"10.00"},{"v":0.8,"d":"0.80"},{"v":1900,"d":"1,900.00"}]
["4661","13区07架04层","胶套","010127-053#","D50KS牙轮钻机","件",{"$nulls":4},"2008-01-01",2,0.01,0.02,2,null,null,0,{"v":-100,"d":"-100.00"}]
["4662","13区07架05层","齿轮箱组件","009661-066#","D50KS牙轮钻机","件",{"$nulls":4},"2008-01-01",2,0.01,0.02,2,{"v":1200,"d":"1,200.00"},{"v":10,"d":"10.00"},{"v":240,"d":"240.00"},{"v":1199900,"d":"1,199,900.00"}]
["4663","13区07架05层","垫片","004754-001#","D50KS牙轮钻机","件",{"$nulls":4},"2008-01-01",1,0.01,0.01,1,{"v":12,"d":"12.00"},{"v":10,"d":"10.00"},{"v":1.2,"d":"1.20"},{"v":11900,"d":"11,900.00"}]
["4664","13区07架05层","管夹","001282-026","D50KS牙轮钻机","件",{"$nulls":4},"2008-01-01",2,172.11,344.22,2,{"v":155,"d":"155.00"},{"v":10,"d":"10.00"},{"v":31,"d":"31.00"},-90.99]
["4665","13区07架05层","管夹","001282-030","D50KS牙轮钻机","件",{"$nulls":4},"2008-01-01",2,184.01,368.02,2,{"v":155,"d":"155.00"},{"v":10,"d":"10.00"},{"v":31,"d":"31.00"},-91.58]
["4666","13区07架05层","管卡","001282-029","D50KS牙轮钻机","件",{"$nulls":4},"2008-01-01",11,281.74,3099.14,11,{"v":269,"d":"269.00"},{"v":10,"d":"10.00"},{"v":295.9,"d":"295.90"},-90.45]
["4667","13区07架06层","垫片","002713-002","D50KS牙轮钻机","件",{"$nulls":4},"2008-01-01",2,88.88,177.76,2,{"v":86.1,"d":"86.10"},{"v":10,"d":"10.00"},17.22,-90.31]
["4668","13区07架06层","垫片","004868-008#","D50KS牙轮钻机","件",{"$nulls":4},"2008-01-01",2,0.01,0.02,2,{"v":12,"d":"12.00"},{"v":10,"d":"10.00"},{"v":2.4,"d":"2.40"},{"v":11900,"d":"11,900.00"}]
["4669","13区07架06层","填隙垫片","002713-001","D50KS牙轮钻机","件",{"$nulls":4},"2008-01-01",2,27.55,{"v":55.1,"d":"55.10"},2,26.69,{"v":10,"d":"10.00"},5.34,-90.31]
["4670","13区07架06层","垫片","004868-005","D50KS牙轮钻机","件",{"$nulls":4},"2008-01-01",2,159.09,318.18,2,154.11,{"v":10,"d":"10.00"},30.82,-90.31]
["4671","13区08架01层","皮带","001185-001","D50KS牙轮钻机","件",{"$nulls":4},"2008-01-01",3,207.09,621.27,3,{"v":200,"d":"200.00"},{"v":10,"d":"10.00"},{"v":60,"d":"60.00"},-90.34]
["4672","13区08架01层","软管","001337-064","D50KS牙轮钻机","件",{"$nulls":4},"2008-01-01",1,647.57,647.57,1,{"$nulls":3},{"v":-100,"d":"-100.00"}]
["4673","13区08架01层","电缆","001580-013","D50KS牙轮钻机","件",{"$nulls":4},"2008-01-01",1,2245.63,2245.63,1,{"v":2000,"d":"2,000.00"},{"v":10,"d":"10.00"},{"v":200,"d":"200.00"},-91.09]
["4674","13区08架02层","传感器","004042-004","D50KS牙轮钻机","件",{"$nulls":4},"2008-01-01",4,599.93,2399.72,4,{"v":550,"d":"550.00"},{"v":10,"d":"10.00"},{"v":220,"d":"220.00"},-90.83]
["4675","13区08架02层","修理包","004167-056","D50KS牙轮钻机","件",{"$nulls":4},"2008-01-01",3,829.23,2487.69,3,{"v":800,"d":"800.00"},{"v":10,"d":"10.00"},{"v":240,"d":"240.00"},-90.35]
["4676","13区08架02层","盖","006075-001","D50KS牙轮钻机","件",{"$nulls":4},"2008-01-01",2,194.65,{"v":389.3,"d":"389.30"},2,188.56,{"v":10,"d":"10.00"},37.71,-90.31]
["4677","13区08架02层","胶套","003483-001","D50KS牙轮钻机","件",{"$nulls":4},"2008-01-01",3,399.95,1199.85,3,null,null,0,{"v":-100,"d":"-100.00"}]
["4678","13区08架02层","排放阀","012457-055#","D50KS牙轮钻机","件",{"$nulls":4},"2008-01-01",1,0.01,0.01,1,{"v":339,"d":"339.00"},{"v":10,"d":"10.00"},{"v":33.9,"d":"33.90"},{"v":338900,"d":"338,900.00"}]
["4679","13区08架02层","密封组件","001036-070","D50KS牙轮钻机","件",{"$nulls":4},"2008-01-01",4,531.05,{"v":2124.2,"d":"2124.20"},4,{"v":500,"d":"500.00"},{"v":10,"d":"10.00"},{"v":200,"d":"200.00"},-90.58]
["4680","13区08架02层","轴承","001021-002#","D50KS牙轮钻机","件",{"$nulls":4},"2008-01-01",1,0.01,0.01,1,{"v":14,"d":"14.00"},{"v":10,"d":"10.00"},{"v":1.4,"d":"1.40"},{"v":13900,"d":"13,900.00"}]
["4681","13区08架03层","密封","011419-256","D50KS牙轮钻机","件",{"$nulls":4},"2008-01-01",4,23.11,92.44,4,{"v":22,"d":"22.00"},{"v":10,"d":"10.00"},{"v":8.8,"d":"8.80"},-90.48]
["4682","13区08架03层","弹子支座","003336-073","D50KS牙轮钻机","件",{"$nulls":4},"2008-01-01",1,362.62,362.62,1,351.27,{"v":10,"d":"10.00"},35.13,-90.31]
["4683","13区08架03层","指示器","014972-001#","D50KS牙轮钻机","件",{"$nulls":4},"2008-01-01",4,0.01,0.04,4,{"v":100,"d":"100.00"},{"v":10,"d":"10.00"},{"v":40,"d":"40.00"},{"v":99900,"d":"99,900.00"}]
["4684","13区08架03层","旋塞","001132-003#","D50KS牙轮钻机","件",{"$nulls":4},"2008-01-01",2,0.01,0.02,2,{"v":2,"d":"2.00"},{"v":10,"d":"10.00"},{"v":0.4,"d":"0.40"},{"v":1900,"d":"1,900.00"}]
["4685","13区08架03层","螺母","001138-001#","D50KS牙轮钻机","件",{"$nulls":4},"2008-01-01",6,0.01,0.06,6,{"v":20,"d":"20.00"},{"v":10,"d":"10.00"},{"v":12,"d":"12.00"},{"v":19900,"d":"19,900.00"}]
["4686","13区08架03层","链条","016323-002#","D50KS牙轮钻机","件",{"$nulls":4},"2008-01-01",2,0.01,0.02,2,{"v":10,"d":"10.00"},{"v":10,"d":"10.00"},{"v":2,"d":"2.00"},{"v":9900,"d":"9,900.00"}]
["4687","13区08架03层","泵体总成","008172-079","D50KS牙轮钻机","件",{"$nulls":4},"2008-01-01",1,13140.66,13140.66,1,{"v":12000,"d":"12,000.00"},{"v":10,"d":"10.00"},{"v":1200,"d":"1,200.00"},-90.87]
["4688","13区08架03层","弹子","003336-074","D50KS牙轮钻机","件",{"$nulls":4},"2008-01-01",1,13.33,13.33,1,12.91,{"v":10,"d":"10.00"},1.29,-90.32]
["4689","13区08架03层","旋塞","001132-001#","D50KS牙轮钻机","件",{"$nulls":4},"2008-01-01",4,0.01,0.04,4,{"v":2,"d":"2.00"},{"v":10,"d":"10.00"},{"v":0.8,"d":"0.80"},{"v":1900,"d":"1,900.00"}]
["4690","13区08架03层","传感器","015700-001#","D50KS牙轮钻机","件",{"$nulls":4},"2008-01-01",1,0.01,0.01,1,{"v":550,"d":"550.00"},{"v":10,"d":"10.00"},{"v":55,"d":"55.00"},{"v":549900,"d":"549,900.00"}]
["4691","13区08架03层","辊","003336-051","D50KS牙轮钻机","件",{"$nulls":4},"2008-01-01",4,13.33,53.32,4,12.91,{"v":10,"d":"10.00"},5.16,-90.32]
["4692","13区08架03层","螺栓","014750-002","D50KS牙轮钻机","件",{"$nulls":4},"2008-01-01",2,9.78,19.56,2,9.47,{"v":10,"d":"10.00"},1.89,-90.34]
["4693","13区08架03层","紧固螺栓","004946-001","D50KS牙轮钻机","件",{"$nulls":4},"2008-01-01",3,573.27,1719.81,3,555.33,{"v":10,"d":"10.00"},{"v":166.6,"d":"166.60"},-90.31]
["4694","13区08架03层","检查阀","016394-001#","D50KS牙轮钻机","件",{"$nulls":4},"2008-01-01",1,0.01,0.01,1,{"v":340,"d":"340.00"},{"v":10,"d":"10.00"},{"v":34,"d":"34.00"},{"v":339900,"d":"339,900.00"}]
["4695","13区08架03层","门锁","010652-001#","D50KS牙轮钻机","件",{"$nulls":4},"2008-01-01",2,0.01,0.02,2,{"v":80,"d":"80.00"},{"v":10,"d":"10.00"},{"v":16,"d":"16.00"},{"v":79900,"d":"79,900.00"}]
["4696","13区08架04层","弹簧","003336-075","D50KS牙轮钻机","件",{"$nulls":4},"2008-01-01",1,43.55,43.55,1,42.19,{"v":10,"d":"10.00"},4.22,-90.31]
["4697","13区08架04层","磁性感应头","007669-001","D50KS牙轮钻机","件",{"$nulls":4},"2008-01-01",1,361.73,361.73,1,350.41,{"v":10,"d":"10.00"},35.04,-90.31]
["4698","13区08架04层","密封组件","003336-078","D50KS牙轮钻机","件",{"$nulls":4},"2008-01-01",1,{"v":317.3,"d":"317.30"},{"v":317.3,"d":"317.30"},1,{"v":280,"d":"280.00"},{"v":10,"d":"10.00"},{"v":28,"d":"28.00"},-91.18]
["4699","13区08架04层","接线装置","004947-001","D50KS牙轮钻机","件",{"$nulls":4},"2008-01-01",4,484.39,1937.56,4,{"v":380,"d":"380.00"},{"v":10,"d":"10.00"},{"v":152,"d":"152.00"},-92.16]
["4700","13区08架04层","转速表","006266-001","D50KS牙轮钻机","件",{"$nulls":4},"2008-01-01",1,1040.76,1040.76,1,{"v":1000,"d":"1,000.00"},{"v":10,"d":"10.00"},{"v":100,"d":"100.00"},-90.39]
["4701","13区08架04层","丝杆","003983-084","D50KS牙轮钻机","件",{"$nulls":4},"2008-01-01",1,{"v":736.8,"d":"736.80"},{"v":736.8,"d":"736.80"},1,{"v":600,"d":"600.00"},{"v":10,"d":"10.00"},{"v":60,"d":"60.00"},-91.86]
["4702","13区08架04层","阀","003267-001","D50KS牙轮钻机","件",{"$nulls":4},"2008-01-01",2,600.82,1201.64,2,{"v":600,"d":"600.00"},{"v":10,"d":"10.00"},{"v":120,"d":"120.00"},-90.01]
["4703","13区08架04层","恒温器组件","004030-051","D50KS牙轮钻机","件",{"$nulls":4},"2008-01-01",2,1611.37,3222.74,2,{"v":1560.93,"d":"1,560.93"},{"v":10,"d":"10.00"},312.19,-90.31]
["4704","13区08架04层","连接球组件","010048-001#","D50KS牙轮钻机","件",{"$nulls":4},"2008-01-01",1,0.01,0.01,1,{"v":14,"d":"14.00"},{"v":10,"d":"10.00"},{"v":1.4,"d":"1.40"},{"v":13900,"d":"13,900.00"}]
["4705","13区08架04层","阀","004240-001","D50KS牙轮钻机","件",{"$nulls":4},"2008-01-01",2,236.42,472.84,2,229.02,{"v":10,"d":"10.00"},{"v":45.8,"d":"45.80"},-90.31]
["4706","13区08架04层","止复杆","003336-076","D50KS牙轮钻机","件",{"$nulls":4},"2008-01-01",1,474.61,474.61,1,459.75,{"v":10,"d":"10.00"},45.98,-90.31]
["4707","13区08架04层","转速表","008645-001","D50KS牙轮钻机","件",{"$nulls":4},"2008-01-01",2,108.43,216.86,2,105.04,{"v":10,"d":"10.00"},21.01,-90.31]
["4708","13区08架04层","止回阀组件","003130-067","D50KS牙轮钻机","件",{"$nulls":4},"2008-01-01",4,2533.03,10132.12,4,{"v":2570,"d":"2,570.00"},{"v":10,"d":"10.00"},{"v":1028,"d":"1,028.00"},-89.85]
["4709","13区08架04层","油位表","004865-001","D50KS牙轮钻机","件",{"$nulls":4},"2008-01-01",2,321.74,643.48,2,{"v":300,"d":"300.00"},{"v":10,"d":"10.00"},{"v":60,"d":"60.00"},-90.68]
["4710","13区08架04层","琐止销","003935-002","D50KS牙轮钻机","件",{"$nulls":4},"2008-01-01",1,1144.75,1144.75,1,736.94,{"v":10,"d":"10.00"},73.69,-93.56]
["4711","13区08架04层","振动膜片组件","004164-069","D50KS牙轮钻机","件",{"$nulls":4},"2008-01-01",8,829.24,6633.92,8,803.28,{"v":10,"d":"10.00"},642.62,-90.31]
["4712","13区08架05层","修理包","003130-077","D50KS牙轮钻机","件",{"$nulls":4},"2008-01-01",3,{"v":959,"d":"959.00"},{"v":2877,"d":"2877.00"},3,{"v":800,"d":"800.00"},{"v":10,"d":"10.00"},{"v":240,"d":"240.00"},-91.66]
["4713","13区08架05层","温控阀","004030-001","D50KS牙轮钻机","件",{"$nulls":4},"2008-01-01",2,1973.99,3947.98,2,{"v":1958,"d":"1,958.00"},{"v":10,"d":"10.00"},{"v":391.6,"d":"391.60"},-90.08]
["4714","13区09架01层","软管总成","006677-519","D50KS牙轮钻机","件",{"$nulls":4},"2008-01-01",8,858.72,6869.76,8,{"$nulls":3},{"v":-100,"d":"-100.00"}]
["4715","13区09架01层","拉索","001123-003","D50KS牙轮钻机","件",{"$nulls":4},"2008-01-01",2,1731.07,3462.14,2,{"v":2000,"d":"2,000.00"},{"v":10,"d":"10.00"},{"v":400,"d":"400.00"},-88.45]
["4716","13区09架01层","软管","001337-018","D50KS牙轮钻机","件",{"$nulls":4},"2008-01-01",2,548.38,1096.76,2,{"$nulls":3},{"v":-100,"d":"-100.00"}]
["4717","13区09架02层","垫圈","001543-011","D50KS牙轮钻机","件",{"$nulls":4},"2008-01-01",2,7.11,14.22,2,6.89,{"v":10,"d":"10.00"},1.38,{"v":-90.3,"d":"-90.30"}]
["4718","13区09架02层","垫圈","001331-066","D50KS牙轮钻机","件",{"$nulls":4},"2008-01-01",4,42.66,170.64,4,41.32,{"v":10,"d":"10.00"},16.53,-90.31]
["4719","13区09架02层","吸气阀","002734-051","D50KS牙轮钻机","件",{"$nulls":4},"2008-01-01",2,144.87,289.74,2,140.34,{"v":10,"d":"10.00"},28.07,-90.31]
["4720","13区09架02层","修理包","001330-393#","D50KS牙轮钻机","件",{"$nulls":4},"2008-01-01",2,0.01,0.02,2,{"v":26,"d":"26.00"},{"v":10,"d":"10.00"},{"v":5.2,"d":"5.20"},{"v":25900,"d":"25,900.00"}]
["4721","13区09架02层","开关","001684-001#","D50KS牙轮钻机","件",{"$nulls":4},"2008-01-01",3,0.01,0.03,3,{"$nulls":3},{"v":-100,"d":"-100.00"}]
["4722","13区09架02层","垫片","001330-145","D50KS牙轮钻机","件",{"$nulls":4},"2008-01-01",2,{"v":79.1,"d":"79.10"},{"v":158.2,"d":"158.20"},2,76.62,{"v":10,"d":"10.00"},15.32,-90.32]
["4723","13区09架02层","空滤","001658-001","D50KS牙轮钻机","件",{"$nulls":4},"2008-01-01",1,382.18,382.18,1,370.22,{"v":10,"d":"10.00"},37.02,-90.31]
["4724","13区09架02层","安全阀","002770-052","D50KS牙轮钻机","件",{"$nulls":4},"2008-01-01",2,1261.19,2522.38,2,{"v":1200,"d":"1,200.00"},{"v":10,"d":"10.00"},{"v":240,"d":"240.00"},-90.49]
["4725","13区09架02层","密封总成","001331-302","D50KS牙轮钻机","件",{"$nulls":4},"2008-01-01",16,1607.81,25724.96,16,{"v":2000,"d":"2,000.00"},{"v":10,"d":"10.00"},{"v":3200,"d":"3,200.00"},-87.56]
["4726","13区09架02层","排气阀","002734-052","D50KS牙轮钻机","件",{"$nulls":4},"2008-01-01",2,{"v":151.1,"d":"151.10"},{"v":302.2,"d":"302.20"},2,146.37,{"v":10,"d":"10.00"},29.27,-90.31]
["4727","13区09架02层","连接元件","001063-057#","D50KS牙轮钻机","件",{"$nulls":4},"2008-01-01",1,0.01,0.01,1,{"v":2,"d":"2.00"},{"v":10,"d":"10.00"},{"v":0.2,"d":"0.20"},{"v":1900,"d":"1,900.00"}]
["4728","13区09架02层","修理包","001615-052#","D50KS牙轮钻机","件",{"$nulls":4},"2008-01-01",2,0.01,0.02,2,{"v":26,"d":"26.00"},{"v":10,"d":"10.00"},{"v":5.2,"d":"5.20"},{"v":25900,"d":"25,900.00"}]
["4729","13区09架03层","安全阀","006676-001","D50KS牙轮钻机","件",{"$nulls":4},"2008-01-01",2,797.24,1594.48,2,{"v":800,"d":"800.00"},{"v":10,"d":"10.00"},{"v":160,"d":"160.00"},-89.97]
["4730","13区09架03层","[禁止新购] 垫圈","WASHER","D50KS牙轮钻机","件",{"$nulls":4},"2008-01-01",3,0.01,0.03,3,{"v":12,"d":"12.00"},{"v":10,"d":"10.00"},{"v":3.6,"d":"3.60"},{"v":11900,"d":"11,900.00"}]
["4731","13区09架03层","插入件","001608-059","D50KS牙轮钻机","件",{"$nulls":4},"2008-01-01",9,2013.98,18125.82,9,{"v":1950.94,"d":"1,950.94"},{"v":10,"d":"10.00"},{"v":1755.85,"d":"1,755.85"},-90.31]
["4732","13区09架03层","轴承","002168-082","D50KS牙轮钻机","件",{"$nulls":4},"2008-01-01",3,161.76,485.28,3,{"v":156.7,"d":"156.70"},{"v":10,"d":"10.00"},47.01,-90.31]
["4733","13区09架04层","滤芯","004724-055","D50KS牙轮钻机","件",{"$nulls":4},"2008-01-01",2,1226.52,2453.04,2,{"v":990,"d":"990.00"},{"v":10,"d":"10.00"},{"v":198,"d":"198.00"},-91.93]
["4734","13区09架05层","滤芯","002301-062","D50KS牙轮钻机","件",{"$nulls":4},"2008-01-01",3,382.34,1147.02,3,{"v":300,"d":"300.00"},{"v":10,"d":"10.00"},{"v":90,"d":"90.00"},-92.15]
["4735","13区09架05层","空调滤芯","008692-056","D50KS牙轮钻机","件",{"$nulls":4},"2008-01-01",7,169.94,1189.58,7,{"$nulls":3},{"v":-100,"d":"-100.00"}]
["4736","13区09架05层","滤芯","015279-001","D50KS牙轮钻机","件",{"$nulls":4},"2008-01-01",6,242.64,1455.84,6,{"v":178,"d":"178.00"},{"v":10,"d":"10.00"},{"v":106.8,"d":"106.80"},-92.66]
["4737","13区09架06层","滤芯","018310-051","D50KS牙轮钻机","件",{"$nulls":4},"2008-01-01",36,546.52,19674.72,36,{"v":500,"d":"500.00"},{"v":10,"d":"10.00"},{"v":1800,"d":"1,800.00"},-90.85]
["4738","14区01架01层","球头","FTR411R","润滑车","件",{"$nulls":4},"2008-01-01",1,455.79,455.79,1,441.52,{"v":10,"d":"10.00"},44.15,-90.31]
["4739","14区01架01层","球头","FTR411L","润滑车","件",{"$nulls":4},"2008-01-01",1,455.79,455.79,1,441.52,{"v":10,"d":"10.00"},44.15,-90.31]
["4740","14区01架02层","销套","1698113C1","润滑车","件",{"$nulls":4},"2008-01-01",2,144.33,288.66,2,139.81,{"v":10,"d":"10.00"},27.96,-90.31]
["4741","14区01架02层","传动轴万向节","1696915C91","润滑车","件",{"$nulls":4},"2008-01-01",1,736.85,736.85,1,{"v":610,"d":"610.00"},{"v":10,"d":"10.00"},{"v":61,"d":"61.00"},-91.72]
["4742","14区01架02层","螺母","83155H","润滑车","件",{"$nulls":4},"2008-01-01",5,18.99,94.95,5,{"v":20,"d":"20.00"},{"v":10,"d":"10.00"},{"v":10,"d":"10.00"},-89.47]
["4743","14区01架02层","螺栓","2026940C1","润滑车","件",{"$nulls":4},"2008-01-01",10,71.41,{"v":714.1,"d":"714.10"},10,69.17,{"v":10,"d":"10.00"},69.17,-90.31]
["4744","14区01架02层","螺栓","2026941C1","润滑车","米",{"$nulls":4},"2008-01-01",10,71.41,{"v":714.1,"d":"714.10"},10,69.17,{"v":10,"d":"10.00"},69.17,-90.31]
["4745","14区01架02层","螺母","83156H","润滑车","件",{"$nulls":4},"2008-01-01",9,18.99,170.91,9,{"v":20,"d":"20.00"},{"v":10,"d":"10.00"},{"v":18,"d":"18.00"},-89.47]
["4746","14区01架02层","轴承","FP3782","润滑车","件",{"$nulls":4},"2008-01-01",2,288.86,577.72,2,279.82,{"v":10,"d":"10.00"},55.96,-90.31]
["4747","14区01架02层","油封","3528090C1","润滑车","件",{"$nulls":4},"2008-01-01",2,294.74,589.48,2,285.51,{"v":10,"d":"10.00"},{"v":57.1,"d":"57.10"},-90.31]
["4748","14区01架02层","铜接头","003","润滑车","件",{"$nulls":4},"2008-01-01",3,31.84,95.52,3,30.84,{"v":10,"d":"10.00"},9.25,-90.32]
["4749","14区01架02层","销套","3515801C1","润滑车","件",{"$nulls":4},"2008-01-01",1,182.32,182.32,1,176.61,{"v":10,"d":"10.00"},17.66,-90.31]
["4750","14区01架03层","轴承盖","FP47620","润滑车","件",{"$nulls":4},"2008-01-01",2,311.08,622.16,2,301.34,{"v":10,"d":"10.00"},60.27,-90.31]
["4751","14区01架03层","油枪手柄",191074,"润滑车","件",{"$nulls":4},"2008-01-01",1,{"v":314.5,"d":"314.50"},{"v":314.5,"d":"314.50"},1,304.66,{"v":10,"d":"10.00"},30.47,-90.31]
["4752","14区01架03层","轴承盖","FP39520","润滑车","件",{"$nulls":4},"2008-01-01",2,{"v":151.1,"d":"151.10"},{"v":302.2,"d":"302.20"},2,146.37,{"v":10,"d":"10.00"},29.27,-90.31]
["4753","14区01架03层","油封","380019C91","润滑车","件",{"$nulls":4},"2008-01-01",1,337.74,337.74,1,327.17,{"v":10,"d":"10.00"},32.72,-90.31]
["4754","14区01架03层","轴承","FP39590","润滑车","件",{"$nulls":4},"2008-01-01",2,373.29,746.58,2,{"v":350,"d":"350.00"},{"v":10,"d":"10.00"},{"v":70,"d":"70.00"},-90.62]
["4755","14区01架03层","轴承盖","FP3720","润滑车","件",{"$nulls":4},"2008-01-01",2,208.87,417.74,2,202.33,{"v":10,"d":"10.00"},40.47,-90.31]
["4756","14区01架03层","轴承","FP47686","润滑车","件",{"$nulls":4},"2008-01-01",2,542.16,1084.32,2,{"v":440,"d":"440.00"},{"v":10,"d":"10.00"},{"v":88,"d":"88.00"},-91.88]
["4757","14区01架04层","[禁止新购] 电瓶接线柱",null,"润滑车","件",{"$nulls":4},"2008-01-01",6,2.13,12.78,6,2.06,{"v":10,"d":"10.00"},1.24,{"v":-90.3,"d":"-90.30"}]
["4758","14区01架04层","加油枪","A3000-11A","国产油罐车","件",{"$nulls":4},"2008-01-01",1,136.74,136.74,1,132.46,{"v":10,"d":"10.00"},13.25,-90.31]
["4759","14区01架04层","O型圈","32X3-1","国产油罐车","件",{"$nulls":4},"2008-01-01",10,1.14,{"v":11.4,"d":"11.40"},10,{"v":1.1,"d":"1.10"},{"v":10,"d":"10.00"},{"v":1.1,"d":"1.10"},-90.35]
["4760","14区01架04层","万向接头","3/4INCH","国产油罐车","件",{"$nulls":4},"2008-01-01",4,110.15,{"v":440.6,"d":"440.60"},4,{"v":100,"d":"100.00"},{"v":10,"d":"10.00"},{"v":40,"d":"40.00"},-90.92]
["4761","14区01架05层","滤芯","JH70-20447#","国产油罐车","件",{"$nulls":4},"2008-01-01",216,0.01,2.16,216,{"v":38,"d":"38.00"},{"v":10,"d":"10.00"},{"v":820.8,"d":"820.80"},{"v":37900,"d":"37,900.00"}]
["4762","14区01排04层","黄油枪拐臂",202577,"国产油罐车","件",{"$nulls":4},"2008-01-01",2,521.37,1042.74,2,{"v":500,"d":"500.00"},{"v":10,"d":"10.00"},{"v":100,"d":"100.00"},-90.41]
["4763","14区01排04层","流量计",244076,"国产油罐车","件",{"$nulls":4},"2008-01-01",2,2974.36,5948.72,2,{"v":2800,"d":"2,800.00"},{"v":10,"d":"10.00"},{"v":560,"d":"560.00"},-90.59]
["4764","14区02架01层","加油管","13X20","国产油罐车","件",{"$nulls":4},"2008-01-01",65,51.66,{"v":3357.9,"d":"3357.90"},65,{"v":30,"d":"30.00"},{"v":10,"d":"10.00"},{"v":195,"d":"195.00"},-94.19]
["4765","14区02架04层","滤芯","1833121C1","润滑车","件",{"$nulls":4},"2008-01-01",11,263.75,2901.25,11,{"v":178,"d":"178.00"},{"v":10,"d":"10.00"},{"v":195.8,"d":"195.80"},-93.25]
["4766","14区02架04层","滤芯","1822558C1","润滑车","件",{"$nulls":4},"2008-01-01",11,138.54,1523.94,11,{"v":178,"d":"178.00"},{"v":10,"d":"10.00"},{"v":195.8,"d":"195.80"},-87.15]
["4767","14区02架05层","滤芯","005","D50KS牙轮钻机","件",{"$nulls":4},"2008-01-01",195,0.01,1.95,195,{"v":38,"d":"38.00"},{"v":10,"d":"10.00"},{"v":741,"d":"741.00"},{"v":37900,"d":"37,900.00"}]
["4768","14区04架01层","常闭开关","001072-001","D50KS牙轮钻机","件",{"$nulls":4},"2008-01-01",1,146.65,146.65,1,{"$nulls":3},{"v":-100,"d":"-100.00"}]
["4769","14区04排03层","黄油枪",242056,"润滑车","件",{"$nulls":4},"2015-03-01",2,1119.23,2238.46,2,{"v":760,"d":"760.00"},{"v":44,"d":"44.00"},{"v":668.8,"d":"668.80"},-70.12]
[]
[{"$nulls":7},"",{"$nulls":10},""]
[{"$nulls":7},"",{"$nulls":10},""]
[]
["合            计",{"$nulls":7},0,{"$nulls":4},{"v":15924080.48999978,"d":"15,924,080.49"},{"$nulls":3},{"v":1553828.1899999955,"d":"1,553,828.19"},{"v":-90.24227370003693,"d":"-90.24"}]
["被评估企业填表人：何志强",{"$nulls":12},"评估人员："]
["填表日期：2020年10月8日",null,null,"以上结果为预评估结果，最终结果以我公司出具的资产评估报告为准！"]

{"sheet":"机器设备","index":1,"n_rows":105,"n_cols":21,"rows_kept":105,"merged":[[0,0,0,20],[1,0,1,20],[3,0,4,0],[3,1,4,1],[3,2,4,2],[3,3,4,3],[3,4,4,4],[3,5,4,5],[3,6,4,6],[3,7,4,7],[3,8,4,8],[3,9,4,9],[3,10,3,11],[3,12,3,13],[3,14,3,15],[3,16,3,18],[3,19,4,19],[3,20,4,20],[102,0,102,2]],"flags":["formulas_cached_only"]}
["固定资产—机器设备预评估明细表"]
["评估基准日：2020年9月22日"]
["被评估企业：瓮福（集团）有限责任公司",{"$nulls":19},"金额单位：人民币元"]
["序号","设备编号","设备名称","规格型号","使用单位","生产厂家","计量单位","数量","购置日期","启用日期","审计前账面值",null,"审计调整",null,"账面价值",null,"评估价值",null,null,"增值率%","重量（吨）"]
[{"$nulls":10},"原值","净值","原值","净值","原值","净值","原值","成新率%","净值"]
[1,401000018,"推土机","120A",null,null,"台",1,"1997-12-01","1997-12-01",{"$nulls":4},{"v":129238.95,"d":"129,238.95"},{"v":6461.95,"d":"6,461.95"},{"v":17955,"d":"17,955.00"},null,{"v":17955,"d":"17,955.00"},{"v":177.85730313605026,"d":"177.86"}]
[2,401000115,"平地机","14G",null,null,"台",1,"1997-12-01","1997-12-01",{"$nulls":4},{"v":2050320.74,"d":"2,050,320.74"},{"v":102516.04,"d":"102,516.04"},{"v":26643,"d":"26,643.00"},null,{"v":26643,"d":"26,643.00"},{"v":-74.01089624608987,"d":"-74.01"}]
[3,401000139,"平地机","14G",null,null,"台",1,"1997-12-01","1997-12-01",{"$nulls":4},{"v":2182381.53,"d":"2,182,381.53"},{"v":109119.08,"d":"109,119.08"},{"v":26643,"d":"26,643.00"},null,{"v":26643,"d":"26,643.00"},{"v":-75.58355513994435,"d":"-75.58"}]
[4,401000161,"挖掘机","330",null,null,"台",1,"1997-12-31","1997-12-31",{"$nulls":4},{"v":2134047.66,"d":"2,134,047.66"},{"v":106700.25,"d":"106,700.25"},{"v":47060,"d":"47,060.00"},null,{"v":47060,"d":"47,060.00"},{"v":-55.89513614073069,"d":"-55.90"}]
[5,401000069,"挖掘机","3303C",null,null,"台",1,"2005-05-01","2005-05-01",{"$nulls":4},{"v":1560000,"d":"1,560,000.00"},{"v":78000,"d":"78,000.00"},{"v":47060,"d":"47,060.00"},null,{"v":47060,"d":"47,060.00"},{"v":-39.666666666666664,"d":"-39.67"}]
[6,401000124,"矿用自卸车","3311E",null,null,"台",1,"1997-12-01","1997-12-01",{"$nulls":4},{"v":6529612.63,"d":"6,529,612.63"},{"v":326474.1,"d":"326,474.10"},{"v":91514,"d":"91,514.00"},null,{"v":91514,"d":"91,514.00"},{"v":-71.96898620748169,"d":"-71.97"}]
[7,401000125,"矿用自卸车","3311E",null,null,"台",1,"1997-12-01","1997-12-01",{"$nulls":4},{"v":6529612.63,"d":"6,529,612.63"},{"v":326474.1,"d":"326,474.10"},{"v":91514,"d":"91,514.00"},null,{"v":91514,"d":"91,514.00"},{"v":-71.96898620748169,"d":"-71.97"}]
[8,401000126,"矿用自卸车","3311E",null,null,"台",1,"1997-12-01","1997-12-01",{"$nulls":4},{"v":6529612.63,"d":"6,529,612.63"},{"v":326474.1,"d":"326,474.10"},{"v":91514,"d":"91,514.00"},null,{"v":91514,"d":"91,514.00"},{"v":-71.96898620748169,"d":"-71.97"}]
[9,401000127,"矿用自卸车","3311E",null,null,"台",1,"1997-12-01","1997-12-01",{"$nulls":4},{"v":6529612.63,"d":"6,529,612.63"},{"v":326474.1,"d":"326,474.10"},{"v":91514,"d":"91,514.00"},null,{"v":91514,"d":"91,514.00"},{"v":-71.96898620748169,"d":"-71.97"}]
[10,401000128,"矿用自卸车","3311E",null,null,"台",1,"1997-12-01","1997-12-01",{"$nulls":4},{"v":6529612.63,"d":"6,529,612.63"},{"v":326474.1,"d":"326,474.10"},{"v":91514,"d":"91,514.00"},null,{"v":91514,"d":"91,514.00"},{"v":-71.96898620748169,"d":"-71.97"}]
[11,401000129,"矿用自卸车","3311E",null,null,"台",1,"1997-12-01","1997-12-01",{"$nulls":4},{"v":6529612.63,"d":"6,529,612.63"},{"v":326474.1,"d":"326,474.10"},{"v":91514,"d":"91,514.00"},null,{"v":91514,"d":"91,514.00"},{"v":-71.96898620748169,"d":"-71.97"}]
[12,401000130,"矿用自卸车","3311E",null,null,"台",1,"1997-12-01","1997-12-01",{"$nulls":4},{"v":6529612.63,"d":"6,529,612.63"},{"v":326474.1,"d":"326,474.10"},{"v":91514,"d":"91,514.00"},null,{"v":91514,"d":"91,514.00"},{"v":-71.96898620748169,"d":"-71.97"}]
[13,401000131,"矿用自卸车","3311E",null,null,"台",1,"1997-12-01","1997-12-01",{"$nulls":4},{"v":6529612.63,"d":"6,529,612.63"},{"v":326474.1,"d":"326,474.10"},{"v":91514,"d":"91,514.00"},null,{"v":91514,"d":"91,514.00"},{"v":-71.96898620748169,"d":"-71.97"}]
[14,401000132,"矿用自卸车","3311E",null,null,"台",1,"1997-12-01","1997-12-01",{"$nulls":4},{"v":6529612.63,"d":"6,529,612.63"},{"v":326474.1,"d":"326,474.10"},{"v":91514,"d":"91,514.00"},null,{"v":91514,"d":"91,514.00"},{"v":-71.96898620748169,"d":"-71.97"}]
[15,401000133,"矿用自卸车","3311E",null,null,"台",1,"1997-12-01","1997-12-01",{"$nulls":4},{"v":6529612.63,"d":"6,529,612.63"},{"v":326474.1,"d":"326,474.10"},{"v":91514,"d":"91,514.00"},null,{"v":91514,"d":"91,514.00"},{"v":-71.96898620748169,"d":"-71.97"}]
[16,401000134,"矿用自卸车","3311E",null,null,"台",1,"1997-12-01","1997-12-01",{"$nulls":4},{"v":6529612.63,"d":"6,529,612.63"},{"v":326474.1,"d":"326,474.10"},{"v":91514,"d":"91,514.00"},null,{"v":91514,"d":"91,514.00"},{"v":-71.96898620748169,"d":"-71.97"}]
[17,401000135,"矿用自卸车","3311E",null,null,"台",1,"1997-12-01","1997-12-01",{"$nulls":4},{"v":6529612.63,"d":"6,529,612.63"},{"v":326474.1,"d":"326,474.10"},{"v":91514,"d":"91,514.00"},null,{"v":91514,"d":"91,514.00"},{"v":-71.96898620748169,"d":"-71.97"}]
[18,401000136,"矿用自卸车","3311E",null,null,"台",1,"1997-12-01","1997-12-01",{"$nulls":4},{"v":6529612.63,"d":"6,529,612.63"},{"v":326474.1,"d":"326,474.10"},{"v":91514,"d":"91,514.00"},null,{"v":91514,"d":"91,514.00"},{"v":-71.96898620748169,"d":"-71.97"}]
[19,401000137,"矿用自卸车","3311E",null,null,"台",1,"1997-12-01","1997-12-01",{"$nulls":4},{"v":6529612.63,"d":"6,529,612.63"},{"v":326474.1,"d":"326,474.10"},{"v":91514,"d":"91,514.00"},null,{"v":91514,"d":"91,514.00"},{"v":-71.96898620748169,"d":"-71.97"}]
[20,401000138,"矿用自卸车","3311E",null,null,"台",1,"1997-12-01","1997-12-01",{"$nulls":4},{"v":6529612.63,"d":"6,529,612.63"},{"v":326474.1,"d":"326,474.10"},{"v":91514,"d":"91,514.00"},null,{"v":91514,"d":"91,514.00"},{"v":-71.96898620748169,"d":"-71.97"}]
[21,401000145,"矿用自卸车","3311E",null,null,"台",1,"1997-12-01","1997-12-01",{"$nulls":4},{"v":6529612.63,"d":"6,529,612.63"},{"v":326474.1,"d":"326,474.10"},{"v":91514,"d":"91,514.00"},null,{"v":91514,"d":"91,514.00"},{"v":-71.96898620748169,"d":"-71.97"}]
[22,401000149,"矿用自卸车","3311E",null,null,"台",1,"1997-12-31","1997-12-31",{"$nulls":4},{"v":6529612.63,"d":"6,529,612.63"},{"v":326474.1,"d":"326,474.10"},{"v":91514,"d":"91,514.00"},null,{"v":91514,"d":"91,514.00"},{"v":-71.96898620748169,"d":"-71.97"}]
[23,401000150,"矿用自卸车","3311E",null,null,"台",1,"1997-12-31","1997-12-31",{"$nulls":4},{"v":6529612.63,"d":"6,529,612.63"},{"v":326474.1,"d":"326,474.10"},{"v":91514,"d":"91,514.00"},null,{"v":91514,"d":"91,514.00"},{"v":-71.96898620748169,"d":"-71.97"}]
[24,401000151,"矿用自卸车","3311E",null,null,"台",1,"1997-12-31","1997-12-31",{"$nulls":4},{"v":6529612.63,"d":"6,529,612.63"},{"v":326474.1,"d":"326,474.10"},{"v":91514,"d":"91,514.00"},null,{"v":91514,"d":"91,514.00"},{"v":-71.96898620748169,"d":"-71.97"}]
[25,401000152,"矿用自卸车","3311E",null,null,"台",1,"1997-12-31","1997-12-31",{"$nulls":4},{"v":6529612.63,"d":"6,529,612.63"},{"v":326474.1,"d":"326,474.10"},{"v":91514,"d":"91,514.00"},null,{"v":91514,"d":"91,514.00"},{"v":-71.96898620748169,"d":"-71.97"}]
[26,401000153,"矿用自卸车","3311E",null,null,"台",1,"1997-12-31","1997-12-31",{"$nulls":4},{"v":6529612.63,"d":"6,529,612.63"},{"v":326474.1,"d":"326,474.10"},{"v":91514,"d":"91,514.00"},null,{"v":91514,"d":"91,514.00"},{"v":-71.96898620748169,"d":"-71.97"}]
[27,401000121,"正铲挖掘机","345BL",null,null,"台",1,"2005-03-01","2005-03-01",{"$nulls":4},{"v":3469895.1,"d":"3,469,895.10"},{"v":948959.4,"d":"948,959.40"},{"v":65160,"d":"65,160.00"},null,{"v":65160,"d":"65,160.00"},{"v":-93.13353131862122,"d":"-93.13"}]
[28,401000083,"润滑车","4900DT466",null,null,"台",1,"1998-01-31","1998-01-31",{"$nulls":4},{"v":1177636.21,"d":"1,177,636.21"},{"v":58880.63,"d":"58,880.63"},{"v":13611,"d":"13,611.00"},null,{"v":13611,"d":"13,611.00"},{"v":-76.8837391855352,"d":"-76.88"}]
[29,401000141,"洒水车","769C",null,null,"台",1,"1997-12-01","1997-12-01",{"$nulls":4},{"v":5023943.87,"d":"5,023,943.87"},{"v":251192.17,"d":"251,192.17"},{"v":44888,"d":"44,888.00"},null,{"v":44888,"d":"44,888.00"},{"v":-82.13001623418437,"d":"-82.13"}]
[30,401000140,"洒水车","769C",null,null,"台",1,"1997-12-01","1997-12-01",{"$nulls":4},{"v":5023943.87,"d":"5,023,943.87"},{"v":251192.17,"d":"251,192.17"},{"v":44888,"d":"44,888.00"},null,{"v":44888,"d":"44,888.00"},{"v":-82.13001623418437,"d":"-82.13"}]
[31,401000167,"润滑油车","BT-C01.06.0200L",null,null,"台",1,"2008-12-26","2008-12-26",{"$nulls":4},{"v":825000,"d":"825,000.00"},{"v":242785.8,"d":"242,785.80"},{"v":13611,"d":"13,611.00"},null,{"v":13611,"d":"13,611.00"},{"v":-94.3938236915009,"d":"-94.39"}]
[32,401000164,"液压挖掘机","CAT365CL  3M3",null,null,"台",1,"2005-07-31","2005-07-31",{"$nulls":4},{"v":4404602,"d":"4,404,602.00"},{"v":1200573.32,"d":"1,200,573.32"},{"v":101172,"d":"101,172.00"},null,{"v":101172,"d":"101,172.00"},{"v":-91.57302612721729,"d":"-91.57"}]
[33,401000118,"推土机","D10N",null,null,"台",1,"1997-12-01","1997-12-01",{"$nulls":4},{"v":5596694.74,"d":"5,596,694.74"},{"v":279834.74,"d":"279,834.74"},{"v":82536,"d":"82,536.00"},null,{"v":82536,"d":"82,536.00"},{"v":-70.50544903752836,"d":"-70.51"}]
[34,401000142,"推土机","D10N",null,null,"台",1,"1997-12-01","1997-12-01",{"$nulls":4},{"v":5596694.74,"d":"5,596,694.74"},{"v":279834.74,"d":"279,834.74"},{"v":82536,"d":"82,536.00"},null,{"v":82536,"d":"82,536.00"},{"v":-70.50544903752836,"d":"-70.51"}]
[35,401000148,"推土机","D10N",null,null,"台",1,"1997-12-01","1997-12-01",{"$nulls":4},{"v":8039855.06,"d":"8,039,855.06"},{"v":401984.71,"d":"401,984.71"},{"v":82536,"d":"82,536.00"},null,{"v":82536,"d":"82,536.00"},{"v":-79.46787578064848,"d":"-79.47"}]
[36,401000119,"推土机","D10N",null,null,"台",1,"1997-12-01","1997-12-01",{"$nulls":4},{"v":5596694.74,"d":"5,596,694.74"},{"v":279834.74,"d":"279,834.74"},{"v":82536,"d":"82,536.00"},null,{"v":82536,"d":"82,536.00"},{"v":-70.50544903752836,"d":"-70.51"}]
[37,401000143,"推土机","D10N",null,null,"台",1,"1997-12-01","1997-12-01",{"$nulls":4},{"v":5596694.74,"d":"5,596,694.74"},{"v":279834.74,"d":"279,834.74"},{"v":82536,"d":"82,536.00"},null,{"v":82536,"d":"82,536.00"},{"v":-70.50544903752836,"d":"-70.51"}]
[38,401000144,"推土机","D10N",null,null,"台",1,"1997-12-01","1997-12-01",{"$nulls":4},{"v":5596694.74,"d":"5,596,694.74"},{"v":279834.74,"d":"279,834.74"},{"v":82536,"d":"82,536.00"},null,{"v":82536,"d":"82,536.00"},{"v":-70.50544903752836,"d":"-70.51"}]
[39,401000146,"推土机","D10N",null,null,"台",1,"1997-12-01","1997-12-01",{"$nulls":4},{"v":5596694.74,"d":"5,596,694.74"},{"v":279834.74,"d":"279,834.74"},{"v":82536,"d":"82,536.00"},null,{"v":82536,"d":"82,536.00"},{"v":-70.50544903752836,"d":"-70.51"}]
[40,401000147,"推土机","D10N",null,null,"台",1,"1997-12-01","1997-12-01",{"$nulls":4},{"v":7374865.36,"d":"7,374,865.36"},{"v":368743.27,"d":"368,743.27"},{"v":82536,"d":"82,536.00"},null,{"v":82536,"d":"82,536.00"},{"v":-77.61694742252516,"d":"-77.62"}]
[41,401000162,"牙轮钻机","D50K4L",null,null,"台",1,"1997-12-31","1997-12-31",{"$nulls":4},{"v":13144055.55,"d":"13,144,055.55"},{"v":657202.78,"d":"657,202.78"},{"v":181000,"d":"181,000.00"},null,{"v":181000,"d":"181,000.00"},{"v":-72.45903311608025,"d":"-72.46"}]
[42,401000163,"牙轮钻机","D50K4L",null,null,"台",1,"1997-12-31","1997-12-31",{"$nulls":4},{"v":13144055.55,"d":"13,144,055.55"},{"v":657202.78,"d":"657,202.78"},{"v":181000,"d":"181,000.00"},null,{"v":181000,"d":"181,000.00"},{"v":-72.45903311608025,"d":"-72.46"}]
[43,312000177,"钳工工作台","DC4800",null,null,"台",1,"1999-09-01","1999-09-01",{"$nulls":4},{"v":5429.34,"d":"5,429.34"},270.77,{"v":3880,"d":"3,880.00"},10,{"v":388,"d":"388.00"},{"v":43.29504745725155,"d":"43.30"}]
[44,401000080,"注油车","EQ1141G7D",null,null,"台",1,"2005-03-01","2005-03-01",{"$nulls":4},{"v":712200,"d":"712,200.00"},{"v":35610,"d":"35,610.00"},{"v":20417,"d":"20,417.00"},null,{"v":20417,"d":"20,417.00"},{"v":-42.66498174670036,"d":"-42.66"}]
[45,401000081,"油罐车","EQ1141G7D",null,null,"台",1,"2005-03-01","2005-03-01",{"$nulls":4},{"v":175182.4,"d":"175,182.40"},{"v":8759.12,"d":"8,759.12"},{"v":20417,"d":"20,417.00"},null,{"v":20417,"d":"20,417.00"},{"v":133.09419211062297,"d":"133.09"}]
[46,601000143,"洒水车","EQ5108GPS6D16",null,null,"台",1,"2004-07-01","2004-07-01",{"$nulls":4},{"v":150000,"d":"150,000.00"},{"v":7500,"d":"7,500.00"},{"v":14914,"d":"14,914.00"},null,{"v":14914,"d":"14,914.00"},{"v":98.85333333333334,"d":"98.85"}]
[47,401000157,"液压铲","EX1800-2",null,null,"台",1,"1997-12-31","1997-12-31",{"$nulls":4},{"v":16673698.44,"d":"16,673,698.44"},{"v":833668.25,"d":"833,668.25"},{"v":256296,"d":"256,296.00"},null,{"v":256296,"d":"256,296.00"},{"v":-69.25683567774111,"d":"-69.26"}]
[48,401000158,"液压铲","EX1800-2",null,null,"台",1,"1997-12-31","1997-12-31",{"$nulls":4},{"v":16673698.44,"d":"16,673,698.44"},{"v":833668.25,"d":"833,668.25"},{"v":256296,"d":"256,296.00"},null,{"v":256296,"d":"256,296.00"},{"v":-69.25683567774111,"d":"-69.26"}]
[49,401000159,"液压铲","EX1800-2",null,null,"台",1,"1997-12-31","1997-12-31",{"$nulls":4},{"v":16673698.44,"d":"16,673,698.44"},{"v":833668.25,"d":"833,668.25"},{"v":256296,"d":"256,296.00"},null,{"v":256296,"d":"256,296.00"},{"v":-69.25683567774111,"d":"-69.26"}]
[50,311000169,"轮胎装卸机","FD100-5",null,null,"台",1,"1998-03-31","1998-03-31",{"$nulls":4},{"v":1682163,"d":"1,682,163.00"},{"v":84108.15,"d":"84,108.15"},{"v":11005,"d":"11,005.00"},null,{"v":11005,"d":"11,005.00"},{"v":-86.91565561720238,"d":"-86.92"}]
[51,311000133,"压装机","FT1340-1",null,null,"台",1,"1998-03-31","1998-03-31",{"$nulls":4},{"v":343889.98,"d":"343,889.98"},{"v":17194.5,"d":"17,194.50"},{"v":16370,"d":"16,370.00"},10,{"v":1637,"d":"1,637.00"},{"v":-90.47951379801681,"d":"-90.48"}]
[52,311000174,"PT泵试验台","HA123-01",null,null,"台",1,"1998-03-31","1998-03-31",{"$nulls":4},{"v":479742.19,"d":"479,742.19"},{"v":23987.11,"d":"23,987.11"},{"v":39820,"d":"39,820.00"},10,{"v":3982,"d":"3,982.00"},{"v":-83.39941743711519,"d":"-83.40"}]
[53,311000173,"喷油器试验台","HA290.02",null,null,"台",1,"1998-03-31","1998-03-31",{"$nulls":4},{"v":568990.71,"d":"568,990.71"},{"v":28449.54,"d":"28,449.54"},{"v":86280,"d":"86,280.00"},10,{"v":8628,"d":"8,628.00"},{"v":-69.6726203657423,"d":"-69.67"}]
[54,401000082,"油罐车","jn162.8t",null,null,"台",1,"1998-01-01","1998-01-01",{"$nulls":4},{"v":133626.43,"d":"133,626.43"},{"v":6681.19,"d":"6,681.19"},{"v":20417,"d":"20,417.00"},null,{"v":20417,"d":"20,417.00"},{"v":205.5892737670984,"d":"205.59"}]
[55,601000170,"油罐车","LG5165GJY",null,null,"台",1,"2006-12-01","2006-12-01",{"$nulls":4},{"v":168900,"d":"168,900.00"},{"v":8445,"d":"8,445.00"},{"v":20417,"d":"20,417.00"},null,{"v":20417,"d":"20,417.00"},{"v":141.7643576080521,"d":"141.76"}]
[56,311000175,"砂轮机","M3025",null,null,"台",1,"1998-03-31","1998-03-31",{"$nulls":4},{"v":4071.67,"d":"4,071.67"},203.58,{"v":1170,"d":"1,170.00"},10,{"v":117,"d":"117.00"},{"v":-42.52873563218391,"d":"-42.53"}]
[57,311000134,"翻转架","MEP-6E",null,null,"台",1,"1998-03-31","1998-03-31",{"$nulls":4},{"v":508912.95,"d":"508,912.95"},{"v":25445.65,"d":"25,445.65"},{"v":13270,"d":"13,270.00"},10,{"v":1327,"d":"1,327.00"},{"v":-94.78496324519122,"d":"-94.78"}]
[58,311000135,"翻转架","MEP-6E",null,null,"台",1,"1998-03-31","1998-03-31",{"$nulls":4},{"v":508912.95,"d":"508,912.95"},{"v":25445.65,"d":"25,445.65"},{"v":13270,"d":"13,270.00"},10,{"v":1327,"d":"1,327.00"},{"v":-94.78496324519122,"d":"-94.78"}]
[59,311000136,"翻转架","MEP-6E",null,null,"台",1,"1998-03-31","1998-03-31",{"$nulls":4},{"v":508912.95,"d":"508,912.95"},{"v":25445.65,"d":"25,445.65"},{"v":13270,"d":"13,270.00"},10,{"v":1327,"d":"1,327.00"},{"v":-94.78496324519122,"d":"-94.78"}]
[60,311000176,"修理托架","MT800",null,null,"台",1,"1998-03-01","1998-03-01",{"$nulls":4},{"v":20734.99,"d":"20,734.99"},{"v":1036.75,"d":"1,036.75"},{"v":3980,"d":"3,980.00"},10,{"v":398,"d":"398.00"},{"v":-61.610802990113335,"d":"-61.61"}]
[61,311000177,"修理托架","NSD-600",null,null,"台",1,"1998-03-01","1998-03-01",{"$nulls":4},{"v":33965.04,"d":"33,965.04"},{"v":1698.22,"d":"1,698.22"},{"v":3980,"d":"3,980.00"},10,{"v":398,"d":"398.00"},{"v":-76.56369610533382,"d":"-76.56"}]
[62,803000128,"燃油泵试验台","PGM20-12",null,null,"台",1,"1998-09-30","1998-09-30",{"$nulls":4},{"v":1751900.23,"d":"1,751,900.23"},{"v":87593.26,"d":"87,593.26"},{"v":84070,"d":"84,070.00"},10,{"v":8407,"d":"8,407.00"},{"v":-90.40222957793785,"d":"-90.40"}]
[63,401000122,"钻机","ROC842",null,null,"台",1,"1997-12-01","1997-12-01",{"$nulls":4},{"v":3819087.02,"d":"3,819,087.02"},{"v":190950.53,"d":"190,950.53"},{"v":31422,"d":"31,422.00"},null,{"v":31422,"d":"31,422.00"},{"v":-83.54442902043792,"d":"-83.54"}]
[64,401000160,"潜孔钻机","ROC842",null,null,"台",1,"1997-12-31","1997-12-31",{"$nulls":4},{"v":3819087.02,"d":"3,819,087.02"},{"v":190950.53,"d":"190,950.53"},{"v":31422,"d":"31,422.00"},null,{"v":31422,"d":"31,422.00"},{"v":-83.54442902043792,"d":"-83.54"}]
[65,303000135,"镗孔机","SUPERCOMBITNATA60/2",null,null,"台",1,"2004-02-29","2004-02-29",{"$nulls":4},{"v":229500,"d":"229,500.00"},{"v":11475,"d":"11,475.00"},{"v":194690,"d":"194,690.00"},10,{"v":19469,"d":"19,469.00"},{"v":69.66448801742919,"d":"69.66"}]
[66,311000171,"轮胎拆装机","TBE56",null,null,"台",1,"1998-03-31","1998-03-31",{"$nulls":4},{"v":216671.72,"d":"216,671.72"},{"v":10833.59,"d":"10,833.59"},{"v":146020,"d":"146,020.00"},10,{"v":14602,"d":"14,602.00"},{"v":34.78449895187099,"d":"34.78"}]
[67,311000170,"轮胎修补机","TPEMⅡ",null,null,"台",1,"1998-03-31","1998-03-31",{"$nulls":4},{"v":1659951.71,"d":"1,659,951.71"},{"v":82997.59,"d":"82,997.59"},{"v":14870,"d":"14,870.00"},10,{"v":1487,"d":"1,487.00"},{"v":-98.20838171325215,"d":"-98.21"}]
[68,401000120,"推土机","TY320B",null,null,"台",1,"2005-03-01","2005-03-01",{"$nulls":4},{"v":1028984,"d":"1,028,984.00"},{"v":281410.25,"d":"281,410.25"},{"v":53866,"d":"53,866.00"},null,{"v":53866,"d":"53,866.00"},{"v":-80.85855081682348,"d":"-80.86"}]
[69,401000071,"装载机","WA420-3",null,null,"台",1,"2005-02-01","2005-02-01",{"$nulls":4},{"v":1167491.01,"d":"1,167,491.01"},{"v":58373.38,"d":"58,373.38"},{"v":26354,"d":"26,354.00"},null,{"v":26354,"d":"26,354.00"},{"v":-54.85270854625859,"d":"-54.85"}]
[70,401000165,"装载机","WA600-1",null,null,"台",1,"1998-01-01","1998-01-01",{"$nulls":4},{"v":4874054.12,"d":"4,874,054.12"},{"v":243702.71,"d":"243,702.71"},{"v":58934,"d":"58,934.00"},null,{"v":58934,"d":"58,934.00"},{"v":-75.81725701778204,"d":"-75.82"}]
[71,401000166,"装载机","WA600-1",null,null,"台",1,"1998-01-31","1998-01-31",{"$nulls":4},{"v":4874054.12,"d":"4,874,054.12"},{"v":243702.71,"d":"243,702.71"},{"v":58934,"d":"58,934.00"},null,{"v":58934,"d":"58,934.00"},{"v":-75.81725701778204,"d":"-75.82"}]
[72,401000154,"装载机","WA800-2",null,null,"台",1,"1997-12-31","1997-12-31",{"$nulls":4},{"v":10864307.3,"d":"10,864,307.30"},{"v":543215.37,"d":"543,215.37"},{"v":130465,"d":"130,465.00"},null,{"v":130465,"d":"130,465.00"},{"v":-75.98282243007962,"d":"-75.98"}]
[73,401000155,"装载机","WA800-2",null,null,"台",1,"1997-12-31","1997-12-31",{"$nulls":4},{"v":10864307.3,"d":"10,864,307.30"},{"v":543215.37,"d":"543,215.37"},{"v":130465,"d":"130,465.00"},null,{"v":130465,"d":"130,465.00"},{"v":-75.98282243007962,"d":"-75.98"}]
[74,311000168,"清洗机","XQ-36/4",null,null,"台",1,"1998-03-31","1998-03-31",{"$nulls":4},{"v":4370.17,"d":"4,370.17"},218.51,{"v":3980,"d":"3,980.00"},10,{"v":398,"d":"398.00"},{"v":82.14269369822892,"d":"82.14"}]
[75,311000172,"清洗机","ZQX-300型",null,null,"台",1,"1998-03-31","1998-03-31",{"$nulls":4},{"v":132284.37,"d":"132,284.37"},{"v":6614.22,"d":"6,614.22"},{"v":88500,"d":"88,500.00"},10,{"v":8850,"d":"8,850.00"},{"v":33.802625252864274,"d":"33.80"}]
[76,311000166,"钳工工作台","外委制作",null,null,"台",1,"1998-03-31","1998-03-31",{"$nulls":4},{"v":19331.49,"d":"19,331.49"},966.56,{"v":14310,"d":"14,310.00"},10,{"v":1431,"d":"1,431.00"},{"v":48.050819400761476,"d":"48.05"}]
[77,303000120,"台式钻床","无",null,null,"台",1,"2000-03-01","2000-03-01",{"$nulls":4},{"v":3660.17,"d":"3,660.17"},183.01,{"v":2740,"d":"2,740.00"},10,{"v":274,"d":"274.00"},{"v":49.718594612316274,"d":"49.72"}]
[78,"0401000022","推土机","120A",null,null,"台",1,{"$nulls":6},{"v":296903.38,"d":"296,903.38"},{"v":14845.17,"d":"14,845.17"},{"v":17955,"d":"17,955.00"},null,{"v":17955,"d":"17,955.00"},{"v":20.948429691273322,"d":"20.95"}]
[79,"0401000072","自卸车","3303B",null,null,"台",1,{"$nulls":6},{"v":933151.59,"d":"933,151.59"},{"v":46657.58,"d":"46,657.58"},{"v":65160,"d":"65,160.00"},null,{"v":65160,"d":"65,160.00"},{"v":39.65576440098265,"d":"39.66"}]
[80,"0401000073","自卸车","3303B",null,null,"台",1,{"$nulls":6},{"v":933151.63,"d":"933,151.63"},{"v":46656.65,"d":"46,656.65"},{"v":65160,"d":"65,160.00"},null,{"v":65160,"d":"65,160.00"},{"v":39.65854813836827,"d":"39.66"}]
[81,"0401000074","自卸车","3303B",null,null,"台",1,{"$nulls":6},{"v":933151.63,"d":"933,151.63"},{"v":46656.65,"d":"46,656.65"},{"v":65160,"d":"65,160.00"},null,{"v":65160,"d":"65,160.00"},{"v":39.65854813836827,"d":"39.66"}]
[82,"0401000075","自卸车","3303B",null,null,"台",1,{"$nulls":6},{"v":933151.63,"d":"933,151.63"},{"v":46656.65,"d":"46,656.65"},{"v":65160,"d":"65,160.00"},null,{"v":65160,"d":"65,160.00"},{"v":39.65854813836827,"d":"39.66"}]
[83,"0401000076","自卸车","3303B",null,null,"台",1,{"$nulls":6},{"v":933151.63,"d":"933,151.63"},{"v":46656.65,"d":"46,656.65"},{"v":65160,"d":"65,160.00"},null,{"v":65160,"d":"65,160.00"},{"v":39.65854813836827,"d":"39.66"}]
[84,"0401000077","自卸车","3303B",null,null,"台",1,{"$nulls":6},{"v":933151.63,"d":"933,151.63"},{"v":46656.65,"d":"46,656.65"},{"v":65160,"d":"65,160.00"},null,{"v":65160,"d":"65,160.00"},{"v":39.65854813836827,"d":"39.66"}]
[85,"0401000078","自卸车","3303B",null,null,"台",1,{"$nulls":6},{"v":962431.63,"d":"962,431.63"},{"v":48120.62,"d":"48,120.62"},{"v":65160,"d":"65,160.00"},null,{"v":65160,"d":"65,160.00"},{"v":35.40972664109481,"d":"35.41"}]
[86,"0401000079","自卸车","3303B",null,null,"台",1,{"$nulls":6},{"v":962431.63,"d":"962,431.63"},{"v":48120.62,"d":"48,120.62"},{"v":65160,"d":"65,160.00"},null,{"v":65160,"d":"65,160.00"},{"v":35.40972664109481,"d":"35.41"}]
[87,"0401000123","钻机","ROC842",null,null,"台",1,{"$nulls":6},{"v":3819087.02,"d":"3,819,087.02"},{"v":190950.53,"d":"190,950.53"},{"v":31422,"d":"31,422.00"},null,{"v":31422,"d":"31,422.00"},{"v":-83.54442902043792,"d":"-83.54"}]
[88,null,"油罐车",{"$nulls":3},"台",1,{"$nulls":8},{"v":20272,"d":"20,272.00"},null,{"v":20272,"d":"20,272.00"},""]
[89,null,"液压挖掘机","H85",null,null,"台",1,{"$nulls":8},{"v":123080,"d":"123,080.00"},null,{"v":123080,"d":"123,080.00"},""]
[90,null,"液压试验台","HM125D",null,null,"台",1,"1998-03-31","1998-03-31",{"$nulls":6},{"v":24780,"d":"24,780.00"},10,{"v":2478,"d":"2,478.00"},""]
[91,null,"工具车","雪佛兰",null,null,"台",1,{"$nulls":8},{"v":13365,"d":"13,365.00"},null,{"v":13365,"d":"13,365.00"},""]
[92,null,"挖掘机","wy252-cw",null,null,"台",1,{"$nulls":8},{"v":31856,"d":"31,856.00"},null,{"v":31856,"d":"31,856.00"},""]
[{"$nulls":19},""]
[{"$nulls":19},""]
[{"$nulls":19},""]
[{"$nulls":19},""]
[]
["合            计",{"$nulls":9},0,0,null,null,{"v":353381410.19000006,"d":"353,381,410.19"},{"v":19856144.88,"d":"19,856,144.88"},{"v":6319590,"d":"6,319,590.00"},null,{"v":5627265,"d":"5,627,265.00"},{"v":-71.65983107995936,"d":"-71.66"}]
["被评估企业填表人：何志强",{"$nulls":13},"评估人员："]
["填表日期：2020年10月8日",{"$nulls":4},"以上结果为预评估结果，最终结果以我公司出具的资产评估报告为准！"]